{"text_format":"3","workbook":"xlsx","n_sheets":2,"sheets":["column_descriptions","StructurallyConsistent_Mutually"],"read":"whole","date_system":"1900"}

{"sheet":"column_descriptions","index":0,"n_rows":37,"n_cols":2,"rows_kept":37}
["Dataset EV6: Mutually exclusive protein pairs and metrics"]
["AF2_struct1","Name of first AlphaFold2 structure used in our structural analysis."]
["AF_struct2","Name of second AlphaFold2 structure used in our structural analysis."]
["dataset","Defines which dataset the pairs came from, either Burke et al. or Janes et al."]
["pair_1","The proteins in the first AlphaFold2 structure."]
["pair_2","The proteins in the second AlphaFold2 structure."]
["common_protein","The protein (UniProt accession ID) that is shared between the two dimeric AlphaFold2 structures and that each pair is aligned on for analysis."]
["common_prot_GeneName","The gene name for the common protein."]
["protein_1","The unique protein (UniProt accession ID) from the first protein pair/AlphaFold2 structure."]
["prot1_GeneName","The gene name for the unique protein from the first protein pair/AlphaFold2 structure."]
["protein_2","The unique protein (UniProt accession ID) from the second protein pair/AlphaFold2 structure."]
["prot2_GeneName","The gene name for the unique protein from the second protein pair/AlphaFold2 structure."]
["associated_humap3_complexes","The hu.MAP 3.0 complex identifier for complexes in which all three proteins are found in (e.g., protein_1, protein_2, and the common protein)."]
["interface","Defines whether the interface has been found to be mutually exclusive or structurally consistent."]
["alignment_RMSD","The root-means squared deviation for the alignment between the two protein pairs/AlphaFold2 structures on the common protein that results from PyMol alignment."]
["number_clashing_intf_res","The number of residues found to clash between the two defined interfaces when aligned to the common protein. With one interface between the proteins in pair/structure 1 and the other between the proteins in pair/structure 2."]
["prot1_num_chain_clash_res","The number of residues from protein_1 which are found to clash with protein_2 when aligned on the common protein (also referred to as a chain clash)."]
["prot2_num_chain_clash_res","The number of residues from protein_2 which are found to clash with protein_1 when aligned on the common protein (also referred to as a chain clash)."]
["prot1_chn_clash_av_plddt","The average pLDDT of the residues from protein_1 that clash with protein_2."]
["prot2_chn_clash_av_plddt","The average pLDDT of the residues from protein_2 that clash with protein_1."]
["sum_min_clash_plddt","The sum of per-residue pLDDT for the lower-confidence chain clash. The confidence is determined based on average pLDDT of the chain clashing residues."]
["pDockQ1","The pDockQ of the proteins from pair/structure 1."]
["pDockQ2","The pDockQ of the proteins from pair/structure 2."]
["IF_pLDDT1","The average interface pLDDT of the proteins from pair/structure 1."]
["IF_pLDDT2","The average interface pLDDT of the proteins from pair/structure 2."]
["ProteomeHD.2_score","The measure of covariation between the unique proteins (i.e., protein_1 and protein_2). If a score is not available for the two proteins, the cell is left blank."]
["protein1_eggNOG","The eggNOG orthogroup at the level of Eukaryota for protein_1. If no orthogroup is available, the cell is left blank."]
["protein2_eggNOG","The eggNOG orthogroup at the level of Eukaryota for protein_2. If no orthogroup is available, the cell is left blank."]
["paralogs","Whether or not protein_1 and protein_2 share the same Eukaryota level eggNOG orthogroup. If one of the proteins does not have an eggNOG ID, the result will be 'not_mapped'."]
["prot1_HPA_tissue_specificity","Human Protein Atlas tissue specificity annotation for the unique protein for the unique protein from pair/structure 1. If the annotation is not present for the protein, the cell is left blank."]
["prot2_HPA_tissue_specificity","Human Protein Atlas tissue specificity annotation for the unique protein for the unique protein from pair/structure 2. If the annotation is not present for the protein, the cell is left blank."]
["rna_correlation","Correlation of RNA levels across tissues between the unique proteins; if annotations are not present in HPA, the cell is left blank."]
["prot1_hpa_subcell","Subcellular localization annotated from Human Protein Atlas for the unique protein from pair/structure 1; if annotations are not present in HPA, the cell is left blank."]
["prot2_hpa_subcell","Subcellular localization annotated from Human Protein Atlas for the unique protein from pair/structure 2; if annotations are not present in HPA, the cell is left blank."]
["jaccard_score","Jaccard similarity index for subcellular localization between the unique proteins; blank spaces indicate that a score could not be calculated due to one or both of the proteins not having annotations in HPA."]
["union_id","Identifier which is unique to the set of the 3 query proteins across both pairs (e.g., pair A-B and B-C, there are only 3 unique proteins A-B-C). This identifies when the same 3 query proteins are present even if they are in different alignment positions (e.g., comparison 1 is between A-B, B-C and comparison 2 is between A-C and C-B, both comparisons have the same 3 unique query proteins). Therefore, comparisons containing the same 3 query proteins are grouped together and identified using this numerical ID."]
["mixed_interface","Either True or False. For the cases where 3 query proteins are shared across comparisons (described above in 'union_id'), we compare if all comparisons within this union_id group return the same result (e.g., all are mutually exclusive or structurally consistent). For those that have cases where both mutually exclusive and structurally consistent are found, this is denoted as True. Those that are 'True' require caution and manual inspection."]

{"sheet":"StructurallyConsistent_Mutually","index":1,"n_rows":8903,"n_cols":36,"rows_kept":2250,"cut":true,"bounds":{"rows_first":1000,"rows_last":250,"rows_between":1000,"halvings":1}}
["AF2_struct1","AF2_struct2","dataset","pair_1","pair_2","common_protein","common_prot_GeneName","protein_1","prot1_GeneName","protein_2","prot2_GeneName","associated_humap3_complexes","interface","alignment_RMSD","number_clashing_intf_res","prot1_num_chain_clash_res","prot2_num_chain_clash_res","prot1_chn_clash_av_plddt","prot2_chn_clash_av_plddt","sum_min_clash_plddt","pDockQ1","pDockQ2","IF_pLDDT1","IF_pLDDT2","ProteomeHD.2_score","protein1_eggNOG","protein2_eggNOG","paralogs","prot1_HPA_tissue_specificity","prot2_HPA_tissue_specificity","rna_correlation","prot1_hpa_subcell","prot2_hpa_subcell","jaccard_score","union_id","mixed_interface"]
["P51398-P82673","Q9Y291-P82673","Burke_et_al","P51398; P82673","Q9Y291; P82673","P82673","MRPS35","P51398","DAP3","Q9Y291","MRPS33","huMAP3_11966.1; huMAP3_08556.1; huMAP3_05954.1; huMAP3_09015.1; huMAP3_07654.1; huMAP3_09602.1; huMAP3_10701.1; huMAP3_10538.1","structurally_consistent",3.03,0,0,0,null,null,0,0.562,0.423,87.5070974262424,90.3407845078527,0.954,"KOG3928","KOG4104","no","Low tissue specificity","Low tissue specificity",0.693033861936529,"Nucleoplasm; Mitochondria",null,null,0,false]
["Q6VN20-Q9H871","Q7L5Y9-Q9H871","Burke_et_al","Q6VN20; Q9H871","Q7L5Y9; Q9H871","Q9H871","RMND5A","Q6VN20","RANBP10","Q7L5Y9","MAEA","huMAP3_12700.1; huMAP3_10711.1; huMAP3_08787.1; huMAP3_09818.1; huMAP3_05775.1","structurally_consistent",4.47,0,3,1,93.87,89.66,89.66,0.399,0.735,83.9195655027356,91.0153066579919,0.154,"KOG1477","KOG0396","no","Low tissue specificity","Low tissue specificity",0.192542625953575,null,"Nucleoplasm",null,1,false]
["Q12824-Q92922","Q12824-Q8TAQ2","Burke_et_al","Q12824; Q92922","Q12824; Q8TAQ2","Q12824","SMARCB1","Q92922","SMARCC1","Q8TAQ2","SMARCC2","huMAP3_03221.1; huMAP3_11470.1","mutually_exclusive",0.73,37,614,632,69.27,68.63,43374.16,0.519,0.501,73.695551453895,72.1072514182593,0.43,"KOG1279","KOG1279","yes","Low tissue specificity","Low tissue specificity",-0.0606195746170657,"Nucleoplasm","Nucleoplasm",1,2,false]
["Q9BSJ2-Q08AG7","Q9BSJ2-Q6NZ67","Burke_et_al","Q9BSJ2; Q08AG7","Q9BSJ2; Q6NZ67","Q9BSJ2","TUBGCP2","Q6NZ67","MZT2B","Q08AG7","MZT1","huMAP3_14882.1; huMAP3_00522.1; huMAP3_09443.1","mutually_exclusive",0.36,20,17,16,76.11,85.87,1293.87,0.252,0.415,73.6750529424038,81.0841684375562,0.114,"ENOG502S50R","ENOG502S6UI","no","Low tissue specificity","Low tissue specificity",0.28965676541921,"Centrosome",null,null,3,false]
["Q96RT8-Q9UGJ1","Q9UGJ1-P23258","Burke_et_al","Q96RT8; Q9UGJ1","Q9UGJ1; P23258","Q9UGJ1","TUBGCP4","P23258","TUBG1","Q96RT8","TUBGCP5","huMAP3_14882.1; huMAP3_09443.1","structurally_consistent",2.78,0,0,0,null,null,0,0.46,0.7,75.2217160041451,84.7162165853135,0.208,"KOG1374","KOG4344","no","Tissue enhanced","Low tissue specificity",0.582722455096257,null,"Centrosome; Cytosol",null,4,false]
["Q13043-P50749","Q13188-P50749","Burke_et_al","Q13043; P50749","Q13188; P50749","P50749","RASSF2","Q13043","STK4","Q13188","STK3","huMAP3_04592.1; huMAP3_12772.1; huMAP3_11472.1","mutually_exclusive",0.44,27,401,401,79.02,78.46,31462.46,0.469,0.322,75.5050623872854,71.1979741874005,0.266,"KOG0574","KOG0574","yes","Tissue enhanced","Low tissue specificity",-0.338127029477253,"Nuclear bodies","Intermediate filaments; Rods & Rings",0,5,false]
["P28070-P28062","P28070-P28074","Burke_et_al","P28070; P28062","P28070; P28074","P28070","PSMB4","P28062","PSMB8","P28074","PSMB5","huMAP3_00356.1; huMAP3_09656.1","mutually_exclusive",0.09,13,238,232,84.69,84.61,19629.52,0.351,0.408,76.7484748359182,80.5772952611545,0.413466666666667,"KOG0175","KOG0175","yes","Low tissue specificity","Low tissue specificity",-0.218489874106087,"Vesicles","Nucleoplasm; Centrosome",0,6,false]
["P20618-Q99436","Q99436-P60900","Burke_et_al","P20618; Q99436","Q99436; P60900","Q99436","PSMB7","P60900","PSMA6","P20618","PSMB1","huMAP3_00356.1; huMAP3_09656.1; huMAP3_13725.1","structurally_consistent",0.24,0,0,0,null,null,0,0.6,0.48,86.5214453282468,94.7817782046572,0.996,"KOG0182","KOG0179","no","Low tissue specificity","Low tissue specificity",0.589911972087713,"Nucleoplasm","Nucleoplasm",1,7,false]
["Q9UP83-Q96JB2","Q96JB2-Q8WTW3","Burke_et_al","Q9UP83; Q96JB2","Q96JB2; Q8WTW3","Q96JB2","COG3","Q8WTW3","COG1","Q9UP83","COG5","huMAP3_04294.1; huMAP3_14423.1; huMAP3_09176.1; huMAP3_11797.1","structurally_consistent",6.59,0,7,2,89.11,30.11,60.22,0.415,0.481,73.4862873182783,72.9405806761934,0.484,"KOG2033","KOG2211","no","Low tissue specificity","Low tissue specificity",0.0189097589415848,null,"Golgi apparatus",null,8,false]
["Q9NPD3-Q5RKV6","Q96B26-Q9NPD3","Burke_et_al","Q9NPD3; Q5RKV6","Q96B26; Q9NPD3","Q9NPD3","EXOSC4","Q5RKV6","EXOSC6","Q96B26","EXOSC8","huMAP3_05382.1; huMAP3_14264.1","structurally_consistent",0.37,0,0,0,null,null,0,0.544,0.642,76.8234212280547,86.328791376835,0.706,"KOG1068","KOG1613","no","Low tissue specificity","Low tissue specificity",-0.12668691867878,null,"Nucleoli fibrillar center; Mitotic chromosome",null,9,false]
["Q16576-O94776","Q9BTC8-Q16576","Burke_et_al","Q16576; O94776","Q9BTC8; Q16576","Q16576","RBBP7","Q9BTC8","MTA3","O94776","MTA2","huMAP3_09499.1; huMAP3_10472.1; huMAP3_15128.1","mutually_exclusive",0.1,64,396,411,72.56,75.7,28733.76,0.574,0.569,77.3634538609095,77.4433312957261,0.228,"KOG3554","KOG3554","yes","Tissue enhanced","Low tissue specificity",0.167178272595197,"Nucleoplasm","Nucleoplasm",1,10,false]
["Q9BT78-Q9H9Q2","Q9UBW8-Q9BT78","Burke_et_al","Q9BT78; Q9H9Q2","Q9UBW8; Q9BT78","Q9BT78","COPS4","Q9UBW8","COPS7A","Q9H9Q2","COPS7B","huMAP3_05041.1; huMAP3_09779.1; huMAP3_14528.1; huMAP3_08550.1","mutually_exclusive",0.3,19,253,246,84.13,84.26,21284.89,0.609,0.598,89.687748458963,89.3558989271705,0.248,"KOG3250","KOG3250","yes","Low tissue specificity","Low tissue specificity",-0.268776136607926,"Nucleoplasm","Nucleoplasm",1,11,false]
["O75489-O43181","O95182-O75489","Burke_et_al","O75489; O43181","O95182; O75489","O75489","NDUFS3","O95182","NDUFA7","O43181","NDUFS4","huMAP3_14018.1; huMAP3_09567.1; huMAP3_06397.1; huMAP3_08132.1; huMAP3_14878.1; huMAP3_14184.1; huMAP3_09982.1","structurally_consistent",1.26,0,6,7,75.72,53.04,371.28,0.448,0.319,83.9742190375629,77.0136293825754,0.982,"KOG4630","KOG3389","no","Low tissue specificity","Low tissue specificity",0.868332566517665,"Mitochondria","Mitochondria",1,12,false]
["Q9Y6Q5-Q10567","Q10567-O43747","Burke_et_al","Q9Y6Q5; Q10567","Q10567; O43747","Q10567","AP1B1","Q9Y6Q5","AP1M2","O43747","AP1G1","huMAP3_08695.1; huMAP3_12376.1; huMAP3_04311.1; huMAP3_10876.1; huMAP3_06769.1; huMAP3_10762.1; huMAP3_13055.1; huMAP3_06557.1; huMAP3_12394.1; huMAP3_12918.1","structurally_consistent",6.58,0,4,3,85.26,81.23,243.69,0.716,0.52,81.5032037770118,70.5646602623442,0.068,"KOG0937","KOG1062","no","Low tissue specificity","Low tissue specificity",0.0853241389521932,"Vesicles","Golgi apparatus; Vesicles",0.5,13,true]
["Q9Y6Q5-O43747","Q9Y6Q5-Q10567","Burke_et_al","Q9Y6Q5; O43747","Q9Y6Q5; Q10567","Q9Y6Q5","AP1M2","Q10567","AP1B1","O43747","AP1G1","huMAP3_08695.1; huMAP3_12376.1; huMAP3_04311.1; huMAP3_10876.1; huMAP3_06769.1; huMAP3_10762.1; huMAP3_13055.1; huMAP3_06557.1; huMAP3_12394.1; huMAP3_12918.1","mutually_exclusive",1.95,16,534,548,80.82,79.63,43637.24,0.603,0.716,73.7210880837403,81.5032037770118,0.682,"KOG1061","KOG1062","no","Low tissue specificity","Low tissue specificity",0.359933557929519,"Golgi apparatus","Golgi apparatus; Vesicles",0.5,13,true]
["Q15024-Q13868","Q15024-Q06265","Burke_et_al","Q15024; Q13868","Q15024; Q06265","Q15024","EXOSC7","Q06265","EXOSC9","Q13868","EXOSC2","huMAP3_05382.1; huMAP3_14264.1","structurally_consistent",0.29,0,0,0,null,null,0,0.628,0.522,82.1869048906074,82.4966006971018,0.992,"KOG1614","KOG3013","no","Low tissue specificity","Low tissue specificity",0.0062845726875882,"Nucleoli","Nucleoplasm; Nucleoli",0.5,14,false]
["Q16576-Q13330","Q9P2Y4-Q16576","Burke_et_al","Q16576; Q13330","Q9P2Y4; Q16576","Q16576","RBBP7","Q13330","MTA1","Q9P2Y4","ZNF219","huMAP3_09499.1; huMAP3_10472.1; huMAP3_15128.1","mutually_exclusive",0.16,20,205,163,73.52,61.81,10075.03,0.606,0.465,79.4118531455174,73.313028569652,0.106,"KOG3554","KOG1721","no","Low tissue specificity","Low tissue specificity",0.596883698814599,"Nucleoplasm","Nucleoplasm",1,15,false]
["Q6QNY0-Q8TDM0","Q9UL45-Q8TDM0","Burke_et_al","Q6QNY0; Q8TDM0","Q9UL45; Q8TDM0","Q8TDM0","BCAS4","Q9UL45","BLOC1S6","Q6QNY0","BLOC1S3","huMAP3_09421.1; huMAP3_10940.1; huMAP3_11659.1","mutually_exclusive",9.39,23,5,5,53.27,49.33,246.65,0.644,0.683,88.665082396477,87.6869306633672,0.248,"ENOG502RZNC","ENOG502RZCG","no","Low tissue specificity","Low tissue specificity",0.341042424314028,null,"Golgi apparatus",null,16,false]
["Q86SZ2-Q9UL33","Q86SZ2-Q9Y5R8","Burke_et_al","Q86SZ2; Q9UL33","Q86SZ2; Q9Y5R8","Q86SZ2","TRAPPC6B","Q9UL33","TRAPPC2L","Q9Y5R8","TRAPPC1","huMAP3_04127.1; huMAP3_07907.1; huMAP3_12177.1","structurally_consistent",0.23,0,0,0,null,null,0,0.572,0.404,93.0879703015631,92.7855510021476,0.176,"KOG3444","KOG3368","no","Low tissue specificity","Low tissue specificity",0.380755629332841,"Vesicles; Cytosol",null,null,17,false]
["P21281-P36543","Q9Y5K8-P21281","Burke_et_al","P21281; P36543","Q9Y5K8; P21281","P21281","ATP6V1B2","P36543","ATP6V1E1","Q9Y5K8","ATP6V1D","huMAP3_10511.1; huMAP3_08678.1; huMAP3_01413.1; huMAP3_07099.1; huMAP3_09477.1; huMAP3_12042.1; huMAP3_05805.1; huMAP3_09873.1; huMAP3_13872.1; huMAP3_08381.1; huMAP3_10516.1; huMAP3_09242.1; huMAP3_07329.1","structurally_consistent",0.34,0,0,0,null,null,0,0.646,0.481,78.4326258575438,78.4930498871389,0.792,"KOG1664","KOG1647","no","Low tissue specificity","Low tissue specificity",0.859316186681763,null,"Plasma membrane",null,18,false]
["Q8N766-Q9P0I2","Q9P0I2-Q15006","Burke_et_al","Q8N766; Q9P0I2","Q9P0I2; Q15006","Q9P0I2","EMC3","Q8N766","EMC1","Q15006","EMC2","huMAP3_03281.1","structurally_consistent",4.77,0,1,2,77.18,94.49,77.18,0.545,0.694,81.6435900927605,88.0057654634685,0.94,"KOG2103","KOG3060","no","Low tissue specificity","Low tissue specificity",-0.187669606388222,{"$nulls":3},19,false]
["P24941-P20248","P20248-P06493","Burke_et_al","P24941; P20248","P20248; P06493","P20248","CCNA2","P06493","CDK1","P24941","CDK2","huMAP3_10449.1; huMAP3_06587.1; huMAP3_14722.1","mutually_exclusive",0.36,35,295,296,87.81,87.79,25985.84,0.609,0.56,74.6923020063129,74.9475389550477,0.288,"KOG0594","KOG0594","yes","Tissue enhanced","Low tissue specificity",0.683106607422723,"Nucleoplasm; Cytosol","Nucleoplasm",0.5,20,false]
["P62136-P41236","P36873-P41236","Burke_et_al","P62136; P41236","P36873; P41236","P41236","PPP1R2","P36873","PPP1CC","P62136","PPP1CA","huMAP3_06341.1; huMAP3_14504.1; huMAP3_09354.1; huMAP3_09633.1; huMAP3_10148.1; huMAP3_08717.1; huMAP3_08482.1","mutually_exclusive",1.21,35,308,309,90.56,89.81,27751.29,0.665,0.652,80.4849047632195,79.7611080290121,0.694,"KOG0374","KOG0374","yes","Low tissue specificity","Low tissue specificity",0.313947009430341,"Cytosol","Nucleoplasm; Plasma membrane; Cytosol",0.333333333333333,21,false]
["Q13098-Q9BT78","Q7L5N1-Q9BT78","Burke_et_al","Q13098; Q9BT78","Q7L5N1; Q9BT78","Q9BT78","COPS4","Q13098","GPS1","Q7L5N1","COPS6","huMAP3_09779.1; huMAP3_14528.1; huMAP3_08550.1","structurally_consistent",0.75,0,1,1,72.95,83.74,72.95,0.373,0.516,84.5696997936527,80.931940823529,0.948,"KOG0686","KOG3050","no","Low tissue specificity","Low tissue specificity",0.599418597171837,"Nucleoplasm","Nucleoplasm",1,22,false]
["P33992-Q14566","P33992-Q9BTE3","Burke_et_al","P33992; Q14566","P33992; Q9BTE3","P33992","MCM5","Q14566","MCM6","Q9BTE3","MCMBP","huMAP3_12180.1; huMAP3_14758.1; huMAP3_11832.1; huMAP3_08554.1; huMAP3_11119.1; huMAP3_05529.1","structurally_consistent",3.56,0,0,0,null,null,0,0.593,0.254,70.0521937242085,71.4136752593338,0.304,"KOG0480","KOG2545","no","Tissue enhanced","Low tissue specificity",0.165235757184882,"Nucleoplasm","Nucleoplasm",1,23,true]
["Q14566-Q9BTE3","P33992-Q14566","Burke_et_al","Q14566; Q9BTE3","P33992; Q14566","Q14566","MCM6","P33992","MCM5","Q9BTE3","MCMBP","huMAP3_12180.1; huMAP3_14758.1; huMAP3_11832.1; huMAP3_08554.1; huMAP3_11119.1; huMAP3_05529.1","mutually_exclusive",0.91,19,524,548,76.57,75.35,41291.8,0.332,0.593,70.4557149232976,70.0521937242085,0.314,"KOG0481","KOG2545","no","Tissue enhanced","Low tissue specificity",0.058844304779931,"Nucleoplasm","Nucleoplasm",1,23,true]
["P62136-O60927","P62136-Q13625","Burke_et_al","P62136; O60927","P62136; Q13625","P62136","PPP1CA","Q13625","TP53BP2","O60927","PPP1R11","huMAP3_14504.1; huMAP3_09354.1; huMAP3_09633.1; huMAP3_10148.1; huMAP3_06304.1","mutually_exclusive",0.16,12,57,61,47.73,57.92,2720.61,0.388,0.363,75.4184734787797,71.7040259100452,0.044,"KOG0515","KOG4102","no","Low tissue specificity","Low tissue specificity",0.0098454277160828,"Cell Junctions; Cytosol","Vesicles",0,24,false]
["P28070-P28074","P25788-P28070","Burke_et_al","P28070; P28074","P25788; P28070","P28070","PSMB4","P28074","PSMB5","P25788","PSMA3","huMAP3_00356.1; huMAP3_09656.1; huMAP3_13725.1","structurally_consistent",0.19,0,0,0,null,null,0,0.408,0.361,80.5772952611545,92.8128478350784,0.69,"KOG0175","KOG0184","no","Low tissue specificity","Low tissue specificity",0.513957798619732,"Nucleoplasm; Centrosome",null,null,25,false]
["Q9BU61-O75489","P56556-O75489","Burke_et_al","Q9BU61; O75489","P56556; O75489","O75489","NDUFS3","P56556","NDUFA6","Q9BU61","NDUFAF3","huMAP3_09567.1; huMAP3_14018.1; huMAP3_06397.1; huMAP3_14878.1; huMAP3_14184.1; huMAP3_09982.1","mutually_exclusive",0.67,10,108,85,89.91,89.4,7599,0.529,0.396,88.8997157402129,82.8741670474449,0.066,"KOG3426","KOG3363","no","Low tissue specificity","Tissue enhanced",0.317231323603511,{"$nulls":3},26,false]
["Q96B26-Q06265","Q13868-Q06265","Burke_et_al","Q96B26; Q06265","Q13868; Q06265","Q06265","EXOSC9","Q96B26","EXOSC8","Q13868","EXOSC2","huMAP3_05382.1; huMAP3_14264.1","structurally_consistent",2.43,0,0,0,null,null,0,0.665,0.375,82.6509449904301,77.6653953081519,0.902,"KOG1613","KOG3013","no","Low tissue specificity","Low tissue specificity",0.295433213658625,"Nucleoli fibrillar center; Mitotic chromosome","Nucleoplasm; Nucleoli",0,27,false]
["P49755-Q13445","Q15363-P49755","Burke_et_al","P49755; Q13445","Q15363; P49755","P49755","TMED10","Q13445","TMED1","Q15363","TMED2","huMAP3_10362.1; huMAP3_08461.1; huMAP3_07118.1; huMAP3_11421.1; huMAP3_09886.1; huMAP3_12213.1","mutually_exclusive",2.58,29,193,196,85,81.93,16058.28,0.661,0.658,83.1470180358496,80.0043735007756,0.676,"KOG3287","KOG1692","no","Low tissue specificity","Low tissue specificity",0.360223371790507,null,"Vesicles",null,28,false]
["P49755-Q13445","Q15363-Q13445","Burke_et_al","P49755; Q13445","Q15363; Q13445","Q13445","TMED1","P49755","TMED10","Q15363","TMED2","huMAP3_10362.1; huMAP3_08461.1; huMAP3_07118.1; huMAP3_11421.1; huMAP3_09886.1; huMAP3_12213.1","mutually_exclusive",0.84,11,57,51,89.88,85.95,4383.45,0.661,0.42,83.1470180358496,78.2431879373718,0.858,"KOG1691","KOG1692","no","Low tissue specificity","Low tissue specificity",0.823087742317739,"Golgi apparatus","Vesicles",0,28,false]
["Q13445_Q15363","P49755_Q15363","Janes_et_al","Q13445; Q15363","P49755; Q15363","Q15363","TMED2","Q13445","TMED1","P49755","TMED10","huMAP3_11421.1; huMAP3_07118.1; huMAP3_09886.1; huMAP3_08461.1; huMAP3_10362.1","mutually_exclusive",2.46,10,47,53,84.02,86.43,3948.94,0.41,0.67,85.3562068965517,86.2945,0.508,"KOG3287","KOG1691","no","Low tissue specificity","Low tissue specificity",0.300768872984653,null,"Golgi apparatus",null,28,false]
["P41743-Q9BYG5","Q05513-Q9BYG5","Burke_et_al","P41743; Q9BYG5","Q05513; Q9BYG5","Q9BYG5","PARD6B","P41743","PRKCI","Q05513","PRKCZ","huMAP3_12987.1; huMAP3_10212.1; huMAP3_07433.1; huMAP3_09726.1; huMAP3_05806.1","mutually_exclusive",4.03,17,517,518,80.47,82.34,41602.99,0.309,0.311,85.2412182106058,85.1716727514147,0.336,"KOG0695","KOG0695","yes","Low tissue specificity","Tissue enhanced",-0.233939189691266,"Cytosol","Cytosol",1,29,false]
["P59998-P61160","Q9BPX5-P59998","Burke_et_al","P59998; P61160","Q9BPX5; P59998","P59998","ARPC4","Q9BPX5","ARPC5L","P61160","ACTR2","huMAP3_14624.1; huMAP3_09309.1; huMAP3_14885.1; huMAP3_10743.1","structurally_consistent",0.21,0,0,0,null,null,0,0.246,0.591,84.1948389979554,92.7509191966688,0.35,"KOG3380","KOG0677","no","Low tissue specificity","Low tissue specificity",-0.0236286944123429,null,"Cytosol",null,30,false]
["P25786-P28070","Q99436-P28070","Burke_et_al","P25786; P28070","Q99436; P28070","P28070","PSMB4","Q99436","PSMB7","P25786","PSMA1","huMAP3_00356.1; huMAP3_09656.1; huMAP3_13725.1","structurally_consistent",0.21,0,0,0,null,null,0,0.384,0.552,89.3913687845832,88.4100645474695,0.96,"KOG0173","KOG0863","no","Low tissue specificity","Low tissue specificity",0.517385839259405,"Nucleoplasm","Nucleoplasm",1,31,false]
["Q10567-Q9BXS5","Q10567-O43747","Burke_et_al","Q10567; Q9BXS5","Q10567; O43747","Q10567","AP1B1","Q9BXS5","AP1M1","O43747","AP1G1","huMAP3_08695.1; huMAP3_12376.1; huMAP3_04311.1; huMAP3_06769.1; huMAP3_10876.1; huMAP3_10762.1; huMAP3_13055.1; huMAP3_06557.1; huMAP3_12394.1; huMAP3_12918.1","structurally_consistent",1.33,0,3,3,86.66,81.47,244.41,0.716,0.52,81.4858037696161,70.5646602623442,0.538,"KOG0937","KOG1062","no","Low tissue specificity","Low tissue specificity",0.166306071899807,"Vesicles; Cytosol","Golgi apparatus; Vesicles",0.333333333333333,32,false]
["P25789-P28070","P28070-Q99436","Burke_et_al","P25789; P28070","P28070; Q99436","P28070","PSMB4","Q99436","PSMB7","P25789","PSMA4","huMAP3_00356.1; huMAP3_09656.1; huMAP3_13725.1","structurally_consistent",0.21,0,0,0,null,null,0,0.331,0.55,87.038219299043,87.980613522083,0.95,"KOG0173","KOG0178","no","Low tissue specificity","Low tissue specificity",0.510572295451801,"Nucleoplasm","Nucleoplasm; Cytosol",0.5,33,false]
["P25963-Q01201","P25963-Q04206","Burke_et_al","P25963; Q01201","P25963; Q04206","P25963","NFKBIA","Q01201","RELB","Q04206","RELA","huMAP3_14474.1; huMAP3_05441.1","mutually_exclusive",5.31,16,143,182,63.67,73.36,9104.81,0.298,0.467,72.179993902888,77.2983077195766,0.174,"ENOG502QV8A","ENOG502QT4Z","no","Low tissue specificity","Low tissue specificity",0.700436606338326,"Nucleoplasm","Cytosol",0,34,false]
["O15511-P61160","P61158-P61160","Burke_et_al","O15511; P61160","P61158; P61160","P61160","ACTR2","O15511","ARPC5","P61158","ACTR3","huMAP3_10743.1; huMAP3_04814.1; huMAP3_14624.1; huMAP3_13904.1; huMAP3_09309.1; huMAP3_14885.1","structurally_consistent",0.28,0,3,2,72.76,94.33,218.28,0.312,0.37,82.9331771271432,80.0278587036909,0.894,"KOG3380","KOG0678","no","Low tissue specificity","Low tissue specificity",0.828735103135365,"Vesicles; Plasma membrane; Cell Junctions; Cytosol",null,null,35,false]
["O15511-P61158","P61158-P61160","Burke_et_al","O15511; P61158","P61158; P61160","P61158","ACTR3","P61160","ACTR2","O15511","ARPC5","huMAP3_10743.1; huMAP3_04814.1; huMAP3_14624.1; huMAP3_13904.1; huMAP3_09309.1; huMAP3_14885.1","structurally_consistent",0.17,0,0,0,null,null,0,0.281,0.37,85.485827863367,80.0278587036909,0.866,"KOG0677","KOG3380","no","Low tissue specificity","Low tissue specificity",0.878748839646354,"Cytosol","Vesicles; Plasma membrane; Cell Junctions; Cytosol",0.25,35,false]
["Q8WYJ6-Q99719","Q14141-Q99719","Burke_et_al","Q8WYJ6; Q99719","Q14141; Q99719","Q99719","SEPTIN5","Q8WYJ6","SEPTIN1","Q14141","SEPTIN6","huMAP3_02362.1","mutually_exclusive",0.33,44,301,307,76.68,82.32,23080.68,0.606,0.582,73.8407217412285,75.7377562205386,0.012,"KOG2655","KOG3859","no","Tissue enhanced","Tissue enhanced",0.678076398587149,"Actin filaments","Cytosol",0,36,false]
["Q15019-Q9NVA2","Q9P0V9-Q15019","Burke_et_al","Q15019; Q9NVA2","Q9P0V9; Q15019","Q15019","SEPTIN2","Q9P0V9","SEPTIN10","Q9NVA2","SEPTIN11","huMAP3_02362.1","mutually_exclusive",0.25,53,342,345,78.52,78.24,26992.8,0.566,0.567,73.0355815381091,73.6998086864565,0.096,"KOG3859","KOG3859","yes","Low tissue specificity","Low tissue specificity",0.163616497748467,"Actin filaments","Cytosol",0,37,false]
["P62136-Q15435","P62136-Q6NYC8","Burke_et_al","P62136; Q15435","P62136; Q6NYC8","P62136","PPP1CA","Q6NYC8","PPP1R18","Q15435","PPP1R7","huMAP3_09354.1; huMAP3_10148.1; huMAP3_09633.1; huMAP3_14504.1","mutually_exclusive",0.12,19,229,156,78.72,47.18,7360.08,0.681,0.462,76.665993492679,71.9601633772259,0.03,"ENOG502RY8Q","KOG0531","no","Low tissue specificity","Low tissue specificity",-0.207241018659661,"Plasma membrane","Nucleoli",0,38,false]
["P38606-P15313","P15313-P21281","Burke_et_al","P38606; P15313","P15313; P21281","P15313","ATP6V1B1","P21281","ATP6V1B2","P38606","ATP6V1A","huMAP3_10511.1; huMAP3_08678.1; huMAP3_07099.1; huMAP3_09477.1; huMAP3_12042.1; huMAP3_05805.1; huMAP3_09873.1; huMAP3_13872.1; huMAP3_08381.1; huMAP3_10516.1; huMAP3_09242.1; huMAP3_07329.1","mutually_exclusive",0.32,11,207,160,86.78,83.18,13308.8,0.713,0.309,84.2556893877293,83.1703360886807,0.832,"KOG1351","KOG1352","no","Low tissue specificity","Low tissue specificity",0.781532834724139,"Vesicles","Vesicles; Cytosol",0.5,39,false]
["Q13547-Q96BD5","Q14687-Q13547","Burke_et_al","Q13547; Q96BD5","Q14687; Q13547","Q13547","HDAC1","Q96BD5","PHF21A","Q14687","GSE1","huMAP3_09232.1; huMAP3_09031.1; huMAP3_10311.1; huMAP3_15128.1; huMAP3_01287.1; huMAP3_08800.1; huMAP3_08605.1","mutually_exclusive",0.2,10,362,372,57.11,53.69,19972.68,0.392,0.263,71.9117708907833,70.4483582521564,0.1,"KOG0383","ENOG502QR0Q","no","Low tissue specificity","Low tissue specificity",0.288766899259962,"Nucleoplasm","Mitochondria",0,40,false]
["P62136-O60927","P62136-P36873","Burke_et_al","P62136; O60927","P62136; P36873","P62136","PPP1CA","P36873","PPP1CC","O60927","PPP1R11","huMAP3_06341.1; huMAP3_14504.1; huMAP3_09354.1; huMAP3_09633.1; huMAP3_10148.1; huMAP3_08717.1; huMAP3_06304.1; huMAP3_08482.1","structurally_consistent",0.1,0,0,0,null,null,0,0.388,0.238,75.4184734787797,79.4544249741591,0.116,"KOG0374","KOG4102","no","Low tissue specificity","Low tissue specificity",-0.278691340965771,"Cytosol","Vesicles",0,41,false]
["P30876-P62875","O15160-P62875","Burke_et_al","P30876; P62875","O15160; P62875","P62875","POLR2L","O15160","POLR1C","P30876","POLR2B","huMAP3_14318.1; huMAP3_11092.1","mutually_exclusive",0.53,18,37,32,91.56,91.56,3387.72,0.675,0.661,88.7407824505877,91.0906248082466,0.33,"KOG1521","KOG0214","no","Low tissue specificity","Low tissue specificity",0.179733675775708,"Nucleoplasm; Nucleoli fibrillar center","Nucleoplasm",0.5,42,false]
["Q8WYJ6-Q99719","Q99719-Q9UH03","Burke_et_al","Q8WYJ6; Q99719","Q99719; Q9UH03","Q99719","SEPTIN5","Q9UH03","SEPTIN3","Q8WYJ6","SEPTIN1","huMAP3_02362.1","mutually_exclusive",0.32,47,307,303,75.75,77.7,23255.25,0.606,0.517,73.8407217412285,72.1354123608482,0.044,"KOG1547","KOG2655","no","Tissue enriched","Tissue enhanced",-0.175954530224677,"Nucleoplasm; Plasma membrane","Actin filaments",0,43,false]
["Q9P015-Q8TAE8","Q9P015-Q9BYD3","Burke_et_al","Q9P015; Q8TAE8","Q9P015; Q9BYD3","Q9P015","MRPL15","Q8TAE8","GADD45GIP1","Q9BYD3","MRPL4","huMAP3_09602.1; huMAP3_08458.1; huMAP3_11966.1; huMAP3_06550.1; huMAP3_08556.1; huMAP3_09483.1; huMAP3_06589.1; huMAP3_09113.1; huMAP3_10701.1; huMAP3_07939.1; huMAP3_10538.1; huMAP3_06439.1","structurally_consistent",1.15,0,10,22,41.76,94.19,417.6,0.656,0.452,94.051561315334,87.7248151286651,0.996,"KOG4848","KOG1624","no","Low tissue specificity","Low tissue specificity",0.756215406911141,"Mitochondria",null,null,44,false]
["Q9Y399-P82933","Q9Y2Q9-Q9Y399","Burke_et_al","Q9Y399; P82933","Q9Y2Q9; Q9Y399","Q9Y399","MRPS2","P82933","MRPS9","Q9Y2Q9","MRPS28","huMAP3_11966.1; huMAP3_09015.1; huMAP3_07654.1; huMAP3_09602.1; huMAP3_05807.1; huMAP3_10701.1; huMAP3_10538.1","structurally_consistent",0.24,0,19,8,85.31,36.8,294.4,0.595,0.627,91.8229967044378,86.2163659805537,0.99,"KOG1697","KOG4078","no","Low tissue specificity","Low tissue specificity",0.787718826994602,"Mitochondria","Mitochondria",1,45,false]
["O15511-P59998","P59998-O15144","Burke_et_al","O15511; P59998","P59998; O15144","P59998","ARPC4","O15511","ARPC5","O15144","ARPC2","huMAP3_10743.1; huMAP3_04814.1; huMAP3_14624.1; huMAP3_13904.1; huMAP3_09309.1; huMAP3_14885.1","structurally_consistent",0.29,0,0,0,null,null,0,0.602,0.707,92.5856356800086,93.1446645088492,0.934,"KOG3380","KOG2826","no","Low tissue specificity","Low tissue specificity",0.64125343469859,"Vesicles; Plasma membrane; Cell Junctions; Cytosol","Nucleoplasm",0,46,false]
["P17612-P13861","P17612-P10644","Burke_et_al","P17612; P13861","P17612; P10644","P17612","PRKACA","P13861","PRKAR2A","P10644","PRKAR1A","huMAP3_14681.1; huMAP3_11135.1; huMAP3_13352.1","mutually_exclusive",0.1,38,328,327,84.56,84.44,27611.88,0.697,0.697,83.3417325228827,81.4774253257335,0.056,"KOG1113","KOG1113","yes","Tissue enhanced","Low tissue specificity",0.246946935089069,null,"Cytosol",null,47,false]
["Q99436-P28070","P25788-P28070","Burke_et_al","Q99436; P28070","P25788; P28070","P28070","PSMB4","P25788","PSMA3","Q99436","PSMB7","huMAP3_00356.1; huMAP3_09656.1; huMAP3_13725.1","structurally_consistent",0.21,0,0,0,null,null,0,0.552,0.361,88.4100645474695,92.8128478350784,0.922,"KOG0184","KOG0173","no","Low tissue specificity","Low tissue specificity",0.574840234313219,null,"Nucleoplasm",null,48,false]
["Q8WUF5-P62136","P62136-Q12972","Burke_et_al","Q8WUF5; P62136","P62136; Q12972","P62136","PPP1CA","Q12972","PPP1R8","Q8WUF5","PPP1R13L","huMAP3_10148.1; huMAP3_06341.1; huMAP3_14504.1","mutually_exclusive",0.16,26,166,143,59.57,55.74,7970.82,0.681,0.676,74.7095213627929,80.0582684320927,0.012,"KOG1880","KOG0515","no","Low tissue specificity","Tissue enhanced",-0.131509545150699,"Nuclear speckles","Cytosol",0,49,false]
["P62068-Q8TBZ3","Q09019-P62068","Burke_et_al","P62068; Q8TBZ3","Q09019; P62068","P62068","USP46","Q09019","DMWD","Q8TBZ3","WDR20","huMAP3_14529.1; huMAP3_08735.1; huMAP3_12501.1; huMAP3_10857.1; huMAP3_09502.1; huMAP3_10588.1","mutually_exclusive",0.11,21,507,518,75.84,73.67,38161.06,0.535,0.545,77.8492699648432,76.683140262655,0.126,"KOG2394","KOG2394","yes","Low tissue specificity","Low tissue specificity",-0.0652437470728651,"Plasma membrane; Actin filaments",null,null,50,false]
["Q9BUI4-O14802","O14802-Q9Y535","Burke_et_al","Q9BUI4; O14802","O14802; Q9Y535","O14802","POLR3A","Q9Y535","POLR3H","Q9BUI4","POLR3C","huMAP3_06426.1; huMAP3_00807.1; huMAP3_11092.1; huMAP3_09057.1; huMAP3_08487.1; huMAP3_14318.1","structurally_consistent",0.59,0,0,0,null,null,0,0.405,0.394,74.1718834935808,71.7417545924787,0.176,"KOG3297","KOG2587","no","Low tissue specificity","Low tissue specificity",-0.310937799054412,"Nucleoplasm","Nucleoplasm",1,51,false]
["P06730-O43432","P06730-Q9NRA8","Burke_et_al","P06730; O43432","P06730; Q9NRA8","P06730","EIF4E","Q9NRA8","EIF4ENIF1","O43432","EIF4G3","huMAP3_13436.1; huMAP3_10733.1; huMAP3_13122.1; huMAP3_12383.1; huMAP3_12323.1; huMAP3_09957.1","mutually_exclusive",0.21,27,526,376,63.36,50.91,19142.16,0.344,0.599,79.7239465948822,91.839316002335,0.138,"ENOG502QRQE","KOG0401","no","Low tissue specificity","Low tissue specificity",0.74755821597676,"Vesicles","Cytosol",0,52,false]
["Q9HAF1-Q9H2F5","Q9NXR8-Q9HAF1","Burke_et_al","Q9HAF1; Q9H2F5","Q9NXR8; Q9HAF1","Q9HAF1","MEAF6","Q9H2F5","EPC1","Q9NXR8","ING3","huMAP3_04039.1; huMAP3_06087.1; huMAP3_10481.1; huMAP3_07843.1; huMAP3_09291.1; huMAP3_14306.1","mutually_exclusive",8.04,17,152,172,56.67,66.82,8613.84,0.531,0.438,88.2665588874668,83.0041777071219,0.208,"KOG2261","KOG1973","no","Tissue enriched","Tissue enriched",0.97261909451109,"Nucleoplasm","Nucleoplasm",1,53,false]
["P25788-P28070","P60900-P28070","Burke_et_al","P25788; P28070","P60900; P28070","P28070","PSMB4","P25788","PSMA3","P60900","PSMA6","huMAP3_00356.1; huMAP3_09656.1; huMAP3_13725.1","structurally_consistent",0.17,0,0,0,null,null,0,0.361,0.562,92.8128478350784,88.3023149620126,0.996,"KOG0184","KOG0182","no","Low tissue specificity","Low tissue specificity",0.662841769562768,null,"Nucleoplasm",null,54,false]
["O94776-Q16576","Q86YP4-Q16576","Burke_et_al","O94776; Q16576","Q86YP4; Q16576","Q16576","RBBP7","Q86YP4","GATAD2A","O94776","MTA2","huMAP3_09499.1; huMAP3_10472.1; huMAP3_15128.1","mutually_exclusive",0.16,32,252,175,73.9,50.79,8888.25,0.589,0.316,77.6860242517132,70.351725766117,0.576,"KOG3740","KOG3554","no","Low tissue specificity","Low tissue specificity",0.23247492967136,"Nucleoplasm","Nucleoplasm",1,55,false]
["Q13636-P31150","P31150-P51149","Burke_et_al","Q13636; P31150","P31150; P51149","P31150","GDI1","Q13636","RAB31","P51149","RAB7A","huMAP3_11094.1; huMAP3_06994.1; huMAP3_08941.1; huMAP3_07302.1; huMAP3_09217.1","mutually_exclusive",0.28,21,182,190,83.9,81.44,15473.6,0.495,0.547,74.7600782502065,73.5883543525653,0.314,"KOG0092","KOG0394","no","Low tissue specificity","Low tissue specificity",0.0591732899114863,null,"Lysosomes",null,56,false]
["Q13509-Q9BQE3","Q9BUF5-Q9BQE3","Burke_et_al","Q13509; Q9BQE3","Q9BUF5; Q9BQE3","Q9BQE3","TUBA1C","Q13509","TUBB3","Q9BUF5","TUBB6","huMAP3_10665.1; huMAP3_09233.1; huMAP3_09603.1; huMAP3_09670.1; huMAP3_10475.1; huMAP3_14709.1; huMAP3_06977.1","mutually_exclusive",0.09,29,440,442,90.1,90.2,39644,0.682,0.685,86.8813114829544,86.1296353217452,0.308,"KOG1375","KOG1375","yes","Tissue enriched","Low tissue specificity",-0.322600760798818,"Microtubules","Microtubules",1,57,false]
["Q99719-Q9UH03","Q14141-Q99719","Burke_et_al","Q99719; Q9UH03","Q14141; Q99719","Q99719","SEPTIN5","Q9UH03","SEPTIN3","Q14141","SEPTIN6","huMAP3_02362.1","mutually_exclusive",0.4,38,294,296,79.19,82.56,23281.86,0.517,0.582,72.1354123608482,75.7377562205386,0.326,"KOG1547","KOG3859","no","Tissue enriched","Tissue enhanced",-0.113765057085331,"Nucleoplasm; Plasma membrane","Cytosol",0,58,false]
["P50750-O60583","P50750-O60563","Burke_et_al","P50750; O60583","P50750; O60563","P50750","CDK9","O60583","CCNT2","O60563","CCNT1","huMAP3_14693.1; huMAP3_13608.1; huMAP3_01901.1; huMAP3_06690.1; huMAP3_12350.1; huMAP3_13960.1","mutually_exclusive",0.08,21,409,422,68.44,67.79,28607.38,0.531,0.474,77.9297479515619,75.2373998381692,0.112,"KOG0834","KOG0834","yes","Low tissue specificity","Low tissue specificity",0.106708330906761,"Nucleoplasm; Plasma membrane; Cytosol","Nucleoplasm",0.333333333333333,59,false]
["P61764-O75558","Q15833-O75558","Burke_et_al","P61764; O75558","Q15833; O75558","O75558","STX11","P61764","STXBP1","Q15833","STXBP2","huMAP3_13160.1; huMAP3_10606.1; huMAP3_09630.1; huMAP3_13645.1","mutually_exclusive",0.41,49,588,585,86.76,86.52,50614.2,0.699,0.7,83.8639684315331,83.1066634180674,0.02,"KOG1300","KOG1300","yes","Tissue enhanced","Tissue enhanced",-0.369409958442561,"Nucleoplasm; Cytosol","Cytosol",0.5,60,false]
["Q8WUF5-P62136","P62136-Q13625","Burke_et_al","Q8WUF5; P62136","P62136; Q13625","P62136","PPP1CA","Q13625","TP53BP2","Q8WUF5","PPP1R13L","huMAP3_10148.1; huMAP3_14504.1","mutually_exclusive",0.12,20,423,426,61.8,62.57,26141.4,0.681,0.363,74.7095213627929,71.7040259100452,0.07,"KOG0515","KOG0515","yes","Low tissue specificity","Tissue enhanced",-0.123973544823676,"Cell Junctions; Cytosol","Cytosol",0.5,61,false]
["P31150-P61006","P31150-Q15286","Burke_et_al","P31150; P61006","P31150; Q15286","P31150","GDI1","Q15286","RAB35","P61006","RAB8A","huMAP3_08941.1; huMAP3_11094.1; huMAP3_09217.1","mutually_exclusive",0.14,11,184,177,83.49,85.47,15362.16,0.423,0.387,72.8212759392587,74.5520313358578,0.71,"KOG0079","KOG0078","no","Low tissue specificity","Low tissue specificity",0.432418460025983,null,"Nucleoplasm",null,62,false]
["Q13098-Q9BT78","Q9UBW8-Q9BT78","Burke_et_al","Q13098; Q9BT78","Q9UBW8; Q9BT78","Q9BT78","COPS4","Q13098","GPS1","Q9UBW8","COPS7A","huMAP3_09779.1; huMAP3_14528.1; huMAP3_08550.1","structurally_consistent",1.04,0,21,13,81.07,36.37,472.81,0.373,0.598,84.5696997936527,89.3558989271705,0.576,"KOG0686","KOG3250","no","Low tissue specificity","Low tissue specificity",0.646313380025277,"Nucleoplasm","Nucleoplasm",1,63,false]
["Q16576-O14929","Q9P2Y4-Q16576","Burke_et_al","Q16576; O14929","Q9P2Y4; Q16576","Q16576","RBBP7","O14929","HAT1","Q9P2Y4","ZNF219","huMAP3_15128.1","mutually_exclusive",0.2,13,175,133,87.13,68.63,9127.79,0.606,0.465,78.8355181206327,73.313028569652,0.116,"KOG2696","KOG1721","no","Low tissue specificity","Low tissue specificity",-0.26178108464915,"Nucleoplasm","Nucleoplasm",1,64,false]
["Q9P086-Q9NVC6","Q9BUE0-Q9NVC6","Burke_et_al","Q9P086; Q9NVC6","Q9BUE0; Q9NVC6","Q9NVC6","MED17","Q9BUE0","MED18","Q9P086","MED11","huMAP3_02730.1","structurally_consistent",6.86,0,0,0,null,null,0,0.559,0.501,80.2407482566872,78.9231931389739,0.312,"KOG3264","KOG4057","no","Low tissue specificity","Low tissue specificity",0.54048306095341,"Nucleoplasm","Nucleoplasm; Nuclear bodies",0.5,65,false]
["O95983-Q86YP4","O95983-Q8WXI9","Burke_et_al","O95983; Q86YP4","O95983; Q8WXI9","O95983","MBD3","Q8WXI9","GATAD2B","Q86YP4","GATAD2A","huMAP3_09499.1; huMAP3_10472.1; huMAP3_15128.1","mutually_exclusive",4.16,31,260,248,62.86,62.27,15442.96,0.561,0.552,84.7851892212372,83.7456186949947,0.566,"KOG3740","KOG3740","yes","Low tissue specificity","Low tissue specificity",0.176971815466824,"Nucleoplasm","Nucleoplasm",1,66,false]
["O75864-P62136","P62136-Q96QC0","Burke_et_al","O75864; P62136","P62136; Q96QC0","P62136","PPP1CA","O75864","PPP1R37","Q96QC0","PPP1R10","huMAP3_14504.1","mutually_exclusive",0.15,15,257,211,67.67,58.08,12254.88,0.266,0.569,71.2980709444612,80.9872858014994,0.124,"KOG1908","ENOG502QQ2I","no","Low tissue specificity","Low tissue specificity",0.736734173492413,"Cytosol","Nucleoplasm",0,67,false]
["Q06265_Q15024","Q15024_Q9NQT5","Janes_et_al","Q06265; Q15024","Q15024; Q9NQT5","Q15024","EXOSC7","Q06265","EXOSC9","Q9NQT5","EXOSC3","huMAP3_05382.1; huMAP3_14264.1","structurally_consistent",0.35,0,0,0,null,null,0,0.54,0.37,84.8084615384615,78.6319999999999,0.994,"KOG1614","KOG1004","no","Low tissue specificity","Low tissue specificity",0.566800750824888,"Nucleoli","Nucleoplasm",0,68,false]
["Q9NQT5-Q06265","Q15024-Q06265","Burke_et_al","Q9NQT5; Q06265","Q15024; Q06265","Q06265","EXOSC9","Q9NQT5","EXOSC3","Q15024","EXOSC7","huMAP3_05382.1; huMAP3_14264.1","structurally_consistent",1.01,0,2,1,89.7,79.93,79.93,0.391,0.522,78.5729063488428,82.4966006971018,0.982,"KOG1004","KOG1612","no","Low tissue specificity","Low tissue specificity",0.302985866530316,"Nucleoplasm","Nuclear speckles",0,68,false]
["Q92747-Q9BPX5","P61160-Q9BPX5","Burke_et_al","Q92747; Q9BPX5","P61160; Q9BPX5","Q9BPX5","ARPC5L","P61160","ACTR2","Q92747","ARPC1A","huMAP3_14624.1; huMAP3_09309.1; huMAP3_14885.1; huMAP3_10743.1","structurally_consistent",0.18,0,0,0,null,null,0,0.296,0.322,90.0870446578754,81.9306889985743,0.524,"KOG0677","KOG1523","no","Low tissue specificity","Low tissue specificity",-0.300550351693432,"Cytosol","Cell Junctions",0,69,false]
["P62136-O60927","P62136-Q12972","Burke_et_al","P62136; O60927","P62136; Q12972","P62136","PPP1CA","Q12972","PPP1R8","O60927","PPP1R11","huMAP3_14504.1; huMAP3_06341.1; huMAP3_09354.1; huMAP3_09633.1; huMAP3_10148.1; huMAP3_08717.1; huMAP3_06304.1; huMAP3_08482.1","mutually_exclusive",0.13,12,45,43,48.56,55.94,2185.2,0.388,0.676,75.4184734787797,80.0582684320927,0.03,"KOG1880","KOG4102","no","Low tissue specificity","Low tissue specificity",-0.403373111611244,"Nuclear speckles","Vesicles",0,70,false]
["P42025-P47756","P42025-O00399","Burke_et_al","P42025; P47756","P42025; O00399","P42025","ACTR1B","P47756","CAPZB","O00399","DCTN6","huMAP3_12900.1","mutually_exclusive",0.14,15,95,122,70.54,85.71,6701.3,0.232,0.603,75.766355071946,87.0325105229408,0.248,"KOG3174","KOG4042","no","Low tissue specificity","Low tissue specificity",-0.313238187117458,"Nucleoplasm; Cytosol","Nucleoli; Cytosol",0.333333333333333,71,false]
["Q9BTC8-Q16576","Q16576-O14929","Burke_et_al","Q9BTC8; Q16576","Q16576; O14929","Q16576","RBBP7","O14929","HAT1","Q9BTC8","MTA3","huMAP3_15128.1","mutually_exclusive",0.13,33,217,270,78.17,88.29,16962.89,0.569,0.606,77.4433312957261,78.8355181206327,0.044,"KOG2696","KOG3554","no","Low tissue specificity","Tissue enhanced",-0.0490899009399386,"Nucleoplasm","Nucleoplasm",1,72,false]
["Q6N069_Q9BXJ9","Q9BSU3_Q9BXJ9","Janes_et_al","Q6N069; Q9BXJ9","Q9BSU3; Q9BXJ9","Q9BXJ9","NAA15","Q6N069","NAA16","Q9BSU3","NAA11","huMAP3_10987.1; huMAP3_13394.1; huMAP3_01027.1","structurally_consistent",0.7,0,0,0,null,null,0,0.68,0.73,89.2086046511628,95.3484166666666,null,"KOG1156","KOG3235","no","Tissue enhanced","Group enriched",0.0807995399019623,"Cytosol","Nucleoplasm",0,73,true]
["Q9BXJ9-Q9BSU3","Q6N069-Q9BSU3","Burke_et_al","Q9BXJ9; Q9BSU3","Q6N069; Q9BSU3","Q9BSU3","NAA11","Q9BXJ9","NAA15","Q6N069","NAA16","huMAP3_01027.1; huMAP3_13394.1; huMAP3_10987.1","mutually_exclusive",0.22,41,848,860,88.59,87.64,75370.4,0.721,0.715,88.8929325319226,86.0603905957467,0.088,"KOG1156","KOG1156","yes","Low tissue specificity","Tissue enhanced",0.434622402110156,"Cytosol","Cytosol",1,73,true]
["Q13636-P31150","P31150-P61020","Burke_et_al","Q13636; P31150","P31150; P61020","P31150","GDI1","Q13636","RAB31","P61020","RAB5B","huMAP3_08941.1; huMAP3_11094.1; huMAP3_09217.1","mutually_exclusive",0.3,20,187,191,84.05,84.27,15717.35,0.495,0.585,74.7600782502065,77.1893184415882,0.132,"KOG0092","KOG0092","yes","Low tissue specificity","Low tissue specificity",-0.0670771298905333,null,"Vesicles",null,74,false]
["P31150-P51153","P61026-P31150","Burke_et_al","P31150; P51153","P61026; P31150","P31150","GDI1","P61026","RAB10","P51153","RAB13","huMAP3_11094.1; huMAP3_06994.1; huMAP3_08941.1; huMAP3_07302.1; huMAP3_09217.1; huMAP3_06607.1","mutually_exclusive",0.21,12,175,181,85.67,84.22,15243.82,0.401,0.582,78.0133318233271,75.4651330803053,0.116,"KOG0078","KOG0078","yes","Low tissue specificity","Low tissue specificity",-0.089537342290404,null,"Plasma membrane; Cytosol",null,75,false]
["Q8N766-Q5UCC4","Q8N766-Q9P0I2","Burke_et_al","Q8N766; Q5UCC4","Q8N766; Q9P0I2","Q8N766","EMC1","Q9P0I2","EMC3","Q5UCC4","EMC10","huMAP3_03281.1","structurally_consistent",0.57,0,9,8,37.04,45.46,333.36,0.687,0.545,88.8951044776031,81.6435900927605,0.838,"KOG3188","KOG4827","no","Low tissue specificity","Tissue enhanced",0.446553823635997,{"$nulls":3},76,false]
["O15511-P61160","P61160-Q9BPX5","Burke_et_al","O15511; P61160","P61160; Q9BPX5","P61160","ACTR2","Q9BPX5","ARPC5L","O15511","ARPC5","huMAP3_14624.1; huMAP3_09309.1; huMAP3_14885.1; huMAP3_10743.1","mutually_exclusive",0.06,11,132,131,81.21,82.91,10719.72,0.312,0.322,82.9331771271432,81.9306889985743,0.168,"KOG3380","KOG3380","yes","Low tissue specificity","Low tissue specificity",-0.13913285921633,null,"Vesicles; Plasma membrane; Cell Junctions; Cytosol",null,77,false]
["Q9NZW5-Q9NUP9","Q9NUP9-Q8N3R9","Burke_et_al","Q9NZW5; Q9NUP9","Q9NUP9; Q8N3R9","Q9NUP9","LIN7C","Q9NZW5","PALS2","Q8N3R9","PALS1","huMAP3_14575.1; huMAP3_11195.1; huMAP3_08481.1; huMAP3_09519.1","mutually_exclusive",2.27,16,289,285,83.94,74.61,21263.85,0.529,0.374,81.7502838848625,82.9166219130113,0.05,"KOG0609","KOG0609","yes","Tissue enhanced","Low tissue specificity",0.0196344764773891,null,"Nucleoplasm",null,78,false]
["Q15019-Q99719","Q9P0V9-Q15019","Burke_et_al","Q15019; Q99719","Q9P0V9; Q15019","Q15019","SEPTIN2","Q9P0V9","SEPTIN10","Q99719","SEPTIN5","huMAP3_02362.1","mutually_exclusive",0.44,47,315,311,74.86,80.19,23580.9,0.551,0.567,70.4842508087897,73.6998086864565,0.04,"KOG3859","KOG2655","no","Low tissue specificity","Tissue enhanced",-0.351923321715199,"Actin filaments","Nucleoplasm; Actin filaments; Cytosol",0.333333333333333,79,false]
["P24941-P20248","P24941-P24864","Burke_et_al","P24941; P20248","P24941; P24864","P24941","CDK2","P24864","CCNE1","P20248","CCNA2","huMAP3_10449.1; huMAP3_06587.1; huMAP3_14722.1","mutually_exclusive",0.19,38,313,321,82.14,82.81,25709.82,0.609,0.656,74.6923020063129,80.9681424793905,0.126,"KOG0655","KOG0654","no","Tissue enhanced","Tissue enhanced",0.501453815638678,"Nucleoplasm","Nucleoplasm; Cytosol",0.5,80,false]
["Q8WYJ6-Q9UHD8","Q8WYJ6-Q99719","Burke_et_al","Q8WYJ6; Q9UHD8","Q8WYJ6; Q99719","Q8WYJ6","SEPTIN1","Q9UHD8","SEPTIN9","Q99719","SEPTIN5","huMAP3_02362.1","mutually_exclusive",0.3,42,316,317,80.36,76.37,24209.29,0.563,0.606,74.6098140346224,73.8407217412285,0.064,"KOG1547","KOG2655","no","Low tissue specificity","Tissue enhanced",-0.221562043628883,"Actin filaments","Nucleoplasm; Actin filaments; Cytosol",0.333333333333333,81,false]
["P61026-P31150","Q6IQ22-P31150","Burke_et_al","P61026; P31150","Q6IQ22; P31150","P31150","GDI1","P61026","RAB10","Q6IQ22","RAB12","huMAP3_01895.1; huMAP3_11094.1; huMAP3_06994.1; huMAP3_08941.1; huMAP3_07302.1; huMAP3_11860.1; huMAP3_06607.1; huMAP3_09217.1","mutually_exclusive",0.17,23,199,198,80.34,79.59,15758.82,0.582,0.526,75.4651330803053,74.3377788253858,0.438,"KOG0078","KOG0078; KOG0395","yes","Low tissue specificity","Tissue enhanced",0.732864090182743,null,"Vesicles",null,82,false]
["Q13547-Q96ST3","Q14687-Q13547","Burke_et_al","Q13547; Q96ST3","Q14687; Q13547","Q13547","HDAC1","Q96ST3","SIN3A","Q14687","GSE1","huMAP3_08800.1; huMAP3_09031.1; huMAP3_15128.1","mutually_exclusive",0.22,25,391,271,70.94,47.68,12921.28,0.722,0.263,85.9739716149993,70.4483582521564,0.168,"KOG4204","ENOG502QR0Q","no","Low tissue specificity","Low tissue specificity",0.596187570920403,"Nucleoplasm","Mitochondria",0,83,false]
["Q9H8T0-Q05DH4","Q9H8T0-Q8N612","Burke_et_al","Q9H8T0; Q05DH4","Q9H8T0; Q8N612","Q9H8T0","AKTIP","Q05DH4","FHIP1A","Q8N612","FHIP1B","huMAP3_11220.1; huMAP3_03865.1","mutually_exclusive",0.8,32,780,781,70.04,73.55,54631.2,0.376,0.519,71.3030788278358,75.202738103837,0.12,"KOG3695","KOG3695","yes","Tissue enhanced","Low tissue specificity",0.0440521137505565,"Cytosol","Mitochondria",0,84,false]
["O14770-Q9BYU1","O14770-P40425","Burke_et_al","O14770; Q9BYU1","O14770; P40425","O14770","MEIS2","P40425","PBX2","Q9BYU1","PBX4","huMAP3_11161.1; huMAP3_10672.1","mutually_exclusive",5.82,48,289,301,75.57,75.31,22668.31,0.656,0.66,82.5517570811601,83.2685400444355,0.082,"KOG0774","KOG0774","yes","Low tissue specificity","Tissue enhanced",0.0656680452339142,"Nucleoplasm","Vesicles",0,85,false]
["Q13636-P31150","P31150-P61018","Burke_et_al","Q13636; P31150","P31150; P61018","P31150","GDI1","Q13636","RAB31","P61018","RAB4B","huMAP3_01895.1; huMAP3_11094.1; huMAP3_06994.1; huMAP3_08941.1; huMAP3_11860.1; huMAP3_09217.1; huMAP3_06607.1","mutually_exclusive",0.18,12,177,188,85.75,85.65,16102.2,0.495,0.427,74.7600782502065,75.4247481945919,0.042,"KOG0092","KOG0086","no","Low tissue specificity","Tissue enhanced",0.535488882711516,{"$nulls":3},86,false]
["Q9HD33-Q16540","Q13084-Q9HD33","Burke_et_al","Q9HD33; Q16540","Q13084; Q9HD33","Q9HD33","MRPL47","Q13084","MRPL28","Q16540","MRPL23","huMAP3_09602.1; huMAP3_08458.1; huMAP3_11966.1; huMAP3_06550.1; huMAP3_08556.1; huMAP3_09483.1; huMAP3_06589.1; huMAP3_03763.1; huMAP3_09113.1; huMAP3_10701.1; huMAP3_07939.1; huMAP3_10538.1; huMAP3_06439.1","structurally_consistent",3.57,0,0,0,null,null,0,0.611,0.426,89.343599210364,83.4298808333779,0.936,"KOG3279","KOG4089","no","Low tissue specificity","Low tissue specificity",0.513613683109501,"Mitochondria","Nucleoli fibrillar center; Mitochondria",0.5,87,false]
["Q13084_Q9HD33","Q13084_Q16540","Janes_et_al","Q13084; Q9HD33","Q13084; Q16540","Q13084","MRPL28","Q9HD33","MRPL47","Q16540","MRPL23","huMAP3_07939.1; huMAP3_03763.1; huMAP3_06550.1; huMAP3_08458.1; huMAP3_06439.1; huMAP3_06589.1; huMAP3_09113.1; huMAP3_09483.1","structurally_consistent",0.36,0,0,0,null,null,0,0.52,0.54,93.2157142857142,92.5911764705882,0.988,"KOG3331","KOG4089","no","Low tissue specificity","Low tissue specificity",0.104636562956037,"Mitochondria","Nucleoli fibrillar center; Mitochondria",0.5,87,false]
["O15514-P62487","P61218-P62487","Burke_et_al","O15514; P62487","P61218; P62487","P62487","POLR2G","O15514","POLR2D","P61218","POLR2F","huMAP3_14318.1; huMAP3_11092.1","structurally_consistent",1.08,0,0,0,null,null,0,0.713,0.346,95.827211576369,94.6399090296279,0.86,"KOG2351","KOG3405","no","Tissue enhanced","Low tissue specificity",-0.0564304255099692,"Nucleoplasm; Nuclear speckles","Nucleoplasm; Nucleoli fibrillar center",0.333333333333333,88,false]
["Q9BQE3-P07437","Q9BUF5-Q9BQE3","Burke_et_al","Q9BQE3; P07437","Q9BUF5; Q9BQE3","Q9BQE3","TUBA1C","P07437","TUBB","Q9BUF5","TUBB6","huMAP3_10665.1; huMAP3_09233.1; huMAP3_09603.1; huMAP3_09670.1; huMAP3_10475.1; huMAP3_14709.1; huMAP3_06977.1","mutually_exclusive",0.08,24,435,437,90.61,90.74,39415.35,0.666,0.685,86.1705604694357,86.1296353217452,0.982,"KOG1375","KOG1375","yes","Low tissue specificity","Low tissue specificity",0.148044490830862,"Microtubules","Microtubules",1,89,false]
["Q9BTC8-Q16576","Q86YP4-Q16576","Burke_et_al","Q9BTC8; Q16576","Q86YP4; Q16576","Q16576","RBBP7","Q9BTC8","MTA3","Q86YP4","GATAD2A","huMAP3_09499.1; huMAP3_10472.1; huMAP3_15128.1","mutually_exclusive",0.14,24,224,163,75.36,51.71,8428.73,0.569,0.316,77.4433312957261,70.351725766117,0.256,"KOG3554","KOG3740","no","Tissue enhanced","Low tissue specificity",-0.0728359619794177,"Nucleoplasm","Nucleoplasm",1,90,false]
["Q4VC05-Q92784","Q92784-Q8WUZ0","Burke_et_al","Q4VC05; Q92784","Q92784; Q8WUZ0","Q92784","DPF3","Q8WUZ0","BCL7C","Q4VC05","BCL7A","huMAP3_03221.1; huMAP3_11470.1","mutually_exclusive",8.48,13,59,67,80.87,71.7,4803.9,0.332,0.259,84.0720531291235,80.1059615498031,0.136,"KOG4095","KOG4095","yes","Low tissue specificity","Low tissue specificity",-0.126718412416629,"Nucleoplasm","Nucleoplasm; Vesicles",0.5,91,false]
["Q8TDQ7_Q9Y303","P46926_Q8TDQ7","Janes_et_al","Q8TDQ7; Q9Y303","P46926; Q8TDQ7","Q8TDQ7","GNPDA2","Q9Y303","AMDHD2","P46926","GNPDA1","huMAP3_11902.1; huMAP3_03245.1; huMAP3_14440.1; huMAP3_13877.1; huMAP3_14000.1; huMAP3_14698.1","structurally_consistent",0.5,0,0,0,null,null,0,0.54,0.58,96.44,90.7392105263158,0.16,"KOG3892","KOG3148","no","Low tissue specificity","Low tissue specificity",0.100782728661924,"Nucleoli; Cytosol","Vesicles",0,92,false]
["P46926-Q9Y303","P46926-Q8TDQ7","Burke_et_al","P46926; Q9Y303","P46926; Q8TDQ7","P46926","GNPDA1","Q8TDQ7","GNPDA2","Q9Y303","AMDHD2","huMAP3_13877.1; huMAP3_03245.1; huMAP3_14440.1; huMAP3_14698.1; huMAP3_11902.1; huMAP3_14000.1","structurally_consistent",0.25,0,0,0,null,null,0,0.466,0.585,94.2484558404607,89.7201775148999,0.13,"KOG3148","KOG3892","no","Low tissue specificity","Low tissue specificity",-0.0509431271770538,"Vesicles","Nucleoli; Cytosol",0,92,false]
["P06730-O43432","P06730-Q9UNK9","Burke_et_al","P06730; O43432","P06730; Q9UNK9","P06730","EIF4E","O43432","EIF4G3","Q9UNK9","ANGEL1","huMAP3_13436.1; huMAP3_13122.1; huMAP3_08691.1; huMAP3_12323.1; huMAP3_12383.1","mutually_exclusive",0.28,26,72,79,63.3,70.97,4557.59999999999,0.344,0.593,79.7239465948822,83.6560377771006,0.066,"KOG0401","KOG2338","no","Low tissue specificity","Low tissue specificity",0.428950686639174,"Cytosol","Nucleoplasm",0,93,false]
["O15514-P62487","P19388-P62487","Burke_et_al","O15514; P62487","P19388; P62487","P62487","POLR2G","O15514","POLR2D","P19388","POLR2E","huMAP3_14318.1; huMAP3_11092.1","structurally_consistent",1.31,0,5,7,40.09,89.06,200.45,0.713,0.497,95.827211576369,88.944862045952,0.86,"KOG2351","KOG3218","no","Tissue enhanced","Low tissue specificity",-0.0640980545110172,"Nucleoplasm; Nuclear speckles","Nucleoplasm",0.5,94,false]
["Q9BU61-O75489","O95182-O75489","Burke_et_al","Q9BU61; O75489","O95182; O75489","O75489","NDUFS3","O95182","NDUFA7","Q9BU61","NDUFAF3","huMAP3_09567.1; huMAP3_14018.1; huMAP3_06397.1; huMAP3_14878.1; huMAP3_14184.1; huMAP3_09982.1","structurally_consistent",1.14,0,0,0,null,null,0,0.529,0.319,88.8997157402129,77.0136293825754,0.084,"KOG4630","KOG3363","no","Low tissue specificity","Tissue enhanced",0.426762645784747,"Mitochondria",null,null,95,false]
["Q15653-Q04206","Q15653-Q04864","Burke_et_al","Q15653; Q04206","Q15653; Q04864","Q15653","NFKBIB","Q04206","RELA","Q04864","REL","huMAP3_14474.1; huMAP3_05441.1","mutually_exclusive",0.33,20,203,171,68.44,63.93,10932.03,0.395,0.252,80.1538015930525,73.7227955548519,0.058,"ENOG502QT4Z","ENOG502QQS6","no","Low tissue specificity","Tissue enhanced",0.364548820826205,"Cytosol",null,null,96,false]
["Q9BSJ2-Q6P582","Q9BSJ2-Q6NZ67","Burke_et_al","Q9BSJ2; Q6P582","Q9BSJ2; Q6NZ67","Q9BSJ2","TUBGCP2","Q6P582","MZT2A","Q6NZ67","MZT2B","huMAP3_14882.1; huMAP3_09443.1","mutually_exclusive",0.77,26,92,91,47.46,49.83,4366.32,0.444,0.415,82.8320220922685,81.0841684375562,0.072,"ENOG502S50R","ENOG502S50R","yes","Tissue enhanced","Low tissue specificity",0.937113448033581,"Centrosome","Centrosome",1,97,false]
["P62826-Q14974","P62826-P43487","Burke_et_al","P62826; Q14974","P62826; P43487","P62826","RAN","Q14974","KPNB1","P43487","RANBP1","huMAP3_12581.1; huMAP3_10000.1; huMAP3_08641.1","mutually_exclusive",0.45,16,97,100,87.56,85.79,8579,0.723,0.706,83.3192928026224,87.2022386118692,0.182,"KOG1241","KOG0864","no","Low tissue specificity","Low tissue specificity",0.332023090038832,"Nuclear membrane","Cytosol",0,98,false]
["O75864-P62136","P62136-Q6NYC8","Burke_et_al","O75864; P62136","P62136; Q6NYC8","P62136","PPP1CA","Q6NYC8","PPP1R18","O75864","PPP1R37","huMAP3_09354.1; huMAP3_10148.1; huMAP3_09633.1; huMAP3_14504.1","mutually_exclusive",0.12,12,265,172,72,48.1,8273.2,0.266,0.462,71.2980709444612,71.9601633772259,0.032,"ENOG502RY8Q","KOG1908","no","Low tissue specificity","Low tissue specificity",-0.278034346301881,"Plasma membrane","Cytosol",0,99,false]
["Q4G0F5-Q96QK1","Q9UBQ0-Q96QK1","Burke_et_al","Q4G0F5; Q96QK1","Q9UBQ0; Q96QK1","Q96QK1","VPS35","Q4G0F5","VPS26B","Q9UBQ0","VPS29","huMAP3_13244.1; huMAP3_01277.1","structurally_consistent",0.62,0,0,0,null,null,0,0.618,0.725,92.375801686572,93.9888452186225,0.096,"KOG3063","KOG3325","no","Low tissue specificity","Low tissue specificity",-0.116805104080166,null,"Vesicles; Cytosol",null,100,false]
["Q15363-Q13445","Q15363-Q9BVK6","Burke_et_al","Q15363; Q13445","Q15363; Q9BVK6","Q15363","TMED2","Q13445","TMED1","Q9BVK6","TMED9","huMAP3_10362.1; huMAP3_08461.1; huMAP3_07118.1; huMAP3_11421.1; huMAP3_09886.1; huMAP3_12213.1","mutually_exclusive",9.08,11,80,73,84.55,86.35,6764,0.42,0.614,78.2431879373718,87.564414353209,0.656,"KOG3287","KOG1690","no","Low tissue specificity","Low tissue specificity",0.488025693736904,{"$nulls":3},101,false]
["P62714-Q16537","P30153-Q16537","Burke_et_al","P62714; Q16537","P30153; Q16537","Q16537","PPP2R5E","P62714","PPP2CB","P30153","PPP2R1A","huMAP3_13510.1; huMAP3_09709.1; huMAP3_10333.1","structurally_consistent",0.3,0,0,0,null,null,0,0.317,0.552,75.2955376345185,80.819646751716,0.602,"KOG0371","KOG0211","no","Low tissue specificity","Low tissue specificity",0.552373297013714,"Nucleoplasm","Cytosol",0,102,false]
["P62826-P43487","P62826-P0DJD1","Burke_et_al","P62826; P43487","P62826; P0DJD1","P62826","RAN","P43487","RANBP1","P0DJD1","RGPD2","huMAP3_07331.1; huMAP3_12581.1; huMAP3_10000.1; huMAP3_01999.1","mutually_exclusive",0.49,23,78,64,85.37,43.44,2780.16,0.706,0.432,87.2022386118692,71.750459862631,0.186,"KOG0864","KOG0864","yes","Low tissue specificity","Low tissue specificity",0.471354728349369,"Cytosol","Nuclear membrane; Vesicles",0,103,false]
["P31150-P61006","P31150-P61106","Burke_et_al","P31150; P61006","P31150; P61106","P31150","GDI1","P61106","RAB14","P61006","RAB8A","huMAP3_01895.1; huMAP3_11094.1; huMAP3_06994.1; huMAP3_08941.1; huMAP3_07302.1; huMAP3_09217.1","mutually_exclusive",0.1,11,183,191,83.82,82.91,15835.81,0.423,0.388,72.8212759392587,74.6970783105514,0.66,"KOG0097","KOG0078","no","Low tissue specificity","Low tissue specificity",0.341204582088937,"Vesicles","Nucleoplasm",0,104,false]
["Q6IQ22-P31150","P31150-Q15286","Burke_et_al","Q6IQ22; P31150","P31150; Q15286","P31150","GDI1","Q15286","RAB35","Q6IQ22","RAB12","huMAP3_08941.1; huMAP3_11094.1; huMAP3_09217.1","mutually_exclusive",0.17,16,179,174,83.94,85.5,15025.26,0.526,0.387,74.3377788253858,74.5520313358578,0.54,"KOG0079","KOG0078; KOG0395","no","Low tissue specificity","Tissue enhanced",0.0134950493230055,null,"Vesicles",null,105,false]
["P49721-P28070","P49720-P28070","Burke_et_al","P49721; P28070","P49720; P28070","P28070","PSMB4","P49720","PSMB3","P49721","PSMB2","huMAP3_00356.1; huMAP3_09656.1; huMAP3_13725.1","structurally_consistent",0.28,0,0,0,null,null,0,0.391,0.585,86.1574814326673,87.9031863721681,0.988,"KOG0180","KOG0177","no","Low tissue specificity","Low tissue specificity",0.543128910055199,null,"Nucleoplasm",null,106,false]
["O75586-Q9NVC6","Q9NVC6-Q6P2C8","Burke_et_al","O75586; Q9NVC6","Q9NVC6; Q6P2C8","Q9NVC6","MED17","Q6P2C8","MED27","O75586","MED6","huMAP3_02730.1","structurally_consistent",0.96,0,0,0,null,null,0,0.396,0.519,82.7596639361509,82.4082629455197,0.472,"ENOG502QS6H","KOG3169","no","Low tissue specificity","Low tissue specificity",0.402902149215516,"Nucleoplasm; Nucleoli","Nucleoplasm",0.5,107,false]
["P62136-Q9H788","O75864-P62136","Burke_et_al","P62136; Q9H788","O75864; P62136","P62136","PPP1CA","Q9H788","SH2D4A","O75864","PPP1R37","huMAP3_14504.1; huMAP3_09354.1; huMAP3_09633.1; huMAP3_10148.1; huMAP3_08717.1; huMAP3_00020.1; huMAP3_08482.1","mutually_exclusive",0.09,18,149,151,72.09,66.61,10058.11,0.596,0.266,74.5455820641913,71.2980709444612,0.09,"ENOG502QVV5","KOG1908","no","Low tissue specificity","Low tissue specificity",0.0534553300655436,"Cytosol","Cytosol",1,108,false]
["P31150-P20338","P31150-P61020","Burke_et_al","P31150; P20338","P31150; P61020","P31150","GDI1","P20338","RAB4A","P61020","RAB5B","huMAP3_08941.1; huMAP3_11094.1; huMAP3_09217.1","mutually_exclusive",0.34,12,188,179,85.32,86.02,16040.1599999999,0.414,0.585,75.5352182013363,77.1893184415882,0.14,"KOG0086","KOG0092","no","Low tissue specificity","Low tissue specificity",0.461874317600249,null,"Vesicles",null,109,false]
["Q13190-Q8WVM8","Q8WVM8-Q9P2W9","Burke_et_al","Q13190; Q8WVM8","Q8WVM8; Q9P2W9","Q8WVM8","SCFD1","Q13190","STX5","Q9P2W9","STX18","huMAP3_13160.1; huMAP3_06458.1; huMAP3_08929.1; huMAP3_10587.1","mutually_exclusive",0.2,45,249,241,72.24,70.54,17000.14,0.645,0.665,75.8222106840635,81.1240626918677,0.218,"KOG0812","KOG3894","no","Low tissue specificity","Tissue enhanced",0.198211662536098,"Golgi apparatus","Endoplasmic reticulum; Plasma membrane",0,110,false]
["Q9BPX5-P59998","P59998-O15144","Burke_et_al","Q9BPX5; P59998","P59998; O15144","P59998","ARPC4","Q9BPX5","ARPC5L","O15144","ARPC2","huMAP3_14624.1; huMAP3_09309.1; huMAP3_14885.1; huMAP3_10743.1","structurally_consistent",0.3,0,0,0,null,null,0,0.591,0.707,92.7509191966688,93.1446645088492,0.33,"KOG3380","KOG2826","no","Low tissue specificity","Low tissue specificity",0.136114112133354,null,"Nucleoplasm",null,111,false]
["P62136-Q9H788","P62136-Q6NYC8","Burke_et_al","P62136; Q9H788","P62136; Q6NYC8","P62136","PPP1CA","Q9H788","SH2D4A","Q6NYC8","PPP1R18","huMAP3_09354.1; huMAP3_10148.1; huMAP3_09633.1; huMAP3_14504.1","mutually_exclusive",0.1,16,217,173,72.24,45.66,7899.17999999999,0.596,0.462,74.5455820641913,71.9601633772259,0.02,"ENOG502QVV5","ENOG502RY8Q","no","Low tissue specificity","Low tissue specificity",-0.0408677703426582,"Cytosol","Plasma membrane",0,112,false]
["P62136-O60927","P62136-Q6NYC8","Burke_et_al","P62136; O60927","P62136; Q6NYC8","P62136","PPP1CA","Q6NYC8","PPP1R18","O60927","PPP1R11","huMAP3_14504.1; huMAP3_09354.1; huMAP3_09633.1; huMAP3_10148.1; huMAP3_06304.1","mutually_exclusive",0.1,12,41,47,46.29,59.86,1897.89,0.388,0.462,75.4184734787797,71.9601633772259,0.056,"ENOG502RY8Q","KOG4102","no","Low tissue specificity","Low tissue specificity",-0.0955063686102237,"Plasma membrane","Vesicles",0,113,false]
["Q9UNP9-Q9HCS7","Q9HCS7-Q99459","Burke_et_al","Q9UNP9; Q9HCS7","Q9HCS7; Q99459","Q9HCS7","XAB2","Q9UNP9","PPIE","Q99459","CDC5L","huMAP3_09504.1; huMAP3_09187.1; huMAP3_09945.1; huMAP3_15168.1","structurally_consistent",2.52,0,0,0,null,null,0,0.243,0.283,82.7075734837532,75.0094012601057,0.206,"KOG0111","KOG0050","no","Low tissue specificity","Low tissue specificity",0.0266103516379166,"Nuclear speckles","Nucleoplasm",0,114,false]
["O15145-P61158","P61158-O15144","Burke_et_al","O15145; P61158","P61158; O15144","P61158","ACTR3","O15145","ARPC3","O15144","ARPC2","huMAP3_10743.1; huMAP3_04814.1; huMAP3_14624.1; huMAP3_13904.1; huMAP3_09309.1; huMAP3_14885.1","structurally_consistent",0.26,0,0,0,null,null,0,0.623,0.689,91.1918806074126,91.6030102397508,0.982,"KOG3155","KOG2826","no","Low tissue specificity","Low tissue specificity",0.812717604208751,"Nucleoplasm","Nucleoplasm",1,115,false]
["Q9Y6Q5-O75843","Q9Y6Q5-O43747","Burke_et_al","Q9Y6Q5; O75843","Q9Y6Q5; O43747","Q9Y6Q5","AP1M2","O75843","AP1G2","O43747","AP1G1","huMAP3_08695.1; huMAP3_12376.1; huMAP3_04311.1; huMAP3_05843.1; huMAP3_06769.1; huMAP3_10876.1; huMAP3_10762.1; huMAP3_13055.1; huMAP3_06557.1; huMAP3_12394.1; huMAP3_12918.1","mutually_exclusive",1.05,16,633,616,83.1,82.64,50906.24,0.51,0.603,74.0353947920546,73.7210880837403,0.096,"KOG1062","KOG1062","yes","Low tissue specificity","Low tissue specificity",0.0708757145411162,null,"Golgi apparatus; Vesicles",null,116,false]
["P17612-P31323","P17612-P10644","Burke_et_al","P17612; P31323","P17612; P10644","P17612","PRKACA","P10644","PRKAR1A","P31323","PRKAR2B","huMAP3_14681.1; huMAP3_11135.1; huMAP3_13352.1","mutually_exclusive",0.13,39,308,309,84.35,86.08,25979.8,0.689,0.697,81.9784662196993,81.4774253257335,0.11,"KOG1113","KOG1113","yes","Low tissue specificity","Tissue enhanced",0.0118925749456019,"Cytosol","Mitochondria",0,117,false]
["P31150-P51153","Q13636-P31150","Burke_et_al","P31150; P51153","Q13636; P31150","P31150","GDI1","Q13636","RAB31","P51153","RAB13","huMAP3_11094.1; huMAP3_06994.1; huMAP3_08941.1; huMAP3_07302.1; huMAP3_09217.1; huMAP3_06607.1","mutually_exclusive",0.32,10,176,177,85.76,85.68,15165.36,0.401,0.495,78.0133318233271,74.7600782502065,0.108,"KOG0092","KOG0078","no","Low tissue specificity","Low tissue specificity",0.0890690358235237,null,"Plasma membrane; Cytosol",null,118,false]
["Q9Y291-Q96EL2","Q9Y291-P82673","Burke_et_al","Q9Y291; Q96EL2","Q9Y291; P82673","Q9Y291","MRPS33","P82673","MRPS35","Q96EL2","MRPS24","huMAP3_11966.1; huMAP3_08556.1; huMAP3_05954.1; huMAP3_09015.1; huMAP3_07654.1; huMAP3_09602.1; huMAP3_10701.1; huMAP3_10538.1","structurally_consistent",8.16,0,0,0,null,null,0,0.402,0.423,91.0677613610828,90.3407845078527,0.924,"KOG3933","ENOG502RXU1","no","Low tissue specificity","Tissue enhanced",0.662553513751271,"Mitochondria",null,null,119,false]
["Q7L5Y9-Q9NWU2","Q96S59-Q7L5Y9","Burke_et_al","Q7L5Y9; Q9NWU2","Q96S59; Q7L5Y9","Q7L5Y9","MAEA","Q9NWU2","GID8","Q96S59","RANBP9","huMAP3_12700.1; huMAP3_10711.1; huMAP3_08787.1; huMAP3_09818.1; huMAP3_05775.1","mutually_exclusive",0.49,15,218,249,93.44,85,21165,0.616,0.477,95.3467437175865,76.4275507233581,0.264,"KOG2659","KOG1477","no","Low tissue specificity","Low tissue specificity",0.36072822224027,"Nucleoplasm","Nucleoplasm",1,120,false]
["Q16576-Q13330","Q16576-O14929","Burke_et_al","Q16576; Q13330","Q16576; O14929","Q16576","RBBP7","Q13330","MTA1","O14929","HAT1","huMAP3_15128.1","mutually_exclusive",0.17,31,251,318,75.7,88.72,19000.7,0.606,0.606,79.4118531455174,78.8355181206327,0.06,"KOG3554","KOG2696","no","Low tissue specificity","Low tissue specificity",-0.356611591120726,"Nucleoplasm","Nucleoplasm",1,121,false]
["Q9BTC8-Q8WWY6","Q8WWY6-Q13330","Burke_et_al","Q9BTC8; Q8WWY6","Q8WWY6; Q13330","Q8WWY6","MBD3L1","Q13330","MTA1","Q9BTC8","MTA3","huMAP3_10472.1; huMAP3_15128.1","mutually_exclusive",6.23,13,355,362,78.89,81.8,28005.95,0.266,0.256,78.5794943920005,78.882434928852,0.286,"KOG3554","KOG3554","yes","Low tissue specificity","Tissue enhanced",0.129557007574273,"Nucleoplasm","Nucleoplasm",1,122,false]
["Q14141-Q99719","Q9P0V9-Q99719","Burke_et_al","Q14141; Q99719","Q9P0V9; Q99719","Q99719","SEPTIN5","Q14141","SEPTIN6","Q9P0V9","SEPTIN10","huMAP3_02362.1","mutually_exclusive",0.19,52,337,334,79.14,79.59,26670.18,0.582,0.602,75.7377562205386,75.2825494785699,0.02,"KOG3859","KOG3859","yes","Tissue enhanced","Low tissue specificity",-0.264789312071155,"Cytosol","Actin filaments",0,123,false]
["Q96JB2-Q8WTW3","Q14746-Q96JB2","Burke_et_al","Q96JB2; Q8WTW3","Q14746; Q96JB2","Q96JB2","COG3","Q8WTW3","COG1","Q14746","COG2","huMAP3_04294.1; huMAP3_14423.1; huMAP3_09176.1; huMAP3_11797.1","structurally_consistent",3.27,0,0,0,null,null,0,0.481,0.691,72.9405806761934,81.8652581122412,0.722,"KOG2033","KOG2307","no","Low tissue specificity","Tissue enhanced",0.0110013920894968,null,"Golgi apparatus",null,124,false]
["P30876-P36954","P30876-P62875","Burke_et_al","P30876; P36954","P30876; P62875","P30876","POLR2B","P36954","POLR2I","P62875","POLR2L","huMAP3_14318.1; huMAP3_11092.1","structurally_consistent",0.39,0,0,0,null,null,0,0.478,0.675,78.9710818483733,88.7407824505877,0.394,"KOG2691","KOG3497","no","Low tissue specificity","Low tissue specificity",0.424101040926726,"Nucleoplasm","Nucleoplasm",1,125,false]
["O15511-Q92747","O15511-O15143","Burke_et_al","O15511; Q92747","O15511; O15143","O15511","ARPC5","Q92747","ARPC1A","O15143","ARPC1B","huMAP3_07760.1; huMAP3_10743.1; huMAP3_04814.1; huMAP3_14624.1; huMAP3_13904.1; huMAP3_09309.1; huMAP3_14885.1","mutually_exclusive",0.09,16,354,358,92.13,91.46,32742.68,0.448,0.519,83.7926874033109,85.9998440343764,0.212,"KOG1523","KOG1523","yes","Low tissue specificity","Tissue enhanced",-0.189420141962147,"Cell Junctions","Vesicles; Cytosol",0,126,false]
["Q9UJX5-Q9UJX4","Q9UJX4-Q9UJX2","Burke_et_al","Q9UJX5; Q9UJX4","Q9UJX4; Q9UJX2","Q9UJX4","ANAPC5","Q9UJX5","ANAPC4","Q9UJX2","CDC23","huMAP3_12747.1; huMAP3_03388.1","structurally_consistent",1.02,0,0,0,null,null,0,0.684,0.305,79.0239904776952,77.7375397268643,0.586,"KOG4640","KOG1155","no","Low tissue specificity","Low tissue specificity",0.195394453863739,{"$nulls":3},127,false]
["Q9Y291-P82675","Q9Y291-P82673","Burke_et_al","Q9Y291; P82675","Q9Y291; P82673","Q9Y291","MRPS33","P82675","MRPS5","P82673","MRPS35","huMAP3_11966.1; huMAP3_08556.1; huMAP3_05954.1; huMAP3_09015.1; huMAP3_07654.1; huMAP3_09602.1; huMAP3_10701.1; huMAP3_10538.1","structurally_consistent",6.47,0,0,0,null,null,0,0.344,0.423,83.1738389367263,90.3407845078527,0.74,"KOG2646","KOG3933","no","Low tissue specificity","Low tissue specificity",0.571833849374957,"Mitochondria","Mitochondria",1,128,false]
["P62136-Q15435","Q99622-P62136","Burke_et_al","P62136; Q15435","Q99622; P62136","P62136","PPP1CA","Q15435","PPP1R7","Q99622","C12orf57","huMAP3_14504.1; huMAP3_09354.1; huMAP3_09633.1; huMAP3_10148.1; huMAP3_00020.1","mutually_exclusive",0.09,11,84,81,74.25,79.91,6237,0.681,0.329,76.665993492679,78.8771315428005,0.038,"KOG0531","ENOG502S2W0","no","Low tissue specificity","Low tissue specificity",-0.0471272865478383,"Nucleoli","Nuclear speckles",0,129,false]
["Q8WUF5-P62136","P62136-Q96QC0","Burke_et_al","Q8WUF5; P62136","P62136; Q96QC0","P62136","PPP1CA","Q8WUF5","PPP1R13L","Q96QC0","PPP1R10","huMAP3_14504.1","mutually_exclusive",0.14,24,274,268,50.78,60.81,13913.72,0.681,0.569,74.7095213627929,80.9872858014994,0.018,"KOG0515","ENOG502QQ2I","no","Tissue enhanced","Low tissue specificity",0.204298750585,"Cytosol","Nucleoplasm",0,130,false]
["Q6PJW8-P62136","P62136-Q9UQ13","Burke_et_al","Q6PJW8; P62136","P62136; Q9UQ13","P62136","PPP1CA","Q9UQ13","SHOC2","Q6PJW8","CNST","huMAP3_06341.1; huMAP3_14504.1; huMAP3_09354.1; huMAP3_09633.1; huMAP3_10148.1; huMAP3_08717.1; huMAP3_06304.1; huMAP3_08482.1","mutually_exclusive",0.15,14,209,306,49.6,85.28,10366.4,0.478,0.672,74.2121022251795,80.6387765466751,0.076,"KOG0619","ENOG502QSMS","no","Low tissue specificity","Low tissue specificity",0.425375368321624,"Nucleoplasm; Cytosol","Vesicles",0,131,false]
["Q13547-Q96BD5","Q13547-Q96ST3","Burke_et_al","Q13547; Q96BD5","Q13547; Q96ST3","Q13547","HDAC1","Q96ST3","SIN3A","Q96BD5","PHF21A","huMAP3_08800.1; huMAP3_09031.1; huMAP3_15128.1","mutually_exclusive",0.3,11,202,273,52.77,69.76,10659.54,0.392,0.722,71.9117708907833,85.9739716149993,0.21,"KOG4204","KOG0383","no","Low tissue specificity","Low tissue specificity",0.528452612721076,"Nucleoplasm","Nucleoplasm",1,132,false]
["Q9Y3C4-Q96S44","Q9NPF4-Q96S44","Burke_et_al","Q9Y3C4; Q96S44","Q9NPF4; Q96S44","Q96S44","TP53RK","Q9NPF4","OSGEP","Q9Y3C4","TPRKB","huMAP3_11762.1; huMAP3_00664.1","structurally_consistent",0.59,0,0,0,null,null,0,0.698,0.687,94.8715196712716,87.7611381479287,0.876,"KOG2708","KOG4066","no","Low tissue specificity","Low tissue specificity",0.272917463450858,"Nucleoplasm","Cytosol",0,133,false]
["Q9BSJ2-Q08AG7","Q9BSJ2-Q6P582","Burke_et_al","Q9BSJ2; Q08AG7","Q9BSJ2; Q6P582","Q9BSJ2","TUBGCP2","Q6P582","MZT2A","Q08AG7","MZT1","huMAP3_14882.1; huMAP3_09443.1","mutually_exclusive",0.99,39,58,50,71.26,79.42,4133.08,0.252,0.444,73.6750529424038,82.8320220922685,0.1,"ENOG502S50R","ENOG502S6UI","no","Tissue enhanced","Low tissue specificity",0.266487466337542,"Centrosome",null,null,134,false]
["Q15311-Q8NFH8","Q15311-Q96D71","Burke_et_al","Q15311; Q8NFH8","Q15311; Q96D71","Q15311","RALBP1","Q96D71","REPS1","Q8NFH8","REPS2","huMAP3_08320.1; huMAP3_12376.1; huMAP3_09403.1; huMAP3_09107.1; huMAP3_10876.1; huMAP3_10762.1; huMAP3_12394.1; huMAP3_05849.1; huMAP3_12918.1","mutually_exclusive",4.51,27,300,279,70.21,61.88,17264.52,0.35,0.272,78.2158137146127,74.9436944551102,0.144,"KOG1955","KOG1955","yes","Low tissue specificity","Low tissue specificity",0.232022639292557,"Plasma membrane",null,null,135,false]
["P62136-Q9H788","Q9GZN8-P62136","Burke_et_al","P62136; Q9H788","Q9GZN8; P62136","P62136","PPP1CA","Q9H788","SH2D4A","Q9GZN8","C20orf27","huMAP3_14504.1","mutually_exclusive",0.09,16,115,99,66.71,64.2,6355.8,0.596,0.61,74.5455820641913,79.3171593170781,0.044,"ENOG502QVV5","ENOG502RXJD","no","Low tissue specificity","Tissue enhanced",-0.0728983778421551,"Cytosol","Nucleoplasm; Cytosol",0.5,136,false]
["P61026-P31150","P31150-P51149","Burke_et_al","P61026; P31150","P31150; P51149","P31150","GDI1","P61026","RAB10","P51149","RAB7A","huMAP3_11094.1; huMAP3_06994.1; huMAP3_08941.1; huMAP3_07302.1; huMAP3_09217.1","mutually_exclusive",0.2,24,194,201,81.62,80.67,16214.67,0.582,0.547,75.4651330803053,73.5883543525653,0.388,"KOG0078","KOG0394","no","Low tissue specificity","Low tissue specificity",0.682164697829093,null,"Lysosomes",null,137,false]
["Q96CW1-P63010","Q9Y6Q5-P63010","Burke_et_al","Q96CW1; P63010","Q9Y6Q5; P63010","P63010","AP2B1","Q9Y6Q5","AP1M2","Q96CW1","AP2M1","huMAP3_12394.1; huMAP3_10762.1; huMAP3_12918.1; huMAP3_10876.1","mutually_exclusive",0.78,68,426,423,82.97,82.7,34982.1,0.718,0.721,81.7905667206746,82.2284895715018,0.028,"KOG0937","KOG0938","no","Low tissue specificity","Low tissue specificity",-0.397894377352241,"Vesicles","Plasma membrane",0,138,false]
["P46527-P20248","P24941-P20248","Burke_et_al","P46527; P20248","P24941; P20248","P20248","CCNA2","P24941","CDK2","P46527","CDKN1B","huMAP3_14722.1; huMAP3_06587.1; huMAP3_10449.1","structurally_consistent",2.49,0,0,0,null,null,0,0.303,0.609,82.7852885610719,74.6923020063129,0.1424,"KOG0594","KOG4743","no","Low tissue specificity","Low tissue specificity",0.0128011307898767,"Nucleoplasm","Nucleoplasm",1,139,false]
["Q12874-Q15393","Q15393-Q9BWJ5","Burke_et_al","Q12874; Q15393","Q15393; Q9BWJ5","Q15393","SF3B3","Q12874","SF3A3","Q9BWJ5","SF3B5","huMAP3_08980.1; huMAP3_04549.1; huMAP3_15168.1; huMAP3_06511.1; huMAP3_09187.1","structurally_consistent",0.27,0,2,2,89.12,47.23,94.46,0.298,0.725,82.4881653917571,92.8063664384068,0.912,"KOG2636","KOG3485","no","Low tissue specificity","Low tissue specificity",0.419950131231737,"Nuclear speckles","Nucleoplasm",0,140,false]
["Q9HCS7-Q9ULR0","Q8WUD4-Q9HCS7","Burke_et_al","Q9HCS7; Q9ULR0","Q8WUD4; Q9HCS7","Q9HCS7","XAB2","Q9ULR0","ISY1","Q8WUD4","CCDC12","huMAP3_09504.1; huMAP3_06726.1; huMAP3_09945.1; huMAP3_15168.1; huMAP3_08501.1; huMAP3_09187.1","structurally_consistent",0.83,0,0,0,null,null,0,0.596,0.572,79.5069540686337,73.83465602078,0.458,"KOG3068","KOG3407","no","Low tissue specificity","Low tissue specificity",0.586993673371995,"Nuclear speckles","Nucleoplasm",0,141,false]
["P54652-P34932","P34932-P11142","Burke_et_al","P54652; P34932","P34932; P11142","P34932","HSPA4","P11142","HSPA8","P54652","HSPA2","huMAP3_11049.1; huMAP3_14723.1; huMAP3_07919.1; huMAP3_06506.1","mutually_exclusive",0.15,32,625,627,83.59,83.46,52329.42,0.721,0.717,84.2945368768068,81.8234276802652,0.534803921568627,"KOG0101","KOG0101","yes","Low tissue specificity","Tissue enhanced",0.223463806703038,"Nucleoplasm","Vesicles",0,142,false]
["P31150-P61106","P31150-P61020","Burke_et_al","P31150; P61106","P31150; P61020","P31150","GDI1","P61106","RAB14","P61020","RAB5B","huMAP3_08941.1; huMAP3_11094.1; huMAP3_09217.1","mutually_exclusive",0.39,12,184,178,84.27,86.3,15505.6799999999,0.388,0.585,74.6970783105514,77.1893184415882,0.354,"KOG0097","KOG0092","no","Low tissue specificity","Low tissue specificity",0.208201964535863,"Vesicles","Vesicles",1,143,false]
["P49321-Q9NVP2","P49321-Q9Y294","Burke_et_al","P49321; Q9NVP2","P49321; Q9Y294","P49321","NASP","Q9Y294","ASF1A","Q9NVP2","ASF1B","huMAP3_08143.1; huMAP3_10747.1; huMAP3_12711.1; huMAP3_09859.1; huMAP3_05517.1; huMAP3_06020.1","mutually_exclusive",4.99,24,182,190,84.15,81.85,15551.4999999999,0.649,0.634,77.8547290998098,75.1262754282581,0.136,"KOG3265","KOG3265","yes","Low tissue specificity","Tissue enhanced",0.115720995736374,"Nucleoplasm","Nucleoplasm",1,144,false]
["Q9GZN8-P62136","P62136-Q13625","Burke_et_al","Q9GZN8; P62136","P62136; Q13625","P62136","PPP1CA","Q13625","TP53BP2","Q9GZN8","C20orf27","huMAP3_14504.1","mutually_exclusive",0.16,21,113,103,72,63.32,6521.96,0.61,0.363,79.3171593170781,71.7040259100452,0.022,"KOG0515","ENOG502RXJD","no","Low tissue specificity","Tissue enhanced",0.465162065251519,"Cell Junctions; Cytosol","Nucleoplasm; Cytosol",0.333333333333333,145,false]
["P38936-P20248","P20248-P06493","Burke_et_al","P38936; P20248","P20248; P06493","P20248","CCNA2","P06493","CDK1","P38936","CDKN1A","huMAP3_14722.1; huMAP3_10449.1","structurally_consistent",6.15,0,14,37,35.28,89.76,493.92,0.311,0.56,79.888362844554,74.9475389550477,0.306859813084112,"KOG0594","KOG4743","no","Tissue enhanced","Low tissue specificity",-0.203485356189616,"Nucleoplasm; Cytosol","Nucleoplasm; Nuclear bodies",0.333333333333333,146,false]
["P62136-Q8NI77","Q6PJW8-P62136","Burke_et_al","P62136; Q8NI77","Q6PJW8; P62136","P62136","PPP1CA","Q8NI77","KIF18A","Q6PJW8","CNST","huMAP3_06341.1; huMAP3_14504.1; huMAP3_09354.1; huMAP3_09633.1; huMAP3_10148.1; huMAP3_08717.1; huMAP3_08482.1","mutually_exclusive",0.1,21,293,215,64.93,47.48,10208.2,0.502,0.478,74.0120595281965,74.2121022251795,0.07,"KOG0242","ENOG502QSMS","no","Group enriched","Low tissue specificity",0.157250508820261,"Microtubules; Cytokinetic bridge","Vesicles",0,147,false]
["Q9NX18-P31040","P31040-P21912","Burke_et_al","Q9NX18; P31040","P31040; P21912","P31040","SDHA","P21912","SDHB","Q9NX18","SDHAF2","huMAP3_12069.1","mutually_exclusive",0.19,38,135,185,78.39,95.59,10582.65,0.689,0.73,83.9378743998107,93.3405097580467,0.09,"KOG3049","KOG3326","no","Tissue enhanced","Low tissue specificity",0.529585592210167,"Mitochondria","Mitochondria; Cytosol",0.5,148,false]
["P21912_P31040","P21912_Q9NX18","Janes_et_al","P21912; P31040","P21912; Q9NX18","P21912","SDHB","P31040","SDHA","Q9NX18","SDHAF2","huMAP3_12069.1","mutually_exclusive",0.22,20,261,133,96.3,72.79,9681.07,0.73,0.32,97.7673809523809,78.9035714285714,0.088,"KOG2403","KOG3326","no","Tissue enhanced","Low tissue specificity",0.420535599759239,"Mitochondria","Mitochondria; Cytosol",0.5,148,false]
["P31150-P61006","P31150-P51149","Burke_et_al","P31150; P61006","P31150; P51149","P31150","GDI1","P51149","RAB7A","P61006","RAB8A","huMAP3_11094.1; huMAP3_06994.1; huMAP3_08941.1; huMAP3_07302.1; huMAP3_09217.1","mutually_exclusive",0.32,15,196,205,79.49,79.95,15580.04,0.423,0.547,72.8212759392587,73.5883543525653,0.692,"KOG0394","KOG0078","no","Low tissue specificity","Low tissue specificity",-0.358982597191816,"Lysosomes","Nucleoplasm",0,149,false]
["Q86Y82-Q9H115","Q86Y82-Q9BV40","Burke_et_al","Q86Y82; Q9H115","Q86Y82; Q9BV40","Q86Y82","STX12","Q9BV40","VAMP8","Q9H115","NAPB","huMAP3_13160.1; huMAP3_06458.1; huMAP3_08929.1; huMAP3_10587.1","structurally_consistent",6.67,0,0,0,null,null,0,0.413,0.344,76.225023454285,72.2512060082202,0.078,"KOG0860","KOG1586","no","Low tissue specificity","Group enriched",-0.527855869091086,"Golgi apparatus; Plasma membrane","Cytosol",0,150,false]
["Q9UL63-Q9H871","Q9NWU2-Q9H871","Burke_et_al","Q9UL63; Q9H871","Q9NWU2; Q9H871","Q9H871","RMND5A","Q9NWU2","GID8","Q9UL63","MKLN1","huMAP3_12700.1; huMAP3_10711.1; huMAP3_08787.1; huMAP3_09818.1; huMAP3_05775.1","mutually_exclusive",4.09,12,221,170,87.91,94.35,19428.11,0.307,0.631,84.2320866138369,96.1368228196972,0.064,"KOG2659","KOG2437","no","Low tissue specificity","Low tissue specificity",-0.0418919281630941,"Nucleoplasm","Plasma membrane; Cytosol",0,151,false]
["P48059-Q9NVD7","Q9HBI1-Q9NVD7","Burke_et_al","P48059; Q9NVD7","Q9HBI1; Q9NVD7","Q9NVD7","PARVA","Q9HBI1","PARVB","P48059","LIMS1","huMAP3_09385.1; huMAP3_11194.1","mutually_exclusive",9.13,11,80,81,89.01,82.34,6669.54,0.583,0.631,90.825172865353,90.4313277473336,0.108,"KOG3631","KOG2272","no","Tissue enhanced","Low tissue specificity",0.70471595357125,"Actin filaments; Cytosol","Cytosol",0.5,152,false]
["P48059-Q9NVD7","Q9HBI1-P48059","Burke_et_al","P48059; Q9NVD7","Q9HBI1; P48059","P48059","LIMS1","Q9HBI1","PARVB","Q9NVD7","PARVA","huMAP3_09385.1; huMAP3_11194.1","mutually_exclusive",0.59,15,293,286,83.78,86.77,24547.54,0.583,0.579,90.825172865353,92.1480361586096,0.148,"KOG3631","KOG3631","yes","Tissue enhanced","Low tissue specificity",-0.114966820096659,"Actin filaments; Cytosol","Actin filaments; Focal adhesion sites",0.333333333333333,152,false]
["O94776-Q16576","Q9P2Y4-Q16576","Burke_et_al","O94776; Q16576","Q9P2Y4; Q16576","Q16576","RBBP7","O94776","MTA2","Q9P2Y4","ZNF219","huMAP3_09499.1; huMAP3_10472.1; huMAP3_15128.1","mutually_exclusive",0.15,22,232,210,70.16,60.98,12805.8,0.589,0.465,77.6860242517132,73.313028569652,0.074,"KOG3554","KOG1721","no","Low tissue specificity","Low tissue specificity",-0.158933028672485,"Nucleoplasm","Nucleoplasm",1,153,false]
["Q9BTE1_Q9UJW0","Q9BTE1_Q9NZ32","Janes_et_al","Q9BTE1; Q9UJW0","Q9BTE1; Q9NZ32","Q9BTE1","DCTN5","Q9UJW0","DCTN4","Q9NZ32","ACTR10","huMAP3_04946.1; huMAP3_09952.1; huMAP3_12900.1","mutually_exclusive",0.34,12,102,107,92.09,84.3,9020.1,0.72,0.3,95.503768115942,90.17,0.898,"KOG3896","KOG0676","no","Low tissue specificity","Low tissue specificity",0.0117975950526547,"Nucleoplasm; Centrosome","Vesicles; Plasma membrane; Focal adhesion sites",0,154,true]
["Q9UJW0-Q9BTE1","Q9UJW0-Q9NZ32","Burke_et_al","Q9UJW0; Q9BTE1","Q9UJW0; Q9NZ32","Q9UJW0","DCTN4","Q9BTE1","DCTN5","Q9NZ32","ACTR10","huMAP3_09952.1; huMAP3_12900.1; huMAP3_04946.1; huMAP3_14885.1","structurally_consistent",3.71,0,0,0,null,null,0,0.705,0.718,86.7687041811723,87.7931615765309,0.3,"KOG3121","KOG0676","no","Low tissue specificity","Low tissue specificity",-0.404651478014156,"Nucleoplasm; Nuclear membrane","Vesicles; Plasma membrane; Focal adhesion sites",0,154,true]
["Q9NP92-Q9P0M9","Q9NP92-Q9NRX2","Burke_et_al","Q9NP92; Q9P0M9","Q9NP92; Q9NRX2","Q9NP92","MRPS30","Q9NRX2","MRPL17","Q9P0M9","MRPL27","huMAP3_09602.1; huMAP3_08458.1; huMAP3_11966.1; huMAP3_06550.1; huMAP3_08556.1; huMAP3_09483.1; huMAP3_06589.1; huMAP3_09113.1; huMAP3_10701.1; huMAP3_07939.1; huMAP3_10538.1; huMAP3_06439.1","structurally_consistent",0.14,0,0,0,null,null,0,0.273,0.251,74.977045956354,87.4285404923826,0.954,"KOG3280","KOG4600","no","Low tissue specificity","Low tissue specificity",0.186884906714659,{"$nulls":3},155,false]
["P31150-P61106","Q6IQ22-P31150","Burke_et_al","P31150; P61106","Q6IQ22; P31150","P31150","GDI1","P61106","RAB14","Q6IQ22","RAB12","huMAP3_01895.1; huMAP3_11094.1; huMAP3_06994.1; huMAP3_08941.1; huMAP3_07302.1; huMAP3_09217.1","mutually_exclusive",0.22,12,191,183,83.01,83.45,15854.91,0.388,0.526,74.6970783105514,74.3377788253858,0.388,"KOG0097","KOG0078; KOG0395","no","Low tissue specificity","Tissue enhanced",0.0242534460947675,"Vesicles","Vesicles",1,156,false]
["P06730-O43432","P06730-Q13542","Burke_et_al","P06730; O43432","P06730; Q13542","P06730","EIF4E","Q13542","EIF4EBP2","O43432","EIF4G3","huMAP3_13436.1; huMAP3_10733.1; huMAP3_13122.1; huMAP3_12383.1; huMAP3_01924.1; huMAP3_08691.1; huMAP3_04825.1; huMAP3_12323.1; huMAP3_09957.1","mutually_exclusive",0.31,28,108,84,73.58,65.37,5491.08,0.344,0.645,79.7239465948822,85.116209842236,0.03,"ENOG502S44S","KOG0401","no","Low tissue specificity","Low tissue specificity",-0.165955395780145,"Nucleoplasm; Mitochondria","Cytosol",0,157,false]
["P62714-P30153","P62714-Q66LE6","Burke_et_al","P62714; P30153","P62714; Q66LE6","P62714","PPP2CB","P30153","PPP2R1A","Q66LE6","PPP2R2D","huMAP3_13510.1; huMAP3_10333.1","structurally_consistent",0.15,0,7,4,92.21,79.48,317.92,0.678,0.288,93.1408049716567,72.7133182157049,0.412,"KOG0211","KOG1354","no","Low tissue specificity","Tissue enhanced",0.142952537305788,"Cytosol","Cytosol",1,158,false]
["P62136-Q9H788","P62136-O60927","Burke_et_al","P62136; Q9H788","P62136; O60927","P62136","PPP1CA","Q9H788","SH2D4A","O60927","PPP1R11","huMAP3_06341.1; huMAP3_14504.1; huMAP3_09354.1; huMAP3_09633.1; huMAP3_10148.1; huMAP3_08717.1; huMAP3_08482.1","mutually_exclusive",0.09,15,45,41,57.58,50.04,2051.64,0.596,0.388,74.5455820641913,75.4184734787797,0.034,"ENOG502QVV5","KOG4102","no","Low tissue specificity","Low tissue specificity",0.159986058621178,"Cytosol","Vesicles",0,159,false]
["Q9GZN8-P62136","P62136-Q96QC0","Burke_et_al","Q9GZN8; P62136","P62136; Q96QC0","P62136","PPP1CA","Q96QC0","PPP1R10","Q9GZN8","C20orf27","huMAP3_14504.1","mutually_exclusive",0.16,26,77,56,64.24,58.74,3289.44,0.61,0.569,79.3171593170781,80.9872858014994,0.054,"ENOG502QQ2I","ENOG502RXJD","no","Low tissue specificity","Tissue enhanced",0.139023062162302,"Nucleoplasm","Nucleoplasm; Cytosol",0.5,160,false]
["P18754-P62826","P43487-P62826","Burke_et_al","P18754; P62826","P43487; P62826","P62826","RAN","P43487","RANBP1","P18754","RCC1","huMAP3_07331.1; huMAP3_12581.1; huMAP3_10000.1; huMAP3_08641.1","structurally_consistent",0.29,0,0,0,null,null,0,0.642,0.706,86.1282854511776,87.4672782598337,0.136,"KOG0864","KOG1426","no","Low tissue specificity","Low tissue specificity",0.685163357054622,"Cytosol","Nucleoplasm",0,161,false]
["P31150-P51153","P31150-P20338","Burke_et_al","P31150; P51153","P31150; P20338","P31150","GDI1","P20338","RAB4A","P51153","RAB13","huMAP3_08941.1; huMAP3_06607.1; huMAP3_11094.1; huMAP3_09217.1","mutually_exclusive",0.26,10,177,191,85.52,85.03,16240.73,0.401,0.414,78.0133318233271,75.5352182013363,0.106,"KOG0086","KOG0078","no","Low tissue specificity","Low tissue specificity",-0.0738418988551919,null,"Plasma membrane; Cytosol",null,162,false]
["P62136-Q8NI77","P62136-Q96QC0","Burke_et_al","P62136; Q8NI77","P62136; Q96QC0","P62136","PPP1CA","Q8NI77","KIF18A","Q96QC0","PPP1R10","huMAP3_14504.1","mutually_exclusive",0.13,24,307,229,69.06,57.48,13162.92,0.502,0.569,74.0120595281965,80.9872858014994,0.172,"KOG0242","ENOG502QQ2I","no","Group enriched","Low tissue specificity",-0.20563717608144,"Microtubules; Cytokinetic bridge","Nucleoplasm",0,163,false]
["Q16718-O75489","Q9BU61-O75489","Burke_et_al","Q16718; O75489","Q9BU61; O75489","O75489","NDUFS3","Q16718","NDUFA5","Q9BU61","NDUFAF3","huMAP3_09567.1; huMAP3_14018.1; huMAP3_06397.1; huMAP3_14878.1; huMAP3_14184.1; huMAP3_09982.1","structurally_consistent",0.51,0,0,0,null,null,0,0.595,0.529,85.1272375048595,88.8997157402129,0.228,"KOG3365","KOG3363","no","Tissue enhanced","Tissue enhanced",0.298280560420646,{"$nulls":3},164,false]
["P59998-O15143","P59998-P61160","Burke_et_al","P59998; O15143","P59998; P61160","P59998","ARPC4","P61160","ACTR2","O15143","ARPC1B","huMAP3_10743.1; huMAP3_04814.1; huMAP3_14624.1; huMAP3_13904.1; huMAP3_09309.1; huMAP3_14885.1","structurally_consistent",0.37,0,0,0,null,null,0,0.628,0.246,88.1238324216989,84.1948389979554,0.874,"KOG0677","KOG1523","no","Low tissue specificity","Tissue enhanced",0.628172627832342,"Cytosol","Vesicles; Cytosol",0.5,165,false]
["Q9Y2R9-P82933","Q9Y2R9-P82664","Burke_et_al","Q9Y2R9; P82933","Q9Y2R9; P82664","Q9Y2R9","MRPS7","P82933","MRPS9","P82664","MRPS10","huMAP3_11966.1; huMAP3_08556.1; huMAP3_05954.1; huMAP3_09015.1; huMAP3_09602.1; huMAP3_05807.1; huMAP3_10701.1; huMAP3_10538.1","structurally_consistent",0.59,0,2,2,25.89,34.33,51.78,0.495,0.233,85.2382468269714,88.2501350173815,0.93,"KOG1697","KOG3321","no","Low tissue specificity","Low tissue specificity",0.858314234939052,"Mitochondria","Mitochondria",1,166,false]
["P19447-Q6P1K8","P32780-Q6P1K8","Burke_et_al","P19447; Q6P1K8","P32780; Q6P1K8","Q6P1K8","GTF2H2C","P32780","GTF2H1","P19447","ERCC3","huMAP3_12429.1; huMAP3_09908.1; huMAP3_05174.1","structurally_consistent",1.29,0,3,2,85.81,45.94,91.88,0.429,0.505,72.6904621278883,76.3225061360746,0.296,"KOG2074","KOG1123","no","Low tissue specificity","Low tissue specificity",0.599379687740373,"Nucleoplasm","Nucleoplasm",1,167,false]
["P62136-Q8NI77","P62136-Q9UQ13","Burke_et_al","P62136; Q8NI77","P62136; Q9UQ13","P62136","PPP1CA","Q8NI77","KIF18A","Q9UQ13","SHOC2","huMAP3_06341.1; huMAP3_14504.1; huMAP3_09354.1; huMAP3_09633.1; huMAP3_10148.1; huMAP3_08717.1; huMAP3_08482.1","mutually_exclusive",0.17,15,217,238,73.76,85.13,16005.92,0.502,0.672,74.0120595281965,80.6387765466751,0.148,"KOG0242","KOG0619","no","Group enriched","Low tissue specificity",0.691614218242013,"Microtubules; Cytokinetic bridge","Nucleoplasm; Cytosol",0,168,false]
["Q13636-P31150","Q6IQ22-P31150","Burke_et_al","Q13636; P31150","Q6IQ22; P31150","P31150","GDI1","Q13636","RAB31","Q6IQ22","RAB12","huMAP3_01895.1; huMAP3_11094.1; huMAP3_06994.1; huMAP3_08941.1; huMAP3_07302.1; huMAP3_11860.1; huMAP3_06607.1; huMAP3_09217.1","mutually_exclusive",0.22,20,191,195,82.82,80.69,15734.55,0.495,0.526,74.7600782502065,74.3377788253858,0.132,"KOG0092","KOG0078; KOG0395","no","Low tissue specificity","Tissue enhanced",-0.180679781179257,null,"Vesicles",null,169,false]
["O00231-O00487","O00487-Q99460","Burke_et_al","O00231; O00487","O00487; Q99460","O00487","PSMD14","Q99460","PSMD1","O00231","PSMD11","huMAP3_05064.1; huMAP3_09656.1; huMAP3_13725.1","structurally_consistent",5.55,0,0,0,null,null,0,0.232,0.497,84.629278139106,77.7325155191284,0.988,"KOG2062","KOG1463","no","Low tissue specificity","Low tissue specificity",0.889306154857955,"Nucleoplasm","Nucleoplasm; Golgi apparatus",0.5,170,false]
["Q99436-P28062","P28070-Q99436","Burke_et_al","Q99436; P28062","P28070; Q99436","Q99436","PSMB7","P28062","PSMB8","P28070","PSMB4","huMAP3_00356.1; huMAP3_09656.1","mutually_exclusive",0.52,12,229,225,86.6,88.49,19831.4,0.527,0.55,92.3296467221261,87.980613522083,0.284,"KOG0175","KOG0185","no","Low tissue specificity","Low tissue specificity",0.0233189651063217,"Vesicles","Nucleoplasm",0,171,false]
["P31150-P61006","P31150-P61020","Burke_et_al","P31150; P61006","P31150; P61020","P31150","GDI1","P61020","RAB5B","P61006","RAB8A","huMAP3_08941.1; huMAP3_11094.1; huMAP3_09217.1","mutually_exclusive",0.41,17,202,201,79.3,81.63,16018.6,0.423,0.585,72.8212759392587,77.1893184415882,0.38,"KOG0092","KOG0078","no","Low tissue specificity","Low tissue specificity",-0.46355588517919,"Vesicles","Nucleoplasm",0,172,false]
["O15400-O95721","O15400-Q5SQN1","Burke_et_al","O15400; O95721","O15400; Q5SQN1","O15400","STX7","Q5SQN1","SNAP47","O95721","SNAP29","huMAP3_13160.1; huMAP3_08929.1; huMAP3_10587.1","mutually_exclusive",4.07,21,138,146,77.07,71.76,10476.96,0.675,0.41,82.461304700835,75.6316762113617,0.238,"KOG3065","KOG3065","yes","Low tissue specificity","Low tissue specificity",0.182759467834275,"Cytosol","Cytosol",1,173,false]
["O75864-P62136","P62136-Q13625","Burke_et_al","O75864; P62136","P62136; Q13625","P62136","PPP1CA","Q13625","TP53BP2","O75864","PPP1R37","huMAP3_09354.1; huMAP3_10148.1; huMAP3_09633.1; huMAP3_14504.1","mutually_exclusive",0.13,13,224,268,64.83,65.53,14521.92,0.266,0.363,71.2980709444612,71.7040259100452,0.098,"KOG0515","KOG1908","no","Low tissue specificity","Low tissue specificity",-0.0660897776056245,"Cell Junctions; Cytosol","Cytosol",0.5,174,false]
["Q8TDH9-Q96EV8","Q6QNY1-Q96EV8","Burke_et_al","Q8TDH9; Q96EV8","Q6QNY1; Q96EV8","Q96EV8","DTNBP1","Q8TDH9","BLOC1S5","Q6QNY1","BLOC1S2","huMAP3_02126.1; huMAP3_09421.1; huMAP3_06144.1; huMAP3_11659.1; huMAP3_10940.1","mutually_exclusive",7.75,11,44,43,93.74,94.19,4124.56,0.729,0.604,92.9262742657394,95.5823774651111,0.376,"ENOG502S2QH","KOG4559","no","Low tissue specificity","Low tissue specificity",-0.316403306563906,"Vesicles",null,null,175,false]
["P22694-P10644","P22694-P31321","Burke_et_al","P22694; P10644","P22694; P31321","P22694","PRKACB","P10644","PRKAR1A","P31321","PRKAR1B","huMAP3_14681.1; huMAP3_11135.1; huMAP3_13352.1","mutually_exclusive",0.07,38,365,367,83.58,83.26,30556.42,0.685,0.684,80.5771136770891,80.645819875607,0.692,"KOG1113","KOG1113","yes","Low tissue specificity","Tissue enriched",-0.0676972638705479,"Cytosol",null,null,176,false]
["Q15019-Q99719","Q15019-Q9NVA2","Burke_et_al","Q15019; Q99719","Q15019; Q9NVA2","Q15019","SEPTIN2","Q99719","SEPTIN5","Q9NVA2","SEPTIN11","huMAP3_02362.1","mutually_exclusive",0.36,45,309,311,75.25,79.78,23252.25,0.551,0.566,70.4842508087897,73.0355815381091,0.04,"KOG2655","KOG3859","no","Tissue enhanced","Low tissue specificity",0.214968797426162,"Nucleoplasm; Actin filaments; Cytosol","Cytosol",0.333333333333333,177,false]
["Q8WUF5-P62136","P62136-Q9UQ13","Burke_et_al","Q8WUF5; P62136","P62136; Q9UQ13","P62136","PPP1CA","Q8WUF5","PPP1R13L","Q9UQ13","SHOC2","huMAP3_10148.1; huMAP3_06341.1; huMAP3_14504.1","mutually_exclusive",0.16,13,208,269,55.93,86.44,11633.44,0.681,0.672,74.7095213627929,80.6387765466751,0.02,"KOG0515","KOG0619","no","Tissue enhanced","Low tissue specificity",-0.169039498316419,"Cytosol","Nucleoplasm; Cytosol",0.5,178,false]
["Q16539-Q16644","Q16539-O75676","Burke_et_al","Q16539; Q16644","Q16539; O75676","Q16539","MAPK14","O75676","RPS6KA4","Q16644","MAPKAPK3","huMAP3_14776.1","mutually_exclusive",0.16,21,267,261,77.35,64.69,16884.09,0.439,0.481,75.0179873976517,71.8379826250144,0.076,"KOG0603","KOG0604","no","Tissue enhanced","Group enriched",-0.059689835710802,"Nucleoplasm","Nucleoplasm",1,179,false]
["P31150-P61020","P31150-Q15286","Burke_et_al","P31150; P61020","P31150; Q15286","P31150","GDI1","P61020","RAB5B","Q15286","RAB35","huMAP3_08941.1; huMAP3_11094.1; huMAP3_09217.1","mutually_exclusive",0.35,16,179,177,86.39,85.43,15121.11,0.585,0.387,77.1893184415882,74.5520313358578,0.33,"KOG0092","KOG0079","no","Low tissue specificity","Low tissue specificity",-0.177818554975869,"Vesicles",null,null,180,false]
["P31150-P51153","P31150-Q15286","Burke_et_al","P31150; P51153","P31150; Q15286","P31150","GDI1","Q15286","RAB35","P51153","RAB13","huMAP3_08941.1; huMAP3_11094.1; huMAP3_09217.1","mutually_exclusive",0.28,12,188,192,82.34,82.59,15479.92,0.401,0.387,78.0133318233271,74.5520313358578,0.242,"KOG0079","KOG0078","no","Low tissue specificity","Low tissue specificity",0.0341754883258586,null,"Plasma membrane; Cytosol",null,181,false]
["P56556-O75489","Q16795-O75489","Burke_et_al","P56556; O75489","Q16795; O75489","O75489","NDUFS3","Q16795","NDUFA9","P56556","NDUFA6","huMAP3_09567.1; huMAP3_14018.1; huMAP3_06397.1; huMAP3_14878.1; huMAP3_14184.1; huMAP3_09982.1","structurally_consistent",0.99,0,3,4,84.89,83.19,332.76,0.396,0.266,82.8741670474449,79.7207704022002,0.95,"KOG2865","KOG3426","no","Low tissue specificity","Low tissue specificity",0.867766442743295,"Mitochondria",null,null,182,false]
["Q9NWU2-Q9H871","Q9H871-Q7L5Y9","Burke_et_al","Q9NWU2; Q9H871","Q9H871; Q7L5Y9","Q9H871","RMND5A","Q9NWU2","GID8","Q7L5Y9","MAEA","huMAP3_12700.1; huMAP3_10711.1; huMAP3_08787.1; huMAP3_09818.1; huMAP3_05775.1","structurally_consistent",5.53,0,0,0,null,null,0,0.631,0.735,96.1368228196972,91.0667078290182,0.144,"KOG2659","KOG0396","no","Low tissue specificity","Low tissue specificity",0.222143980917402,"Nucleoplasm","Nucleoplasm",1,183,false]
["Q9Y587-Q9UPM8","Q9Y587-O00189","Burke_et_al","Q9Y587; Q9UPM8","Q9Y587; O00189","Q9Y587","AP4S1","Q9UPM8","AP4E1","O00189","AP4M1","huMAP3_12731.1; huMAP3_12768.1; huMAP3_09871.1; huMAP3_01388.1; huMAP3_11003.1; huMAP3_03145.1; huMAP3_12927.1; huMAP3_05011.1","mutually_exclusive",0.32,20,284,278,76.82,81.74,21816.88,0.692,0.41,83.7072924313167,77.6249395283477,0.17,"KOG1062","KOG0937","no","Low tissue specificity","Low tissue specificity",-0.0606616831179631,{"$nulls":3},184,false]
["Q96RT8-Q08AG7","Q96RT8-Q9UGJ1","Burke_et_al","Q96RT8; Q08AG7","Q96RT8; Q9UGJ1","Q96RT8","TUBGCP5","Q9UGJ1","TUBGCP4","Q08AG7","MZT1","huMAP3_14882.1; huMAP3_09443.1","structurally_consistent",2.12,0,0,0,null,null,0,0.515,0.46,82.7013759008234,75.2217160041451,0.112,"KOG2065","ENOG502S6UI","no","Low tissue specificity","Low tissue specificity",0.343765451898094,"Centrosome",null,null,185,false]
["P31146-Q9BR76","Q9ULV4-Q9BR76","Burke_et_al","P31146; Q9BR76","Q9ULV4; Q9BR76","Q9BR76","CORO1B","Q9ULV4","CORO1C","P31146","CORO1A","huMAP3_04826.1; huMAP3_11076.1; huMAP3_05614.1; huMAP3_10784.1; huMAP3_09579.1; huMAP3_07776.1","mutually_exclusive",0.08,17,414,417,90.94,89.99,37525.83,0.529,0.539,82.6910956710817,82.2256378519931,0.08,"KOG0303","KOG0303","yes","Low tissue specificity","Group enriched",-0.0078889062461026,null,"Cytosol",null,186,false]
["Q16576-Q13330","O94776-Q16576","Burke_et_al","Q16576; Q13330","O94776; Q16576","Q16576","RBBP7","Q13330","MTA1","O94776","MTA2","huMAP3_09499.1; huMAP3_10472.1; huMAP3_15128.1","mutually_exclusive",0.09,63,526,507,76.61,74.66,37852.62,0.606,0.589,79.4118531455174,77.6860242517132,0.146,"KOG3554","KOG3554","yes","Low tissue specificity","Low tissue specificity",-0.325376068592476,"Nucleoplasm","Nucleoplasm",1,187,false]
["O43521-Q07817","Q92934-Q07817","Burke_et_al","O43521; Q07817","Q92934; Q07817","Q07817","BCL2L1","O43521","BCL2L11","Q92934","BAD","huMAP3_11267.1","mutually_exclusive",0.47,25,73,68,66.01,59.59,4052.12,0.39,0.39,84.9990777253452,85.8249861956591,0.09,"ENOG502S0DF","ENOG502S71H","no","Low tissue specificity","Low tissue specificity",-0.460010142438476,"Mitochondria","Mitochondria",1,188,false]
["P31150-P61106","P31150-Q15286","Burke_et_al","P31150; P61106","P31150; Q15286","P31150","GDI1","P61106","RAB14","Q15286","RAB35","huMAP3_08941.1; huMAP3_11094.1; huMAP3_09217.1","mutually_exclusive",0.12,11,189,179,83.44,85.41,15770.16,0.388,0.387,74.6970783105514,74.5520313358578,0.882,"KOG0097","KOG0079","no","Low tissue specificity","Low tissue specificity",0.330183005997156,"Vesicles",null,null,189,false]
["P62136-Q12972","P62136-Q8NI77","Burke_et_al","P62136; Q12972","P62136; Q8NI77","P62136","PPP1CA","Q12972","PPP1R8","Q8NI77","KIF18A","huMAP3_14504.1; huMAP3_06341.1; huMAP3_09354.1; huMAP3_09633.1; huMAP3_10148.1; huMAP3_08717.1; huMAP3_08482.1","mutually_exclusive",0.16,30,105,136,55.52,65.09,5829.6,0.676,0.502,80.0582684320927,74.0120595281965,0.1,"KOG1880","KOG0242","no","Low tissue specificity","Group enriched",0.471823382808473,"Nuclear speckles","Microtubules; Cytokinetic bridge",0,190,false]
["P06576-P36542","P36542-P30049","Burke_et_al","P06576; P36542","P36542; P30049","P36542","ATP5F1C","P06576","ATP5F1B","P30049","ATP5F1D","huMAP3_09775.1; huMAP3_09307.1; huMAP3_08716.1; huMAP3_11134.1; huMAP3_11095.1; huMAP3_12213.1; huMAP3_07476.1","structurally_consistent",0.51,0,0,0,null,null,0,0.48,0.512,78.002253036232,86.2529378478182,0.896,"KOG1350","KOG1758","no","Tissue enhanced","Tissue enhanced",0.527707152103766,"Mitochondria",null,null,191,false]
["P19387-P62875","O15160-P62875","Burke_et_al","P19387; P62875","O15160; P62875","P62875","POLR2L","P19387","POLR2C","O15160","POLR1C","huMAP3_14318.1; huMAP3_11092.1","mutually_exclusive",0.15,21,265,297,90.34,91.5,23940.1,0.633,0.661,87.9889409431816,91.0906248082466,0.194,"KOG1522","KOG1521","no","Low tissue specificity","Low tissue specificity",0.140160482925012,"Nucleoplasm","Nucleoplasm; Nucleoli fibrillar center",0.5,192,false]
["Q12905-Q96SI9","Q12905-Q96KR1","Burke_et_al","Q12905; Q96SI9","Q12905; Q96KR1","Q12905","ILF2","Q96SI9","STRBP","Q96KR1","ZFR","huMAP3_10538.1; huMAP3_11966.1; huMAP3_10625.1","mutually_exclusive",0.15,41,495,493,76.67,73.71,36339.03,0.617,0.665,81.3610277767843,82.4984217782369,0.298,"KOG3792","KOG3792","yes","Low tissue specificity","Low tissue specificity",-0.0484633953595957,null,"Nucleoplasm",null,193,false]
["P53680_Q96CW1","O94973_P53680","Janes_et_al","P53680; Q96CW1","O94973; P53680","P53680","AP2S1","Q96CW1","AP2M1","O94973","AP2A2","huMAP3_06283.1; huMAP3_10876.1; huMAP3_12918.1; huMAP3_10762.1; huMAP3_09107.1; huMAP3_09403.1; huMAP3_12394.1; huMAP3_05849.1; huMAP3_08540.1; huMAP3_08320.1","mutually_exclusive",0.46,14,38,35,88.71,72.18,2526.3,0.25,0.73,76.1775,95.2352586206896,0.418,"KOG0938","KOG1077","no","Low tissue specificity","Tissue enhanced",0.397823370024872,"Plasma membrane","Vesicles",0,194,true]
["O94973-P53680","Q96CW1-O94973","Burke_et_al","O94973; P53680","Q96CW1; O94973","O94973","AP2A2","P53680","AP2S1","Q96CW1","AP2M1","huMAP3_08540.1; huMAP3_08320.1; huMAP3_09403.1; huMAP3_09107.1; huMAP3_05849.1; huMAP3_10876.1; huMAP3_06283.1; huMAP3_10762.1; huMAP3_12394.1; huMAP3_12918.1","structurally_consistent",1.92,0,0,0,null,null,0,0.723,0.31,89.7069333490394,77.7438490349022,0.706,"KOG0935","KOG0938","no","Low tissue specificity","Low tissue specificity",0.460221210566195,null,"Plasma membrane",null,194,true]
["P31150-P61006","P61026-P31150","Burke_et_al","P31150; P61006","P61026; P31150","P31150","GDI1","P61026","RAB10","P61006","RAB8A","huMAP3_01895.1; huMAP3_11094.1; huMAP3_06994.1; huMAP3_08941.1; huMAP3_07302.1; huMAP3_11860.1; huMAP3_09217.1; huMAP3_06607.1","mutually_exclusive",0.2,17,196,198,79.6,80.44,15601.6,0.423,0.582,72.8212759392587,75.4651330803053,0.784,"KOG0078","KOG0078","yes","Low tissue specificity","Low tissue specificity",-0.218673022436169,null,"Nucleoplasm",null,195,false]
["P42025-P61163","P42025-P47756","Burke_et_al","P42025; P61163","P42025; P47756","P42025","ACTR1B","P47756","CAPZB","P61163","ACTR1A","huMAP3_12900.1","structurally_consistent",0.18,0,0,0,null,null,0,0.535,0.232,84.2558601419572,75.766355071946,0.572,"KOG3174","KOG0676","no","Low tissue specificity","Low tissue specificity",0.256673121845104,"Nucleoplasm; Cytosol","Microtubules",0,196,false]
["P46527-P30281","P38936-P30281","Burke_et_al","P46527; P30281","P38936; P30281","P30281","CCND3","P46527","CDKN1B","P38936","CDKN1A","huMAP3_14722.1; huMAP3_10449.1","mutually_exclusive",0.11,25,98,101,75.08,68.5,6918.5,0.612,0.609,88.8305740685248,90.0919813775896,0.192,"KOG4743","KOG4743","yes","Low tissue specificity","Low tissue specificity",-0.171991082238861,"Nucleoplasm","Nucleoplasm; Nuclear bodies",0.5,197,false]
["Q9NQC1-Q9UNL4","Q9UNL4-Q9HAF1","Burke_et_al","Q9NQC1; Q9UNL4","Q9UNL4; Q9HAF1","Q9UNL4","ING4","Q9NQC1","JADE2","Q9HAF1","MEAF6","huMAP3_03602.1; huMAP3_08842.1","mutually_exclusive",6.3,20,87,87,67.77,76.09,5895.99,0.514,0.527,80.1529013741468,84.3711856910583,0.12,"KOG0954","KOG3856","no","Low tissue specificity","Low tissue specificity",0.222869236387258,"Nucleoplasm","Nuclear bodies",0,198,false]
["Q9NQC1-Q9HAF1","Q9NQC1-Q9UNL4","Burke_et_al","Q9NQC1; Q9HAF1","Q9NQC1; Q9UNL4","Q9NQC1","JADE2","Q9HAF1","MEAF6","Q9UNL4","ING4","huMAP3_03602.1; huMAP3_08842.1","mutually_exclusive",5.41,22,26,29,75.11,85.96,1952.86,0.262,0.514,78.4770434550926,80.1529013741468,0.206,"KOG3856","KOG1973","no","Low tissue specificity","Low tissue specificity",0.458929531947318,"Nuclear bodies","Nucleoplasm",0,198,false]
["P31150-P51149","Q6IQ22-P31150","Burke_et_al","P31150; P51149","Q6IQ22; P31150","P31150","GDI1","P51149","RAB7A","Q6IQ22","RAB12","huMAP3_11094.1; huMAP3_06994.1; huMAP3_08941.1; huMAP3_07302.1; huMAP3_09217.1","mutually_exclusive",0.21,21,202,193,80.35,80.68,16230.7,0.547,0.526,73.5883543525653,74.3377788253858,0.23,"KOG0394","KOG0078; KOG0395","no","Low tissue specificity","Tissue enhanced",0.793825344339107,"Lysosomes","Vesicles",0,199,false]
["P62136-Q12972","O75864-P62136","Burke_et_al","P62136; Q12972","O75864; P62136","P62136","PPP1CA","Q12972","PPP1R8","O75864","PPP1R37","huMAP3_14504.1; huMAP3_09354.1; huMAP3_09633.1; huMAP3_10148.1; huMAP3_08717.1; huMAP3_08482.1","mutually_exclusive",0.15,20,81,107,63.37,66.19,5132.96999999999,0.676,0.266,80.0582684320927,71.2980709444612,0.118,"KOG1880","KOG1908","no","Low tissue specificity","Low tissue specificity",-0.465071144923803,"Nuclear speckles","Cytosol",0,200,false]
["P61026-P31150","P31150-Q15286","Burke_et_al","P61026; P31150","P31150; Q15286","P31150","GDI1","P61026","RAB10","Q15286","RAB35","huMAP3_08941.1; huMAP3_11094.1; huMAP3_09217.1","mutually_exclusive",0.18,15,178,176,84.88,85.46,15108.64,0.582,0.387,75.4651330803053,74.5520313358578,0.76,"KOG0078","KOG0079","no","Low tissue specificity","Low tissue specificity",0.285844303382225,{"$nulls":3},201,false]
["Q86Y82-Q96AJ9","Q86Y82-P54920","Burke_et_al","Q86Y82; Q96AJ9","Q86Y82; P54920","Q86Y82","STX12","P54920","NAPA","Q96AJ9","VTI1A","huMAP3_13160.1; huMAP3_06458.1; huMAP3_08929.1; huMAP3_10587.1","mutually_exclusive",2.58,13,48,54,81.82,85.28,3927.36,0.65,0.476,81.1902800511875,77.296117840453,0.154,"KOG1586","KOG1666","no","Low tissue specificity","Low tissue specificity",-0.0522568786579064,"Cytosol","Golgi apparatus; Vesicles",0,202,false]
["P61026-P31150","P31150-P61106","Burke_et_al","P61026; P31150","P31150; P61106","P31150","GDI1","P61026","RAB10","P61106","RAB14","huMAP3_01895.1; huMAP3_11094.1; huMAP3_06994.1; huMAP3_08941.1; huMAP3_07302.1; huMAP3_09217.1","mutually_exclusive",0.24,14,177,186,85.2,83.61,15551.46,0.582,0.388,75.4651330803053,74.6970783105514,0.662,"KOG0078","KOG0097","no","Low tissue specificity","Low tissue specificity",0.284224355851725,null,"Vesicles",null,203,false]
["P62699-Q9NWU2","P62699-Q6VN20","Burke_et_al","P62699; Q9NWU2","P62699; Q6VN20","P62699","YPEL5","Q9NWU2","GID8","Q6VN20","RANBP10","huMAP3_12700.1; huMAP3_10711.1; huMAP3_08787.1; huMAP3_09818.1; huMAP3_05775.1","structurally_consistent",0.12,0,1,2,96.12,83.49,166.98,0.247,0.243,86.3952432978432,75.7364542016883,0.126,"KOG2659","KOG1477","no","Low tissue specificity","Low tissue specificity",0.574679640885542,"Nucleoplasm",null,null,204,false]
["P22612-P31323","P17612-P31323","Burke_et_al","P22612; P31323","P17612; P31323","P31323","PRKAR2B","P22612","PRKACG","P17612","PRKACA","huMAP3_07046.1; huMAP3_14681.1; huMAP3_11135.1; huMAP3_13352.1","mutually_exclusive",1.23,31,351,351,90.09,90.64,31621.59,0.675,0.689,79.5286023521727,81.9784662196993,0.068,"KOG0616","KOG0616","yes","Tissue enriched","Tissue enhanced",0.0044131971432009,"Cytosol","Cytosol",1,205,false]
["Q13547-Q96BD5","Q13547-O75182","Burke_et_al","Q13547; Q96BD5","Q13547; O75182","Q13547","HDAC1","Q96BD5","PHF21A","O75182","SIN3B","huMAP3_08800.1; huMAP3_09031.1; huMAP3_15128.1","mutually_exclusive",0.23,11,239,333,60.68,76.21,14502.52,0.392,0.72,71.9117708907833,83.7610420173234,0.228,"KOG0383","KOG4204","no","Low tissue specificity","Low tissue specificity",0.251951219239723,"Nucleoplasm","Nucleoplasm",1,206,false]
["Q969H4-Q99418","Q969H4-Q15438","Burke_et_al","Q969H4; Q99418","Q969H4; Q15438","Q969H4","CNKSR1","Q99418","CYTH2","Q15438","CYTH1","huMAP3_14717.1; huMAP3_13456.1; huMAP3_03599.1; huMAP3_04004.1; huMAP3_13655.1","mutually_exclusive",6.07,19,382,386,83.68,82.11,31694.46,0.352,0.288,76.7709890907642,73.531080788403,0.084,"KOG0930","KOG0930","yes","Low tissue specificity","Low tissue specificity",-0.0272514897915515,"Cytosol",null,null,207,false]
["P31150-P61006","P31150-P51151","Burke_et_al","P31150; P61006","P31150; P51151","P31150","GDI1","P51151","RAB9A","P61006","RAB8A","huMAP3_01895.1; huMAP3_11094.1; huMAP3_06994.1; huMAP3_08941.1; huMAP3_11860.1; huMAP3_09217.1","mutually_exclusive",0.4,17,194,194,80.15,84.97,15549.1,0.423,0.611,72.8212759392587,78.5289714439957,0.252,"KOG0394","KOG0078","no","Low tissue specificity","Low tissue specificity",0.214593396060557,"Nucleoplasm","Nucleoplasm",1,208,false]
["P06730-Q13542","P06730-Q9NRA8","Burke_et_al","P06730; Q13542","P06730; Q9NRA8","P06730","EIF4E","Q13542","EIF4EBP2","Q9NRA8","EIF4ENIF1","huMAP3_13436.1; huMAP3_10733.1; huMAP3_13122.1; huMAP3_12383.1; huMAP3_12323.1; huMAP3_09957.1","mutually_exclusive",0.21,28,71,69,68.77,74.87,4882.67,0.645,0.599,85.116209842236,91.839316002335,0.178,"ENOG502S44S","ENOG502QRQE","no","Low tissue specificity","Low tissue specificity",-0.0051951180740008,"Nucleoplasm; Mitochondria","Vesicles",0,209,false]
["Q9Y3F4-Q9H3H3","Q9Y3F4-Q7Z422","Burke_et_al","Q9Y3F4; Q9H3H3","Q9Y3F4; Q7Z422","Q9Y3F4","STRAP","Q7Z422","SZRD1","Q9H3H3","C11orf68","huMAP3_09986.1; huMAP3_03627.1; huMAP3_15264.1","structurally_consistent",0.11,0,15,14,28.03,51.45,420.45,0.25,0.367,75.3951754169788,81.3319478856819,0.044,"ENOG502RZH5","ENOG502QRQJ","no","Low tissue specificity","Low tissue specificity",0.0528658573936689,"Nucleoplasm; Cytosol","Nucleoplasm; Nucleoli",0.333333333333333,210,false]
["Q86W42-Q13769","Q13769-Q96FV9","Burke_et_al","Q86W42; Q13769","Q13769; Q96FV9","Q13769","THOC5","Q86W42","THOC6","Q96FV9","THOC1","huMAP3_09101.1; huMAP3_11966.1; huMAP3_13659.1; huMAP3_04932.1; huMAP3_09943.1; huMAP3_10789.1; huMAP3_13461.1; huMAP3_10299.1; huMAP3_12548.1","structurally_consistent",3.2,0,0,0,null,null,0,0.668,0.476,82.3319242609246,73.0816991191537,0.902,"KOG0649","KOG2491","no","Low tissue specificity","Low tissue specificity",0.168398794546819,"Nucleoplasm; Nuclear speckles","Nuclear speckles",0.5,211,false]
["P52434-O95602","P24928-P52434","Burke_et_al","P52434; O95602","P24928; P52434","P52434","POLR2H","P24928","POLR2A","O95602","POLR1A","huMAP3_08487.1; huMAP3_14318.1; huMAP3_11092.1; huMAP3_06426.1","mutually_exclusive",0.17,39,1472,1491,80.12,76.69,114344.79,0.622,0.621,82.5250759647454,84.9118923494131,0.236,"KOG0260","KOG0262","no","Tissue enhanced","Low tissue specificity",0.142975351018485,"Nucleoplasm","Nucleoli fibrillar center",0,212,false]
["Q13418-Q9HBI0","Q13418-Q9NVD7","Burke_et_al","Q13418; Q9HBI0","Q13418; Q9NVD7","Q13418","ILK","Q9HBI0","PARVG","Q9NVD7","PARVA","huMAP3_09385.1; huMAP3_11194.1","mutually_exclusive",2.65,19,283,284,83.08,84.13,23511.64,0.511,0.464,87.1820031487414,87.3918972478125,0.052,"KOG3631","KOG3631","yes","Tissue enhanced","Low tissue specificity",-0.279249825855638,null,"Actin filaments; Focal adhesion sites",null,213,false]
["O00232-P51665","P55036-P51665","Burke_et_al","O00232; P51665","P55036; P51665","P51665","PSMD7","O00232","PSMD12","P55036","PSMD4","huMAP3_05064.1; huMAP3_09656.1; huMAP3_13725.1","structurally_consistent",4.77,0,0,0,null,null,0,0.344,0.345,75.9446907677643,80.2649401600448,0.832,"KOG1498","KOG2884","no","Low tissue specificity","Low tissue specificity",0.725496381453302,"Microtubules","Nucleoplasm",0,214,false]
["Q13503-Q9NPJ6","Q9BTT4-Q13503","Burke_et_al","Q13503; Q9NPJ6","Q9BTT4; Q13503","Q13503","MED21","Q9NPJ6","MED4","Q9BTT4","MED10","huMAP3_02730.1","structurally_consistent",1.89,0,0,0,null,null,0,0.495,0.489,90.1654832273192,90.411703210319,0.436,"KOG4552","KOG3046","no","Low tissue specificity","Low tissue specificity",0.151369102268242,"Nucleoplasm","Nucleoplasm",1,215,false]
["P62136-O60927","O75864-P62136","Burke_et_al","P62136; O60927","O75864; P62136","P62136","PPP1CA","O75864","PPP1R37","O60927","PPP1R11","huMAP3_14504.1; huMAP3_09354.1; huMAP3_09633.1; huMAP3_10148.1; huMAP3_08717.1; huMAP3_08482.1","mutually_exclusive",0.11,12,25,26,49.68,42.36,1101.36,0.388,0.266,75.4184734787797,71.2980709444612,0.098,"KOG1908","KOG4102","no","Low tissue specificity","Low tissue specificity",0.64071209481736,"Cytosol","Vesicles",0,216,false]
["Q9UL63-Q9H871","Q9H871-Q7L5Y9","Burke_et_al","Q9UL63; Q9H871","Q9H871; Q7L5Y9","Q9H871","RMND5A","Q7L5Y9","MAEA","Q9UL63","MKLN1","huMAP3_12700.1; huMAP3_10711.1; huMAP3_08787.1; huMAP3_09818.1; huMAP3_05775.1","structurally_consistent",9.26,0,0,0,null,null,0,0.307,0.735,84.2320866138369,91.0667078290182,0.06,"KOG0396","KOG2437","no","Low tissue specificity","Low tissue specificity",-0.17108910528448,"Nucleoplasm","Plasma membrane; Cytosol",0,217,false]
["Q13769_Q86W42","Q6I9Y2_Q86W42","Janes_et_al","Q13769; Q86W42","Q6I9Y2; Q86W42","Q86W42","THOC6","Q13769","THOC5","Q6I9Y2","THOC7","huMAP3_10789.1; huMAP3_04932.1; huMAP3_12548.1; huMAP3_09101.1; huMAP3_09943.1; huMAP3_10299.1","structurally_consistent",0.21,0,0,0,null,null,0,0.7,0.4,92.3773611111111,91.7634782608695,0.522,"KOG2216","KOG3215","no","Low tissue specificity","Low tissue specificity",0.31641322053129,"Nucleoplasm","Nuclear speckles; Cytosol",0,218,false]
["Q6I9Y2-Q13769","Q86W42-Q13769","Burke_et_al","Q6I9Y2; Q13769","Q86W42; Q13769","Q13769","THOC5","Q86W42","THOC6","Q6I9Y2","THOC7","huMAP3_09101.1; huMAP3_11966.1; huMAP3_13659.1; huMAP3_04932.1; huMAP3_09943.1; huMAP3_10789.1; huMAP3_13461.1; huMAP3_10299.1; huMAP3_12548.1","structurally_consistent",7.08,0,0,0,null,null,0,0.728,0.668,90.2323763897113,82.3319242609246,0.526,"KOG0649","KOG3215","no","Low tissue specificity","Low tissue specificity",0.0277994472701754,"Nucleoplasm; Nuclear speckles","Nuclear speckles; Cytosol",0.333333333333333,218,false]
["P62136-Q6NYC8","P62136-Q9UQ13","Burke_et_al","P62136; Q6NYC8","P62136; Q9UQ13","P62136","PPP1CA","Q6NYC8","PPP1R18","Q9UQ13","SHOC2","huMAP3_14504.1; huMAP3_09354.1; huMAP3_09633.1; huMAP3_10148.1; huMAP3_06304.1","mutually_exclusive",0.17,15,153,260,47.62,85.3,7285.86,0.462,0.672,71.9601633772259,80.6387765466751,0.058,"ENOG502RY8Q","KOG0619","no","Low tissue specificity","Low tissue specificity",0.375272739043963,"Plasma membrane","Nucleoplasm; Cytosol",0,219,false]
["P49721-Q99436","Q9Y244-Q99436","Burke_et_al","P49721; Q99436","Q9Y244; Q99436","Q99436","PSMB7","Q9Y244","POMP","P49721","PSMB2","huMAP3_00356.1; huMAP3_09656.1; huMAP3_13725.1","structurally_consistent",1.17,0,0,0,null,null,0,0.355,0.337,88.7928239607764,71.6340477760846,0.272,"KOG3061","KOG0177","no","Low tissue specificity","Low tissue specificity",0.153771810989663,"Nuclear speckles","Nucleoplasm",0,220,false]
["P62136-Q12972","P62136-Q13625","Burke_et_al","P62136; Q12972","P62136; Q13625","P62136","PPP1CA","Q12972","PPP1R8","Q13625","TP53BP2","huMAP3_14504.1; huMAP3_09354.1; huMAP3_09633.1; huMAP3_10148.1; huMAP3_06304.1","mutually_exclusive",0.17,24,115,129,56.34,55.52,7162.08,0.676,0.363,80.0582684320927,71.7040259100452,0.032,"KOG1880","KOG0515","no","Low tissue specificity","Low tissue specificity",0.250465120133436,"Nuclear speckles","Cell Junctions; Cytosol",0,221,false]
["O15145-P61158","P61158-P61160","Burke_et_al","O15145; P61158","P61158; P61160","P61158","ACTR3","O15145","ARPC3","P61160","ACTR2","huMAP3_10743.1; huMAP3_04814.1; huMAP3_14624.1; huMAP3_13904.1; huMAP3_09309.1; huMAP3_14885.1","structurally_consistent",0.25,0,0,0,null,null,0,0.623,0.37,91.1918806074126,80.0278587036909,0.942,"KOG3155","KOG0677","no","Low tissue specificity","Low tissue specificity",0.784764733892751,"Nucleoplasm","Cytosol",0,222,false]
["O75306-O75489","Q16795-O75489","Burke_et_al","O75306; O75489","Q16795; O75489","O75489","NDUFS3","O75306","NDUFS2","Q16795","NDUFA9","huMAP3_09567.1; huMAP3_14018.1; huMAP3_06397.1; huMAP3_14878.1; huMAP3_14184.1; huMAP3_09982.1","structurally_consistent",1.16,0,0,0,null,null,0,0.702,0.266,86.454656959084,79.7207704022002,0.946,"KOG2870","KOG2865","no","Tissue enhanced","Low tissue specificity",0.891783753473035,"Mitochondria","Mitochondria",1,223,false]
["P62136-Q8NI77","P62136-Q13625","Burke_et_al","P62136; Q8NI77","P62136; Q13625","P62136","PPP1CA","Q13625","TP53BP2","Q8NI77","KIF18A","huMAP3_09354.1; huMAP3_10148.1; huMAP3_09633.1; huMAP3_14504.1","mutually_exclusive",0.12,19,347,377,63.25,63.27,21947.75,0.502,0.363,74.0120595281965,71.7040259100452,0.218,"KOG0515","KOG0242","no","Low tissue specificity","Group enriched",0.149777081226783,"Cell Junctions; Cytosol","Microtubules; Cytokinetic bridge",0,224,false]
["P31150-P20338","P31150-P61018","Burke_et_al","P31150; P20338","P31150; P61018","P31150","GDI1","P20338","RAB4A","P61018","RAB4B","huMAP3_11094.1; huMAP3_08941.1; huMAP3_11860.1; huMAP3_09217.1; huMAP3_06607.1","mutually_exclusive",0.08,12,215,213,80,81.09,17200,0.414,0.427,75.5352182013363,75.4247481945919,0.162,"KOG0086","KOG0086","yes","Low tissue specificity","Tissue enhanced",0.212859630562338,{"$nulls":3},225,false]
["Q9NUP9-Q5T2T1","Q9NZW5-Q9NUP9","Burke_et_al","Q9NUP9; Q5T2T1","Q9NZW5; Q9NUP9","Q9NUP9","LIN7C","Q9NZW5","PALS2","Q5T2T1","MPP7","huMAP3_08198.1; huMAP3_08481.1; huMAP3_11195.1; huMAP3_09519.1; huMAP3_14575.1","mutually_exclusive",2.27,38,117,163,76.7,84.22,8973.9,0.652,0.529,81.8732749407272,81.7502838848625,0.132,"KOG0609","KOG0609","yes","Tissue enhanced","Low tissue specificity",-0.0184367647520496,null,"Cell Junctions",null,226,false]
["P82673-P82933","P82933-P51398","Burke_et_al","P82673; P82933","P82933; P51398","P82933","MRPS9","P51398","DAP3","P82673","MRPS35","huMAP3_11966.1; huMAP3_08556.1; huMAP3_05954.1; huMAP3_09015.1; huMAP3_07654.1; huMAP3_09602.1; huMAP3_05807.1; huMAP3_10701.1; huMAP3_10538.1","structurally_consistent",6.22,0,0,0,null,null,0,0.555,0.32,86.1896365350917,77.422820219265,0.988,"KOG3928","KOG3933","no","Low tissue specificity","Low tissue specificity",0.664203120475137,"Nucleoplasm; Mitochondria","Mitochondria",0.5,227,false]
["O00743-O75170","Q5H9R7-O00743","Burke_et_al","O00743; O75170","Q5H9R7; O00743","O00743","PPP6C","Q5H9R7","PPP6R3","O75170","PPP6R2","huMAP3_12079.1; huMAP3_01958.1; huMAP3_14031.1","mutually_exclusive",0.06,36,665,662,73.44,73.12,48405.44,0.683,0.699,82.9232668851467,80.2661507342809,0.084,"KOG2073","KOG2073","yes","Low tissue specificity","Low tissue specificity",0.126165569166816,"Nucleoplasm; Plasma membrane; Cytosol","Cytosol",0.333333333333333,228,false]
["P62136-Q9H788","P62136-Q13625","Burke_et_al","P62136; Q9H788","P62136; Q13625","P62136","PPP1CA","Q9H788","SH2D4A","Q13625","TP53BP2","huMAP3_09354.1; huMAP3_10148.1; huMAP3_09633.1; huMAP3_14504.1","mutually_exclusive",0.15,15,214,217,72.85,63.44,13766.48,0.596,0.363,74.5455820641913,71.7040259100452,0.056,"ENOG502QVV5","KOG0515","no","Low tissue specificity","Low tissue specificity",-0.198993319720188,"Cytosol","Cell Junctions; Cytosol",0.5,229,false]
["Q6PJW8-P62136","P62136-Q96QC0","Burke_et_al","Q6PJW8; P62136","P62136; Q96QC0","P62136","PPP1CA","Q6PJW8","CNST","Q96QC0","PPP1R10","huMAP3_14504.1","mutually_exclusive",0.1,24,287,302,45.68,62.26,13110.16,0.478,0.569,74.2121022251795,80.9872858014994,0.078,"ENOG502QSMS","ENOG502QQ2I","no","Low tissue specificity","Low tissue specificity",-0.100174940793951,"Vesicles","Nucleoplasm",0,230,false]
["O15482-O75069","O15482-O94876","Burke_et_al","O15482; O75069","O15482; O94876","O15482","TEX28","O75069","TMCC2","O94876","TMCC1","huMAP3_11632.1; huMAP3_13734.1","mutually_exclusive",8.13,29,293,285,65.86,65.86,19296.98,0.637,0.506,77.4900395197982,72.153558034855,0.068,"KOG3850","KOG3850","yes","Group enriched","Low tissue specificity",-0.0393043074556157,{"$nulls":3},231,false]
["O43402-Q15006","Q9Y3B6-Q15006","Burke_et_al","O43402; Q15006","Q9Y3B6; Q15006","Q15006","EMC2","Q9Y3B6","EMC9","O43402","EMC8","huMAP3_03281.1; huMAP3_12199.1; huMAP3_14641.1","mutually_exclusive",0.52,30,200,200,89.83,90.83,17966,0.703,0.701,89.0029279948428,90.5678642041829,0.288,"KOG3289","KOG3289","yes","Low tissue specificity","Low tissue specificity",0.461716719060844,null,"Endoplasmic reticulum",null,232,false]
["P31150-P51153","P31150-P61018","Burke_et_al","P31150; P51153","P31150; P61018","P31150","GDI1","P51153","RAB13","P61018","RAB4B","huMAP3_11094.1; huMAP3_06994.1; huMAP3_08941.1; huMAP3_09217.1; huMAP3_06607.1","mutually_exclusive",0.24,11,177,191,85.52,85.39,16309.49,0.401,0.427,78.0133318233271,75.4247481945919,0.028,"KOG0078","KOG0086","no","Low tissue specificity","Tissue enhanced",-0.0376278555171359,"Plasma membrane; Cytosol",null,null,233,false]
["P19388-O95602","O95602-Q9GZS1","Burke_et_al","P19388; O95602","O95602; Q9GZS1","O95602","POLR1A","Q9GZS1","POLR1E","P19388","POLR2E","huMAP3_06426.1; huMAP3_00807.1; huMAP3_11092.1; huMAP3_09057.1; huMAP3_08487.1; huMAP3_14318.1","structurally_consistent",1.22,0,0,0,null,null,0,0.693,0.476,80.9304293282557,72.6578748919893,0.252,"KOG4183","KOG3218","no","Low tissue specificity","Low tissue specificity",-0.0357098711354635,"Nucleoplasm; Nucleoli fibrillar center","Nucleoplasm",0.5,234,false]
["P31150-P51151","P31150-P61018","Burke_et_al","P31150; P51151","P31150; P61018","P31150","GDI1","P51151","RAB9A","P61018","RAB4B","huMAP3_01895.1; huMAP3_11094.1; huMAP3_06994.1; huMAP3_08941.1; huMAP3_11860.1; huMAP3_09217.1","mutually_exclusive",0.32,21,179,191,86.45,84.71,16179.61,0.611,0.427,78.5289714439957,75.4247481945919,0.088,"KOG0394","KOG0086","no","Low tissue specificity","Tissue enhanced",0.0232483517806145,"Nucleoplasm",null,null,235,false]
["P62136-O60927","Q99622-P62136","Burke_et_al","P62136; O60927","Q99622; P62136","P62136","PPP1CA","Q99622","C12orf57","O60927","PPP1R11","huMAP3_14504.1; huMAP3_09354.1; huMAP3_09633.1; huMAP3_10148.1; huMAP3_08717.1; huMAP3_06304.1; huMAP3_08482.1","structurally_consistent",0.08,0,0,0,null,null,0,0.388,0.329,75.4184734787797,78.8771315428005,0.038,"ENOG502S2W0","KOG4102","no","Low tissue specificity","Low tissue specificity",0.47466873002682,"Nuclear speckles","Vesicles",0,236,false]
["Q15437-O94855","Q15436-O94855","Burke_et_al","Q15437; O94855","Q15436; O94855","O94855","SEC24D","Q15437","SEC23B","Q15436","SEC23A","huMAP3_00065.1; huMAP3_07775.1; huMAP3_11128.1; huMAP3_13535.1; huMAP3_09282.1; huMAP3_00707.1; huMAP3_06453.1; huMAP3_12394.1; huMAP3_11237.1","mutually_exclusive",0.18,21,758,761,86.49,86.51,65559.42,0.487,0.565,80.2634896020585,76.2093941749515,0.106,"KOG1986","KOG1986","yes","Low tissue specificity","Low tissue specificity",-0.303562677555751,"Vesicles","Vesicles",1,237,false]
["P61163-Q9UJW0","O00399-Q9UJW0","Burke_et_al","P61163; Q9UJW0","O00399; Q9UJW0","Q9UJW0","DCTN4","P61163","ACTR1A","O00399","DCTN6","huMAP3_09952.1; huMAP3_12900.1; huMAP3_04946.1","structurally_consistent",1.11,0,0,0,null,null,0,0.304,0.348,83.0619006679657,85.4909985420217,0.268,"KOG0676","KOG4042","no","Low tissue specificity","Low tissue specificity",0.369965332892553,"Microtubules","Nucleoli; Cytosol",0,238,false]
["P61966-O43747","O43747-P56377","Burke_et_al","P61966; O43747","O43747; P56377","O43747","AP1G1","P56377","AP1S2","P61966","AP1S1","huMAP3_08695.1; huMAP3_12376.1; huMAP3_06769.1; huMAP3_10876.1; huMAP3_10762.1; huMAP3_13055.1; huMAP3_06557.1; huMAP3_12394.1; huMAP3_12918.1","mutually_exclusive",0.36,55,155,153,89.52,90.18,13875.6,0.728,0.729,91.1407109113401,92.3292935530621,0.056,"KOG0934","KOG0934","yes","Tissue enriched","Tissue enhanced",-0.0799831873626958,"Golgi apparatus; Vesicles","Golgi apparatus; Vesicles",1,239,false]
["P31150-P61106","P31150-P20338","Burke_et_al","P31150; P61106","P31150; P20338","P31150","GDI1","P20338","RAB4A","P61106","RAB14","huMAP3_08941.1; huMAP3_11094.1; huMAP3_09217.1","mutually_exclusive",0.14,12,198,201,81.37,82.91,16111.26,0.388,0.414,74.6970783105514,75.5352182013363,0.31,"KOG0086","KOG0097","no","Low tissue specificity","Low tissue specificity",0.0386411904647294,null,"Vesicles",null,240,false]
["Q96B26-Q06265","Q06265-Q9NQT4","Burke_et_al","Q96B26; Q06265","Q06265; Q9NQT4","Q06265","EXOSC9","Q96B26","EXOSC8","Q9NQT4","EXOSC5","huMAP3_05382.1; huMAP3_14264.1","structurally_consistent",1.89,0,0,0,null,null,0,0.665,0.618,82.6509449904301,84.5020636332709,0.712,"KOG1613","KOG1069","no","Low tissue specificity","Low tissue specificity",0.325252009989054,"Nucleoli fibrillar center; Mitotic chromosome","Nucleoli",0,241,false]
["P19447-Q6P1K8","P19447-Q13888","Burke_et_al","P19447; Q6P1K8","P19447; Q13888","P19447","ERCC3","Q13888","GTF2H2","Q6P1K8","GTF2H2C","huMAP3_12429.1; huMAP3_09908.1; huMAP3_05174.1","mutually_exclusive",0.74,21,219,220,76.35,75.14,16530.8,0.429,0.428,72.6904621278883,73.4565961206486,0.138,"KOG2807","KOG2807","yes","Low tissue specificity","Low tissue specificity",0.627538522264443,"Nuclear speckles","Nuclear speckles",1,242,false]
["P17980-P62195","Q99460-P62195","Burke_et_al","P17980; P62195","Q99460; P62195","P62195","PSMC5","Q99460","PSMD1","P17980","PSMC3","huMAP3_05064.1; huMAP3_09656.1; huMAP3_13725.1","structurally_consistent",1.56,0,0,0,null,null,0,0.535,0.239,72.3227539459944,72.6612023681617,0.972,"KOG2062","KOG0652","no","Low tissue specificity","Low tissue specificity",0.75321924677705,"Nucleoplasm","Nucleoplasm; Cytosol",0.5,243,false]
["P22694-P13861","P22694-P31323","Burke_et_al","P22694; P13861","P22694; P31323","P22694","PRKACB","P13861","PRKAR2A","P31323","PRKAR2B","huMAP3_07046.1; huMAP3_14681.1; huMAP3_11135.1; huMAP3_13352.1","mutually_exclusive",0.05,42,341,347,80.46,77.09,26750.23,0.692,0.681,79.9606758020411,79.4530410251365,0.074,"KOG1113","KOG1113","yes","Tissue enhanced","Tissue enhanced",-0.0304898622250842,null,"Mitochondria",null,244,false]
["Q9Y399-P82933","P82673-P82933","Burke_et_al","Q9Y399; P82933","P82673; P82933","P82933","MRPS9","P82673","MRPS35","Q9Y399","MRPS2","huMAP3_11966.1; huMAP3_09015.1; huMAP3_07654.1; huMAP3_09602.1; huMAP3_05807.1; huMAP3_10701.1; huMAP3_10538.1","structurally_consistent",2.02,0,0,0,null,null,0,0.595,0.555,91.8229967044378,86.1896365350917,0.992,"KOG3933","KOG0832","no","Low tissue specificity","Low tissue specificity",0.652453582274049,"Mitochondria","Mitochondria",1,245,false]
["Q16576-Q13330","Q9NP50-Q16576","Burke_et_al","Q16576; Q13330","Q9NP50; Q16576","Q16576","RBBP7","Q13330","MTA1","Q9NP50","SINHCAF","huMAP3_15128.1","mutually_exclusive",0.2,18,51,63,77.8,84.34,3967.8,0.606,0.231,79.4118531455174,78.3301371252665,0.1,"KOG3554","ENOG502QSAG","no","Low tissue specificity","Low tissue specificity",-0.141190427716495,"Nucleoplasm","Nucleoplasm",1,246,false]
["P53618-Q9Y678","P53618-P48444","Burke_et_al","P53618; Q9Y678","P53618; P48444","P53618","COPB1","Q9Y678","COPG1","P48444","ARCN1","huMAP3_09332.1; huMAP3_11357.1; huMAP3_04405.1; huMAP3_12869.1","structurally_consistent",3.14,0,0,0,null,null,0,0.719,0.716,86.8909260807553,82.7973639743275,0.85,"KOG1078","KOG2635","no","Low tissue specificity","Low tissue specificity",0.828942625953336,"Golgi apparatus","Vesicles",0,247,false]
["O15482-Q9ULS5","O15482-O94876","Burke_et_al","O15482; Q9ULS5","O15482; O94876","O15482","TEX28","Q9ULS5","TMCC3","O94876","TMCC1","huMAP3_03087.1","mutually_exclusive",8.66,27,226,239,73.86,66.88,15984.32,0.645,0.506,76.508164441093,72.153558034855,0.078,"KOG3850","KOG3850","yes","Low tissue specificity","Low tissue specificity",-0.0038828265524035,"Endoplasmic reticulum",null,null,248,false]
["Q6IQ22-P31150","P31150-P61020","Burke_et_al","Q6IQ22; P31150","P31150; P61020","P31150","GDI1","P61020","RAB5B","Q6IQ22","RAB12","huMAP3_08941.1; huMAP3_11094.1; huMAP3_09217.1","mutually_exclusive",0.19,24,199,191,80.01,83.84,15921.99,0.526,0.585,74.3377788253858,77.1893184415882,0.072,"KOG0092","KOG0078; KOG0395","no","Low tissue specificity","Tissue enhanced",0.508150447213856,"Vesicles","Vesicles",1,249,false]
["P68371-Q9BQE3","Q9BUF5-Q9BQE3","Burke_et_al","P68371; Q9BQE3","Q9BUF5; Q9BQE3","Q9BQE3","TUBA1C","Q9BUF5","TUBB6","P68371","TUBB4B","huMAP3_09233.1; huMAP3_14709.1; huMAP3_10475.1; huMAP3_10665.1","mutually_exclusive",0.07,26,436,437,90.53,90.73,39471.08,0.671,0.685,86.0629604878,86.1296353217452,0.84,"KOG1375","KOG1375","yes","Low tissue specificity","Low tissue specificity",0.0796224136603341,"Microtubules","Microtubules",1,250,false]
["Q9Y399-Q9Y3D9","Q9Y399-P82664","Burke_et_al","Q9Y399; Q9Y3D9","Q9Y399; P82664","Q9Y399","MRPS2","Q9Y3D9","MRPS23","P82664","MRPS10","huMAP3_11966.1; huMAP3_09015.1; huMAP3_09602.1; huMAP3_05807.1; huMAP3_10701.1; huMAP3_10538.1","structurally_consistent",0.22,0,6,4,35.01,78.4,210.06,0.683,0.253,90.2201547350565,80.615674326,0.966,"ENOG502RZIC","KOG3321","no","Low tissue specificity","Low tissue specificity",0.599333946626229,"Mitochondria","Mitochondria",1,251,false]
["Q9Y366-Q86WT1","Q9NQC8-Q86WT1","Burke_et_al","Q9Y366; Q86WT1","Q9NQC8; Q86WT1","Q86WT1","TTC30A","Q9NQC8","IFT46","Q9Y366","IFT52","huMAP3_13817.1; huMAP3_05411.1","mutually_exclusive",1.12,65,41,41,88.7,58.66,2405.06,0.734,0.695,89.3007197787096,73.5943434979475,0.196,"ENOG502QPNA","KOG3861","no","Low tissue specificity","Low tissue specificity",0.399904340725708,"Actin filaments","Microtubules",0,252,false]
["Q16539-Q16644","Q16539-Q9BUB5","Burke_et_al","Q16539; Q16644","Q16539; Q9BUB5","Q16539","MAPK14","Q9BUB5","MKNK1","Q16644","MAPKAPK3","huMAP3_14776.1; huMAP3_07936.1; huMAP3_05402.1; huMAP3_06585.1; huMAP3_10997.1","mutually_exclusive",0.16,20,219,193,75.59,65.87,12712.91,0.439,0.342,75.0179873976517,71.0878993723328,0.224,"KOG0607","KOG0604","no","Tissue enhanced","Group enriched",0.0911713014849016,"Nucleoplasm","Nucleoplasm",1,253,false]
["O60671-Q99638","O60921-Q99638","Burke_et_al","O60671; Q99638","O60921; Q99638","Q99638","RAD9A","O60671","RAD1","O60921","HUS1","huMAP3_09595.1; huMAP3_01683.1; huMAP3_12787.1; huMAP3_01448.1","structurally_consistent",0.2,0,1,1,77.49,92.39,77.49,0.498,0.455,92.0591980285184,79.3293705661884,0.666,"KOG3194","KOG3999","no","Low tissue specificity","Low tissue specificity",0.178990720305092,"Nucleoplasm; Vesicles","Nucleoplasm",0.5,254,false]
["P31150-P61006","P31150-P20338","Burke_et_al","P31150; P61006","P31150; P20338","P31150","GDI1","P20338","RAB4A","P61006","RAB8A","huMAP3_11094.1; huMAP3_08941.1; huMAP3_11860.1; huMAP3_09217.1; huMAP3_06607.1","mutually_exclusive",0.16,11,186,192,82.98,84.75,15434.28,0.423,0.414,72.8212759392587,75.5352182013363,0.232,"KOG0086","KOG0078","no","Low tissue specificity","Low tissue specificity",-0.380161918419222,null,"Nucleoplasm",null,255,false]
["P62136-Q12972","P62136-Q6NYC8","Burke_et_al","P62136; Q12972","P62136; Q6NYC8","P62136","PPP1CA","Q12972","PPP1R8","Q6NYC8","PPP1R18","huMAP3_14504.1; huMAP3_09354.1; huMAP3_09633.1; huMAP3_10148.1; huMAP3_06304.1","mutually_exclusive",0.13,28,144,133,63.98,47.46,6312.18,0.676,0.462,80.0582684320927,71.9601633772259,0.026,"KOG1880","ENOG502RY8Q","no","Low tissue specificity","Low tissue specificity",0.456080147386603,"Nuclear speckles","Plasma membrane",0,256,false]
["O94776-Q16576","Q16576-O14929","Burke_et_al","O94776; Q16576","Q16576; O14929","Q16576","RBBP7","O14929","HAT1","O94776","MTA2","huMAP3_15128.1","mutually_exclusive",0.15,30,246,328,73.63,88.62,18112.98,0.589,0.606,77.6860242517132,78.8355181206327,0.23,"KOG2696","KOG3554","no","Low tissue specificity","Low tissue specificity",0.311362448509549,"Nucleoplasm","Nucleoplasm",1,257,false]
["Q9NP92-Q16540","Q9NP92-Q9BZE1","Burke_et_al","Q9NP92; Q16540","Q9NP92; Q9BZE1","Q9NP92","MRPS30","Q16540","MRPL23","Q9BZE1","MRPL37","huMAP3_09602.1; huMAP3_08458.1; huMAP3_11966.1; huMAP3_06550.1; huMAP3_08556.1; huMAP3_09483.1; huMAP3_06589.1; huMAP3_03763.1; huMAP3_09113.1; huMAP3_10701.1; huMAP3_07939.1; huMAP3_10538.1; huMAP3_06439.1","structurally_consistent",0.32,0,0,0,null,null,0,0.407,0.666,89.8935037907776,86.6384368365392,0.972,"KOG4089","ENOG502QQAQ","no","Low tissue specificity","Low tissue specificity",0.4402099594649,"Nucleoli fibrillar center; Mitochondria","Mitochondria",0.5,258,false]
["P62136-Q9UQ13","P62136-Q96QC0","Burke_et_al","P62136; Q9UQ13","P62136; Q96QC0","P62136","PPP1CA","Q9UQ13","SHOC2","Q96QC0","PPP1R10","huMAP3_14504.1","mutually_exclusive",0.19,14,369,259,87.51,66.91,17329.69,0.672,0.569,80.6387765466751,80.9872858014994,0.05,"KOG0619","ENOG502QQ2I","no","Low tissue specificity","Low tissue specificity",-0.241699619187967,"Nucleoplasm; Cytosol","Nucleoplasm",0.5,259,false]
["P35998-P62195","Q99460-P62195","Burke_et_al","P35998; P62195","Q99460; P62195","P62195","PSMC5","Q99460","PSMD1","P35998","PSMC2","huMAP3_05064.1; huMAP3_09656.1; huMAP3_13725.1","structurally_consistent",4.37,0,9,9,37.6,58.2,338.4,0.518,0.239,73.1190172305628,72.6612023681617,0.942,"KOG2062","KOG0729","no","Low tissue specificity","Low tissue specificity",0.83659587405994,"Nucleoplasm","Cytosol; Cytoplasmic bodies",0,260,false]
["P49755-Q13445","P49755-Q9Y3A6","Burke_et_al","P49755; Q13445","P49755; Q9Y3A6","P49755","TMED10","Q13445","TMED1","Q9Y3A6","TMED5","huMAP3_10362.1; huMAP3_08461.1; huMAP3_07118.1; huMAP3_11421.1; huMAP3_09886.1; huMAP3_12213.1","mutually_exclusive",0.75,29,210,213,81.94,82.65,17207.3999999999,0.661,0.682,83.1470180358496,84.5475822867486,0.272,"KOG3287","KOG3287","yes","Low tissue specificity","Low tissue specificity",0.428693058144251,{"$nulls":3},261,false]
["Q16576-O94776","Q9NP50-Q16576","Burke_et_al","Q16576; O94776","Q9NP50; Q16576","Q16576","RBBP7","O94776","MTA2","Q9NP50","SINHCAF","huMAP3_15128.1","mutually_exclusive",0.14,19,52,63,76.8,84.46,3993.6,0.574,0.231,77.3634538609095,78.3301371252665,0.256,"KOG3554","ENOG502QSAG","no","Low tissue specificity","Low tissue specificity",0.349758559868755,"Nucleoplasm","Nucleoplasm",1,262,false]
["Q9Y2R9-P82933","P82673-P82933","Burke_et_al","Q9Y2R9; P82933","P82673; P82933","P82933","MRPS9","Q9Y2R9","MRPS7","P82673","MRPS35","huMAP3_11966.1; huMAP3_08556.1; huMAP3_05954.1; huMAP3_09015.1; huMAP3_09602.1; huMAP3_05807.1; huMAP3_10701.1; huMAP3_10538.1","structurally_consistent",5.81,0,0,0,null,null,0,0.495,0.555,85.2382468269714,86.1896365350917,0.958,"KOG3291","KOG3933","no","Low tissue specificity","Low tissue specificity",0.684554627120622,"Mitochondria","Mitochondria",1,263,false]
["Q8WUF5-P62136","O75864-P62136","Burke_et_al","Q8WUF5; P62136","O75864; P62136","P62136","PPP1CA","Q8WUF5","PPP1R13L","O75864","PPP1R37","huMAP3_10148.1; huMAP3_14504.1","mutually_exclusive",0.12,15,290,327,63.03,77.02,18278.7,0.681,0.266,74.7095213627929,71.2980709444612,0.06,"KOG0515","KOG1908","no","Tissue enhanced","Low tissue specificity",0.165814003738197,"Cytosol","Cytosol",1,264,false]
["Q96QK1-O75436","Q9UBQ0-Q96QK1","Burke_et_al","Q96QK1; O75436","Q9UBQ0; Q96QK1","Q96QK1","VPS35","O75436","VPS26A","Q9UBQ0","VPS29","huMAP3_13244.1; huMAP3_01277.1","structurally_consistent",2.41,0,0,0,null,null,0,0.61,0.725,91.1931373810388,93.9888452186225,0.838,"KOG3063","KOG3325","no","Low tissue specificity","Low tissue specificity",-0.0477541485130306,"Endosomes; Lysosomes","Vesicles; Cytosol",0,265,false]
["P49755-Q9Y3Q3","P49755-Q9Y3A6","Burke_et_al","P49755; Q9Y3Q3","P49755; Q9Y3A6","P49755","TMED10","Q9Y3Q3","TMED3","Q9Y3A6","TMED5","huMAP3_10362.1; huMAP3_08461.1; huMAP3_07118.1; huMAP3_11421.1; huMAP3_09886.1; huMAP3_12213.1","mutually_exclusive",0.59,25,190,195,86.69,86.15,16799.25,0.67,0.682,83.2254489536563,84.5475822867486,0.14,"KOG1693","KOG3287","no","Tissue enhanced","Low tissue specificity",-0.0656445314283276,"Golgi apparatus",null,null,266,false]
["P46527-P20248","P20248-P06493","Burke_et_al","P46527; P20248","P20248; P06493","P20248","CCNA2","P06493","CDK1","P46527","CDKN1B","huMAP3_14722.1; huMAP3_06587.1; huMAP3_10449.1","structurally_consistent",2.88,0,0,0,null,null,0,0.303,0.56,82.7852885610719,74.9475389550477,0.158,"KOG0594","KOG4743","no","Tissue enhanced","Low tissue specificity",0.157939331301044,"Nucleoplasm; Cytosol","Nucleoplasm",0.5,267,false]
["Q9BTC8-Q16576","Q9P2Y4-Q16576","Burke_et_al","Q9BTC8; Q16576","Q9P2Y4; Q16576","Q16576","RBBP7","Q9BTC8","MTA3","Q9P2Y4","ZNF219","huMAP3_09499.1; huMAP3_10472.1; huMAP3_15128.1","mutually_exclusive",0.14,24,249,208,73.58,64.06,13324.48,0.569,0.465,77.4433312957261,73.313028569652,0.13,"KOG3554","KOG1721","no","Tissue enhanced","Low tissue specificity",0.17759942360715,"Nucleoplasm","Nucleoplasm",1,268,false]
["P06730-Q13541","P06730-Q9NRA8","Burke_et_al","P06730; Q13541","P06730; Q9NRA8","P06730","EIF4E","Q9NRA8","EIF4ENIF1","Q13541","EIF4EBP1","huMAP3_13436.1; huMAP3_10733.1; huMAP3_13122.1; huMAP3_12383.1; huMAP3_12323.1; huMAP3_09957.1","mutually_exclusive",0.18,24,61,61,72.39,78.26,4415.79,0.611,0.599,87.7122512039949,91.839316002335,0.056,"ENOG502QRQE","ENOG502S4SY","no","Low tissue specificity","Tissue enhanced",-0.118389813939687,"Vesicles","Nucleoplasm; Cytosol",0,269,false]
["Q9HAF1_Q9NQC1","Q8WYH8_Q9HAF1","Janes_et_al","Q9HAF1; Q9NQC1","Q8WYH8; Q9HAF1","Q9HAF1","MEAF6","Q9NQC1","JADE2","Q8WYH8","ING5","huMAP3_08842.1; huMAP3_03602.1","mutually_exclusive",7.99,15,86,91,72.33,78.89,6220.38,0.5,0.51,92.7014545454545,91.0593333333333,0.156,"KOG0954","KOG1973","no","Low tissue specificity","Low tissue specificity",0.297022486763327,"Nucleoplasm",null,null,270,false]
["Q9NQC1-Q9HAF1","Q9NQC1-Q8WYH8","Burke_et_al","Q9NQC1; Q9HAF1","Q9NQC1; Q8WYH8","Q9NQC1","JADE2","Q9HAF1","MEAF6","Q8WYH8","ING5","huMAP3_03602.1; huMAP3_08842.1","mutually_exclusive",9.07,10,68,66,69.94,72.03,4755.92,0.262,0.59,78.4770434550926,81.1624170769826,0.466,"KOG3856","KOG1973","no","Low tissue specificity","Low tissue specificity",0.528915632221134,"Nuclear bodies",null,null,270,false]
["Q16718-O75489","Q16795-O75489","Burke_et_al","Q16718; O75489","Q16795; O75489","O75489","NDUFS3","Q16795","NDUFA9","Q16718","NDUFA5","huMAP3_09567.1; huMAP3_14018.1; huMAP3_06397.1; huMAP3_14878.1; huMAP3_14184.1; huMAP3_09982.1","structurally_consistent",0.65,0,0,0,null,null,0,0.595,0.266,85.1272375048595,79.7207704022002,0.858,"KOG2865","KOG3365","no","Low tissue specificity","Tissue enhanced",0.778150555271612,"Mitochondria",null,null,271,false]
["P28331-P49821","O43678-P28331","Burke_et_al","P28331; P49821","O43678; P28331","P28331","NDUFS1","P49821","NDUFV1","O43678","NDUFA2","huMAP3_02819.1; huMAP3_09567.1; huMAP3_14018.1; huMAP3_06397.1; huMAP3_14878.1; huMAP3_14184.1; huMAP3_09982.1","structurally_consistent",0.25,0,0,0,null,null,0,0.689,0.67,90.8449446179224,92.3051335718132,0.994,"KOG2658","KOG3446","no","Low tissue specificity","Low tissue specificity",0.875909647565607,"Mitochondria",null,null,272,false]
["Q9P086-Q9NVC6","O60244-Q9NVC6","Burke_et_al","Q9P086; Q9NVC6","O60244; Q9NVC6","Q9NVC6","MED17","Q9P086","MED11","O60244","MED14","huMAP3_02730.1","structurally_consistent",2.16,0,13,5,82.26,28.98,144.9,0.559,0.661,80.2407482566872,73.1854598656047,0.382,"KOG4057","KOG1875","no","Low tissue specificity","Low tissue specificity",0.322253325912419,"Nucleoplasm; Nuclear bodies","Nucleoplasm",0.5,273,false]
["Q9BW27-Q8NFH3","Q12769-Q9BW27","Burke_et_al","Q9BW27; Q8NFH3","Q12769; Q9BW27","Q9BW27","NUP85","Q12769","NUP160","Q8NFH3","NUP43","huMAP3_09825.1; huMAP3_12581.1; huMAP3_11797.1; huMAP3_08489.1","structurally_consistent",3.38,0,14,20,31.8,68.88,445.2,0.689,0.473,85.6428665291091,79.1310419266605,0.83,"KOG4521","KOG4714","no","Low tissue specificity","Low tissue specificity",0.57058532580227,null,"Nucleoplasm; Nuclear speckles",null,274,false]
["Q9Y6Q5-O75843","Q9Y6Q5-P63010","Burke_et_al","Q9Y6Q5; O75843","Q9Y6Q5; P63010","Q9Y6Q5","AP1M2","O75843","AP1G2","P63010","AP2B1","huMAP3_12376.1; huMAP3_10876.1; huMAP3_10762.1; huMAP3_12394.1; huMAP3_12918.1","mutually_exclusive",1.75,20,536,531,79.01,76.57,40658.67,0.51,0.721,74.0353947920546,82.2284895715018,0.084,"KOG1062","KOG1061","no","Low tissue specificity","Low tissue specificity",-0.237440473969242,null,"Vesicles",null,275,false]
["O60566-O43684","O43670-O43684","Burke_et_al","O60566; O43684","O43670; O43684","O43684","BUB3","O60566","BUB1B","O43670","ZNF207","huMAP3_12747.1","mutually_exclusive",0.15,27,261,233,63.36,65.07,16536.96,0.586,0.652,86.5066146123874,86.2012218476025,0.112,"KOG1166","KOG2893","no","Tissue enhanced","Low tissue specificity",0.533414492545709,"Cytosol","Nucleoplasm",0,276,false]
["P06730-Q13541","P06730-Q9UNK9","Burke_et_al","P06730; Q13541","P06730; Q9UNK9","P06730","EIF4E","Q13541","EIF4EBP1","Q9UNK9","ANGEL1","huMAP3_13436.1; huMAP3_13122.1; huMAP3_08691.1; huMAP3_12323.1; huMAP3_12383.1","mutually_exclusive",0.2,26,77,93,67.01,74.37,5159.77,0.611,0.593,87.7122512039949,83.6560377771006,0.06,"ENOG502S4SY","KOG2338","no","Tissue enhanced","Low tissue specificity",0.239028596255399,"Nucleoplasm; Cytosol","Nucleoplasm",0.5,277,false]
["Q92665-P82673","P51398-P82673","Burke_et_al","Q92665; P82673","P51398; P82673","P82673","MRPS35","P51398","DAP3","Q92665","MRPS31","huMAP3_11966.1; huMAP3_08556.1; huMAP3_05954.1; huMAP3_09015.1; huMAP3_07654.1; huMAP3_09602.1; huMAP3_05807.1; huMAP3_10701.1; huMAP3_10538.1","structurally_consistent",2.38,0,0,0,null,null,0,0.383,0.562,74.5714511512621,87.5070974262424,0.81,"KOG3928","ENOG502QSX9","no","Low tissue specificity","Low tissue specificity",0.758946309857911,"Nucleoplasm; Mitochondria","Mitochondria",0.5,278,false]
["P82673-P51398","P82673-Q96EL2","Burke_et_al","P82673; P51398","P82673; Q96EL2","P82673","MRPS35","P51398","DAP3","Q96EL2","MRPS24","huMAP3_11966.1; huMAP3_08556.1; huMAP3_05954.1; huMAP3_09015.1; huMAP3_07654.1; huMAP3_09602.1; huMAP3_05807.1; huMAP3_10701.1; huMAP3_10538.1","structurally_consistent",1.21,0,4,5,31.83,31.25,156.25,0.55,0.568,87.4077352638076,81.8259126990333,0.784,"KOG3928","ENOG502RXU1","no","Low tissue specificity","Tissue enhanced",0.69634127186991,"Nucleoplasm; Mitochondria",null,null,279,false]
["P31150-P51149","P31150-Q15286","Burke_et_al","P31150; P51149","P31150; Q15286","P31150","GDI1","P51149","RAB7A","Q15286","RAB35","huMAP3_08941.1; huMAP3_11094.1; huMAP3_09217.1","mutually_exclusive",0.26,13,185,180,83.6,85.4,15465.9999999999,0.547,0.387,73.5883543525653,74.5520313358578,0.54,"KOG0394","KOG0079","no","Low tissue specificity","Low tissue specificity",0.0076532138617887,"Lysosomes",null,null,280,false]
["O75489-O75251","O95182-O75489","Burke_et_al","O75489; O75251","O95182; O75489","O75489","NDUFS3","O95182","NDUFA7","O75251","NDUFS7","huMAP3_09567.1; huMAP3_14018.1; huMAP3_06397.1; huMAP3_08132.1; huMAP3_14878.1; huMAP3_14184.1; huMAP3_09982.1","structurally_consistent",1.4,0,5,7,29.91,43.04,149.55,0.424,0.319,89.5587786144619,77.0136293825754,0.556,"KOG4630","KOG1687","no","Low tissue specificity","Tissue enhanced",0.723818350486146,"Mitochondria",null,null,281,false]
["Q9NPF4-Q14657","Q9NPF4-Q96S44","Burke_et_al","Q9NPF4; Q14657","Q9NPF4; Q96S44","Q9NPF4","OSGEP","Q96S44","TP53RK","Q14657","LAGE3","huMAP3_11762.1; huMAP3_00664.1","structurally_consistent",0.24,0,12,27,40.72,94.27,488.64,0.658,0.687,96.6949831189477,87.7611381479287,0.382,"KOG3087","ENOG502SBSA","no","Low tissue specificity","Low tissue specificity",-0.357518765058843,null,"Nucleoplasm",null,282,false]
["Q9UPT5-Q8TAG9","Q9UPT5-Q8IYI6","Burke_et_al","Q9UPT5; Q8TAG9","Q9UPT5; Q8IYI6","Q9UPT5","EXOC7","Q8TAG9","EXOC6","Q8IYI6","EXOC8","huMAP3_09839.1; huMAP3_12587.1; huMAP3_04054.1; huMAP3_07009.1","structurally_consistent",2.82,0,0,0,null,null,0,0.353,0.582,75.6602750654764,81.5948523913577,0.218,"KOG2176","KOG2215","no","Tissue enriched","Low tissue specificity",0.215476235557274,"Vesicles","Cytosol",0,283,false]
["Q16539-Q9BUB5","Q16539-O75676","Burke_et_al","Q16539; Q9BUB5","Q16539; O75676","Q16539","MAPK14","Q9BUB5","MKNK1","O75676","RPS6KA4","huMAP3_14776.1","mutually_exclusive",0.16,29,374,439,70.84,70.15,30795.85,0.342,0.481,71.0878993723328,71.8379826250144,0.082,"KOG0607","KOG0603","no","Tissue enhanced","Tissue enhanced",0.108224824260767,"Nucleoplasm","Nucleoplasm",1,284,false]
["P31150-P51149","P31150-P61020","Burke_et_al","P31150; P51149","P31150; P61020","P31150","GDI1","P51149","RAB7A","P61020","RAB5B","huMAP3_08941.1; huMAP3_11094.1; huMAP3_09217.1","mutually_exclusive",0.13,22,202,194,79.98,82.41,16155.96,0.547,0.585,73.5883543525653,77.1893184415882,0.322,"KOG0394","KOG0092","no","Low tissue specificity","Low tissue specificity",0.534253230822751,"Lysosomes","Vesicles",0,285,false]
["Q13509-Q9BQE3","Q9BQE3-P07437","Burke_et_al","Q13509; Q9BQE3","Q9BQE3; P07437","Q9BQE3","TUBA1C","Q13509","TUBB3","P07437","TUBB","huMAP3_10665.1; huMAP3_09233.1; huMAP3_09603.1; huMAP3_09670.1; huMAP3_10475.1; huMAP3_14709.1; huMAP3_06977.1","mutually_exclusive",0.07,28,442,442,89.85,89.75,39669.5,0.682,0.666,86.8813114829544,86.1705604694357,0.394,"KOG1375","KOG1375","yes","Tissue enriched","Low tissue specificity",-0.0947585217525342,"Microtubules","Microtubules",1,286,false]
["Q9NP92-Q9NRX2","Q9NP92-Q16540","Burke_et_al","Q9NP92; Q9NRX2","Q9NP92; Q16540","Q9NP92","MRPS30","Q9NRX2","MRPL17","Q16540","MRPL23","huMAP3_09602.1; huMAP3_08458.1; huMAP3_11966.1; huMAP3_06550.1; huMAP3_08556.1; huMAP3_09483.1; huMAP3_06589.1; huMAP3_09113.1; huMAP3_10701.1; huMAP3_07939.1; huMAP3_10538.1; huMAP3_06439.1","structurally_consistent",0.15,0,0,0,null,null,0,0.251,0.407,87.4285404923826,89.8935037907776,0.982,"KOG3280","KOG4089","no","Low tissue specificity","Low tissue specificity",0.640100036760274,null,"Nucleoli fibrillar center; Mitochondria",null,287,false]
["Q92922-Q6STE5","Q92922-Q96GM5","Burke_et_al","Q92922; Q6STE5","Q92922; Q96GM5","Q92922","SMARCC1","Q96GM5","SMARCD1","Q6STE5","SMARCD3","huMAP3_03221.1; huMAP3_11470.1","mutually_exclusive",9.6,56,386,392,81,80.89,31708.88,0.679,0.684,78.794743281509,81.3577612861544,0.136,"KOG2570","KOG2570","yes","Low tissue specificity","Tissue enhanced",-0.397816190359551,"Nucleoplasm","Nucleoplasm",1,288,false]
["O95782-P63010","O95782-P53680","Burke_et_al","O95782; P63010","O95782; P53680","O95782","AP2A1","P53680","AP2S1","P63010","AP2B1","huMAP3_08540.1; huMAP3_08320.1; huMAP3_05120.1; huMAP3_09403.1; huMAP3_09107.1; huMAP3_10876.1; huMAP3_06283.1; huMAP3_10762.1; huMAP3_12394.1; huMAP3_05849.1; huMAP3_12918.1","structurally_consistent",4.64,0,5,7,32.15,90.89,160.75,0.475,0.722,74.3120693883561,90.477893102231,0.7,"KOG0935","KOG1061","no","Low tissue specificity","Low tissue specificity",-0.055998456727025,null,"Vesicles",null,289,false]
["Q4G0F5-Q96QK1","Q96QK1-O75436","Burke_et_al","Q4G0F5; Q96QK1","Q96QK1; O75436","Q96QK1","VPS35","Q4G0F5","VPS26B","O75436","VPS26A","huMAP3_13244.1; huMAP3_01277.1","mutually_exclusive",1.89,18,303,311,86.04,84.69,26338.59,0.618,0.61,92.375801686572,91.1931373810388,0.106,"KOG3063","KOG3063","yes","Low tissue specificity","Low tissue specificity",-0.0687832869010326,null,"Endosomes; Lysosomes",null,290,false]
["P62136-Q9UQ13","P62136-Q13625","Burke_et_al","P62136; Q9UQ13","P62136; Q13625","P62136","PPP1CA","Q13625","TP53BP2","Q9UQ13","SHOC2","huMAP3_14504.1; huMAP3_09354.1; huMAP3_09633.1; huMAP3_10148.1; huMAP3_06304.1","mutually_exclusive",0.16,14,223,174,85.16,60.41,10511.34,0.672,0.363,80.6387765466751,71.7040259100452,0.092,"KOG0515","KOG0619","no","Low tissue specificity","Low tissue specificity",0.279641454278806,"Cell Junctions; Cytosol","Nucleoplasm; Cytosol",0.333333333333333,291,false]
["P30154-Q66LE6","P67775-P30154","Burke_et_al","P30154; Q66LE6","P67775; P30154","P30154","PPP2R1B","Q66LE6","PPP2R2D","P67775","PPP2CA","huMAP3_13510.1; huMAP3_10333.1","structurally_consistent",0.62,0,4,7,69.53,71.91,278.12,0.337,0.67,84.353520191562,92.4254249036961,0.216,"KOG1354","KOG0371","no","Tissue enhanced","Low tissue specificity",-0.0827326129958342,"Cytosol",null,null,292,false]
["P22694-P31321","P22694-P24588","Burke_et_al","P22694; P31321","P22694; P24588","P22694","PRKACB","P24588","AKAP5","P31321","PRKAR1B","huMAP3_07046.1; huMAP3_14681.1; huMAP3_11135.1; huMAP3_13352.1","mutually_exclusive",0.22,18,165,95,82.2,47.47,4509.65,0.684,0.458,80.645819875607,74.0071451858825,0.06,"ENOG502S1NI","KOG1113","no","Tissue enriched","Tissue enriched",0.715064645695609,"Nucleoplasm",null,null,293,false]
["P62136-Q9H788","Q8WUF5-P62136","Burke_et_al","P62136; Q9H788","Q8WUF5; P62136","P62136","PPP1CA","Q9H788","SH2D4A","Q8WUF5","PPP1R13L","huMAP3_10148.1; huMAP3_06341.1; huMAP3_14504.1","mutually_exclusive",0.12,17,216,217,67.98,57.23,12418.91,0.596,0.681,74.5455820641913,74.7095213627929,0.052,"ENOG502QVV5","KOG0515","no","Low tissue specificity","Tissue enhanced",0.165264342893134,"Cytosol","Cytosol",1,294,false]
["P61026-P31150","Q13636-P31150","Burke_et_al","P61026; P31150","Q13636; P31150","P31150","GDI1","P61026","RAB10","Q13636","RAB31","huMAP3_01895.1; huMAP3_11094.1; huMAP3_06994.1; huMAP3_08941.1; huMAP3_07302.1; huMAP3_11860.1; huMAP3_06607.1; huMAP3_09217.1","mutually_exclusive",0.18,22,190,186,81.93,83.37,15566.7,0.582,0.495,75.4651330803053,74.7600782502065,0.274,"KOG0078","KOG0092","no","Low tissue specificity","Low tissue specificity",-0.152976364133811,{"$nulls":3},295,false]
["P63027-O15400","O15400-Q5SQN1","Burke_et_al","P63027; O15400","O15400; Q5SQN1","O15400","STX7","Q5SQN1","SNAP47","P63027","VAMP2","huMAP3_13160.1; huMAP3_08929.1; huMAP3_06458.1; huMAP3_10587.1; huMAP3_00053.1","mutually_exclusive",0.8,12,57,68,71.67,67.77,4608.36,0.528,0.41,74.0051150698065,75.6316762113617,0.074,"KOG3065","KOG0860","no","Low tissue specificity","Tissue enhanced",0.499663063901516,"Cytosol",null,null,296,false]
["P22694-P13861","P22694-P24588","Burke_et_al","P22694; P13861","P22694; P24588","P22694","PRKACB","P13861","PRKAR2A","P24588","AKAP5","huMAP3_07046.1; huMAP3_14681.1; huMAP3_11135.1; huMAP3_13352.1","mutually_exclusive",0.24,21,183,104,81.29,47.26,4915.04,0.692,0.458,79.9606758020411,74.0071451858825,0.078,"KOG1113","ENOG502S1NI","no","Tissue enhanced","Tissue enriched",-0.178733484680259,null,"Nucleoplasm",null,297,false]
["P42025-P61163","P61163-Q9NZ32","Burke_et_al","P42025; P61163","P61163; Q9NZ32","P61163","ACTR1A","P42025","ACTR1B","Q9NZ32","ACTR10","huMAP3_09952.1; huMAP3_12900.1; huMAP3_04946.1","mutually_exclusive",0.21,11,215,238,92.13,87.45,20813.1,0.535,0.589,84.2558601419572,80.1666494454598,0.096,"KOG0676","KOG0676","yes","Low tissue specificity","Low tissue specificity",0.488573787787468,"Microtubules","Vesicles; Plasma membrane; Focal adhesion sites",0,298,true]
["P42025-Q9NZ32","P61163-Q9NZ32","Burke_et_al","P42025; Q9NZ32","P61163; Q9NZ32","Q9NZ32","ACTR10","P42025","ACTR1B","P61163","ACTR1A","huMAP3_09952.1; huMAP3_12900.1; huMAP3_04946.1","structurally_consistent",0.18,0,0,0,null,null,0,0.462,0.589,81.772312261045,80.1666494454598,0.274,"KOG0676","KOG0676","yes","Low tissue specificity","Low tissue specificity",0.603388749127248,"Microtubules","Microtubules",1,298,true]
["Q9UJC3-Q9H8T0","Q9H8T0-Q86VS8","Burke_et_al","Q9UJC3; Q9H8T0","Q9H8T0; Q86VS8","Q9H8T0","AKTIP","Q86VS8","HOOK3","Q9UJC3","HOOK1","huMAP3_11220.1; huMAP3_03865.1","mutually_exclusive",0.3,23,173,172,84.26,78.07,13428.04,0.331,0.352,84.0118820484292,81.0330849049544,0.072,"ENOG502QQM8","ENOG502QW1T","no","Low tissue specificity","Tissue enhanced",0.0633069095541576,"Centriolar satellite",null,null,299,false]
["P61026-P31150","P31150-P61018","Burke_et_al","P61026; P31150","P31150; P61018","P31150","GDI1","P61026","RAB10","P61018","RAB4B","huMAP3_01895.1; huMAP3_11094.1; huMAP3_06994.1; huMAP3_08941.1; huMAP3_11860.1; huMAP3_09217.1; huMAP3_06607.1","mutually_exclusive",0.18,16,177,187,84.89,85.13,15025.53,0.582,0.427,75.4651330803053,75.4247481945919,0.22,"KOG0078","KOG0086","no","Low tissue specificity","Tissue enhanced",-0.0743162450647216,{"$nulls":3},300,false]
["Q16576-Q13330","Q86YP4-Q16576","Burke_et_al","Q16576; Q13330","Q86YP4; Q16576","Q16576","RBBP7","Q13330","MTA1","Q86YP4","GATAD2A","huMAP3_09499.1; huMAP3_10472.1; huMAP3_15128.1","mutually_exclusive",0.17,27,261,174,74.2,50.11,8719.14,0.606,0.316,79.4118531455174,70.351725766117,0.144,"KOG3554","KOG3740","no","Low tissue specificity","Low tissue specificity",-0.0227152121505348,"Nucleoplasm","Nucleoplasm",1,301,false]
["Q96CW5-Q9BSJ2","Q96CW5-Q08AG7","Burke_et_al","Q96CW5; Q9BSJ2","Q96CW5; Q08AG7","Q96CW5","TUBGCP3","Q9BSJ2","TUBGCP2","Q08AG7","MZT1","huMAP3_14882.1; huMAP3_00522.1; huMAP3_09443.1","structurally_consistent",1.19,0,0,0,null,null,0,0.622,0.52,77.1320649659744,83.8207251106874,0.214,"KOG2001","ENOG502S6UI","no","Low tissue specificity","Low tissue specificity",-0.151754870083453,"Nucleoplasm; Centrosome",null,null,302,false]
["Q9BSJ2-Q08AG7","Q96CW5-Q9BSJ2","Burke_et_al","Q9BSJ2; Q08AG7","Q96CW5; Q9BSJ2","Q9BSJ2","TUBGCP2","Q96CW5","TUBGCP3","Q08AG7","MZT1","huMAP3_14882.1; huMAP3_00522.1; huMAP3_09443.1","structurally_consistent",1.39,0,11,4,79.48,31.26,125.04,0.252,0.622,73.6750529424038,77.1320649659744,0.204,"KOG2000","ENOG502S6UI","no","Low tissue specificity","Low tissue specificity",0.219666432912764,{"$nulls":3},302,false]
["Q9UBT2-Q9UBE0","P63279-Q9UBT2","Burke_et_al","Q9UBT2; Q9UBE0","P63279; Q9UBT2","Q9UBT2","UBA2","P63279","UBE2I","Q9UBE0","SAE1","huMAP3_07649.1","structurally_consistent",4.88,0,0,0,null,null,0,0.717,0.535,89.1547040602862,74.8842399174026,0.294,"KOG0424","KOG2014","no","Low tissue specificity","Low tissue specificity",0.145412139431589,"Nucleoplasm","Nucleoplasm; Cytosol",0.5,303,false]
["P24941-P20248","P38936-P20248","Burke_et_al","P24941; P20248","P38936; P20248","P20248","CCNA2","P24941","CDK2","P38936","CDKN1A","huMAP3_14722.1; huMAP3_10449.1","structurally_consistent",2.55,0,32,12,91.64,35.69,428.28,0.609,0.311,74.6923020063129,79.888362844554,0.274,"KOG0594","KOG4743","no","Low tissue specificity","Low tissue specificity",0.135389097654804,"Nucleoplasm","Nucleoplasm; Nuclear bodies",0.5,304,false]
["Q9NV70-Q96KP1","O60645-Q96KP1","Burke_et_al","Q9NV70; Q96KP1","O60645; Q96KP1","Q96KP1","EXOC2","O60645","EXOC3","Q9NV70","EXOC1","huMAP3_09839.1; huMAP3_12587.1; huMAP3_04054.1; huMAP3_07009.1","mutually_exclusive",3.54,13,40,43,82.31,84.02,3292.4,0.593,0.573,76.9740071309734,75.8861865486768,0.82,"KOG2286","KOG2148","no","Low tissue specificity","Low tissue specificity",-0.0371793888264202,"Nucleoplasm; Mitochondria","Plasma membrane; Microtubules",0,305,false]
["P31150-P51153","P31150-P61106","Burke_et_al","P31150; P51153","P31150; P61106","P31150","GDI1","P61106","RAB14","P51153","RAB13","huMAP3_11094.1; huMAP3_06994.1; huMAP3_08941.1; huMAP3_07302.1; huMAP3_09217.1","mutually_exclusive",0.37,11,176,191,85.79,83.15,15881.65,0.401,0.388,78.0133318233271,74.6970783105514,0.212,"KOG0097","KOG0078","no","Low tissue specificity","Low tissue specificity",0.0136121502386734,"Vesicles","Plasma membrane; Cytosol",0,306,false]
["O75864-P62136","Q9GZN8-P62136","Burke_et_al","O75864; P62136","Q9GZN8; P62136","P62136","PPP1CA","O75864","PPP1R37","Q9GZN8","C20orf27","huMAP3_14504.1","mutually_exclusive",0.12,14,124,117,69.14,70.15,8573.36,0.266,0.61,71.2980709444612,79.3171593170781,0.054,"KOG1908","ENOG502RXJD","no","Low tissue specificity","Tissue enhanced",0.178276697287024,"Cytosol","Nucleoplasm; Cytosol",0.5,307,false]
["P62714-P30153","P62714-Q9Y3A3","Burke_et_al","P62714; P30153","P62714; Q9Y3A3","P62714","PPP2CB","Q9Y3A3","MOB4","P30153","PPP2R1A","huMAP3_13510.1; huMAP3_09709.1; huMAP3_10333.1","structurally_consistent",0.15,0,1,2,95.92,92.71,185.42,0.678,0.249,93.1408049716567,81.9757228122824,0.206,"KOG1852","KOG0211","no","Low tissue specificity","Low tissue specificity",0.216097894725386,null,"Cytosol",null,308,false]
["Q9Y6Q5-O75843","P56377-O75843","Burke_et_al","Q9Y6Q5; O75843","P56377; O75843","O75843","AP1G2","Q9Y6Q5","AP1M2","P56377","AP1S2","huMAP3_08695.1; huMAP3_12376.1; huMAP3_03095.1; huMAP3_05843.1; huMAP3_06769.1; huMAP3_10876.1; huMAP3_10762.1; huMAP3_13055.1; huMAP3_06557.1; huMAP3_12394.1; huMAP3_12918.1","mutually_exclusive",2.43,13,137,129,77.71,90.89,10646.27,0.51,0.727,74.0353947920546,91.110430305594,0.174,"KOG0937","KOG0934","no","Low tissue specificity","Tissue enriched",0.13050943051814,"Vesicles","Golgi apparatus; Vesicles",0.5,309,false]
["P31150-P61106","P31150-P51151","Burke_et_al","P31150; P61106","P31150; P51151","P31150","GDI1","P61106","RAB14","P51151","RAB9A","huMAP3_01895.1; huMAP3_11094.1; huMAP3_06994.1; huMAP3_08941.1; huMAP3_09217.1","mutually_exclusive",0.39,13,183,180,84.14,86.84,15397.62,0.388,0.611,74.6970783105514,78.5289714439957,0.298,"KOG0097","KOG0394","no","Low tissue specificity","Low tissue specificity",0.228225491512411,"Vesicles","Nucleoplasm",0,310,false]
["O14770-P40424","P40424-P55347","Burke_et_al","O14770; P40424","P40424; P55347","P40424","PBX1","P55347","PKNOX1","O14770","MEIS2","huMAP3_11161.1; huMAP3_10672.1","mutually_exclusive",2.68,58,226,226,70.58,71.64,15951.08,0.647,0.656,81.1881549929439,83.0220150892287,0.164,"KOG0773","KOG0773","yes","Low tissue specificity","Tissue enhanced",0.0185650116898937,"Nucleoplasm","Nucleoplasm",1,311,false]
["P61026-P31150","P31150-P51151","Burke_et_al","P61026; P31150","P31150; P51151","P31150","GDI1","P61026","RAB10","P51151","RAB9A","huMAP3_01895.1; huMAP3_11094.1; huMAP3_06994.1; huMAP3_08941.1; huMAP3_11860.1; huMAP3_09217.1","mutually_exclusive",0.29,24,194,197,81.53,84.79,15816.82,0.582,0.611,75.4651330803053,78.5289714439957,0.317733333333333,"KOG0078","KOG0394","no","Low tissue specificity","Low tissue specificity",0.0456299896927071,null,"Nucleoplasm",null,312,false]
["Q9Y6W5-Q96F07","Q9UPY6-Q96F07","Burke_et_al","Q9Y6W5; Q96F07","Q9UPY6; Q96F07","Q96F07","CYFIP2","Q9Y6W5","WASF2","Q9UPY6","WASF3","huMAP3_09598.1; huMAP3_02474.1; huMAP3_13345.1","mutually_exclusive",0.61,95,321,328,61.04,61.5,19593.84,0.706,0.715,73.718394037522,75.2084516839157,0.076,"KOG1830","KOG1830","yes","Low tissue specificity","Tissue enhanced",-0.512815586258373,"Plasma membrane",null,null,313,false]
["P61966-O43747","Q10567-O43747","Burke_et_al","P61966; O43747","Q10567; O43747","O43747","AP1G1","Q10567","AP1B1","P61966","AP1S1","huMAP3_08695.1; huMAP3_12376.1; huMAP3_04311.1; huMAP3_10876.1; huMAP3_06769.1; huMAP3_10762.1; huMAP3_13055.1; huMAP3_06557.1; huMAP3_12394.1; huMAP3_12918.1","mutually_exclusive",1.91,13,64,30,92.1,28.06,841.8,0.728,0.52,91.1407109113401,70.5646602623442,0.112,"KOG1061","KOG0934","no","Low tissue specificity","Tissue enhanced",-0.0401111251205281,"Golgi apparatus","Golgi apparatus; Vesicles",0.5,314,false]
["Q9Y265-Q8N5I9","Q9Y265-Q9Y230","Burke_et_al","Q9Y265; Q8N5I9","Q9Y265; Q9Y230","Q9Y265","RUVBL1","Q8N5I9","NOPCHAP1","Q9Y230","RUVBL2","huMAP3_14133.1; huMAP3_02648.1; huMAP3_10481.1; huMAP3_07843.1; huMAP3_09291.1; huMAP3_14306.1","structurally_consistent",1.47,0,1,1,32.76,57.59,32.76,0.335,0.62,74.3910335761871,77.1431329607059,0.58,"ENOG502S6C1","KOG2680","no","Low tissue specificity","Low tissue specificity",-0.0078538515509384,"Nucleoplasm","Nucleoplasm; Cytosol",0.5,315,false]
["P22694-P13861","P22694-P31321","Burke_et_al","P22694; P13861","P22694; P31321","P22694","PRKACB","P13861","PRKAR2A","P31321","PRKAR1B","huMAP3_07046.1; huMAP3_14681.1; huMAP3_11135.1; huMAP3_13352.1","mutually_exclusive",0.07,42,327,318,82.31,84.47,26915.37,0.692,0.684,79.9606758020411,80.645819875607,0.084,"KOG1113","KOG1113","yes","Tissue enhanced","Tissue enriched",-0.208798702109454,{"$nulls":3},316,false]
["Q9Y2H1-Q70IA6","Q9Y2H1-Q9H8S9","Burke_et_al","Q9Y2H1; Q70IA6","Q9Y2H1; Q9H8S9","Q9Y2H1","STK38L","Q9H8S9","MOB1A","Q70IA6","MOB2","huMAP3_00730.1; huMAP3_11381.1; huMAP3_02959.1","mutually_exclusive",0.18,26,199,207,89,82.57,17091.9899999999,0.609,0.488,84.1992675920841,78.8415753508181,0.056,"KOG0440","KOG0440","yes","Low tissue specificity","Low tissue specificity",0.171858800701969,"Nucleoli","Nucleoli",1,317,false]
["Q92784-Q9BQE9","Q92784-Q8WUZ0","Burke_et_al","Q92784; Q9BQE9","Q92784; Q8WUZ0","Q92784","DPF3","Q8WUZ0","BCL7C","Q9BQE9","BCL7B","huMAP3_03221.1; huMAP3_11470.1","mutually_exclusive",7.43,14,81,79,69.67,66.82,5278.78,0.34,0.259,82.7600547099715,80.1059615498031,0.086,"KOG4095","KOG4095","yes","Low tissue specificity","Low tissue specificity",0.295534268251782,"Nucleoplasm","Nucleoplasm",1,318,false]
["P62136-Q15435","P62136-Q8NI77","Burke_et_al","P62136; Q15435","P62136; Q8NI77","P62136","PPP1CA","Q15435","PPP1R7","Q8NI77","KIF18A","huMAP3_06341.1; huMAP3_14504.1; huMAP3_09354.1; huMAP3_09633.1; huMAP3_10148.1","mutually_exclusive",0.13,18,131,119,70.71,64.53,7679.07,0.681,0.502,76.665993492679,74.0120595281965,0.078,"KOG0531","KOG0242","no","Low tissue specificity","Group enriched",0.341068981181628,"Nucleoli","Microtubules; Cytokinetic bridge",0,319,false]
["P31150-P51151","P31150-Q15286","Burke_et_al","P31150; P51151","P31150; Q15286","P31150","GDI1","P51151","RAB9A","Q15286","RAB35","huMAP3_08941.1; huMAP3_11094.1; huMAP3_09217.1","mutually_exclusive",0.35,18,180,177,87.29,85.67,15163.59,0.611,0.387,78.5289714439957,74.5520313358578,0.406,"KOG0394","KOG0079","no","Low tissue specificity","Low tissue specificity",0.340819453472408,"Nucleoplasm",null,null,320,false]
["Q16718-O75489","O75489-O75251","Burke_et_al","Q16718; O75489","O75489; O75251","O75489","NDUFS3","Q16718","NDUFA5","O75251","NDUFS7","huMAP3_09567.1; huMAP3_14018.1; huMAP3_06397.1; huMAP3_08132.1; huMAP3_14878.1; huMAP3_14184.1; huMAP3_09982.1","structurally_consistent",0.67,0,0,0,null,null,0,0.595,0.424,85.1272375048595,89.5587786144619,0.924,"KOG3365","KOG1687","no","Tissue enhanced","Tissue enhanced",0.589680842409553,{"$nulls":3},321,false]
["Q9Y6Q5-O75843","Q9Y6Q5-Q10567","Burke_et_al","Q9Y6Q5; O75843","Q9Y6Q5; Q10567","Q9Y6Q5","AP1M2","Q10567","AP1B1","O75843","AP1G2","huMAP3_08695.1; huMAP3_12376.1; huMAP3_04311.1; huMAP3_10876.1; huMAP3_06769.1; huMAP3_10762.1; huMAP3_13055.1; huMAP3_06557.1; huMAP3_12394.1; huMAP3_12918.1","mutually_exclusive",1.7,20,538,543,79.01,77.14,41887.02,0.51,0.716,74.0353947920546,81.5032037770118,0.052,"KOG1061","KOG1062","no","Low tissue specificity","Low tissue specificity",0.24348267956313,"Golgi apparatus",null,null,322,false]
["P31150-P61006","Q13636-P31150","Burke_et_al","P31150; P61006","Q13636; P31150","P31150","GDI1","Q13636","RAB31","P61006","RAB8A","huMAP3_01895.1; huMAP3_11094.1; huMAP3_06994.1; huMAP3_08941.1; huMAP3_07302.1; huMAP3_11860.1; huMAP3_09217.1; huMAP3_06607.1","mutually_exclusive",0.19,16,197,192,80.81,82.59,15919.57,0.423,0.495,72.8212759392587,74.7600782502065,0.224,"KOG0092","KOG0078","no","Low tissue specificity","Low tissue specificity",-0.167275901404561,null,"Nucleoplasm",null,323,false]
["P62136-Q9H788","Q6PJW8-P62136","Burke_et_al","P62136; Q9H788","Q6PJW8; P62136","P62136","PPP1CA","Q9H788","SH2D4A","Q6PJW8","CNST","huMAP3_06341.1; huMAP3_14504.1; huMAP3_09354.1; huMAP3_09633.1; huMAP3_10148.1; huMAP3_08717.1; huMAP3_08482.1","mutually_exclusive",0.11,15,199,166,71.08,47.96,7961.36,0.596,0.478,74.5455820641913,74.2121022251795,0.064,"ENOG502QVV5","ENOG502QSMS","no","Low tissue specificity","Low tissue specificity",-0.067927505543558,"Cytosol","Vesicles",0,324,false]
["Q13547-O75182","Q14687-Q13547","Burke_et_al","Q13547; O75182","Q14687; Q13547","Q13547","HDAC1","O75182","SIN3B","Q14687","GSE1","huMAP3_08800.1; huMAP3_15128.1; huMAP3_09031.1","mutually_exclusive",0.28,25,395,297,73.29,52.11,15476.67,0.72,0.263,83.7610420173234,70.4483582521564,0.122,"KOG4204","ENOG502QR0Q","no","Low tissue specificity","Low tissue specificity",0.0676637119291491,"Nucleoplasm","Mitochondria",0,325,false]
["Q12996-Q9H0L4","P33240-Q12996","Burke_et_al","Q12996; Q9H0L4","P33240; Q12996","Q12996","CSTF3","P33240","CSTF2","Q9H0L4","CSTF2T","huMAP3_09096.1; huMAP3_11757.1","mutually_exclusive",0.18,31,311,300,61.79,61.39,18417,0.604,0.644,76.9054652672844,72.6191615478788,0.284,"KOG0108","KOG0108","yes","Low tissue specificity","Low tissue specificity",0.0950589263995189,"Nucleoplasm","Nucleoplasm",1,326,false]
["P82673-P82933","Q9Y291-P82673","Burke_et_al","P82673; P82933","Q9Y291; P82673","P82673","MRPS35","Q9Y291","MRPS33","P82933","MRPS9","huMAP3_11966.1; huMAP3_08556.1; huMAP3_05954.1; huMAP3_09015.1; huMAP3_07654.1; huMAP3_09602.1; huMAP3_10701.1; huMAP3_10538.1","structurally_consistent",2.78,0,18,22,27.07,75.29,487.26,0.555,0.423,86.1896365350917,90.3407845078527,0.972,"KOG4104","KOG1697","no","Low tissue specificity","Low tissue specificity",0.906937903158253,null,"Mitochondria",null,327,false]
["P62136-Q9H788","P62136-Q8NI77","Burke_et_al","P62136; Q9H788","P62136; Q8NI77","P62136","PPP1CA","Q9H788","SH2D4A","Q8NI77","KIF18A","huMAP3_06341.1; huMAP3_14504.1; huMAP3_09354.1; huMAP3_09633.1; huMAP3_10148.1; huMAP3_08717.1; huMAP3_08482.1","mutually_exclusive",0.12,14,177,191,74.45,67.32,12858.12,0.596,0.502,74.5455820641913,74.0120595281965,0.13,"ENOG502QVV5","KOG0242","no","Low tissue specificity","Group enriched",-0.184160307833977,"Cytosol","Microtubules; Cytokinetic bridge",0,328,false]
["P62136-Q12972","P62136-Q96QC0","Burke_et_al","P62136; Q12972","P62136; Q96QC0","P62136","PPP1CA","Q12972","PPP1R8","Q96QC0","PPP1R10","huMAP3_14504.1","mutually_exclusive",0.17,32,85,89,56.79,58.41,4827.15,0.676,0.569,80.0582684320927,80.9872858014994,0.138,"KOG1880","ENOG502QQ2I","no","Low tissue specificity","Low tissue specificity",-0.419723468854979,"Nuclear speckles","Nucleoplasm",0,329,false]
["Q15363-P49755","P49755-Q9Y3A6","Burke_et_al","Q15363; P49755","P49755; Q9Y3A6","P49755","TMED10","Q15363","TMED2","Q9Y3A6","TMED5","huMAP3_10362.1; huMAP3_08461.1; huMAP3_07118.1; huMAP3_11421.1; huMAP3_09886.1; huMAP3_12213.1","mutually_exclusive",1.97,29,199,193,81.4,86.51,16198.6,0.658,0.682,80.0043735007756,84.5475822867486,0.654,"KOG1692","KOG3287","no","Low tissue specificity","Low tissue specificity",0.604356317970701,"Vesicles",null,null,330,false]
["Q9BYD3-Q9NZE8","Q9BYD3-Q8N5N7","Burke_et_al","Q9BYD3; Q9NZE8","Q9BYD3; Q8N5N7","Q9BYD3","MRPL4","Q9NZE8","MRPL35","Q8N5N7","MRPL50","huMAP3_09602.1; huMAP3_08458.1; huMAP3_11966.1; huMAP3_06550.1; huMAP3_08556.1; huMAP3_09483.1; huMAP3_06589.1; huMAP3_09113.1; huMAP3_10701.1; huMAP3_07939.1; huMAP3_10538.1; huMAP3_06439.1","structurally_consistent",0.95,0,7,3,39.51,41.29,276.57,0.317,0.562,81.6540535302493,90.3441578362015,0.866,"KOG4316","ENOG502S27V","no","Low tissue specificity","Low tissue specificity",0.404900630675059,null,"Mitochondria",null,331,false]
["P31150-P61106","P31150-P51149","Burke_et_al","P31150; P61106","P31150; P51149","P31150","GDI1","P61106","RAB14","P51149","RAB7A","huMAP3_11094.1; huMAP3_06994.1; huMAP3_08941.1; huMAP3_07302.1; huMAP3_09217.1","mutually_exclusive",0.3,13,184,186,83.73,83.28,15490.08,0.388,0.547,74.6970783105514,73.5883543525653,0.514,"KOG0097","KOG0394","no","Low tissue specificity","Low tissue specificity",-0.0305599258323661,"Vesicles","Lysosomes",0,332,false]
["P31150-P61106","Q13636-P31150","Burke_et_al","P31150; P61106","Q13636; P31150","P31150","GDI1","P61106","RAB14","Q13636","RAB31","huMAP3_01895.1; huMAP3_11094.1; huMAP3_06994.1; huMAP3_08941.1; huMAP3_07302.1; huMAP3_09217.1","mutually_exclusive",0.21,11,186,177,83.56,85.73,15542.16,0.388,0.495,74.6970783105514,74.7600782502065,0.22,"KOG0097","KOG0092","no","Low tissue specificity","Low tissue specificity",-0.133404229680724,"Vesicles",null,null,333,false]
["Q13547-Q96ST3","Q13547-O75182","Burke_et_al","Q13547; Q96ST3","Q13547; O75182","Q13547","HDAC1","Q96ST3","SIN3A","O75182","SIN3B","huMAP3_08800.1; huMAP3_09031.1; huMAP3_15128.1","mutually_exclusive",0.12,73,771,744,76.65,76.72,59097.15,0.722,0.72,85.9739716149993,83.7610420173234,0.352,"KOG4204","KOG4204","yes","Low tissue specificity","Low tissue specificity",0.135930174066755,"Nucleoplasm","Nucleoplasm",1,334,false]
["P61160-Q9BPX5","P61158-P61160","Burke_et_al","P61160; Q9BPX5","P61158; P61160","P61160","ACTR2","Q9BPX5","ARPC5L","P61158","ACTR3","huMAP3_14624.1; huMAP3_09309.1; huMAP3_14885.1; huMAP3_10743.1","structurally_consistent",0.27,0,3,3,73.6,94.22,220.8,0.322,0.37,81.9306889985743,80.0278587036909,0.356,"KOG3380","KOG0678","no","Low tissue specificity","Low tissue specificity",-0.0030205467093465,{"$nulls":3},335,false]
["O75420-O60573","Q6Y7W6-O60573","Burke_et_al","O75420; O60573","Q6Y7W6; O60573","O60573","EIF4E2","Q6Y7W6","GIGYF2","O75420","GIGYF1","huMAP3_07906.1; huMAP3_09382.1; huMAP3_13436.1; huMAP3_03545.1","mutually_exclusive",0.14,38,428,424,59.53,61.22,25478.84,0.59,0.619,85.2104474692137,87.7742355846841,0.1,"KOG1862","KOG1862","yes","Low tissue specificity","Low tissue specificity",0.160127794418437,"Cytosol","Vesicles",0,336,false]
["P62136-Q9H788","P62140-Q9H788","Burke_et_al","P62136; Q9H788","P62140; Q9H788","Q9H788","SH2D4A","P62140","PPP1CB","P62136","PPP1CA","huMAP3_06341.1; huMAP3_14504.1; huMAP3_09354.1; huMAP3_09633.1; huMAP3_10148.1; huMAP3_08717.1; huMAP3_00020.1; huMAP3_08482.1","mutually_exclusive",8.94,27,316,314,87.77,88.52,27735.32,0.596,0.639,74.5455820641913,73.9622612185376,0.556,"KOG0374","KOG0374","yes","Low tissue specificity","Low tissue specificity",0.267535182937719,"Nucleoplasm","Nucleoplasm; Plasma membrane; Cytosol",0.333333333333333,337,false]
["P15313-P36543","P15313-P21281","Burke_et_al","P15313; P36543","P15313; P21281","P15313","ATP6V1B1","P21281","ATP6V1B2","P36543","ATP6V1E1","huMAP3_10511.1; huMAP3_08678.1; huMAP3_01501.1; huMAP3_01413.1; huMAP3_07099.1; huMAP3_09477.1; huMAP3_12042.1; huMAP3_01899.1; huMAP3_05805.1; huMAP3_09873.1; huMAP3_13872.1; huMAP3_08381.1; huMAP3_10516.1; huMAP3_09242.1; huMAP3_07329.1","structurally_consistent",0.22,0,0,0,null,null,0,0.647,0.309,82.9617855892377,83.1703360886807,0.93,"KOG1351","KOG1664","no","Low tissue specificity","Low tissue specificity",0.609079226751202,"Vesicles",null,null,338,false]
["Q9Y2Y1-O14802","Q9BUI4-O14802","Burke_et_al","Q9Y2Y1; O14802","Q9BUI4; O14802","O14802","POLR3A","Q9Y2Y1","POLR3K","Q9BUI4","POLR3C","huMAP3_06426.1; huMAP3_00807.1; huMAP3_11092.1; huMAP3_09057.1; huMAP3_08487.1; huMAP3_14318.1","structurally_consistent",0.48,0,0,0,null,null,0,0.57,0.405,70.8953174634893,74.1718834935808,0.118,"KOG2906","KOG2587","no","Low tissue specificity","Low tissue specificity",-0.179104603680237,"Nucleoplasm","Nucleoplasm",1,339,false]
["P28331-P19404","O43678-P28331","Burke_et_al","P28331; P19404","O43678; P28331","P28331","NDUFS1","P19404","NDUFV2","O43678","NDUFA2","huMAP3_02819.1; huMAP3_09567.1; huMAP3_14018.1; huMAP3_06397.1; huMAP3_14878.1; huMAP3_14184.1; huMAP3_09982.1","structurally_consistent",0.28,0,0,0,null,null,0,0.293,0.67,80.4625196838683,92.3051335718132,1,"KOG3196","KOG3446","no","Tissue enhanced","Low tissue specificity",0.828493499986022,"Mitochondria",null,null,340,false]
["P52434-O95602","O95602-Q9GZS1","Burke_et_al","P52434; O95602","O95602; Q9GZS1","O95602","POLR1A","Q9GZS1","POLR1E","P52434","POLR2H","huMAP3_06426.1; huMAP3_00807.1; huMAP3_11092.1; huMAP3_09057.1; huMAP3_08487.1; huMAP3_14318.1","structurally_consistent",0.83,0,0,0,null,null,0,0.622,0.476,82.5250759647454,72.6578748919893,0.4,"KOG4183","KOG3400","no","Low tissue specificity","Low tissue specificity",0.177815338570216,"Nucleoplasm; Nucleoli fibrillar center","Nucleoplasm",0.5,341,false]
["P31150-P61106","P31150-P61018","Burke_et_al","P31150; P61106","P31150; P61018","P31150","GDI1","P61106","RAB14","P61018","RAB4B","huMAP3_01895.1; huMAP3_11094.1; huMAP3_06994.1; huMAP3_08941.1; huMAP3_09217.1","mutually_exclusive",0.13,13,197,198,81.63,84.09,16081.11,0.388,0.427,74.6970783105514,75.4247481945919,0.22,"KOG0097","KOG0086","no","Low tissue specificity","Tissue enhanced",-0.188130916672556,"Vesicles",null,null,342,false]
["Q8WUF5-P62136","P62136-O60927","Burke_et_al","Q8WUF5; P62136","P62136; O60927","P62136","PPP1CA","Q8WUF5","PPP1R13L","O60927","PPP1R11","huMAP3_10148.1; huMAP3_06341.1; huMAP3_14504.1","mutually_exclusive",0.11,17,70,64,63.22,46.23,2958.72,0.681,0.388,74.7095213627929,75.4184734787797,0.044,"KOG0515","KOG4102","no","Tissue enhanced","Low tissue specificity",0.227828228037006,"Cytosol","Vesicles",0,343,false]
["P30876-P19387","P30876-P36954","Burke_et_al","P30876; P19387","P30876; P36954","P30876","POLR2B","P19387","POLR2C","P36954","POLR2I","huMAP3_09843.1; huMAP3_11092.1; huMAP3_07454.1; huMAP3_07749.1; huMAP3_14318.1","structurally_consistent",0.37,0,0,0,null,null,0,0.695,0.478,89.8866301182837,78.9710818483733,0.462,"KOG1522","KOG2691","no","Low tissue specificity","Low tissue specificity",0.472341498375286,"Nucleoplasm","Nucleoplasm",1,344,false]
["O60826-Q7Z3J2","Q9UBQ0-Q7Z3J2","Burke_et_al","O60826; Q7Z3J2","Q9UBQ0; Q7Z3J2","Q7Z3J2","VPS35L","Q9UBQ0","VPS29","O60826","CCDC22","huMAP3_14444.1; huMAP3_07032.1","structurally_consistent",1.36,0,0,0,null,null,0,0.467,0.721,78.7206106151898,85.4893507645147,0.354,"KOG3325","KOG1937","no","Low tissue specificity","Low tissue specificity",0.176445225971938,"Vesicles; Cytosol","Endoplasmic reticulum",0,345,false]
["P62136-O60927","P62136-Q96QC0","Burke_et_al","P62136; O60927","P62136; Q96QC0","P62136","PPP1CA","O60927","PPP1R11","Q96QC0","PPP1R10","huMAP3_14504.1","mutually_exclusive",0.15,12,40,27,48.31,45.51,1228.77,0.388,0.569,75.4184734787797,80.9872858014994,0.05,"KOG4102","ENOG502QQ2I","no","Low tissue specificity","Low tissue specificity",0.760520723352117,"Vesicles","Nucleoplasm",0,346,false]
["P62136-Q9H788","P62136-Q12972","Burke_et_al","P62136; Q9H788","P62136; Q12972","P62136","PPP1CA","Q9H788","SH2D4A","Q12972","PPP1R8","huMAP3_06341.1; huMAP3_14504.1; huMAP3_09354.1; huMAP3_09633.1; huMAP3_10148.1; huMAP3_08717.1; huMAP3_08482.1","mutually_exclusive",0.12,25,166,130,67.53,58.08,7550.4,0.596,0.676,74.5455820641913,80.0582684320927,0.014,"ENOG502QVV5","KOG1880","no","Low tissue specificity","Low tissue specificity",-0.184672063738337,"Cytosol","Nuclear speckles",0,347,false]
["Q12905-Q12906","Q12905-Q96KR1","Burke_et_al","Q12905; Q12906","Q12905; Q96KR1","Q12905","ILF2","Q12906","ILF3","Q96KR1","ZFR","huMAP3_10538.1; huMAP3_10625.1; huMAP3_11966.1; huMAP3_07115.1","mutually_exclusive",0.14,45,555,554,71.64,70.63,39129.02,0.614,0.665,77.5639870816433,82.4984217782369,0.696,"KOG3792","KOG3792","yes","Low tissue specificity","Low tissue specificity",0.135047773490937,"Nucleoplasm; Nucleoli; Mitochondria","Nucleoplasm",0.333333333333333,348,false]
["Q86Y82-Q96AJ9","Q86Y82-O60499","Burke_et_al","Q86Y82; Q96AJ9","Q86Y82; O60499","Q86Y82","STX12","O60499","STX10","Q96AJ9","VTI1A","huMAP3_13160.1; huMAP3_06458.1; huMAP3_08929.1; huMAP3_10587.1","mutually_exclusive",3.34,16,46,49,80.63,56.39,2763.11,0.65,0.332,81.1902800511875,71.2656747633466,0.116,"KOG3202","KOG1666","no","Low tissue specificity","Low tissue specificity",0.0616311325311401,"Golgi apparatus; Vesicles","Golgi apparatus; Vesicles",1,349,false]
["P31150-P51153","P31150-P61020","Burke_et_al","P31150; P51153","P31150; P61020","P31150","GDI1","P61020","RAB5B","P51153","RAB13","huMAP3_08941.1; huMAP3_11094.1; huMAP3_09217.1","mutually_exclusive",0.19,12,178,181,85.23,85.62,15170.94,0.401,0.585,78.0133318233271,77.1893184415882,0.04,"KOG0092","KOG0078","no","Low tissue specificity","Low tissue specificity",-0.0683167163920954,"Vesicles","Plasma membrane; Cytosol",0,350,false]
["Q9NP92-Q9NRX2","Q9NP92-Q9BZE1","Burke_et_al","Q9NP92; Q9NRX2","Q9NP92; Q9BZE1","Q9NP92","MRPS30","Q9NRX2","MRPL17","Q9BZE1","MRPL37","huMAP3_09602.1; huMAP3_08458.1; huMAP3_11966.1; huMAP3_06550.1; huMAP3_08556.1; huMAP3_09483.1; huMAP3_06589.1; huMAP3_09113.1; huMAP3_10701.1; huMAP3_07939.1; huMAP3_10538.1; huMAP3_06439.1","structurally_consistent",0.26,0,5,5,70.22,32.85,164.25,0.251,0.666,87.4285404923826,86.6384368365392,0.974,"KOG3280","ENOG502QQAQ","no","Low tissue specificity","Low tissue specificity",0.301513419911474,null,"Mitochondria",null,351,false]
["Q9NVC6-Q9H944","O75586-Q9NVC6","Burke_et_al","Q9NVC6; Q9H944","O75586; Q9NVC6","Q9NVC6","MED17","Q9H944","MED20","O75586","MED6","huMAP3_02730.1","structurally_consistent",1.21,0,0,0,null,null,0,0.248,0.396,84.2537006963674,82.7596639361509,0.218,"KOG4309","KOG3169","no","Low tissue specificity","Low tissue specificity",0.395286120599303,null,"Nucleoplasm",null,352,false]
["P62136-Q9H788","P62136-Q15435","Burke_et_al","P62136; Q9H788","P62136; Q15435","P62136","PPP1CA","Q9H788","SH2D4A","Q15435","PPP1R7","huMAP3_06341.1; huMAP3_14504.1; huMAP3_09354.1; huMAP3_09633.1; huMAP3_10148.1; huMAP3_00020.1","mutually_exclusive",0.11,19,165,234,71.51,81.12,11799.15,0.596,0.681,74.5455820641913,76.665993492679,0.026,"ENOG502QVV5","KOG0531","no","Low tissue specificity","Low tissue specificity",-0.271824324973596,"Cytosol","Nucleoli",0,353,false]
["Q9UJW0-Q9NZ32","P61163-Q9NZ32","Burke_et_al","Q9UJW0; Q9NZ32","P61163; Q9NZ32","Q9NZ32","ACTR10","P61163","ACTR1A","Q9UJW0","DCTN4","huMAP3_09952.1; huMAP3_12900.1; huMAP3_04946.1","structurally_consistent",0.31,0,0,0,null,null,0,0.718,0.589,87.7931615765309,80.1666494454598,0.736,"KOG0676","KOG3896","no","Low tissue specificity","Low tissue specificity",0.283068008648198,"Microtubules","Nucleoplasm; Centrosome",0,354,false]
["O00231-Q15008","O00231-O00487","Burke_et_al","O00231; Q15008","O00231; O00487","O00231","PSMD11","Q15008","PSMD6","O00487","PSMD14","huMAP3_05064.1; huMAP3_09656.1; huMAP3_13725.1","structurally_consistent",1.06,0,0,0,null,null,0,0.432,0.232,73.7338896760574,84.629278139106,0.962,"KOG0687","KOG1555","no","Tissue enhanced","Low tissue specificity",0.355268869119641,null,"Nucleoplasm",null,355,false]
["Q9HCS7-Q99459","Q9HCS7-Q9ULR0","Burke_et_al","Q9HCS7; Q99459","Q9HCS7; Q9ULR0","Q9HCS7","XAB2","Q9ULR0","ISY1","Q99459","CDC5L","huMAP3_09504.1; huMAP3_09187.1; huMAP3_09945.1; huMAP3_15168.1","structurally_consistent",3.17,0,0,0,null,null,0,0.283,0.596,75.0094012601057,79.5069540686337,0.552,"KOG3068","KOG0050","no","Low tissue specificity","Low tissue specificity",0.547316980068582,"Nuclear speckles","Nucleoplasm",0,356,false]
["Q9NVC6-Q9H944","Q9P086-Q9NVC6","Burke_et_al","Q9NVC6; Q9H944","Q9P086; Q9NVC6","Q9NVC6","MED17","Q9P086","MED11","Q9H944","MED20","huMAP3_02730.1","structurally_consistent",1.47,0,0,0,null,null,0,0.248,0.559,84.2537006963674,80.2407482566872,0.41,"KOG4057","KOG4309","no","Low tissue specificity","Low tissue specificity",0.416773226524464,"Nucleoplasm; Nuclear bodies",null,null,357,false]
["P68371-Q9BQE3","Q13509-Q9BQE3","Burke_et_al","P68371; Q9BQE3","Q13509; Q9BQE3","Q9BQE3","TUBA1C","Q13509","TUBB3","P68371","TUBB4B","huMAP3_09233.1; huMAP3_14709.1; huMAP3_10475.1; huMAP3_10665.1","mutually_exclusive",0.06,26,439,440,90.2,90.1,39644,0.671,0.682,86.0629604878,86.8813114829544,0.262,"KOG1375","KOG1375","yes","Tissue enriched","Low tissue specificity",0.0223792003559188,"Microtubules","Microtubules",1,358,false]
["Q9Y6Q5-P63010","Q9Y6Q5-O43747","Burke_et_al","Q9Y6Q5; P63010","Q9Y6Q5; O43747","Q9Y6Q5","AP1M2","O43747","AP1G1","P63010","AP2B1","huMAP3_12376.1; huMAP3_10876.1; huMAP3_10762.1; huMAP3_12394.1; huMAP3_12918.1","mutually_exclusive",1.91,22,562,552,79.85,80.67,44875.7,0.721,0.603,82.2284895715018,73.7210880837403,0.532,"KOG1062","KOG1061","no","Low tissue specificity","Low tissue specificity",0.0444620574222715,"Golgi apparatus; Vesicles","Vesicles",0.5,359,false]
["Q8WUF5-P62136","P62136-Q8NI77","Burke_et_al","Q8WUF5; P62136","P62136; Q8NI77","P62136","PPP1CA","Q8NI77","KIF18A","Q8WUF5","PPP1R13L","huMAP3_10148.1; huMAP3_06341.1; huMAP3_14504.1","mutually_exclusive",0.12,20,331,399,59.66,71.01,19747.46,0.681,0.502,74.7095213627929,74.0120595281965,0.076,"KOG0242","KOG0515","no","Group enriched","Tissue enhanced",-0.102728596240031,"Microtubules; Cytokinetic bridge","Cytosol",0,360,false]
["Q96F07-Q92558","Q9UPY6-Q96F07","Burke_et_al","Q96F07; Q92558","Q9UPY6; Q96F07","Q96F07","CYFIP2","Q92558","WASF1","Q9UPY6","WASF3","huMAP3_09598.1; huMAP3_02474.1; huMAP3_13345.1","mutually_exclusive",0.8,97,371,359,58.12,59.54,21562.52,0.709,0.715,72.8172463560037,75.2084516839157,0.166,"KOG1830","KOG1830","yes","Tissue enhanced","Tissue enhanced",0.761244132700579,{"$nulls":3},361,false]
["P62136-Q13625","P62136-Q96QC0","Burke_et_al","P62136; Q13625","P62136; Q96QC0","P62136","PPP1CA","Q13625","TP53BP2","Q96QC0","PPP1R10","huMAP3_14504.1","mutually_exclusive",0.11,18,295,259,53.66,48.1,12457.9,0.363,0.569,71.7040259100452,80.9872858014994,0.032,"KOG0515","ENOG502QQ2I","no","Low tissue specificity","Low tissue specificity",-0.271932736185624,"Cell Junctions; Cytosol","Nucleoplasm",0,362,false]
["Q9NP92-Q9P0M9","Q9NP92-Q16540","Burke_et_al","Q9NP92; Q9P0M9","Q9NP92; Q16540","Q9NP92","MRPS30","Q16540","MRPL23","Q9P0M9","MRPL27","huMAP3_09602.1; huMAP3_08458.1; huMAP3_11966.1; huMAP3_06550.1; huMAP3_08556.1; huMAP3_09483.1; huMAP3_06589.1; huMAP3_03763.1; huMAP3_09113.1; huMAP3_10701.1; huMAP3_07939.1; huMAP3_10538.1; huMAP3_06439.1","structurally_consistent",0.16,0,0,0,null,null,0,0.273,0.407,74.977045956354,89.8935037907776,0.648,"KOG4089","KOG4600","no","Low tissue specificity","Low tissue specificity",0.34159819147613,"Nucleoli fibrillar center; Mitochondria",null,null,363,false]
["Q9H269-Q96AX1","P49754-Q9H269","Burke_et_al","Q9H269; Q96AX1","P49754; Q9H269","Q9H269","VPS16","Q96AX1","VPS33A","P49754","VPS41","huMAP3_08749.1; huMAP3_12945.1; huMAP3_02792.1; huMAP3_12433.1; huMAP3_13822.1","mutually_exclusive",2.79,11,265,254,89.37,90.59,23683.05,0.719,0.49,89.6510449144628,85.5015179995209,0.46,"KOG1302","KOG2066","no","Low tissue specificity","Low tissue specificity",-0.0687353428587782,"Nucleoplasm",null,null,364,false]
["Q9NYK5-Q9NRX2","Q9NP92-Q9NRX2","Burke_et_al","Q9NYK5; Q9NRX2","Q9NP92; Q9NRX2","Q9NRX2","MRPL17","Q9NP92","MRPS30","Q9NYK5","MRPL39","huMAP3_09602.1; huMAP3_08458.1; huMAP3_11966.1; huMAP3_06550.1; huMAP3_08556.1; huMAP3_09483.1; huMAP3_06589.1; huMAP3_09113.1; huMAP3_10701.1; huMAP3_07939.1; huMAP3_10538.1; huMAP3_06439.1","structurally_consistent",0.4,0,0,0,null,null,0,0.444,0.251,90.6303924063374,87.4285404923826,0.988,"KOG4461","KOG1637","no","Low tissue specificity","Low tissue specificity",0.5944102088887,null,"Mitochondria",null,365,false]
["Q9Y291-P82675","Q9Y3D9-P82675","Burke_et_al","Q9Y291; P82675","Q9Y3D9; P82675","P82675","MRPS5","Q9Y291","MRPS33","Q9Y3D9","MRPS23","huMAP3_11966.1; huMAP3_08556.1; huMAP3_05954.1; huMAP3_09015.1; huMAP3_09602.1; huMAP3_10701.1; huMAP3_10538.1","structurally_consistent",3.23,0,0,0,null,null,0,0.344,0.342,83.1738389367263,81.9478822792792,0.958,"KOG4104","ENOG502RZIC","no","Low tissue specificity","Low tissue specificity",0.698830553663193,null,"Mitochondria",null,366,false]
["P31150-P20338","P31150-P51151","Burke_et_al","P31150; P20338","P31150; P51151","P31150","GDI1","P20338","RAB4A","P51151","RAB9A","huMAP3_08941.1; huMAP3_09217.1; huMAP3_11094.1; huMAP3_11860.1","mutually_exclusive",0.35,12,185,180,85.26,86.32,15773.1,0.414,0.611,75.5352182013363,78.5289714439957,0.15,"KOG0086","KOG0394","no","Low tissue specificity","Low tissue specificity",-0.11496445046913,null,"Nucleoplasm",null,367,false]
["P31150-P51151","P31150-P61020","Burke_et_al","P31150; P51151","P31150; P61020","P31150","GDI1","P51151","RAB9A","P61020","RAB5B","huMAP3_08941.1; huMAP3_11094.1; huMAP3_09217.1","mutually_exclusive",0.11,27,191,189,84.32,82.6,15611.4,0.611,0.585,78.5289714439957,77.1893184415882,0.208,"KOG0394","KOG0092","no","Low tissue specificity","Low tissue specificity",{"v":2.39674395244327e-06,"d":"2.40E-06"},"Nucleoplasm","Vesicles",0,368,false]
["Q9BUE0-Q9NVC6","Q9NVC6-Q6P2C8","Burke_et_al","Q9BUE0; Q9NVC6","Q9NVC6; Q6P2C8","Q9NVC6","MED17","Q9BUE0","MED18","Q6P2C8","MED27","huMAP3_02730.1","structurally_consistent",1.11,0,0,0,null,null,0,0.501,0.519,78.9231931389739,82.4082629455197,0.436,"KOG3264","ENOG502QS6H","no","Low tissue specificity","Low tissue specificity",-0.0650789472441138,"Nucleoplasm","Nucleoplasm; Nucleoli",0.5,369,false]
["O75534-Q9Y3F4","Q9Y3F4-Q7Z422","Burke_et_al","O75534; Q9Y3F4","Q9Y3F4; Q7Z422","Q9Y3F4","STRAP","Q7Z422","SZRD1","O75534","CSDE1","huMAP3_09986.1; huMAP3_15264.1","mutually_exclusive",0.16,21,156,81,79.06,54.9,4446.9,0.476,0.367,80.0195985015097,81.3319478856819,0.116,"ENOG502RZH5","ENOG502QSJ1","no","Low tissue specificity","Tissue enhanced",0.680828153093565,"Nucleoplasm; Cytosol","Cytosol",0.5,370,false]
["Q13636-Q9UL26","Q13636-P26374","Burke_et_al","Q13636; Q9UL26","Q13636; P26374","Q13636","RAB31","P26374","CHML","Q9UL26","RAB22A","huMAP3_11094.1; huMAP3_11860.1","mutually_exclusive",0.16,10,131,158,90.78,89.58,14153.64,0.344,0.376,83.2667847792727,77.5194725355662,0.094,"KOG4405","KOG0092","no","Low tissue specificity","Low tissue specificity",-0.175219728159118,"Nucleoplasm; Cytosol",null,null,371,false]
["Q9NX70-Q6P2C8","Q6P2C8-Q9H944","Burke_et_al","Q9NX70; Q6P2C8","Q6P2C8; Q9H944","Q6P2C8","MED27","Q9NX70","MED29","Q9H944","MED20","huMAP3_02730.1","structurally_consistent",6.34,0,0,0,null,null,0,0.656,0.58,86.5291351567811,95.9002852711606,0.288,"ENOG502QRNJ","KOG4309","no","Low tissue specificity","Low tissue specificity",-0.457816980323476,"Nucleoplasm",null,null,372,false]
["P62136-Q15435","P62136-Q96QC0","Burke_et_al","P62136; Q15435","P62136; Q96QC0","P62136","PPP1CA","Q15435","PPP1R7","Q96QC0","PPP1R10","huMAP3_14504.1","mutually_exclusive",0.15,19,231,129,81.4,53.75,6933.75,0.681,0.569,76.665993492679,80.9872858014994,0.02,"KOG0531","ENOG502QQ2I","no","Low tissue specificity","Low tissue specificity",0.05088129159776,"Nucleoli","Nucleoplasm",0,373,false]
["P06730-O43432","P06730-Q13541","Burke_et_al","P06730; O43432","P06730; Q13541","P06730","EIF4E","Q13541","EIF4EBP1","O43432","EIF4G3","huMAP3_09957.1; huMAP3_13436.1; huMAP3_10733.1; huMAP3_13122.1; huMAP3_01678.1; huMAP3_01924.1; huMAP3_08691.1; huMAP3_04825.1; huMAP3_12323.1; huMAP3_12383.1","mutually_exclusive",0.29,27,102,78,72.02,66.21,5164.37999999999,0.344,0.611,79.7239465948822,87.7122512039949,0.148,"ENOG502S4SY","KOG0401","no","Tissue enhanced","Low tissue specificity",-0.231760198641101,"Nucleoplasm; Cytosol","Cytosol",0.5,374,false]
["O43747-P56377","Q10567-O43747","Burke_et_al","O43747; P56377","Q10567; O43747","O43747","AP1G1","Q10567","AP1B1","P56377","AP1S2","huMAP3_08695.1; huMAP3_12376.1; huMAP3_06769.1; huMAP3_10876.1; huMAP3_10762.1; huMAP3_13055.1; huMAP3_06557.1; huMAP3_12394.1; huMAP3_12918.1","mutually_exclusive",1.75,11,60,30,93.4,28.06,841.8,0.729,0.52,92.3292935530621,70.5646602623442,0.24,"KOG1061","KOG0934","no","Low tissue specificity","Tissue enriched",-0.230601604990263,"Golgi apparatus","Golgi apparatus; Vesicles",0.5,375,false]
["P31150-P51153","P31150-P51151","Burke_et_al","P31150; P51153","P31150; P51151","P31150","GDI1","P51151","RAB9A","P51153","RAB13","huMAP3_08941.1; huMAP3_11094.1; huMAP3_09217.1; huMAP3_06994.1","mutually_exclusive",0.24,12,175,180,85.52,87.28,14966,0.401,0.611,78.0133318233271,78.5289714439957,0.13,"KOG0394","KOG0078","no","Low tissue specificity","Low tissue specificity",0.346900935457745,"Nucleoplasm","Plasma membrane; Cytosol",0,376,false]
["Q9BTC8-Q16576","Q9NP50-Q16576","Burke_et_al","Q9BTC8; Q16576","Q9NP50; Q16576","Q16576","RBBP7","Q9BTC8","MTA3","Q9NP50","SINHCAF","huMAP3_15128.1","mutually_exclusive",0.16,15,59,65,74.12,82.24,4373.08,0.569,0.231,77.4433312957261,78.3301371252665,0.11,"KOG3554","ENOG502QSAG","no","Tissue enhanced","Low tissue specificity",0.26543210643543,"Nucleoplasm","Nucleoplasm",1,377,false]
["P68371-Q9BQE3","P68371-P07437","Burke_et_al","P68371; Q9BQE3","P68371; P07437","P68371","TUBB4B","Q9BQE3","TUBA1C","P07437","TUBB","huMAP3_09233.1; huMAP3_14709.1; huMAP3_10475.1; huMAP3_10665.1","structurally_consistent",0.36,0,0,0,null,null,0,0.671,0.621,86.0629604878,84.7399129344702,0.974,"KOG1376","KOG1375","no","Tissue enhanced","Low tissue specificity",0.281410410828816,"Microtubules","Microtubules",1,378,true]
["P68371-Q9BQE3","Q9BQE3-P07437","Burke_et_al","P68371; Q9BQE3","Q9BQE3; P07437","Q9BQE3","TUBA1C","P07437","TUBB","P68371","TUBB4B","huMAP3_09233.1; huMAP3_14709.1; huMAP3_10475.1; huMAP3_10665.1","mutually_exclusive",0.06,25,445,444,89.5,89.49,39733.56,0.671,0.666,86.0629604878,86.1705604694357,0.93,"KOG1375","KOG1375","yes","Low tissue specificity","Low tissue specificity",0.0482352436341563,"Microtubules","Microtubules",1,378,true]
["Q14566-Q9BTE3","P25205-Q14566","Burke_et_al","Q14566; Q9BTE3","P25205; Q14566","Q14566","MCM6","P25205","MCM3","Q9BTE3","MCMBP","huMAP3_12180.1; huMAP3_14758.1; huMAP3_11832.1; huMAP3_08554.1; huMAP3_11119.1; huMAP3_00154.1","mutually_exclusive",1.43,19,554,586,76.11,73.9,43305.4,0.332,0.58,70.4557149232976,70.6334370491429,0.254486486486486,"KOG0479","KOG2545","no","Low tissue specificity","Low tissue specificity",0.303827265330828,"Nucleoplasm","Nucleoplasm",1,379,false]
["P25205_Q9BTE3","Q14566_Q9BTE3","Janes_et_al","P25205; Q9BTE3","Q14566; Q9BTE3","Q9BTE3","MCMBP","P25205","MCM3","Q14566","MCM6","huMAP3_11832.1; huMAP3_11119.1; huMAP3_00154.1; huMAP3_14758.1; huMAP3_12180.1; huMAP3_08554.1","mutually_exclusive",0.31,38,628,628,71.81,79.63,45096.68,0.4,0.36,80.8947619047619,80.1729629629629,0.974,"KOG0479","KOG0480","no","Low tissue specificity","Tissue enhanced",0.925994734462049,"Nucleoplasm","Nucleoplasm",1,379,false]
["P25963-Q04864","P25963-Q01201","Burke_et_al","P25963; Q04864","P25963; Q01201","P25963","NFKBIA","Q01201","RELB","Q04864","REL","huMAP3_14474.1; huMAP3_05441.1","mutually_exclusive",1.07,20,308,315,78.74,75.61,23817.15,0.397,0.298,77.4666132818653,72.179993902888,0.08,"ENOG502QV8A","ENOG502QQS6","no","Low tissue specificity","Tissue enhanced",0.724983841080478,"Nucleoplasm",null,null,380,false]
["O75449_Q9BVA0","Q9BVA0_Q9H079","Janes_et_al","O75449; Q9BVA0","Q9BVA0; Q9H079","Q9BVA0","KATNB1","O75449","KATNA1","Q9H079","KATNBL1","huMAP3_11693.1; huMAP3_13167.1; huMAP3_04019.1; huMAP3_11361.1; huMAP3_14626.1","structurally_consistent",2.96,0,11,7,80.06,19,133,0.61,0.43,87.2996825396825,80.2964285714285,0.146,"KOG0738","ENOG502QT0F","no","Low tissue specificity","Low tissue specificity",0.102490763336546,"Centriolar satellite","Midbody; Mitotic spindle",0,381,true]
["Q9BVA0-O75449","O75449-Q9H079","Burke_et_al","Q9BVA0; O75449","O75449; Q9H079","O75449","KATNA1","Q9BVA0","KATNB1","Q9H079","KATNBL1","huMAP3_11361.1; huMAP3_04019.1; huMAP3_14626.1; huMAP3_11693.1; huMAP3_13167.1","mutually_exclusive",5.47,18,104,96,80.57,64.77,6217.92,0.483,0.497,79.9266598551117,83.0193978349042,0.082,"KOG0267","ENOG502QT0F","no","Low tissue specificity","Low tissue specificity",-0.0978318978339256,"Plasma membrane; Cytosol","Midbody; Mitotic spindle",0,381,true]
["P31150-P61006","P31150-P61018","Burke_et_al","P31150; P61006","P31150; P61018","P31150","GDI1","P61006","RAB8A","P61018","RAB4B","huMAP3_01895.1; huMAP3_11094.1; huMAP3_06994.1; huMAP3_08941.1; huMAP3_11860.1; huMAP3_09217.1; huMAP3_06607.1","mutually_exclusive",0.16,12,185,194,83.15,84.65,15382.75,0.423,0.427,72.8212759392587,75.4247481945919,0.129,"KOG0078","KOG0086","no","Low tissue specificity","Tissue enhanced",-0.260454859690847,"Nucleoplasm",null,null,382,false]
["Q13636-P31150","P31150-P51151","Burke_et_al","Q13636; P31150","P31150; P51151","P31150","GDI1","Q13636","RAB31","P51151","RAB9A","huMAP3_01895.1; huMAP3_11094.1; huMAP3_06994.1; huMAP3_08941.1; huMAP3_11860.1; huMAP3_09217.1","mutually_exclusive",0.3,20,181,183,83.96,86.3,15196.7599999999,0.495,0.611,74.7600782502065,78.5289714439957,0.162,"KOG0092","KOG0394","no","Low tissue specificity","Low tissue specificity",0.243617711985519,null,"Nucleoplasm",null,383,false]
["P62136-Q6NYC8","P62136-Q96QC0","Burke_et_al","P62136; Q6NYC8","P62136; Q96QC0","P62136","PPP1CA","Q6NYC8","PPP1R18","Q96QC0","PPP1R10","huMAP3_14504.1","mutually_exclusive",0.09,16,229,224,44.06,54.36,10089.74,0.462,0.569,71.9601633772259,80.9872858014994,0.022,"ENOG502RY8Q","ENOG502QQ2I","no","Low tissue specificity","Low tissue specificity",0.0072518345730885,"Plasma membrane","Nucleoplasm",0,384,false]
["P31150-P20338","Q13636-P31150","Burke_et_al","P31150; P20338","Q13636; P31150","P31150","GDI1","P20338","RAB4A","Q13636","RAB31","huMAP3_11094.1; huMAP3_08941.1; huMAP3_11860.1; huMAP3_09217.1; huMAP3_06607.1","mutually_exclusive",0.17,10,189,178,85.21,85.49,16104.69,0.414,0.495,75.5352182013363,74.7600782502065,0.024,"KOG0086","KOG0092","no","Low tissue specificity","Low tissue specificity",-0.0906228153557752,{"$nulls":3},385,false]
["Q9GZV5-Q15561","P46937-Q15561","Burke_et_al","Q9GZV5; Q15561","P46937; Q15561","Q15561","TEAD4","P46937","YAP1","Q9GZV5","WWTR1","huMAP3_14575.1; huMAP3_05786.1; huMAP3_10235.1; huMAP3_13677.1","mutually_exclusive",3.95,37,177,197,66.71,67.53,11807.6699999999,0.616,0.539,84.4941090012078,81.5776817671643,0.114,"KOG0940","KOG0940","yes","Low tissue specificity","Low tissue specificity",0.659654226389386,"Nucleoplasm","Nucleoplasm; Nuclear bodies",0.5,386,false]
["Q12905-Q96SI9","Q12905-Q12906","Burke_et_al","Q12905; Q96SI9","Q12905; Q12906","Q12905","ILF2","Q12906","ILF3","Q96SI9","STRBP","huMAP3_10538.1; huMAP3_10625.1; huMAP3_11966.1","mutually_exclusive",0.17,42,472,517,75.63,75.51,39038.67,0.617,0.614,81.3610277767843,77.5639870816433,0.944,"KOG3792","KOG3792","yes","Low tissue specificity","Low tissue specificity",0.291300396639669,"Nucleoplasm; Nucleoli; Mitochondria",null,null,387,false]
["P06730-Q9NRA8","P06730-Q9UNK9","Burke_et_al","P06730; Q9NRA8","P06730; Q9UNK9","P06730","EIF4E","Q9NRA8","EIF4ENIF1","Q9UNK9","ANGEL1","huMAP3_13436.1; huMAP3_12323.1; huMAP3_12383.1; huMAP3_13122.1","mutually_exclusive",0.24,26,118,167,62.81,72.77,7411.58,0.599,0.593,91.839316002335,83.6560377771006,0.15,"ENOG502QRQE","KOG2338","no","Low tissue specificity","Low tissue specificity",0.37531579941029,"Vesicles","Nucleoplasm",0,388,false]
["Q9Y2H1-Q9H8S9","Q9H8S9-Q7L9L4","Burke_et_al","Q9Y2H1; Q9H8S9","Q9H8S9; Q7L9L4","Q9H8S9","MOB1A","Q7L9L4","MOB1B","Q9Y2H1","STK38L","huMAP3_11381.1; huMAP3_02959.1","mutually_exclusive",0.22,15,226,186,69.31,79.92,15664.06,0.488,0.338,78.8415753508181,74.9773918523646,0.28,"KOG0440","KOG0605","no","Low tissue specificity","Low tissue specificity",0.110006160319261,"Nucleoplasm; Nucleoli","Cytosol",0,389,false]
["Q13573-O43660","O43660-Q9UMS4","Burke_et_al","Q13573; O43660","O43660; Q9UMS4","O43660","PLRG1","Q13573","SNW1","Q9UMS4","PRPF19","huMAP3_09187.1; huMAP3_09945.1; huMAP3_15168.1","structurally_consistent",1.33,0,1,2,44.79,90.89,44.79,0.52,0.357,81.2163832581858,89.4629307640021,0.546,"KOG2441","KOG0289","no","Low tissue specificity","Low tissue specificity",0.0163621339715815,"Nucleoplasm","Nuclear speckles",0,390,false]
["P62136-Q12972","Q99622-P62136","Burke_et_al","P62136; Q12972","Q99622; P62136","P62136","PPP1CA","Q12972","PPP1R8","Q99622","C12orf57","huMAP3_14504.1; huMAP3_09354.1; huMAP3_09633.1; huMAP3_10148.1; huMAP3_08717.1; huMAP3_06304.1; huMAP3_08482.1","mutually_exclusive",0.15,10,32,53,42.2,82.34,1350.4,0.676,0.329,80.0582684320927,78.8771315428005,0.078,"KOG1880","ENOG502S2W0","no","Low tissue specificity","Low tissue specificity",-0.0373871185479769,"Nuclear speckles","Nuclear speckles",1,391,false]
["P62136-O60927","P62136-Q8NI77","Burke_et_al","P62136; O60927","P62136; Q8NI77","P62136","PPP1CA","Q8NI77","KIF18A","O60927","PPP1R11","huMAP3_06341.1; huMAP3_14504.1; huMAP3_09354.1; huMAP3_09633.1; huMAP3_10148.1; huMAP3_08717.1; huMAP3_08482.1","mutually_exclusive",0.14,12,46,44,46.37,54.95,2133.02,0.388,0.502,75.4184734787797,74.0120595281965,0.106,"KOG0242","KOG4102","no","Group enriched","Low tissue specificity",-0.269605466948764,"Microtubules; Cytokinetic bridge","Vesicles",0,392,false]
["Q92665-P82673","P82673-P82933","Burke_et_al","Q92665; P82673","P82673; P82933","P82673","MRPS35","Q92665","MRPS31","P82933","MRPS9","huMAP3_11966.1; huMAP3_08556.1; huMAP3_05954.1; huMAP3_09015.1; huMAP3_07654.1; huMAP3_09602.1; huMAP3_05807.1; huMAP3_10701.1; huMAP3_10538.1","structurally_consistent",1.55,0,13,17,31.45,35.01,408.85,0.383,0.555,74.5714511512621,86.1896365350917,0.956,"ENOG502QSX9","KOG1697","no","Low tissue specificity","Low tissue specificity",0.65816731271789,"Mitochondria","Mitochondria",1,393,false]
["Q9NVC6-Q9H944","Q9NVC6-Q6P2C8","Burke_et_al","Q9NVC6; Q9H944","Q9NVC6; Q6P2C8","Q9NVC6","MED17","Q9H944","MED20","Q6P2C8","MED27","huMAP3_02730.1","structurally_consistent",1.06,0,1,1,93.42,91.48,91.48,0.248,0.519,84.2537006963674,82.4082629455197,0.268,"KOG4309","ENOG502QS6H","no","Low tissue specificity","Low tissue specificity",0.140005730403869,null,"Nucleoplasm; Nucleoli",null,394,false]
["P62136-Q9H788","P62136-Q96QC0","Burke_et_al","P62136; Q9H788","P62136; Q96QC0","P62136","PPP1CA","Q9H788","SH2D4A","Q96QC0","PPP1R10","huMAP3_14504.1","mutually_exclusive",0.15,18,191,154,68.43,60.86,9372.44,0.596,0.569,74.5455820641913,80.9872858014994,0.036,"ENOG502QVV5","ENOG502QQ2I","no","Low tissue specificity","Low tissue specificity",0.380501572936533,"Cytosol","Nucleoplasm",0,395,false]
["Q9Y294-P54198","Q9Y294-Q9NPG3","Burke_et_al","Q9Y294; P54198","Q9Y294; Q9NPG3","Q9Y294","ASF1A","Q9NPG3","UBN1","P54198","HIRA","huMAP3_08143.1; huMAP3_00115.1; huMAP3_10747.1; huMAP3_12711.1; huMAP3_12963.1; huMAP3_09859.1; huMAP3_11834.1; huMAP3_00724.1; huMAP3_09289.1; huMAP3_05517.1","mutually_exclusive",0.36,14,346,248,79.14,65.49,16241.52,0.454,0.345,77.3664212915672,85.4004757635625,0.404,"KOG4786","KOG0973","no","Low tissue specificity","Tissue enhanced",0.120771639306644,"Nucleoplasm","Nucleoplasm",1,396,false]
["Q9NUP9-Q5T2T1","Q9NUP9-Q8N3R9","Burke_et_al","Q9NUP9; Q5T2T1","Q9NUP9; Q8N3R9","Q9NUP9","LIN7C","Q5T2T1","MPP7","Q8N3R9","PALS1","huMAP3_14575.1; huMAP3_11195.1; huMAP3_08481.1; huMAP3_09519.1","mutually_exclusive",3.38,13,79,140,67.83,79.27,5358.57,0.652,0.374,81.8732749407272,82.9166219130113,0.096,"KOG0609","KOG0609","yes","Low tissue specificity","Low tissue specificity",0.0607913589134448,"Cell Junctions","Nucleoplasm",0,397,false]
["Q15436-P53992","Q15436-O94855","Burke_et_al","Q15436; P53992","Q15436; O94855","Q15436","SEC23A","P53992","SEC24C","O94855","SEC24D","huMAP3_07775.1; huMAP3_11128.1; huMAP3_13535.1; huMAP3_09282.1; huMAP3_00707.1; huMAP3_06453.1; huMAP3_12394.1; huMAP3_11237.1","mutually_exclusive",0.25,18,881,872,82.25,83.41,72462.25,0.629,0.565,74.2354000762597,76.2093941749515,0.136,"KOG1984","KOG1984","yes","Low tissue specificity","Low tissue specificity",0.19503191074483,"Vesicles","Vesicles",1,398,false]
["Q9NRL3-O43815","Q9NRL3-Q13033","Burke_et_al","Q9NRL3; O43815","Q9NRL3; Q13033","Q9NRL3","STRN4","Q13033","STRN3","O43815","STRN","huMAP3_13510.1; huMAP3_07644.1; huMAP3_09709.1; huMAP3_10333.1","mutually_exclusive",9.11,31,514,498,74.65,76.2,38370.1,0.453,0.555,70.5096346556076,76.1718609201351,0.136,"KOG0642","KOG0642","yes","Low tissue specificity","Low tissue specificity",0.149765387357878,"Cytosol","Cytosol",1,399,false]
["P62136-Q8NI77","P62136-Q6NYC8","Burke_et_al","P62136; Q8NI77","P62136; Q6NYC8","P62136","PPP1CA","Q6NYC8","PPP1R18","Q8NI77","KIF18A","huMAP3_09354.1; huMAP3_10148.1; huMAP3_09633.1; huMAP3_14504.1","mutually_exclusive",0.11,20,299,198,71.35,46.5,9207,0.502,0.462,74.0120595281965,71.9601633772259,0.04,"ENOG502RY8Q","KOG0242","no","Low tissue specificity","Group enriched",0.326376223723164,"Plasma membrane","Microtubules; Cytokinetic bridge",0,400,false]
["P31150-P61018","P31150-P51149","Burke_et_al","P31150; P61018","P31150; P51149","P31150","GDI1","P51149","RAB7A","P61018","RAB4B","huMAP3_08941.1; huMAP3_11094.1; huMAP3_09217.1; huMAP3_06994.1","mutually_exclusive",0.25,15,188,184,85,82.86,15246.24,0.427,0.547,75.4247481945919,73.5883543525653,0.236,"KOG0394","KOG0086","no","Low tissue specificity","Tissue enhanced",0.292060142357532,"Lysosomes",null,null,401,false]
["Q9NPG3-Q9NVP2","Q8IWY9-Q9NVP2","Burke_et_al","Q9NPG3; Q9NVP2","Q8IWY9; Q9NVP2","Q9NVP2","ASF1B","Q8IWY9","CDAN1","Q9NPG3","UBN1","huMAP3_08143.1; huMAP3_00115.1; huMAP3_10747.1; huMAP3_12711.1; huMAP3_12963.1; huMAP3_09859.1; huMAP3_11834.1; huMAP3_00724.1; huMAP3_09289.1; huMAP3_06020.1","mutually_exclusive",0.36,14,258,403,58.82,73.74,15175.56,0.328,0.388,88.2080987171029,72.699324811442,0.04,"ENOG502QPWR","KOG4786","no","Low tissue specificity","Low tissue specificity",0.404242274856225,"Cytosol","Nucleoplasm",0,402,false]
["P62136-Q9H788","P62136-Q9UQ13","Burke_et_al","P62136; Q9H788","P62136; Q9UQ13","P62136","PPP1CA","Q9H788","SH2D4A","Q9UQ13","SHOC2","huMAP3_06341.1; huMAP3_14504.1; huMAP3_09354.1; huMAP3_09633.1; huMAP3_10148.1; huMAP3_08717.1; huMAP3_00020.1; huMAP3_08482.1","mutually_exclusive",0.15,16,132,217,63.99,89.09,8446.68,0.596,0.672,74.5455820641913,80.6387765466751,0.026,"ENOG502QVV5","KOG0619","no","Low tissue specificity","Low tissue specificity",-0.0777511760707789,"Cytosol","Nucleoplasm; Cytosol",0.5,403,false]
["Q8NI27-Q96J01","Q8NI27-Q6I9Y2","Burke_et_al","Q8NI27; Q96J01","Q8NI27; Q6I9Y2","Q8NI27","THOC2","Q6I9Y2","THOC7","Q96J01","THOC3","huMAP3_09101.1; huMAP3_09225.1; huMAP3_11966.1; huMAP3_13659.1; huMAP3_13461.1; huMAP3_10789.1; huMAP3_04932.1; huMAP3_04872.1; huMAP3_09943.1; huMAP3_10299.1; huMAP3_02019.1; huMAP3_08159.1; huMAP3_12548.1","structurally_consistent",2.12,0,0,0,null,null,0,0.577,0.307,81.3118944063918,74.5660914825062,0.1,"KOG3215","KOG1407","no","Low tissue specificity","Low tissue specificity",0.0362763552871038,"Nuclear speckles; Cytosol","Nucleoplasm",0,404,false]
["P31150-P51153","Q6IQ22-P31150","Burke_et_al","P31150; P51153","Q6IQ22; P31150","P31150","GDI1","P51153","RAB13","Q6IQ22","RAB12","huMAP3_11094.1; huMAP3_06994.1; huMAP3_08941.1; huMAP3_07302.1; huMAP3_06607.1; huMAP3_09217.1","mutually_exclusive",0.23,12,174,184,85.96,83.21,15310.64,0.401,0.526,78.0133318233271,74.3377788253858,0.088,"KOG0078","KOG0078; KOG0395","yes","Low tissue specificity","Tissue enhanced",-0.225955474261659,"Plasma membrane; Cytosol","Vesicles",0,405,false]
["P24928-P52434","P24928-P61218","Burke_et_al","P24928; P52434","P24928; P61218","P24928","POLR2A","P61218","POLR2F","P52434","POLR2H","huMAP3_08487.1; huMAP3_14318.1; huMAP3_11092.1; huMAP3_06426.1","structurally_consistent",1.05,0,0,0,null,null,0,0.621,0.602,84.9118923494131,73.9674323066919,0.776,"KOG3405","KOG3400","no","Low tissue specificity","Low tissue specificity",0.07337862817047,"Nucleoplasm; Nucleoli fibrillar center","Nucleoplasm",0.5,406,false]
["P61026-P31150","P31150-P20338","Burke_et_al","P61026; P31150","P31150; P20338","P31150","GDI1","P61026","RAB10","P20338","RAB4A","huMAP3_11094.1; huMAP3_08941.1; huMAP3_11860.1; huMAP3_09217.1; huMAP3_06607.1","mutually_exclusive",0.18,14,178,185,84.72,84.69,15667.65,0.582,0.414,75.4651330803053,75.5352182013363,0.266,"KOG0078","KOG0086","no","Low tissue specificity","Low tissue specificity",0.33556837556619,{"$nulls":3},407,false]
["O43491-O95865","Q9H4G0-O95865","Burke_et_al","O43491; O95865","Q9H4G0; O95865","O95865","DDAH2","O43491","EPB41L2","Q9H4G0","EPB41L1","huMAP3_11077.1; huMAP3_09803.1","mutually_exclusive",0.05,21,528,518,73.97,72.84,37731.12,0.579,0.617,80.8957182105247,82.6400865458989,0.076,"KOG3527","KOG3527","yes","Tissue enhanced","Low tissue specificity",0.213415486507882,"Plasma membrane","Plasma membrane",1,408,false]
["Q9P086-Q9NVC6","Q9NVC6-Q6P2C8","Burke_et_al","Q9P086; Q9NVC6","Q9NVC6; Q6P2C8","Q9NVC6","MED17","Q9P086","MED11","Q6P2C8","MED27","huMAP3_02730.1","structurally_consistent",2.13,0,0,0,null,null,0,0.559,0.519,80.2407482566872,82.4082629455197,0.226,"KOG4057","ENOG502QS6H","no","Low tissue specificity","Low tissue specificity",-0.0310802241716212,"Nucleoplasm; Nuclear bodies","Nucleoplasm; Nucleoli",0.333333333333333,409,false]
["Q9Y6Q5-P63010","Q9Y6Q5-Q10567","Burke_et_al","Q9Y6Q5; P63010","Q9Y6Q5; Q10567","Q9Y6Q5","AP1M2","Q10567","AP1B1","P63010","AP2B1","huMAP3_12376.1; huMAP3_10876.1; huMAP3_10762.1; huMAP3_12394.1; huMAP3_12918.1","mutually_exclusive",0.12,56,855,853,80.31,80.09,68316.77,0.721,0.716,82.2284895715018,81.5032037770118,0.718,"KOG1061","KOG1061","yes","Low tissue specificity","Low tissue specificity",-0.0049755622307266,"Golgi apparatus","Vesicles",0,410,false]
["P31150-P61006","Q6IQ22-P31150","Burke_et_al","P31150; P61006","Q6IQ22; P31150","P31150","GDI1","P61006","RAB8A","Q6IQ22","RAB12","huMAP3_01895.1; huMAP3_11094.1; huMAP3_06994.1; huMAP3_08941.1; huMAP3_07302.1; huMAP3_11860.1; huMAP3_06607.1; huMAP3_09217.1","mutually_exclusive",0.26,17,201,207,79.67,78.37,16222.59,0.423,0.526,72.8212759392587,74.3377788253858,0.288,"KOG0078","KOG0078; KOG0395","yes","Low tissue specificity","Tissue enhanced",-0.433486783119108,"Nucleoplasm","Vesicles",0,411,false]
["Q99436-P28062","Q9Y244-Q99436","Burke_et_al","Q99436; P28062","Q9Y244; Q99436","Q99436","PSMB7","P28062","PSMB8","Q9Y244","POMP","huMAP3_00356.1; huMAP3_09656.1","structurally_consistent",0.6,0,0,0,null,null,0,0.527,0.337,92.3296467221261,71.6340477760846,0.064,"KOG0175","KOG3061","no","Low tissue specificity","Low tissue specificity",-0.0819809946142038,"Vesicles","Nuclear speckles",0,412,false]
["P61966-O43747","Q9Y6Q5-O43747","Burke_et_al","P61966; O43747","Q9Y6Q5; O43747","O43747","AP1G1","Q9Y6Q5","AP1M2","P61966","AP1S1","huMAP3_08695.1; huMAP3_12376.1; huMAP3_04311.1; huMAP3_06769.1; huMAP3_10876.1; huMAP3_10762.1; huMAP3_13055.1; huMAP3_06557.1; huMAP3_12394.1; huMAP3_12918.1","mutually_exclusive",2.58,21,130,132,90.64,80.45,10619.4,0.728,0.603,91.1407109113401,73.7210880837403,0.072,"KOG0937","KOG0934","no","Low tissue specificity","Tissue enhanced",-0.0704047420785005,"Vesicles","Golgi apparatus; Vesicles",0.5,413,false]
["P46527-P30281","P30281-P49918","Burke_et_al","P46527; P30281","P30281; P49918","P30281","CCND3","P49918","CDKN1C","P46527","CDKN1B","huMAP3_14722.1; huMAP3_10449.1","mutually_exclusive",0.11,25,105,129,72.45,66.95,8636.55,0.612,0.575,88.8305740685248,80.3346043408306,0.158,"KOG4743","KOG4743","yes","Tissue enhanced","Low tissue specificity",0.214330499388565,"Nucleoplasm; Nuclear bodies","Nucleoplasm",0.5,414,false]
["P31150-P61018","P31150-P61020","Burke_et_al","P31150; P61018","P31150; P61020","P31150","GDI1","P61020","RAB5B","P61018","RAB4B","huMAP3_08941.1; huMAP3_11094.1; huMAP3_09217.1","mutually_exclusive",0.32,15,188,179,85.68,85.95,16107.84,0.427,0.585,75.4247481945919,77.1893184415882,0.19,"KOG0092","KOG0086","no","Low tissue specificity","Tissue enhanced",-0.0292316063307578,"Vesicles",null,null,415,false]
["P31150-P61018","P31150-Q15286","Burke_et_al","P31150; P61018","P31150; Q15286","P31150","GDI1","Q15286","RAB35","P61018","RAB4B","huMAP3_08941.1; huMAP3_11094.1; huMAP3_09217.1","mutually_exclusive",0.1,12,192,178,85.15,85.45,16348.8,0.427,0.387,75.4247481945919,74.5520313358578,0.234,"KOG0079","KOG0086","no","Low tissue specificity","Tissue enhanced",-0.145559112674424,{"$nulls":3},416,false]
["P38936-P30281","P30281-P49918","Burke_et_al","P38936; P30281","P30281; P49918","P30281","CCND3","P49918","CDKN1C","P38936","CDKN1A","huMAP3_14722.1; huMAP3_10449.1","mutually_exclusive",0.13,25,101,112,68.94,71.79,6962.94,0.609,0.575,90.0919813775896,80.3346043408306,0.176,"KOG4743","KOG4743","yes","Tissue enhanced","Low tissue specificity",0.297927199157896,"Nucleoplasm; Nuclear bodies","Nucleoplasm; Nuclear bodies",1,417,false]
["P31150-P20338","Q6IQ22-P31150","Burke_et_al","P31150; P20338","Q6IQ22; P31150","P31150","GDI1","P20338","RAB4A","Q6IQ22","RAB12","huMAP3_11094.1; huMAP3_08941.1; huMAP3_11860.1; huMAP3_09217.1; huMAP3_06607.1","mutually_exclusive",0.17,11,200,191,82.67,81.29,15526.39,0.414,0.526,75.5352182013363,74.3377788253858,0.13,"KOG0086","KOG0078; KOG0395","no","Low tissue specificity","Tissue enhanced",0.494054467322785,null,"Vesicles",null,418,false]
["P61026-P31150","P31150-P61020","Burke_et_al","P61026; P31150","P31150; P61020","P31150","GDI1","P61026","RAB10","P61020","RAB5B","huMAP3_08941.1; huMAP3_11094.1; huMAP3_09217.1","mutually_exclusive",0.24,24,193,194,81.17,82.86,15665.81,0.582,0.585,75.4651330803053,77.1893184415882,0.576,"KOG0078","KOG0092","no","Low tissue specificity","Low tissue specificity",0.561659577639468,null,"Vesicles",null,419,false]
["Q9NVC6-Q9H944","O60244-Q9NVC6","Burke_et_al","Q9NVC6; Q9H944","O60244; Q9NVC6","Q9NVC6","MED17","O60244","MED14","Q9H944","MED20","huMAP3_02730.1","structurally_consistent",2.06,0,16,8,81.55,29.89,239.12,0.248,0.661,84.2537006963674,73.1854598656047,0.508,"KOG1875","KOG4309","no","Low tissue specificity","Low tissue specificity",0.459421506669389,"Nucleoplasm",null,null,420,false]
["O75864-P62136","P62136-Q9UQ13","Burke_et_al","O75864; P62136","P62136; Q9UQ13","P62136","PPP1CA","Q9UQ13","SHOC2","O75864","PPP1R37","huMAP3_05534.1; huMAP3_14504.1; huMAP3_09354.1; huMAP3_04660.1; huMAP3_09633.1; huMAP3_10148.1; huMAP3_08717.1; huMAP3_00020.1; huMAP3_08482.1","mutually_exclusive",0.15,13,188,240,68.26,86.13,12832.88,0.266,0.672,71.2980709444612,80.6387765466751,0.096,"KOG0619","KOG1908","no","Low tissue specificity","Low tissue specificity",-0.34883706452746,"Nucleoplasm; Cytosol","Cytosol",0.5,421,false]
["O75864-P62136","Q6PJW8-P62136","Burke_et_al","O75864; P62136","Q6PJW8; P62136","P62136","PPP1CA","O75864","PPP1R37","Q6PJW8","CNST","huMAP3_14504.1; huMAP3_09354.1; huMAP3_09633.1; huMAP3_10148.1; huMAP3_08717.1; huMAP3_08482.1","mutually_exclusive",0.1,13,242,165,71.78,47.55,7845.74999999999,0.266,0.478,71.2980709444612,74.2121022251795,0.066,"KOG1908","ENOG502QSMS","no","Low tissue specificity","Low tissue specificity",-0.0791896147640862,"Cytosol","Vesicles",0,422,false]
["Q8WUF5-P62136","P62136-Q15435","Burke_et_al","Q8WUF5; P62136","P62136; Q15435","P62136","PPP1CA","Q15435","PPP1R7","Q8WUF5","PPP1R13L","huMAP3_10148.1; huMAP3_06341.1; huMAP3_14504.1","mutually_exclusive",0.13,21,182,194,60.05,75.03,10929.1,0.681,0.681,74.7095213627929,76.665993492679,0.018,"KOG0531","KOG0515","no","Low tissue specificity","Tissue enhanced",0.0108329312354171,"Nucleoli","Cytosol",0,423,false]
["P31150-P51153","P31150-P61006","Burke_et_al","P31150; P51153","P31150; P61006","P31150","GDI1","P61006","RAB8A","P51153","RAB13","huMAP3_11094.1; huMAP3_06994.1; huMAP3_08941.1; huMAP3_07302.1; huMAP3_09217.1; huMAP3_06607.1","mutually_exclusive",0.36,11,178,185,85.23,83.3,15410.5,0.401,0.423,78.0133318233271,72.8212759392587,0.236,"KOG0078","KOG0078","yes","Low tissue specificity","Low tissue specificity",0.155558469848352,"Nucleoplasm","Plasma membrane; Cytosol",0,424,false]
["O00743-O75170","Q9UPN7-O00743","Burke_et_al","O00743; O75170","Q9UPN7; O00743","O00743","PPP6C","Q9UPN7","PPP6R1","O75170","PPP6R2","huMAP3_12079.1; huMAP3_01958.1; huMAP3_14031.1","mutually_exclusive",0.06,36,664,648,73.53,74.02,48823.92,0.683,0.678,82.9232668851467,83.3160580732052,0.042,"KOG2073","KOG2073","yes","Low tissue specificity","Low tissue specificity",0.276943674487255,"Cytosol","Cytosol",1,425,false]
["Q9UPN7-O00743","Q5H9R7-O00743","Burke_et_al","Q9UPN7; O00743","Q5H9R7; O00743","O00743","PPP6C","Q5H9R7","PPP6R3","Q9UPN7","PPP6R1","huMAP3_12079.1; huMAP3_01958.1; huMAP3_14031.1","mutually_exclusive",0.07,37,643,652,74.28,73.85,48150.2,0.678,0.699,83.3160580732052,80.2661507342809,0.09,"KOG2073","KOG2073","yes","Low tissue specificity","Low tissue specificity",0.280669360536921,"Nucleoplasm; Plasma membrane; Cytosol","Cytosol",0.333333333333333,426,false]
["P19388-P62487","P61218-P62487","Burke_et_al","P19388; P62487","P61218; P62487","P62487","POLR2G","P61218","POLR2F","P19388","POLR2E","huMAP3_14318.1; huMAP3_11092.1","structurally_consistent",0.22,0,1,1,89.96,42.21,42.21,0.497,0.346,88.944862045952,94.6399090296279,0.864,"KOG3405","KOG3218","no","Low tissue specificity","Low tissue specificity",0.446695062788477,"Nucleoplasm; Nucleoli fibrillar center","Nucleoplasm",0.5,427,false]
["P22694-P31323","P22694-P24588","Burke_et_al","P22694; P31323","P22694; P24588","P22694","PRKACB","P24588","AKAP5","P31323","PRKAR2B","huMAP3_07046.1; huMAP3_14681.1; huMAP3_11135.1; huMAP3_13352.1","mutually_exclusive",0.23,21,164,104,76.71,47.48,4937.92,0.681,0.458,79.4530410251365,74.0071451858825,0.134,"ENOG502S1NI","KOG1113","no","Tissue enriched","Tissue enhanced",0.116630917321526,"Nucleoplasm","Mitochondria",0,428,false]
["P31150-P61018","Q6IQ22-P31150","Burke_et_al","P31150; P61018","Q6IQ22; P31150","P31150","GDI1","P61018","RAB4B","Q6IQ22","RAB12","huMAP3_01895.1; huMAP3_11094.1; huMAP3_06994.1; huMAP3_08941.1; huMAP3_11860.1; huMAP3_09217.1; huMAP3_06607.1","mutually_exclusive",0.17,14,197,186,84.16,82.45,15335.7,0.427,0.526,75.4247481945919,74.3377788253858,0.022,"KOG0086","KOG0078; KOG0395","no","Tissue enhanced","Tissue enhanced",-0.120227536411454,null,"Vesicles",null,429,false]
["P22694-P31323","P22694-P31321","Burke_et_al","P22694; P31323","P22694; P31321","P22694","PRKACB","P31321","PRKAR1B","P31323","PRKAR2B","huMAP3_07046.1; huMAP3_14681.1; huMAP3_11135.1; huMAP3_13352.1","mutually_exclusive",0.07,38,332,329,79.46,84.58,26380.72,0.681,0.684,79.4530410251365,80.645819875607,0.118,"KOG1113","KOG1113","yes","Tissue enriched","Tissue enhanced",0.130307351650144,null,"Mitochondria",null,430,false]
["Q16795-O75489","O95182-O75489","Burke_et_al","Q16795; O75489","O95182; O75489","O75489","NDUFS3","O95182","NDUFA7","Q16795","NDUFA9","huMAP3_09567.1; huMAP3_14018.1; huMAP3_06397.1; huMAP3_14878.1; huMAP3_14184.1; huMAP3_09982.1","structurally_consistent",0.85,0,1,2,42.85,39.14,78.28,0.266,0.319,79.7207704022002,77.0136293825754,0.976,"KOG4630","KOG2865","no","Low tissue specificity","Low tissue specificity",0.903141202071547,"Mitochondria","Mitochondria",1,431,false]
["Q9BUI4-Q9BT43","O15318-Q9BUI4","Burke_et_al","Q9BUI4; Q9BT43","O15318; Q9BUI4","Q9BUI4","POLR3C","Q9BT43","POLR3GL","O15318","POLR3G","huMAP3_06426.1; huMAP3_00807.1; huMAP3_11092.1; huMAP3_09057.1; huMAP3_08487.1; huMAP3_14318.1","mutually_exclusive",0.08,52,115,113,71.55,68.72,7765.36,0.713,0.698,87.273013209996,88.1322606855673,0.086,"ENOG502QUPX","ENOG502RY1A","no","Low tissue specificity","Low tissue specificity",-0.0740851736972016,null,"Nucleoplasm",null,432,false]
["P18754-P63279","P61956-P63279","Burke_et_al","P18754; P63279","P61956; P63279","P63279","UBE2I","P18754","RCC1","P61956","SUMO2","huMAP3_07331.1; huMAP3_10000.1; huMAP3_12581.1; huMAP3_06494.1; huMAP3_08641.1","structurally_consistent",0.13,0,0,0,null,null,0,0.376,0.57,90.7023494888968,95.2857522120351,0.161,"KOG1426","KOG1769","no","Low tissue specificity","Low tissue specificity",0.23064964808924,"Nucleoplasm","Nucleoplasm; Nuclear bodies",0.5,433,false]
["Q8WUF5-P62136","Q9GZN8-P62136","Burke_et_al","Q8WUF5; P62136","Q9GZN8; P62136","P62136","PPP1CA","Q8WUF5","PPP1R13L","Q9GZN8","C20orf27","huMAP3_14504.1","mutually_exclusive",0.13,24,153,141,65.2,73.05,9975.6,0.681,0.61,74.7095213627929,79.3171593170781,0.016,"KOG0515","ENOG502RXJD","no","Tissue enhanced","Tissue enhanced",-0.112377050777925,"Cytosol","Nucleoplasm; Cytosol",0.5,434,false]
["Q6PJW8-P62136","P62136-Q13625","Burke_et_al","Q6PJW8; P62136","P62136; Q13625","P62136","PPP1CA","Q13625","TP53BP2","Q6PJW8","CNST","huMAP3_14504.1; huMAP3_09354.1; huMAP3_09633.1; huMAP3_10148.1; huMAP3_06304.1","mutually_exclusive",0.11,20,250,322,47.79,64.4,11947.5,0.478,0.363,74.2121022251795,71.7040259100452,0.134,"KOG0515","ENOG502QSMS","no","Low tissue specificity","Low tissue specificity",0.137953046517252,"Cell Junctions; Cytosol","Vesicles",0,435,false]
["P33991-Q14566","Q14566-Q9BTE3","Burke_et_al","P33991; Q14566","Q14566; Q9BTE3","Q14566","MCM6","P33991","MCM4","Q9BTE3","MCMBP","huMAP3_12180.1; huMAP3_14758.1; huMAP3_11832.1; huMAP3_08554.1; huMAP3_06061.1; huMAP3_11119.1; huMAP3_07113.1; huMAP3_00154.1; huMAP3_05529.1; huMAP3_09860.1","mutually_exclusive",1.35,22,583,557,74.13,75.08,43217.79,0.649,0.332,71.4366875845307,70.4557149232976,0.436,"KOG0478","KOG2545","no","Tissue enhanced","Low tissue specificity",0.130315135763994,"Nucleoplasm","Nucleoplasm",1,436,false]
["P62136-Q8NI77","Q9GZN8-P62136","Burke_et_al","P62136; Q8NI77","Q9GZN8; P62136","P62136","PPP1CA","Q8NI77","KIF18A","Q9GZN8","C20orf27","huMAP3_14504.1","mutually_exclusive",0.14,22,151,140,72.59,73.67,10961.09,0.502,0.61,74.0120595281965,79.3171593170781,0.082,"KOG0242","ENOG502RXJD","no","Group enriched","Tissue enhanced",-0.0471819733044207,"Microtubules; Cytokinetic bridge","Nucleoplasm; Cytosol",0,437,false]
["P62136-Q8NI77","Q99622-P62136","Burke_et_al","P62136; Q8NI77","Q99622; P62136","P62136","PPP1CA","Q8NI77","KIF18A","Q99622","C12orf57","huMAP3_14504.1; huMAP3_09354.1; huMAP3_09633.1; huMAP3_10148.1; huMAP3_08717.1; huMAP3_08482.1","mutually_exclusive",0.15,10,94,85,72.95,81.7,6857.3,0.502,0.329,74.0120595281965,78.8771315428005,0.04,"KOG0242","ENOG502S2W0","no","Group enriched","Low tissue specificity",-0.270552027729726,"Microtubules; Cytokinetic bridge","Nuclear speckles",0,438,false]
["Q8WUF5-P62136","P62136-Q6NYC8","Burke_et_al","Q8WUF5; P62136","P62136; Q6NYC8","P62136","PPP1CA","Q6NYC8","PPP1R18","Q8WUF5","PPP1R13L","huMAP3_10148.1; huMAP3_14504.1","mutually_exclusive",0.11,18,262,218,56.72,47.88,10437.84,0.681,0.462,74.7095213627929,71.9601633772259,0.048,"ENOG502RY8Q","KOG0515","no","Low tissue specificity","Tissue enhanced",-0.0306449835235095,"Plasma membrane","Cytosol",0,439,false]
["Q9Y2Y1-O14802","O14802-Q9Y535","Burke_et_al","Q9Y2Y1; O14802","O14802; Q9Y535","O14802","POLR3A","Q9Y535","POLR3H","Q9Y2Y1","POLR3K","huMAP3_06426.1; huMAP3_00807.1; huMAP3_11092.1; huMAP3_09057.1; huMAP3_08487.1; huMAP3_14318.1","structurally_consistent",0.73,0,0,0,null,null,0,0.57,0.394,70.8953174634893,71.7417545924787,0.152,"KOG3297","KOG2906","no","Low tissue specificity","Low tissue specificity",0.268447299983067,"Nucleoplasm","Nucleoplasm",1,440,false]
["P31150-P51151","Q6IQ22-P31150","Burke_et_al","P31150; P51151","Q6IQ22; P31150","P31150","GDI1","P51151","RAB9A","Q6IQ22","RAB12","huMAP3_01895.1; huMAP3_11094.1; huMAP3_06994.1; huMAP3_08941.1; huMAP3_11860.1; huMAP3_09217.1","mutually_exclusive",0.25,26,194,189,84.9,81.38,15380.82,0.611,0.526,78.5289714439957,74.3377788253858,0.082,"KOG0394","KOG0078; KOG0395","no","Low tissue specificity","Tissue enhanced",-0.162629536541295,"Nucleoplasm","Vesicles",0,441,false]
["P26196-Q9NPI6","P26196-Q8IZD4","Burke_et_al","P26196; Q9NPI6","P26196; Q8IZD4","P26196","DDX6","Q8IZD4","DCP1B","Q9NPI6","DCP1A","huMAP3_09746.1; huMAP3_04773.1; huMAP3_08733.1; huMAP3_13161.1; huMAP3_07143.1","mutually_exclusive",0.12,10,276,256,67.02,69.42,18497.52,0.267,0.524,73.2907219880298,73.5334596408877,0.04,"KOG2868","KOG2868","yes","Low tissue specificity","Low tissue specificity",-0.0252172400535243,"Vesicles; Cytosol","Cytoplasmic bodies",0,442,false]
["O00399-Q9BTE1","P42025-O00399","Burke_et_al","O00399; Q9BTE1","P42025; O00399","O00399","DCTN6","Q9BTE1","DCTN5","P42025","ACTR1B","huMAP3_09952.1; huMAP3_12900.1; huMAP3_04946.1","mutually_exclusive",0.26,19,134,155,87.48,92.27,11722.32,0.538,0.603,83.279987929888,87.0325105229408,0.15,"KOG3121","KOG0676","no","Low tissue specificity","Low tissue specificity",-0.288295123115122,"Nucleoplasm; Nuclear membrane","Microtubules",0,443,false]
["P31150-P20338","P31150-P51149","Burke_et_al","P31150; P20338","P31150; P51149","P31150","GDI1","P20338","RAB4A","P51149","RAB7A","huMAP3_08941.1; huMAP3_11094.1; huMAP3_09217.1","mutually_exclusive",0.25,12,187,183,84.75,83.12,15210.96,0.414,0.547,75.5352182013363,73.5883543525653,0.372,"KOG0086","KOG0394","no","Low tissue specificity","Low tissue specificity",0.439619796042746,null,"Lysosomes",null,444,false]
["Q8WUF5-P62136","Q6PJW8-P62136","Burke_et_al","Q8WUF5; P62136","Q6PJW8; P62136","P62136","PPP1CA","Q8WUF5","PPP1R13L","Q6PJW8","CNST","huMAP3_10148.1; huMAP3_06341.1; huMAP3_14504.1","mutually_exclusive",0.1,26,299,251,56.88,48.96,12288.96,0.681,0.478,74.7095213627929,74.2121022251795,0.076,"KOG0515","ENOG502QSMS","no","Tissue enhanced","Low tissue specificity",-0.0984413300333724,"Cytosol","Vesicles",0,445,false]
["O43683-O43684","O43670-O43684","Burke_et_al","O43683; O43684","O43670; O43684","O43684","BUB3","O43683","BUB1","O43670","ZNF207","huMAP3_03960.1","mutually_exclusive",0.11,29,200,163,64.55,60.21,9814.23,0.571,0.652,85.7147100393595,86.2012218476025,0.16,"KOG1166","KOG2893","no","Group enriched","Low tissue specificity",0.463322470692841,"Nucleoplasm","Nucleoplasm",1,446,false]
["Q96CW1-Q9NVZ3","Q0JRZ9-Q96CW1","Burke_et_al","Q96CW1; Q9NVZ3","Q0JRZ9; Q96CW1","Q96CW1","AP2M1","Q9NVZ3","NECAP2","Q0JRZ9","FCHO2","huMAP3_08540.1; huMAP3_08320.1; huMAP3_09403.1; huMAP3_09107.1; huMAP3_10876.1; huMAP3_06283.1; huMAP3_10762.1; huMAP3_12394.1; huMAP3_05849.1; huMAP3_12918.1","structurally_consistent",2.63,0,8,5,37.75,33.8,169,0.328,0.41,78.4682771613401,71.6097754703084,0.042,"KOG2500","KOG2398","no","Low tissue specificity","Low tissue specificity",0.278393947827229,"Endoplasmic reticulum","Centrosome",0,447,false]
["P62136-Q6NYC8","Q9GZN8-P62136","Burke_et_al","P62136; Q6NYC8","Q9GZN8; P62136","P62136","PPP1CA","Q6NYC8","PPP1R18","Q9GZN8","C20orf27","huMAP3_14504.1","mutually_exclusive",0.11,17,97,117,49.17,70.29,4769.49,0.462,0.61,71.9601633772259,79.3171593170781,0.016,"ENOG502RY8Q","ENOG502RXJD","no","Low tissue specificity","Tissue enhanced",0.0577891044738758,"Plasma membrane","Nucleoplasm; Cytosol",0,448,false]
["P63027-O15400","O15400-O95721","Burke_et_al","P63027; O15400","O15400; O95721","O15400","STX7","P63027","VAMP2","O95721","SNAP29","huMAP3_13160.1; huMAP3_08929.1; huMAP3_10587.1","mutually_exclusive",3.16,20,64,110,65.48,85.48,4190.72,0.528,0.675,74.0051150698065,82.461304700835,0.226615384615385,"KOG0860","KOG3065","no","Tissue enhanced","Low tissue specificity",-0.298535666816801,null,"Cytosol",null,449,false]
["P52434-O95602","P19388-O95602","Burke_et_al","P52434; O95602","P19388; O95602","O95602","POLR1A","P19388","POLR2E","P52434","POLR2H","huMAP3_06426.1; huMAP3_00807.1; huMAP3_11092.1; huMAP3_09057.1; huMAP3_08487.1; huMAP3_14318.1","structurally_consistent",1.03,0,0,0,null,null,0,0.622,0.693,82.5250759647454,80.9304293282557,0.966,"KOG3218","KOG3400","no","Low tissue specificity","Low tissue specificity",0.075971536909211,"Nucleoplasm","Nucleoplasm",1,450,false]
["P62136-Q6NYC8","P62136-Q13625","Burke_et_al","P62136; Q6NYC8","P62136; Q13625","P62136","PPP1CA","Q13625","TP53BP2","Q6NYC8","PPP1R18","huMAP3_14504.1; huMAP3_09354.1; huMAP3_09633.1; huMAP3_10148.1; huMAP3_06304.1","mutually_exclusive",0.12,14,251,325,47.88,63.07,12017.88,0.462,0.363,71.9601633772259,71.7040259100452,0.044,"KOG0515","ENOG502RY8Q","no","Low tissue specificity","Low tissue specificity",-0.0063178401793825,"Cell Junctions; Cytosol","Plasma membrane",0,451,false]
["P31150-P51151","P31150-P51149","Burke_et_al","P31150; P51151","P31150; P51149","P31150","GDI1","P51151","RAB9A","P51149","RAB7A","huMAP3_08941.1; huMAP3_11094.1; huMAP3_09217.1; huMAP3_06994.1","mutually_exclusive",0.16,28,200,207,84.08,79.55,16466.85,0.611,0.547,78.5289714439957,73.5883543525653,0.316,"KOG0394","KOG0394","yes","Low tissue specificity","Low tissue specificity",0.0483097396556581,"Nucleoplasm","Lysosomes",0,452,false]
["O43660-Q99459","O43660-Q15029","Burke_et_al","O43660; Q99459","O43660; Q15029","O43660","PLRG1","Q15029","EFTUD2","Q99459","CDC5L","huMAP3_09504.1; huMAP3_09187.1; huMAP3_09945.1; huMAP3_15168.1","structurally_consistent",7.2,0,0,0,null,null,0,0.327,0.359,74.4357801882552,76.4811102382586,0.858,"KOG0468","KOG0050","no","Low tissue specificity","Low tissue specificity",0.585992499713094,"Nucleoplasm","Nucleoplasm",1,453,false]
["P31150-P51153","P31150-P51149","Burke_et_al","P31150; P51153","P31150; P51149","P31150","GDI1","P51149","RAB7A","P51153","RAB13","huMAP3_11094.1; huMAP3_06994.1; huMAP3_08941.1; huMAP3_07302.1; huMAP3_09217.1","mutually_exclusive",0.18,12,175,186,85.17,82.82,15404.52,0.401,0.547,78.0133318233271,73.5883543525653,0.136,"KOG0394","KOG0078","no","Low tissue specificity","Low tissue specificity",0.095365353670775,"Lysosomes","Plasma membrane; Cytosol",0,454,false]
["Q9Y399-P82933","P82933-P51398","Burke_et_al","Q9Y399; P82933","P82933; P51398","P82933","MRPS9","P51398","DAP3","Q9Y399","MRPS2","huMAP3_11966.1; huMAP3_09015.1; huMAP3_07654.1; huMAP3_09602.1; huMAP3_05807.1; huMAP3_10701.1; huMAP3_10538.1","structurally_consistent",6.22,0,0,0,null,null,0,0.595,0.32,91.8229967044378,77.422820219265,0.998,"KOG3928","KOG0832","no","Low tissue specificity","Low tissue specificity",0.556271734740366,"Nucleoplasm; Mitochondria","Mitochondria",0.5,455,false]
["Q9UBQ0-Q7Z3J2","Q9UBI1-Q7Z3J2","Burke_et_al","Q9UBQ0; Q7Z3J2","Q9UBI1; Q7Z3J2","Q7Z3J2","VPS35L","Q9UBQ0","VPS29","Q9UBI1","COMMD3","huMAP3_14444.1; huMAP3_07032.1","structurally_consistent",1.24,0,0,0,null,null,0,0.721,0.244,85.4893507645147,72.2444695188134,0.188,"KOG3325","ENOG502R79J","no","Low tissue specificity","Low tissue specificity",0.551761294563647,"Vesicles; Cytosol",null,null,456,false]
["P30153-Q16537","P67775-Q16537","Burke_et_al","P30153; Q16537","P67775; Q16537","Q16537","PPP2R5E","P30153","PPP2R1A","P67775","PPP2CA","huMAP3_13510.1; huMAP3_09709.1; huMAP3_10333.1","structurally_consistent",0.26,0,0,0,null,null,0,0.552,0.306,80.819646751716,74.5369842442994,0.99,"KOG0211","KOG0371","no","Low tissue specificity","Low tissue specificity",0.0253604221577863,"Cytosol",null,null,457,false]
["P62136-Q8NI77","O75864-P62136","Burke_et_al","P62136; Q8NI77","O75864; P62136","P62136","PPP1CA","Q8NI77","KIF18A","O75864","PPP1R37","huMAP3_14504.1; huMAP3_09354.1; huMAP3_09633.1; huMAP3_10148.1; huMAP3_08717.1; huMAP3_08482.1","mutually_exclusive",0.1,13,388,360,78.12,79.69,30310.56,0.502,0.266,74.0120595281965,71.2980709444612,0.07,"KOG0242","KOG1908","no","Group enriched","Low tissue specificity",-0.26405847562396,"Microtubules; Cytokinetic bridge","Cytosol",0,458,false]
["P06730-Q13541","P06730-Q13542","Burke_et_al","P06730; Q13541","P06730; Q13542","P06730","EIF4E","Q13542","EIF4EBP2","Q13541","EIF4EBP1","huMAP3_13436.1; huMAP3_10733.1; huMAP3_13122.1; huMAP3_04702.1; huMAP3_07077.1; huMAP3_01924.1; huMAP3_12383.1; huMAP3_08691.1; huMAP3_04825.1; huMAP3_12323.1; huMAP3_09957.1","mutually_exclusive",0.09,27,78,82,67.36,65.88,5402.16,0.611,0.645,87.7122512039949,85.116209842236,0.042,"ENOG502S44S","ENOG502S4SY","no","Low tissue specificity","Tissue enhanced",0.311684848954148,"Nucleoplasm; Mitochondria","Nucleoplasm; Cytosol",0.333333333333333,459,false]
["P49755-Q9Y3Q3","Q15363-P49755","Burke_et_al","P49755; Q9Y3Q3","Q15363; P49755","P49755","TMED10","Q9Y3Q3","TMED3","Q15363","TMED2","huMAP3_10362.1; huMAP3_08461.1; huMAP3_07118.1; huMAP3_11421.1; huMAP3_09886.1; huMAP3_12213.1","mutually_exclusive",2.28,24,191,193,86.35,82.46,15914.78,0.67,0.658,83.2254489536563,80.0043735007756,0.356,"KOG1693","KOG1692","no","Tissue enhanced","Low tissue specificity",0.524837781551326,"Golgi apparatus","Vesicles",0,460,false]
["P62136-Q15435","P62136-Q13625","Burke_et_al","P62136; Q15435","P62136; Q13625","P62136","PPP1CA","Q13625","TP53BP2","Q15435","PPP1R7","huMAP3_09354.1; huMAP3_10148.1; huMAP3_09633.1; huMAP3_14504.1","mutually_exclusive",0.15,14,189,143,75.55,61.99,8864.57,0.681,0.363,76.665993492679,71.7040259100452,0.026,"KOG0515","KOG0531","no","Low tissue specificity","Low tissue specificity",0.336064022882405,"Cell Junctions; Cytosol","Nucleoli",0,461,false]
["P30153-Q15172","P30153-Q16537","Burke_et_al","P30153; Q15172","P30153; Q16537","P30153","PPP2R1A","Q16537","PPP2R5E","Q15172","PPP2R5A","huMAP3_13510.1; huMAP3_09709.1; huMAP3_10333.1","mutually_exclusive",1.12,16,453,460,85.4,84.1,38686,0.55,0.552,76.7540443131977,80.819646751716,0.102,"KOG2085","KOG2085","yes","Low tissue specificity","Low tissue specificity",0.259398591312564,"Cytosol","Cytosol",1,462,false]
["Q9UNP9-Q9HCS7","Q8WUD4-Q9HCS7","Burke_et_al","Q9UNP9; Q9HCS7","Q8WUD4; Q9HCS7","Q9HCS7","XAB2","Q9UNP9","PPIE","Q8WUD4","CCDC12","huMAP3_09504.1; huMAP3_06726.1; huMAP3_09945.1; huMAP3_15168.1; huMAP3_08501.1; huMAP3_09187.1","structurally_consistent",4.86,0,0,0,null,null,0,0.243,0.572,82.7075734837532,73.83465602078,0.31,"KOG0111","KOG3407","no","Low tissue specificity","Low tissue specificity",0.191758854668609,"Nuclear speckles","Nucleoplasm",0,463,false]
["P63027-O15400","O15400-O14653","Burke_et_al","P63027; O15400","O15400; O14653","O15400","STX7","P63027","VAMP2","O14653","GOSR2","huMAP3_13160.1; huMAP3_10587.1; huMAP3_08929.1; huMAP3_06458.1","structurally_consistent",1.1,0,5,6,62.82,84.13,314.1,0.528,0.349,74.0051150698065,79.3051184822096,0.156,"KOG0860","KOG3251","no","Tissue enhanced","Low tissue specificity",-0.0460430584271652,null,"Nucleoplasm; Golgi apparatus",null,464,false]
["Q99594-Q14135","Q9GZV5-Q99594","Burke_et_al","Q99594; Q14135","Q9GZV5; Q99594","Q99594","TEAD3","Q14135","VGLL4","Q9GZV5","WWTR1","huMAP3_10235.1; huMAP3_13677.1; huMAP3_14671.1","mutually_exclusive",4.53,21,88,107,56.47,62.65,4969.36,0.573,0.655,88.6724162555104,81.8448049663338,0.094,"ENOG502QTV3","KOG0940","no","Low tissue specificity","Low tissue specificity",0.4928977763141,"Nucleoli fibrillar center","Nucleoplasm; Nuclear bodies",0,465,false]
["Q9Y2T2-Q13367","Q9Y2T2-O00203","Burke_et_al","Q9Y2T2; Q13367","Q9Y2T2; O00203","Q9Y2T2","AP3M1","O00203","AP3B1","Q13367","AP3B2","huMAP3_12157.1; huMAP3_15082.1; huMAP3_14281.1; huMAP3_12325.1; huMAP3_03149.1; huMAP3_11493.1; huMAP3_13727.1; huMAP3_12813.1","mutually_exclusive",0.21,66,903,914,78.7,76.86,70250.04,0.726,0.724,85.8633084579974,85.1645001816332,0.04,"KOG1060","KOG1060","yes","Low tissue specificity","Group enriched",-0.303903593311501,"Nucleoplasm","Golgi apparatus",0,466,false]
["Q13636-P31150","P31150-Q15286","Burke_et_al","Q13636; P31150","P31150; Q15286","P31150","GDI1","Q13636","RAB31","Q15286","RAB35","huMAP3_08941.1; huMAP3_11094.1; huMAP3_09217.1","mutually_exclusive",0.18,13,175,174,86.45,86,14964,0.495,0.387,74.7600782502065,74.5520313358578,0.228,"KOG0092","KOG0079","no","Low tissue specificity","Low tissue specificity",0.0235285108633106,{"$nulls":3},467,false]
["Q9NX55-Q9BXJ9","Q9BXJ9-Q9GZZ1","Burke_et_al","Q9NX55; Q9BXJ9","Q9BXJ9; Q9GZZ1","Q9BXJ9","NAA15","Q9NX55","HYPK","Q9GZZ1","NAA50","huMAP3_13394.1; huMAP3_01027.1; huMAP3_10987.1","structurally_consistent",0.55,0,0,0,null,null,0,0.703,0.514,76.5116062796874,90.7690201684246,0.776,"KOG3450","KOG3138","no","Low tissue specificity","Tissue enhanced",0.437194135444936,"Nucleoplasm","Nucleoli",0,468,false]
["Q6PJW8-P62136","P62136-Q6NYC8","Burke_et_al","Q6PJW8; P62136","P62136; Q6NYC8","P62136","PPP1CA","Q6NYC8","PPP1R18","Q6PJW8","CNST","huMAP3_14504.1; huMAP3_09354.1; huMAP3_09633.1; huMAP3_10148.1; huMAP3_06304.1","mutually_exclusive",0.07,18,240,236,46.93,42.17,9952.12,0.478,0.462,74.2121022251795,71.9601633772259,0.086,"ENOG502RY8Q","ENOG502QSMS","no","Low tissue specificity","Low tissue specificity",0.0230211014397714,"Plasma membrane","Vesicles",0,469,false]
["P06730-Q13542","P06730-Q9UNK9","Burke_et_al","P06730; Q13542","P06730; Q9UNK9","P06730","EIF4E","Q13542","EIF4EBP2","Q9UNK9","ANGEL1","huMAP3_13436.1; huMAP3_13122.1; huMAP3_08691.1; huMAP3_12323.1; huMAP3_12383.1","mutually_exclusive",0.21,28,66,74,74.97,77.28,4948.02,0.645,0.593,85.116209842236,83.6560377771006,0.066,"ENOG502S44S","KOG2338","no","Low tissue specificity","Low tissue specificity",-0.310660577398327,"Nucleoplasm; Mitochondria","Nucleoplasm",0.5,470,false]
["P22694-P10644","P22694-P24588","Burke_et_al","P22694; P10644","P22694; P24588","P22694","PRKACB","P24588","AKAP5","P10644","PRKAR1A","huMAP3_14681.1; huMAP3_11135.1; huMAP3_13352.1","mutually_exclusive",0.22,20,162,92,82.32,48.42,4454.64,0.685,0.458,80.5771136770891,74.0071451858825,0.13,"ENOG502S1NI","KOG1113","no","Tissue enriched","Low tissue specificity",-0.12384053565922,"Nucleoplasm","Cytosol",0,471,false]
["P32780_Q6P1K8","Q13889_Q6P1K8","Janes_et_al","P32780; Q6P1K8","Q13889; Q6P1K8","Q6P1K8","GTF2H2C","P32780","GTF2H1","Q13889","GTF2H3","huMAP3_05174.1; huMAP3_12429.1; huMAP3_09908.1","mutually_exclusive",0.33,12,60,76,87.35,88.6,5241,0.69,0.71,87.5025,92.8779279279279,0.354,"KOG2074","KOG2487","no","Low tissue specificity","Low tissue specificity",-0.0368428227265162,"Nucleoplasm","Nucleoplasm",1,472,false]
["Q13889-Q6P1K8","P32780-Q13889","Burke_et_al","Q13889; Q6P1K8","P32780; Q13889","Q13889","GTF2H3","P32780","GTF2H1","Q6P1K8","GTF2H2C","huMAP3_12429.1; huMAP3_09908.1; huMAP3_05174.1","mutually_exclusive",0.64,24,60,43,84.7,56.45,2427.35,0.667,0.576,84.469267244285,77.6787010571339,0.118,"KOG2074","KOG2807","no","Low tissue specificity","Low tissue specificity",0.678465182292785,"Nucleoplasm","Nuclear speckles",0,472,false]
["Q9H1Y0_Q9Y4P8","O94817_Q9H1Y0","Janes_et_al","Q9H1Y0; Q9Y4P8","O94817; Q9H1Y0","Q9H1Y0","ATG5","Q9Y4P8","WIPI2","O94817","ATG12","huMAP3_14274.1","mutually_exclusive",0.19,17,55,68,48.65,91.26,2675.75,0.43,0.65,88.25,95.6162162162162,0.12,"KOG2110","KOG3439","no","Low tissue specificity","Low tissue specificity",-0.0920438360924626,"Cytosol","Nucleoplasm; Vesicles",0,473,false]
["P57086_Q8TF39","P57086_Q53GI3","Janes_et_al","P57086; Q8TF39","P57086; Q53GI3","P57086","SCAND1","Q8TF39","ZNF483","Q53GI3","ZNF394","huMAP3_14807.1","mutually_exclusive",9.73,27,297,277,73.89,75.92,21945.33,0.59,0.57,87.7393103448275,91.3897101449275,null,"KOG1721","KOG1721","yes","Low tissue specificity","Tissue enriched",-0.0431605201817904,"Nucleoli","Nucleoplasm",0,474,false]
["Q9Y5G2_Q9Y5G4","Q9Y5G4_Q9Y5G5","Janes_et_al","Q9Y5G2; Q9Y5G4","Q9Y5G4; Q9Y5G5","Q9Y5G4","PCDHGA9","Q9Y5G2","PCDHGB2","Q9Y5G5","PCDHGA8","huMAP3_12589.1; huMAP3_10439.1; huMAP3_15067.1","mutually_exclusive",2.5,24,596,575,86.41,83.16,47817,0.68,0.68,80.94828125,81.4897297297297,null,"KOG3594","KOG3594","yes","Low tissue specificity","Not detected",0.0594174125915721,"Vesicles; Plasma membrane; Cytosol","Vesicles; Plasma membrane",0.666666666666666,475,false]
["O60341_O95983","O60341_Q9P0W2","Janes_et_al","O60341; O95983","O60341; Q9P0W2","O60341","KDM1A","O95983","MBD3","Q9P0W2","HMG20B","huMAP3_15128.1","mutually_exclusive",0.16,12,59,42,59.24,30.98,1301.16,0.33,0.67,77.5257142857143,82.6411864406779,0.176,"KOG4161","KOG0381","no","Low tissue specificity","Low tissue specificity",0.289568944548042,"Nucleoplasm","Nucleoplasm",1,476,false]
["O43920_P03905","P03905_Q9NX14","Janes_et_al","O43920; P03905","P03905; Q9NX14","P03905","MT-ND4","O43920","NDUFS5","Q9NX14","NDUFB11","huMAP3_09982.1; huMAP3_09567.1; huMAP3_14878.1; huMAP3_06397.1; huMAP3_14018.1","structurally_consistent",0.3,0,1,1,83.95,39,39,0.35,0.66,90.08625,92.6148275862069,0.836,"KOG4110","KOG4808","no","Low tissue specificity","Tissue enhanced",0.661553723834111,null,"Mitochondria",null,477,false]
["O75306_Q16718","O75306_Q9P0J0","Janes_et_al","O75306; Q16718","O75306; Q9P0J0","O75306","NDUFS2","Q16718","NDUFA5","Q9P0J0","NDUFA13","huMAP3_09982.1; huMAP3_09567.1; huMAP3_08132.1; huMAP3_14878.1; huMAP3_06397.1; huMAP3_14018.1","structurally_consistent",0.53,0,0,0,null,null,0,0.43,0.57,95.1147826086956,94.2302127659574,0.964,"KOG3365","KOG3300","no","Tissue enhanced","Low tissue specificity",0.651782599275968,null,"Mitochondria",null,478,false]
["P54750_Q01064","Q01064_Q14123","Janes_et_al","P54750; Q01064","Q01064; Q14123","Q01064","PDE1B","P54750","PDE1A","Q14123","PDE1C","huMAP3_04335.1","mutually_exclusive",0.16,79,507,497,74.59,75.29,37817.13,0.59,0.61,96.6908,96.0648,null,"KOG3688","KOG3688","yes","Tissue enhanced","Tissue enhanced",0.159206719915482,"Nucleoplasm","Mitochondria; Cytosol",0,479,false]
["P54750_Q14123","Q01064_Q14123","Janes_et_al","P54750; Q14123","Q01064; Q14123","Q14123","PDE1C","P54750","PDE1A","Q01064","PDE1B","huMAP3_04335.1","mutually_exclusive",2.87,57,467,465,79.01,78.16,36344.4,0.52,0.61,95.5360784313725,96.0648,null,"KOG3688","KOG3688","yes","Tissue enhanced","Tissue enriched",-0.0064989278075541,"Nucleoplasm",null,null,479,false]
["P54750_Q14123","P54750_Q01064","Janes_et_al","P54750; Q14123","P54750; Q01064","P54750","PDE1A","Q14123","PDE1C","Q01064","PDE1B","huMAP3_04335.1","mutually_exclusive",0.41,54,446,425,79.37,80.53,35399.02,0.52,0.59,95.5360784313725,96.6908,null,"KOG3688","KOG3688","yes","Tissue enhanced","Tissue enriched",0.158738518319504,"Mitochondria; Cytosol",null,null,479,false]
["O95139_P51970","O43920_O95139","Janes_et_al","O95139; P51970","O43920; O95139","O95139","NDUFB6","P51970","NDUFA8","O43920","NDUFS5","huMAP3_09982.1; huMAP3_09567.1; huMAP3_14878.1; huMAP3_06397.1; huMAP3_14018.1; huMAP3_02819.1","structurally_consistent",9.22,0,0,0,null,null,0,0.29,0.37,79.2802702702702,86.7761538461538,0.98,"KOG3458","KOG4110","no","Tissue enhanced","Low tissue specificity",0.934983884261054,"Mitochondria",null,null,480,false]
["P24158_Q8IYL3","P24158_Q5SWH9","Janes_et_al","P24158; Q8IYL3","P24158; Q5SWH9","P24158","PRTN3","Q8IYL3","C1orf174","Q5SWH9","TMEM69","huMAP3_12535.1; huMAP3_13103.1","mutually_exclusive",0.06,26,50,89,47.37,80.24,2368.5,0.38,0.37,90.3675,91.05,0.084,"ENOG502SBCG","ENOG502RYSE","no","Low tissue specificity","Low tissue specificity",0.0897550029846312,"Nucleoplasm","Nucleoplasm",1,481,false]
["Q969Q0_Q96EY7","Q8IVS2_Q96EY7","Janes_et_al","Q969Q0; Q96EY7","Q8IVS2; Q96EY7","Q96EY7","PTCD3","Q969Q0","RPL36AL","Q8IVS2","MCAT","huMAP3_05807.1","structurally_consistent",1.49,0,0,0,null,null,0,0.34,0.42,84.9333333333333,90.3821428571428,0.094,"KOG3464","KOG2926","no","Low tissue specificity","Low tissue specificity",0.098637911122013,"Endoplasmic reticulum; Cytosol","Mitochondria",0,482,false]
["O95900_Q96EH3","O95900_Q96I51","Janes_et_al","O95900; Q96EH3","O95900; Q96I51","O95900","TRUB2","Q96EH3","MALSU1","Q96I51","RCC1L","huMAP3_09113.1; huMAP3_07939.1; huMAP3_06439.1; huMAP3_09483.1","structurally_consistent",0.7,0,4,6,22.5,42.41,90,0.34,0.68,85.4784615384615,88.8832051282051,0.402,"KOG3212","KOG1426","no","Low tissue specificity","Low tissue specificity",0.648487549632773,"Mitochondria","Nucleoplasm; Cytosol",0,483,false]
["Q9NVU0_Q9NW08","Q9H1D9_Q9NW08","Janes_et_al","Q9NVU0; Q9NW08","Q9H1D9; Q9NW08","Q9NW08","POLR3B","Q9NVU0","POLR3E","Q9H1D9","POLR3F","huMAP3_09057.1; huMAP3_14318.1; huMAP3_08487.1; huMAP3_11092.1; huMAP3_06426.1","structurally_consistent",1.02,0,0,0,null,null,0,0.64,0.4,82.1327999999999,85.7016666666666,0.33,"KOG2354","KOG3233","no","Tissue enhanced","Low tissue specificity",0.133223099969715,"Nucleoplasm","Nucleoplasm",1,484,false]
["P67775_Q9BUL8","O43638_P67775","Janes_et_al","P67775; Q9BUL8","O43638; P67775","P67775","PPP2CA","Q9BUL8","PDCD10","O43638","FOXS1","huMAP3_10333.1; huMAP3_13510.1","mutually_exclusive",0.11,16,50,21,65.98,24.35,511.35,0.45,0.62,76.8554545454545,94.2289655172414,null,"KOG4025","KOG2294","no","Low tissue specificity","Low tissue specificity",-0.0915748510556311,null,"Nucleoplasm; Cytosol",null,485,false]
["P53680_Q8NC96","O95782_P53680","Janes_et_al","P53680; Q8NC96","O95782; P53680","P53680","AP2S1","Q8NC96","NECAP1","O95782","AP2A1","huMAP3_06283.1; huMAP3_10876.1; huMAP3_12918.1; huMAP3_10762.1; huMAP3_09107.1; huMAP3_09403.1; huMAP3_12394.1; huMAP3_05849.1; huMAP3_08540.1; huMAP3_08320.1","mutually_exclusive",0.26,11,29,19,70.38,92.28,2041.02,0.5,0.72,93.3357142857142,95.10375,0.168,"KOG2500","KOG1077","no","Tissue enhanced","Low tissue specificity",0.289762754850196,"Vesicles","Vesicles",1,486,false]
["P61201_Q9UBW8","P61201_Q13619","Janes_et_al","P61201; Q9UBW8","P61201; Q13619","P61201","COPS2","Q9UBW8","COPS7A","Q13619","CUL4A","huMAP3_14528.1; huMAP3_09779.1","structurally_consistent",1.01,0,0,0,null,null,0,0.44,0.6,88.9906666666666,83.3878260869565,0.394,"KOG3250","KOG2167","no","Low tissue specificity","Tissue enhanced",0.474134190554015,"Nucleoplasm","Nucleoplasm",1,487,false]
["P38117_Q6IPR1","P13804_Q6IPR1","Janes_et_al","P38117; Q6IPR1","P13804; Q6IPR1","Q6IPR1","ETFRF1","P38117","ETFB","P13804","ETFA","huMAP3_09941.1; huMAP3_12388.1; huMAP3_10297.1","mutually_exclusive",0.39,12,29,25,89.14,87.8,2195,0.47,0.44,87.4282352941176,83.6371428571428,0.95,"KOG3180","KOG3954","no","Tissue enhanced","Tissue enhanced",0.799295889740605,"Mitochondria","Mitochondria",1,488,false]
["P13804_P38117","P13804_Q6IPR1","Janes_et_al","P13804; P38117","P13804; Q6IPR1","P13804","ETFA","P38117","ETFB","Q6IPR1","ETFRF1","huMAP3_09941.1; huMAP3_12388.1; huMAP3_10297.1","mutually_exclusive",0.57,23,16,20,93.85,76.25,1525,0.73,0.44,97.4121341463414,83.6371428571428,0.184,"KOG3180","ENOG502S4S4","no","Tissue enhanced","Low tissue specificity",0.743269522851702,"Mitochondria",null,null,488,false]
["P13804_P38117","P38117_Q6IPR1","Janes_et_al","P13804; P38117","P38117; Q6IPR1","P38117","ETFB","P13804","ETFA","Q6IPR1","ETFRF1","huMAP3_09941.1; huMAP3_12388.1; huMAP3_10297.1","mutually_exclusive",0.27,14,47,17,97.32,65.23,1108.91,0.73,0.47,97.4121341463414,87.4282352941176,0.152,"KOG3954","ENOG502S4S4","no","Tissue enhanced","Low tissue specificity",0.794170845362302,"Mitochondria",null,null,488,false]
["P51398_Q08170","P51398_Q8IVS2","Janes_et_al","P51398; Q08170","P51398; Q8IVS2","P51398","DAP3","Q08170","SRSF4","Q8IVS2","MCAT","huMAP3_05807.1","structurally_consistent",0.48,0,5,3,14.8,24.67,74,0.48,0.42,85.851304347826,89.7346153846153,0.128,"KOG0106","KOG2926","no","Low tissue specificity","Low tissue specificity",0.257548617138155,"Nuclear speckles","Mitochondria",0,489,false]
["Q969Q0_Q96EY7","Q92665_Q96EY7","Janes_et_al","Q969Q0; Q96EY7","Q92665; Q96EY7","Q96EY7","PTCD3","Q969Q0","RPL36AL","Q92665","MRPS31","huMAP3_05807.1","structurally_consistent",0.79,0,3,2,92.74,30.19,60.38,0.34,0.71,84.9333333333333,91.5784545454545,0.426,"KOG3464","ENOG502QSX9","no","Low tissue specificity","Low tissue specificity",0.170584160248955,"Endoplasmic reticulum; Cytosol","Mitochondria",0,490,false]
["P15056_P27348","P27348_Q9Y2U5","Janes_et_al","P15056; P27348","P27348; Q9Y2U5","P27348","YWHAQ","P15056","BRAF","Q9Y2U5","MAP3K2","huMAP3_10808.1; huMAP3_12897.1","mutually_exclusive",0.15,14,345,345,73.49,69.9,24115.5,0.38,0.41,84.4527272727272,84.765,0.156,"KOG0193","KOG0198","no","Low tissue specificity","Low tissue specificity",0.409159156291212,"Vesicles","Nucleoplasm; Cytosol",0,491,false]
["O75828_P16152","P05181_P16152","Janes_et_al","O75828; P16152","P05181; P16152","P16152","CBR1","O75828","CBR3","P05181","CYP2E1","huMAP3_14278.1","mutually_exclusive",0.14,11,147,185,93.46,94.38,13738.62,0.5,0.61,81.4457142857142,83.249,null,"KOG1208","KOG0156","no","Tissue enhanced","Tissue enriched",-0.114597735490392,"Nucleoplasm; Cytosol","Endoplasmic reticulum; Mitochondria",0,492,false]
["A6NHL2_P68363","P68363_P78371","Janes_et_al","A6NHL2; P68363","P68363; P78371","P68363","TUBA1B","A6NHL2","TUBAL3","P78371","CCT2","huMAP3_14584.1","mutually_exclusive",0.55,13,184,156,93.44,82.34,12845.04,0.63,0.51,84.924909090909,85.110909090909,0.59,"KOG1376","KOG0363","no","Tissue enriched","Low tissue specificity",-0.0640471679644143,null,"Cytosol",null,493,false]
["O14561_P56556","O43920_P56556","Janes_et_al","O14561; P56556","O43920; P56556","P56556","NDUFA6","O14561","NDUFAB1","O43920","NDUFS5","huMAP3_09982.1; huMAP3_09567.1; huMAP3_14878.1; huMAP3_06397.1; huMAP3_02819.1","structurally_consistent",1.03,0,0,0,null,null,0,0.48,0.24,95.8653333333333,85.3173333333333,0.172,"KOG1748","KOG4110","no","Tissue enhanced","Low tissue specificity",0.905286057056119,"Mitochondria",null,null,494,false]
["O14561_O43920","O43920_P56556","Janes_et_al","O14561; O43920","O43920; P56556","O43920","NDUFS5","O14561","NDUFAB1","P56556","NDUFA6","huMAP3_09982.1; huMAP3_09567.1; huMAP3_14878.1; huMAP3_06397.1; huMAP3_02819.1","structurally_consistent",5.96,0,0,0,null,null,0,0.29,0.24,83.586,85.3173333333333,0.294,"KOG1748","KOG3426","no","Tissue enhanced","Low tissue specificity",0.784170170092518,"Mitochondria",null,null,494,false]
["Q969Q5_Q9H082","Q19AV6_Q9H082","Janes_et_al","Q969Q5; Q9H082","Q19AV6; Q9H082","Q9H082","RAB33B","Q969Q5","RAB24","Q19AV6","ZSWIM7","huMAP3_11860.1","structurally_consistent",0.65,0,0,0,null,null,0,0.45,0.55,81.9358064516129,90.6127586206896,null,"KOG0092","ENOG502RZB5","no","Low tissue specificity","Low tissue specificity",0.515290034055973,"Cytosol","Cytosol",1,495,false]
["P31150_Q9H0N0","P20339_P31150","Janes_et_al","P31150; Q9H0N0","P20339; P31150","P31150","GDI1","Q9H0N0","RAB6C","P20339","RAB5A","huMAP3_09217.1; huMAP3_01895.1; huMAP3_11094.1; huMAP3_11860.1","mutually_exclusive",0.55,28,189,188,69.85,81.54,13201.65,0.36,0.49,80.4958333333333,81.8803125,0.086,"KOG0094","KOG0092","no","Tissue enhanced","Low tissue specificity",0.427707409829051,"Golgi apparatus","Nucleoplasm; Vesicles",0,496,false]
["O95900_Q96E29","O75414_O95900","Janes_et_al","O95900; Q96E29","O75414; O95900","O95900","TRUB2","Q96E29","MTERF3","O75414","NME6","huMAP3_09483.1","structurally_consistent",0.81,0,0,0,null,null,0,0.58,0.26,89.7554761904762,70.8633333333333,0.134,"KOG1267","KOG0888","no","Low tissue specificity","Low tissue specificity",0.551918308016548,"Mitochondria","Vesicles",0,497,false]
["O95456_P49720","P49720_Q9UL46","Janes_et_al","O95456; P49720","P49720; Q9UL46","P49720","PSMB3","O95456","PSMG1","Q9UL46","PSME2","huMAP3_00356.1; huMAP3_09656.1; huMAP3_13725.1","mutually_exclusive",0.21,15,102,97,72.14,77.96,7358.28,0.3,0.28,77.7807692307692,78.8458333333333,0.134,"ENOG502QTPH","KOG4470","no","Tissue enhanced","Low tissue specificity",0.143301721158164,"Nucleoplasm; Golgi apparatus; Cytosol","Nucleoplasm",0.333333333333333,498,false]
["P51398_Q9Y3D9","P51398_Q9Y2R9","Janes_et_al","P51398; Q9Y3D9","P51398; Q9Y2R9","P51398","DAP3","Q9Y3D9","MRPS23","Q9Y2R9","MRPS7","huMAP3_05807.1; huMAP3_05954.1","structurally_consistent",0.24,0,0,0,null,null,0,0.26,0.59,85.2629166666666,95.6295238095238,0.988,"ENOG502RZIC","KOG3291","no","Low tissue specificity","Low tissue specificity",0.698557412069792,"Mitochondria","Mitochondria",1,499,false]
["Q15369_Q9H765","Q15369_Q9Y6I7","Janes_et_al","Q15369; Q9H765","Q15369; Q9Y6I7","Q15369","ELOC","Q9H765","ASB8","Q9Y6I7","WSB1","huMAP3_08919.1; huMAP3_13601.1","mutually_exclusive",0.18,21,210,251,94.76,91.56,22981.56,0.64,0.58,94.6436,91.4197674418604,null,"KOG0504","KOG0266","no","Tissue enhanced","Low tissue specificity",-0.0773017744647604,null,"Mitochondria",null,500,false]
["P15884_Q7RTU0","P15884_Q02577","Janes_et_al","P15884; Q7RTU0","P15884; Q02577","P15884","TCF4","Q7RTU0","TCF24","Q02577","NHLH2","huMAP3_11621.1","mutually_exclusive",4.43,14,246,242,59.84,60.33,14720.64,0.48,0.6,94.72,96.6402272727272,null,"KOG4029","KOG4029","yes","Tissue enhanced","Group enriched",-0.0275785088080516,null,"Nuclear bodies",null,501,false]
["P61326_Q08170","P61326_Q13427","Janes_et_al","P61326; Q08170","P61326; Q13427","P61326","MAGOH","Q08170","SRSF4","Q13427","PPIG","huMAP3_09621.1","mutually_exclusive",0.23,19,104,100,60.46,62.66,6287.84,0.64,0.6,86.012676056338,92.6045762711864,0.122,"KOG0106","KOG0546","no","Low tissue specificity","Low tissue specificity",0.213873953674452,"Nuclear speckles","Nuclear speckles",1,502,false]
["P27348_P54253","P27348_Q86X27","Janes_et_al","P27348; P54253","P27348; Q86X27","P27348","YWHAQ","P54253","ATXN1","Q86X27","RALGPS2","huMAP3_12897.1","mutually_exclusive",0.27,22,124,177,53.36,74.03,6616.64,0.34,0.43,83.4225,81.8242105263157,0.156,"KOG4053","KOG3417","no","Low tissue specificity","Tissue enhanced",-0.155847189549918,"Nucleoplasm","Nucleoplasm; Cytosol",0.5,503,false]
["P25787_P49720","P49720_Q9BRP4","Janes_et_al","P25787; P49720","P49720; Q9BRP4","P49720","PSMB3","P25787","PSMA2","Q9BRP4","PAAF1","huMAP3_09656.1; huMAP3_13725.1","structurally_consistent",0.64,0,0,0,null,null,0,0.54,0.41,87.4616666666666,76.0572727272727,0.326,"KOG0181","KOG0266","no","Low tissue specificity","Tissue enhanced",-0.242776294518235,null,"Nucleoplasm",null,504,false]
["P08559_P11177","P11177_P21953","Janes_et_al","P08559; P11177","P11177; P21953","P11177","PDHB","P08559","PDHA1","P21953","BCKDHB","huMAP3_12248.1","mutually_exclusive",0.14,21,27,29,97.54,98.35,2633.58,0.73,0.73,97.2859405940594,97.3397115384615,0.53,"KOG0225","KOG0525","no","Tissue enhanced","Tissue enhanced",0.197859033775657,"Mitochondria","Mitochondria",1,505,false]
["P05556_P08648","P05556_P53708","Janes_et_al","P05556; P08648","P05556; P53708","P05556","ITGB1","P08648","ITGA5","P53708","ITGA8","huMAP3_10503.1; huMAP3_10980.1; huMAP3_05466.1","mutually_exclusive",0.79,67,981,974,84.45,84.94,82845.45,0.72,0.72,86.5919354838709,85.7351724137931,null,"KOG3637","KOG3637","yes","Tissue enhanced","Tissue enhanced",0.343944649341239,null,"Plasma membrane",null,506,false]
["Q9BZE1_Q9H9J2","O75394_Q9BZE1","Janes_et_al","Q9BZE1; Q9H9J2","O75394; Q9BZE1","Q9BZE1","MRPL37","Q9H9J2","MRPL44","O75394","MRPL33","huMAP3_07939.1; huMAP3_06550.1; huMAP3_08458.1; huMAP3_06439.1; huMAP3_06589.1; huMAP3_09113.1; huMAP3_09483.1","structurally_consistent",0.4,0,0,0,null,null,0,0.24,0.42,75.065,88.2603703703703,0.994,"KOG3769","KOG3505","no","Low tissue specificity","Low tissue specificity",0.562692703475704,"Mitochondria",null,null,507,false]
["O43920_P28331","O43678_P28331","Janes_et_al","O43920; P28331","O43678; P28331","P28331","NDUFS1","O43920","NDUFS5","O43678","NDUFA2","huMAP3_09982.1; huMAP3_09567.1; huMAP3_14878.1; huMAP3_06397.1; huMAP3_14018.1; huMAP3_02819.1","structurally_consistent",0.3,0,0,0,null,null,0,0.52,0.7,93.575,97.1766666666666,0.984,"KOG4110","KOG3446","no","Low tissue specificity","Low tissue specificity",0.786869622164149,{"$nulls":3},508,false]
["P02788_Q8WWU7","P31025_Q8WWU7","Janes_et_al","P02788; Q8WWU7","P31025; Q8WWU7","Q8WWU7","ITLN2","P02788","LTF","P31025","LCN1","huMAP3_11343.1","structurally_consistent",0.37,0,0,0,null,null,0,0.67,0.32,89.745,80.379375,null,"ENOG502QT0C","ENOG502S22P","no","Group enriched","Group enriched",-0.0189386638426406,{"$nulls":3},509,false]
["P23025_Q92889","P07992_Q92889","Janes_et_al","P23025; Q92889","P07992; Q92889","Q92889","ERCC4","P23025","XPA","P07992","ERCC1","huMAP3_09920.1; huMAP3_11825.1; huMAP3_10527.1","structurally_consistent",1.27,0,0,0,null,null,0,0.5,0.72,88.5777777777777,89.7011176470588,0.2,"KOG4017","KOG2841","no","Low tissue specificity","Low tissue specificity",0.0879884437203448,"Nucleoplasm","Nucleoplasm",1,510,false]
["Q9Y5E7_Q9Y5G2","Q9Y5G2_Q9Y5G3","Janes_et_al","Q9Y5E7; Q9Y5G2","Q9Y5G2; Q9Y5G3","Q9Y5G2","PCDHGB2","Q9Y5E7","PCDHB2","Q9Y5G3","PCDHGB1","huMAP3_11044.1; huMAP3_12210.1","mutually_exclusive",1.35,24,640,636,83.35,83.45,53344,0.69,0.68,82.0939705882352,82.6273417721519,null,"KOG3594","KOG3594","yes","Low tissue specificity","Tissue enriched",0.461962908853693,"Nucleoplasm","Vesicles; Plasma membrane",0,511,false]
["P52298_Q9BXP5","P52298_P61326","Janes_et_al","P52298; Q9BXP5","P52298; P61326","P52298","NCBP2","Q9BXP5","SRRT","P61326","MAGOH","huMAP3_09621.1; huMAP3_11073.1","mutually_exclusive",0.39,14,35,49,51.34,77.5,1796.9,0.31,0.24,81.2478125,76.5354545454545,null,"KOG2295","KOG3392","no","Low tissue specificity","Low tissue specificity",0.257355825554637,"Nucleoplasm","Nucleoplasm",1,512,false]
["Q9NPD3_Q9Y3B2","Q8TF46_Q9NPD3","Janes_et_al","Q9NPD3; Q9Y3B2","Q8TF46; Q9NPD3","Q9NPD3","EXOSC4","Q9Y3B2","EXOSC1","Q8TF46","DIS3L","huMAP3_05382.1; huMAP3_14264.1","structurally_consistent",0.29,0,0,0,null,null,0,0.55,0.49,89.4848936170212,87.6439024390243,0.136,"KOG3409","KOG2102","no","Low tissue specificity","Low tissue specificity",-0.165397979989492,"Nuclear bodies","Plasma membrane; Cytosol",0,513,false]
["O95619_O96019","O95619_Q9UBU8","Janes_et_al","O95619; O96019","O95619; Q9UBU8","O95619","YEATS4","O96019","ACTL6A","Q9UBU8","MORF4L1","huMAP3_14306.1; huMAP3_10481.1","mutually_exclusive",0.42,11,274,194,89.01,79.4,15403.6,0.62,0.33,87.4844827586207,81.126923076923,0.116,"KOG0679","KOG3001","no","Low tissue specificity","Low tissue specificity",0.135269581784524,"Nucleoplasm","Nuclear speckles",0,514,false]
["Q9BUI4_Q9NW08","P19387_Q9NW08","Janes_et_al","Q9BUI4; Q9NW08","P19387; Q9NW08","Q9NW08","POLR3B","Q9BUI4","POLR3C","P19387","POLR2C","huMAP3_11092.1; huMAP3_14318.1","structurally_consistent",0.91,0,0,0,null,null,0,0.29,0.71,86.5715384615384,92.6582716049382,0.188,"KOG2587","KOG1522","no","Low tissue specificity","Low tissue specificity",-0.171877508604101,"Nucleoplasm","Nucleoplasm",1,515,false]
["Q14974_Q9BW27","O00629_Q14974","Janes_et_al","Q14974; Q9BW27","O00629; Q14974","Q14974","KPNB1","Q9BW27","NUP85","O00629","KPNA4","huMAP3_09825.1; huMAP3_12581.1","structurally_consistent",0.7,0,0,0,null,null,0,0.33,0.72,71.625,88.6528735632183,0.25,"KOG2271","KOG0166","no","Low tissue specificity","Tissue enhanced",-0.0552391134396283,"Nucleoplasm","Nucleoplasm",1,516,false]
["P27348_Q9UJM3","P27348_P62258","Janes_et_al","P27348; Q9UJM3","P27348; P62258","P27348","YWHAQ","Q9UJM3","ERRFI1","P62258","YWHAE","huMAP3_12897.1; huMAP3_09810.1; huMAP3_07838.1","mutually_exclusive",0.19,10,26,32,19.42,86.78,504.92,0.37,0.68,87.9492857142857,96.4291111111111,0.503,"ENOG502QPQW","KOG0841","no","Tissue enhanced","Low tissue specificity",-0.106835929753362,"Cytosol","Cytosol",1,517,false]
["Q13098_Q9UNS2","Q13098_Q58WW2","Janes_et_al","Q13098; Q9UNS2","Q13098; Q58WW2","Q13098","GPS1","Q9UNS2","COPS3","Q58WW2","DCAF6","huMAP3_08550.1; huMAP3_14528.1; huMAP3_09779.1","structurally_consistent",0.34,0,0,0,null,null,0,0.71,0.36,91.7573958333333,83.3195652173913,0.102,"KOG2582","KOG1310; KOG1334","no","Low tissue specificity","Group enriched",0.806352607644861,"Nucleoplasm","Nucleoplasm; Focal adhesion sites",0.5,518,false]
["Q9Y230_Q9Y265","Q6PI98_Q9Y230","Janes_et_al","Q9Y230; Q9Y265","Q6PI98; Q9Y230","Q9Y230","RUVBL2","Q9Y265","RUVBL1","Q6PI98","INO80C","huMAP3_14133.1","structurally_consistent",3.67,0,0,0,null,null,0,0.69,0.26,83.4660194174757,89.7208695652173,0.494,"KOG1942","KOG4137","no","Low tissue specificity","Low tissue specificity",0.379685559040055,"Nucleoplasm; Cytosol","Nucleoli fibrillar center",0,519,false]
["O15234_P38919","P38919_Q96MU7","Janes_et_al","O15234; P38919","P38919; Q96MU7","P38919","EIF4A3","O15234","CASC3","Q96MU7","YTHDC1","huMAP3_09621.1; huMAP3_10564.1","mutually_exclusive",0.12,13,80,81,29,53.52,2320,0.64,0.32,93.8774137931034,83.305,0.304,"KOG4264","KOG1902","no","Low tissue specificity","Low tissue specificity",0.201356159833917,"Nuclear membrane","Nucleoplasm",0,520,false]
["P67775_Q9UL03","P63151_P67775","Janes_et_al","P67775; Q9UL03","P63151; P67775","P67775","PPP2CA","Q9UL03","INTS6","P63151","PPP2R2A","huMAP3_13510.1","mutually_exclusive",0.18,13,307,270,83.15,91.38,25527.05,0.36,0.46,76.32,85.6128571428571,0.034,"KOG3768","KOG1354","no","Low tissue specificity","Low tissue specificity",-0.040575208403032,"Nucleoplasm","Cytosol",0,521,false]
["P21709_Q13144","Q13144_Q9UI10","Janes_et_al","P21709; Q13144","Q13144; Q9UI10","Q13144","EIF2B5","P21709","EPHA1","Q9UI10","EIF2B4","huMAP3_11232.1","structurally_consistent",3.5,0,26,13,83.38,15.62,203.06,0.43,0.31,83.3231578947368,90.7692307692307,null,"KOG0196","KOG1467","no","Group enriched","Low tissue specificity",0.0196808371964516,null,"Endoplasmic reticulum",null,522,false]
["O95149_P09661","P09661_Q8N5A5","Janes_et_al","O95149; P09661","P09661; Q8N5A5","P09661","SNRPA1","O95149","SNUPN","Q8N5A5","ZGPAT","huMAP3_08980.1; huMAP3_06511.1","mutually_exclusive",5.7,10,107,86,91.43,61.37,5277.82,0.44,0.34,77.6732,78.876976744186,0.04,"KOG3132","KOG2185","no","Low tissue specificity","Tissue enriched",0.0867436778042433,"Nucleoplasm; Plasma membrane; Cytosol","Nucleoplasm; Plasma membrane",0.666666666666666,523,false]
["P53611_Q8N414","P53611_Q92696","Janes_et_al","P53611; Q8N414","P53611; Q92696","P53611","RABGGTB","Q8N414","PGBD5","Q92696","RABGGTA","huMAP3_04276.1; huMAP3_11860.1","mutually_exclusive",0.18,24,211,178,71.18,93.85,15018.98,0.41,0.73,82.6542857142857,94.3968103448275,null,"ENOG502QT9F","KOG0529","no","Tissue enhanced","Tissue enhanced",-0.0239701796063127,"Nucleoplasm",null,null,524,false]
["Q9BTW9_Q9BVA1","Q13509_Q9BVA1","Janes_et_al","Q9BTW9; Q9BVA1","Q13509; Q9BVA1","Q9BVA1","TUBB2B","Q9BTW9","TBCD","Q13509","TUBB3","huMAP3_10475.1; huMAP3_10665.1; huMAP3_09233.1; huMAP3_06977.1; huMAP3_09670.1; huMAP3_09603.1; huMAP3_08179.1","structurally_consistent",0.38,0,5,7,51.74,37.99,265.93,0.33,0.64,74.5308333333333,87.7291836734693,0.13,"KOG1943","KOG1375","no","Low tissue specificity","Tissue enriched",-0.184446016448079,null,"Microtubules",null,525,false]
["O15547_P19823","O15547_P01011","Janes_et_al","O15547; P19823","O15547; P01011","O15547","P2RX6","P19823","ITIH2","P01011","SERPINA3","huMAP3_10678.1; huMAP3_09531.1; huMAP3_15040.1; huMAP3_10101.1; huMAP3_08395.1","structurally_consistent",1.76,0,0,0,null,null,0,0.53,0.44,83.0764705882353,87.7666666666666,0.126,"ENOG502QPS2","KOG2392","no","Tissue enriched","Group enriched",0.866056126476704,"Golgi apparatus",null,null,526,false]
["Q15836_Q9NZ43","A2RRP1_Q9NZ43","Janes_et_al","Q15836; Q9NZ43","A2RRP1; Q9NZ43","Q9NZ43","USE1","Q15836","VAMP3","A2RRP1","NBAS","huMAP3_10587.1; huMAP3_06458.1; huMAP3_13160.1; huMAP3_08929.1","structurally_consistent",9.51,0,0,0,null,null,0,0.51,0.4,81.461282051282,85.5326829268292,0.152,"KOG0860","KOG1797","no","Low tissue specificity","Low tissue specificity",-0.107635264085374,null,"Golgi apparatus",null,527,false]
["P19022_P35222","P22223_P35222","Janes_et_al","P19022; P35222","P22223; P35222","P35222","CTNNB1","P19022","CDH2","P22223","CDH3","huMAP3_08033.1; huMAP3_10927.1","mutually_exclusive",0.82,55,105,103,62.35,47.04,4845.12,0.7,0.58,86.8101980198019,83.8411428571428,0.154,"KOG3594","KOG3594","yes","Tissue enhanced","Tissue enhanced",-0.181177224572313,"Plasma membrane","Plasma membrane",1,528,false]
["O75182_Q13547","Q13547_Q9UK53","Janes_et_al","O75182; Q13547","Q13547; Q9UK53","Q13547","HDAC1","O75182","SIN3B","Q9UK53","ING1","huMAP3_15128.1; huMAP3_08800.1; huMAP3_09031.1","mutually_exclusive",0.26,14,129,73,72.64,64.41,4701.92999999999,0.5,0.55,85.2022448979591,89.5696153846153,0.208,"KOG4204","KOG1973","no","Low tissue specificity","Low tissue specificity",0.356021602261963,"Nucleoplasm","Nucleoplasm",1,529,false]
["P61964_Q9NS73","O75478_P61964","Janes_et_al","P61964; Q9NS73","O75478; P61964","P61964","WDR5","Q9NS73","MBIP","O75478",null,"huMAP3_09422.1; huMAP3_08776.1; huMAP3_10027.1","mutually_exclusive",0.21,14,86,122,55.51,67.34,4773.86,0.66,0.37,95.0516981132075,79.5552173913043,null,"ENOG502R8QG","KOG0457","no","Low tissue specificity",null,null,"Cytosol",null,null,530,false]
["O00629_P18754","P18754_P62826","Janes_et_al","O00629; P18754","P18754; P62826","P18754","RCC1","O00629","KPNA4","P62826","RAN","huMAP3_10000.1; huMAP3_12581.1; huMAP3_08641.1","mutually_exclusive",0.17,25,244,203,81.2,93.02,19812.8,0.61,0.7,78.707619047619,91.8788888888889,0.4,"KOG0166","KOG0096","no","Tissue enhanced","Low tissue specificity",0.315838501402507,"Nucleoplasm","Nucleoplasm",1,531,false]
["P18754_P62826","O00629_P62826","Janes_et_al","P18754; P62826","O00629; P62826","P62826","RAN","P18754","RCC1","O00629","KPNA4","huMAP3_10000.1; huMAP3_12581.1; huMAP3_08641.1","mutually_exclusive",0.52,17,358,301,96.36,85.46,25723.46,0.7,0.36,91.8788888888889,79.6086666666666,0.166,"KOG1426","KOG0166","no","Low tissue specificity","Tissue enhanced",-0.0610212724643172,"Nucleoplasm","Nucleoplasm",1,531,false]
["P78537_Q969J3","P78537_Q86VE0","Janes_et_al","P78537; Q969J3","P78537; Q86VE0","P78537","BLOC1S1","Q969J3","BORCS5","Q86VE0","MYPOP","huMAP3_11659.1","mutually_exclusive",5.97,10,10,9,37.88,78.67,378.8,0.54,0.45,84.6628985507246,86.767,0.106,"KOG4515","ENOG502RV5V","no","Low tissue specificity","Low tissue specificity",0.591863487748738,"Vesicles; Plasma membrane","Nucleoplasm",0,532,false]
["P62136_Q5TID7","P62136_Q96T49","Janes_et_al","P62136; Q5TID7","P62136; Q96T49","P62136","PPP1CA","Q5TID7","CCDC181","Q96T49","PPP1R16B","huMAP3_14504.1","mutually_exclusive",0.09,21,42,52,52.45,66.94,2202.9,0.4,0.68,89.332,94.15275,null,"ENOG502QV5R","KOG0505","no","Tissue enhanced","Tissue enhanced",-0.0067567087629955,"Nuclear speckles","Plasma membrane",0,533,false]
["Q9NRJ7_Q9UN67","Q9NRJ7_Q9Y5E3","Janes_et_al","Q9NRJ7; Q9UN67","Q9NRJ7; Q9Y5E3","Q9NRJ7","PCDHB16","Q9UN67","PCDHB10","Q9Y5E3","PCDHB6","huMAP3_10979.1; huMAP3_11044.1; huMAP3_12508.1; huMAP3_11413.1","mutually_exclusive",1,31,682,677,81.91,82.39,55862.62,0.68,0.69,80.7907352941176,82.8089855072463,null,"KOG3594","KOG3594","yes","Low tissue specificity","Low tissue specificity",0.751418371382445,null,"Nucleoplasm",null,534,false]
["P27348_Q8IX15","P27348_Q86X27","Janes_et_al","P27348; Q8IX15","P27348; Q86X27","P27348","YWHAQ","Q8IX15","HOMEZ","Q86X27","RALGPS2","huMAP3_12897.1","mutually_exclusive",0.34,53,215,191,47.47,69.94,10206.05,0.28,0.43,81.4433333333333,81.8242105263157,0.146,"KOG3986","KOG3417","no","Low tissue specificity","Tissue enhanced",0.424322015731897,"Nucleoli","Nucleoplasm; Cytosol",0,535,false]
["Q7RTN6_Q9Y376","Q9C0K7_Q9Y376","Janes_et_al","Q7RTN6; Q9Y376","Q9C0K7; Q9Y376","Q9Y376","CAB39","Q7RTN6","STRADA","Q9C0K7","STRADB","huMAP3_01890.1; huMAP3_01132.1","mutually_exclusive",0.1,34,351,344,87.84,81.3,27967.2,0.7,0.71,92.1189705882353,92.7102739726027,null,"KOG0582","KOG0582","yes","Low tissue specificity","Low tissue specificity",-0.0922634278526958,"Nucleoplasm; Cytosol","Cytosol",0.5,536,false]
["P02763_Q8N9F7","P02763_P19652","Janes_et_al","P02763; Q8N9F7","P02763; P19652","P02763","ORM1","Q8N9F7","GDPD1","P19652","ORM2","huMAP3_10678.1; huMAP3_09531.1; huMAP3_15040.1; huMAP3_10101.1; huMAP3_07265.1; huMAP3_08395.1","mutually_exclusive",0.66,11,157,121,91.85,87.42,10577.82,0.33,0.46,80.7833333333333,88.3941379310344,0.16,"KOG2258","ENOG502S0Q2","no","Tissue enhanced","Tissue enriched",-0.101834267892256,null,"Vesicles",null,537,true]
["P02763_P19652","P19652_Q8N9F7","Janes_et_al","P02763; P19652","P19652; Q8N9F7","P19652","ORM2","P02763","ORM1","Q8N9F7","GDPD1","huMAP3_10678.1; huMAP3_09531.1; huMAP3_15040.1; huMAP3_10101.1; huMAP3_07265.1; huMAP3_08395.1","structurally_consistent",0.83,0,0,0,null,null,0,0.46,0.39,88.3941379310344,93.0088235294117,0.162,"ENOG502S0Q2","KOG2258","no","Tissue enriched","Tissue enhanced",-0.102192142276092,"Vesicles",null,null,537,true]
["Q16531_Q9NZJ0","Q16531_Q92466","Janes_et_al","Q16531; Q9NZJ0","Q16531; Q92466","Q16531","DDB1","Q9NZJ0","DTL","Q92466","DDB2","huMAP3_14528.1; huMAP3_09779.1","mutually_exclusive",0.49,15,51,133,26.24,89.46,1338.24,0.59,0.72,79.0775,89.1468468468468,0.086,"KOG0321","KOG4328","no","Group enriched","Low tissue specificity",0.202772031757653,"Nucleoplasm","Nucleoplasm; Cell Junctions",0.5,538,false]
["Q92769_Q9P0W2","O94776_Q92769","Janes_et_al","Q92769; Q9P0W2","O94776; Q92769","Q92769","HDAC2","Q9P0W2","HMG20B","O94776","MTA2","huMAP3_15128.1","mutually_exclusive",0.6,14,101,110,69.95,91.75,7064.95,0.59,0.73,87.69,94.4994805194805,0.1424,"KOG0381","KOG3554","no","Low tissue specificity","Low tissue specificity",-0.006117945521747,"Nucleoplasm","Nucleoplasm",1,539,false]
["Q13405_Q9BQC6","Q86TS9_Q9BQC6","Janes_et_al","Q13405; Q9BQC6","Q86TS9; Q9BQC6","Q9BQC6","MRPL57","Q13405","MRPL49","Q86TS9","MRPL52","huMAP3_07939.1; huMAP3_06550.1; huMAP3_08458.1; huMAP3_06439.1; huMAP3_06589.1; huMAP3_09113.1; huMAP3_09483.1","structurally_consistent",5.08,0,0,0,null,null,0,0.26,0.25,91.4341666666666,95.039375,0.812,"KOG4034","ENOG502S4I0","no","Low tissue specificity","Low tissue specificity",0.189527780298029,null,"Mitochondria",null,540,false]
["P53680_Q96CW1","P53680_Q9BQI5","Janes_et_al","P53680; Q96CW1","P53680; Q9BQI5","P53680","AP2S1","Q96CW1","AP2M1","Q9BQI5","SGIP1","huMAP3_06283.1; huMAP3_10876.1; huMAP3_10762.1; huMAP3_09403.1","mutually_exclusive",0.36,11,188,116,85.07,58.72,6811.52,0.25,0.41,76.1775,92.2753846153846,null,"KOG0938","KOG2398","no","Low tissue specificity","Tissue enriched",0.0389153644270525,"Plasma membrane","Mitochondria",0,541,false]
["O75832_Q05086","O75832_Q06323","Janes_et_al","O75832; Q05086","O75832; Q06323","O75832","PSMD10","Q05086","UBE3A","Q06323","PSME1","huMAP3_09656.1; huMAP3_13725.1","mutually_exclusive",0.61,14,137,109,90.39,83.72,9125.48,0.64,0.49,81.5127027027027,75.1225,0.28,"KOG0941","KOG4470","no","Low tissue specificity","Low tissue specificity",0.0189286331983141,"Nucleoplasm","Cytosol",0,542,false]
["P51398_P82673","P51398_P84103","Janes_et_al","P51398; P82673","P51398; P84103","P51398","DAP3","P82673","MRPS35","P84103","SRSF3","huMAP3_05807.1","mutually_exclusive",0.34,11,48,55,92.67,73.82,4060.1,0.66,0.26,94.4130769230769,86.104,0.182,"KOG3933","KOG0107","no","Low tissue specificity","Low tissue specificity",0.0830571490513006,"Mitochondria","Nucleoplasm",0,543,false]
["P06493_Q00526","P06493_Q99640","Janes_et_al","P06493; Q00526","P06493; Q99640","P06493","CDK1","Q00526","CDK3","Q99640","PKMYT1","huMAP3_06587.1; huMAP3_10449.1","mutually_exclusive",0.61,11,154,133,76.84,78.5,11833.36,0.26,0.29,76.1021428571428,80.735,null,"KOG0594","KOG0601","no","Low tissue specificity","Tissue enhanced",0.0304636290613753,"Cytosol","Golgi apparatus",0,544,false]
["Q13432_Q7Z494","Q13432_Q969K3","Janes_et_al","Q13432; Q7Z494","Q13432; Q969K3","Q13432","UNC119","Q7Z494","NPHP3","Q969K3","RNF34","huMAP3_08140.1; huMAP3_09214.1","mutually_exclusive",3.31,26,51,60,45.55,35.23,2113.8,0.25,0.28,82.4206451612903,85.8192307692307,0.1,"KOG1840","KOG4275","no","Low tissue specificity","Low tissue specificity",-0.324750915951402,null,"Nucleoplasm",null,545,false]
["P03886_P19404","P03886_Q9P0J0","Janes_et_al","P03886; P19404","P03886; Q9P0J0","P03886","MT-ND1","P19404","NDUFV2","Q9P0J0","NDUFA13","huMAP3_09982.1; huMAP3_09567.1; huMAP3_14878.1; huMAP3_06397.1; huMAP3_14018.1","structurally_consistent",0.31,0,0,0,null,null,0,0.25,0.43,79.8,87.7381578947368,0.894,"KOG3196","KOG3300","no","Tissue enhanced","Low tissue specificity",0.766940012913788,"Mitochondria","Mitochondria",1,546,false]
["O95602_Q9GZS1","O95602_Q9P1U0","Janes_et_al","O95602; Q9GZS1","O95602; Q9P1U0","O95602","POLR1A","Q9GZS1","POLR1E","Q9P1U0","POLR1H","huMAP3_00807.1; huMAP3_09057.1; huMAP3_14318.1; huMAP3_08487.1; huMAP3_11092.1; huMAP3_06426.1","structurally_consistent",0.31,0,0,0,null,null,0,0.54,0.65,81.6223333333333,81.7792045454545,0.34,"KOG4183","KOG2907","no","Low tissue specificity","Low tissue specificity",0.25608608242372,"Nucleoplasm; Nucleoli fibrillar center","Nucleoli fibrillar center",0.5,547,false]
["P62136_Q12972","P62136_Q6PJW8","Janes_et_al","P62136; Q12972","P62136; Q6PJW8","P62136","PPP1CA","Q12972","PPP1R8","Q6PJW8","CNST","huMAP3_06304.1; huMAP3_09354.1; huMAP3_14504.1; huMAP3_10148.1; huMAP3_06341.1; huMAP3_08482.1; huMAP3_08717.1; huMAP3_09633.1","mutually_exclusive",0.15,31,110,91,71.41,48.09,4376.19,0.71,0.59,93.7973134328358,93.5866666666666,0.092,"KOG1880","ENOG502QSMS","no","Low tissue specificity","Low tissue specificity",0.350632475291962,"Nuclear speckles","Vesicles",0,548,false]
["Q04726_Q08117","Q04727_Q08117","Janes_et_al","Q04726; Q08117","Q04727; Q08117","Q08117","TLE5","Q04726","TLE3","Q04727","TLE4","huMAP3_11616.1; huMAP3_14261.1; huMAP3_00022.1","mutually_exclusive",3.55,59,253,223,74.77,73.55,16401.6499999999,0.64,0.66,87.9903361344537,89.7703968253968,0.088,"KOG0639","KOG0639","yes","Tissue enhanced","Tissue enhanced",0.509851580835403,"Nucleoplasm","Nucleoplasm",1,549,false]
["P27348_Q04917","P27348_Q12778","Janes_et_al","P27348; Q04917","P27348; Q12778","P27348","YWHAQ","Q04917","YWHAH","Q12778","FOXO1","huMAP3_12897.1; huMAP3_06971.1; huMAP3_07596.1; huMAP3_10808.1; huMAP3_09810.1","mutually_exclusive",0.21,13,55,39,92.09,22.67,884.13,0.68,0.35,96.8766666666666,86.0835714285714,0.432967741935484,"KOG0841","KOG2294","no","Tissue enriched","Tissue enhanced",-0.251185976593276,null,"Nucleoplasm; Cytosol",null,550,false]
["O15131_Q8N9Q2","O15131_O43148","Janes_et_al","O15131; Q8N9Q2","O15131; O43148","O15131","KPNA5","Q8N9Q2","SREK1IP1","O43148","RNMT","huMAP3_10000.1; huMAP3_07855.1; huMAP3_09694.1; huMAP3_06407.1","mutually_exclusive",0.47,35,69,85,38.57,65.14,2661.33,0.63,0.68,93.4302702702702,90.4506666666666,0.05,"KOG2985","KOG1975","no","Low tissue specificity","Low tissue specificity",-0.0137444046506759,"Nucleoplasm; Nucleoli","Nucleoplasm",0.5,551,false]
["P42330_P51857","P17516_P42330","Janes_et_al","P42330; P51857","P17516; P42330","P42330","AKR1C3","P51857","AKR1D1","P17516","AKR1C4","huMAP3_10318.1","structurally_consistent",0.27,0,0,0,null,null,0,0.29,0.4,77.305,91.9966666666666,null,"KOG1577","KOG1577","yes","Tissue enriched","Tissue enriched",0.998213318606507,"Nucleoplasm","Nucleoplasm; Cytosol",0.5,552,false]
["P30876_Q8WVC0","P30876_Q14241","Janes_et_al","P30876; Q8WVC0","P30876; Q14241","P30876","POLR2B","Q8WVC0","LEO1","Q14241","ELOA","huMAP3_11092.1; huMAP3_09843.1; huMAP3_07749.1; huMAP3_07454.1","mutually_exclusive",0.13,26,73,58,66.9,68.31,4883.7,0.64,0.45,82.5682258064516,82.6935897435897,0.22,"KOG1181; KOG2428","KOG2821","no","Low tissue specificity","Low tissue specificity",0.267849948729114,"Nucleoplasm; Nucleoli fibrillar center","Nuclear speckles",0,553,false]
["P23921_P31350","P23921_Q7LG56","Janes_et_al","P23921; P31350","P23921; Q7LG56","P23921","RRM1","P31350","RRM2","Q7LG56","RRM2B","huMAP3_11033.1; huMAP3_07989.1","mutually_exclusive",0.07,53,330,333,87.87,86.88,28931.04,0.72,0.72,87.395641025641,85.670909090909,0.048,"KOG1567","KOG1567","yes","Group enriched","Low tissue specificity",-0.132253477238505,"Cytosol","Nucleoplasm; Cytosol",0.5,554,false]
["P31350_Q7LG56","P23921_Q7LG56","Janes_et_al","P31350; Q7LG56","P23921; Q7LG56","Q7LG56","RRM2B","P31350","RRM2","P23921","RRM1","huMAP3_11033.1; huMAP3_07989.1","mutually_exclusive",0.19,11,16,16,55.68,88.54,890.88,0.68,0.72,91.6470454545454,85.670909090909,0.318,"KOG1567","KOG1112","no","Group enriched","Low tissue specificity",0.785856221034516,"Cytosol","Cytosol",1,554,false]
["P23921_P31350","P31350_Q7LG56","Janes_et_al","P23921; P31350","P31350; Q7LG56","P31350","RRM2","P23921","RRM1","Q7LG56","RRM2B","huMAP3_11033.1; huMAP3_07989.1","mutually_exclusive",0.58,15,13,12,88.25,49.83,597.96,0.72,0.68,87.395641025641,91.6470454545454,0.082,"KOG1112","KOG1567","no","Low tissue specificity","Low tissue specificity",0.164306980992382,"Cytosol","Nucleoplasm; Cytosol",0.5,554,false]
["Q9GZM8_Q9NRI5","P68402_Q9GZM8","Janes_et_al","Q9GZM8; Q9NRI5","P68402; Q9GZM8","Q9GZM8","NDEL1","Q9NRI5","DISC1","P68402","PAFAH1B2","huMAP3_10973.1","structurally_consistent",9.94,0,11,31,17.73,92.65,195.03,0.5,0.27,84.3812345679012,85.5215,0.1,"ENOG502S3S3","KOG1388","no","Tissue enhanced","Low tissue specificity",0.0796561132203692,"Intermediate filaments; Cytosol","Cytosol",0.5,555,false]
["O94768_Q86VU5","O95373_Q86VU5","Janes_et_al","O94768; Q86VU5","O95373; Q86VU5","Q86VU5","COMTD1","O94768","STK17B","O95373","IPO7","huMAP3_10287.1","mutually_exclusive",0.39,18,286,308,83.52,87.96,23886.72,0.38,0.39,76.4592307692307,78.7942857142857,0.06,"KOG0032","KOG1991","no","Group enriched","Low tissue specificity",-0.130284455443512,"Nucleoplasm","Nucleoplasm; Cytosol",0.5,556,false]
["P01563_P05014","P01567_P05014","Janes_et_al","P01563; P05014","P01567; P05014","P05014","IFNA4","P01563","IFNA2","P01567","IFNA7","huMAP3_11921.1; huMAP3_09647.1; huMAP3_13851.1; huMAP3_10459.1; huMAP3_08774.1","mutually_exclusive",0.31,14,116,126,71.66,77.14,8312.56,0.31,0.37,81.0462068965517,83.244,null,"ENOG502SQAC","ENOG502SQAC","yes","Not detected","Not detected",{"$nulls":4},557,false]
["P63208_Q8NHM5","P63208_Q5XUX0","Janes_et_al","P63208; Q8NHM5","P63208; Q5XUX0","P63208","SKP1","Q8NHM5","KDM2B","Q5XUX0","FBXO31","huMAP3_00161.1; huMAP3_05528.1; huMAP3_09623.1; huMAP3_14622.1","mutually_exclusive",0.32,35,190,191,83.06,91.49,15781.4,0.63,0.67,88.4222077922078,95.1173684210526,null,"KOG1633; KOG1947","ENOG502QR2A","no","Low tissue specificity","Tissue enhanced",0.218619066605239,"Nucleoplasm","Nucleoplasm",1,558,false]
["P15153_Q92608","P15153_Q07889","Janes_et_al","P15153; Q92608","P15153; Q07889","P15153","RAC2","Q92608","DOCK2","Q07889","SOS1","huMAP3_13135.1","mutually_exclusive",0.29,19,134,164,77.46,83.71,10379.64,0.66,0.52,84.4271875,75.62,0.246,"KOG1998","KOG3417","no","Group enriched","Low tissue specificity",0.273033635571669,null,"Cytosol",null,559,false]
["O60927_P62140","P62140_Q02833","Janes_et_al","O60927; P62140","P62140; Q02833","P62140","PPP1CB","O60927","PPP1R11","Q02833","RASSF7","huMAP3_09633.1; huMAP3_09354.1; huMAP3_14504.1; huMAP3_10148.1; huMAP3_06341.1; huMAP3_08717.1; huMAP3_08482.1","mutually_exclusive",0.11,41,65,111,57.02,58.98,3706.3,0.68,0.56,95.4288709677419,89.4284,0.052,"KOG4102","KOG1574","no","Low tissue specificity","Tissue enhanced",0.417627372486329,"Vesicles","Centriolar satellite",0,560,false]
["Q8TAE8_Q9H2W6","Q96GC5_Q9H2W6","Janes_et_al","Q8TAE8; Q9H2W6","Q96GC5; Q9H2W6","Q9H2W6","MRPL46","Q8TAE8","GADD45GIP1","Q96GC5","MRPL48","huMAP3_06439.1; huMAP3_06589.1","structurally_consistent",0.36,0,0,0,null,null,0,0.27,0.5,88.7228571428571,88.5395,0.94,"KOG4848","KOG4060","no","Low tissue specificity","Low tissue specificity",0.511224178592361,"Mitochondria","Mitochondria",1,561,false]
["P56211_P62714","P62714_Q86XL3","Janes_et_al","P56211; P62714","P62714; Q86XL3","P62714","PPP2CB","P56211","ARPP19","Q86XL3","ANKLE2","huMAP3_13510.1","mutually_exclusive",0.08,21,68,105,41.58,75.32,2827.44,0.47,0.58,89.3141935483871,83.296875,0.028,"KOG4076","ENOG502QQ4Z","no","Tissue enhanced","Low tissue specificity",-0.331162101407308,null,"Endoplasmic reticulum; Plasma membrane",null,562,false]
["Q7L5Y9_Q9H7D7","Q8IUR7_Q9H7D7","Janes_et_al","Q7L5Y9; Q9H7D7","Q8IUR7; Q9H7D7","Q9H7D7","WDR26","Q7L5Y9","MAEA","Q8IUR7","ARMC8","huMAP3_08787.1; huMAP3_09818.1; huMAP3_05775.1; huMAP3_10711.1; huMAP3_12700.1","structurally_consistent",2.07,0,0,0,null,null,0,0.44,0.48,87.4970588235294,78.97,0.072,"KOG0396","KOG1293","no","Low tissue specificity","Low tissue specificity",-0.213722225578652,"Nucleoplasm","Nucleoplasm",1,563,false]
["Q9NQ29_Q9Y383","Q9NQ29_Q9UBC1","Janes_et_al","Q9NQ29; Q9Y383","Q9NQ29; Q9UBC1","Q9NQ29","LUC7L","Q9Y383","LUC7L2","Q9UBC1","NFKBIL1","huMAP3_11073.1","mutually_exclusive",2.66,14,123,107,88.87,62.21,6656.47,0.6,0.27,84.2985714285714,72.1049999999999,0.088,"KOG0796","ENOG502QTMZ","no","Low tissue specificity","Low tissue specificity",0.13886290206833,"Nucleoplasm","Nucleoplasm",1,564,false]
["P0C0S8_Q92552","Q92552_Q96EL2","Janes_et_al","P0C0S8; Q92552","Q92552; Q96EL2","Q92552","MRPS27","P0C0S8","H2AC13","Q96EL2","MRPS24","huMAP3_05807.1","mutually_exclusive",0.28,10,76,87,75.65,75.29,6550.23,0.3,0.4,77.8881818181818,85.349,null,"KOG1756","ENOG502RXU1","no","Tissue enhanced","Tissue enhanced",-0.133748459037997,"Nucleoplasm",null,null,565,false]
["P22304_Q6P9A2","P22304_Q99538","Janes_et_al","P22304; Q6P9A2","P22304; Q99538","P22304","IDS","Q6P9A2","GALNT18","Q99538","LGMN","huMAP3_09327.1","structurally_consistent",1.08,0,0,0,null,null,0,0.39,0.43,84.5595652173913,86.8376923076923,null,"KOG3736","KOG1348","no","Low tissue specificity","Low tissue specificity",0.15987868711127,"Golgi apparatus","Vesicles",0,566,false]
["Q8IXL7_Q8IXQ5","P02753_Q8IXL7","Janes_et_al","Q8IXL7; Q8IXQ5","P02753; Q8IXL7","Q8IXL7","MSRB3","Q8IXQ5","KLHL7","P02753","RBP4","huMAP3_14155.1","mutually_exclusive",0.75,11,240,177,87.92,90.69,21100.8,0.26,0.55,74.4233333333333,89.4871052631579,0.074,"KOG4441","ENOG502RXEW","no","Tissue enhanced","Tissue enriched",-0.0368057083312575,"Nucleoplasm; Cytosol",null,null,567,false]
["P63208_Q96ME1","P63208_Q96IG2","Janes_et_al","P63208; Q96ME1","P63208; Q96IG2","P63208","SKP1","Q96ME1","FBXL18","Q96IG2","FBXL20","huMAP3_14622.1","mutually_exclusive",0.33,32,476,396,85.6,94.98,40745.6,0.66,0.66,92.2022058823529,93.0701298701298,0.078,"ENOG502QVW9","KOG4341","no","Low tissue specificity","Low tissue specificity",0.186559234207295,"Nucleoplasm","Microtubules",0,568,false]
["Q15070_Q96A35","Q96A35_Q9BZE1","Janes_et_al","Q15070; Q96A35","Q96A35; Q9BZE1","Q96A35","MRPL24","Q15070","OXA1L","Q9BZE1","MRPL37","huMAP3_06550.1; huMAP3_08458.1; huMAP3_06589.1; huMAP3_09483.1","structurally_consistent",1.45,0,17,41,17.87,90.61,303.79,0.33,0.24,84.5486363636363,86.0386666666666,0.766,"KOG1239","ENOG502QQAQ","no","Low tissue specificity","Low tissue specificity",0.929048422940283,"Mitochondria","Mitochondria",1,569,false]
["Q9BVH7_Q9UK22","Q9UJA9_Q9UK22","Janes_et_al","Q9BVH7; Q9UK22","Q9UJA9; Q9UK22","Q9UK22","FBXO2","Q9BVH7","ST6GALNAC5","Q9UJA9","ENPP5","huMAP3_08433.1","mutually_exclusive",0.42,13,223,262,85.64,93.48,19097.72,0.31,0.52,75.718,95.6724137931034,null,"KOG2692","KOG2645","no","Tissue enhanced","Tissue enriched",-0.117731915348181,"Vesicles","Cytosol",0,570,false]
["P09661_Q9Y3F4","P09661_Q16560","Janes_et_al","P09661; Q9Y3F4","P09661; Q16560","P09661","SNRPA1","Q9Y3F4","STRAP","Q16560","SNRNP35","huMAP3_08980.1; huMAP3_06511.1","mutually_exclusive",1.6,11,196,124,90.2,85.28,10574.72,0.37,0.5,77.2892307692307,89.6392,0.176,"KOG0278","KOG0113","no","Low tissue specificity","Low tissue specificity",0.577876686513544,"Cytosol","Nucleoli",0,571,false]
["P56545_Q09028","Q09028_Q96JN0","Janes_et_al","P56545; Q09028","Q09028; Q96JN0","Q09028","RBBP4","P56545","CTBP2","Q96JN0","LCOR","huMAP3_15128.1","structurally_consistent",0.11,0,0,0,null,null,0,0.54,0.63,89.0646428571428,88.1273170731707,null,"KOG0067","KOG4565","no","Low tissue specificity","Tissue enhanced",0.145419844074987,"Nucleoplasm","Nucleoplasm",1,572,true]
["P56545_Q96JN0","P56545_Q09028","Janes_et_al","P56545; Q96JN0","P56545; Q09028","P56545","CTBP2","Q96JN0","LCOR","Q09028","RBBP4","huMAP3_15128.1","mutually_exclusive",1.49,10,100,184,63.42,95.66,6342,0.3,0.54,81.35,89.0646428571428,null,"KOG4565","KOG0264","no","Tissue enhanced","Low tissue specificity",0.164820007787667,"Nucleoplasm","Nucleoplasm",1,572,true]
["Q8N201_Q9H0H0","Q9H0H0_Q9UL03","Janes_et_al","Q8N201; Q9H0H0","Q9H0H0; Q9UL03","Q9H0H0","INTS2","Q8N201","INTS1","Q9UL03","INTS6","huMAP3_09230.1; huMAP3_10641.1","structurally_consistent",3.18,0,0,0,null,null,0,0.41,0.42,79.808409090909,86.2979629629629,0.728,"KOG4596","KOG3768","no","Low tissue specificity","Low tissue specificity",0.297346061629719,"Nucleoplasm","Nucleoplasm",1,573,false]
["O75586_Q9NVC6","Q96HR3_Q9NVC6","Janes_et_al","O75586; Q9NVC6","Q96HR3; Q9NVC6","Q9NVC6","MED17","O75586","MED6","Q96HR3","MED30","huMAP3_02730.1","structurally_consistent",0.47,0,0,0,null,null,0,0.37,0.63,83.77,87.0331914893617,0.624,"KOG3169","ENOG502QV3C","no","Low tissue specificity","Low tissue specificity",0.416411299210959,"Nucleoplasm","Nucleoplasm",1,574,false]
["P60510_P62714","P62714_Q13136","Janes_et_al","P60510; P62714","P62714; Q13136","P62714","PPP2CB","P60510","PPP4C","Q13136","PPFIA1","huMAP3_07998.1; huMAP3_13510.1; huMAP3_10333.1; huMAP3_09709.1; huMAP3_06695.1","mutually_exclusive",0.17,19,211,136,89.91,80.12,10896.32,0.59,0.39,81.8771428571428,84.0477419354838,0.032,"KOG0372","KOG0249","no","Low tissue specificity","Low tissue specificity",0.260373442439762,"Nucleoplasm","Cytosol",0,575,false]
["P27348_Q8IX15","P27348_P61981","Janes_et_al","P27348; Q8IX15","P27348; P61981","P27348","YWHAQ","Q8IX15","HOMEZ","P61981","YWHAG","huMAP3_10808.1; huMAP3_12897.1","mutually_exclusive",0.16,15,3,2,17.67,89.43,53.01,0.28,0.68,81.4433333333333,97.0293181818181,0.630855106888361,"KOG3986","KOG0841","no","Low tissue specificity","Tissue enhanced",-0.0554949422511199,"Nucleoli","Cytosol",0,576,false]
["Q8NFJ9_Q96RK4","Q8TAM2_Q96RK4","Janes_et_al","Q8NFJ9; Q96RK4","Q8TAM2; Q96RK4","Q96RK4","BBS4","Q8NFJ9","BBS1","Q8TAM2","TTC8","huMAP3_14150.1; huMAP3_01439.1","mutually_exclusive",0.92,16,13,15,91.87,94.59,1194.31,0.73,0.72,92.2926119402985,92.5315277777777,0.16,"ENOG502QS2X","KOG1129","no","Low tissue specificity","Low tissue specificity",0.547671040847269,"Midbody",null,null,577,false]
["Q8NFJ9_Q8TAM2","Q8TAM2_Q96RK4","Janes_et_al","Q8NFJ9; Q8TAM2","Q8TAM2; Q96RK4","Q8TAM2","TTC8","Q8NFJ9","BBS1","Q96RK4","BBS4","huMAP3_14150.1; huMAP3_01439.1","mutually_exclusive",0.44,12,41,61,71.22,82.46,2920.02,0.67,0.72,90.6911494252873,92.5315277777777,0.17,"ENOG502QS2X","KOG1124","no","Low tissue specificity","Low tissue specificity",0.435824602181859,"Midbody","Cytosol",0,577,false]
["Q13077_Q9Y4K3","Q13077_Q13114","Janes_et_al","Q13077; Q9Y4K3","Q13077; Q13114","Q13077","TRAF1","Q9Y4K3","TRAF6","Q13114","TRAF3","huMAP3_14463.1","mutually_exclusive",8.12,20,185,190,87.62,88.39,16209.7,0.64,0.62,85.0201234567901,85.3903921568627,0.238,"KOG0297","KOG0297","yes","Low tissue specificity","Low tissue specificity",0.316490937104352,"Mitochondria",null,null,578,false]
["Q96ST2_Q9GZS3","P13984_Q9GZS3","Janes_et_al","Q96ST2; Q9GZS3","P13984; Q9GZS3","Q9GZS3","SKIC8","Q96ST2","IWS1","P13984","GTF2F2","huMAP3_07749.1; huMAP3_11018.1; huMAP3_07454.1; huMAP3_11092.1; huMAP3_09843.1","mutually_exclusive",0.17,10,137,102,76.84,80.38,10527.08,0.29,0.4,77.8957142857142,84.1917857142857,0.156,"KOG1793","KOG2905","no","Low tissue specificity","Low tissue specificity",0.403593233295145,"Nucleoplasm","Nucleoplasm",1,579,false]
["P82914_Q9BYN8","P82930_Q9BYN8","Janes_et_al","P82914; Q9BYN8","P82930; Q9BYN8","Q9BYN8","MRPS26","P82914","MRPS15","P82930","MRPS34","huMAP3_05807.1; huMAP3_05954.1","structurally_consistent",6.89,0,0,0,null,null,0,0.28,0.4,91.9586363636363,86.3794736842105,0.908,"KOG2815","ENOG502QSI0","no","Tissue enhanced","Low tissue specificity",0.285099498259518,"Mitochondria","Mitochondria",1,580,false]
["A6NHC0_P04632","P04632_Q96L46","Janes_et_al","A6NHC0; P04632","P04632; Q96L46","P04632","CAPNS1","A6NHC0","CAPN8","Q96L46","CAPNS2","huMAP3_11557.1; huMAP3_12239.1","mutually_exclusive",1.07,45,234,196,86.5,81.89,16050.44,0.71,0.68,87.1378985507246,92.5108791208791,null,"KOG0045","KOG0037","no","Tissue enriched","Tissue enhanced",-0.0520450690971499,"Nucleoplasm; Nuclear membrane; Vesicles","Cytosol",0,581,false]
["A6NHC0_Q96L46","P04632_Q96L46","Janes_et_al","A6NHC0; Q96L46","P04632; Q96L46","Q96L46","CAPNS2","A6NHC0","CAPN8","P04632","CAPNS1","huMAP3_11557.1; huMAP3_12239.1","mutually_exclusive",0.89,44,237,205,86.49,80.9,16584.5,0.71,0.68,87.0009420289855,92.5108791208791,null,"KOG0045","KOG0037","no","Tissue enriched","Low tissue specificity",-0.033180907844793,"Nucleoplasm; Nuclear membrane; Vesicles","Nucleoplasm; Cytosol",0.25,581,false]
["O43638_P63151","P63151_Q5VY09","Janes_et_al","O43638; P63151","P63151; Q5VY09","P63151","PPP2R2A","O43638","FOXS1","Q5VY09","IER5","huMAP3_10333.1; huMAP3_13510.1","mutually_exclusive",0.42,13,85,79,59.45,64.22,5053.25,0.37,0.57,88.5066666666666,91.5741509433962,null,"KOG2294","ENOG502S0NB","no","Low tissue specificity","Tissue enhanced",0.0739106036858075,"Nucleoplasm; Cytosol","Nucleoplasm",0.5,582,false]
["Q12829_Q15369","Q15369_Q9Y576","Janes_et_al","Q12829; Q15369","Q15369; Q9Y576","Q15369","ELOC","Q12829","RAB40B","Q9Y576","ASB1","huMAP3_08919.1; huMAP3_13601.1; huMAP3_09980.1","mutually_exclusive",0.29,19,195,236,83.16,82.49,19467.64,0.44,0.63,92.0680555555555,96.8804545454545,null,"KOG0078","KOG0504","no","Tissue enhanced","Low tissue specificity",0.734232792653742,"Vesicles","Nucleoplasm",0,583,false]
["Q00005_Q9Y2T4","Q9NUC0_Q9Y2T4","Janes_et_al","Q00005; Q9Y2T4","Q9NUC0; Q9Y2T4","Q9Y2T4","PPP2R2C","Q00005","PPP2R2B","Q9NUC0","SERTAD4","huMAP3_10333.1; huMAP3_13681.1; huMAP3_13510.1; huMAP3_09709.1","mutually_exclusive",0.45,10,140,68,84.41,38.34,2607.12,0.52,0.58,88.7542857142857,89.8667307692307,null,"KOG1354","ENOG502S9V2","no","Tissue enhanced","Low tissue specificity",0.12560362389982,"Cytosol","Nucleoplasm",0,584,false]
["Q9Y5H3_Q9Y5I1","Q9Y5H8_Q9Y5I1","Janes_et_al","Q9Y5H3; Q9Y5I1","Q9Y5H8; Q9Y5I1","Q9Y5I1","PCDHA11","Q9Y5H3","PCDHGA10","Q9Y5H8","PCDHA3","huMAP3_12589.1; huMAP3_15174.1; huMAP3_14604.1","mutually_exclusive",1.2,20,580,600,83.54,83.69,48453.2,0.61,0.69,77.3452631578947,82.6632894736842,null,"KOG3594","KOG3594","yes","Tissue enriched","Low tissue specificity",0.250959493679196,"Nucleoplasm; Plasma membrane",null,null,585,false]
["P31947_Q9UQL6","P31947_Q9NYF3","Janes_et_al","P31947; Q9UQL6","P31947; Q9NYF3","P31947","SFN","Q9UQL6","HDAC5","Q9NYF3","FAM53C","huMAP3_12897.1","mutually_exclusive",0.46,55,230,128,61.65,30.3,3878.4,0.27,0.44,82.4149999999999,90.3916666666666,0.074,"KOG1343","ENOG502RW5C","no","Low tissue specificity","Tissue enhanced",0.102261615530409,"Nuclear speckles",null,null,586,false]
["P09651_Q12905","Q12905_Q15717","Janes_et_al","P09651; Q12905","Q12905; Q15717","Q12905","ILF2","P09651","HNRNPA1","Q15717","ELAVL1","huMAP3_06192.1; huMAP3_07115.1; huMAP3_07581.1; huMAP3_10625.1","structurally_consistent",0.21,0,0,0,null,null,0,0.31,0.41,86.4947619047619,77.6461538461538,0.442,"KOG0118","KOG0145","no","Low tissue specificity","Low tissue specificity",0.34020815331259,"Nucleoplasm","Nucleoplasm",1,587,false]
["Q8IWZ6_Q9BXC9","Q8TAM2_Q9BXC9","Janes_et_al","Q8IWZ6; Q9BXC9","Q8TAM2; Q9BXC9","Q9BXC9","BBS2","Q8IWZ6","BBS7","Q8TAM2","TTC8","huMAP3_14150.1; huMAP3_01439.1","structurally_consistent",1.26,0,0,0,null,null,0,0.71,0.61,88.2774814814814,86.290923076923,0.206,"ENOG502QPS5","KOG1129","no","Tissue enhanced","Low tissue specificity",0.328846253237293,{"$nulls":3},588,false]
["Q12905_Q9UKM9","Q12905_Q5BKZ1","Janes_et_al","Q12905; Q9UKM9","Q12905; Q5BKZ1","Q12905","ILF2","Q9UKM9","RALY","Q5BKZ1","ZNF326","huMAP3_07581.1; huMAP3_10625.1","mutually_exclusive",0.58,10,67,53,50.94,49.72,2635.16,0.29,0.46,83.4895454545454,79.4742857142857,0.162,"KOG0118","ENOG502QUAZ","no","Low tissue specificity","Tissue enhanced",-0.040280365816595,"Nucleoplasm","Nucleoplasm",1,589,false]
["P43378_Q13496","Q13496_Q9C0I1","Janes_et_al","P43378; Q13496","Q13496; Q9C0I1","Q13496","MTM1","P43378","PTPN9","Q9C0I1","MTMR12","huMAP3_13366.1; huMAP3_13617.1","mutually_exclusive",0.39,10,32,39,76.33,86.69,2442.56,0.6,0.72,86.42,90.0010344827586,0.06,"ENOG502QR81","KOG1089","no","Low tissue specificity","Low tissue specificity",0.435553138238751,"Vesicles",null,null,590,false]
["O00148_Q8NI27","O00148_Q86V81","Janes_et_al","O00148; Q8NI27","O00148; Q86V81","O00148","DDX39A","Q8NI27","THOC2","Q86V81",null,"huMAP3_10789.1; huMAP3_04932.1; huMAP3_08159.1; huMAP3_04872.1; huMAP3_12548.1; huMAP3_09101.1; huMAP3_09225.1; huMAP3_09943.1; huMAP3_08904.1; huMAP3_10299.1","mutually_exclusive",1.39,15,112,72,92.22,53.41,3845.52,0.67,0.6,86.9798734177215,91.1233333333333,0.674,"KOG1874","KOG0533","no","Low tissue specificity",null,null,"Nucleoplasm",null,null,591,false]
["P63208_Q9UK97","P63208_Q8NEZ5","Janes_et_al","P63208; Q9UK97","P63208; Q8NEZ5","P63208","SKP1","Q9UK97","FBXO9","Q8NEZ5","FBXO22","huMAP3_09623.1; huMAP3_14622.1","mutually_exclusive",0.34,39,230,241,92.97,89.54,21579.14,0.69,0.66,94.9205102040816,92.91,0.044,"KOG2997","ENOG502QSZ2","no","Low tissue specificity","Low tissue specificity",0.374453568571048,"Centrosome",null,null,592,false]
["O60825_P27348","P27348_Q5SQI0","Janes_et_al","O60825; P27348","P27348; Q5SQI0","P27348","YWHAQ","O60825","PFKFB2","Q5SQI0","ATAT1","huMAP3_12897.1","mutually_exclusive",0.12,32,236,198,80.1,62.24,12323.52,0.48,0.42,80.0256249999999,75.5815384615384,0.048,"KOG0234","KOG4601","no","Tissue enhanced","Tissue enhanced",-0.182101114455503,"Nucleoplasm","Cytosol",0,593,false]
["P82912_Q92552","Q92552_Q9ULW3","Janes_et_al","P82912; Q92552","Q92552; Q9ULW3","Q92552","MRPS27","P82912","MRPS11","Q9ULW3","ABT1","huMAP3_05807.1","mutually_exclusive",0.22,17,124,123,68.59,76.44,8505.16,0.24,0.52,76.4245454545454,86.1384848484848,0.14,"KOG0408","KOG3152","no","Low tissue specificity","Low tissue specificity",-0.20845444782361,"Mitochondria","Vesicles",0,594,false]
["O75530_Q15910","O75530_Q92800","Janes_et_al","O75530; Q15910","O75530; Q92800","O75530","EED","Q15910","EZH2","Q92800","EZH1","huMAP3_13482.1; huMAP3_15128.1; huMAP3_06942.1; huMAP3_15095.1; huMAP3_04977.1","mutually_exclusive",0.19,86,629,626,82.4,81.68,51131.68,0.73,0.73,94.0382795698924,93.0052972972972,0.344,"KOG1079","KOG1079","yes","Tissue enhanced","Tissue enhanced",-0.244355572803114,"Nucleoplasm","Nucleoplasm",1,595,false]
["P83876_Q96LT9","O75554_P83876","Janes_et_al","P83876; Q96LT9","O75554; P83876","P83876","TXNL4A","Q96LT9","RNPC3","O75554","WBP4","huMAP3_08980.1; huMAP3_06511.1","mutually_exclusive",0.09,11,109,87,86.42,70.82,6161.33999999999,0.49,0.36,90.097037037037,81.5273333333333,0.182,"KOG4206","KOG0150","no","Low tissue specificity","Low tissue specificity",0.065604589097801,"Nucleoplasm","Nucleoplasm",1,596,false]
["O60262_P09471","O60262_P62879","Janes_et_al","O60262; P09471","O60262; P62879","O60262","GNG7","P09471","GNAO1","P62879","GNB2","huMAP3_11173.1; huMAP3_12729.1; huMAP3_10824.1","mutually_exclusive",4.88,21,141,127,81.65,97.36,11512.65,0.25,0.72,77.3478571428571,96.5914814814815,0.1,"KOG0082","KOG0286","no","Tissue enhanced","Low tissue specificity",-0.0257837450318384,null,"Plasma membrane",null,597,false]
["Q96DI7_Q9Y312","P63162_Q96DI7","Janes_et_al","Q96DI7; Q9Y312","P63162; Q96DI7","Q96DI7","SNRNP40","Q9Y312","AAR2","P63162","SNRPN","huMAP3_08980.1","mutually_exclusive",0.22,28,110,74,83.69,50.95,3770.3,0.48,0.37,82.7980952380952,85.3003703703703,null,"KOG3937","KOG3168","no","Low tissue specificity","Low tissue specificity",-0.456697576680816,"Cytosol","Nucleoplasm",0,598,false]
["P61201_Q13618","Q13618_Q9BSF8","Janes_et_al","P61201; Q13618","Q13618; Q9BSF8","Q13618","CUL3","P61201","COPS2","Q9BSF8","BTBD10","huMAP3_08550.1; huMAP3_14528.1; huMAP3_09779.1","structurally_consistent",1.32,0,0,0,null,null,0,0.68,0.53,84.0456578947368,87.8737142857142,0.148,"KOG1464","KOG3840","no","Low tissue specificity","Low tissue specificity",-0.101961374044888,"Vesicles","Nucleoplasm; Nucleoli fibrillar center",0,599,false]
["P29374_Q13547","Q13547_Q9P2Y4","Janes_et_al","P29374; Q13547","Q13547; Q9P2Y4","Q13547","HDAC1","P29374","ARID4A","Q9P2Y4","ZNF219","huMAP3_15128.1","mutually_exclusive",0.2,10,189,151,67.08,57.84,8733.84,0.32,0.63,84.3223076923077,88.4742857142857,0.116,"KOG2744; KOG3001","KOG1721","no","Low tissue specificity","Low tissue specificity",-0.272806736162839,"Nucleoplasm","Nucleoplasm",1,600,false]
["P57086_Q96IT1","P57086_Q53GI3","Janes_et_al","P57086; Q96IT1","P57086; Q53GI3","P57086","SCAND1","Q96IT1","ZNF496","Q53GI3","ZNF394","huMAP3_14807.1","mutually_exclusive",8.54,17,93,128,69.81,79.69,6492.33,0.58,0.57,91.9989552238806,91.3897101449275,null,"KOG1721","KOG1721","yes","Low tissue specificity","Tissue enriched",-0.00026755711967,"Nucleoplasm","Nucleoplasm",1,601,false]
["O75530_Q16576","Q15022_Q16576","Janes_et_al","O75530; Q16576","Q15022; Q16576","Q16576","RBBP7","O75530","EED","Q15022","SUZ12","huMAP3_13482.1; huMAP3_15128.1","mutually_exclusive",0.29,20,126,81,91.54,64.28,5206.68,0.64,0.71,82.0161904761904,91.8552571428571,0.482,"KOG1034","KOG2350","no","Low tissue specificity","Low tissue specificity",0.547635349161634,"Nucleoplasm","Nucleoplasm; Nucleoli; Nucleoli rim; Nuclear bodies",0.25,602,false]
["Q8IYB8_Q9NXV6","Q15434_Q8IYB8","Janes_et_al","Q8IYB8; Q9NXV6","Q15434; Q8IYB8","Q8IYB8","SUPV3L1","Q9NXV6","CDKN2AIP","Q15434","RBMS2","huMAP3_09113.1; huMAP3_06589.1","mutually_exclusive",0.3,10,200,177,75.82,66.57,11782.89,0.45,0.52,87.6355555555555,89.41,0.062,"ENOG502S4FT","KOG4733","no","Low tissue specificity","Low tissue specificity",-0.24123031390362,"Nucleoplasm","Nucleoli fibrillar center",0,603,false]
["O75317_Q8TBZ3","O75317_P62068","Janes_et_al","O75317; Q8TBZ3","O75317; P62068","O75317","USP12","Q8TBZ3","WDR20","P62068","USP46","huMAP3_14529.1; huMAP3_12501.1; huMAP3_08735.1; huMAP3_09689.1; huMAP3_10857.1; huMAP3_09502.1","mutually_exclusive",0.24,14,185,185,82.3,85.89,15225.5,0.56,0.52,88.8865,81.5111320754717,0.232,"KOG2394","KOG1864","no","Low tissue specificity","Low tissue specificity",0.0594557857836269,null,"Nucleoli; Nucleoli rim",null,604,false]
["P29803_Q15120","Q15119_Q15120","Janes_et_al","P29803; Q15120","Q15119; Q15120","Q15120","PDK3","P29803","PDHA2","Q15119","PDK2","huMAP3_14864.1; huMAP3_12248.1; huMAP3_14339.1; huMAP3_11877.1","structurally_consistent",0.16,0,0,0,null,null,0,0.4,0.73,80.8153846153846,95.0815328467153,null,"KOG0225","KOG0787","no","Tissue enriched","Tissue enhanced",-0.086803582986584,"Mitochondria","Nucleoplasm; Mitochondria",0.5,605,false]
["Q92696_Q9H082","Q92696_Q96I34","Janes_et_al","Q92696; Q9H082","Q92696; Q96I34","Q92696","RABGGTA","Q9H082","RAB33B","Q96I34","PPP1R16A","huMAP3_11094.1; huMAP3_11860.1","structurally_consistent",0.43,0,0,0,null,null,0,0.6,0.54,92.3090625,84.356,0.1,"KOG0084","KOG0505","no","Low tissue specificity","Low tissue specificity",-0.203032394476425,null,"Plasma membrane",null,606,false]
["P12724_P13489","P07998_P13489","Janes_et_al","P12724; P13489","P07998; P13489","P13489","RNH1","P12724","RNASE3","P07998","RNASE1","huMAP3_13506.1; huMAP3_13360.1; huMAP3_12344.1","mutually_exclusive",0.25,35,140,133,91.29,92.03,12780.6,0.72,0.72,93.7547826086956,95.0317333333333,null,"ENOG502TF52","ENOG502SQ4K","no","Tissue enriched","Tissue enriched",-0.0536293595450145,null,"Vesicles",null,607,false]
["O95816_Q8WXB1","O95816_P34931","Janes_et_al","O95816; Q8WXB1","O95816; P34931","O95816","BAG2","Q8WXB1","METTL21A","P34931","HSPA1L","huMAP3_07919.1; huMAP3_14723.1; huMAP3_13774.1; huMAP3_11049.1","mutually_exclusive",4.62,13,139,158,92.5,90.63,14319.54,0.4,0.64,85.1692105263157,86.3251923076923,0.104,"KOG2793","KOG0101","no","Low tissue specificity","Tissue enriched",-0.113879878084966,"Nucleoplasm","Vesicles",0,608,false]
["O95816_Q8WXB1","P34931_Q8WXB1","Janes_et_al","O95816; Q8WXB1","P34931; Q8WXB1","Q8WXB1","METTL21A","O95816","BAG2","P34931","HSPA1L","huMAP3_07919.1; huMAP3_14723.1; huMAP3_13774.1; huMAP3_11049.1","mutually_exclusive",0.16,12,17,29,84.17,79.54,2306.66,0.4,0.42,85.1692105263157,80.0585,0.156,"KOG3633","KOG0101","no","Tissue enhanced","Tissue enriched",-3.9185164486717E-3,"Cytosol","Vesicles",0,608,false]
["O14929_Q09028","P56545_Q09028","Janes_et_al","O14929; Q09028","P56545; Q09028","Q09028","RBBP4","O14929","HAT1","P56545","CTBP2","huMAP3_15128.1","mutually_exclusive",0.11,13,47,30,97.38,39.16,1174.8,0.56,0.54,94.9618918918919,89.0646428571428,null,"KOG2696","KOG0067","no","Low tissue specificity","Low tissue specificity",-0.159129933566041,"Nucleoplasm","Nucleoplasm",1,609,false]
["P04350_Q13509","O00423_Q13509","Janes_et_al","P04350; Q13509","O00423; Q13509","Q13509","TUBB3","P04350","TUBB4A","O00423","EML1","huMAP3_10475.1; huMAP3_09233.1","mutually_exclusive",0.26,13,278,321,89.96,95.6,25008.88,0.63,0.59,85.8931034482758,83.4035714285714,0.0628611111111111,"KOG1375","KOG2106","no","Tissue enriched","Low tissue specificity",-0.226359074932978,"Microtubules",null,null,610,false]
["P61970_P62826","P46060_P61970","Janes_et_al","P61970; P62826","P46060; P61970","P61970","NUTF2","P62826","RAN","P46060","RANGAP1","huMAP3_10000.1; huMAP3_07331.1; huMAP3_12581.1","mutually_exclusive",0.66,11,62,63,94.82,77.4,4876.2,0.63,0.42,95.3110526315789,73.065,0.242,"KOG0096","KOG1909","no","Low tissue specificity","Low tissue specificity",-3.2788425956154E-3,"Nucleoplasm","Nuclear membrane",0,611,false]
["P09661_Q9Y3F4","P09661_Q8N954","Janes_et_al","P09661; Q9Y3F4","P09661; Q8N954","P09661","SNRPA1","Q9Y3F4","STRAP","Q8N954",null,"huMAP3_08980.1; huMAP3_06511.1","mutually_exclusive",0.88,11,79,54,79.67,71.59,3865.86,0.37,0.33,77.2892307692307,82.744,0.23,"KOG0278","KOG1994","no","Low tissue specificity",null,null,"Cytosol",null,null,612,false]
["Q9Y5H6_Q9Y5H8","Q9Y5H6_Q9Y5H9","Janes_et_al","Q9Y5H6; Q9Y5H8","Q9Y5H6; Q9Y5H9","Q9Y5H6","PCDHA8","Q9Y5H8","PCDHA3","Q9Y5H9","PCDHA2","huMAP3_10321.1; huMAP3_14604.1","mutually_exclusive",0.8,34,706,707,80.24,80.28,56649.44,0.7,0.71,86.8667021276595,86.9017525773195,null,"KOG3594","KOG3594","yes","Low tissue specificity","Tissue enhanced",0.857398529288677,{"$nulls":3},613,false]
["P31150_Q9H0N0","P31150_P51151","Janes_et_al","P31150; Q9H0N0","P31150; P51151","P31150","GDI1","Q9H0N0","RAB6C","P51151","RAB9A","huMAP3_09217.1; huMAP3_01895.1; huMAP3_11094.1; huMAP3_11860.1","mutually_exclusive",1.09,28,185,185,69.98,86.45,12946.3,0.36,0.6,80.4958333333333,84.5240425531914,0.13,"KOG0094","KOG0394","no","Tissue enhanced","Low tissue specificity",0.122287589635333,"Golgi apparatus","Nucleoplasm",0,614,false]
["P61204_P84085","P84077_P84085","Janes_et_al","P61204; P84085","P84077; P84085","P84085","ARF5","P61204","ARF3","P84077","ARF1","huMAP3_12024.1; huMAP3_03629.1","mutually_exclusive",0.15,10,93,96,83.98,81.31,7805.76,0.47,0.34,81.343947368421,78.1134375,0.312666666666667,"KOG0070","KOG0070","yes","Tissue enhanced","Low tissue specificity",-0.0486992119647049,null,"Cytosol",null,615,false]
["Q16576_Q5PSV4","Q15022_Q16576","Janes_et_al","Q16576; Q5PSV4","Q15022; Q16576","Q16576","RBBP7","Q5PSV4","BRMS1L","Q15022","SUZ12","huMAP3_13482.1; huMAP3_15128.1","mutually_exclusive",0.21,48,119,128,53.65,73.45,6384.34999999999,0.5,0.71,74.86625,91.8552571428571,0.156,"KOG4466","KOG2350","no","Low tissue specificity","Low tissue specificity",-0.45228175319234,"Nucleoplasm","Nucleoplasm; Nucleoli; Nucleoli rim; Nuclear bodies",0.25,616,false]
["Q8IXK0_Q9BSM1","Q06587_Q9BSM1","Janes_et_al","Q8IXK0; Q9BSM1","Q06587; Q9BSM1","Q9BSM1","PCGF1","Q8IXK0","PHC2","Q06587","RING1","huMAP3_10162.1; huMAP3_14051.1","mutually_exclusive",7.25,15,98,115,51.68,76.19,5064.64,0.32,0.64,84.555,89.1686111111111,0.282,"ENOG502QS5Q","KOG0311","no","Low tissue specificity","Low tissue specificity",0.286514014087454,"Nucleoplasm","Nucleoplasm",1,617,false]
["P56545_Q09028","O75530_Q09028","Janes_et_al","P56545; Q09028","O75530; Q09028","Q09028","RBBP4","P56545","CTBP2","O75530","EED","huMAP3_15128.1","structurally_consistent",0.15,0,2,1,15.28,16.93,30.56,0.54,0.61,89.0646428571428,82.8789743589743,null,"KOG0067","KOG1034","no","Low tissue specificity","Low tissue specificity",-0.173993797076792,"Nucleoplasm","Nucleoplasm",1,618,false]
["O75643_Q9BQ65","Q9BQ65_Q9UMS4","Janes_et_al","O75643; Q9BQ65","Q9BQ65; Q9UMS4","Q9BQ65","USB1","O75643","SNRNP200","Q9UMS4","PRPF19","huMAP3_09945.1","structurally_consistent",0.86,0,0,0,null,null,0,0.41,0.39,83.485,82.6633333333333,0.926,"KOG0951","KOG0289","no","Low tissue specificity","Low tissue specificity",-0.0752596843405791,"Nucleoplasm","Nuclear speckles",0,619,false]
["P37198_Q99567","Q99567_Q9UKK6","Janes_et_al","P37198; Q99567","Q99567; Q9UKK6","Q99567","NUP88","P37198","NUP62","Q9UKK6","NXT1","huMAP3_09220.1; huMAP3_10000.1; huMAP3_12581.1; huMAP3_08442.1; huMAP3_06369.1","structurally_consistent",1.69,0,0,0,null,null,0,0.71,0.27,87.3293103448275,82.57625,0.25,"KOG2196","KOG4353","no","Low tissue specificity","Low tissue specificity",0.236091069618507,"Nuclear membrane","Nucleoplasm",0,620,false]
["P61964_Q9ULM3","O15047_P61964","Janes_et_al","P61964; Q9ULM3","O15047; P61964","P61964","WDR5","Q9ULM3","YEATS2","O15047","SETD1A","huMAP3_09422.1; huMAP3_08776.1; huMAP3_10027.1","mutually_exclusive",0.26,14,312,265,56.51,50.05,13263.25,0.46,0.57,84.3832352941176,88.2842222222222,0.212,"KOG3149","KOG1080","no","Low tissue specificity","Low tissue specificity",0.265459887000486,"Nucleoplasm","Nuclear speckles",0,621,false]
["P63208_Q9UK97","P63208_Q5XUX1","Janes_et_al","P63208; Q9UK97","P63208; Q5XUX1","P63208","SKP1","Q9UK97","FBXO9","Q5XUX1","FBXW9","huMAP3_09623.1; huMAP3_14622.1","mutually_exclusive",0.28,40,219,218,91.59,91.9,20058.21,0.69,0.65,94.9205102040816,92.620625,0.088,"KOG2997","KOG0274","no","Low tissue specificity","Low tissue specificity",0.0638711816048849,"Centrosome","Cytosol",0,622,false]
["Q8TAE8_Q9H2W6","Q96E29_Q9H2W6","Janes_et_al","Q8TAE8; Q9H2W6","Q96E29; Q9H2W6","Q9H2W6","MRPL46","Q8TAE8","GADD45GIP1","Q96E29","MTERF3","huMAP3_06439.1","structurally_consistent",0.48,0,4,3,44.96,48.59,179.84,0.27,0.35,88.7228571428571,80.4149999999999,0.444,"KOG4848","KOG1267","no","Low tissue specificity","Low tissue specificity",0.121727784040955,"Mitochondria","Mitochondria",1,623,false]
["O43447_P08579","O43447_Q8WVK2","Janes_et_al","O43447; P08579","O43447; Q8WVK2","O43447","PPIH","P08579","SNRPB2","Q8WVK2","SNRNP27","huMAP3_08980.1; huMAP3_04549.1; huMAP3_06511.1","mutually_exclusive",0.1,14,70,33,77.86,35.55,1173.15,0.32,0.41,75.5,92.2494117647058,0.628,"KOG4206","KOG3263","no","Low tissue specificity","Low tissue specificity",0.337579096802086,"Nuclear speckles","Nucleoplasm",0,624,false]
["O14513_Q92845","Q92845_Q9Y496","Janes_et_al","O14513; Q92845","Q92845; Q9Y496","Q92845","KIFAP3","O14513","NCKAP5","Q9Y496","KIF3A","huMAP3_09585.1; huMAP3_13393.1; huMAP3_10422.1; huMAP3_12337.1","mutually_exclusive",1.88,16,73,95,36.95,55.27,2697.35,0.45,0.3,82.024,79.7084615384615,null,"ENOG502QWN7","KOG4280","no","Tissue enhanced","Tissue enhanced",0.232460365614292,"Nucleoli","Nucleoplasm; Intermediate filaments; Cytosol",0,625,false]
["O60911_Q9NU19","O43309_O60911","Janes_et_al","O60911; Q9NU19","O43309; O60911","O60911","CTSV","Q9NU19","TBC1D22B","O43309","ZSCAN12","huMAP3_09929.1","mutually_exclusive",0.33,11,220,180,74.21,76.74,16326.2,0.51,0.39,76.312,86.2592307692307,0.124,"KOG1092","KOG1721","no","Low tissue specificity","Low tissue specificity",-0.0461328826409814,"Nucleoplasm; Cytosol","Nucleoplasm",0.5,626,false]
["O15514_P25791","O15514_P61218","Janes_et_al","O15514; P25791","O15514; P61218","O15514","POLR2D","P25791","LMO2","P61218","POLR2F","huMAP3_11092.1; huMAP3_14318.1","structurally_consistent",0.75,0,0,0,null,null,0,0.25,0.49,76.7311111111111,93.6178260869565,null,"KOG0490","KOG3405","no","Low tissue specificity","Low tissue specificity",0.273761367084698,"Nucleoplasm","Nucleoplasm; Nucleoli fibrillar center",0.5,627,false]
["P03950_P13489","P13489_P17483","Janes_et_al","P03950; P13489","P13489; P17483","P13489","RNH1","P03950","ANG","P17483","HOXB4","huMAP3_13506.1; huMAP3_13360.1; huMAP3_12344.1; huMAP3_14539.1","mutually_exclusive",0.37,11,90,64,88.42,80.44,5148.16,0.71,0.51,93.3976666666666,90.1774074074074,null,"ENOG502S9Q1","KOG0489","no","Tissue enriched","Tissue enhanced",-0.0711215446576614,"Nucleoli; Nucleoli rim; Mitotic chromosome","Nucleoplasm",0,628,false]
["P62714_Q9P289","P62714_Q13136","Janes_et_al","P62714; Q9P289","P62714; Q13136","P62714","PPP2CB","Q9P289","STK26","Q13136","PPFIA1","huMAP3_10333.1; huMAP3_13510.1; huMAP3_09709.1","mutually_exclusive",0.17,13,282,215,81.65,79.35,17060.25,0.3,0.39,76.6385714285714,84.0477419354838,0.034,"KOG0201","KOG0249","no","Tissue enhanced","Low tissue specificity",0.0648287696227673,"Nucleoplasm","Cytosol",0,629,false]
["P62136_Q7Z3T8","P62136_Q9GZN8","Janes_et_al","P62136; Q7Z3T8","P62136; Q9GZN8","P62136","PPP1CA","Q7Z3T8","ZFYVE16","Q9GZN8","C20orf27","huMAP3_14504.1","mutually_exclusive",0.16,27,49,50,59.33,79.18,2907.17,0.37,0.7,87.8620512820512,95.4958333333333,0.046,"KOG1841","ENOG502RXJD","no","Low tissue specificity","Tissue enhanced",-0.141167945781648,"Vesicles; Cytosol","Nucleoplasm; Cytosol",0.333333333333333,630,false]
["P31947_Q86YD1","P31947_Q7Z309","Janes_et_al","P31947; Q86YD1","P31947; Q7Z309","P31947","SFN","Q86YD1","PTOV1","Q7Z309","PABIR2","huMAP3_09810.1","mutually_exclusive",0.6,25,111,84,63.71,31.35,2633.4,0.25,0.48,74.4533333333333,94.3861904761904,0.056,"ENOG502SS25","ENOG502QTCH","no","Low tissue specificity","Low tissue specificity",0.0779302902493638,"Nucleoplasm","Nucleoplasm",1,631,false]
["Q6MZM0_Q9BQI5","Q6MZM0_Q9UHN1","Janes_et_al","Q6MZM0; Q9BQI5","Q6MZM0; Q9UHN1","Q6MZM0","HEPHL1","Q9BQI5","SGIP1","Q9UHN1","POLG2","huMAP3_12974.1","mutually_exclusive",0.21,10,162,190,64.36,80.76,10426.32,0.55,0.52,87.1165,86.3426086956521,null,"KOG2398","KOG2298","no","Tissue enriched","Low tissue specificity",-0.177133056748629,"Mitochondria","Mitochondria",1,632,false]
["O95169_Q16795","O75380_Q16795","Janes_et_al","O95169; Q16795","O75380; Q16795","Q16795","NDUFA9","O95169","NDUFB8","O75380","NDUFS6","huMAP3_09982.1; huMAP3_09567.1; huMAP3_14878.1; huMAP3_06397.1; huMAP3_14018.1; huMAP3_02819.1","structurally_consistent",0.09,0,0,0,null,null,0,0.24,0.32,89.341,84.6826086956521,0.89,"KOG4040","KOG3456","no","Low tissue specificity","Tissue enhanced",0.434464329210888,"Mitochondria",null,null,633,false]
["P67775_Q96E09","P24593_P67775","Janes_et_al","P67775; Q96E09","P24593; P67775","P67775","PPP2CA","Q96E09","PABIR1","P24593","IGFBP5","huMAP3_10333.1","mutually_exclusive",0.26,15,35,51,87.9,70.51,3596.01,0.58,0.6,94.8586046511628,82.8224999999999,0.034,"ENOG502QTCH","ENOG502QUPK","no","Low tissue specificity","Tissue enhanced",0.470071705723508,"Nucleoplasm; Nuclear bodies","Vesicles",0,634,false]
["Q96MW5_Q9Y2V7","Q8WTW3_Q96MW5","Janes_et_al","Q96MW5; Q9Y2V7","Q8WTW3; Q96MW5","Q96MW5","COG8","Q9Y2V7","COG6","Q8WTW3","COG1","huMAP3_09176.1; huMAP3_14423.1; huMAP3_04294.1","mutually_exclusive",2.35,12,30,13,86.7,26.88,349.44,0.71,0.72,85.1079487179487,90.5880346820809,0.27,"KOG3758","KOG2033","no","Low tissue specificity","Low tissue specificity",0.0137441424391872,"Nuclear speckles; Golgi apparatus",null,null,635,false]
["P02675_Q99944","P00747_P02675","Janes_et_al","P02675; Q99944","P00747; P02675","P02675","FGB","Q99944","EGFL8","P00747","PLG","huMAP3_15040.1","structurally_consistent",2.5,0,0,0,null,null,0,0.27,0.24,75.0525,73.64,null,"KOG1217","ENOG502QVNP","no","Low tissue specificity","Tissue enriched",-0.0199353053256437,"Vesicles","Vesicles",1,636,false]
["P61326_Q13427","P61326_Q9UKV3","Janes_et_al","P61326; Q13427","P61326; Q9UKV3","P61326","MAGOH","Q13427","PPIG","Q9UKV3","ACIN1","huMAP3_09943.1; huMAP3_09621.1; huMAP3_11073.1; huMAP3_10564.1","mutually_exclusive",0.16,24,201,178,73.27,58.15,10350.7,0.6,0.37,92.6045762711864,86.6647058823529,0.58,"KOG0546","KOG2416","no","Low tissue specificity","Low tissue specificity",0.547137338527605,"Nuclear speckles","Nucleoplasm",0,637,false]
["O95067_Q99640","O95067_P11802","Janes_et_al","O95067; Q99640","O95067; P11802","O95067","CCNB2","Q99640","PKMYT1","P11802","CDK4","huMAP3_10449.1","mutually_exclusive",0.75,10,84,127,51.45,78.16,4321.8,0.33,0.41,84.861,78.9872222222222,0.167537861553461,"KOG0601","KOG0594","no","Tissue enhanced","Low tissue specificity",-0.234075116191783,"Golgi apparatus","Cytosol",0,638,false]
["P35222_Q9NSA3","P22223_P35222","Janes_et_al","P35222; Q9NSA3","P22223; P35222","P35222","CTNNB1","Q9NSA3","CTNNBIP1","P22223","CDH3","huMAP3_08033.1; huMAP3_10927.1","mutually_exclusive",0.69,50,62,62,81.57,58.59,3632.58,0.72,0.58,92.0143243243243,83.8411428571428,0.036,"ENOG502S3XR","KOG3594","no","Tissue enhanced","Tissue enhanced",0.332796384900811,"Nucleoplasm; Cytosol","Plasma membrane",0,639,false]
["Q13228_Q9UKA2","O95147_Q9UKA2","Janes_et_al","Q13228; Q9UKA2","O95147; Q9UKA2","Q9UKA2","FBXL4","Q13228","SELENBP1","O95147","DUSP14","huMAP3_12974.1","structurally_consistent",0.29,0,0,0,null,null,0,0.64,0.6,91.6729411764706,90.7181481481481,0.072,"KOG0918","KOG1718","no","Tissue enhanced","Tissue enhanced",-0.0580178463136883,"Nucleoli","Nucleoplasm; Cytosol",0,640,false]
["Q15369_Q9Y6I7","Q15369_Q9Y575","Janes_et_al","Q15369; Q9Y6I7","Q15369; Q9Y575","Q15369","ELOC","Q9Y6I7","WSB1","Q9Y575","ASB3","huMAP3_08919.1; huMAP3_05894.1; huMAP3_09980.1; huMAP3_13601.1","mutually_exclusive",0.17,16,214,185,91.43,88.15,16307.75,0.58,0.57,91.4197674418604,92.9186666666666,null,"KOG0266","KOG0504","no","Low tissue specificity","Low tissue specificity",-0.149164660646881,"Mitochondria",null,null,641,false]
["Q16576_Q9H165","Q149N8_Q16576","Janes_et_al","Q16576; Q9H165","Q149N8; Q16576","Q16576","RBBP7","Q9H165","BCL11A","Q149N8","SHPRH","huMAP3_15128.1","mutually_exclusive",0.19,44,146,150,29.39,55.32,4290.94,0.3,0.37,86.3351282051282,83.340294117647,0.064,"KOG1721","KOG0298","no","Tissue enhanced","Low tissue specificity",-0.145615081693884,"Nucleoplasm","Nucleoplasm; Nuclear membrane",0.5,642,false]
["P31947_Q2TAL5","P31947_P98177","Janes_et_al","P31947; Q2TAL5","P31947; P98177","P31947","SFN","Q2TAL5","SMTNL2","P98177","FOXO4","huMAP3_10808.1; huMAP3_12897.1","mutually_exclusive",0.12,49,237,198,59.4,49.5,9801,0.41,0.35,82.711282051282,80.4582758620689,null,"KOG4678","KOG2294","no","Group enriched","Tissue enhanced",0.312099822443761,"Nucleoplasm; Nuclear speckles","Nuclear speckles",0.5,643,false]
["P30154_Q9NVR7","P30154_Q16537","Janes_et_al","P30154; Q9NVR7","P30154; Q16537","P30154","PPP2R1B","Q9NVR7","TBCCD1","Q16537","PPP2R5E","huMAP3_10333.1; huMAP3_13510.1; huMAP3_09709.1","mutually_exclusive",1.06,11,276,272,84.33,86.45,23275.08,0.6,0.67,86.7346153846153,88.0072222222222,null,"KOG4416","KOG2085","no","Low tissue specificity","Low tissue specificity",0.567789479912065,null,"Cytosol",null,644,false]
["P11802_P42772","P11802_Q5TC84","Janes_et_al","P11802; P42772","P11802; Q5TC84","P11802","CDK4","P42772","CDKN2B","Q5TC84","OGFRL1","huMAP3_14722.1","structurally_consistent",1.22,0,1,1,94,31,31,0.57,0.38,87.2095833333333,78.8207692307692,null,"KOG0504","ENOG502RA9J","no","Tissue enhanced","Low tissue specificity",-0.0124044975632674,"Nucleoplasm","Golgi apparatus",0,645,false]
["Q14739_Q8NAF0","Q14739_Q9Y6H1","Janes_et_al","Q14739; Q8NAF0","Q14739; Q9Y6H1","Q14739","LBR","Q8NAF0","ZNF579","Q9Y6H1","CHCHD2","huMAP3_13593.1; huMAP3_09155.1; huMAP3_10150.1; huMAP3_09852.1","mutually_exclusive",0.95,35,92,69,54.29,37.01,2553.69,0.59,0.56,79.856,88.39,null,"KOG1721","KOG4090","no","Low tissue specificity","Low tissue specificity",0.380994679646441,"Nucleoplasm","Mitochondria",0,646,false]
["P51793_Q9NQ34","Q8WVC6_Q9NQ34","Janes_et_al","P51793; Q9NQ34","Q8WVC6; Q9NQ34","Q9NQ34","TMEM9B","P51793","CLCN4","Q8WVC6","DCAKD","huMAP3_08994.1","mutually_exclusive",5.5,18,39,25,89.79,77.12,1928,0.68,0.43,88.6548913043478,77.7293333333333,null,"KOG0475","KOG3220","no","Tissue enhanced","Low tissue specificity",0.170187611920613,"Vesicles","Nucleoplasm",0,647,false]
["P22304_Q99943","P22304_P34059","Janes_et_al","P22304; Q99943","P22304; P34059","P22304","IDS","Q99943","AGPAT1","P34059","GALNS","huMAP3_09327.1","structurally_consistent",0.17,0,0,0,null,null,0,0.34,0.43,89.2925,87.2484615384615,0.116,"KOG2848","KOG3867","no","Low tissue specificity","Low tissue specificity",0.106201656176753,"Endoplasmic reticulum","Cytosol",0,648,false]
["P08620_Q9Y4F1","P18827_Q9Y4F1","Janes_et_al","P08620; Q9Y4F1","P18827; Q9Y4F1","Q9Y4F1","FARP1","P08620","FGF4","P18827","SDC1","huMAP3_06813.1; huMAP3_01947.1","structurally_consistent",4.63,0,14,16,27.03,26.83,429.28,0.25,0.34,86.0042857142857,86.664,null,"KOG3885","ENOG502RZWT","no","Not detected","Tissue enhanced",-0.0679722682752234,null,"Focal adhesion sites",null,649,false]
["P09661_P38432","P09661_Q8N5A5","Janes_et_al","P09661; P38432","P09661; Q8N5A5","P09661","SNRPA1","P38432","COIL","Q8N5A5","ZGPAT","huMAP3_08980.1; huMAP3_06511.1","mutually_exclusive",8.84,10,140,135,67.26,68.64,9416.4,0.29,0.34,78.5020833333333,78.876976744186,0.08,"ENOG502QVWV","KOG2185","no","Tissue enriched","Tissue enriched",0.0760062019668751,"Nucleoplasm; Nuclear bodies","Nucleoplasm; Plasma membrane",0.333333333333333,650,false]
["O00203_Q9Y2T2","O14617_Q9Y2T2","Janes_et_al","O00203; Q9Y2T2","O14617; Q9Y2T2","Q9Y2T2","AP3M1","O00203","AP3B1","O14617","AP3D1","huMAP3_12157.1; huMAP3_03149.1; huMAP3_14281.1; huMAP3_13727.1; huMAP3_11493.1; huMAP3_15082.1; huMAP3_12813.1; huMAP3_12325.1","mutually_exclusive",1.91,27,545,529,86.81,77.74,41124.46,0.73,0.62,91.9214973262032,80.3521666666666,0.806,"KOG1060","KOG1059","no","Low tissue specificity","Low tissue specificity",0.122823065218329,"Nucleoplasm","Cytosol",0,651,false]
["Q7RTN6_Q9H9S4","Q7RTN6_Q9Y376","Janes_et_al","Q7RTN6; Q9H9S4","Q7RTN6; Q9Y376","Q7RTN6","STRADA","Q9H9S4","CAB39L","Q9Y376","CAB39","huMAP3_01132.1","mutually_exclusive",0.26,23,336,339,92.11,92.66,30948.96,0.64,0.7,92.6749122807017,92.1189705882353,0.252,"KOG1566","KOG1566","yes","Tissue enhanced","Tissue enhanced",-0.203010220533674,"Vesicles","Cytosol",0,652,false]
["P27449_Q93050","P27449_Q3ZAQ7","Janes_et_al","P27449; Q93050","P27449; Q3ZAQ7","P27449","ATP6V0C","Q93050","ATP6V0A1","Q3ZAQ7","VMA21","huMAP3_05805.1; huMAP3_10516.1; huMAP3_12042.1; huMAP3_10511.1","mutually_exclusive",0.26,16,123,96,86.8,62.48,5998.08,0.53,0.43,81.2297777777777,83.0029411764705,0.014,"KOG2189","KOG4783","no","Tissue enhanced","Low tissue specificity",0.455242938745425,"Golgi apparatus; Vesicles",null,null,653,false]
["Q13228_Q9UBM1","Q13228_Q9UKA2","Janes_et_al","Q13228; Q9UBM1","Q13228; Q9UKA2","Q13228","SELENBP1","Q9UBM1","PEMT","Q9UKA2","FBXL4","huMAP3_12974.1","structurally_consistent",0.29,0,0,0,null,null,0,0.32,0.64,84.947,91.6729411764706,0.07,"KOG4142","KOG1947","no","Tissue enhanced","Low tissue specificity",0.535285374292691,"Endoplasmic reticulum; Mitochondria","Nuclear speckles",0,654,false]
["P28062_P49720","P49720_Q969U7","Janes_et_al","P28062; P49720","P49720; Q969U7","P49720","PSMB3","P28062","PSMB8","Q969U7","PSMG2","huMAP3_00356.1; huMAP3_09656.1","mutually_exclusive",0.23,10,22,22,51.5,47.09,1035.98,0.36,0.28,83.91125,74.1922222222222,0.066,"KOG0175","KOG3112","no","Low tissue specificity","Low tissue specificity",0.115790160044092,"Vesicles","Nuclear bodies",0,655,false]
["Q00005_Q8IX90","Q00005_Q5T953","Janes_et_al","Q00005; Q8IX90","Q00005; Q5T953","Q00005","PPP2R2B","Q8IX90","SKA3","Q5T953","IER5L","huMAP3_13681.1; huMAP3_10604.1","mutually_exclusive",0.15,40,66,88,25.83,55.59,1704.78,0.45,0.52,74.428,90.7074074074074,null,"ENOG502QSTX","ENOG502QUU4","no","Tissue enhanced","Low tissue specificity",-0.33358119625708,"Mitotic spindle; Centrosome","Nucleoplasm",0,656,false]
["P38606_Q9Y2Q5","P38606_Q9Y5K8","Janes_et_al","P38606; Q9Y2Q5","P38606; Q9Y5K8","P38606","ATP6V1A","Q9Y2Q5","LAMTOR2","Q9Y5K8","ATP6V1D","huMAP3_12042.1","structurally_consistent",0.58,0,0,0,null,null,0,0.27,0.33,88.4927777777777,85.42375,0.14,"KOG4107","KOG1647","no","Low tissue specificity","Low tissue specificity",0.410484453484646,"Nucleoplasm; Vesicles","Plasma membrane",0,657,false]
["Q9Y2Q5_Q9Y5K8","P38606_Q9Y5K8","Janes_et_al","Q9Y2Q5; Q9Y5K8","P38606; Q9Y5K8","Q9Y5K8","ATP6V1D","Q9Y2Q5","LAMTOR2","P38606","ATP6V1A","huMAP3_12042.1","structurally_consistent",0.79,0,0,0,null,null,0,0.27,0.33,78.45875,85.42375,0.31,"KOG4107","KOG1352","no","Low tissue specificity","Low tissue specificity",0.211835708213728,"Nucleoplasm; Vesicles","Vesicles; Cytosol",0.333333333333333,657,false]
["Q16576_Q8TDI0","Q16576_Q9H160","Janes_et_al","Q16576; Q8TDI0","Q16576; Q9H160","Q16576","RBBP7","Q8TDI0","CHD5","Q9H160","ING2","huMAP3_13482.1; huMAP3_15128.1","mutually_exclusive",0.2,10,187,153,58.12,60.33,10868.44,0.25,0.58,85.3857142857142,89.7943478260869,0.1,"KOG0383","KOG1973","no","Group enriched","Low tissue specificity",0.162840862142074,"Nucleoplasm; Nuclear speckles","Nucleoplasm",0.5,658,false]
["Q96CM3_Q9NPE2","Q96CM3_Q9Y2Z4","Janes_et_al","Q96CM3; Q9NPE2","Q96CM3; Q9Y2Z4","Q96CM3","RPUSD4","Q9NPE2","NGRN","Q9Y2Z4","YARS2","huMAP3_07939.1; huMAP3_08458.1; huMAP3_06589.1; huMAP3_09113.1; huMAP3_09483.1","structurally_consistent",0.65,0,3,5,32.67,33.4,98.01,0.3,0.46,81.94,90.5433333333333,0.398,"ENOG502S5A6","KOG2623","no","Tissue enhanced","Low tissue specificity",0.284915079670541,"Mitochondria","Mitochondria",1,659,false]
["Q96CM3_Q9Y2Z4","Q9NPE2_Q9Y2Z4","Janes_et_al","Q96CM3; Q9Y2Z4","Q9NPE2; Q9Y2Z4","Q9Y2Z4","YARS2","Q96CM3","RPUSD4","Q9NPE2","NGRN","huMAP3_07939.1; huMAP3_08458.1; huMAP3_06589.1; huMAP3_09113.1; huMAP3_09483.1","structurally_consistent",1.61,0,0,0,null,null,0,0.46,0.27,90.5433333333333,86.4007692307692,0.098,"KOG1919","ENOG502S5A6","no","Tissue enhanced","Tissue enhanced",0.793952935463256,"Mitochondria","Mitochondria",1,659,false]
["P13489_P34096","P13489_P17483","Janes_et_al","P13489; P34096","P13489; P17483","P13489","RNH1","P34096","RNASE4","P17483","HOXB4","huMAP3_13506.1; huMAP3_14539.1; huMAP3_13360.1; huMAP3_06259.1; huMAP3_12344.1","mutually_exclusive",0.35,15,98,65,87.61,79.31,5155.15,0.72,0.51,94.5183333333333,90.1774074074074,null,"ENOG502S9Q1","KOG0489","no","Tissue enriched","Tissue enhanced",0.0735935827089039,null,"Nucleoplasm",null,660,false]
["P47755_Q9BY89","P47755_Q6ZU35","Janes_et_al","P47755; Q9BY89","P47755; Q6ZU35","P47755","CAPZA2","Q9BY89","KIAA1671","Q6ZU35","CRACD","huMAP3_10870.1; huMAP3_02458.1; huMAP3_06652.1; huMAP3_08077.1; huMAP3_12900.1","mutually_exclusive",0.09,14,609,561,29.77,41.49,18129.93,0.26,0.4,81.215,86.35,0.042,"ENOG502QWAQ","ENOG502QQWT","no","Low tissue specificity","Tissue enhanced",-0.192336288897594,"Microtubules","Nucleoplasm",0,661,false]
["P82673_P82932","P82673_Q96EL2","Janes_et_al","P82673; P82932","P82673; Q96EL2","P82673","MRPS35","P82932","MRPS6","Q96EL2","MRPS24","huMAP3_05954.1","structurally_consistent",0.66,0,0,0,null,null,0,0.53,0.67,92.5893333333333,92.7368253968254,0.812,"KOG4708","ENOG502RXU1","no","Tissue enhanced","Tissue enhanced",0.261404419227051,"Mitochondria",null,null,662,false]
["P31151_Q86YZ3","P05109_P31151","Janes_et_al","P31151; Q86YZ3","P05109; P31151","P31151","S100A7","Q86YZ3","HRNR","P05109","S100A8","huMAP3_09929.1; huMAP3_09125.1","mutually_exclusive",0.42,24,96,92,71.62,90.42,6875.52,0.26,0.64,78.4816216216216,93.4147887323943,0.0760869565217391,"ENOG502QQH0","ENOG502SA01","no","Not detected","Tissue enhanced",0.105588818159854,"Mitochondria","Intermediate filaments",0,663,false]
["P61421_Q13336","P61421_Q96LB4","Janes_et_al","P61421; Q13336","P61421; Q96LB4","P61421","ATP6V0D1","Q13336","SLC14A1","Q96LB4","ATP6V1G3","huMAP3_12042.1; huMAP3_10511.1","structurally_consistent",1.21,0,0,0,null,null,0,0.44,0.4,90.0642857142857,82.1119047619047,null,"ENOG502S2GD","KOG1772","no","Tissue enhanced","Tissue enriched",0.184294192686994,"Plasma membrane",null,null,664,false]
["P23786_P43155","A8MXV4_P43155","Janes_et_al","P23786; P43155","A8MXV4; P43155","P43155","CRAT","P23786","CPT2","A8MXV4","NUDT19","huMAP3_13468.1","mutually_exclusive",0.07,17,219,199,84.89,79.72,15864.28,0.59,0.57,78.3999999999999,80.362,0.126,"KOG3719","KOG3904","no","Tissue enhanced","Low tissue specificity",0.269391601920963,"Nucleoplasm; Mitochondria","Cytosol",0,665,false]
["P27348_Q08495","P27348_Q92934","Janes_et_al","P27348; Q08495","P27348; Q92934","P27348","YWHAQ","Q08495","DMTN","Q92934","BAD","huMAP3_12897.1; huMAP3_07596.1; huMAP3_10808.1; huMAP3_09810.1; huMAP3_07838.1","mutually_exclusive",0.35,20,61,64,42.61,34.73,2222.72,0.42,0.4,80.0428571428571,92.4226086956522,0.08,"KOG1044","ENOG502S71H","no","Tissue enhanced","Low tissue specificity",0.638722459484663,null,"Mitochondria",null,666,false]
["Q9H6T3_Q9NWS0","Q8IXW5_Q9NWS0","Janes_et_al","Q9H6T3; Q9NWS0","Q8IXW5; Q9NWS0","Q9NWS0","PIH1D1","Q9H6T3","RPAP3","Q8IXW5","RPAP2","huMAP3_11092.1; huMAP3_14318.1","mutually_exclusive",4.56,13,174,176,80.14,64.73,11392.48,0.69,0.34,90.6666037735849,83.7466666666666,0.358,"KOG4648","KOG4780","no","Low tissue specificity","Low tissue specificity",0.0319972032110707,"Cytosol","Nucleoli; Cytosol",0.5,667,false]
["O14521_Q02127","Q02127_Q99643","Janes_et_al","O14521; Q02127","Q02127; Q99643","Q02127","DHODH","O14521","SDHD","Q99643","SDHC","huMAP3_03912.1; huMAP3_12069.1; huMAP3_03953.1","mutually_exclusive",0.17,11,48,42,93.36,93.31,3919.02,0.47,0.36,94.2453125,89.33,0.922,"KOG4097","KOG0449","no","Low tissue specificity","Low tissue specificity",0.879512479755985,{"$nulls":3},668,false]
["O94776_Q8NHZ7","O94776_Q13330","Janes_et_al","O94776; Q8NHZ7","O94776; Q13330","O94776","MTA2","Q8NHZ7","MBD3L2","Q13330","MTA1","huMAP3_15128.1","mutually_exclusive",5.23,16,16,16,50.47,89.25,807.52,0.5,0.64,89.0869333333333,91.844,null,"KOG4161","KOG3554","no","Not detected","Low tissue specificity",null,"Nucleoplasm; Nucleoli","Nucleoplasm",0.5,669,false]
["O43447_P55769","O43447_O95400","Janes_et_al","O43447; P55769","O43447; O95400","O43447","PPIH","P55769","SNU13","O95400","CD2BP2","huMAP3_08980.1; huMAP3_06511.1","mutually_exclusive",0.11,11,64,53,88.87,56.04,2970.12,0.47,0.4,88.4004,81.8175,0.156,"KOG3387","KOG2950","no","Low tissue specificity","Low tissue specificity",0.208326156403699,null,"Nuclear speckles",null,670,false]
["P62714_Q16204","P62714_Q9Y6E0","Janes_et_al","P62714; Q16204","P62714; Q9Y6E0","P62714","PPP2CB","Q16204","CCDC6","Q9Y6E0","STK24","huMAP3_10333.1; huMAP3_13510.1; huMAP3_09709.1","mutually_exclusive",0.12,15,44,57,93.3,55.14,3142.98,0.62,0.39,93.7663636363636,74.3683333333333,0.028,"KOG2129","KOG0201","no","Low tissue specificity","Low tissue specificity",0.580391163369444,"Cytosol","Nucleoli; Cytosol",0.5,671,false]
["O43447_P08579","O43447_Q9NWZ8","Janes_et_al","O43447; P08579","O43447; Q9NWZ8","O43447","PPIH","P08579","SNRPB2","Q9NWZ8","GEMIN8","huMAP3_08980.1; huMAP3_04549.1; huMAP3_06511.1","mutually_exclusive",0.1,16,85,53,70.73,43.96,2329.88,0.32,0.27,75.5,88.533,0.562,"KOG4206","ENOG502S7KA","no","Low tissue specificity","Low tissue specificity",-0.0951760028236218,"Nuclear speckles","Nucleoplasm; Cytosol",0,672,false]
["O75718_Q8IVL5","Q32P28_Q8IVL5","Janes_et_al","O75718; Q8IVL5","Q32P28; Q8IVL5","Q8IVL5","P3H2","O75718","CRTAP","Q32P28","P3H1","huMAP3_08398.1; huMAP3_05581.1; huMAP3_10032.1","mutually_exclusive",3,45,328,328,90.04,84.55,27732.4,0.67,0.62,88.8590196078431,87.1321176470588,0.94,"KOG4459","KOG4459","yes","Low tissue specificity","Low tissue specificity",0.357612753286418,"Intermediate filaments; Actin filaments; Cytosol","Vesicles",0,673,false]
["O75718_Q32P28","O75718_Q8IVL5","Janes_et_al","O75718; Q32P28","O75718; Q8IVL5","O75718","CRTAP","Q32P28","P3H1","Q8IVL5","P3H2","huMAP3_08398.1; huMAP3_05581.1; huMAP3_10032.1","mutually_exclusive",0.56,49,424,444,84.64,83.96,37278.24,0.66,0.67,87.418431372549,88.8590196078431,0.018,"KOG4459","KOG4459","yes","Low tissue specificity","Low tissue specificity",0.25466889090543,"Vesicles","Golgi apparatus",0,673,false]
["O75718_Q32P28","Q32P28_Q8IVL5","Janes_et_al","O75718; Q32P28","Q32P28; Q8IVL5","Q32P28","P3H1","O75718","CRTAP","Q8IVL5","P3H2","huMAP3_08398.1; huMAP3_05581.1; huMAP3_10032.1","mutually_exclusive",4.73,51,360,389,88.49,80.85,31450.65,0.66,0.62,87.418431372549,87.1321176470588,0.062,"KOG4459","KOG4459","yes","Low tissue specificity","Low tissue specificity",0.342420427789082,"Intermediate filaments; Actin filaments; Cytosol","Golgi apparatus",0,673,false]
["Q9Y5E6_Q9Y5G8","Q9UN67_Q9Y5E6","Janes_et_al","Q9Y5E6; Q9Y5G8","Q9UN67; Q9Y5E6","Q9Y5E6","PCDHB3","Q9Y5G8","PCDHGA5","Q9UN67","PCDHB10","huMAP3_12508.1","mutually_exclusive",1.16,25,612,611,84.26,85.99,51567.12,0.67,0.68,79.6971153846153,80.4598181818181,null,"KOG3594","KOG3594","yes","Low tissue specificity","Low tissue specificity",0.711524283545802,"Vesicles; Plasma membrane",null,null,674,false]
["P0C7X2_Q9UKN8","Q96H86_Q9UKN8","Janes_et_al","P0C7X2; Q9UKN8","Q96H86; Q9UKN8","Q9UKN8","GTF3C4","P0C7X2","ZNF688","Q96H86","ZNF764","huMAP3_10875.1; huMAP3_10249.1; huMAP3_14801.1","mutually_exclusive",1.1,11,32,37,45.08,71.83,1442.56,0.29,0.33,83.4928571428571,78.2816666666666,null,"KOG1721","KOG1721","yes","Low tissue specificity","Low tissue specificity",0.287628400803959,"Nucleoplasm","Cytosol",0,675,false]
["P82914_Q9NWT8","P82914_Q9Y3D3","Janes_et_al","P82914; Q9NWT8","P82914; Q9Y3D3","P82914","MRPS15","Q9NWT8","AURKAIP1","Q9Y3D3","MRPS16","huMAP3_05807.1; huMAP3_05954.1","structurally_consistent",1.21,0,0,0,null,null,0,0.33,0.25,94.6567857142857,81.4244444444444,0.348,"ENOG502S2YD","KOG3419","no","Low tissue specificity","Low tissue specificity",0.705427021907664,"Nucleoplasm; Mitochondria","Mitochondria; Cytosol",0.333333333333333,676,false]
["O43504_Q5VZM2","Q0VGL1_Q5VZM2","Janes_et_al","O43504; Q5VZM2","Q0VGL1; Q5VZM2","Q5VZM2","RRAGB","O43504","LAMTOR5","Q0VGL1","LAMTOR4","huMAP3_05542.1; huMAP3_14108.1; huMAP3_14708.1; huMAP3_03271.1","mutually_exclusive",0.38,18,91,92,83.81,78.3,7203.59999999999,0.28,0.35,80.0982142857142,78.695,0.582,"ENOG502S5TK","ENOG502S3B2","no","Low tissue specificity","Low tissue specificity",0.216691280146418,"Cytosol","Vesicles",0,677,false]
["O43924_P20700","O43924_Q9NRR6","Janes_et_al","O43924; P20700","O43924; Q9NRR6","O43924","PDE6D","P20700","LMNB1","Q9NRR6","INPP5E","huMAP3_09259.1; huMAP3_10492.1; huMAP3_10433.1; huMAP3_10614.1","mutually_exclusive",0.37,13,114,152,63.87,77.84,7281.17999999999,0.31,0.29,88.6669565217391,73.3075,null,"KOG0977","KOG0565","no","Tissue enhanced","Low tissue specificity",-0.235089088343767,"Nuclear membrane","Golgi apparatus; Focal adhesion sites",0,678,false]
["P68371_Q3ZCM7","O95834_Q3ZCM7","Janes_et_al","P68371; Q3ZCM7","O95834; Q3ZCM7","Q3ZCM7","TUBB8","P68371","TUBB4B","O95834","EML2","huMAP3_10475.1; huMAP3_09233.1; huMAP3_10665.1","structurally_consistent",0.5,0,0,0,null,null,0,0.64,0.54,88.3597959183673,88.4824,null,"KOG1375","KOG2106","no","Low tissue specificity","Low tissue specificity",0.0162249678872201,"Microtubules","Vesicles",0,679,false]
["P62140_Q96T49","P62140_Q02833","Janes_et_al","P62140; Q96T49","P62140; Q02833","P62140","PPP1CB","Q96T49","PPP1R16B","Q02833","RASSF7","huMAP3_14504.1","mutually_exclusive",0.15,16,86,93,71.04,55.65,5175.45,0.69,0.56,91.007794117647,89.4284,null,"KOG0505","KOG1574","no","Tissue enhanced","Tissue enhanced",-0.0798211744958187,"Plasma membrane","Centriolar satellite",0,680,false]
["P61289_Q06323","Q06323_Q9UL46","Janes_et_al","P61289; Q06323","Q06323; Q9UL46","Q06323","PSME1","P61289","PSME3","Q9UL46","PSME2","huMAP3_00356.1; huMAP3_09656.1; huMAP3_13725.1","mutually_exclusive",0.8,41,228,227,87.27,91.31,19897.56,0.7,0.72,91.8275531914893,93.3819,0.126,"KOG4470","KOG4470","yes","Low tissue specificity","Low tissue specificity",0.0748924411262136,"Nucleoplasm","Nucleoplasm",1,681,false]
["P61289_Q9UL46","Q06323_Q9UL46","Janes_et_al","P61289; Q9UL46","Q06323; Q9UL46","Q9UL46","PSME2","P61289","PSME3","Q06323","PSME1","huMAP3_00356.1; huMAP3_09656.1; huMAP3_13725.1","mutually_exclusive",0.67,40,239,240,80.85,88.12,19323.15,0.68,0.72,89.3639285714285,93.3819,0.365111111111111,"KOG4470","KOG4470","yes","Low tissue specificity","Low tissue specificity",0.267452186070417,"Nucleoplasm","Cytosol",0,681,false]
["Q9NQY0_Q9Y5X3","Q6XZF7_Q9NQY0","Janes_et_al","Q9NQY0; Q9Y5X3","Q6XZF7; Q9NQY0","Q9NQY0","BIN3","Q9Y5X3","SNX5","Q6XZF7","DNMBP","huMAP3_13808.1","mutually_exclusive",1.16,45,262,244,87.03,85.99,20981.56,0.71,0.72,90.9220909090909,92.3133333333333,0.022,"KOG1660","KOG3519; KOG4225","no","Low tissue specificity","Low tissue specificity",0.0452477655683961,"Vesicles; Cytosol","Nucleoli; Golgi apparatus; Cytosol",0.25,682,false]
["Q15369_Q9Y6I7","Q15369_Q9Y576","Janes_et_al","Q15369; Q9Y6I7","Q15369; Q9Y576","Q15369","ELOC","Q9Y6I7","WSB1","Q9Y576","ASB1","huMAP3_08919.1; huMAP3_13601.1; huMAP3_09980.1","mutually_exclusive",0.16,17,308,219,90.02,82.59,18087.21,0.58,0.63,91.4197674418604,96.8804545454545,null,"KOG0266","KOG0504","no","Low tissue specificity","Low tissue specificity",-0.454547152027345,"Mitochondria","Nucleoplasm",0,683,false]
["Q13099_Q9Y366","Q13099_Q8WYA0","Janes_et_al","Q13099; Q9Y366","Q13099; Q8WYA0","Q13099","IFT88","Q9Y366","IFT52","Q8WYA0","IFT81","huMAP3_13817.1; huMAP3_05411.1","structurally_consistent",2.33,0,0,0,null,null,0,0.73,0.24,92.6288148148148,78.9342857142857,0.232,"KOG3861","ENOG502QSBR","no","Low tissue specificity","Low tissue specificity",0.542884768160576,"Microtubules","Centrosome; Cytosol",0,684,false]
["P82663_Q8IVS2","Q8IVS2_Q9Y2R5","Janes_et_al","P82663; Q8IVS2","Q8IVS2; Q9Y2R5","Q8IVS2","MCAT","P82663","MRPS25","Q9Y2R5","MRPS17","huMAP3_05807.1","structurally_consistent",0.1,0,0,0,null,null,0,0.47,0.37,93.3675,90.2021428571428,0.998,"KOG4079","KOG3447","no","Low tissue specificity","Low tissue specificity",0.492454590705681,"Mitochondria",null,null,685,false]
["P31146_Q8NBT0","P31146_Q9ULV4","Janes_et_al","P31146; Q8NBT0","P31146; Q9ULV4","P31146","CORO1A","Q8NBT0","POC1A","Q9ULV4","CORO1C","huMAP3_10784.1","structurally_consistent",0.49,0,1,1,72.9,73,72.9,0.28,0.41,77.5994117647058,87.9843243243243,0.152,"ENOG502QSVJ","KOG0303","no","Tissue enhanced","Low tissue specificity",0.100305153057829,{"$nulls":3},686,false]
["O95405_P84022","O15198_P84022","Janes_et_al","O95405; P84022","O15198; P84022","P84022","SMAD3","O95405","ZFYVE9","O15198","SMAD9","huMAP3_14587.1; huMAP3_11389.1; huMAP3_09080.1; huMAP3_05180.1; huMAP3_13623.1","mutually_exclusive",5.24,11,182,194,81.51,84.98,14834.82,0.63,0.65,82.1823728813559,90.0907692307692,null,"KOG1841","KOG3701","no","Low tissue specificity","Tissue enhanced",0.136923191228921,"Vesicles; Cytosol","Nucleoplasm",0,687,false]
["Q7RTV0_Q96DI7","Q6IEG0_Q96DI7","Janes_et_al","Q7RTV0; Q96DI7","Q6IEG0; Q96DI7","Q96DI7","SNRNP40","Q7RTV0","PHF5A","Q6IEG0","SNRNP48","huMAP3_08980.1","structurally_consistent",0.37,0,0,0,null,null,0,0.36,0.66,81.471304347826,87.0724561403508,0.176,"KOG1705","ENOG502QW2V","no","Low tissue specificity","Low tissue specificity",0.492577944401915,"Nucleoplasm","Nucleoplasm",1,688,false]
["Q13829_Q9H3F6","Q13829_Q8WZ19","Janes_et_al","Q13829; Q9H3F6","Q13829; Q8WZ19","Q13829","TNFAIP1","Q9H3F6","KCTD10","Q8WZ19","KCTD13","huMAP3_14151.1","mutually_exclusive",4.75,30,157,149,82.98,85.52,13027.86,0.71,0.7,91.8468478260869,91.7993827160493,null,"KOG2716","KOG2716","yes","Low tissue specificity","Tissue enhanced",-0.097130391322076,"Nucleoplasm","Nucleoplasm; Nuclear bodies",0.5,689,false]
["Q13829_Q9H3F6","Q8WZ19_Q9H3F6","Janes_et_al","Q13829; Q9H3F6","Q8WZ19; Q9H3F6","Q9H3F6","KCTD10","Q13829","TNFAIP1","Q8WZ19","KCTD13","huMAP3_14151.1","mutually_exclusive",1.63,39,277,282,83.49,80.81,22788.42,0.71,0.69,91.8468478260869,90.4652272727272,null,"KOG2716","KOG2716","yes","Low tissue specificity","Tissue enhanced",-0.164712817651145,"Nucleoli","Nucleoplasm; Nuclear bodies",0,689,false]
["P61326_Q9BRL6","P61326_P62995","Janes_et_al","P61326; Q9BRL6","P61326; P62995","P61326","MAGOH","Q9BRL6","SRSF8","P62995","TRA2B","huMAP3_09943.1; huMAP3_09621.1; huMAP3_11073.1; huMAP3_10564.1","mutually_exclusive",0.14,22,70,80,65.77,71.65,4603.9,0.35,0.33,84.9575,82.6264705882352,0.562,"KOG4207","KOG0118","no","Low tissue specificity","Low tissue specificity",0.0861767469413989,"Nucleoplasm","Nucleoplasm",1,690,false]
["O43488_Q8NHP1","O95154_Q8NHP1","Janes_et_al","O43488; Q8NHP1","O95154; Q8NHP1","Q8NHP1",null,"O43488","AKR7A2","O95154","AKR7A3","huMAP3_03012.1; huMAP3_11961.1; huMAP3_13763.1; huMAP3_12028.1; huMAP3_13981.1; huMAP3_00747.1","mutually_exclusive",0.03,18,329,330,97.58,97.4,32142,0.69,0.69,98.4893478260869,98.5668085106383,0.094,"ENOG502QU2T","ENOG502QU2T","yes","Low tissue specificity","Tissue enhanced",0.354826911026015,"Cytosol","Cytosol",1,691,false]
["O43488_O95154","O95154_Q8NHP1","Janes_et_al","O43488; O95154","O95154; Q8NHP1","O95154","AKR7A3","O43488","AKR7A2","Q8NHP1",null,"huMAP3_03012.1; huMAP3_11961.1; huMAP3_13763.1; huMAP3_12028.1; huMAP3_13981.1; huMAP3_00747.1","mutually_exclusive",0.02,18,329,329,97.62,97.26,31998.54,0.69,0.69,98.7193478260869,98.5668085106383,null,"ENOG502QU2T",null,"not_mapped","Low tissue specificity",null,null,"Cytosol",null,null,691,false]
["O43488_O95154","O43488_Q8NHP1","Janes_et_al","O43488; O95154","O43488; Q8NHP1","O43488","AKR7A2","O95154","AKR7A3","Q8NHP1",null,"huMAP3_03012.1; huMAP3_11961.1; huMAP3_13763.1; huMAP3_12028.1; huMAP3_13981.1; huMAP3_00747.1","mutually_exclusive",0.05,18,331,331,97.21,96.79,32037.49,0.69,0.69,98.7193478260869,98.4893478260869,null,"ENOG502QU2T",null,"not_mapped","Tissue enhanced",null,null,"Cytosol",null,null,691,false]
["P61106_Q92930","P47224_Q92930","Janes_et_al","P61106; Q92930","P47224; Q92930","Q92930","RAB8B","P61106","RAB14","P47224","RABIF","huMAP3_11094.1","mutually_exclusive",0.39,11,118,110,88.69,88.41,9725.1,0.46,0.41,84.0907407407407,86.9117647058823,0.218,"KOG0097","KOG4113","no","Low tissue specificity","Low tissue specificity",0.0818067353935479,"Vesicles",null,null,692,false]
["O75438_P03905","O43920_P03905","Janes_et_al","O75438; P03905","O43920; P03905","P03905","MT-ND4","O75438","NDUFB1","O43920","NDUFS5","huMAP3_09982.1; huMAP3_09567.1; huMAP3_14878.1; huMAP3_06397.1; huMAP3_14018.1","structurally_consistent",0.32,0,0,0,null,null,0,0.41,0.35,92.25,90.08625,0.962,"ENOG502S6X0","KOG4110","no","Low tissue specificity","Low tissue specificity",0.919455826722466,"Mitochondria",null,null,693,false]
["O43684_Q9UM11","O43684_Q9UM13","Janes_et_al","O43684; Q9UM11","O43684; Q9UM13","O43684","BUB3","Q9UM11","FZR1","Q9UM13","ANAPC10","huMAP3_12747.1","mutually_exclusive",0.22,11,24,61,29.48,68.69,707.52,0.48,0.55,81.81875,79.5,0.16,"KOG0305","KOG3437","no","Low tissue specificity","Low tissue specificity",0.110434922918704,"Nucleoplasm; Nuclear membrane","Nucleoplasm",0.5,694,false]
["Q00526_Q14094","P49918_Q00526","Janes_et_al","Q00526; Q14094","P49918; Q00526","Q00526","CDK3","Q14094","CCNI","P49918","CDKN1C","huMAP3_14722.1; huMAP3_10449.1","mutually_exclusive",0.28,14,34,27,74.52,60.14,1623.78,0.68,0.62,89.1067123287671,91.408,null,"KOG0653","KOG4743","no","Low tissue specificity","Tissue enhanced",0.0793225104412908,"Golgi apparatus","Nucleoplasm; Nuclear bodies",0,695,false]
["O15160_P30876","P30876_P36954","Janes_et_al","O15160; P30876","P30876; P36954","P30876","POLR2B","O15160","POLR1C","P36954","POLR2I","huMAP3_11092.1; huMAP3_14318.1","structurally_consistent",0.31,0,0,0,null,null,0,0.71,0.67,89.588,90.7305084745762,0.134,"KOG1521","KOG2691","no","Low tissue specificity","Low tissue specificity",0.119889689757286,"Nucleoplasm; Nucleoli fibrillar center","Nucleoplasm",0.5,696,false]
["P30153_Q66LE6","P30153_Q86XL3","Janes_et_al","P30153; Q66LE6","P30153; Q86XL3","P30153","PPP2R1A","Q66LE6","PPP2R2D","Q86XL3","ANKLE2","huMAP3_10333.1; huMAP3_13510.1","mutually_exclusive",1.51,22,299,262,91.07,75.16,19691.92,0.68,0.47,86.810625,84.93,0.04,"KOG1354","ENOG502QQ4Z","no","Tissue enhanced","Low tissue specificity",-0.116042265319798,"Cytosol","Endoplasmic reticulum; Plasma membrane",0,697,false]
["P61326_Q9UKM9","P61326_Q13427","Janes_et_al","P61326; Q9UKM9","P61326; Q13427","P61326","MAGOH","Q9UKM9","RALY","Q13427","PPIG","huMAP3_11073.1","mutually_exclusive",0.23,30,83,51,71.59,64.53,3291.03,0.57,0.6,90.8815625,92.6045762711864,0.106,"KOG0118","KOG0546","no","Low tissue specificity","Low tissue specificity",0.412848667880607,"Nucleoplasm","Nuclear speckles",0,698,false]
["O43924_Q9BXI6","O43924_Q9NRR6","Janes_et_al","O43924; Q9BXI6","O43924; Q9NRR6","O43924","PDE6D","Q9BXI6","TBC1D10A","Q9NRR6","INPP5E","huMAP3_09259.1; huMAP3_07547.1; huMAP3_11986.1; huMAP3_10492.1; huMAP3_13233.1; huMAP3_03636.1; huMAP3_00901.1; huMAP3_10614.1; huMAP3_12633.1; huMAP3_13572.1","mutually_exclusive",0.45,11,152,156,68.33,68.89,10386.16,0.48,0.29,86.3894444444444,73.3075,null,"KOG2221","KOG0565","no","Low tissue specificity","Low tissue specificity",0.292995809305365,"Plasma membrane","Golgi apparatus; Focal adhesion sites",0,699,false]
["P24278_Q8N4J0","Q15750_Q8N4J0","Janes_et_al","P24278; Q8N4J0","Q15750; Q8N4J0","Q8N4J0","CARNMT1","P24278","ZBTB25","Q15750","TAB1","huMAP3_13193.1; huMAP3_12513.1; huMAP3_11701.1","mutually_exclusive",0.15,27,228,312,63.64,80.87,14509.92,0.53,0.62,84.1963636363636,84.996,0.05,"KOG1721","KOG0698","no","Low tissue specificity","Low tissue specificity",0.0436966233118071,"Nucleoplasm","Nuclear speckles",0,700,false]
["Q05BQ5_Q9HBJ0","O95619_Q05BQ5","Janes_et_al","Q05BQ5; Q9HBJ0","O95619; Q05BQ5","Q05BQ5","MBTD1","Q9HBJ0","PLAC1","O95619","YEATS4","huMAP3_14306.1","structurally_consistent",1.25,0,0,0,null,null,0,0.43,0.46,91.03,83.3859259259259,null,"ENOG502RMFF","KOG3149","no","Tissue enriched","Low tissue specificity",-0.0493150942804284,"Vesicles","Nucleoplasm",0,701,false]
["O43447_Q8WVK2","O43447_Q15427","Janes_et_al","O43447; Q8WVK2","O43447; Q15427","O43447","PPIH","Q8WVK2","SNRNP27","Q15427","SF3B4","huMAP3_08980.1; huMAP3_04549.1; huMAP3_06511.1","mutually_exclusive",0.15,19,43,80,33.93,79.37,1458.99,0.41,0.37,92.2494117647058,91.7868181818181,0.42,"KOG3263","KOG0131","no","Low tissue specificity","Low tissue specificity",-0.115199559749102,"Nucleoplasm","Nuclear speckles",0,702,false]
["Q8N4J0_Q96B70","Q8N4J0_Q8N680","Janes_et_al","Q8N4J0; Q96B70","Q8N4J0; Q8N680","Q8N4J0","CARNMT1","Q96B70",null,"Q8N680","ZBTB2","huMAP3_12513.1","mutually_exclusive",0.16,17,260,226,63.79,59.58,13465.08,0.5,0.44,79.4325,75.765,0.11,"ENOG502QQIY","KOG1721","no",null,"Low tissue specificity",null,null,"Nucleoplasm; Cytosol",null,703,false]
["O43172_O43447","O43447_O95777","Janes_et_al","O43172; O43447","O43447; O95777","O43447","PPIH","O43172","PRPF4","O95777","LSM8","huMAP3_08980.1; huMAP3_06511.1","structurally_consistent",0.12,0,0,0,null,null,0,0.3,0.24,91.3807407407407,79.5375,0.102,"KOG0272","KOG1784","no","Low tissue specificity","Low tissue specificity",0.260713657513552,"Nuclear speckles","Nucleoplasm; Vesicles",0,704,false]
["P52434_P63272","P24928_P52434","Janes_et_al","P52434; P63272","P24928; P52434","P52434","POLR2H","P63272","SUPT4H1","P24928",null,"huMAP3_11092.1; huMAP3_14318.1","mutually_exclusive",0.33,21,67,60,85.24,96.53,5711.08,0.44,0.71,88.7883870967742,91.5725,0.298,"KOG3490","KOG0260","no","Low tissue specificity",null,null,"Nucleoplasm",null,null,705,false]
["O60925_P61758","O60925_Q9H019","Janes_et_al","O60925; P61758","O60925; Q9H019","O60925","PFDN1","P61758","VBP1","Q9H019","MTFR1L","huMAP3_14584.1; huMAP3_11361.1; huMAP3_10942.1; huMAP3_14626.1","mutually_exclusive",0.47,13,77,58,92.6,35.59,2064.22,0.48,0.27,92.1654838709677,79.8646666666666,0.032,"KOG3313","ENOG502QRAC","no","Low tissue specificity","Low tissue specificity",0.650980190463219,"Cytosol","Mitochondria",0,706,false]
["Q5T653_Q9P015","Q8TAE8_Q9P015","Janes_et_al","Q5T653; Q9P015","Q8TAE8; Q9P015","Q9P015","MRPL15","Q5T653","MRPL2","Q8TAE8","GADD45GIP1","huMAP3_07939.1; huMAP3_06550.1; huMAP3_08458.1; huMAP3_06439.1; huMAP3_06589.1; huMAP3_09113.1; huMAP3_09483.1","structurally_consistent",1.26,0,0,0,null,null,0,0.5,0.67,93.0166666666666,95.7419642857142,0.67,"KOG0438","KOG4848","no","Low tissue specificity","Low tissue specificity",0.725114318016178,"Mitochondria","Mitochondria",1,707,false]
["P0C0S5_Q96A08","P0C0S5_P23527","Janes_et_al","P0C0S5; Q96A08","P0C0S5; P23527","P0C0S5","H2AZ1","Q96A08","H2BC1","P23527","H2BC17","huMAP3_10862.1","mutually_exclusive",0.15,54,107,108,86.94,86.62,9354.96,0.71,0.71,96.0203571428571,95.6983898305084,null,"KOG1744","KOG1744","yes","Tissue enriched","Tissue enhanced",-0.0428999837072161,null,"Nucleoplasm",null,708,false]
["P01563_P01569","P01569_P05013","Janes_et_al","P01563; P01569","P01569; P05013","P01569","IFNA5","P01563","IFNA2","P05013","IFNA6","huMAP3_11921.1; huMAP3_10459.1; huMAP3_13851.1","mutually_exclusive",0.15,17,154,156,84.55,83.93,13093.08,0.54,0.48,87.3016666666666,84.9304347826087,null,"ENOG502SQAC","ENOG502SQAC","yes","Not detected","Not detected",0.949048184132531,{"$nulls":3},709,false]
["Q56P03_Q6P2Q9","Q6P2Q9_Q9Y5U2","Janes_et_al","Q56P03; Q6P2Q9","Q6P2Q9; Q9Y5U2","Q6P2Q9","PRPF8","Q56P03","EAPP","Q9Y5U2","TSSC4","huMAP3_08501.1; huMAP3_09945.1; huMAP3_07622.1; huMAP3_08980.1; huMAP3_09504.1","structurally_consistent",0.37,0,0,0,null,null,0,0.3,0.46,78.9078260869565,84.562037037037,0.176,"KOG3395","ENOG502S07M","no","Low tissue specificity","Low tissue specificity",0.0474118153607693,"Nucleoplasm; Nuclear speckles","Nucleoplasm",0.5,710,false]
["P62136_Q96S65","P62136_Q8NI77","Janes_et_al","P62136; Q96S65","P62136; Q8NI77","P62136","PPP1CA","Q96S65","CSRNP1","Q8NI77","KIF18A","huMAP3_09633.1; huMAP3_09354.1; huMAP3_14504.1; huMAP3_10148.1; huMAP3_06341.1; huMAP3_08717.1; huMAP3_08482.1","mutually_exclusive",0.13,37,130,132,74.5,72.04,9509.28,0.73,0.51,96.0391011235955,88.976923076923,null,"KOG3813","KOG0242","no","Tissue enhanced","Group enriched",0.195968844020962,"Nucleoplasm","Microtubules; Cytokinetic bridge",0,711,false]
["P54578_Q13200","P54578_P60900","Janes_et_al","P54578; Q13200","P54578; P60900","P54578","USP14","Q13200","PSMD2","P60900","PSMA6","huMAP3_13725.1","structurally_consistent",0.95,0,0,0,null,null,0,0.65,0.28,89.4353731343283,79.17625,0.902,"KOG2005","KOG0182","no","Tissue enhanced","Low tissue specificity",0.745965155673852,null,"Nucleoplasm",null,712,false]
["O75127_Q8TCC3","Q8TCC3_Q9BQ48","Janes_et_al","O75127; Q8TCC3","Q8TCC3; Q9BQ48","Q8TCC3","MRPL30","O75127","PTCD1","Q9BQ48","MRPL34","huMAP3_09113.1; huMAP3_07939.1; huMAP3_08458.1; huMAP3_09483.1","structurally_consistent",1.39,0,0,0,null,null,0,0.33,0.35,73.1271428571428,89.2252,0.066,"KOG4197","KOG4612","no","Low tissue specificity","Low tissue specificity",0.470937832433654,"Mitochondria",null,null,713,false]
["O43447_O75554","O43447_P83876","Janes_et_al","O43447; O75554","O43447; P83876","O43447","PPIH","O75554","WBP4","P83876","TXNL4A","huMAP3_08980.1; huMAP3_06511.1","structurally_consistent",0.1,0,16,42,29.25,85.84,468,0.42,0.3,93.9023076923076,81.7973684210526,0.144,"KOG0150","KOG3414","no","Low tissue specificity","Low tissue specificity",0.190947388473299,"Nucleoplasm","Nucleoplasm",1,714,false]
["P24534_P68104","P68104_Q8WVE0","Janes_et_al","P24534; P68104","P68104; Q8WVE0","P68104","EEF1A1","P24534","EEF1B2","Q8WVE0","EEF1AKMT1","huMAP3_08052.1; huMAP3_12041.1; huMAP3_00469.1","mutually_exclusive",6.89,24,78,61,87.28,70.04,4272.44,0.69,0.63,89.0777894736842,83.2975609756097,0.12,"KOG1668","KOG3350","no","Low tissue specificity","Low tissue specificity",-0.0985712099772292,"Nucleoli fibrillar center; Cytosol","Plasma membrane; Cytosol",0.333333333333333,715,false]
["P27348_Q9Y4H4","P27348_Q9Y2U5","Janes_et_al","P27348; Q9Y4H4","P27348; Q9Y2U5","P27348","YWHAQ","Q9Y4H4","GPSM3","Q9Y2U5","MAP3K2","huMAP3_10808.1; huMAP3_12897.1","mutually_exclusive",0.47,28,115,130,36.57,63.66,4205.55,0.41,0.41,89.9375,84.765,0.056,"ENOG502STIS","KOG0198","no","Group enriched","Low tissue specificity",0.451840012526843,null,"Nucleoplasm; Cytosol",null,716,false]
["P52434_Q9BUI4","P52434_Q9Y5B0","Janes_et_al","P52434; Q9BUI4","P52434; Q9Y5B0","P52434","POLR2H","Q9BUI4","POLR3C","Q9Y5B0","CTDP1","huMAP3_11092.1; huMAP3_14318.1","mutually_exclusive",0.51,12,251,215,89.19,79.8,17157,0.3,0.34,78.9071428571428,79.3869565217391,0.098,"KOG2587","KOG0323","no","Low tissue specificity","Low tissue specificity",0.684315754275522,"Nucleoplasm","Nucleoplasm",1,717,false]
["P31947_Q96GL9","P31946_P31947","Janes_et_al","P31947; Q96GL9","P31946; P31947","P31947","SFN","Q96GL9","FAM163A","P31946","YWHAB","huMAP3_12897.1","mutually_exclusive",0.61,10,4,3,29,98.25,116,0.45,0.66,94.9925806451612,96.2606818181818,null,"ENOG502S10V","KOG0841","no","Tissue enhanced","Low tissue specificity",-0.248887222871198,null,"Cytosol",null,718,false]
["A2A3K4_Q00005","Q00005_Q5T953","Janes_et_al","A2A3K4; Q00005","Q00005; Q5T953","Q00005","PPP2R2B","A2A3K4","PTPDC1","Q5T953","IER5L","huMAP3_13510.1","mutually_exclusive",0.2,28,149,109,73.55,57.16,6230.44,0.39,0.52,78.4161538461538,90.7074074074074,null,"KOG1720","ENOG502QUU4","no","Low tissue specificity","Low tissue specificity",0.106972370277979,"Nucleoplasm","Nucleoplasm",1,719,false]
["P47928_Q02363","A6NI15_Q02363","Janes_et_al","P47928; Q02363","A6NI15; Q02363","Q02363","ID2","P47928","ID4","A6NI15","MSGN1","huMAP3_11621.1","mutually_exclusive",0.96,22,63,63,84.72,83.89,5285.07,0.52,0.44,93.354081632653,91.9816666666666,null,"ENOG502S1WX","KOG4029","no","Tissue enhanced","Tissue enriched",-0.0957975166084289,"Nucleoplasm",null,null,720,false]
["A6NI15_P47928","A6NI15_Q02363","Janes_et_al","A6NI15; P47928","A6NI15; Q02363","A6NI15","MSGN1","P47928","ID4","Q02363","ID2","huMAP3_11621.1","mutually_exclusive",6.3,18,61,61,81.96,82.36,4999.56,0.5,0.44,94.9953333333333,91.9816666666666,null,"ENOG502S1WX","ENOG502RZP5","no","Tissue enhanced","Tissue enhanced",-0.0349690545179389,"Nucleoplasm","Nucleoplasm; Nuclear bodies",0.5,720,false]
["O95298_P03891","P03891_Q9Y375","Janes_et_al","O95298; P03891","P03891; Q9Y375","P03891","MT-ND2","O95298","NDUFC2","Q9Y375","NDUFAF1","huMAP3_09982.1; huMAP3_09567.1; huMAP3_14878.1; huMAP3_06397.1; huMAP3_14018.1","structurally_consistent",0.12,0,0,0,null,null,0,0.4,0.48,87.2287179487179,81.6474468085106,null,"KOG4516","KOG2435","no","Low tissue specificity","Low tissue specificity",0.740420482790402,"Mitochondria","Mitochondria; Cytosol",0.5,721,false]
["P05549_Q92481","P05549_Q7Z6R9","Janes_et_al","P05549; Q92481","P05549; Q7Z6R9","P05549","TFAP2A","Q92481","TFAP2B","Q7Z6R9","TFAP2D","huMAP3_01365.1; huMAP3_08604.1; huMAP3_03193.1","mutually_exclusive",2.97,52,281,288,74.64,70.3,20246.4,0.71,0.71,93.0911538461538,91.9970769230769,null,"KOG3811","KOG3811","yes","Tissue enhanced","Not detected",0.0721333873389726,"Nucleoplasm","Nucleoplasm",1,722,false]
["Q96B54_Q9UI95","P83916_Q9UI95","Janes_et_al","Q96B54; Q9UI95","P83916; Q9UI95","Q9UI95","MAD2L2","Q96B54","ZNF428","P83916","CBX1","huMAP3_09963.1; huMAP3_11539.1","mutually_exclusive",0.16,31,78,77,56.34,60.65,4394.52,0.45,0.41,85.7634782608695,76.9371428571428,0.072,"ENOG502T3CS","KOG1911","no","Low tissue specificity","Low tissue specificity",0.577963164712536,"Mitochondria","Nucleoplasm; Nuclear bodies",0,723,false]
["P62136_Q96KQ4","P62136_Q7Z3T8","Janes_et_al","P62136; Q96KQ4","P62136; Q7Z3T8","P62136","PPP1CA","Q96KQ4","PPP1R13B","Q7Z3T8","ZFYVE16","huMAP3_06304.1; huMAP3_09633.1; huMAP3_09354.1; huMAP3_14504.1; huMAP3_10148.1; huMAP3_06341.1; huMAP3_08717.1; huMAP3_08482.1","mutually_exclusive",0.09,41,212,237,62.98,70.82,13351.76,0.68,0.37,94.3583076923076,87.8620512820512,0.244,"KOG0515","KOG1841","no","Low tissue specificity","Low tissue specificity",0.339762869298644,"Nucleoplasm","Vesicles; Cytosol",0,724,false]
["P04350_P25445","P04350_P07437","Janes_et_al","P04350; P25445","P04350; P07437","P04350","TUBB4A","P25445","FAS","P07437","TUBB","huMAP3_07864.1; huMAP3_10475.1; huMAP3_10665.1; huMAP3_09233.1; huMAP3_07762.1; huMAP3_09670.1; huMAP3_07544.1; huMAP3_09603.1; huMAP3_08179.1","mutually_exclusive",0.28,10,199,268,60.09,93.55,11957.91,0.38,0.63,78.9825,86.8541666666666,0.112,"ENOG502S0SV","KOG1375","no","Low tissue specificity","Low tissue specificity",0.388656786104502,"Plasma membrane","Microtubules",0,725,false]
["O75832_P25786","O75832_Q96LY2","Janes_et_al","O75832; P25786","O75832; Q96LY2","O75832","PSMD10","P25786","PSMA1","Q96LY2","CCDC74B","huMAP3_09656.1; huMAP3_13725.1","structurally_consistent",0.47,0,49,14,93.51,29.93,419.02,0.46,0.26,80.0253846153846,93.055,null,"KOG0863","ENOG502S5P9","no","Low tissue specificity","Tissue enhanced",-0.369045306835259,"Nucleoplasm","Vesicles",0,726,false]
["O95602_Q9NW08","O95602_Q3B726","Janes_et_al","O95602; Q9NW08","O95602; Q3B726","O95602","POLR1A","Q9NW08","POLR3B","Q3B726","POLR1F","huMAP3_09057.1; huMAP3_14318.1; huMAP3_08487.1; huMAP3_11092.1; huMAP3_06426.1","mutually_exclusive",0.78,10,8,10,72.25,73.4,578,0.73,0.3,89.9536997319034,85.0416,0.092,"KOG0215","KOG4134","no","Low tissue specificity","Low tissue specificity",0.35767977625503,"Nuclear speckles","Nucleoli fibrillar center",0,727,false]
["P41002_P63208","P63208_Q5XUX1","Janes_et_al","P41002; P63208","P63208; Q5XUX1","P63208","SKP1","P41002","CCNF","Q5XUX1","FBXW9","huMAP3_00161.1; huMAP3_05528.1; huMAP3_09623.1; huMAP3_14622.1","mutually_exclusive",0.23,35,299,317,83.67,88.35,25017.33,0.67,0.65,91.032794117647,92.620625,null,"KOG0654","KOG0274","no","Tissue enhanced","Low tissue specificity",-0.16331791260911,"Centrosome","Cytosol",0,728,false]
["Q8NAA4_Q9H1Y0","Q7Z6L1_Q9H1Y0","Janes_et_al","Q8NAA4; Q9H1Y0","Q7Z6L1; Q9H1Y0","Q9H1Y0","ATG5","Q8NAA4","ATG16L2","Q7Z6L1","TECPR1","huMAP3_11658.1; huMAP3_00694.1; huMAP3_14274.1; huMAP3_09496.1; huMAP3_04382.1; huMAP3_12491.1; huMAP3_14329.1; huMAP3_10371.1; huMAP3_04208.1","mutually_exclusive",0.12,23,47,41,83.77,84.51,3937.19,0.56,0.66,90.4041071428571,88.022125,null,"KOG0288","KOG3669","no","Tissue enhanced","Tissue enriched",0.0131851280818869,"Nucleoplasm","Vesicles",0,729,false]
["O15234_P38919","P38919_Q9BY77","Janes_et_al","O15234; P38919","P38919; Q9BY77","P38919","EIF4A3","O15234","CASC3","Q9BY77","POLDIP3","huMAP3_10789.1; huMAP3_09943.1","mutually_exclusive",0.12,13,30,35,43.54,35.89,1256.15,0.64,0.35,93.8774137931034,84.5758823529411,0.429030303030303,"KOG4264","KOG0533","no","Low tissue specificity","Low tissue specificity",0.0577070413914465,"Nuclear membrane","Nuclear speckles",0,730,false]
["O14874_O95861","O95861_Q9NRG7","Janes_et_al","O14874; O95861","O95861; Q9NRG7","O95861","BPNT1","O14874","BCKDK","Q9NRG7","SDR39U1","huMAP3_13468.1","mutually_exclusive",0.13,16,103,121,79.53,92.61,8191.59,0.28,0.46,74.72,81.4283333333333,0.018,"KOG0787","KOG3019","no","Low tissue specificity","Low tissue specificity",0.64733532913276,"Mitochondria","Nucleoplasm; Cytosol",0,731,false]
["O95900_Q15434","O95900_Q9BYD3","Janes_et_al","O95900; Q15434","O95900; Q9BYD3","O95900","TRUB2","Q15434","RBMS2","Q9BYD3","MRPL4","huMAP3_07939.1; huMAP3_06550.1; huMAP3_08458.1; huMAP3_06589.1; huMAP3_09113.1; huMAP3_09483.1","mutually_exclusive",0.41,12,109,111,70.39,86.33,7672.51,0.31,0.25,85.8415789473684,83.3278947368421,0.23,"KOG4733","KOG1624","no","Low tissue specificity","Low tissue specificity",-0.004078199611049,"Nucleoli fibrillar center",null,null,732,false]
["P27348_P54253","P27348_Q9UBS9","Janes_et_al","P27348; P54253","P27348; Q9UBS9","P27348","YWHAQ","P54253","ATXN1","Q9UBS9","SUCO","huMAP3_12897.1","mutually_exclusive",0.29,12,163,186,51.41,74.41,8379.83,0.34,0.24,83.4225,88.0333333333333,0.11672,"KOG4053","KOG1396","no","Low tissue specificity","Tissue enhanced",-0.225368358508854,"Nucleoplasm","Nucleoli fibrillar center; Cytosol",0,733,false]
["P62306_Q6P2Q9","P62306_Q8TEQ6","Janes_et_al","P62306; Q6P2Q9","P62306; Q8TEQ6","P62306","SNRPF","Q6P2Q9","PRPF8","Q8TEQ6","GEMIN5","huMAP3_08980.1","mutually_exclusive",0.56,19,311,377,75.43,88.5,23458.73,0.3,0.6,77.58,88.6919444444444,0.284,"KOG1795","ENOG502QPYZ","no","Low tissue specificity","Low tissue specificity",0.281973383767365,"Nucleoplasm","Cytosol",0,734,false]
["P27348_Q9UJM3","P27348_Q5SQI0","Janes_et_al","P27348; Q9UJM3","P27348; Q5SQI0","P27348","YWHAQ","Q9UJM3","ERRFI1","Q5SQI0","ATAT1","huMAP3_12897.1","mutually_exclusive",0.12,38,172,199,30.65,59.15,5271.8,0.37,0.42,87.9492857142857,75.5815384615384,0.1,"ENOG502QPQW","KOG4601","no","Tissue enhanced","Tissue enhanced",-0.139660879547033,"Cytosol","Cytosol",1,735,false]
["P63208_Q8TB52","P63208_Q8NEA4","Janes_et_al","P63208; Q8TB52","P63208; Q8NEA4","P63208","SKP1","Q8TB52","FBXO30","Q8NEA4","FBXO36","huMAP3_14622.1","mutually_exclusive",0.38,36,110,102,92.61,84.96,8665.92,0.7,0.67,94.0827358490566,94.6738461538461,null,"ENOG502QTD9","KOG1777","no","Low tissue specificity","Low tissue specificity",-0.207002530895065,"Microtubules","Nucleoplasm; Nucleoli",0,736,false]
["O00231_Q06323","O00231_Q9UNM6","Janes_et_al","O00231; Q06323","O00231; Q9UNM6","O00231","PSMD11","Q06323","PSME1","Q9UNM6","PSMD13","huMAP3_09656.1; huMAP3_13725.1","structurally_consistent",0.81,0,0,0,null,null,0,0.24,0.34,82.0973333333333,92.7719047619047,0.226,"KOG4470","KOG2908","no","Low tissue specificity","Low tissue specificity",0.258656610639506,"Cytosol","Nuclear speckles",0,737,false]
["P08949_Q96E35","Q96E35_Q96HF1","Janes_et_al","P08949; Q96E35","Q96E35; Q96HF1","Q96E35","ZMYND19","P08949","NMB","Q96HF1","SFRP2","huMAP3_12700.1","structurally_consistent",0.74,0,23,14,51.25,30.71,429.94,0.25,0.28,83.656875,88.0892857142857,null,"ENOG502S66V","KOG3577","no","Tissue enhanced","Tissue enhanced",0.178774586070594,"Nucleoplasm; Vesicles","Intermediate filaments",0,738,false]
["P23527_Q16777","P23527_Q9BTM1","Janes_et_al","P23527; Q16777","P23527; Q9BTM1","P23527","H2BC17","Q16777","H2AC20","Q9BTM1","H2AJ","huMAP3_10862.1","mutually_exclusive",0.16,52,129,125,83.16,84.5,10727.64,0.72,0.72,97.6234782608695,97.4865811965812,null,"KOG1756","KOG1756","yes","Tissue enriched","Tissue enhanced",0.122384522338606,"Nucleoplasm","Nucleoplasm",1,739,false]
["O95299_Q16718","O95299_Q8N183","Janes_et_al","O95299; Q16718","O95299; Q8N183","O95299","NDUFA10","Q16718","NDUFA5","Q8N183","NDUFAF2","huMAP3_09567.1; huMAP3_14878.1","structurally_consistent",0.47,0,0,0,null,null,0,0.3,0.3,85.2329999999999,80.3766666666666,0.292,"KOG3365","ENOG502S21I","no","Tissue enhanced","Low tissue specificity",0.605510513209072,null,"Mitochondria",null,740,false]
["Q9NRF9_Q9NRG0","Q9NRG0_Q9NRL2","Janes_et_al","Q9NRF9; Q9NRG0","Q9NRG0; Q9NRL2","Q9NRG0","CHRAC1","Q9NRF9","POLE3","Q9NRL2","BAZ1A","huMAP3_06403.1","mutually_exclusive",4.36,22,9,8,97.56,30.88,247.04,0.71,0.28,97.0727358490566,88.9077419354838,0.242,"KOG0870","KOG1245","no","Low tissue specificity","Tissue enhanced",0.732182899612233,"Nucleoplasm",null,null,741,false]
["P48556_Q9BRP4","P48556_Q96LY2","Janes_et_al","P48556; Q9BRP4","P48556; Q96LY2","P48556","PSMD8","Q9BRP4","PAAF1","Q96LY2","CCDC74B","huMAP3_09656.1; huMAP3_05064.1; huMAP3_13725.1","mutually_exclusive",2.22,11,58,29,81.17,39.94,1158.26,0.48,0.24,75.7733333333333,81.8775,null,"KOG0266","ENOG502S5P9","no","Tissue enhanced","Tissue enhanced",0.157558315848168,"Nucleoplasm","Vesicles",0,742,false]
["P62306_P83369","P62306_Q9UDW3","Janes_et_al","P62306; P83369","P62306; Q9UDW3","P62306","SNRPF","P83369","LSM11","Q9UDW3","ZMAT5","huMAP3_08980.1; huMAP3_04549.1; huMAP3_06511.1","mutually_exclusive",0.45,19,102,56,87.56,86.86,4864.16,0.57,0.39,90.04,89.6659375,0.1,"ENOG502QS1B","KOG3454","no","Low tissue specificity","Low tissue specificity",-0.226689896311688,"Nucleoplasm","Nucleoplasm",1,743,false]
["O43447_Q15428","O43447_Q9NWZ8","Janes_et_al","O43447; Q15428","O43447; Q9NWZ8","O43447","PPIH","Q15428","SF3A2","Q9NWZ8","GEMIN8","huMAP3_08980.1; huMAP3_04549.1; huMAP3_06511.1","mutually_exclusive",0.11,15,26,34,43.23,40.79,1386.86,0.54,0.27,83.1333333333333,88.533,0.414,"KOG0227","ENOG502S7KA","no","Low tissue specificity","Low tissue specificity",0.0546619527901384,"Nucleoplasm","Nucleoplasm; Cytosol",0.5,744,false]
["Q6NVH7_Q9H082","Q19AV6_Q9H082","Janes_et_al","Q6NVH7; Q9H082","Q19AV6; Q9H082","Q9H082","RAB33B","Q6NVH7","SWSAP1","Q19AV6","ZSWIM7","huMAP3_14274.1; huMAP3_12491.1","mutually_exclusive",0.55,13,159,138,86.28,90.49,13718.52,0.42,0.55,83.0423529411764,90.6127586206896,null,"ENOG502S62D","ENOG502RZB5","no","Low tissue specificity","Low tissue specificity",-0.224936106335685,"Nucleoplasm","Cytosol",0,745,false]
["Q19AV6_Q6NVH7","Q6NVH7_Q9H082","Janes_et_al","Q19AV6; Q6NVH7","Q6NVH7; Q9H082","Q6NVH7","SWSAP1","Q19AV6","ZSWIM7","Q9H082","RAB33B","huMAP3_14274.1; huMAP3_12491.1","mutually_exclusive",0.65,27,127,149,92.74,88.66,13210.34,0.63,0.42,94.0517647058823,83.0423529411764,null,"ENOG502RZB5","KOG0084","no","Low tissue specificity","Low tissue specificity",-0.14802404063705,"Cytosol",null,null,745,false]
["Q19AV6_Q6NVH7","Q19AV6_Q9H082","Janes_et_al","Q19AV6; Q6NVH7","Q19AV6; Q9H082","Q19AV6","ZSWIM7","Q6NVH7","SWSAP1","Q9H082","RAB33B","huMAP3_14274.1; huMAP3_12491.1","mutually_exclusive",0.27,21,189,171,86.07,91.44,16267.23,0.63,0.55,94.0517647058823,90.6127586206896,null,"ENOG502S62D","KOG0084","no","Low tissue specificity","Low tissue specificity",0.367165657089465,"Nucleoplasm",null,null,745,false]
["P31947_P98177","P31947_Q7Z309","Janes_et_al","P31947; P98177","P31947; Q7Z309","P31947","SFN","P98177","FOXO4","Q7Z309","PABIR2","huMAP3_09810.1","mutually_exclusive",0.15,33,86,90,26.93,29.93,2315.98,0.35,0.48,80.4582758620689,94.3861904761904,null,"KOG2294","ENOG502QTCH","no","Tissue enhanced","Low tissue specificity",-0.0541301802011094,"Nuclear speckles","Nucleoplasm",0,746,false]
["P47755_Q9BY89","P47755_Q53GL0","Janes_et_al","P47755; Q9BY89","P47755; Q53GL0","P47755","CAPZA2","Q9BY89","KIAA1671","Q53GL0","PLEKHO1","huMAP3_10870.1; huMAP3_02458.1; huMAP3_06652.1; huMAP3_08077.1; huMAP3_12900.1","mutually_exclusive",0.44,11,185,211,30.57,57.09,5655.45,0.26,0.39,81.215,81.1175,0.074,"ENOG502QWAQ","ENOG502QSPU","no","Low tissue specificity","Tissue enhanced",-0.155856996547127,"Microtubules","Mitochondria",0,747,false]
["Q86SZ2_Q8IUR0","O75865_Q86SZ2","Janes_et_al","Q86SZ2; Q8IUR0","O75865; Q86SZ2","Q86SZ2","TRAPPC6B","Q8IUR0","TRAPPC5","O75865","TRAPPC6A","huMAP3_04127.1; huMAP3_07907.1; huMAP3_12177.1","mutually_exclusive",0.34,25,158,155,85.86,88.76,13565.88,0.49,0.57,83.9780851063829,91.6221739130434,0.126,"KOG3315","KOG3316","no","Low tissue specificity","Low tissue specificity",0.541598861477437,"Vesicles",null,null,748,false]
["O75843_P61966","P55735_P61966","Janes_et_al","O75843; P61966","P55735; P61966","P61966","AP1S1","O75843","AP1G2","P55735","SEC13","huMAP3_12394.1","mutually_exclusive",0.36,19,87,114,88.01,83.08,9471.12,0.73,0.26,93.5751063829787,75.5911111111111,0.04,"KOG1062","KOG1332","no","Low tissue specificity","Low tissue specificity",0.0049115764883337,null,"Nucleoplasm; Vesicles",null,749,false]
["Q16540_Q9NP92","Q16540_Q9H9J2","Janes_et_al","Q16540; Q9NP92","Q16540; Q9H9J2","Q16540","MRPL23","Q9NP92","MRPS30","Q9H9J2","MRPL44","huMAP3_07939.1; huMAP3_06550.1; huMAP3_08458.1; huMAP3_06439.1; huMAP3_06589.1; huMAP3_09113.1; huMAP3_09483.1","structurally_consistent",0.74,0,0,0,null,null,0,0.42,0.46,91.989,87.189,0.996,"KOG4461","KOG3769","no","Low tissue specificity","Low tissue specificity",0.770019632298767,null,"Mitochondria",null,750,false]
["Q9NPD3_Q9NQT5","Q8TF46_Q9NPD3","Janes_et_al","Q9NPD3; Q9NQT5","Q8TF46; Q9NPD3","Q9NPD3","EXOSC4","Q9NQT5","EXOSC3","Q8TF46","DIS3L","huMAP3_05382.1; huMAP3_14264.1","structurally_consistent",0.28,0,0,0,null,null,0,0.65,0.49,89.446875,87.6439024390243,0.202,"KOG1004","KOG2102","no","Low tissue specificity","Low tissue specificity",-0.0646498573744203,"Nucleoplasm","Plasma membrane; Cytosol",0,751,false]
["Q15369_Q96S21","Q15369_Q9Y575","Janes_et_al","Q15369; Q96S21","Q15369; Q9Y575","Q15369","ELOC","Q96S21","RAB40C","Q9Y575","ASB3","huMAP3_08919.1; huMAP3_05894.1; huMAP3_09980.1; huMAP3_13601.1","mutually_exclusive",0.29,19,125,148,81.79,87.14,10223.75,0.46,0.57,92.5994285714285,92.9186666666666,null,"KOG0078","KOG0504","no","Low tissue specificity","Low tissue specificity",-0.0258450117273886,"Vesicles",null,null,752,false]
["Q14117_Q16555","Q14195_Q16555","Janes_et_al","Q14117; Q16555","Q14195; Q16555","Q16555","DPYSL2","Q14117","DPYS","Q14195","DPYSL3","huMAP3_00051.1; huMAP3_11626.1; huMAP3_11599.1","mutually_exclusive",0.24,43,499,499,96.21,95.68,47744.32,0.72,0.72,93.8845132743362,93.2863478260869,null,"KOG2584","KOG2584","yes","Group enriched","Low tissue specificity",-0.197531659536121,null,"Cytosol",null,753,false]
["Q14195_Q16555","Q14117_Q14195","Janes_et_al","Q14195; Q16555","Q14117; Q14195","Q14195","DPYSL3","Q16555","DPYSL2","Q14117","DPYS","huMAP3_00051.1; huMAP3_11626.1; huMAP3_11599.1","mutually_exclusive",0.22,45,504,510,94.16,94.95,47456.64,0.72,0.73,93.2863478260869,94.0947863247863,null,"KOG2584","KOG2584","yes","Tissue enhanced","Group enriched",-0.109779068673921,"Cytosol",null,null,753,false]
["Q5T7M9_Q9UKY4","Q9UKY4_Q9Y6A1","Janes_et_al","Q5T7M9; Q9UKY4","Q9UKY4; Q9Y6A1","Q9UKY4","POMT2","Q5T7M9","DIPK1A","Q9Y6A1","POMT1","huMAP3_15126.1; huMAP3_14700.1","mutually_exclusive",1.58,10,293,366,77.64,90.41,22748.52,0.42,0.66,85.3824137931034,85.8102,0.118,"ENOG502QU5P","KOG3359","no","Low tissue specificity","Low tissue specificity",0.0638625774656262,"Cytosol","Golgi apparatus",0,754,false]
["P27348_P30305","P27348_Q6ICG6","Janes_et_al","P27348; P30305","P27348; Q6ICG6","P27348","YWHAQ","P30305","CDC25B","Q6ICG6","KIAA0930","huMAP3_12897.1; huMAP3_06971.1; huMAP3_07596.1; huMAP3_10808.1; huMAP3_09810.1; huMAP3_07838.1","mutually_exclusive",0.44,11,86,92,72.7,74.55,6252.2,0.42,0.24,82.835,74.455,0.128,"KOG3772","KOG2465","no","Low tissue specificity","Tissue enhanced",-0.0253157556280712,"Vesicles","Nuclear membrane; Mitochondria",0,755,false]
["P34059_P35475","P15289_P34059","Janes_et_al","P34059; P35475","P15289; P34059","P34059","GALNS","P35475","IDUA","P15289","ARSA","huMAP3_09327.1","mutually_exclusive",0.05,13,446,441,97,97.41,43262,0.71,0.71,93.4191071428571,93.6817647058823,0.146,"ENOG502QRES","KOG3867","no","Low tissue specificity","Low tissue specificity",0.486683979674089,"Vesicles","Golgi apparatus",0,756,false]
["P62306_Q6P2Q9","P62306_Q9H840","Janes_et_al","P62306; Q6P2Q9","P62306; Q9H840","P62306","SNRPF","Q6P2Q9","PRPF8","Q9H840","GEMIN7","huMAP3_08980.1","mutually_exclusive",0.69,16,32,47,49.19,68.91,1574.08,0.3,0.26,77.58,78.7603333333333,0.342,"KOG1795","ENOG502S59N","no","Low tissue specificity","Low tissue specificity",0.340976318017135,"Nucleoplasm","Nucleoplasm; Cytosol",0.5,757,false]
["O00161_P63027","O00161_Q8N4C7","Janes_et_al","O00161; P63027","O00161; Q8N4C7","O00161","SNAP23","P63027","VAMP2","Q8N4C7","STX19","huMAP3_13160.1","mutually_exclusive",1.44,31,62,62,87.22,80.15,4969.3,0.62,0.58,88.255875,83.5917272727272,null,"KOG0860","KOG0810","no","Tissue enhanced","Tissue enhanced",-0.301037970474509,null,"Intermediate filaments",null,758,false]
["O75832_P55036","O75832_P28062","Janes_et_al","O75832; P55036","O75832; P28062","O75832","PSMD10","P55036","PSMD4","P28062","PSMB8","huMAP3_09656.1","mutually_exclusive",0.17,14,189,199,88.82,72.62,14451.38,0.64,0.5,89.4765789473684,87.9825,0.278914285714286,"KOG2884","KOG0175","no","Low tissue specificity","Low tissue specificity",-0.0788254919689021,"Nucleoplasm","Vesicles",0,759,false]
["P26440_Q9Y2Z9","P26440_P35914","Janes_et_al","P26440; Q9Y2Z9","P26440; P35914","P26440","IVD","Q9Y2Z9","COQ6","P35914","HMGCL","huMAP3_13468.1","structurally_consistent",0.75,0,0,0,null,null,0,0.37,0.25,77.3744444444444,92.055,null,"KOG3855","KOG2368","no","Low tissue specificity","Tissue enhanced",0.462289392340589,{"$nulls":3},760,false]
["P01275_Q9H871","Q9H871_Q9NWU2","Janes_et_al","P01275; Q9H871","Q9H871; Q9NWU2","Q9H871","RMND5A","P01275","GCG","Q9NWU2","GID8","huMAP3_10711.1; huMAP3_09818.1; huMAP3_12700.1","structurally_consistent",2.01,0,0,0,null,null,0,0.26,0.63,73.5,95.9206,null,"ENOG502RYPR","KOG2659","no","Tissue enriched","Low tissue specificity",0.0622344628201861,"Endoplasmic reticulum","Nucleoplasm",0,761,false]
["O75251_P43155","A8MXV4_P43155","Janes_et_al","O75251; P43155","A8MXV4; P43155","P43155","CRAT","O75251","NDUFS7","A8MXV4","NUDT19","huMAP3_13468.1","mutually_exclusive",0.05,12,107,82,76.41,71.03,5824.46,0.39,0.57,77.304,80.362,0.056,"KOG1687","KOG3904","no","Tissue enhanced","Low tissue specificity",0.75865421547197,null,"Cytosol",null,762,false]
["Q96ES7_Q9Y2I8","O75478_Q96ES7","Janes_et_al","Q96ES7; Q9Y2I8","O75478; Q96ES7","Q96ES7","SGF29","Q9Y2I8","WDR37","O75478",null,"huMAP3_12550.1","mutually_exclusive",0.97,15,183,118,81.88,76.21,8992.77999999999,0.59,0.44,78.43375,83.3875,null,"KOG0300","KOG0457","no","Low tissue specificity",null,null,"Intermediate filaments",null,null,763,false]
["P09661_Q16637","P09661_Q9Y4Z0","Janes_et_al","P09661; Q16637","P09661; Q9Y4Z0","P09661","SNRPA1","Q16637","SMN1","Q9Y4Z0","LSM4","huMAP3_08980.1","mutually_exclusive",0.77,11,52,57,44.7,86.53,2324.4,0.32,0.58,82.4657142857142,91.1368181818182,0.054,"KOG4327","KOG3293","no","Low tissue specificity","Low tissue specificity",0.394039140328409,"Nuclear bodies; Cytosol","Vesicles",0,764,false]
["O95183_Q8WVM8","O95183_Q9UEU0","Janes_et_al","O95183; Q8WVM8","O95183; Q9UEU0","O95183","VAMP5","Q8WVM8","SCFD1","Q9UEU0","VTI1B","huMAP3_10587.1; huMAP3_06458.1; huMAP3_13160.1; huMAP3_08929.1","mutually_exclusive",5.11,15,61,69,58.67,84.86,3578.87,0.31,0.66,83.8208695652174,88.1823376623376,0.204,"KOG1301","KOG1666","no","Low tissue specificity","Low tissue specificity",-0.247301288575897,null,"Golgi apparatus; Vesicles",null,765,false]
["Q5JTZ9_Q9UI43","Q96RQ3_Q9UI43","Janes_et_al","Q5JTZ9; Q9UI43","Q96RQ3; Q9UI43","Q9UI43","MRM2","Q5JTZ9","AARS2","Q96RQ3","MCCC1","huMAP3_13468.1","mutually_exclusive",0.35,11,436,371,87.94,84.78,31453.38,0.41,0.26,84.1923809523809,87.215,0.116,"KOG0188","KOG0238","no","Low tissue specificity","Low tissue specificity",0.0135200768835204,"Mitochondria","Mitochondria",1,766,false]
["P09661_Q9Y4Y9","P09661_Q9BWU0","Janes_et_al","P09661; Q9Y4Y9","P09661; Q9BWU0","P09661","SNRPA1","Q9Y4Y9","LSM5","Q9BWU0","SLC4A1AP","huMAP3_08980.1","mutually_exclusive",8.92,12,49,64,82.14,93.47,4024.86,0.44,0.5,84.2724,91.4072727272727,0.08,"KOG1775","KOG1881","no","Low tissue specificity","Low tissue specificity",-0.0873265276684991,null,"Nucleoplasm",null,767,false]
["Q96EL3_Q9BYD3","O95900_Q9BYD3","Janes_et_al","Q96EL3; Q9BYD3","O95900; Q9BYD3","Q9BYD3","MRPL4","Q96EL3","MRPL53","O95900","TRUB2","huMAP3_07939.1; huMAP3_06550.1; huMAP3_08458.1; huMAP3_06439.1; huMAP3_06589.1; huMAP3_09113.1; huMAP3_09483.1","structurally_consistent",1.71,0,0,0,null,null,0,0.43,0.25,88.516923076923,83.3278947368421,0.668,"ENOG502S5X4","KOG2559","no","Low tissue specificity","Low tissue specificity",0.32118019998547,"Mitochondria",null,null,768,false]
["P63167_Q86VQ1","P63167_Q96FJ2","Janes_et_al","P63167; Q86VQ1","P63167; Q96FJ2","P63167","DYNLL1","Q86VQ1","GLCCI1","Q96FJ2","DYNLL2","huMAP3_12566.1; huMAP3_09634.1","mutually_exclusive",0.21,20,23,28,50.65,93.29,1164.95,0.43,0.67,89.5787179487179,98.1392,0.13,"ENOG502QRQF","KOG3430","no","Tissue enhanced","Low tissue specificity",-0.211726454009692,"Nucleoli","Nucleoplasm; Cytosol",0,769,false]
["Q86VQ1_Q96FJ2","P63167_Q96FJ2","Janes_et_al","Q86VQ1; Q96FJ2","P63167; Q96FJ2","Q96FJ2","DYNLL2","Q86VQ1","GLCCI1","P63167","DYNLL1","huMAP3_12566.1; huMAP3_09634.1","mutually_exclusive",0.19,18,20,27,57.4,98.74,1148,0.43,0.67,89.7262162162162,98.1392,0.226,"ENOG502QRQF","KOG3430","no","Tissue enhanced","Low tissue specificity",-0.228583252318785,"Nucleoli","Nucleoplasm; Cytosol",0,769,false]
["P13861_P17612","P13861_Q15691","Janes_et_al","P13861; P17612","P13861; Q15691","P13861","PRKAR2A","P17612","PRKACA","Q15691","MAPRE1","huMAP3_14681.1; huMAP3_13352.1","mutually_exclusive",1.63,27,159,138,96.62,83.92,11580.96,0.72,0.48,92.4648888888889,84.8824,null,"KOG0616","KOG3000","no","Tissue enhanced","Low tissue specificity",-0.26074195574323,"Cytosol","Centriolar satellite; Cytosol",0.5,770,false]
["P13861_P17612","P17612_Q15691","Janes_et_al","P13861; P17612","P17612; Q15691","P17612","PRKACA","P13861","PRKAR2A","Q15691","MAPRE1","huMAP3_14681.1; huMAP3_13352.1","mutually_exclusive",0.21,22,148,127,91.26,67,8509,0.72,0.27,92.4648888888889,77.49125,0.166,"KOG1113","KOG3000","no","Tissue enhanced","Low tissue specificity",-0.0807971031035571,null,"Centriolar satellite; Cytosol",null,770,false]
["P63208_Q9H4M3","P63208_Q9Y2K7","Janes_et_al","P63208; Q9H4M3","P63208; Q9Y2K7","P63208","SKP1","Q9H4M3","FBXO44","Q9Y2K7","KDM2A","huMAP3_00161.1; huMAP3_05528.1; huMAP3_09623.1; huMAP3_14622.1","mutually_exclusive",0.55,37,203,201,92.64,83.64,16811.64,0.68,0.52,94.9882432432432,87.8160869565217,null,"ENOG502RZA6","KOG1633; KOG1947","no","Tissue enhanced","Low tissue specificity",-0.299837420716157,"Nucleoplasm","Nucleoplasm",1,771,false]
["P27348_Q9GZV5","P27348_Q86X27","Janes_et_al","P27348; Q9GZV5","P27348; Q86X27","P27348","YWHAQ","Q9GZV5","WWTR1","Q86X27","RALGPS2","huMAP3_12897.1","mutually_exclusive",0.13,10,157,228,49.47,74.29,7766.79,0.47,0.43,85.46,81.8242105263157,0.148,"KOG0940","KOG3417","no","Low tissue specificity","Tissue enhanced",-0.277029746764973,"Nucleoplasm; Nuclear bodies","Nucleoplasm; Cytosol",0.333333333333333,772,false]
["P78508_Q9UBF2","Q9UBF2_Q9Y678","Janes_et_al","P78508; Q9UBF2","Q9UBF2; Q9Y678","Q9UBF2","COPG2","P78508","KCNJ10","Q9Y678","COPG1","huMAP3_12869.1; huMAP3_11357.1","structurally_consistent",0.99,0,2,3,79.44,23.33,69.99,0.48,0.56,86.1645161290322,84.1428571428571,null,"KOG3827","KOG1078","no","Tissue enhanced","Low tissue specificity",-0.271534343257855,null,"Golgi apparatus",null,773,false]
["Q13405_Q9BQC6","Q8TCC3_Q9BQC6","Janes_et_al","Q13405; Q9BQC6","Q8TCC3; Q9BQC6","Q9BQC6","MRPL57","Q13405","MRPL49","Q8TCC3","MRPL30","huMAP3_07939.1; huMAP3_06550.1; huMAP3_08458.1; huMAP3_06439.1; huMAP3_06589.1; huMAP3_09113.1; huMAP3_09483.1","structurally_consistent",3.67,0,0,0,null,null,0,0.26,0.54,91.4341666666666,92.8123529411764,0.9552,"KOG4034","KOG4799","no","Low tissue specificity","Low tissue specificity",0.156132426042002,{"$nulls":3},774,false]
["P27449_Q8N511","P27449_Q13488","Janes_et_al","P27449; Q8N511","P27449; Q13488","P27449","ATP6V0C","Q8N511","TMEM199","Q13488","TCIRG1","huMAP3_05805.1; huMAP3_10516.1; huMAP3_08182.1; huMAP3_12042.1; huMAP3_10511.1","mutually_exclusive",0.23,10,105,165,78.84,87.73,8278.2,0.33,0.63,82.6168,86.0923636363636,0.062,"ENOG502RXKD","KOG2189","no","Low tissue specificity","Tissue enhanced",0.0929158073711877,null,"Mitochondria",null,775,false]
["O15239_Q9P0J0","O75306_Q9P0J0","Janes_et_al","O15239; Q9P0J0","O75306; Q9P0J0","Q9P0J0","NDUFA13","O15239","NDUFA1","O75306","NDUFS2","huMAP3_09982.1; huMAP3_09567.1; huMAP3_14878.1; huMAP3_06397.1; huMAP3_14018.1","structurally_consistent",2.54,0,0,0,null,null,0,0.36,0.57,89.7218181818182,94.2302127659574,0.828,"ENOG502S3S5","KOG2870","no","Low tissue specificity","Tissue enhanced",0.877776787995641,"Cytosol","Mitochondria",0,776,false]
["Q9Y5E5_Q9Y5E6","Q9Y5E6_Q9Y5F0","Janes_et_al","Q9Y5E5; Q9Y5E6","Q9Y5E6; Q9Y5F0","Q9Y5E6","PCDHB3","Q9Y5E5","PCDHB4","Q9Y5F0","PCDHB13","huMAP3_10979.1; huMAP3_12057.1; huMAP3_11413.1; huMAP3_13663.1; huMAP3_12508.1; huMAP3_15258.1","mutually_exclusive",0.31,29,680,689,82.24,81.54,56181.06,0.68,0.7,81.0513333333333,81.6045454545454,null,"KOG3594","KOG3594","yes","Low tissue specificity","Low tissue specificity",0.452979968358924,"Plasma membrane",null,null,777,false]
["Q96J01_Q9NYF8","Q53F19_Q96J01","Janes_et_al","Q96J01; Q9NYF8","Q53F19; Q96J01","Q96J01","THOC3","Q9NYF8","BCLAF1","Q53F19","NCBP3","huMAP3_09943.1","mutually_exclusive",0.18,16,69,98,45.14,63.6,3114.66,0.44,0.56,90.2216129032258,76.4788888888888,0.374,"ENOG502QZG7","ENOG502QRX4","no","Tissue enhanced","Low tissue specificity",0.428339777688274,"Nuclear speckles","Nuclear speckles",1,778,false]
["P41002_P63208","P63208_Q9UKT5","Janes_et_al","P41002; P63208","P63208; Q9UKT5","P63208","SKP1","P41002","CCNF","Q9UKT5","FBXO4","huMAP3_00161.1; huMAP3_05528.1; huMAP3_09623.1; huMAP3_14622.1","mutually_exclusive",0.25,34,305,304,86.84,81.47,24766.88,0.67,0.55,91.032794117647,90.9643283582089,null,"KOG0654","ENOG502QUXD","no","Tissue enhanced","Low tissue specificity",0.337774504288405,"Centrosome","Nucleoplasm",0,779,false]
["P27448_P31947","P31947_Q86X27","Janes_et_al","P27448; P31947","P31947; Q86X27","P31947","SFN","P27448","MARK3","Q86X27","RALGPS2","huMAP3_12897.1","mutually_exclusive",0.37,17,322,273,80.19,74.63,20373.99,0.38,0.25,77.8653333333333,72.1699999999999,0.05,"KOG0586","KOG3417","no","Low tissue specificity","Tissue enhanced",-0.218669786560166,null,"Nucleoplasm; Cytosol",null,780,false]
["Q8TDD5_Q9GZU1","Q8IZK6_Q8TDD5","Janes_et_al","Q8TDD5; Q9GZU1","Q8IZK6; Q8TDD5","Q8TDD5","MCOLN3","Q9GZU1","MCOLN1","Q8IZK6","MCOLN2","huMAP3_10268.1; huMAP3_11767.1","mutually_exclusive",0.14,62,512,510,83.14,84.2,42567.68,0.72,0.72,89.2722093023255,88.9779289940828,null,"KOG3733","KOG3733","yes","Low tissue specificity","Tissue enhanced",0.12374840132338,"Golgi apparatus; Vesicles",null,null,781,false]
["Q8IZK6_Q9GZU1","Q8IZK6_Q8TDD5","Janes_et_al","Q8IZK6; Q9GZU1","Q8IZK6; Q8TDD5","Q8IZK6","MCOLN2","Q9GZU1","MCOLN1","Q8TDD5","MCOLN3","huMAP3_10268.1; huMAP3_11767.1","mutually_exclusive",0.16,69,518,510,82.04,83.68,42496.72,0.72,0.72,89.2004166666666,88.9779289940828,null,"KOG3733","KOG3733","yes","Low tissue specificity","Group enriched",0.28750211424546,"Golgi apparatus; Vesicles","Nucleoli; Cytosol",0,781,false]
["Q8N3R9_Q9Y2J4","Q8N3R9_Q9NUP9","Janes_et_al","Q8N3R9; Q9Y2J4","Q8N3R9; Q9NUP9","Q8N3R9","PALS1","Q9Y2J4","AMOTL2","Q9NUP9","LIN7C","huMAP3_09519.1; huMAP3_08481.1; huMAP3_14575.1","structurally_consistent",2.84,0,0,0,null,null,0,0.37,0.61,89.9118518518518,88.6227272727272,0.096,"ENOG502QR7W","KOG3550","no","Low tissue specificity","Low tissue specificity",-0.0773393557199715,"Cell Junctions",null,null,782,false]
["P31947_Q9UQL6","P31947_Q86X27","Janes_et_al","P31947; Q9UQL6","P31947; Q86X27","P31947","SFN","Q9UQL6","HDAC5","Q86X27","RALGPS2","huMAP3_12897.1","mutually_exclusive",0.39,52,263,199,68.95,69.42,18133.85,0.27,0.25,82.4149999999999,72.1699999999999,0.098,"KOG1343","KOG3417","no","Low tissue specificity","Tissue enhanced",-0.348871677725328,"Nuclear speckles","Nucleoplasm; Cytosol",0,783,false]
["O60330_Q9Y5G2","Q9Y5G2_Q9Y5G3","Janes_et_al","O60330; Q9Y5G2","Q9Y5G2; Q9Y5G3","Q9Y5G2","PCDHGB2","O60330","PCDHGA12","Q9Y5G3","PCDHGB1","huMAP3_11894.1","mutually_exclusive",1.56,33,620,613,81.02,81.39,50232.4,0.69,0.68,80.1903846153846,82.6273417721519,null,"KOG3594","KOG3594","yes","Tissue enhanced","Tissue enriched",0.396927753427803,"Vesicles; Plasma membrane","Vesicles; Plasma membrane",1,784,false]
["P61962_Q9Y463","P61962_Q9HAH7","Janes_et_al","P61962; Q9Y463","P61962; Q9HAH7","P61962","DCAF7","Q9Y463","DYRK1B","Q9HAH7","FBRS","huMAP3_11826.1; huMAP3_11527.1","mutually_exclusive",0.2,36,101,78,74.23,48.7,3798.6,0.63,0.6,92.9273015873016,94.3169565217391,0.076,"KOG0667","ENOG502QT69","no","Tissue enhanced","Low tissue specificity",0.460015236352621,"Nucleoplasm","Nucleoplasm",1,785,false]
["P60673_P62736","P62736_Q562R1","Janes_et_al","P60673; P62736","P62736; Q562R1","P62736","ACTA2","P60673","PFN3","Q562R1","ACTBL2","huMAP3_14772.1","structurally_consistent",0.91,0,0,0,null,null,0,0.68,0.57,95.9874999999999,86.0157142857142,0.12,"ENOG502S2A3","KOG0676","no","Tissue enriched","Not detected",0.119148802525812,"Vesicles; Cytosol",null,null,786,false]
["P60673_Q562R1","P62736_Q562R1","Janes_et_al","P60673; Q562R1","P62736; Q562R1","Q562R1","ACTBL2","P60673","PFN3","P62736","ACTA2","huMAP3_14772.1","structurally_consistent",1.11,0,1,1,96.3,96.56,96.3,0.68,0.57,96.7708928571428,86.0157142857142,null,"ENOG502S2A3","KOG0676","no","Tissue enriched","Tissue enhanced",-0.0693459711425149,"Vesicles; Cytosol","Actin filaments",0,786,false]
["P09661_Q9Y3B4","P09661_Q9UHI6","Janes_et_al","P09661; Q9Y3B4","P09661; Q9UHI6","P09661","SNRPA1","Q9Y3B4","SF3B6","Q9UHI6","DDX20","huMAP3_08980.1; huMAP3_06511.1","mutually_exclusive",0.46,10,100,148,74.16,87.07,7416,0.34,0.29,81.1645454545454,76.7566666666666,0.08,"KOG0114","KOG4284","no","Low tissue specificity","Tissue enriched",-0.122524162259558,"Nucleoplasm","Nuclear bodies",0,787,false]
["Q9BZE1_Q9H9J2","Q9BZE1_Q9NZE8","Janes_et_al","Q9BZE1; Q9H9J2","Q9BZE1; Q9NZE8","Q9BZE1","MRPL37","Q9H9J2","MRPL44","Q9NZE8","MRPL35","huMAP3_07939.1; huMAP3_06550.1; huMAP3_08458.1; huMAP3_06439.1; huMAP3_06589.1; huMAP3_09113.1; huMAP3_09483.1","structurally_consistent",0.19,0,0,0,null,null,0,0.24,0.29,75.065,83.9609999999999,0.812,"KOG3769","KOG4316","no","Low tissue specificity","Low tissue specificity",0.659802718148751,"Mitochondria",null,null,788,false]
["O14908_Q8TF64","O14908_Q8TF65","Janes_et_al","O14908; Q8TF64","O14908; Q8TF65","O14908","GIPC1","Q8TF64","GIPC3","Q8TF65","GIPC2","huMAP3_13497.1; huMAP3_13127.1","mutually_exclusive",1.3,47,279,281,85.15,85.08,23907.48,0.69,0.69,85.8876,87.149126984127,null,"KOG3938","KOG3938","yes","Tissue enhanced","Tissue enhanced",0.0457506348298623,"Nucleoplasm","Nucleoplasm",1,789,false]
["P48509_Q13683","P26006_P48509","Janes_et_al","P48509; Q13683","P26006; P48509","P48509","CD151","Q13683","ITGA7","P26006","ITGA3","huMAP3_05532.1","mutually_exclusive",0.81,12,231,221,73.58,75.79,16996.98,0.26,0.31,88.3093103448276,88.9492592592592,0.112,"KOG3637","KOG3637","yes","Tissue enhanced","Low tissue specificity",-0.0069153626522415,"Plasma membrane","Plasma membrane",1,790,false]
["Q8IUR7_Q9Y2Y8","Q8IUR7_Q96E35","Janes_et_al","Q8IUR7; Q9Y2Y8","Q8IUR7; Q96E35","Q8IUR7","ARMC8","Q9Y2Y8","PRG3","Q96E35","ZMYND19","huMAP3_10711.1; huMAP3_09818.1; huMAP3_12700.1","mutually_exclusive",0.44,12,156,170,77.03,77.32,12016.68,0.56,0.54,90.25625,87.098,null,"KOG4297","ENOG502QUSS","no","Tissue enriched","Tissue enriched",-0.0426861831270618,null,"Golgi apparatus; Vesicles",null,791,false]
["Q8WWY3_Q8WXD5","O94906_Q8WWY3","Janes_et_al","Q8WWY3; Q8WXD5","O94906; Q8WWY3","Q8WWY3","PRPF31","Q8WXD5","GEMIN6","O94906","PRPF6","huMAP3_08980.1; huMAP3_06511.1","structurally_consistent",9.63,0,0,0,null,null,0,0.38,0.48,83.1159259259259,86.295,0.422,"ENOG502RZTW","KOG0495","no","Low tissue specificity","Low tissue specificity",0.0528517407166947,"Nucleoplasm; Nuclear bodies","Nuclear speckles",0,792,false]
["O14972_Q7Z3J2","O14972_Q9NX08","Janes_et_al","O14972; Q7Z3J2","O14972; Q9NX08","O14972","VPS26C","Q7Z3J2","VPS35L","Q9NX08","COMMD8","huMAP3_07032.1; huMAP3_14444.1","mutually_exclusive",0.61,14,202,135,93.93,83.81,11314.35,0.68,0.33,94.6280769230769,85.1723529411764,0.078,"KOG3682","ENOG502S00F","no","Low tissue specificity","Low tissue specificity",0.147961547206274,"Mitochondria","Nucleoplasm; Cytosol",0,793,false]
["P0C0S5_Q96A08","P0C0S5_Q15906","Janes_et_al","P0C0S5; Q96A08","P0C0S5; Q15906","P0C0S5","H2AZ1","Q96A08","H2BC1","Q15906","VPS72","huMAP3_14306.1; huMAP3_10481.1","mutually_exclusive",1.44,48,26,28,81.42,63.3,1772.4,0.71,0.38,96.0203571428571,81.2747727272727,0.328476190476191,"KOG1744","KOG2897","no","Tissue enriched","Low tissue specificity",-0.0856377281541535,null,"Nuclear speckles",null,794,false]
["P01562_P32881","P09914_P32881","Janes_et_al","P01562; P32881","P09914; P32881","P32881","IFNA8","P01562","IFNA1","P09914","IFIT1","huMAP3_11921.1","structurally_consistent",0.39,0,0,0,null,null,0,0.35,0.47,81.9478378378378,88.495,null,"ENOG502SQAC","KOG1124","no","Not detected","Low tissue specificity",0.185844228412317,null,"Cytosol",null,795,false]
["P12755_Q8IUR7","Q8IUR7_Q9HCB6","Janes_et_al","P12755; Q8IUR7","Q8IUR7; Q9HCB6","Q8IUR7","ARMC8","P12755","SKI","Q9HCB6","SPON1","huMAP3_08787.1; huMAP3_09818.1; huMAP3_05775.1; huMAP3_10711.1; huMAP3_12700.1","mutually_exclusive",0.35,14,392,453,68.83,74.8,26981.36,0.54,0.5,83.445,76.845,0.122,"ENOG502QTF6","KOG3539","no","Tissue enhanced","Low tissue specificity",0.0818478444941936,"Nucleoplasm",null,null,796,false]
["P23280_Q8N878","Q8N878_Q96DA0","Janes_et_al","P23280; Q8N878","Q8N878; Q96DA0","Q8N878","FRMD1","P23280","CA6","Q96DA0","ZG16B","huMAP3_13577.1","mutually_exclusive",2.05,13,168,137,89.55,81.77,11202.49,0.56,0.5,86.9663636363636,82.9818181818181,null,"KOG0382","ENOG502SWMW","no","Tissue enriched","Tissue enriched",0.9999928392545,null,"Vesicles",null,797,false]
["P31943_Q99873","Q99873_Q9NR22","Janes_et_al","P31943; Q99873","Q99873; Q9NR22","Q99873","PRMT1","P31943","HNRNPH1","Q9NR22","PRMT8","huMAP3_14523.1","mutually_exclusive",0.27,24,137,158,54.94,86.35,7526.78,0.38,0.7,79.9683333333333,96.3733333333333,null,"KOG4211","KOG1499","no","Low tissue specificity","Tissue enriched",-0.172573112594765,"Nucleoplasm",null,null,798,false]
["P27449_Q9HBG4","P27449_Q3ZAQ7","Janes_et_al","P27449; Q9HBG4","P27449; Q3ZAQ7","P27449","ATP6V0C","Q9HBG4","ATP6V0A4","Q3ZAQ7","VMA21","huMAP3_13872.1; huMAP3_09565.1; huMAP3_10511.1; huMAP3_10516.1; huMAP3_08182.1; huMAP3_12042.1; huMAP3_08166.1; huMAP3_09562.1; huMAP3_07510.1","mutually_exclusive",0.28,14,135,97,85.39,62.53,6065.41,0.5,0.43,80.1221739130434,83.0029411764705,0.056,"KOG2189","KOG4783","no","Group enriched","Low tissue specificity",-0.0290365724297699,"Cytosol",null,null,799,false]
["P62487_Q9GZS3","P05423_P62487","Janes_et_al","P62487; Q9GZS3","P05423; P62487","P62487","POLR2G","Q9GZS3","SKIC8","P05423","POLR3D","huMAP3_11092.1","mutually_exclusive",1.17,12,46,22,80.37,57.64,1268.08,0.39,0.42,77.9261538461538,80.7385714285714,0.06,"KOG4155","KOG3122","no","Low tissue specificity","Low tissue specificity",-0.0937870075861937,"Nucleoplasm; Cytosol","Nucleoplasm",0.5,800,false]
["P61964_Q15291","P61964_Q9ULM3","Janes_et_al","P61964; Q15291","P61964; Q9ULM3","P61964","WDR5","Q15291","RBBP5","Q9ULM3","YEATS2","huMAP3_09422.1; huMAP3_08776.1; huMAP3_10027.1","mutually_exclusive",0.29,10,25,46,29.08,72.93,727,0.71,0.46,89.7146969696969,84.3832352941176,0.184,"KOG1273","KOG3149","no","Low tissue specificity","Low tissue specificity",0.338475920780708,"Nucleoplasm; Nucleoli","Nucleoplasm",0.5,801,false]
["Q09028_Q9UBB5","Q09028_Q8WUU5","Janes_et_al","Q09028; Q9UBB5","Q09028; Q8WUU5","Q09028","RBBP4","Q9UBB5","MBD2","Q8WUU5","GATAD1","huMAP3_15128.1","mutually_exclusive",0.15,22,89,78,58.76,57.4,4477.2,0.4,0.51,90.210303030303,90.0564583333333,0.038,"KOG4161","ENOG502QUY5","no","Low tissue specificity","Low tissue specificity",-0.106682721373206,"Nucleoplasm","Nucleoplasm",1,802,false]
["P63208_Q9H469","P63208_Q9UKT5","Janes_et_al","P63208; Q9H469","P63208; Q9UKT5","P63208","SKP1","Q9H469","FBXL15","Q9UKT5","FBXO4","huMAP3_00161.1; huMAP3_05528.1; huMAP3_09623.1; huMAP3_14622.1","mutually_exclusive",0.32,36,254,281,95.73,84.28,23682.68,0.66,0.55,93.106282051282,90.9643283582089,0.054,"KOG1947","ENOG502QUXD","no","Low tissue specificity","Low tissue specificity",-0.486618223115507,null,"Nucleoplasm",null,803,false]
["P61326_Q9UKM9","P61326_Q6UN15","Janes_et_al","P61326; Q9UKM9","P61326; Q6UN15","P61326","MAGOH","Q9UKM9","RALY","Q6UN15","FIP1L1","huMAP3_11073.1","mutually_exclusive",0.12,29,92,83,51.21,39.13,3247.79,0.57,0.24,90.8815625,87.1690909090909,0.098,"KOG0118","KOG1049","no","Low tissue specificity","Low tissue specificity",0.591700097341897,"Nucleoplasm","Nucleoplasm",1,804,false]
["O15160_Q9NW08","O95602_Q9NW08","Janes_et_al","O15160; Q9NW08","O95602; Q9NW08","Q9NW08","POLR3B","O15160","POLR1C","O95602","POLR1A","huMAP3_09057.1; huMAP3_14318.1; huMAP3_08487.1; huMAP3_11092.1; huMAP3_06426.1","mutually_exclusive",0.88,17,21,21,83.4,93.79,1751.4,0.72,0.73,93.4049462365591,89.9536997319034,0.266,"KOG1521","KOG0262","no","Low tissue specificity","Low tissue specificity",0.232230350780005,"Nucleoplasm; Nucleoli fibrillar center","Nucleoli fibrillar center",0.5,805,false]
["P61201_Q9UBW8","P61201_Q9BX70","Janes_et_al","P61201; Q9UBW8","P61201; Q9BX70","P61201","COPS2","Q9UBW8","COPS7A","Q9BX70","BTBD2","huMAP3_08550.1; huMAP3_14528.1; huMAP3_09779.1","structurally_consistent",1.17,0,0,0,null,null,0,0.44,0.34,88.9906666666666,80.86375,0.126,"KOG3250","KOG2075","no","Low tissue specificity","Tissue enhanced",0.47534581821609,"Nucleoplasm",null,null,806,false]
["P62380_Q9HBM6","P21675_P62380","Janes_et_al","P62380; Q9HBM6","P21675; P62380","P62380","TBPL1","Q9HBM6","TAF9B","P21675","TAF1","huMAP3_14501.1","mutually_exclusive",0.73,23,52,52,78.98,53.77,2796.04,0.57,0.33,82.3413636363636,79.9299999999999,null,"KOG3334","KOG0008","no","Low tissue specificity","Low tissue specificity",0.282226230780985,"Nucleoplasm","Nucleoplasm",1,807,false]
["O75832_Q99933","O75832_Q9UNM6","Janes_et_al","O75832; Q99933","O75832; Q9UNM6","O75832","PSMD10","Q99933","BAG1","Q9UNM6","PSMD13","huMAP3_09656.1; huMAP3_05064.1","mutually_exclusive",0.4,15,172,196,74.38,80.29,12793.36,0.43,0.33,77.705,76.792,0.288,"ENOG502RN5W","KOG2908","no","Low tissue specificity","Low tissue specificity",0.248297648722662,"Nucleoplasm","Nuclear speckles",0,808,false]
["Q09028_Q96JN0","O60341_Q09028","Janes_et_al","Q09028; Q96JN0","O60341; Q09028","Q09028","RBBP4","Q96JN0","LCOR","O60341","KDM1A","huMAP3_15128.1","mutually_exclusive",0.11,18,55,51,63.46,62.57,3191.07,0.63,0.58,88.1273170731707,88.7454545454545,null,"KOG4565","KOG0029; KOG0685","no","Tissue enhanced","Low tissue specificity",-0.169857112199343,"Nucleoplasm","Nucleoplasm",1,809,false]
["O00231_P25789","O00231_Q9UNM6","Janes_et_al","O00231; P25789","O00231; Q9UNM6","O00231","PSMD11","P25789","PSMA4","Q9UNM6","PSMD13","huMAP3_09656.1; huMAP3_13725.1","structurally_consistent",0.74,0,0,0,null,null,0,0.35,0.34,80.6295,92.7719047619047,0.968,"KOG0178","KOG2908","no","Low tissue specificity","Low tissue specificity",0.757478411544185,"Nucleoplasm; Cytosol","Nuclear speckles",0,810,false]
["P14635_Q99640","P14635_Q9H211","Janes_et_al","P14635; Q99640","P14635; Q9H211","P14635","CCNB1","Q99640","PKMYT1","Q9H211","CDT1","huMAP3_06587.1; huMAP3_10449.1","mutually_exclusive",5.24,10,244,193,82.47,78.01,15055.93,0.38,0.27,91.7138095238095,73.81,0.116,"KOG0601","KOG4762","no","Tissue enhanced","Tissue enriched",0.46732622767695,"Golgi apparatus","Nucleoplasm",0,811,false]
["O75832_P20618","O75832_Q8WV99","Janes_et_al","O75832; P20618","O75832; Q8WV99","O75832","PSMD10","P20618","PSMB1","Q8WV99","ZFAND2B","huMAP3_09656.1; huMAP3_13725.1","mutually_exclusive",0.25,21,137,103,75.81,67.02,6903.06,0.41,0.6,75.8322222222222,85.6310526315789,0.52085,"KOG0179","KOG3183","no","Low tissue specificity","Low tissue specificity",0.0759666112167067,"Nucleoplasm","Nucleoli; Nucleoli rim",0,812,false]
["Q14746_Q8WTW3","Q8WTW3_Q9H9E3","Janes_et_al","Q14746; Q8WTW3","Q8WTW3; Q9H9E3","Q8WTW3","COG1","Q14746","COG2","Q9H9E3",null,"huMAP3_09176.1; huMAP3_14423.1; huMAP3_04294.1","structurally_consistent",2.58,0,5,3,81.82,60.67,182.01,0.26,0.25,79.3377777777777,77.36125,0.884,"KOG2307","KOG0412","no","Tissue enhanced",null,null,"Golgi apparatus",null,null,813,false]
["O43670_O43684","O43684_P60006","Janes_et_al","O43670; O43684","O43684; P60006","O43684","BUB3","O43670","ZNF207","P60006","ANAPC15","huMAP3_12747.1","mutually_exclusive",0.29,26,93,77,70.82,46.6,3588.2,0.64,0.57,92.3885,92.9068181818181,0.254,"KOG2893","ENOG502RZUK","no","Low tissue specificity","Low tissue specificity",0.212567090440662,"Nucleoplasm","Nucleoplasm",1,814,false]
["P63208_Q9UKT8","P63208_Q8N5M4","Janes_et_al","P63208; Q9UKT8","P63208; Q8N5M4","P63208","SKP1","Q9UKT8","FBXW2","Q8N5M4","TTC9C","huMAP3_14622.1","mutually_exclusive",0.89,15,15,13,96.4,70.92,921.96,0.68,0.63,94.4693243243243,90.9597777777777,0.07,"KOG0274","ENOG502RXZG","no","Low tissue specificity","Low tissue specificity",0.28845100944046,"Nucleoplasm","Nucleoplasm",1,815,false]
["P17980_Q8N6M9","P17980_Q96AQ1","Janes_et_al","P17980; Q8N6M9","P17980; Q96AQ1","P17980","PSMC3","Q8N6M9","ZFAND2A","Q96AQ1","CCDC74A","huMAP3_13725.1","structurally_consistent",1.09,0,0,0,null,null,0,0.4,0.34,87.9044444444444,79.3475,null,"KOG3183","ENOG502S5P9","no","Low tissue specificity","Tissue enhanced",1.21039438691E-3,null,"Vesicles",null,816,false]
["Q6ICC9_Q9ULX9","O14867_Q9ULX9","Janes_et_al","Q6ICC9; Q9ULX9","O14867; Q9ULX9","Q9ULX9","MAFF","Q6ICC9","RTL6","O14867","BACH1","huMAP3_13906.1","mutually_exclusive",1.37,19,144,133,84.04,79.14,10525.62,0.52,0.56,91.9144,94.6232075471698,null,"ENOG502R33E","KOG3863","no","Low tissue specificity","Tissue enhanced",-0.476509580527385,"Nuclear speckles","Nucleoplasm",0,817,false]
["P53611_Q8N414","P20338_P53611","Janes_et_al","P53611; Q8N414","P20338; P53611","P53611","RABGGTB","Q8N414","PGBD5","P20338","RAB4A","huMAP3_11860.1","mutually_exclusive",0.19,19,274,207,75.23,77.25,20613.02,0.41,0.32,82.6542857142857,72.825,null,"ENOG502QT9F","KOG0086","no","Tissue enhanced","Low tissue specificity",0.351652508832339,"Nucleoplasm",null,null,818,false]
["P63208_Q8TB52","P63208_Q9UKC9","Janes_et_al","P63208; Q8TB52","P63208; Q9UKC9","P63208","SKP1","Q8TB52","FBXO30","Q9UKC9","FBXL2","huMAP3_14622.1","mutually_exclusive",0.52,38,149,141,88.9,90.04,13246.1,0.7,0.64,94.0827358490566,91.7105479452054,null,"ENOG502QTD9","KOG4341","no","Low tissue specificity","Tissue enhanced",-0.402510943908262,"Microtubules","Plasma membrane",0,819,false]
["P62136_Q9ULJ8","P62136_Q9UQ13","Janes_et_al","P62136; Q9ULJ8","P62136; Q9UQ13","P62136","PPP1CA","Q9ULJ8","PPP1R9A","Q9UQ13","SHOC2","huMAP3_14504.1","mutually_exclusive",0.15,20,142,192,67.42,88.7,9573.64,0.71,0.67,94.1191011235955,85.2711627906976,0.092,"KOG1945","KOG0619","no","Low tissue specificity","Low tissue specificity",-0.233525347764003,"Plasma membrane","Nucleoplasm; Cytosol",0,820,false]
["P03905_P17568","O43676_P03905","Janes_et_al","P03905; P17568","O43676; P03905","P03905","MT-ND4","P17568","NDUFB7","O43676","NDUFB3","huMAP3_09982.1; huMAP3_09567.1; huMAP3_14878.1; huMAP3_06397.1; huMAP3_14018.1","structurally_consistent",0.25,0,0,0,null,null,0,0.31,0.37,78.71,85.9333333333333,0.986,"KOG3468","KOG4631","no","Low tissue specificity","Tissue enhanced",0.600686393300625,{"$nulls":3},821,false]
["Q13617_Q9BQ90","Q15843_Q9BQ90","Janes_et_al","Q13617; Q9BQ90","Q15843; Q9BQ90","Q9BQ90","KLHDC3","Q13617","CUL2","Q15843","NEDD8","huMAP3_08550.1; huMAP3_14528.1; huMAP3_09779.1","structurally_consistent",0.19,0,0,0,null,null,0,0.25,0.37,87.09,91.8911111111111,0.186,"KOG2284","KOG0005","no","Low tissue specificity","Low tissue specificity",0.291235746036037,"Nucleoplasm","Nucleoplasm",1,822,false]
["P54105_Q9BQA1","P09234_Q9BQA1","Janes_et_al","P54105; Q9BQA1","P09234; Q9BQA1","Q9BQA1","WDR77","P54105","CLNS1A","P09234","SNRPC","huMAP3_08980.1; huMAP3_06511.1","structurally_consistent",0.37,0,9,6,41.2,80.95,370.8,0.55,0.51,91.3434285714285,90.4016,0.048,"KOG3238","KOG3454","no","Low tissue specificity","Low tissue specificity",0.288444669936554,"Cytosol","Nucleoplasm",0,823,false]
["O60341_O95983","O60341_Q8IZ40","Janes_et_al","O60341; O95983","O60341; Q8IZ40","O60341","KDM1A","O95983","MBD3","Q8IZ40","RCOR2","huMAP3_15128.1","mutually_exclusive",0.47,14,53,49,58.34,62.14,3092.02,0.33,0.72,77.5257142857143,92.6256617647058,0.078,"KOG4161","KOG1194","no","Low tissue specificity","Tissue enhanced",0.477695512486051,"Nucleoplasm","Nucleoplasm",1,824,false]
["Q13618_Q9H0C5","O94844_Q13618","Janes_et_al","Q13618; Q9H0C5","O94844; Q13618","Q13618","CUL3","Q9H0C5","BTBD1","O94844","RHOBTB1","huMAP3_14528.1","mutually_exclusive",1.08,25,253,279,87.57,90.11,22155.21,0.66,0.58,91.1184848484848,91.332,null,"KOG2075","KOG0393","no","Tissue enhanced","Tissue enhanced",0.782578630437912,"Cytoplasmic bodies","Nucleoplasm",0,825,false]
["Q96DI7_Q9Y3C6","Q96DI7_Q9Y312","Janes_et_al","Q96DI7; Q9Y3C6","Q96DI7; Q9Y312","Q96DI7","SNRNP40","Q9Y3C6","PPIL1","Q9Y312","AAR2","huMAP3_08501.1; huMAP3_09504.1; huMAP3_09945.1","structurally_consistent",0.3,0,1,1,72.32,59,59,0.24,0.48,74.346,82.7980952380952,0.29,"KOG0881","KOG3937","no","Low tissue specificity","Low tissue specificity",0.136921467924061,"Nucleoli","Cytosol",0,826,false]
["P27348_Q92934","P27348_Q9P0L2","Janes_et_al","P27348; Q92934","P27348; Q9P0L2","P27348","YWHAQ","Q92934","BAD","Q9P0L2","MARK1","huMAP3_10808.1; huMAP3_12897.1; huMAP3_07596.1","mutually_exclusive",0.54,11,82,136,30.07,84.39,2465.74,0.4,0.57,92.4226086956522,83.2268965517241,0.092,"ENOG502S71H","KOG0586","no","Low tissue specificity","Low tissue specificity",0.446034564363879,"Mitochondria",null,null,827,false]
["P27448_P31947","P31947_Q9UQL6","Janes_et_al","P27448; P31947","P31947; Q9UQL6","P31947","SFN","P27448","MARK3","Q9UQL6","HDAC5","huMAP3_10808.1; huMAP3_12897.1; huMAP3_06971.1","mutually_exclusive",0.56,19,322,418,72.43,73.68,23322.46,0.38,0.27,77.8653333333333,82.4149999999999,0.146,"KOG0586","KOG1343","no","Low tissue specificity","Low tissue specificity",0.492974481395909,null,"Nuclear speckles",null,828,false]
["Q8NAA4_Q9H1Y0","Q14088_Q9H1Y0","Janes_et_al","Q8NAA4; Q9H1Y0","Q14088; Q9H1Y0","Q9H1Y0","ATG5","Q8NAA4","ATG16L2","Q14088","RAB33A","huMAP3_14274.1; huMAP3_14329.1; huMAP3_12491.1; huMAP3_10371.1","structurally_consistent",0.55,0,0,0,null,null,0,0.56,0.45,90.4041071428571,81.2493333333333,null,"KOG0288","KOG0084","no","Tissue enhanced","Tissue enhanced",-0.0684259945906892,"Nucleoplasm","Vesicles",0,829,false]
["Q05519_Q86W42","Q86W42_Q9BY77","Janes_et_al","Q05519; Q86W42","Q86W42; Q9BY77","Q86W42","THOC6","Q05519","SRSF11","Q9BY77","POLDIP3","huMAP3_09943.1","mutually_exclusive",0.25,12,111,103,78.66,67.38,6940.13999999999,0.44,0.45,88.1292857142857,83.2136842105263,null,"KOG4676","KOG0533","no","Low tissue specificity","Low tissue specificity",0.239623443514698,"Nuclear speckles","Nuclear speckles",1,830,false]
["O00217_Q8N183","O00217_O75306","Janes_et_al","O00217; Q8N183","O00217; O75306","O00217","NDUFS8","Q8N183","NDUFAF2","O75306","NDUFS2","huMAP3_09567.1; huMAP3_14878.1","mutually_exclusive",3.4,10,2,2,78.19,96.5,156.38,0.45,0.72,89.0974285714285,94.9943243243243,0.162,"ENOG502S21I","KOG2870","no","Low tissue specificity","Tissue enhanced",0.521273709883757,"Mitochondria","Mitochondria",1,831,false]
["Q07020_Q9Y399","P82930_Q9Y399","Janes_et_al","Q07020; Q9Y399","P82930; Q9Y399","Q9Y399","MRPS2","Q07020","RPL18","P82930","MRPS34","huMAP3_05807.1","structurally_consistent",1.06,0,0,0,null,null,0,0.35,0.42,78.9335714285714,92.8347368421052,0.376,"KOG1714","ENOG502QSI0","no","Low tissue specificity","Low tissue specificity",0.259174165523194,"Endoplasmic reticulum; Cytosol","Mitochondria",0,832,false]
["P67775_Q96E09","P67775_Q00005","Janes_et_al","P67775; Q96E09","P67775; Q00005","P67775","PPP2CA","Q96E09","PABIR1","Q00005","PPP2R2B","huMAP3_10333.1; huMAP3_13510.1; huMAP3_09709.1","mutually_exclusive",0.08,16,30,36,70.94,77.08,2128.2,0.58,0.27,94.8586046511628,72.37,0.098,"ENOG502QTCH","KOG1354","no","Low tissue specificity","Tissue enhanced",-0.498075366430998,"Nucleoplasm; Nuclear bodies","Cytosol",0,833,false]
["O00217_Q8N183","O95299_Q8N183","Janes_et_al","O00217; Q8N183","O95299; Q8N183","Q8N183","NDUFAF2","O00217","NDUFS8","O95299","NDUFA10","huMAP3_09567.1; huMAP3_14878.1","mutually_exclusive",2.3,17,105,134,86.36,85.04,11395.36,0.45,0.3,89.0974285714285,80.3766666666666,0.9,"KOG3256","KOG3877","no","Low tissue specificity","Tissue enhanced",0.725201432838794,"Mitochondria","Mitochondria",1,834,false]
["O75832_P43686","O75832_Q06323","Janes_et_al","O75832; P43686","O75832; Q06323","O75832","PSMD10","P43686","PSMC4","Q06323","PSME1","huMAP3_09656.1; huMAP3_13725.1","mutually_exclusive",0.24,17,131,115,80.03,84.85,10483.93,0.68,0.49,92.4773770491803,75.1225,0.638,"KOG0727","KOG4470","no","Low tissue specificity","Low tissue specificity",0.321894904825069,"Nucleoplasm; Cytosol","Cytosol",0.5,835,false]
["P00395_P00414","P00395_P13073","Janes_et_al","P00395; P00414","P00395; P13073","P00395","MT-CO1","P00414","MT-CO3","P13073","COX4I1","huMAP3_12170.1; huMAP3_10623.1; huMAP3_12457.1","structurally_consistent",0.14,0,0,0,null,null,0,0.73,0.69,97.2329365079365,91.8720689655172,0.774,"KOG4664","KOG4075","no","Tissue enhanced","Low tissue specificity",0.851465855255866,null,"Mitochondria",null,836,false]
["P02763_P80188","P02763_Q8N9F7","Janes_et_al","P02763; P80188","P02763; Q8N9F7","P02763","ORM1","P80188","LCN2","Q8N9F7","GDPD1","huMAP3_10678.1","mutually_exclusive",0.24,11,149,196,89.54,91.05,13341.46,0.44,0.33,78.1207142857142,80.7833333333333,0.096,"ENOG502T7VZ","KOG2258","no","Tissue enhanced","Tissue enhanced",-0.180978074468622,"Endoplasmic reticulum",null,null,837,false]
["O43447_Q13123","O43447_P63162","Janes_et_al","O43447; Q13123","O43447; P63162","O43447","PPIH","Q13123","IK","P63162","SNRPN","huMAP3_08980.1; huMAP3_06511.1","mutually_exclusive",0.15,11,61,67,51.89,81.56,3165.29,0.44,0.31,82.8865217391304,79.3188,null,"KOG2498","KOG3168","no","Low tissue specificity","Low tissue specificity",-0.108631179013139,"Nuclear speckles","Nucleoplasm",0,838,false]
["P37108_P82933","P82933_Q9Y399","Janes_et_al","P37108; P82933","P82933; Q9Y399","P82933","MRPS9","P37108","SRP14","Q9Y399","MRPS2","huMAP3_05807.1","structurally_consistent",0.81,0,0,0,null,null,0,0.35,0.61,82.4657142857142,93.2002083333333,0.09,"KOG1761","KOG0832","no","Low tissue specificity","Low tissue specificity",0.394604670172546,"Nucleoli","Mitochondria",0,839,false]
["Q9H9J2_Q9NVS2","Q7Z2W9_Q9H9J2","Janes_et_al","Q9H9J2; Q9NVS2","Q7Z2W9; Q9H9J2","Q9H9J2","MRPL44","Q9NVS2","MRPS18A","Q7Z2W9","MRPL21","huMAP3_07939.1; huMAP3_06550.1; huMAP3_08458.1; huMAP3_06439.1; huMAP3_09113.1; huMAP3_09483.1","structurally_consistent",0.46,0,0,0,null,null,0,0.53,0.41,82.953448275862,91.1139130434782,0.838,"KOG3162","KOG1686","no","Low tissue specificity","Low tissue specificity",0.66996005199348,null,"Nucleoplasm; Mitochondria",null,840,false]
["Q9BZE1_Q9H2W6","Q9BYC9_Q9BZE1","Janes_et_al","Q9BZE1; Q9H2W6","Q9BYC9; Q9BZE1","Q9BZE1","MRPL37","Q9H2W6","MRPL46","Q9BYC9","MRPL20","huMAP3_06439.1; huMAP3_06589.1","structurally_consistent",0.39,0,0,0,null,null,0,0.26,0.34,72.035,90.9546666666666,0.238,"KOG4548","KOG4707","no","Low tissue specificity","Low tissue specificity",0.702967926521331,"Mitochondria","Mitochondria",1,841,false]
["Q86UT8_Q9H6E5","P62318_Q9H6E5","Janes_et_al","Q86UT8; Q9H6E5","P62318; Q9H6E5","Q9H6E5","TUT1","Q86UT8","CENATAC","P62318","SNRPD3","huMAP3_08980.1; huMAP3_06511.1","structurally_consistent",2.7,0,5,4,28.37,35.18,141.85,0.39,0.36,90.14,85.1135714285714,0.146,"ENOG502QS8B","KOG3172","no","Low tissue specificity","Low tissue specificity",-0.18818603342301,"Nucleoplasm","Nucleoplasm",1,842,false]
["Q5VZM2_Q9Y2Q5","Q5VZM2_Q7L523","Janes_et_al","Q5VZM2; Q9Y2Q5","Q5VZM2; Q7L523","Q5VZM2","RRAGB","Q9Y2Q5","LAMTOR2","Q7L523","RRAGA","huMAP3_05542.1; huMAP3_14108.1; huMAP3_14708.1","mutually_exclusive",0.38,23,125,152,75.34,79.28,9417.5,0.25,0.42,77.1499999999999,79.4631034482758,0.144,"KOG4107","KOG3886","no","Low tissue specificity","Low tissue specificity",0.268287231036105,"Nucleoplasm; Vesicles","Golgi apparatus; Vesicles",0.333333333333333,843,false]
["P27348_Q9NYF3","P27348_Q5SQI0","Janes_et_al","P27348; Q9NYF3","P27348; Q5SQI0","P27348","YWHAQ","Q9NYF3","FAM53C","Q5SQI0","ATAT1","huMAP3_12897.1","mutually_exclusive",0.24,28,79,99,34.62,45.72,2734.98,0.41,0.42,88.1585714285714,75.5815384615384,0.046,"ENOG502RW5C","KOG4601","no","Tissue enhanced","Tissue enhanced",-0.0181716893761451,null,"Cytosol",null,844,false]
["P55735_Q9BW27","P55735_P58004","Janes_et_al","P55735; Q9BW27","P55735; P58004","P55735","SEC13","Q9BW27","NUP85","P58004","SESN2","huMAP3_12581.1","mutually_exclusive",0.43,40,256,214,89.06,73.91,15816.74,0.69,0.47,86.6681904761904,86.4083333333333,0.162,"KOG2271","KOG3746","no","Low tissue specificity","Low tissue specificity",0.120385689546787,"Nucleoplasm","Cytosol",0,845,false]
["P04440_P20036","P20036_Q9Y619","Janes_et_al","P04440; P20036","P20036; Q9Y619","P20036","HLA-DPA1","P04440","HLA-DPB1","Q9Y619","SLC25A15","huMAP3_06650.1; huMAP3_00587.1","mutually_exclusive",2.49,12,87,102,93.32,88.34,9010.68,0.73,0.49,95.2658823529411,87.741875,null,"ENOG502RYNI","KOG0763","no","Tissue enhanced","Tissue enhanced",-0.0443221748438932,"Cell Junctions",null,null,846,false]
["Q99081_Q9NQ33","Q96RJ6_Q99081","Janes_et_al","Q99081; Q9NQ33","Q96RJ6; Q99081","Q99081","TCF12","Q9NQ33","ASCL3","Q96RJ6","FERD3L","huMAP3_11621.1","mutually_exclusive",9.83,16,92,79,67.09,83.3,6172.28,0.44,0.6,94.0073333333333,95.07734375,null,"KOG4029","KOG4029","yes","Tissue enriched","Not detected",-0.0611492249308634,{"$nulls":3},847,false]
["Q96EX3_Q9NP97","O14576_Q9NP97","Janes_et_al","Q96EX3; Q9NP97","O14576; Q9NP97","Q9NP97","DYNLRB1","Q96EX3","DYNC2I2","O14576","DYNC1I1","huMAP3_12566.1; huMAP3_09593.1; huMAP3_15289.1; huMAP3_11519.1; huMAP3_09802.1; huMAP3_15007.1","mutually_exclusive",0.31,25,57,61,73.1,75.57,4166.7,0.44,0.59,87.4380769230769,90.7029629629629,0.06,"KOG1587","KOG1587","yes","Low tissue specificity","Tissue enhanced",-0.213417850155108,"Cytosol",null,null,848,false]
["O43747_Q63HQ0","O43747_O75843","Janes_et_al","O43747; Q63HQ0","O43747; O75843","O43747","AP1G1","Q63HQ0","AP1AR","O75843","AP1G2","huMAP3_10876.1; huMAP3_12918.1; huMAP3_10762.1; huMAP3_12394.1; huMAP3_06557.1; huMAP3_05843.1; huMAP3_13055.1; huMAP3_12376.1","structurally_consistent",3.95,0,17,46,19.29,91.7,327.93,0.64,0.57,86.3447058823529,83.4611999999999,0.06,"ENOG502QQP6","KOG1062","no","Low tissue specificity","Low tissue specificity",0.144972281983233,"Golgi apparatus",null,null,849,false]
["P49207_P78362","P78362_P84103","Janes_et_al","P49207; P78362","P78362; P84103","P78362","SRPK2","P49207","RPL34","P84103","SRSF3","huMAP3_05807.1","mutually_exclusive",1.94,18,47,73,81.18,67.78,4947.94,0.54,0.31,85.2260465116279,75.343,0.408,"KOG1790","KOG0107","no","Low tissue specificity","Low tissue specificity",0.166776800483314,"Endoplasmic reticulum; Cytosol","Nucleoplasm",0,850,false]
["P16520_P63215","P16520_P62873","Janes_et_al","P16520; P63215","P16520; P62873","P16520","GNB3","P63215","GNG3","P62873","GNB1","huMAP3_11173.1; huMAP3_12729.1; huMAP3_13380.1; huMAP3_13105.1","structurally_consistent",0.37,0,0,0,null,null,0,0.72,0.36,97.4575675675675,91.9553846153846,null,"KOG4119","KOG0286","no","Tissue enriched","Tissue enriched",0.0985653531982535,null,"Plasma membrane",null,851,false]
["P16520_P62873","P62873_P63215","Janes_et_al","P16520; P62873","P62873; P63215","P62873","GNB1","P16520","GNB3","P63215","GNG3","huMAP3_11173.1; huMAP3_12729.1; huMAP3_13380.1; huMAP3_13105.1","structurally_consistent",0.48,0,0,0,null,null,0,0.36,0.72,91.9553846153846,97.4093577981651,null,"KOG0286","KOG4119","no","Tissue enriched","Tissue enriched",-0.0084885382923087,"Plasma membrane",null,null,851,false]
["O15212_Q9NQP4","O00628_O15212","Janes_et_al","O15212; Q9NQP4","O00628; O15212","O15212","PFDN6","Q9NQP4","PFDN4","O00628","PEX7","huMAP3_14584.1","structurally_consistent",0.57,0,1,1,93,97.88,93,0.52,0.35,92.6870833333333,92.518,null,"KOG1760","KOG0277","no","Low tissue specificity","Low tissue specificity",-0.0274440124365772,null,"Nucleoplasm; Vesicles",null,852,false]
["O15442_P46019","O15442_Q9HA47","Janes_et_al","O15442; P46019","O15442; Q9HA47","O15442","MPPED1","P46019","PHKA2","Q9HA47","UCK1","huMAP3_14959.1","mutually_exclusive",0.45,10,321,245,77.21,79.86,24784.41,0.49,0.52,87.857,83.6827272727272,0.046,"KOG3635","KOG4203","no","Low tissue specificity","Low tissue specificity",0.161748276306304,"Nucleoplasm","Nucleoplasm",1,853,false]
["P12724_P13489","P03950_P13489","Janes_et_al","P12724; P13489","P03950; P13489","P13489","RNH1","P12724","RNASE3","P03950","ANG","huMAP3_13506.1; huMAP3_13360.1; huMAP3_05588.1; huMAP3_12344.1","mutually_exclusive",0.23,30,133,122,94.07,90.12,10994.64,0.72,0.71,93.7547826086956,93.3976666666666,null,"ENOG502TF52","ENOG502S9Q1","no","Tissue enriched","Tissue enriched",-0.025092344400528,null,"Nucleoli; Nucleoli rim; Mitotic chromosome",null,854,false]
["P63096_Q9NPQ8","P16520_P63096","Janes_et_al","P63096; Q9NPQ8","P16520; P63096","P63096","GNAI1","Q9NPQ8","RIC8A","P16520","GNB3","huMAP3_11173.1; huMAP3_10824.1; huMAP3_13105.1; huMAP3_12729.1; huMAP3_09788.1","mutually_exclusive",0.35,13,22,31,59.96,94.55,1319.12,0.69,0.66,87.1973255813953,89.4792727272727,0.084,"KOG4464","KOG0286","no","Low tissue specificity","Tissue enriched",-0.315836716063649,"Cytosol","Plasma membrane",0,855,false]
["Q9H840_Q9Y3F4","Q8WXD5_Q9Y3F4","Janes_et_al","Q9H840; Q9Y3F4","Q8WXD5; Q9Y3F4","Q9Y3F4","STRAP","Q9H840","GEMIN7","Q8WXD5","GEMIN6","huMAP3_08980.1; huMAP3_04549.1; huMAP3_06511.1","mutually_exclusive",0.5,10,87,107,77.76,80.86,6765.12,0.58,0.29,88.0726315789473,84.530909090909,0.756,"ENOG502S59N","ENOG502RZTW","no","Low tissue specificity","Low tissue specificity",0.0942636018393087,"Nucleoplasm; Cytosol","Nucleoplasm; Nuclear bodies",0.333333333333333,856,false]
["P61964_Q9NS73","P61964_Q9ULM3","Janes_et_al","P61964; Q9NS73","P61964; Q9ULM3","P61964","WDR5","Q9NS73","MBIP","Q9ULM3","YEATS2","huMAP3_09422.1; huMAP3_08776.1; huMAP3_10027.1","mutually_exclusive",0.31,27,150,184,58.66,68.89,8799,0.66,0.46,95.0516981132075,84.3832352941176,0.186,"ENOG502R8QG","KOG3149","no","Low tissue specificity","Low tissue specificity",0.151961014010625,"Cytosol","Nucleoplasm",0,857,false]
["Q5T653_Q9NRX2","Q5T653_Q96EH3","Janes_et_al","Q5T653; Q9NRX2","Q5T653; Q96EH3","Q5T653","MRPL2","Q9NRX2","MRPL17","Q96EH3","MALSU1","huMAP3_07939.1; huMAP3_06550.1; huMAP3_08458.1; huMAP3_06439.1; huMAP3_06589.1; huMAP3_09113.1; huMAP3_09483.1","structurally_consistent",0.25,0,0,0,null,null,0,0.24,0.24,91.9088888888889,86.015,0.956,"KOG3280","KOG3212","no","Low tissue specificity","Low tissue specificity",0.367412795135227,null,"Mitochondria",null,858,false]
["O60518_Q86VU5","Q86VU5_Q96QU8","Janes_et_al","O60518; Q86VU5","Q86VU5; Q96QU8","Q86VU5","COMTD1","O60518","RANBP6","Q96QU8","XPO6","huMAP3_10287.1; huMAP3_10202.1","mutually_exclusive",0.22,12,577,589,89.87,84.68,49876.52,0.69,0.64,83.2416,83.3687499999999,0.018,"KOG2171","KOG2020","no","Low tissue specificity","Low tissue specificity",0.1150438785199,"Vesicles","Nucleoplasm; Nucleoli",0,859,false]
["Q13547_Q9P2K3","Q13547_Q96PN7","Janes_et_al","Q13547; Q9P2K3","Q13547; Q96PN7","Q13547","HDAC1","Q9P2K3","RCOR3","Q96PN7","TRERF1","huMAP3_09232.1; huMAP3_09031.1; huMAP3_15128.1; huMAP3_08800.1; huMAP3_10311.1","mutually_exclusive",5.81,63,220,200,72.76,68.63,13726,0.71,0.66,93.2195959595959,91.4705633802816,null,"KOG1194","KOG4167","no","Low tissue specificity","Low tissue specificity",-0.0497766320660907,"Nucleoplasm","Nucleoplasm",1,860,false]
["O00231_O43242","O00231_P25786","Janes_et_al","O00231; O43242","O00231; P25786","O00231","PSMD11","O43242","PSMD3","P25786","PSMA1","huMAP3_09656.1; huMAP3_13725.1","structurally_consistent",1.39,0,3,3,37,92.11,111,0.38,0.48,84.9916666666666,78.3175,0.904,"KOG2581","KOG0863","no","Tissue enhanced","Low tissue specificity",0.513330016809908,"Nucleoplasm","Nucleoplasm",1,861,false]
["P61962_Q53LP3","P61962_Q9Y463","Janes_et_al","P61962; Q53LP3","P61962; Q9Y463","P61962","DCAF7","Q53LP3","SOWAHC","Q9Y463","DYRK1B","huMAP3_08922.1; huMAP3_11826.1; huMAP3_10225.1; huMAP3_11527.1; huMAP3_03282.1","mutually_exclusive",0.4,16,170,221,62.75,80.63,10667.5,0.58,0.63,82.0447368421052,92.9273015873016,0.042,"ENOG502QVDE","KOG0667","no","Low tissue specificity","Tissue enhanced",-0.16975430671327,"Cytosol","Nucleoplasm",0,862,false]
["Q9H7H0_Q9Y399","P82933_Q9Y399","Janes_et_al","Q9H7H0; Q9Y399","P82933; Q9Y399","Q9Y399","MRPS2","Q9H7H0","METTL17","P82933","MRPS9","huMAP3_05807.1","structurally_consistent",0.56,0,0,0,null,null,0,0.37,0.61,79.4547619047619,93.2002083333333,0.612,"KOG2539","KOG1697","no","Low tissue specificity","Low tissue specificity",0.542615551451639,"Nucleoplasm","Mitochondria",0,863,false]
["Q16531_Q9Y4B6","Q13620_Q16531","Janes_et_al","Q16531; Q9Y4B6","Q13620; Q16531","Q16531","DDB1","Q9Y4B6","DCAF1","Q13620","CUL4B","huMAP3_06808.1; huMAP3_09779.1","structurally_consistent",0.23,0,10,12,14.7,63.05,147,0.72,0.67,89.3091304347826,87.5264383561643,0.048,"KOG1832","KOG2167","no","Tissue enhanced","Low tissue specificity",0.248987386238447,"Nucleoplasm","Nucleoplasm",1,864,false]
["Q12905_Q1KMD3","Q12905_Q96SI9","Janes_et_al","Q12905; Q1KMD3","Q12905; Q96SI9","Q12905","ILF2","Q1KMD3","HNRNPUL2","Q96SI9","STRBP","huMAP3_10625.1","mutually_exclusive",0.61,16,64,122,40.97,87.98,2622.08,0.52,0.7,85.3628571428571,96.5118181818182,0.116,"KOG2242","KOG3792","no","Low tissue specificity","Low tissue specificity",-0.0530495304793454,"Nucleoplasm",null,null,865,false]
["Q5VTE6_Q99873","P98179_Q99873","Janes_et_al","Q5VTE6; Q99873","P98179; Q99873","Q99873","PRMT1","Q5VTE6","ANGEL2","P98179","RBM3","huMAP3_11026.1","mutually_exclusive",0.32,15,90,65,92.45,81.54,5300.1,0.46,0.24,84.0808333333333,78.1825,0.08,"KOG0620; KOG2338","KOG0118","no","Low tissue specificity","Low tissue specificity",-0.198128862079294,"Nucleoplasm","Nucleoplasm",1,866,false]
["P82933_Q9Y399","Q07020_Q9Y399","Janes_et_al","P82933; Q9Y399","Q07020; Q9Y399","Q9Y399","MRPS2","P82933","MRPS9","Q07020","RPL18","huMAP3_05807.1","structurally_consistent",0.38,0,13,7,86.59,70.22,491.54,0.61,0.35,93.2002083333333,78.9335714285714,0.48,"KOG1697","KOG1714","no","Low tissue specificity","Low tissue specificity",-0.0478475896142412,"Mitochondria","Endoplasmic reticulum; Cytosol",0,867,false]
["O95400_P41223","P41223_Q9P013","Janes_et_al","O95400; P41223","P41223; Q9P013","P41223","BUD31","O95400","CD2BP2","Q9P013","CWC15","huMAP3_09945.1","mutually_exclusive",0.52,25,18,28,78.42,81.83,1411.56,0.67,0.55,92.452,93.4277272727272,0.394,"KOG2950","KOG3228","no","Low tissue specificity","Low tissue specificity",-0.0815778524091223,"Nuclear speckles","Nuclear speckles",1,868,false]
["P09488_P21266","P21266_P28161","Janes_et_al","P09488; P21266","P21266; P28161","P21266","GSTM3","P09488","GSTM1","P28161","GSTM2","huMAP3_01673.1; huMAP3_14934.1","mutually_exclusive",0.05,22,218,218,98.51,98.71,21475.18,0.72,0.72,98.6046774193548,98.8150847457627,0.108,"KOG1695","KOG1695","yes","Tissue enhanced","Low tissue specificity",0.157371226516837,"Cytosol","Cytosol",1,869,false]
["P21266_P28161","P09488_P28161","Janes_et_al","P21266; P28161","P09488; P28161","P28161","GSTM2","P21266","GSTM3","P09488","GSTM1","huMAP3_01673.1; huMAP3_14934.1","mutually_exclusive",0.03,23,222,218,97.27,98.52,21593.94,0.72,0.72,98.8150847457627,98.8296551724138,0.168,"KOG1695","KOG1695","yes","Tissue enhanced","Tissue enhanced",0.102651096390131,"Cytosol","Cytosol",1,869,false]
["P41221_P56706","P09544_P56706","Janes_et_al","P41221; P56706","P09544; P56706","P56706","WNT7B","P41221","WNT5A","P09544","WNT2","huMAP3_14946.1","structurally_consistent",0.39,0,0,0,null,null,0,0.56,0.28,83.1455882352941,80.9166666666666,null,"KOG3913","KOG3913","yes","Tissue enhanced","Tissue enriched",0.207418931456494,null,"Vesicles",null,870,true]
["P09544_P41221","P09544_P56706","Janes_et_al","P09544; P41221","P09544; P56706","P09544","WNT2","P41221","WNT5A","P56706","WNT7B","huMAP3_14946.1","structurally_consistent",0.25,0,1,1,85,58,58,0.64,0.28,90.8566666666666,80.9166666666666,null,"KOG3913","KOG3913","yes","Tissue enhanced","Tissue enhanced",0.129210927548156,{"$nulls":3},870,true]
["P09544_P41221","P41221_P56706","Janes_et_al","P09544; P41221","P41221; P56706","P41221","WNT5A","P09544","WNT2","P56706","WNT7B","huMAP3_14946.1","mutually_exclusive",0.23,14,313,292,91.11,86.17,25161.64,0.64,0.56,90.8566666666666,83.1455882352941,null,"KOG3913","KOG3913","yes","Tissue enriched","Tissue enhanced",-0.0632096921826936,"Vesicles",null,null,870,true]
["Q15024_Q9Y450","Q15024_Q9Y2L1","Janes_et_al","Q15024; Q9Y450","Q15024; Q9Y2L1","Q15024","EXOSC7","Q9Y450","HBS1L","Q9Y2L1","DIS3","huMAP3_05382.1","structurally_consistent",0.57,0,1,1,35,93,35,0.33,0.41,77.7566666666666,83.9525714285714,0.12,"KOG0458","KOG2102","no","Low tissue specificity","Low tissue specificity",0.125178382478565,"Nuclear bodies; Cytosol","Nucleoplasm",0,871,false]
["P02763_P19652","P04217_P19652","Janes_et_al","P02763; P19652","P04217; P19652","P19652","ORM2","P02763","ORM1","P04217","A1BG","huMAP3_10678.1; huMAP3_09531.1; huMAP3_15040.1; huMAP3_10101.1; huMAP3_07265.1; huMAP3_08395.1; huMAP3_07432.1","mutually_exclusive",0.99,11,131,125,91.05,80.95,10118.75,0.46,0.32,88.3941379310344,74.93,0.774,"ENOG502S0Q2","ENOG502RYEX","no","Tissue enriched","Tissue enriched",0.999983216980967,"Vesicles",null,null,872,false]
["Q7Z2W9_Q9Y6G3","Q9H9J2_Q9Y6G3","Janes_et_al","Q7Z2W9; Q9Y6G3","Q9H9J2; Q9Y6G3","Q9Y6G3","MRPL42","Q7Z2W9","MRPL21","Q9H9J2","MRPL44","huMAP3_07939.1; huMAP3_06550.1; huMAP3_08458.1; huMAP3_06439.1; huMAP3_09113.1; huMAP3_09483.1","structurally_consistent",1.43,0,10,7,94.39,67.89,475.23,0.49,0.36,93.3497435897435,91.4904166666666,1,"KOG1686","KOG3769","no","Low tissue specificity","Low tissue specificity",0.52858848325385,"Nucleoplasm; Mitochondria","Mitochondria",0.5,873,false]
["P67775_Q9UL03","P67775_Q9UHV2","Janes_et_al","P67775; Q9UL03","P67775; Q9UHV2","P67775","PPP2CA","Q9UL03","INTS6","Q9UHV2","SERTAD1","huMAP3_13510.1","mutually_exclusive",0.2,16,165,116,78.66,47.54,5514.64,0.36,0.29,76.32,88.1649999999999,null,"KOG3768","ENOG502S52T","no","Low tissue specificity","Low tissue specificity",-0.0424495370093617,"Nucleoplasm","Golgi apparatus",0,874,false]
["P62714_P67775","P62714_Q13136","Janes_et_al","P62714; P67775","P62714; Q13136","P62714","PPP2CB","P67775","PPP2CA","Q13136","PPFIA1","huMAP3_07998.1; huMAP3_13510.1; huMAP3_10333.1; huMAP3_09709.1; huMAP3_06695.1","mutually_exclusive",0.17,12,209,111,93.3,79.97,8876.67,0.48,0.39,81.3833333333333,84.0477419354838,0.138,"KOG0371","KOG0249","no","Low tissue specificity","Low tissue specificity",0.286361887894565,null,"Cytosol",null,875,false]
["Q9Y5G9_Q9Y5H3","Q9Y5G4_Q9Y5G9","Janes_et_al","Q9Y5G9; Q9Y5H3","Q9Y5G4; Q9Y5G9","Q9Y5G9","PCDHGA4","Q9Y5H3","PCDHGA10","Q9Y5G4","PCDHGA9","huMAP3_14684.1; huMAP3_15174.1; huMAP3_15074.1; huMAP3_15067.1; huMAP3_13117.1; huMAP3_14780.1; huMAP3_12589.1; huMAP3_10439.1; huMAP3_14186.1; huMAP3_14639.1; huMAP3_11217.1; huMAP3_13661.1","mutually_exclusive",1.37,27,610,621,84.95,83.87,52083.27,0.66,0.66,79.4002127659574,80.0429787234042,null,"KOG3594","KOG3594","yes","Tissue enriched","Low tissue specificity",0.653686382612369,"Nucleoplasm; Plasma membrane","Vesicles; Plasma membrane",0.333333333333333,876,false]
["P07738_Q9BXK1","P07738_Q8N0Y7","Janes_et_al","P07738; Q9BXK1","P07738; Q8N0Y7","P07738","BPGM","Q9BXK1","KLF16","Q8N0Y7","PGAM4","huMAP3_11712.1; huMAP3_11905.1","structurally_consistent",0.27,0,13,34,33.15,91.65,430.95,0.34,0.68,88.4169565217391,97.8931818181818,0.084,"KOG1721","KOG0235","no","Tissue enhanced","Not detected",0.463929532501351,"Nucleoplasm","Nucleoplasm",1,877,false]
["P22004_Q9UNH7","Q13596_Q9UNH7","Janes_et_al","P22004; Q9UNH7","Q13596; Q9UNH7","Q9UNH7","SNX6","P22004","BMP6","Q13596","SNX1","huMAP3_12956.1; huMAP3_13548.1; huMAP3_13408.1; huMAP3_13808.1; huMAP3_14326.1","structurally_consistent",0.97,0,13,14,54.92,23.97,335.58,0.48,0.72,83.9806666666666,95.6363478260869,null,"KOG3900","KOG2273","no","Tissue enhanced","Low tissue specificity",0.0093704224989837,"Mitochondria","Endosomes; Lysosomes",0,878,false]
["O00231_Q99436","O00231_O00487","Janes_et_al","O00231; Q99436","O00231; O00487","O00231","PSMD11","Q99436","PSMB7","O00487","PSMD14","huMAP3_09656.1; huMAP3_13725.1","structurally_consistent",0.58,0,0,0,null,null,0,0.24,0.24,79.774,86.3562068965517,0.874,"KOG0173","KOG1555","no","Low tissue specificity","Low tissue specificity",0.722185377611455,"Nucleoplasm","Nucleoplasm",1,879,false]
["Q13084_Q8IXM3","Q13084_Q9NX20","Janes_et_al","Q13084; Q8IXM3","Q13084; Q9NX20","Q13084","MRPL28","Q8IXM3","MRPL41","Q9NX20","MRPL16","huMAP3_07939.1; huMAP3_03763.1; huMAP3_06550.1; huMAP3_08458.1; huMAP3_06439.1; huMAP3_06589.1; huMAP3_09113.1; huMAP3_09483.1","structurally_consistent",0.32,0,0,0,null,null,0,0.37,0.28,94.0739130434782,86.4266666666666,0.93,"KOG4756","KOG3422","no","Tissue enhanced","Low tissue specificity",0.527663076567778,"Mitochondria",null,null,880,false]
["P02792_Q6ZSC3","P02792_Q12774","Janes_et_al","P02792; Q6ZSC3","P02792; Q12774","P02792","FTL","Q6ZSC3","RBM43","Q12774","ARHGEF5","huMAP3_15205.1","mutually_exclusive",0.79,17,140,166,76.67,85.72,10733.8,0.69,0.32,89.8179268292682,81.4073684210526,null,"KOG4012","KOG3523","no","Low tissue specificity","Tissue enhanced",0.109740020165626,"Nucleoli","Plasma membrane; Cytosol",0,881,false]
["Q9NVR7_Q9Y5P8","P30153_Q9Y5P8","Janes_et_al","Q9NVR7; Q9Y5P8","P30153; Q9Y5P8","Q9Y5P8","PPP2R3B","Q9NVR7","TBCCD1","P30153","PPP2R1A","huMAP3_10333.1; huMAP3_13510.1; huMAP3_09709.1","structurally_consistent",1.32,0,1,1,27.62,79.75,27.62,0.65,0.65,88.0454545454545,84.0183333333333,null,"KOG4416","KOG0211","no","Low tissue specificity","Low tissue specificity",-0.464176555507431,null,"Cytosol",null,882,false]
["P63208_Q6PIJ6","P63208_Q9UKA2","Janes_et_al","P63208; Q6PIJ6","P63208; Q9UKA2","P63208","SKP1","Q6PIJ6","FBXO38","Q9UKA2","FBXL4","huMAP3_09623.1; huMAP3_14622.1","mutually_exclusive",0.53,35,356,400,91.62,93.62,32616.72,0.66,0.7,90.518028169014,94.9793243243243,0.108,"ENOG502QSUC","KOG1947","no","Low tissue specificity","Low tissue specificity",0.531038198204185,"Nucleoplasm; Plasma membrane","Nuclear speckles",0,883,false]
["P35227_Q3KNV8","Q3KNV8_Q8IY57","Janes_et_al","P35227; Q3KNV8","Q3KNV8; Q8IY57","Q3KNV8","PCGF3","P35227","PCGF2","Q8IY57","YAF2","huMAP3_10162.1; huMAP3_14051.1","structurally_consistent",4.59,0,31,13,86.49,32.97,428.61,0.58,0.49,92.0583333333333,91.2022448979591,0.106,"KOG2660","KOG4477","no","Low tissue specificity","Low tissue specificity",-0.0261201966457305,"Nucleoplasm","Nucleoplasm",1,884,false]
["O00232_O75832","O75832_P20618","Janes_et_al","O00232; O75832","O75832; P20618","O75832","PSMD10","O00232","PSMD12","P20618","PSMB1","huMAP3_09656.1; huMAP3_13725.1","mutually_exclusive",0.24,13,20,25,77.01,66.15,1653.75,0.41,0.41,83.2976470588235,75.8322222222222,0.658,"KOG1498","KOG0179","no","Low tissue specificity","Low tissue specificity",0.604132251619715,"Microtubules","Nucleoplasm",0,885,false]
["P24593_P67775","P67775_P78318","Janes_et_al","P24593; P67775","P67775; P78318","P67775","PPP2CA","P24593","IGFBP5","P78318","IGBP1","huMAP3_10333.1","mutually_exclusive",0.27,14,101,57,74.68,33.94,1934.58,0.6,0.64,82.8224999999999,89.2835593220339,0.066,"ENOG502QUPK","KOG2830","no","Tissue enhanced","Low tissue specificity",0.442529346622647,"Vesicles","Cytosol",0,886,false]
["Q04724_Q08117","P55083_Q08117","Janes_et_al","Q04724; Q08117","P55083; Q08117","Q08117","TLE5","Q04724","TLE1","P55083","MFAP4","huMAP3_14261.1","mutually_exclusive",3.85,24,214,201,86.19,96.49,18444.66,0.58,0.29,87.3558474576271,79.08,0.076,"KOG0639","KOG2579","no","Low tissue specificity","Low tissue specificity",0.0140885036494122,"Nucleoplasm","Endoplasmic reticulum",0,887,false]
["Q96MD7_Q9NXR7","Q15018_Q9NXR7","Janes_et_al","Q96MD7; Q9NXR7","Q15018; Q9NXR7","Q9NXR7","BABAM2","Q96MD7","C9orf85","Q15018","ABRAXAS2","huMAP3_14749.1; huMAP3_02592.1; huMAP3_10482.1; huMAP3_08508.1; huMAP3_01447.1","structurally_consistent",1.93,0,11,21,28.02,87.59,308.22,0.34,0.65,79.96375,93.8106451612903,0.194,"KOG3241","ENOG502QTRN","no","Low tissue specificity","Low tissue specificity",0.250630852557634,"Golgi apparatus","Cytosol",0,888,false]
["P48553_Q86SZ2","Q86SZ2_Q8IUR0","Janes_et_al","P48553; Q86SZ2","Q86SZ2; Q8IUR0","Q86SZ2","TRAPPC6B","P48553","TRAPPC10","Q8IUR0","TRAPPC5","huMAP3_04127.1; huMAP3_07907.1; huMAP3_12177.1","mutually_exclusive",0.4,10,8,4,86.93,57.25,229,0.43,0.49,83.6343749999999,83.9780851063829,0.142,"KOG1931","KOG3315","no","Low tissue specificity","Low tissue specificity",-0.367061672810826,null,"Vesicles",null,889,false]
["O15318_Q9NW08","P19387_Q9NW08","Janes_et_al","O15318; Q9NW08","P19387; Q9NW08","Q9NW08","POLR3B","O15318","POLR3G","P19387","POLR2C","huMAP3_11092.1; huMAP3_14318.1","structurally_consistent",1.03,0,0,0,null,null,0,0.53,0.71,84.2327272727272,92.6582716049382,0.156,"ENOG502RY1A","KOG1522","no","Low tissue specificity","Low tissue specificity",-0.194593643085966,"Nucleoplasm","Nucleoplasm",1,890,false]
["P61601_Q86UW9","P62166_Q86UW9","Janes_et_al","P61601; Q86UW9","P62166; Q86UW9","Q86UW9","DTX2","P61601","NCALD","P62166","NCS1","huMAP3_10579.1","mutually_exclusive",0.27,29,373,383,73.59,76.24,27449.07,0.37,0.42,82.3244827586206,83.5614285714285,0.088,"KOG0044","KOG0044","yes","Tissue enhanced","Tissue enhanced",0.517599789991957,null,"Plasma membrane",null,891,false]
["P10606_P22695","P22695_P47985","Janes_et_al","P10606; P22695","P22695; P47985","P22695","UQCRC2","P10606","COX5B","P47985","UQCRFS1","huMAP3_12621.1; huMAP3_12457.1","mutually_exclusive",0.15,27,40,44,57.03,46.05,2026.2,0.57,0.64,91.7113793103448,89.133488372093,0.686,"KOG3352","KOG1671","no","Tissue enhanced","Tissue enhanced",0.76784991604115,"Mitochondria","Mitochondria",1,892,false]
["P61964_Q15291","O15047_P61964","Janes_et_al","P61964; Q15291","O15047; P61964","P61964","WDR5","Q15291","RBBP5","O15047","SETD1A","huMAP3_09422.1; huMAP3_10027.1; huMAP3_09051.1; huMAP3_10650.1; huMAP3_11602.1; huMAP3_08776.1","mutually_exclusive",0.25,13,34,43,31.25,79.79,1062.5,0.71,0.57,89.7146969696969,88.2842222222222,0.208,"KOG1273","KOG1080","no","Low tissue specificity","Low tissue specificity",0.276772177535578,"Nucleoplasm; Nucleoli","Nuclear speckles",0,893,false]
["Q9BYC8_Q9H0U6","Q9BYC8_Q9NX20","Janes_et_al","Q9BYC8; Q9H0U6","Q9BYC8; Q9NX20","Q9BYC8","MRPL32","Q9H0U6","MRPL18","Q9NX20","MRPL16","huMAP3_07939.1; huMAP3_06550.1; huMAP3_08458.1; huMAP3_06439.1; huMAP3_06589.1; huMAP3_09113.1; huMAP3_09483.1","structurally_consistent",4.67,0,0,0,null,null,0,0.24,0.3,77.6266666666666,91.2488888888888,0.874,"KOG3333","KOG3422","no","Low tissue specificity","Low tissue specificity",0.625682886628361,{"$nulls":3},894,false]
["Q53F19_Q96J01","Q96A72_Q96J01","Janes_et_al","Q53F19; Q96J01","Q96A72; Q96J01","Q96J01","THOC3","Q53F19","NCBP3","Q96A72","MAGOHB","huMAP3_10789.1","mutually_exclusive",0.16,19,77,105,58.29,79.58,4488.33,0.56,0.48,76.4788888888888,78.0811111111111,0.37,"ENOG502QRX4","KOG3392","no","Low tissue specificity","Low tissue specificity",-0.155639091179025,"Nuclear speckles",null,null,895,false]
["O15400_O95183","O15400_P53801","Janes_et_al","O15400; O95183","O15400; P53801","O15400","STX7","O95183","VAMP5","P53801","PTTG1IP","huMAP3_10587.1; huMAP3_06458.1; huMAP3_13160.1; huMAP3_08929.1","mutually_exclusive",2.64,27,23,44,71.19,77.98,1637.37,0.57,0.3,82.013492063492,78.8482352941176,0.052,"KOG0860","ENOG502RYM1","no","Low tissue specificity","Low tissue specificity",0.209304810944716,"Nucleoplasm; Plasma membrane","Nucleoplasm",0.5,896,false]
["O14949_P47985","P22695_P47985","Janes_et_al","O14949; P47985","P22695; P47985","P47985","UQCRFS1","O14949","UQCRQ","P22695","UQCRC2","huMAP3_12621.1; huMAP3_10623.1; huMAP3_12457.1","structurally_consistent",3.36,0,0,0,null,null,0,0.25,0.64,88.6682758620689,89.133488372093,0.96,"KOG4116","KOG2583","no","Tissue enhanced","Tissue enhanced",0.727683288840532,"Mitochondria","Mitochondria",1,897,false]
["P23786_P43155","P43155_Q8IXQ9","Janes_et_al","P23786; P43155","P43155; Q8IXQ9","P43155","CRAT","P23786","CPT2","Q8IXQ9","ETFBKMT","huMAP3_13468.1","structurally_consistent",0.16,0,0,0,null,null,0,0.59,0.46,78.3999999999999,75.6962499999999,null,"KOG3719","ENOG502QUSY","no","Tissue enhanced","Low tissue specificity",0.626890391360295,"Nucleoplasm; Mitochondria",null,null,898,false]
["P62136_Q9ULJ8","P62136_Q9H788","Janes_et_al","P62136; Q9ULJ8","P62136; Q9H788","P62136","PPP1CA","Q9ULJ8","PPP1R9A","Q9H788","SH2D4A","huMAP3_14504.1","mutually_exclusive",0.13,29,47,63,71.96,77.07,3382.12,0.71,0.66,94.1191011235955,87.8466666666666,0.058,"KOG1945","ENOG502QVV5","no","Low tissue specificity","Low tissue specificity",-0.10483209365982,"Plasma membrane","Cytosol",0,899,false]
["Q96E40_Q9BVA1","Q9BTW9_Q9BVA1","Janes_et_al","Q96E40; Q9BVA1","Q9BTW9; Q9BVA1","Q9BVA1","TUBB2B","Q96E40","SPACA9","Q9BTW9","TBCD","huMAP3_14311.1","structurally_consistent",0.81,0,0,0,null,null,0,0.44,0.33,84.765,74.5308333333333,null,"ENOG502QQV9","KOG1943","no","Group enriched","Low tissue specificity",-0.0221383904499116,"Mitochondria",null,null,900,false]
["Q9BYC8_Q9NP92","Q9NP92_Q9NRX2","Janes_et_al","Q9BYC8; Q9NP92","Q9NP92; Q9NRX2","Q9NP92","MRPS30","Q9BYC8","MRPL32","Q9NRX2","MRPL17","huMAP3_07939.1; huMAP3_06550.1; huMAP3_08458.1; huMAP3_06439.1; huMAP3_06589.1; huMAP3_09113.1; huMAP3_09483.1","structurally_consistent",0.66,0,0,0,null,null,0,0.4,0.24,91.2566666666666,87.9321739130434,0.944,"KOG4080","KOG3280","no","Low tissue specificity","Low tissue specificity",0.300812827018762,{"$nulls":3},901,false]
["O94906_Q96DI7","O43290_O94906","Janes_et_al","O94906; Q96DI7","O43290; O94906","O94906","PRPF6","Q96DI7","SNRNP40","O43290","SART1","huMAP3_08980.1","structurally_consistent",1.75,0,0,0,null,null,0,0.47,0.56,82.6942857142857,85.3927272727272,0.852,"KOG0265","KOG2217","no","Low tissue specificity","Low tissue specificity",0.049741319248603,"Nuclear speckles","Nuclear speckles",1,902,false]
["Q8WW35_Q96FJ2","P51808_Q8WW35","Janes_et_al","Q8WW35; Q96FJ2","P51808; Q8WW35","Q8WW35","DYNLT2B","Q96FJ2","DYNLL2","P51808","DYNLT3","huMAP3_15289.1; huMAP3_12566.1","mutually_exclusive",1.61,15,61,77,88.19,95.13,5379.59,0.42,0.69,89.1835483870967,94.3035714285714,0.108,"KOG3430","KOG4081","no","Low tissue specificity","Low tissue specificity",0.305841187339071,"Nucleoplasm; Cytosol",null,null,903,false]
["Q6P1J9_Q6PD62","O00295_Q6PD62","Janes_et_al","Q6P1J9; Q6PD62","O00295; Q6PD62","Q6PD62","CTR9","Q6P1J9","CDC73","O00295","TULP2","huMAP3_12111.1","mutually_exclusive",4.07,28,102,78,69.9,31.37,2446.86,0.72,0.57,87.8022916666666,81.6575,null,"KOG3786","KOG2502","no","Low tissue specificity","Tissue enriched",-0.150374547926392,"Nucleoplasm","Cytosol",0,904,false]
["O14508_Q15369","Q12829_Q15369","Janes_et_al","O14508; Q15369","Q12829; Q15369","Q15369","ELOC","O14508","SOCS2","Q12829","RAB40B","huMAP3_08919.1; huMAP3_13601.1; huMAP3_09980.1","mutually_exclusive",0.3,16,144,151,89.93,82.8,12502.8,0.65,0.44,96.71125,92.0680555555555,null,"KOG4566","KOG0078","no","Low tissue specificity","Tissue enhanced",-0.350830045055209,"Endoplasmic reticulum","Vesicles",0,905,false]
["O43924_Q03252","O43924_O95164","Janes_et_al","O43924; Q03252","O43924; O95164","O43924","PDE6D","Q03252","LMNB2","O95164","UBL3","huMAP3_09259.1; huMAP3_10492.1; huMAP3_10614.1","mutually_exclusive",0.29,27,80,96,56.2,74.41,4496,0.4,0.54,84.195,86.7986363636363,0.14,"KOG0977","ENOG502RYGN","no","Low tissue specificity","Low tissue specificity",-0.129912651220505,"Nuclear membrane","Centrosome",0,906,false]
["Q9H1D9_Q9NW08","P53803_Q9NW08","Janes_et_al","Q9H1D9; Q9NW08","P53803; Q9NW08","Q9NW08","POLR3B","Q9H1D9","POLR3F","P53803","POLR2K","huMAP3_09057.1; huMAP3_14318.1; huMAP3_08487.1; huMAP3_11092.1; huMAP3_06426.1","structurally_consistent",0.91,0,0,0,null,null,0,0.4,0.66,85.7016666666666,89.3328787878787,0.326,"KOG3233","KOG3507","no","Low tissue specificity","Low tissue specificity",0.0663201557406692,"Nucleoplasm","Nucleoli fibrillar center",0,907,false]
["P01568_P05014","P01562_P05014","Janes_et_al","P01568; P05014","P01562; P05014","P05014","IFNA4","P01568","IFNA21","P01562","IFNA1","huMAP3_11921.1; huMAP3_10459.1","mutually_exclusive",0.43,13,112,106,84.65,84.68,9480.8,0.34,0.31,81.2340625,84.8823076923076,null,"ENOG502SQAC","ENOG502SQAC","yes","Not detected","Not detected",0.655332420160075,{"$nulls":3},908,true]
["P01562_P01568","P01562_P05014","Janes_et_al","P01562; P01568","P01562; P05014","P01562","IFNA1","P01568","IFNA21","P05014","IFNA4","huMAP3_11921.1; huMAP3_10459.1","structurally_consistent",0.21,0,0,0,null,null,0,0.32,0.31,84.0309999999999,84.8823076923076,null,"ENOG502SQAC","ENOG502SQAC","yes","Not detected","Not detected",{"$nulls":4},908,true]
["O95707_P78346","O95059_P78346","Janes_et_al","O95707; P78346","O95059; P78346","P78346","RPP30","O95707","POP4","O95059","RPP14","huMAP3_08469.1; huMAP3_06709.1; huMAP3_08418.1; huMAP3_12090.1","structurally_consistent",0.53,0,0,0,null,null,0,0.59,0.6,91.2391111111111,97.190487804878,0.31,"KOG4046","ENOG502S10S","no","Low tissue specificity","Tissue enhanced",0.179342590286641,"Nucleoplasm; Nucleoli","Nucleoplasm; Cytosol",0.333333333333333,909,false]
["P0CB38_Q92615","P0CB38_Q9H074","Janes_et_al","P0CB38; Q92615","P0CB38; Q9H074","P0CB38","PABPC4L","Q92615","LARP4B","Q9H074","PAIP1","huMAP3_10114.1; huMAP3_10625.1","mutually_exclusive",2.43,15,38,54,41.71,58.37,1584.98,0.51,0.3,89.913488372093,80.575,0.086,"KOG2591","KOG0401","no","Low tissue specificity","Low tissue specificity",0.479911268545156,"Cytosol","Plasma membrane; Cytosol",0.5,910,false]
["P61326_Q86U42","P61326_P82979","Janes_et_al","P61326; Q86U42","P61326; P82979","P61326","MAGOH","Q86U42","PABPN1","P82979","SARNP","huMAP3_10789.1; huMAP3_09943.1","mutually_exclusive",0.28,11,31,28,72.42,52.18,1461.04,0.6,0.4,90.808,89.03875,0.5,"KOG4209","KOG0720; KOG4259","no","Low tissue specificity","Low tissue specificity",-1.521318492749E-3,"Nucleoplasm","Nuclear speckles",0,911,false]
["Q9BSJ2_Q9NRH3","Q96RT7_Q9NRH3","Janes_et_al","Q9BSJ2; Q9NRH3","Q96RT7; Q9NRH3","Q9NRH3","TUBG2","Q9BSJ2","TUBGCP2","Q96RT7","TUBGCP6","huMAP3_09443.1; huMAP3_14882.1","mutually_exclusive",0.2,46,569,560,86.95,85.07,47639.2,0.71,0.71,87.834,89.1770434782608,0.156,"KOG2001","KOG2000","no","Low tissue specificity","Low tissue specificity",0.0482238241657171,"Nucleoplasm; Centrosome",null,null,912,false]
["P61218_Q9GZS3","Q8N7H5_Q9GZS3","Janes_et_al","P61218; Q9GZS3","Q8N7H5; Q9GZS3","Q9GZS3","SKIC8","P61218","POLR2F","Q8N7H5","PAF1","huMAP3_11092.1","mutually_exclusive",0.15,12,104,110,61.63,77.5,6409.52,0.34,0.46,78.735,75.6030769230769,0.858,"KOG3405","KOG2478","no","Low tissue specificity","Low tissue specificity",0.692705271021335,"Nucleoplasm; Nucleoli fibrillar center","Nucleoplasm",0.5,913,false]
["P61326_Q8WXF0","P61326_Q13247","Janes_et_al","P61326; Q8WXF0","P61326; Q13247","P61326","MAGOH","Q8WXF0","SRSF12","Q13247","SRSF6","huMAP3_09621.1","mutually_exclusive",0.13,14,100,92,69.73,73.86,6973,0.45,0.62,90.4303225806451,85.2569354838709,0.538,"KOG0118","KOG0106","no","Tissue enhanced","Low tissue specificity",-0.268434602947466,null,"Nuclear speckles",null,914,false]
["P61764_P63027","P63027_Q12981","Janes_et_al","P61764; P63027","P63027; Q12981","P63027","VAMP2","P61764","STXBP1","Q12981","BNIP1","huMAP3_13160.1","mutually_exclusive",8.71,10,100,85,84.4,71.96,6116.59999999999,0.43,0.3,81.6370588235294,75.4761538461538,0.058,"KOG1300","ENOG502QUTT","no","Tissue enhanced","Low tissue specificity",-0.0746379431415793,"Nucleoplasm; Cytosol","Endoplasmic reticulum",0,915,false]
["P15173_P15884","P15884_Q7RTU0","Janes_et_al","P15173; P15884","P15884; Q7RTU0","P15884","TCF4","P15173","MYOG","Q7RTU0","TCF24","huMAP3_11621.1","mutually_exclusive",0.78,21,99,107,76.59,79.33,7582.41,0.51,0.48,95.2772549019607,94.72,null,"KOG3960","KOG4029","no","Group enriched","Tissue enhanced",0.0716855409295659,"Nucleoplasm",null,null,916,false]
["P53611_Q8N414","P53611_P61026","Janes_et_al","P53611; Q8N414","P53611; P61026","P53611","RABGGTB","Q8N414","PGBD5","P61026","RAB10","huMAP3_11860.1","mutually_exclusive",0.19,19,215,170,73.73,79.65,15851.95,0.41,0.39,82.6542857142857,74.85,null,"ENOG502QT9F","KOG0078","no","Tissue enhanced","Low tissue specificity",-0.112965880861989,"Nucleoplasm",null,null,917,false]
["Q8IXQ9_Q9NVH6","Q9BYZ2_Q9NVH6","Janes_et_al","Q8IXQ9; Q9NVH6","Q9BYZ2; Q9NVH6","Q9NVH6","TMLHE","Q8IXQ9","ETFBKMT","Q9BYZ2","LDHAL6B","huMAP3_13468.1","structurally_consistent",0.47,0,0,0,null,null,0,0.29,0.25,91.455,84.5453333333333,null,"ENOG502QUSY","KOG1495","no","Low tissue specificity","Tissue enriched",0.0487613728203284,null,"Cytosol",null,918,false]
["P11802_Q13309","P11802_P46527","Janes_et_al","P11802; Q13309","P11802; P46527","P11802","CDK4","Q13309","SKP2","P46527","CDKN1B","huMAP3_14722.1; huMAP3_10449.1","mutually_exclusive",0.71,20,76,52,68.03,63.15,3283.8,0.33,0.47,74.63,85.2719047619047,0.174,"KOG2120","KOG4743","no","Tissue enhanced","Low tissue specificity",0.101086490393991,"Nucleoplasm; Cytosol","Nucleoplasm",0.5,919,false]
["Q12834_Q9UM13","Q9H1A4_Q9UM13","Janes_et_al","Q12834; Q9UM13","Q9H1A4; Q9UM13","Q9UM13","ANAPC10","Q12834","CDC20","Q9H1A4","ANAPC1","huMAP3_12747.1; huMAP3_03388.1","structurally_consistent",0.41,0,4,4,15.99,38.16,63.96,0.45,0.39,84.3917857142857,78.9168181818181,0.206339622641509,"KOG0305","KOG1858","no","Tissue enhanced","Low tissue specificity",0.610358624075951,"Nucleoplasm; Cytosol","Vesicles",0,920,false]
["P61201_Q13618","Q13618_Q7Z5Y7","Janes_et_al","P61201; Q13618","Q13618; Q7Z5Y7","Q13618","CUL3","P61201","COPS2","Q7Z5Y7","KCTD20","huMAP3_08550.1; huMAP3_14528.1; huMAP3_09779.1","structurally_consistent",1.22,0,0,0,null,null,0,0.68,0.66,84.0456578947368,88.8474,0.132,"KOG1464","KOG3840","no","Low tissue specificity","Low tissue specificity",0.318187781388652,"Vesicles","Endoplasmic reticulum",0,921,false]
["Q9BRS8_Q9Y3F4","Q9H840_Q9Y3F4","Janes_et_al","Q9BRS8; Q9Y3F4","Q9H840; Q9Y3F4","Q9Y3F4","STRAP","Q9BRS8","LARP6","Q9H840","GEMIN7","huMAP3_15264.1","mutually_exclusive",0.26,29,80,74,74.78,80.72,5982.4,0.41,0.58,90.1145454545454,88.0726315789473,0.06,"KOG1855","ENOG502S59N","no","Tissue enhanced","Low tissue specificity",-0.301273378724398,"Microtubules","Nucleoplasm; Cytosol",0,922,false]
["O00231_P20618","O00231_Q15008","Janes_et_al","O00231; P20618","O00231; Q15008","O00231","PSMD11","P20618","PSMB1","Q15008","PSMD6","huMAP3_09656.1; huMAP3_13725.1","structurally_consistent",1.14,0,0,0,null,null,0,0.33,0.66,76.8225,88.3095522388059,0.902,"KOG0179","KOG0687","no","Low tissue specificity","Tissue enhanced",0.334886276993402,"Nucleoplasm",null,null,923,false]
["P68371_Q13509","Q13509_Q9HC35","Janes_et_al","P68371; Q13509","Q13509; Q9HC35","Q13509","TUBB3","P68371","TUBB4B","Q9HC35","EML4","huMAP3_10475.1; huMAP3_09233.1","mutually_exclusive",0.11,12,302,364,92.78,94.74,28019.56,0.64,0.6,87.7740384615384,85.0911627906976,0.216,"KOG1375","KOG2106","no","Low tissue specificity","Low tissue specificity",-0.0997367774030775,"Microtubules","Microtubules",1,924,false]
["P01009_P02765","O43240_P01009","Janes_et_al","P01009; P02765","O43240; P01009","P01009","SERPINA1","P02765","AHSG","O43240","KLK10","huMAP3_10678.1; huMAP3_09434.1","mutually_exclusive",0.2,16,178,182,76.27,83.16,13576.06,0.27,0.33,80.5916666666666,83.0885,null,"ENOG502RYRI","KOG3627","no","Tissue enriched","Tissue enhanced",-0.0415814567855067,"Golgi apparatus",null,null,925,false]
["Q13330_Q16576","Q16576_Q8TDI0","Janes_et_al","Q13330; Q16576","Q16576; Q8TDI0","Q16576","RBBP7","Q13330","MTA1","Q8TDI0","CHD5","huMAP3_09499.1; huMAP3_15128.1; huMAP3_10472.1","mutually_exclusive",0.26,34,325,284,71.66,45.31,12868.04,0.64,0.25,87.4583505154639,85.3857142857142,0.158,"KOG3554","KOG0383","no","Low tissue specificity","Group enriched",0.393472433089182,"Nucleoplasm","Nucleoplasm; Nuclear speckles",0.5,926,false]
["O14513_Q92845","O15066_Q92845","Janes_et_al","O14513; Q92845","O15066; Q92845","Q92845","KIFAP3","O14513","NCKAP5","O15066","KIF3B","huMAP3_09585.1; huMAP3_10422.1; huMAP3_13393.1; huMAP3_02461.1; huMAP3_12337.1","mutually_exclusive",1.74,62,114,185,31.2,80.8,3556.8,0.45,0.71,82.024,87.5595061728395,null,"ENOG502QWN7","KOG4280","no","Tissue enhanced","Low tissue specificity",0.186423556759613,"Nucleoli","Plasma membrane; Actin filaments",0,927,false]
["O60299_P61962","P61962_Q9NYF3","Janes_et_al","O60299; P61962","P61962; Q9NYF3","P61962","DCAF7","O60299","LZTS3","Q9NYF3","FAM53C","huMAP3_11826.1; huMAP3_11527.1","mutually_exclusive",0.16,24,67,66,40.55,47.69,2716.85,0.24,0.63,88.1704545454545,90.8707407407407,null,"ENOG502QWFS","ENOG502RW5C","no","Tissue enhanced","Tissue enhanced",0.0684116352241327,"Vesicles",null,null,928,false]
["P47755_Q8N3F8","P47755_P52907","Janes_et_al","P47755; Q8N3F8","P47755; P52907","P47755","CAPZA2","Q8N3F8","MICALL1","P52907","CAPZA1","huMAP3_12900.1","mutually_exclusive",0.37,10,88,101,79.52,84.01,6997.75999999999,0.59,0.7,88.0984615384615,85.8383193277311,0.292,"ENOG502QWQX","KOG0836","no","Low tissue specificity","Low tissue specificity",0.0899459919836305,"Cell Junctions; Centriolar satellite; Cytosol",null,null,929,false]
["P19387_Q9GZS3","P19387_Q9H9Y6","Janes_et_al","P19387; Q9GZS3","P19387; Q9H9Y6","P19387","POLR2C","Q9GZS3","SKIC8","Q9H9Y6","POLR1B","huMAP3_11092.1","structurally_consistent",0.4,0,0,0,null,null,0,0.34,0.71,81.6827272727272,93.433375,0.092,"KOG4155","KOG0216","no","Low tissue specificity","Low tissue specificity",0.174306089167925,"Nucleoplasm; Cytosol","Nucleoli fibrillar center",0,930,false]
["P27348_Q12778","P27348_Q6UUV9","Janes_et_al","P27348; Q12778","P27348; Q6UUV9","P27348","YWHAQ","Q12778","FOXO1","Q6UUV9","CRTC1","huMAP3_12897.1; huMAP3_06971.1; huMAP3_10808.1; huMAP3_09810.1; huMAP3_07838.1","mutually_exclusive",0.27,36,102,90,26.67,37.69,2720.34,0.35,0.41,86.0835714285714,83.25375,0.092,"KOG2294","ENOG502QU41","no","Tissue enhanced","Tissue enhanced",-0.176942178026078,"Nucleoplasm; Cytosol","Nucleoplasm; Nuclear bodies",0.333333333333333,931,false]
["P42677_Q3ZCM7","P36404_Q3ZCM7","Janes_et_al","P42677; Q3ZCM7","P36404; Q3ZCM7","Q3ZCM7","TUBB8","P42677","RPS27","P36404","ARL2","huMAP3_10475.1; huMAP3_10665.1; huMAP3_09233.1; huMAP3_09603.1; huMAP3_08179.1","structurally_consistent",0.3,0,4,5,89.51,93.53,358.04,0.27,0.41,94.705,87.2726086956521,0.144,"KOG1779","KOG0073","no","Low tissue specificity","Low tissue specificity",-0.116346505791602,"Endoplasmic reticulum; Cytosol","Nucleoplasm",0,932,false]
["Q13547_Q9UK53","Q13547_Q9HCU9","Janes_et_al","Q13547; Q9UK53","Q13547; Q9HCU9","Q13547","HDAC1","Q9UK53","ING1","Q9HCU9","BRMS1","huMAP3_15128.1; huMAP3_08800.1; huMAP3_09031.1","structurally_consistent",0.23,0,13,24,36.46,69.35,473.98,0.55,0.57,89.5696153846153,94.3021212121212,0.112,"KOG1973","KOG4466","no","Low tissue specificity","Low tissue specificity",0.35391408337133,"Nucleoplasm","Centrosome",0,933,false]
["P18754_P62826","A6NFY4_P62826","Janes_et_al","P18754; P62826","A6NFY4; P62826","P62826","RAN","P18754","RCC1","A6NFY4","NEMP2","huMAP3_12581.1","mutually_exclusive",0.46,11,35,25,92.71,77.84,1946,0.7,0.65,91.8788888888889,93.1457142857142,null,"KOG1426","KOG3817","no","Low tissue specificity","Low tissue specificity",0.632973831171882,"Nucleoplasm","Nucleoplasm",1,934,false]
["P62306_Q9H840","P62306_Q969L4","Janes_et_al","P62306; Q9H840","P62306; Q969L4","P62306","SNRPF","Q9H840","GEMIN7","Q969L4","LSM10","huMAP3_08980.1; huMAP3_04549.1; huMAP3_06511.1","mutually_exclusive",0.41,14,76,87,79.12,94.02,6013.12,0.26,0.6,78.7603333333333,93.3606976744186,0.246,"ENOG502S59N","KOG3428","no","Low tissue specificity","Low tissue specificity",0.440997346354733,"Nucleoplasm; Cytosol","Nucleoplasm",0.5,935,false]
["Q8NFH3_Q96EE3","P58004_Q96EE3","Janes_et_al","Q8NFH3; Q96EE3","P58004; Q96EE3","Q96EE3","SEH1L","Q8NFH3","NUP43","P58004","SESN2","huMAP3_12581.1","structurally_consistent",0.4,0,0,0,null,null,0,0.43,0.4,76.7823076923076,80.8596666666666,0.126,"KOG4714","KOG3746","no","Low tissue specificity","Low tissue specificity",-0.162767567112554,"Nucleoplasm; Nuclear speckles","Cytosol",0,936,false]
["P15289_P15848","P15848_Q13217","Janes_et_al","P15289; P15848","P15848; Q13217","P15848","ARSB","P15289","ARSA","Q13217","DNAJC3","huMAP3_09327.1","structurally_consistent",0.05,0,0,0,null,null,0,0.51,0.58,82.63,80.8573076923076,0.158925925925926,"KOG3867","KOG0624","no","Low tissue specificity","Low tissue specificity",0.28435928893353,"Golgi apparatus","Endoplasmic reticulum",0,937,false]
["P15848_Q13217","P15289_Q13217","Janes_et_al","P15848; Q13217","P15289; Q13217","Q13217","DNAJC3","P15848","ARSB","P15289","ARSA","huMAP3_09327.1","structurally_consistent",1.2,0,0,0,null,null,0,0.58,0.6,80.8573076923076,89.2347826086956,0.072,"KOG3867","KOG3867","yes","Low tissue specificity","Low tissue specificity",-0.107930399372316,"Golgi apparatus","Golgi apparatus",1,937,false]
["Q86SE9_Q8WXX7","P78364_Q86SE9","Janes_et_al","Q86SE9; Q8WXX7","P78364; Q86SE9","Q86SE9","PCGF5","Q8WXX7","AUTS2","P78364","PHC1","huMAP3_10162.1; huMAP3_14051.1","mutually_exclusive",9.95,14,85,89,30.76,38.94,2614.6,0.28,0.36,88.0926829268292,85.6164444444444,0.13,"ENOG502QSH4","ENOG502QUTP","no","Tissue enhanced","Low tissue specificity",-0.0566311627755674,"Nucleoplasm","Nucleoplasm",1,938,false]
["Q13330_Q16576","P85037_Q16576","Janes_et_al","Q13330; Q16576","P85037; Q16576","Q16576","RBBP7","Q13330","MTA1","P85037","FOXK1","huMAP3_15128.1","mutually_exclusive",0.35,10,168,136,69.06,31.46,4278.56,0.64,0.28,87.4583505154639,86.4071428571428,0.104,"KOG3554","KOG2294","no","Low tissue specificity","Low tissue specificity",0.667823012461649,"Nucleoplasm","Nucleoplasm",1,939,false]
["P27449_Q13488","P27449_Q3ZAQ7","Janes_et_al","P27449; Q13488","P27449; Q3ZAQ7","P27449","ATP6V0C","Q13488","TCIRG1","Q3ZAQ7","VMA21","huMAP3_05805.1; huMAP3_13872.1; huMAP3_10516.1; huMAP3_08182.1; huMAP3_12042.1; huMAP3_10511.1","mutually_exclusive",0.25,18,119,89,87.09,63.04,5610.56,0.63,0.43,86.0923636363636,83.0029411764705,0.028,"KOG2189","KOG4783","no","Tissue enhanced","Low tissue specificity",-0.190759044910272,"Mitochondria",null,null,940,false]
["Q99627_Q9BQ90","Q15843_Q9BQ90","Janes_et_al","Q99627; Q9BQ90","Q15843; Q9BQ90","Q9BQ90","KLHDC3","Q99627","COPS8","Q15843","NEDD8","huMAP3_05041.1; huMAP3_05816.1; huMAP3_14528.1; huMAP3_09779.1; huMAP3_08550.1","structurally_consistent",0.14,0,0,0,null,null,0,0.37,0.37,86.6463636363636,91.8911111111111,0.21,"KOG4414","KOG0005","no","Low tissue specificity","Low tissue specificity",0.540371510692797,"Nucleoplasm","Nucleoplasm",1,941,false]
["P41221_Q9UBV4","P41221_P56706","Janes_et_al","P41221; Q9UBV4","P41221; P56706","P41221","WNT5A","Q9UBV4","WNT16","P56706","WNT7B","huMAP3_14946.1","mutually_exclusive",0.18,13,320,305,87.81,85.68,26132.4,0.67,0.56,93.8218918918919,83.1455882352941,null,"KOG3913","KOG3913","yes","Group enriched","Tissue enhanced",0.600568775697848,{"$nulls":3},946,false]
["O95147_Q6MZM0","O95147_Q8NCS4","Janes_et_al","O95147; Q6MZM0","O95147; Q8NCS4","O95147","DUSP14","Q6MZM0","HEPHL1","Q8NCS4","TMEM35B","huMAP3_12974.1","mutually_exclusive",0.31,20,214,139,92.5,90.46,12573.94,0.67,0.52,88.7606122448979,88.91275,null,"KOG1263","ENOG502RXPR","no","Group enriched","Low tissue specificity",-0.064056920037796,null,"Nucleoplasm; Nucleoli",null,949,false]
["Q86SE9_Q8IY57","Q86SE9_Q8WXX7","Janes_et_al","Q86SE9; Q8IY57","Q86SE9; Q8WXX7","Q86SE9","PCGF5","Q8IY57","YAF2","Q8WXX7","AUTS2","huMAP3_10162.1; huMAP3_14051.1","mutually_exclusive",8.92,14,43,42,62.56,54.43,2286.06,0.44,0.28,91.0823076923077,88.0926829268292,0.122,"KOG4477","ENOG502QSH4","no","Low tissue specificity","Tissue enhanced",-0.0465599844772788,"Nucleoplasm","Nucleoplasm",1,958,false]
["O75832_P43686","O75832_P28062","Janes_et_al","O75832; P43686","O75832; P28062","O75832","PSMD10","P43686","PSMC4","P28062","PSMB8","huMAP3_09656.1","mutually_exclusive",0.16,25,122,126,86.16,63.09,7949.34,0.68,0.5,92.4773770491803,87.9825,0.486,"KOG0727","KOG0175","no","Low tissue specificity","Low tissue specificity",0.374301727479924,"Nucleoplasm; Cytosol","Vesicles",0,964,false]
["O95198_Q9UH77","Q6TDP4_Q9UH77","Janes_et_al","O95198; Q9UH77","Q6TDP4; Q9UH77","Q9UH77","KLHL3","O95198","KLHL2","Q6TDP4","KLHL17","huMAP3_08531.1; huMAP3_10580.1","mutually_exclusive",4.94,25,402,390,92.18,91.26,35591.4,0.69,0.69,94.4109722222222,91.5809195402298,null,"KOG4441","KOG4441","yes","Tissue enhanced","Low tissue specificity",-0.006515134937294,"Nucleoplasm","Nuclear bodies",0,972,false]
["P27348_Q6UUV9","P27348_Q6ICG6","Janes_et_al","P27348; Q6UUV9","P27348; Q6ICG6","P27348","YWHAQ","Q6UUV9","CRTC1","Q6ICG6","KIAA0930","huMAP3_12897.1; huMAP3_06971.1; huMAP3_10808.1; huMAP3_09810.1; huMAP3_07838.1","mutually_exclusive",0.11,19,90,137,36.99,73.21,3329.1,0.41,0.24,83.25375,74.455,0.066,"ENOG502QU41","KOG2465","no","Tissue enhanced","Tissue enhanced",0.471046037965063,"Nucleoplasm; Nuclear bodies","Nuclear membrane; Mitochondria",0,978,false]
["P61244_Q14582","P61244_Q9BW11","Janes_et_al","P61244; Q14582","P61244; Q9BW11","P61244","MAX","Q14582","MXD4","Q9BW11","MXD3","huMAP3_00748.1; huMAP3_12522.1; huMAP3_14834.1","mutually_exclusive",0.77,32,108,109,84.16,85.43,9089.28,0.69,0.69,97.4819718309859,97.2383783783783,null,"KOG2483","KOG2483","yes","Low tissue specificity","Tissue enhanced",0.134744165352537,"Cytosol","Nucleoplasm; Nucleoli",0,989,false]
["P67775_Q9Y570","P67775_Q06190","Janes_et_al","P67775; Q9Y570","P67775; Q06190","P67775","PPP2CA","Q9Y570","PPME1","Q06190","PPP2R3A","huMAP3_13510.1","mutually_exclusive",0.22,23,298,288,90.69,76.27,21965.76,0.71,0.51,92.3172,80.546,null,"KOG2564","KOG2562","no","Low tissue specificity","Group enriched",0.221403208928014,"Nucleoplasm","Golgi apparatus",0,990,false]
["P13073_P22695","P00403_P13073","Janes_et_al","P13073; P22695","P00403; P13073","P13073","COX4I1","P22695","UQCRC2","P00403","MT-CO2","huMAP3_10623.1","structurally_consistent",1.67,0,0,0,null,null,0,0.55,0.61,79.7066666666666,93.5446153846153,0.83,"KOG2583","KOG4767","no","Tissue enhanced","Tissue enhanced",0.370448417022323,"Mitochondria",null,null,998,false]
["Q9BQ65_Q9HCS7","Q9BZJ0_Q9HCS7","Janes_et_al","Q9BQ65; Q9HCS7","Q9BZJ0; Q9HCS7","Q9HCS7","XAB2","Q9BQ65","USB1","Q9BZJ0","CRNKL1","huMAP3_08501.1; huMAP3_09945.1; huMAP3_06726.1; huMAP3_09504.1; huMAP3_08703.1","structurally_consistent",2.33,0,0,0,null,null,0,0.3,0.58,89.0186206896551,87.220625,null,"KOG3102","KOG1915","no","Low tissue specificity","Low tissue specificity",0.170249469179711,"Nucleoplasm",null,null,1007,false]
["P61326_Q8WXF0","P61326_Q13242","Janes_et_al","P61326; Q8WXF0","P61326; Q13242","P61326","MAGOH","Q8WXF0","SRSF12","Q13242","SRSF9","huMAP3_09621.1; huMAP3_11073.1; huMAP3_10564.1","structurally_consistent",0.17,0,9,17,16.78,89.34,151.02,0.45,0.43,90.4303225806451,83.7107407407407,0.768,"KOG0118","KOG0105","no","Tissue enhanced","Low tissue specificity",0.0876152328416094,null,"Nucleoplasm",null,1016,false]
["Q9UBE0_Q9UBT2","P61956_Q9UBE0","Janes_et_al","Q9UBE0; Q9UBT2","P61956; Q9UBE0","Q9UBE0","SAE1","Q9UBT2","UBA2","P61956","SUMO2","huMAP3_00864.1; huMAP3_07649.1; huMAP3_07958.1; huMAP3_05860.1","mutually_exclusive",0.32,10,88,73,89.9,73.97,5399.81,0.72,0.25,95.1948780487805,77.7904545454545,0.486,"KOG2013","KOG1769","no","Low tissue specificity","Low tissue specificity",0.404604007814277,"Nucleoplasm","Nucleoplasm; Nuclear bodies",0.5,1020,false]
["Q9Y5H6_Q9Y5H9","Q9UN75_Q9Y5H6","Janes_et_al","Q9Y5H6; Q9Y5H9","Q9UN75; Q9Y5H6","Q9Y5H6","PCDHA8","Q9Y5H9","PCDHA2","Q9UN75","PCDHA12","huMAP3_06872.1; huMAP3_10321.1; huMAP3_14604.1","mutually_exclusive",0.72,38,687,704,81.99,80.29,56524.16,0.71,0.7,86.9017525773195,86.6978217821782,null,"KOG3594","KOG3594","yes","Tissue enhanced","Tissue enhanced",0.701112329406123,null,"Plasma membrane; Cytosol",null,1030,false]
["P09661_Q96LT9","O95149_P09661","Janes_et_al","P09661; Q96LT9","O95149; P09661","P09661","SNRPA1","Q96LT9","RNPC3","O95149","SNUPN","huMAP3_08980.1; huMAP3_06511.1","mutually_exclusive",4.01,27,75,112,57.37,79.75,4302.75,0.27,0.44,83.9179999999999,77.6732,0.048,"KOG4206","KOG3132","no","Low tissue specificity","Low tissue specificity",-0.0589666523438524,"Nucleoplasm","Nucleoplasm; Plasma membrane; Cytosol",0.333333333333333,1039,false]
["A4D1S5_P47224","A4D1S5_P61018","Janes_et_al","A4D1S5; P47224","A4D1S5; P61018","A4D1S5","RAB19","P47224","RABIF","P61018","RAB4B","huMAP3_11860.1","structurally_consistent",0.61,0,0,0,null,null,0,0.53,0.31,91.9594736842105,79.0147619047619,0.166,"KOG4113","KOG0086","no","Low tissue specificity","Tissue enhanced",0.452666041788858,{"$nulls":3},1041,false]
["O95149_P09661","O43172_P09661","Janes_et_al","O95149; P09661","O43172; P09661","P09661","SNRPA1","O95149","SNUPN","O43172","PRPF4","huMAP3_08980.1; huMAP3_06511.1","mutually_exclusive",5.94,18,229,254,80.63,92.84,18464.27,0.44,0.52,77.6732,83.6158064516129,0.23,"KOG3132","KOG0272","no","Low tissue specificity","Low tissue specificity",0.221907727387683,"Nucleoplasm; Plasma membrane; Cytosol","Nuclear speckles",0,1047,false]
["Q05519_Q86W42","Q86V81_Q86W42","Janes_et_al","Q05519; Q86W42","Q86V81; Q86W42","Q86W42","THOC6","Q05519","SRSF11","Q86V81",null,"huMAP3_09943.1","mutually_exclusive",0.15,10,76,74,83.55,76.32,5647.67999999999,0.44,0.33,88.1292857142857,75.342,null,"KOG4676","KOG0533","no","Low tissue specificity",null,null,"Nuclear speckles",null,null,1056,false]
["Q13043_Q86WH2","P50749_Q13043","Janes_et_al","Q13043; Q86WH2","P50749; Q13043","Q13043","STK4","Q86WH2","RASSF3","P50749","RASSF2","huMAP3_12772.1","mutually_exclusive",3.29,40,75,78,62.82,85.35,4711.5,0.35,0.63,84.2246551724138,84.2164772727272,0.08,"KOG4239","KOG4239","yes","Tissue enhanced","Group enriched",-0.259474942038851,"Plasma membrane; Cytosol","Nucleoplasm",0,1061,false]
["P05014_Q9H1E1","Q9H1E1_Q9P2Z0","Janes_et_al","P05014; Q9H1E1","Q9H1E1; Q9P2Z0","Q9H1E1","RNASE7","P05014","IFNA4","Q9P2Z0","THAP10","huMAP3_12091.1","mutually_exclusive",0.27,14,117,89,78.06,81.59,9133.02,0.31,0.28,84.7246153846153,76.35,null,"ENOG502SQAC","ENOG502SDT3","no","Not detected","Low tissue specificity",null,null,"Nucleoplasm",null,1071,false]
["Q10588_Q9Y6M0","Q9UGF5_Q9Y6M0","Janes_et_al","Q10588; Q9Y6M0","Q9UGF5; Q9Y6M0","Q9Y6M0","PRSS21","Q10588","BST1","Q9UGF5","OR14J1","huMAP3_13540.1; huMAP3_11512.1","mutually_exclusive",0.22,22,31,85,42.54,83.58,1318.74,0.57,0.31,86.6603225806451,75.3875,null,"ENOG502S1HV","ENOG502SHXQ","no","Group enriched","Tissue enhanced",0.304822976571559,{"$nulls":3},1079,true]
["P01911_Q30154","O60487_P01911","Janes_et_al","P01911; Q30154","O60487; P01911","P01911","HLA-DRB1","Q30154","HLA-DRB5","O60487","MPZL2","huMAP3_09938.1; huMAP3_05213.1","structurally_consistent",5.83,0,5,7,95.02,55.58,389.06,0.69,0.38,91.6385897435897,84.5566666666666,0.086,"ENOG502RYBQ","ENOG502RYWU","no","Tissue enhanced","Tissue enhanced",0.0091013479120384,null,"Cell Junctions",null,1082,false]
["O00148_Q8NI27","Q6I9Y2_Q8NI27","Janes_et_al","O00148; Q8NI27","Q6I9Y2; Q8NI27","Q8NI27","THOC2","O00148","DDX39A","Q6I9Y2","THOC7","huMAP3_10789.1; huMAP3_04932.1; huMAP3_08159.1; huMAP3_04872.1; huMAP3_12548.1; huMAP3_09101.1; huMAP3_09225.1; huMAP3_09943.1; huMAP3_02019.1; huMAP3_10299.1","structurally_consistent",1.66,0,0,0,null,null,0,0.67,0.32,86.9798734177215,84.5837142857143,0.168,"KOG0329","KOG3215","no","Tissue enhanced","Low tissue specificity",0.0112673891224783,"Nuclear speckles","Nuclear speckles; Cytosol",0.5,1093,false]
["O95816_Q9H6K1","O95816_P11142","Janes_et_al","O95816; Q9H6K1","O95816; P11142","O95816","BAG2","Q9H6K1","ILRUN","P11142","HSPA8","huMAP3_07919.1; huMAP3_05866.1; huMAP3_14723.1; huMAP3_11049.1","mutually_exclusive",5.78,17,86,49,82.7,92.67,7112.2,0.27,0.67,77.5092,88.3052542372881,0.290571428571429,"KOG4351","KOG0101","no","Tissue enhanced","Low tissue specificity",0.759434787775654,"Nuclear speckles","Nucleoplasm",0,1102,false]
["O60573_Q6Y7W6","O60573_Q13542","Janes_et_al","O60573; Q6Y7W6","O60573; Q13542","O60573","EIF4E2","Q6Y7W6","GIGYF2","Q13542","EIF4EBP2","huMAP3_13436.1","mutually_exclusive",1.13,28,57,49,77.19,75.86,3717.14,0.66,0.59,90.332427184466,91.687868852459,0.08,"KOG1862","ENOG502S44S","no","Low tissue specificity","Low tissue specificity",0.42896339353517,"Cytosol","Nucleoplasm; Mitochondria",0,1103,false]
["Q14344_Q9HAV0","P59768_Q9HAV0","Janes_et_al","Q14344; Q9HAV0","P59768; Q9HAV0","Q9HAV0","GNB4","Q14344","GNA13","P59768","GNG2","huMAP3_11173.1; huMAP3_13105.1","structurally_consistent",0.59,0,0,0,null,null,0,0.46,0.72,86.035294117647,97.4858333333333,0.282,"KOG0082","KOG4119","no","Tissue enhanced","Tissue enhanced",0.266633707328281,"Cytosol","Plasma membrane",0,1111,false]
["P63208_Q8N461","P41002_P63208","Janes_et_al","P63208; Q8N461","P41002; P63208","P63208","SKP1","Q8N461","FBXL16","P41002","CCNF","huMAP3_00161.1; huMAP3_05528.1; huMAP3_09623.1; huMAP3_14622.1","mutually_exclusive",0.68,32,332,315,94.05,86.55,27263.25,0.65,0.67,90.787875,91.032794117647,null,"KOG1947","KOG0654","no","Tissue enriched","Tissue enhanced",-0.0802989532646075,null,"Centrosome",null,1124,false]
["Q9BYC9_Q9NX20","Q96DV4_Q9NX20","Janes_et_al","Q9BYC9; Q9NX20","Q96DV4; Q9NX20","Q9NX20","MRPL16","Q9BYC9","MRPL20","Q96DV4","MRPL38","huMAP3_06550.1; huMAP3_08458.1; huMAP3_06439.1; huMAP3_06589.1; huMAP3_09483.1","structurally_consistent",0.26,0,1,2,96.53,88.82,177.64,0.41,0.3,87.751875,81.8593548387096,0.81,"KOG4707","KOG3346","no","Low tissue specificity","Low tissue specificity",0.810086272252676,"Mitochondria","Mitochondria",1,1128,false]
["P63208_Q8N461","P63208_Q96CD0","Janes_et_al","P63208; Q8N461","P63208; Q96CD0","P63208","SKP1","Q8N461","FBXL16","Q96CD0","FBXL8","huMAP3_00161.1; huMAP3_05528.1; huMAP3_09623.1; huMAP3_14622.1","mutually_exclusive",0.25,32,197,209,93.36,86.91,18164.19,0.65,0.66,90.787875,90.2795081967213,null,"KOG1947","ENOG502QU59","no","Tissue enriched","Low tissue specificity",-0.225341569903018,null,"Golgi apparatus",null,1137,false]
["P83876_Q9Y4Z0","O14744_Q9Y4Z0","Janes_et_al","P83876; Q9Y4Z0","O14744; Q9Y4Z0","Q9Y4Z0","LSM4","P83876","TXNL4A","O14744","PRMT5","huMAP3_08980.1","structurally_consistent",2.12,0,0,0,null,null,0,0.38,0.34,83.8164705882353,92.39,0.054,"KOG3414","KOG0822","no","Low tissue specificity","Low tissue specificity",-0.308385937701539,"Nucleoplasm","Nucleoplasm; Cytosol",0.5,1147,false]
["Q99436_Q9BT73","P28072_Q99436","Janes_et_al","Q99436; Q9BT73","P28072; Q99436","Q99436","PSMB7","Q9BT73","PSMG3","P28072","PSMB6","huMAP3_00356.1; huMAP3_09656.1; huMAP3_13725.1","structurally_consistent",0.59,0,0,0,null,null,0,0.38,0.63,89.8895,86.2522916666666,0.07,"KOG4828","KOG0174","no","Low tissue specificity","Low tissue specificity",-0.0683271057137598,null,"Nucleoplasm; Cytosol",null,1153,false]
["P09341_P19875","P09341_P19876","Janes_et_al","P09341; P19875","P09341; P19876","P09341","CXCL1","P19875","CXCL2","P19876","CXCL3","huMAP3_15257.1; huMAP3_13879.1; huMAP3_12680.1; huMAP3_13249.1; huMAP3_15146.1; huMAP3_12588.1","mutually_exclusive",0.94,17,77,75,83.43,84.64,6424.11,0.51,0.51,92.3845238095238,92.1464285714285,null,"ENOG502S7MM","ENOG502S7MM","yes","Tissue enriched","Tissue enhanced",0.289264115634942,{"$nulls":3},1161,false]
["P18754_P61769","O60684_P18754","Janes_et_al","P18754; P61769","O60684; P18754","P18754","RCC1","P61769","B2M","O60684","KPNA6","huMAP3_10000.1","mutually_exclusive",0.1,15,43,31,74.23,34.77,1077.87,0.44,0.44,79.9872727272727,82.6799999999999,0.054,"ENOG502S8GM","KOG0166","no","Low tissue specificity","Low tissue specificity",-0.152872209606309,"Golgi apparatus; Plasma membrane","Cytosol",0,1165,false]
["O75896_Q92598","P11142_Q92598","Janes_et_al","O75896; Q92598","P11142; Q92598","Q92598","HSPH1","O75896","TUSC2","P11142","HSPA8","huMAP3_07919.1; huMAP3_14723.1; huMAP3_11049.1","mutually_exclusive",3.1,15,24,11,95.58,48.01,528.11,0.7,0.73,91.5891666666666,87.6374074074074,0.2,"ENOG502S21H","KOG0101","no","Low tissue specificity","Low tissue specificity",0.430896779673761,"Cytosol","Nucleoplasm",0,1167,false]
["P80188_Q9NU19","Q9NU19_Q9NZT1","Janes_et_al","P80188; Q9NU19","Q9NU19; Q9NZT1","Q9NU19","TBC1D22B","P80188","LCN2","Q9NZT1","CALML5","huMAP3_09929.1","structurally_consistent",1.09,0,0,0,null,null,0,0.45,0.29,78.6679310344827,82.88125,0.188,"ENOG502T7VZ","KOG0027","no","Tissue enhanced","Tissue enriched",0.0149495198975698,"Endoplasmic reticulum","Plasma membrane; Cytosol",0,1174,false]
["P27449_Q93050","P27449_Q9Y487","Janes_et_al","P27449; Q93050","P27449; Q9Y487","P27449","ATP6V0C","Q93050","ATP6V0A1","Q9Y487","ATP6V0A2","huMAP3_05805.1; huMAP3_10516.1; huMAP3_12042.1; huMAP3_10511.1","mutually_exclusive",0.07,16,760,756,86.63,82.27,62196.12,0.53,0.5,81.2297777777777,80.0643181818181,0.094,"KOG2189","KOG2189","yes","Tissue enhanced","Low tissue specificity",-0.121196723455395,"Golgi apparatus; Vesicles","Plasma membrane",0,1184,false]
["O60911_Q9NU19","Q6P4A8_Q9NU19","Janes_et_al","O60911; Q9NU19","Q6P4A8; Q9NU19","Q9NU19","TBC1D22B","O60911","CTSV","Q6P4A8","PLBD1","huMAP3_09929.1","mutually_exclusive",1.38,16,260,248,89.57,91.9,23288.2,0.51,0.45,76.312,89.2578571428571,0.096,"KOG1543","KOG3774","no","Tissue enriched","Tissue enhanced",-0.0746970690684632,"Nucleoli fibrillar center; Cytosol",null,null,1189,false]
["P09661_Q53GS9","P09661_Q9BWU0","Janes_et_al","P09661; Q53GS9","P09661; Q9BWU0","P09661","SNRPA1","Q53GS9","USP39","Q9BWU0","SLC4A1AP","huMAP3_08980.1; huMAP3_06511.1","mutually_exclusive",3.02,12,213,158,87.1,85.58,13521.64,0.24,0.5,79.7616666666666,91.4072727272727,0.188,"KOG2026","KOG1881","no","Low tissue specificity","Low tissue specificity",0.242471843133111,"Nucleoplasm","Nucleoplasm",1,1196,false]
["P27348_P54253","P27348_Q9Y2U5","Janes_et_al","P27348; P54253","P27348; Q9Y2U5","P27348","YWHAQ","P54253","ATXN1","Q9Y2U5","MAP3K2","huMAP3_12897.1","mutually_exclusive",0.37,17,192,264,60.72,82,11658.24,0.34,0.41,83.4225,84.765,0.21272,"KOG4053","KOG0198","no","Low tissue specificity","Low tissue specificity",-0.220840579226732,"Nucleoplasm","Nucleoplasm; Cytosol",0.5,1202,false]
["Q9Y5G2_Q9Y5G3","Q9Y5G3_Q9Y5H2","Janes_et_al","Q9Y5G2; Q9Y5G3","Q9Y5G3; Q9Y5H2","Q9Y5G3","PCDHGB1","Q9Y5G2","PCDHGB2","Q9Y5H2","PCDHGA11","huMAP3_13974.1; huMAP3_15204.1; huMAP3_12210.1; huMAP3_11894.1; huMAP3_11892.1; huMAP3_12330.1; huMAP3_13952.1; huMAP3_11936.1","mutually_exclusive",1.74,27,578,571,85.26,82.73,47238.83,0.68,0.65,82.6273417721519,80.8575,null,"KOG3594","KOG3594","yes","Low tissue specificity","Low tissue specificity",0.546522850736828,"Vesicles; Plasma membrane; Cytosol","Plasma membrane",0.333333333333333,1212,false]
["P00403_P09669","O14949_P00403","Janes_et_al","P00403; P09669","O14949; P00403","P00403","MT-CO2","P09669","COX6C","O14949","UQCRQ","huMAP3_10623.1","mutually_exclusive",0.62,24,57,54,81.44,59.98,3238.92,0.59,0.42,89.3764179104477,79.35,0.936,"ENOG502SEI2","KOG4116","no","Low tissue specificity","Tissue enhanced",0.846332950594802,"Mitochondria","Mitochondria",1,1213,false]
["Q14166_Q9BVG4","P68104_Q14166","Janes_et_al","Q14166; Q9BVG4","P68104; Q14166","Q14166","TTLL12","Q9BVG4","PBDC1","P68104","EEF1A1","huMAP3_08052.1; huMAP3_05568.1; huMAP3_12041.1; huMAP3_01911.1; huMAP3_00469.1","mutually_exclusive",0.27,12,138,213,80.62,79.4,16912.2,0.43,0.54,85.58,87.9573333333333,0.133428571428571,"KOG4093","KOG0052","no","Low tissue specificity","Low tissue specificity",0.464312045163055,"Nucleoplasm","Cytosol",0,1223,false]
["Q15018_Q9NXR7","P34897_Q15018","Janes_et_al","Q15018; Q9NXR7","P34897; Q15018","Q15018","ABRAXAS2","Q9NXR7","BABAM2","P34897","SHMT2","huMAP3_10482.1; huMAP3_14749.1; huMAP3_02592.1; huMAP3_01447.1","structurally_consistent",5.08,0,0,0,null,null,0,0.65,0.31,93.8106451612903,76.83,0.136,"ENOG502QUU0","KOG2467","no","Tissue enriched","Tissue enhanced",-0.0215429816174245,"Cytosol","Mitochondria",0,1228,false]
["O75832_Q05086","O75832_Q8WV99","Janes_et_al","O75832; Q05086","O75832; Q8WV99","O75832","PSMD10","Q05086","UBE3A","Q8WV99","ZFAND2B","huMAP3_09656.1; huMAP3_05064.1; huMAP3_13725.1","mutually_exclusive",0.64,25,169,129,84.93,65.84,8493.36,0.64,0.6,81.5127027027027,85.6310526315789,0.108,"KOG0941","KOG3183","no","Low tissue specificity","Low tissue specificity",-0.0846668829428113,"Nucleoplasm","Nucleoli; Nucleoli rim",0,1237,false]
["Q13619_Q16531","Q16531_Q8WV16","Janes_et_al","Q13619; Q16531","Q16531; Q8WV16","Q16531","DDB1","Q13619","CUL4A","Q8WV16","DCAF4","huMAP3_14528.1; huMAP3_09779.1","structurally_consistent",0.13,0,0,0,null,null,0,0.67,0.71,88.0282666666666,87.8364150943396,null,"KOG2167","KOG2695","no","Tissue enhanced","Low tissue specificity",0.354901521761859,"Nucleoplasm","Nucleoplasm",1,1245,false]
["O14737_O15212","O15212_P61758","Janes_et_al","O14737; O15212","O15212; P61758","O15212","PFDN6","O14737","PDCD5","P61758","VBP1","huMAP3_14584.1; huMAP3_14626.1","mutually_exclusive",0.55,15,71,65,80.35,88.13,5704.84999999999,0.3,0.62,83.7042857142857,88.5243243243243,0.38,"KOG3431","KOG3313","no","Low tissue specificity","Low tissue specificity",0.571485501352696,"Cytosol","Cytosol",1,1254,false]
["O75787_P36543","O75787_Q8WVM8","Janes_et_al","O75787; P36543","O75787; Q8WVM8","O75787","ATP6AP2","P36543","ATP6V1E1","Q8WVM8","SCFD1","huMAP3_12042.1","mutually_exclusive",1.36,12,38,44,83.95,69.15,3042.6,0.41,0.55,82.3019444444444,77.929375,0.064,"KOG1664","KOG1301","no","Low tissue specificity","Low tissue specificity",-0.313016268863469,{"$nulls":3},1262,false]
["Q14240_Q9UBQ5","O75821_Q14240","Janes_et_al","Q14240; Q9UBQ5","O75821; Q14240","Q14240","EIF4A2","Q9UBQ5","EIF3K","O75821","EIF3G","huMAP3_11246.1; huMAP3_13175.1","mutually_exclusive",9.4,14,137,107,80.06,67.17,7187.19,0.38,0.26,74.9146153846153,84.8544117647058,0.826,"KOG3252","KOG0122","no","Low tissue specificity","Low tissue specificity",0.760445229262221,"Cytosol","Cytosol",1,1266,false]
["O15514_P62487","O15514_Q6P1J9","Janes_et_al","O15514; P62487","O15514; Q6P1J9","O15514","POLR2D","P62487","POLR2G","Q6P1J9","CDC73","huMAP3_11092.1; huMAP3_09843.1; huMAP3_07749.1; huMAP3_07454.1","mutually_exclusive",0.34,14,96,67,97.16,62.61,4194.87,0.71,0.29,97.5741975308642,84.4026086956521,0.17,"KOG3298","KOG3786","no","Low tissue specificity","Low tissue specificity",0.106851270252303,"Nucleoplasm","Nucleoplasm",1,1269,false]
["P41252_Q13155","P07814_P41252","Janes_et_al","P41252; Q13155","P07814; P41252","P41252","IARS1","Q13155","AIMP2","P07814","EPRS1","huMAP3_02637.1; huMAP3_13688.1","structurally_consistent",1.59,0,0,0,null,null,0,0.34,0.6,83.149,86.037868852459,0.836,"ENOG502QUNJ","KOG1147; KOG4163","no","Tissue enhanced","Low tissue specificity",0.391168814534933,"Cytosol","Cytosol",1,1279,false]
["P0C0S8_P26373","P26373_Q92552","Janes_et_al","P0C0S8; P26373","P26373; Q92552","P26373","RPL13","P0C0S8","H2AC13","Q92552","MRPS27","huMAP3_05807.1","structurally_consistent",0.81,0,0,0,null,null,0,0.33,0.26,95.6027272727272,80.47,null,"KOG1756","KOG4570","no","Tissue enhanced","Low tissue specificity",-0.127864595154938,"Nucleoplasm","Mitochondria",0,1286,false]
["P31323_P51817","P31323_Q9HAT0","Janes_et_al","P31323; P51817","P31323; Q9HAT0","P31323","PRKAR2B","P51817","PRKX","Q9HAT0","ROPN1","huMAP3_11135.1; huMAP3_14681.1; huMAP3_13352.1","mutually_exclusive",6.84,10,188,130,94.85,82.93,10780.9,0.7,0.46,88.1823170731707,87.9870588235294,null,"KOG0616","ENOG502R2JI","no","Tissue enhanced","Tissue enriched",-0.0157860841976063,"Nucleoplasm",null,null,1295,false]
["O15116_P62306","P62306_P83876","Janes_et_al","O15116; P62306","P62306; P83876","P62306","SNRPF","O15116","LSM1","P83876","TXNL4A","huMAP3_08980.1","mutually_exclusive",0.47,15,88,94,82.53,87.68,7262.64,0.38,0.27,83.3745,79.63,0.03,"KOG1782","KOG3414","no","Low tissue specificity","Low tissue specificity",0.10917864773549,"Cytoplasmic bodies","Nucleoplasm",0,1301,false]
["P16520_P62873","P50150_P62873","Janes_et_al","P16520; P62873","P50150; P62873","P62873","GNB1","P16520","GNB3","P50150","GNG4","huMAP3_11173.1; huMAP3_10824.1; huMAP3_13105.1; huMAP3_12729.1; huMAP3_13380.1; huMAP3_09788.1","structurally_consistent",0.48,0,0,0,null,null,0,0.36,0.72,91.9553846153846,97.4351401869158,0.18,"KOG0286","KOG4119","no","Tissue enriched","Tissue enhanced",-0.0374295178049663,"Plasma membrane",null,null,1310,false]
["Q9NRJ7_Q9UN67","Q9NRJ7_Q9Y5E6","Janes_et_al","Q9NRJ7; Q9UN67","Q9NRJ7; Q9Y5E6","Q9NRJ7","PCDHB16","Q9UN67","PCDHB10","Q9Y5E6","PCDHB3","huMAP3_10979.1; huMAP3_11044.1; huMAP3_12057.1; huMAP3_11413.1; huMAP3_12508.1; huMAP3_15258.1","mutually_exclusive",1.05,31,671,665,81.13,82.53,54438.23,0.68,0.7,80.7907352941176,82.6371875,null,"KOG3594","KOG3594","yes","Low tissue specificity","Low tissue specificity",0.32706934584588,null,"Vesicles",null,1319,false]
["P61326_Q6PJT7","P61326_Q16629","Janes_et_al","P61326; Q6PJT7","P61326; Q16629","P61326","MAGOH","Q6PJT7","ZC3H14","Q16629","SRSF7","huMAP3_09943.1; huMAP3_11073.1; huMAP3_10564.1","mutually_exclusive",0.14,16,88,89,55.76,60.4,4906.88,0.29,0.37,83.0311111111111,82.5866666666666,0.354,"KOG3702","KOG0107","no","Tissue enhanced","Low tissue specificity",0.0516447373533651,"Nuclear speckles","Nucleoplasm",0,1322,false]
["Q15369_Q99619","Q15369_Q9Y575","Janes_et_al","Q15369; Q99619","Q15369; Q9Y575","Q15369","ELOC","Q99619","SPSB2","Q9Y575","ASB3","huMAP3_08919.1; huMAP3_05894.1; huMAP3_09980.1; huMAP3_13601.1","mutually_exclusive",0.2,21,132,137,85.68,90.23,11309.76,0.52,0.57,90.2429545454545,92.9186666666666,null,"KOG3953","KOG0504","no","Low tissue specificity","Low tissue specificity",-0.141970019960413,{"$nulls":3},1327,false]
["Q96EH3_Q9BYC9","Q9BYC9_Q9Y6G3","Janes_et_al","Q96EH3; Q9BYC9","Q9BYC9; Q9Y6G3","Q9BYC9","MRPL20","Q96EH3","MALSU1","Q9Y6G3","MRPL42","huMAP3_01856.1; huMAP3_07939.1; huMAP3_06550.1; huMAP3_08458.1; huMAP3_06439.1; huMAP3_06589.1; huMAP3_09113.1; huMAP3_09483.1","structurally_consistent",0.63,0,0,0,null,null,0,0.4,0.51,86.5962857142857,91.2315384615384,0.81,"KOG3212","KOG4106","no","Low tissue specificity","Low tissue specificity",0.0306338514028944,"Mitochondria","Plasma membrane; Mitochondria",0.5,1336,false]
["P63208_Q9H4M3","P41002_P63208","Janes_et_al","P63208; Q9H4M3","P41002; P63208","P63208","SKP1","Q9H4M3","FBXO44","P41002","CCNF","huMAP3_00161.1; huMAP3_05528.1; huMAP3_09623.1; huMAP3_14622.1","mutually_exclusive",0.3,39,206,237,94.11,88.04,20865.48,0.68,0.67,94.9882432432432,91.032794117647,null,"ENOG502RZA6","KOG0654","no","Tissue enhanced","Tissue enhanced",-0.101799404447325,"Nucleoplasm","Centrosome",0,1345,false]
["P62714_Q13136","P62714_Q15172","Janes_et_al","P62714; Q13136","P62714; Q15172","P62714","PPP2CB","Q13136","PPFIA1","Q15172","PPP2R5A","huMAP3_10333.1; huMAP3_13510.1; huMAP3_09709.1","mutually_exclusive",0.25,10,204,279,73.21,84.29,14934.8399999999,0.39,0.6,84.0477419354838,82.4816666666666,0.056,"KOG0249","KOG2085","no","Low tissue specificity","Low tissue specificity",0.36619832171471,"Cytosol","Cytosol",1,1353,false]
["O43447_Q7RTV0","O43447_Q9NWZ8","Janes_et_al","O43447; Q7RTV0","O43447; Q9NWZ8","O43447","PPIH","Q7RTV0","PHF5A","Q9NWZ8","GEMIN8","huMAP3_08980.1; huMAP3_04549.1; huMAP3_06511.1","mutually_exclusive",0.14,12,48,37,86.15,47.89,1771.93,0.52,0.27,92.3427586206896,88.533,0.426,"KOG1705","ENOG502S7KA","no","Low tissue specificity","Low tissue specificity",-0.147193792114539,"Nucleoplasm","Nucleoplasm; Cytosol",0.5,1362,false]
["Q13618_Q9NXS3","Q9H5J0_Q9NXS3","Janes_et_al","Q13618; Q9NXS3","Q9H5J0; Q9NXS3","Q9NXS3","KLHL28","Q13618","CUL3","Q9H5J0","ZBTB3","huMAP3_13639.1","mutually_exclusive",4.67,19,100,50,86.42,26.45,1322.5,0.66,0.61,91.1377966101694,88.8218918918919,null,"KOG2166","KOG1721","no","Tissue enhanced","Low tissue specificity",0.272514872501557,null,"Mitochondria",null,1368,false]
["P05109_P31151","P05109_Q9NU19","Janes_et_al","P05109; P31151","P05109; Q9NU19","P05109","S100A8","P31151","S100A7","Q9NU19","TBC1D22B","huMAP3_09929.1","mutually_exclusive",0.4,14,14,12,85.21,70,840,0.64,0.46,93.4147887323943,81.6461538461538,null,"ENOG502SZJ5","KOG1092","no","Group enriched","Low tissue specificity",0.20888676370591,"Cytosol","Nucleoplasm; Cytosol",0.5,1378,false]
["P01569_P05015","P01563_P01569","Janes_et_al","P01569; P05015","P01563; P01569","P01569","IFNA5","P05015","IFNA16","P01563","IFNA2","huMAP3_11921.1; huMAP3_10459.1; huMAP3_13851.1","mutually_exclusive",0.32,20,183,179,75.57,79.97,13829.31,0.34,0.54,81.8194285714285,87.3016666666666,null,"ENOG502SQAC","ENOG502SQAC","yes","Not detected","Not detected",{"$nulls":4},1387,false]
["P27348_Q08495","P27348_Q9Y2U5","Janes_et_al","P27348; Q08495","P27348; Q9Y2U5","P27348","YWHAQ","Q08495","DMTN","Q9Y2U5","MAP3K2","huMAP3_10808.1; huMAP3_12897.1","mutually_exclusive",0.31,14,191,278,56.23,76.43,10739.93,0.42,0.41,80.0428571428571,84.765,0.08,"KOG1044","KOG0198","no","Tissue enhanced","Low tissue specificity",-0.221715037921181,null,"Nucleoplasm; Cytosol",null,1393,false]
["Q9NX70_Q9Y2X0","Q71SY5_Q9Y2X0","Janes_et_al","Q9NX70; Q9Y2X0","Q71SY5; Q9Y2X0","Q9Y2X0","MED16","Q9NX70","MED29","Q71SY5","MED25","huMAP3_02730.1","structurally_consistent",0.96,0,0,0,null,null,0,0.28,0.69,82.8942857142857,89.1391489361702,0.508,"ENOG502QRNJ","ENOG502QRN5","no","Low tissue specificity","Low tissue specificity",0.0387523599985261,"Nucleoplasm","Nucleoplasm",1,1395,false]
["P62140_Q9UQ13","Q6UXN9_Q9UQ13","Janes_et_al","P62140; Q9UQ13","Q6UXN9; Q9UQ13","Q9UQ13","SHOC2","P62140","PPP1CB","Q6UXN9","WDR82","huMAP3_14504.1","mutually_exclusive",0.34,10,260,269,89.43,88.58,23828.02,0.65,0.39,83.851875,78.6870588235294,0.232,"KOG0374","KOG1446","no","Low tissue specificity","Low tissue specificity",0.461271185044812,"Nucleoplasm","Nucleoli rim",0,1404,false]
["Q8TDG2_Q9H2J4","Q13371_Q9H2J4","Janes_et_al","Q8TDG2; Q9H2J4","Q13371; Q9H2J4","Q9H2J4","PDCL3","Q8TDG2","ACTRT1","Q13371","PDCL","huMAP3_07725.1; huMAP3_10656.1; huMAP3_04396.1","structurally_consistent",2.11,0,0,0,null,null,0,0.55,0.41,90.1175,84.0336842105263,null,"KOG0676","KOG3171","no","Tissue enriched","Low tissue specificity",-0.180365091449567,null,"Cytosol",null,1414,false]
["Q16576_Q5T6S3","Q149N8_Q16576","Janes_et_al","Q16576; Q5T6S3","Q149N8; Q16576","Q16576","RBBP7","Q5T6S3","PHF19","Q149N8","SHPRH","huMAP3_13482.1; huMAP3_15128.1","mutually_exclusive",0.14,23,192,186,70.19,63.72,11851.92,0.53,0.37,94.4215384615384,83.340294117647,0.092,"KOG4323","KOG0298","no","Low tissue specificity","Low tissue specificity",0.039998787059276,null,"Nucleoplasm; Nuclear membrane",null,1419,false]
["O60825_P27348","P27348_Q6UUV9","Janes_et_al","O60825; P27348","P27348; Q6UUV9","P27348","YWHAQ","O60825","PFKFB2","Q6UUV9","CRTC1","huMAP3_12897.1; huMAP3_06971.1; huMAP3_10808.1; huMAP3_09810.1; huMAP3_07838.1","mutually_exclusive",0.25,31,191,102,82.1,41.04,4186.08,0.48,0.41,80.0256249999999,83.25375,0.04,"KOG0234","ENOG502QU41","no","Tissue enhanced","Tissue enhanced",-0.104444819055388,"Nucleoplasm","Nucleoplasm; Nuclear bodies",0.5,1427,false]
["Q6RW13_Q9BQJ4","Q9BQJ4_Q9Y5X2","Janes_et_al","Q6RW13; Q9BQJ4","Q9BQJ4; Q9Y5X2","Q9BQJ4","TMEM47","Q6RW13","AGTRAP","Q9Y5X2","SNX8","huMAP3_12524.1","structurally_consistent",0.25,0,0,0,null,null,0,0.47,0.34,88.573125,81.5466666666666,0.008,"ENOG502S36M","KOG2273","no","Low tissue specificity","Low tissue specificity",0.0614323164127604,"Vesicles","Vesicles",1,1436,false]
["P56211_P67775","P67775_Q8N461","Janes_et_al","P56211; P67775","P67775; Q8N461","P67775","PPP2CA","P56211","ARPP19","Q8N461","FBXL16","huMAP3_13510.1","mutually_exclusive",0.13,17,48,81,53.46,87.21,2566.08,0.48,0.54,90.9958064516128,80.996,null,"KOG4076","KOG1947","no","Tissue enhanced","Tissue enriched",0.790104767254708,{"$nulls":3},1444,false]
["O60244_Q96RN5","A0JLT2_O60244","Janes_et_al","O60244; Q96RN5","A0JLT2; O60244","O60244","MED14","Q96RN5","MED15","A0JLT2","MED19","huMAP3_02730.1","structurally_consistent",6.03,0,0,0,null,null,0,0.43,0.48,83.8806666666666,82.5703488372093,0.244,"KOG4274","KOG4043","no","Low tissue specificity","Low tissue specificity",-0.256487502520807,"Nucleoplasm","Nuclear bodies",0,1445,false]
["O60825_P27348","P27348_Q9GZV5","Janes_et_al","O60825; P27348","P27348; Q9GZV5","P27348","YWHAQ","O60825","PFKFB2","Q9GZV5","WWTR1","huMAP3_12897.1","mutually_exclusive",0.3,18,269,140,84.83,54.03,7564.2,0.48,0.47,80.0256249999999,85.46,0.062,"KOG0234","KOG0940","no","Tissue enhanced","Low tissue specificity",-0.269921877383726,"Nucleoplasm","Nucleoplasm; Nuclear bodies",0.5,1459,false]
["Q9H223_Q9H4M9","Q9H4M9_Q9NZN3","Janes_et_al","Q9H223; Q9H4M9","Q9H4M9; Q9NZN3","Q9H4M9","EHD1","Q9H223","EHD4","Q9NZN3","EHD3","huMAP3_07540.1","mutually_exclusive",0.11,22,523,519,83.22,83.06,43108.14,0.55,0.57,87.895,90.1705357142857,0.11,"KOG1954","KOG1954","yes","Low tissue specificity","Tissue enhanced",-0.189064796717362,"Plasma membrane","Plasma membrane",1,1462,false]
["A5YKK6_Q9UIV1","Q9BXU3_Q9UIV1","Janes_et_al","A5YKK6; Q9UIV1","Q9BXU3; Q9UIV1","Q9UIV1","CNOT7","A5YKK6","CNOT1","Q9BXU3","TEX13A","huMAP3_00551.1; huMAP3_11224.1","mutually_exclusive",0.38,14,176,143,84.36,64.42,9212.06,0.53,0.48,91.7986842105263,82.6033333333333,null,"KOG1831","KOG4198","no","Low tissue specificity","Tissue enriched",0.528389428367586,"Cytosol",null,null,1470,false]
["Q92769_Q9P0W2","Q92769_Q96ST3","Janes_et_al","Q92769; Q9P0W2","Q92769; Q96ST3","Q92769","HDAC2","Q9P0W2","HMG20B","Q96ST3","SIN3A","huMAP3_15128.1; huMAP3_08800.1; huMAP3_09031.1","mutually_exclusive",0.62,13,129,158,66.95,86.03,8636.55,0.59,0.72,87.69,91.5263461538461,0.154,"KOG0381","KOG4204","no","Low tissue specificity","Low tissue specificity",0.247732887238989,"Nucleoplasm","Nucleoplasm",1,1476,false]
["P27348_Q12778","P27348_Q5SQI0","Janes_et_al","P27348; Q12778","P27348; Q5SQI0","P27348","YWHAQ","Q12778","FOXO1","Q5SQI0","ATAT1","huMAP3_12897.1","mutually_exclusive",0.15,37,168,166,46.32,52.78,7781.76,0.35,0.42,86.0835714285714,75.5815384615384,0.094,"KOG2294","KOG4601","no","Tissue enhanced","Tissue enhanced",-0.238715026898029,"Nucleoplasm; Cytosol","Cytosol",0.5,1485,false]
["Q92769_Q9H0E3","Q92769_Q96ST3","Janes_et_al","Q92769; Q9H0E3","Q92769; Q96ST3","Q92769","HDAC2","Q9H0E3","SAP130","Q96ST3","SIN3A","huMAP3_15128.1; huMAP3_08800.1; huMAP3_09031.1","mutually_exclusive",0.3,22,161,245,40.02,71.83,6443.22,0.25,0.72,88.5414285714285,91.5263461538461,null,"ENOG502QQ6P","KOG4204","no","Tissue enhanced","Low tissue specificity",0.437603258645247,"Nuclear speckles","Nucleoplasm",0,1493,false]
["P51970_Q9Y3E0","O75380_P51970","Janes_et_al","P51970; Q9Y3E0","O75380; P51970","P51970","NDUFA8","Q9Y3E0","GOLT1B","O75380","NDUFS6","huMAP3_14018.1","structurally_consistent",0.98,0,0,0,null,null,0,0.24,0.3,86.2569565217391,90.8211111111111,0.194,"KOG1743","KOG3456","no","Low tissue specificity","Tissue enhanced",-0.123705953322852,"Vesicles",null,null,1501,false]
["O14972_Q9NX08","O14972_Q9UBQ0","Janes_et_al","O14972; Q9NX08","O14972; Q9UBQ0","O14972","VPS26C","Q9NX08","COMMD8","Q9UBQ0","VPS29","huMAP3_07032.1; huMAP3_01290.1; huMAP3_14444.1","structurally_consistent",0.73,0,0,0,null,null,0,0.33,0.32,85.1723529411764,76.484,0.122,"ENOG502S00F","KOG3325","no","Low tissue specificity","Low tissue specificity",0.166685397826128,"Nucleoplasm; Cytosol","Vesicles; Cytosol",0.333333333333333,1502,false]
["O60688_Q96IG2","Q5XUX0_Q96IG2","Janes_et_al","O60688; Q96IG2","Q5XUX0; Q96IG2","Q96IG2","FBXL20","O60688","YPEL1","Q5XUX0","FBXO31","huMAP3_14622.1","mutually_exclusive",0.5,28,113,139,90.09,87.57,12172.23,0.69,0.63,92.9807575757575,80.1170967741935,null,"KOG3399","ENOG502QR2A","no","Tissue enhanced","Tissue enhanced",0.141402780590491,null,"Nucleoplasm",null,1515,false]
["P63208_Q8NEA4","P63208_Q9Y2K7","Janes_et_al","P63208; Q8NEA4","P63208; Q9Y2K7","P63208","SKP1","Q8NEA4","FBXO36","Q9Y2K7","KDM2A","huMAP3_00161.1; huMAP3_05528.1; huMAP3_09623.1; huMAP3_14622.1","mutually_exclusive",0.53,33,120,116,82.27,73.76,8556.16,0.67,0.52,94.6738461538461,87.8160869565217,null,"KOG1777","KOG1633; KOG1947","no","Low tissue specificity","Low tissue specificity",-0.395185236675081,"Nucleoplasm; Nucleoli","Nucleoplasm",0.5,1519,false]
["Q9BPZ2_Q9Y657","Q56A73_Q9BPZ2","Janes_et_al","Q9BPZ2; Q9Y657","Q56A73; Q9BPZ2","Q9BPZ2","SPIN2B","Q9Y657","SPIN1","Q56A73","SPIN4","huMAP3_10869.1; huMAP3_07230.1; huMAP3_09765.1; huMAP3_11058.1; huMAP3_14242.1; huMAP3_08760.1; huMAP3_13086.1; huMAP3_08714.1; huMAP3_06000.1; huMAP3_09393.1; huMAP3_00305.1; huMAP3_09544.1; huMAP3_14120.1","mutually_exclusive",0.48,24,133,125,74.89,72.81,9101.25,0.55,0.29,84.1499999999999,83.0825,null,"ENOG502QRYD","ENOG502QRYD","yes","Low tissue specificity","Low tissue specificity",-0.133805882327843,"Nucleoplasm","Nucleoplasm; Cytosol",0.5,1527,false]
["P57678_Q9H840","P57678_Q15428","Janes_et_al","P57678; Q9H840","P57678; Q15428","P57678","GEMIN4","Q9H840","GEMIN7","Q15428","SF3A2","huMAP3_08980.1; huMAP3_04549.1; huMAP3_06511.1","structurally_consistent",1.22,0,0,0,null,null,0,0.3,0.24,78.2033333333333,85.5225,0.136,"ENOG502S59N","KOG0227","no","Low tissue specificity","Low tissue specificity",0.21972703841478,"Nucleoplasm; Cytosol","Nucleoplasm",0.5,1537,false]
["P13994_Q9UMS4","Q99459_Q9UMS4","Janes_et_al","P13994; Q9UMS4","Q99459; Q9UMS4","Q9UMS4","PRPF19","P13994","YJU2B","Q99459","CDC5L","huMAP3_08539.1; huMAP3_09945.1; huMAP3_06355.1","structurally_consistent",1.38,0,0,0,null,null,0,0.38,0.41,83.6838888888888,80.9363793103448,0.234,"KOG2990","KOG0050","no","Low tissue specificity","Low tissue specificity",-0.147407496496846,"Vesicles","Nucleoplasm",0,1544,false]
["Q676U5_Q9H082","A4D1S5_Q9H082","Janes_et_al","Q676U5; Q9H082","A4D1S5; Q9H082","Q9H082","RAB33B","Q676U5","ATG16L1","A4D1S5","RAB19","huMAP3_14274.1; huMAP3_14329.1; huMAP3_12491.1; huMAP3_10371.1","mutually_exclusive",0.3,14,214,168,88.38,93.96,18913.32,0.54,0.64,84.0548888888889,91.3881081081081,0.066,"KOG0288","KOG0084","no","Low tissue specificity","Tissue enhanced",-0.0989799264970505,"Cytosol",null,null,1553,false]
["Q16795_Q8IUX1","O75251_Q16795","Janes_et_al","Q16795; Q8IUX1","O75251; Q16795","Q16795","NDUFA9","Q8IUX1","TMEM126B","O75251","NDUFS7","huMAP3_09982.1; huMAP3_09567.1; huMAP3_14878.1; huMAP3_06397.1; huMAP3_14018.1","structurally_consistent",0.16,0,0,0,null,null,0,0.27,0.56,85.2207692307692,90.1917073170731,0.114,"ENOG502SQEZ","KOG1687","no","Low tissue specificity","Tissue enhanced",0.0292557929785817,"Mitochondria",null,null,1560,false]
["P63272_Q9GZS3","P52434_Q9GZS3","Janes_et_al","P63272; Q9GZS3","P52434; Q9GZS3","Q9GZS3","SKIC8","P63272","SUPT4H1","P52434","POLR2H","huMAP3_11092.1","mutually_exclusive",0.14,17,112,126,78.74,76.43,9630.18,0.35,0.32,81.58,74.445,0.456,"KOG3490","KOG3400","no","Low tissue specificity","Low tissue specificity",0.1156041242455,"Nucleoplasm","Nucleoplasm",1,1562,false]
["O14929_Q16576","Q16576_Q96N64","Janes_et_al","O14929; Q16576","Q16576; Q96N64","Q16576","RBBP7","O14929","HAT1","Q96N64","PWWP2A","huMAP3_15128.1","mutually_exclusive",0.22,11,188,121,95.26,61.88,7487.48,0.6,0.33,91.2030909090909,88.6020833333333,0.074,"KOG2696","ENOG502QU6V","no","Low tissue specificity","Low tissue specificity",0.0064812717237505,"Nucleoplasm","Nucleoplasm",1,1571,false]
["O14929_Q09028","Q09028_Q9UBB5","Janes_et_al","O14929; Q09028","Q09028; Q9UBB5","Q09028","RBBP4","O14929","HAT1","Q9UBB5","MBD2","huMAP3_15128.1","mutually_exclusive",0.15,13,69,74,73.51,41.07,3039.18,0.56,0.4,94.9618918918919,90.210303030303,0.022,"KOG2696","KOG4161","no","Low tissue specificity","Low tissue specificity",0.461449565673742,"Nucleoplasm","Nucleoplasm",1,1583,false]
["O95602_P19388","O15160_O95602","Janes_et_al","O95602; P19388","O15160; O95602","O95602","POLR1A","P19388","POLR2E","O15160","POLR1C","huMAP3_09057.1; huMAP3_14318.1; huMAP3_08487.1; huMAP3_11092.1; huMAP3_06426.1","structurally_consistent",1.36,0,0,0,null,null,0,0.72,0.31,90.2883428571428,80.1075,0.372,"KOG3218","KOG1521","no","Low tissue specificity","Low tissue specificity",-0.0585850349913259,"Nucleoplasm","Nucleoplasm; Nucleoli fibrillar center",0.5,1588,false]
["Q7Z7N9_Q99679","Q99679_Q9H228","Janes_et_al","Q7Z7N9; Q99679","Q99679; Q9H228","Q99679","GPR21","Q7Z7N9","TMEM179B","Q9H228","S1PR5","huMAP3_15126.1","mutually_exclusive",1.06,10,185,178,80.21,83.62,14838.85,0.53,0.37,82.4216129032257,87.4315384615384,null,"ENOG502S28I","ENOG502QSWN","no","Low tissue specificity","Tissue enhanced",-0.173153381926951,"Nuclear speckles",null,null,1596,false]
["O95487_P61966","O95487_Q15437","Janes_et_al","O95487; P61966","O95487; Q15437","O95487","SEC24B","P61966","AP1S1","Q15437","SEC23B","huMAP3_12394.1","structurally_consistent",2.1,0,0,0,null,null,0,0.25,0.6,81.1055555555555,92.101282051282,0.122,"KOG0934","KOG1986","no","Tissue enhanced","Low tissue specificity",-0.18509944806468,"Golgi apparatus; Vesicles","Vesicles",0.5,1602,false]
["P13489_P34096","P03950_P13489","Janes_et_al","P13489; P34096","P03950; P13489","P13489","RNH1","P34096","RNASE4","P03950","ANG","huMAP3_13506.1; huMAP3_14539.1; huMAP3_13360.1; huMAP3_07217.1; huMAP3_12344.1","mutually_exclusive",0.32,32,134,135,88.05,86.43,11668.05,0.72,0.71,94.5183333333333,93.3976666666666,null,"ENOG502S9Q1","ENOG502S9Q1","yes","Tissue enriched","Tissue enriched",0.908702190658515,null,"Nucleoli; Nucleoli rim; Mitotic chromosome",null,1611,false]
["P08949_Q9H871","P01275_Q9H871","Janes_et_al","P08949; Q9H871","P01275; Q9H871","Q9H871","RMND5A","P08949","NMB","P01275","GCG","huMAP3_12700.1","mutually_exclusive",2.5,13,78,81,40.96,41.81,3194.88,0.37,0.26,85.1933333333333,73.5,null,"ENOG502S66V","ENOG502RYPR","no","Tissue enhanced","Tissue enriched",-0.0311589800454429,"Nucleoplasm; Vesicles","Endoplasmic reticulum",0,1620,false]
["P21281_P38606","A0PJX2_P21281","Janes_et_al","P21281; P38606","A0PJX2; P21281","P21281","ATP6V1B2","P38606","ATP6V1A","A0PJX2","TLDC2","huMAP3_07329.1; huMAP3_08381.1; huMAP3_07099.1; huMAP3_09873.1; huMAP3_08678.1; huMAP3_13872.1; huMAP3_09242.1; huMAP3_12042.1; huMAP3_09477.1; huMAP3_10511.1","mutually_exclusive",0.63,15,187,158,92.56,77.63,12265.54,0.73,0.43,90.5223741007194,79.65625,null,"KOG1352","KOG2372","no","Low tissue specificity","Tissue enhanced",-0.238822393431679,"Vesicles; Cytosol",null,null,1623,false]
["P01568_P09914","P01568_P05013","Janes_et_al","P01568; P09914","P01568; P05013","P01568","IFNA21","P09914","IFIT1","P05013","IFNA6","huMAP3_11921.1","structurally_consistent",0.5,0,1,1,42,50,42,0.36,0.39,83.647,83.9705555555555,null,"KOG1124","ENOG502SQAC","no","Low tissue specificity","Not detected",0.527076614098133,"Cytosol",null,null,1629,false]
["Q5K4L6_Q9NR63","Q99828_Q9NR63","Janes_et_al","Q5K4L6; Q9NR63","Q99828; Q9NR63","Q9NR63","CYP26B1","Q5K4L6","SLC27A3","Q99828","CIB1","huMAP3_15113.1","mutually_exclusive",0.5,10,167,112,77.79,78.13,12990.93,0.39,0.32,78.3007407407407,80.2744,0.056,"KOG1179","KOG0034","no","Low tissue specificity","Low tissue specificity",0.207575105278629,"Endoplasmic reticulum","Nucleoplasm; Plasma membrane",0,1637,false]
["P61326_Q8WXF0","P61326_Q86U42","Janes_et_al","P61326; Q8WXF0","P61326; Q86U42","P61326","MAGOH","Q8WXF0","SRSF12","Q86U42","PABPN1","huMAP3_11073.1; huMAP3_10564.1","mutually_exclusive",0.19,15,63,45,64.76,39.29,1768.05,0.45,0.6,90.4303225806451,90.808,0.326,"KOG0118","KOG4209","no","Tissue enhanced","Low tissue specificity",0.526273624567387,null,"Nucleoplasm",null,1646,false]
["P82933_Q9BYN8","P46781_Q9BYN8","Janes_et_al","P82933; Q9BYN8","P46781; Q9BYN8","Q9BYN8","MRPS26","P82933","MRPS9","P46781","RPS9","huMAP3_05807.1","structurally_consistent",5.63,0,0,0,null,null,0,0.31,0.36,91.8610526315789,88.8326666666666,0.56,"KOG1697","KOG3301","no","Low tissue specificity","Low tissue specificity",0.0072349232640297,"Mitochondria",null,null,1655,false]
["Q3SY00_Q6N069","P41227_Q6N069","Janes_et_al","Q3SY00; Q6N069","P41227; Q6N069","Q6N069","NAA16","Q3SY00","TSGA10IP","P41227","NAA10","huMAP3_13394.1","mutually_exclusive",1.13,24,88,131,42.62,93.2,3750.56,0.56,0.73,84.6083333333333,95.9823728813559,null,"ENOG502S4NS","KOG3235","no","Tissue enriched","Low tissue specificity",-0.187020855367578,null,"Cytosol",null,1660,false]
["Q5JS54_Q99436","Q99436_Q9BT73","Janes_et_al","Q5JS54; Q99436","Q99436; Q9BT73","Q99436","PSMB7","Q5JS54","PSMG4","Q9BT73","PSMG3","huMAP3_00356.1; huMAP3_09656.1; huMAP3_13725.1","structurally_consistent",0.13,0,0,0,null,null,0,0.27,0.38,87.2876923076923,89.8895,0.792,"ENOG502S31R","KOG4828","no","Low tissue specificity","Low tissue specificity",0.380983710051663,"Nucleoplasm; Mitochondria",null,null,1670,false]
["O95816_P57076","O95816_Q9H6K1","Janes_et_al","O95816; P57076","O95816; Q9H6K1","O95816","BAG2","P57076","CFAP298","Q9H6K1","ILRUN","huMAP3_14723.1","structurally_consistent",1.81,0,0,0,null,null,0,0.25,0.27,84.57875,77.5092,0.054,"ENOG502QQ3Z","KOG4351","no","Low tissue specificity","Tissue enhanced",0.0457422685485947,"Cytosol","Nuclear speckles",0,1678,false]
["Q14197_Q9P015","Q9BYD3_Q9P015","Janes_et_al","Q14197; Q9P015","Q9BYD3; Q9P015","Q9P015","MRPL15","Q14197","MRPL58","Q9BYD3","MRPL4","huMAP3_04652.1; huMAP3_07939.1; huMAP3_06550.1; huMAP3_08458.1; huMAP3_06439.1; huMAP3_06589.1; huMAP3_09113.1; huMAP3_09483.1","structurally_consistent",0.65,0,6,5,29.87,22.41,112.05,0.64,0.69,88.8593506493506,95.6690909090909,0.986,"KOG3429","KOG1624","no","Low tissue specificity","Low tissue specificity",0.713199643566975,"Mitochondria",null,null,1680,false]
["P45880_Q9HCU5","P45880_Q7KZN9","Janes_et_al","P45880; Q9HCU5","P45880; Q7KZN9","P45880","VDAC2","Q9HCU5","PREB","Q7KZN9","COX15","huMAP3_09592.1","mutually_exclusive",0.31,12,35,59,57.77,90.92,2021.95,0.25,0.52,76.115,84.2259459459459,0.068,"KOG0771","KOG2725","no","Low tissue specificity","Low tissue specificity",0.648820197308691,"Endoplasmic reticulum","Mitochondria",0,1687,false]
["Q7LBR1_Q9Y3E7","P53990_Q9Y3E7","Janes_et_al","Q7LBR1; Q9Y3E7","P53990; Q9Y3E7","Q9Y3E7","CHMP3","Q7LBR1","CHMP1B","P53990","IST1","huMAP3_13805.1; huMAP3_10053.1","structurally_consistent",1.28,0,0,0,null,null,0,0.34,0.53,81.5496,83.9318644067796,0.186,"KOG3232","KOG2027","no","Tissue enriched","Low tissue specificity",0.216526000878759,"Nucleoplasm; Midbody","Vesicles",0,1693,false]
["P31150_Q13637","P31150_Q9H0N0","Janes_et_al","P31150; Q13637","P31150; Q9H0N0","P31150","GDI1","Q13637","RAB32","Q9H0N0","RAB6C","huMAP3_09217.1; huMAP3_11094.1; huMAP3_11860.1","mutually_exclusive",0.21,19,192,186,84.29,70.2,13057.2,0.59,0.36,85.9134042553191,80.4958333333333,0.048,"KOG4423","KOG0094","no","Tissue enhanced","Tissue enhanced",-0.205688719217703,"Cytosol","Golgi apparatus",0,1700,false]
["O95816_P0DMV9","O95816_Q9UDY4","Janes_et_al","O95816; P0DMV9","O95816; Q9UDY4","O95816","BAG2","P0DMV9","HSPA1B","Q9UDY4","DNAJB4","huMAP3_07919.1; huMAP3_14723.1; huMAP3_13774.1; huMAP3_11049.1","mutually_exclusive",7.42,14,153,118,91.35,82.23,9703.14,0.64,0.31,87.1791666666666,75.4940909090909,null,"KOG0101","KOG0714","no","Low tissue specificity","Low tissue specificity",0.110057298008197,"Vesicles; Cytosol","Nucleoplasm",0,1708,false]
["P0DPB6_P19387","P19387_Q9NQG5","Janes_et_al","P0DPB6; P19387","P19387; Q9NQG5","P19387","POLR2C","P0DPB6",null,"Q9NQG5","RPRD1B","huMAP3_11092.1; huMAP3_14318.1","mutually_exclusive",0.29,25,89,53,78.27,65.51,3472.03,0.68,0.34,93.0186746987951,85.88,0.058,"KOG3438","KOG2669","no",null,"Tissue enhanced",null,null,"Nucleoplasm",null,1717,false]
["P27348_Q9Y4H4","P15056_P27348","Janes_et_al","P27348; Q9Y4H4","P15056; P27348","P27348","YWHAQ","Q9Y4H4","GPSM3","P15056","BRAF","huMAP3_10808.1; huMAP3_09810.1; huMAP3_07596.1; huMAP3_12897.1","mutually_exclusive",0.46,28,111,127,34.86,72.68,3869.46,0.41,0.38,89.9375,84.4527272727272,0.076,"ENOG502STIS","KOG0193","no","Group enriched","Low tissue specificity",0.0009209333394526,null,"Vesicles",null,1721,false]
["P21281_P38606","P21281_Q9GZN7","Janes_et_al","P21281; P38606","P21281; Q9GZN7","P21281","ATP6V1B2","P38606","ATP6V1A","Q9GZN7","ROGDI","huMAP3_07329.1; huMAP3_08381.1; huMAP3_07099.1; huMAP3_09873.1; huMAP3_08678.1; huMAP3_13872.1; huMAP3_09242.1; huMAP3_12042.1; huMAP3_09477.1; huMAP3_10511.1","mutually_exclusive",0.84,13,181,126,91.76,78.9,9941.4,0.73,0.44,90.5223741007194,80.2,0.094,"KOG1352","KOG3992","no","Low tissue specificity","Low tissue specificity",0.263489737243111,"Vesicles; Cytosol",null,null,1731,false]
["Q13461_Q49AR2","P13725_Q49AR2","Janes_et_al","Q13461; Q49AR2","P13725; Q49AR2","Q49AR2","C5orf22","Q13461","FOXE3","P13725","OSM","huMAP3_13208.1; huMAP3_14525.1; huMAP3_14181.1","mutually_exclusive",0.31,33,127,132,62.4,65.35,7924.8,0.58,0.55,86.5785714285714,78.262,null,"KOG2294","ENOG502RVJA","no","Not detected","Tissue enriched",-0.0734885794641453,{"$nulls":3},1732,false]
["Q15369_Q96S21","Q15369_Q99619","Janes_et_al","Q15369; Q96S21","Q15369; Q99619","Q15369","ELOC","Q96S21","RAB40C","Q99619","SPSB2","huMAP3_08919.1; huMAP3_05894.1; huMAP3_09980.1; huMAP3_13601.1","mutually_exclusive",0.27,19,141,157,80.6,91.02,11364.6,0.46,0.52,92.5994285714285,90.2429545454545,null,"KOG0078","KOG3953","no","Low tissue specificity","Low tissue specificity",0.191037227624571,"Vesicles",null,null,1741,false]
["Q99436_Q9Y5K5","Q14997_Q99436","Janes_et_al","Q99436; Q9Y5K5","Q14997; Q99436","Q99436","PSMB7","Q9Y5K5","UCHL5","Q14997","PSME4","huMAP3_09656.1; huMAP3_13725.1","mutually_exclusive",0.54,10,238,299,85.82,88.49,20425.16,0.25,0.39,77.6957142857142,85.255,0.126,"KOG2778","KOG1851","no","Low tissue specificity","Tissue enhanced",0.427890372100781,"Nucleoplasm; Cytosol","Nucleoplasm",0.5,1749,false]
["P22735_Q9NU19","Q6P4A8_Q9NU19","Janes_et_al","P22735; Q9NU19","Q6P4A8; Q9NU19","Q9NU19","TBC1D22B","P22735","TGM1","Q6P4A8","PLBD1","huMAP3_09929.1","mutually_exclusive",0.27,10,414,385,89.99,92.53,37255.86,0.48,0.45,86.8523076923076,89.2578571428571,null,"ENOG502QQ46","KOG3774","no","Tissue enriched","Tissue enhanced",0.0818923075474775,"Vesicles; Plasma membrane",null,null,1758,false]
["Q9NXS3_Q9P2J3","Q9H5J0_Q9NXS3","Janes_et_al","Q9NXS3; Q9P2J3","Q9H5J0; Q9NXS3","Q9NXS3","KLHL28","Q9P2J3","KLHL9","Q9H5J0","ZBTB3","huMAP3_13639.1","mutually_exclusive",6.55,37,240,192,84.56,67.29,12919.68,0.68,0.61,89.6058333333333,88.8218918918919,null,"KOG4441","KOG1721","no","Low tissue specificity","Low tissue specificity",0.174349745746,"Cytosol","Mitochondria",0,1764,false]
["O75530_Q92800","O75530_Q5T6S3","Janes_et_al","O75530; Q92800","O75530; Q5T6S3","O75530","EED","Q92800","EZH1","Q5T6S3","PHF19","huMAP3_13482.1; huMAP3_15128.1; huMAP3_06942.1; huMAP3_15095.1; huMAP3_04977.1","mutually_exclusive",0.25,23,86,98,80.53,60.41,5920.17999999999,0.73,0.44,93.0052972972972,87.223,0.126,"KOG1079","KOG4323","no","Tissue enhanced","Low tissue specificity",0.0277758018694218,"Nucleoplasm",null,null,1774,false]
["P48547_Q14003","P48547_Q03721","Janes_et_al","P48547; Q14003","P48547; Q03721","P48547","KCNC1","Q14003","KCNC3","Q03721","KCNC4","huMAP3_11269.1","mutually_exclusive",1.86,20,50,117,29.3,80.93,1465,0.68,0.68,86.3010924369747,85.7151694915254,null,"KOG3713","KOG3713","yes","Tissue enhanced","Tissue enhanced",0.406837074694971,null,"Nucleoli; Cytosol",null,1782,false]
["Q13231_Q9HD89","P20160_Q9HD89","Janes_et_al","Q13231; Q9HD89","P20160; Q9HD89","Q9HD89","RETN","Q13231","CHIT1","P20160","AZU1","huMAP3_14295.1","mutually_exclusive",0.73,11,127,164,81.43,89.4,10341.61,0.34,0.29,73.814,78.8023076923076,null,"KOG2806","KOG3627","no","Tissue enhanced","Tissue enriched",0.73916014007177,null,"Vesicles",null,1789,false]
["O75817_Q8N5L8","Q8N5L8_Q9BUL9","Janes_et_al","O75817; Q8N5L8","Q8N5L8; Q9BUL9","Q8N5L8","RPP25L","O75817","POP7","Q9BUL9","RPP25","huMAP3_08469.1; huMAP3_00441.1; huMAP3_08418.1","mutually_exclusive",0.66,17,87,88,88.55,85.76,7546.88,0.59,0.61,94.6923913043478,92.0289583333333,0.132,"KOG3631","KOG2567","no","Low tissue specificity","Low tissue specificity",-0.130827667073643,"Nucleoli; Vesicles","Nucleoplasm",0,1791,false]
["P02675_P02679","P02679_Q8IU89","Janes_et_al","P02675; P02679","P02679; Q8IU89","P02679","FGG","P02675","FGB","Q8IU89","CERS3","huMAP3_10678.1","mutually_exclusive",3.91,26,103,75,95.24,57.72,4329,0.71,0.26,92.5590990990991,88.2825,null,"KOG2579","KOG1607","no","Tissue enriched","Tissue enhanced",-0.0489090083593949,"Endoplasmic reticulum","Nucleoplasm",0,1799,false]
["P54802_Q03405","P10696_P54802","Janes_et_al","P54802; Q03405","P10696; P54802","P54802","NAGLU","Q03405","PLAUR","P10696","ALPG","huMAP3_06775.1","structurally_consistent",0.28,0,0,0,null,null,0,0.28,0.63,75.332,91.4723809523809,null,"ENOG502S36D","KOG4126","no","Tissue enriched","Not detected",-0.0155821094921053,"Plasma membrane","Plasma membrane",1,1811,false]
["Q9H6T3_Q9NWS0","Q9NVU0_Q9NWS0","Janes_et_al","Q9H6T3; Q9NWS0","Q9NVU0; Q9NWS0","Q9NWS0","PIH1D1","Q9H6T3","RPAP3","Q9NVU0","POLR3E","huMAP3_00807.1; huMAP3_09057.1; huMAP3_14318.1; huMAP3_08487.1; huMAP3_11092.1; huMAP3_06426.1","mutually_exclusive",9.24,12,215,177,83.55,83.1,14708.7,0.69,0.47,90.6666037735849,81.0895833333333,0.042,"KOG4648","KOG2354","no","Low tissue specificity","Tissue enhanced",0.185051698654621,"Cytosol","Nucleoplasm",0,1816,false]
["Q96DV4_Q9NZE8","Q96DV4_Q9NX20","Janes_et_al","Q96DV4; Q9NZE8","Q96DV4; Q9NX20","Q96DV4","MRPL38","Q9NZE8","MRPL35","Q9NX20","MRPL16","huMAP3_06550.1; huMAP3_08458.1; huMAP3_06439.1; huMAP3_06589.1; huMAP3_09483.1","structurally_consistent",0.41,0,8,14,27.5,86.14,220,0.37,0.3,88.7915217391304,81.8593548387096,0.844,"KOG4316","KOG3422","no","Low tissue specificity","Low tissue specificity",0.830925899379534,{"$nulls":3},1821,false]
["P84243_Q9Y294","P84243_Q8NI37","Janes_et_al","P84243; Q9Y294","P84243; Q8NI37","P84243","H3-3B","Q9Y294","ASF1A","Q8NI37","PPTC7","huMAP3_12711.1","structurally_consistent",1.32,0,0,0,null,null,0,0.62,0.4,96.5261904761904,87.8718181818181,0.06,"KOG3265","KOG1379","no","Low tissue specificity","Tissue enhanced",0.199543212987359,"Nucleoplasm","Plasma membrane; Cytosol",0,1833,false]
["Q9Y5E6_Q9Y5E7","Q9Y5E6_Q9Y5G8","Janes_et_al","Q9Y5E6; Q9Y5E7","Q9Y5E6; Q9Y5G8","Q9Y5E6","PCDHB3","Q9Y5E7","PCDHB2","Q9Y5G8","PCDHGA5","huMAP3_12508.1","mutually_exclusive",1.15,29,638,648,85.46,83.79,54295.92,0.7,0.67,81.5638028169014,79.6971153846153,null,"KOG3594","KOG3594","yes","Low tissue specificity","Low tissue specificity",0.441490722198768,"Nucleoplasm","Vesicles; Plasma membrane",0,1842,false]
["O75306_Q16795","O75306_O95299","Janes_et_al","O75306; Q16795","O75306; O95299","O75306","NDUFS2","Q16795","NDUFA9","O95299","NDUFA10","huMAP3_09982.1; huMAP3_09567.1; huMAP3_14878.1; huMAP3_06397.1; huMAP3_14018.1","structurally_consistent",0.12,0,0,0,null,null,0,0.35,0.5,83.9036111111111,85.6845945945945,0.968,"KOG2865","KOG3877","no","Low tissue specificity","Tissue enhanced",0.918736693722956,"Mitochondria","Mitochondria",1,1847,false]
["P67775_Q9P289","P67775_Q06190","Janes_et_al","P67775; Q9P289","P67775; Q06190","P67775","PPP2CA","Q9P289","STK26","Q06190","PPP2R3A","huMAP3_13510.1","mutually_exclusive",0.22,16,270,224,80.36,71.24,15957.7599999999,0.29,0.51,80.848,80.546,0.042,"KOG0201","KOG2562","no","Tissue enhanced","Group enriched",-0.172784824241298,"Nucleoplasm","Golgi apparatus",0,1850,false]
["Q16576_Q9HCU9","Q149N8_Q16576","Janes_et_al","Q16576; Q9HCU9","Q149N8; Q16576","Q16576","RBBP7","Q9HCU9","BRMS1","Q149N8","SHPRH","huMAP3_13482.1; huMAP3_15128.1","structurally_consistent",0.29,0,0,0,null,null,0,0.43,0.37,92.2727777777777,83.340294117647,0.106,"KOG4466","KOG0298","no","Low tissue specificity","Low tissue specificity",-0.0651103215475155,"Centrosome","Nucleoplasm; Nuclear membrane",0,1859,false]
["P61764_P63027","P63027_Q9UEU0","Janes_et_al","P61764; P63027","P63027; Q9UEU0","P63027","VAMP2","P61764","STXBP1","Q9UEU0","VTI1B","huMAP3_13160.1","mutually_exclusive",9.75,19,2,2,72.31,82.07,144.62,0.43,0.5,81.6370588235294,81.1316666666666,0.064,"KOG1300","KOG1666","no","Tissue enhanced","Low tissue specificity",0.21407374489243,"Nucleoplasm; Cytosol","Golgi apparatus; Vesicles",0,1870,false]
["P47755_Q5VZK9","P47755_Q6F5E8","Janes_et_al","P47755; Q5VZK9","P47755; Q6F5E8","P47755","CAPZA2","Q5VZK9","CARMIL1","Q6F5E8","CARMIL2","huMAP3_10870.1; huMAP3_08077.1; huMAP3_12900.1","mutually_exclusive",0.3,16,389,379,73.03,62.79,23797.41,0.68,0.56,89.2677272727272,83.3322222222222,0.056,"KOG4242","KOG4242","yes","Low tissue specificity","Tissue enhanced",0.0188647101418571,"Cytosol",null,null,1876,false]
["P63208_Q9H4M3","P63208_Q8NEZ5","Janes_et_al","P63208; Q9H4M3","P63208; Q8NEZ5","P63208","SKP1","Q9H4M3","FBXO44","Q8NEZ5","FBXO22","huMAP3_00161.1; huMAP3_09623.1; huMAP3_14622.1","mutually_exclusive",0.29,39,232,278,93.07,90.86,25259.08,0.68,0.66,94.9882432432432,92.91,null,"ENOG502RZA6","ENOG502QSZ2","no","Tissue enhanced","Low tissue specificity",0.0395827595759989,"Nucleoplasm",null,null,1884,false]
["P63167_Q96FJ2","O14576_P63167","Janes_et_al","P63167; Q96FJ2","O14576; P63167","P63167","DYNLL1","Q96FJ2","DYNLL2","O14576","DYNC1I1","huMAP3_07734.1; huMAP3_12566.1; huMAP3_15289.1; huMAP3_08990.1; huMAP3_09802.1; huMAP3_09634.1","mutually_exclusive",0.24,19,89,179,96.48,93.92,16811.68,0.67,0.4,98.1392,82.6941176470588,0.136,"KOG3430","KOG1587","no","Low tissue specificity","Tissue enhanced",0.724865990415787,"Nucleoplasm; Cytosol",null,null,1892,false]
["P48509_Q13683","P23229_P48509","Janes_et_al","P48509; Q13683","P23229; P48509","P48509","CD151","Q13683","ITGA7","P23229","ITGA6","huMAP3_05532.1","mutually_exclusive",0.77,12,765,770,80.27,84.13,61406.55,0.26,0.28,88.3093103448276,88.0707692307692,0.088,"KOG3637","KOG3637","yes","Tissue enhanced","Low tissue specificity",0.152252674157012,"Plasma membrane",null,null,1899,false]
["Q13242_Q86W42","Q86W42_Q9BY77","Janes_et_al","Q13242; Q86W42","Q86W42; Q9BY77","Q86W42","THOC6","Q13242","SRSF9","Q9BY77","POLDIP3","huMAP3_09943.1","mutually_exclusive",0.19,23,157,123,69.05,64.02,7874.45999999999,0.35,0.45,75.255,83.2136842105263,0.192,"KOG0105","KOG0533","no","Low tissue specificity","Low tissue specificity",0.0838421871086578,"Nucleoplasm","Nuclear speckles",0,1907,false]
["O43920_O95139","O43920_P56556","Janes_et_al","O43920; O95139","O43920; P56556","O43920","NDUFS5","O95139","NDUFB6","P56556","NDUFA6","huMAP3_09982.1; huMAP3_09567.1; huMAP3_14878.1; huMAP3_06397.1; huMAP3_14018.1; huMAP3_02819.1","structurally_consistent",1.71,0,0,0,null,null,0,0.37,0.24,86.7761538461538,85.3173333333333,0.768,"KOG4633","KOG3426","no","Low tissue specificity","Low tissue specificity",0.622927653753454,"Mitochondria",null,null,1912,false]
["P82673_P82933","P82933_Q96CS4","Janes_et_al","P82673; P82933","P82933; Q96CS4","P82933","MRPS9","P82673","MRPS35","Q96CS4","ZNF689","huMAP3_05807.1","structurally_consistent",1.35,0,1,1,96.24,67,67,0.66,0.24,95.0037096774193,87.325,null,"KOG3933","KOG1721","no","Low tissue specificity","Tissue enhanced",-2.9626082587522E-3,"Mitochondria","Nucleoplasm; Nucleoli fibrillar center",0,1916,false]
["P49754_Q9P253","Q9H269_Q9P253","Janes_et_al","P49754; Q9P253","Q9H269; Q9P253","Q9P253","VPS18","P49754","VPS41","Q9H269","VPS16","huMAP3_02792.1; huMAP3_12945.1; huMAP3_13822.1; huMAP3_12433.1; huMAP3_08749.1","structurally_consistent",6.12,0,9,28,27.5,74.97,247.5,0.62,0.67,83.3716129032258,87.8508219178082,0.408,"KOG2066","KOG2280","no","Low tissue specificity","Low tissue specificity",-0.0979625705140181,{"$nulls":3},1925,false]
["O75896_Q92598","P25685_Q92598","Janes_et_al","O75896; Q92598","P25685; Q92598","Q92598","HSPH1","O75896","TUSC2","P25685","DNAJB1","huMAP3_07919.1; huMAP3_14723.1; huMAP3_13774.1; huMAP3_11049.1","structurally_consistent",0.59,0,0,0,null,null,0,0.7,0.24,91.5891666666666,78.9141666666666,0.088,"ENOG502S21H","KOG0714","no","Low tissue specificity","Low tissue specificity",0.134882889605986,"Cytosol","Nucleoplasm",0,1935,false]
["O43447_P55769","O43447_Q9BTD8","Janes_et_al","O43447; P55769","O43447; Q9BTD8","O43447","PPIH","P55769","SNU13","Q9BTD8","RBM42","huMAP3_08980.1; huMAP3_06511.1","mutually_exclusive",0.14,11,112,102,95.02,78.14,7970.28,0.47,0.4,88.4004,76.1157142857142,0.348,"KOG3387","KOG0226","no","Low tissue specificity","Low tissue specificity",0.24282415990215,null,"Nucleoplasm",null,1942,false]
["P63208_Q96IG2","P41002_P63208","Janes_et_al","P63208; Q96IG2","P41002; P63208","P63208","SKP1","Q96IG2","FBXL20","P41002","CCNF","huMAP3_14622.1","mutually_exclusive",0.36,38,379,426,94.42,90.95,38744.7,0.66,0.67,93.0701298701298,91.032794117647,null,"KOG4341","KOG0654","no","Low tissue specificity","Tissue enhanced",0.335999714341004,"Microtubules","Centrosome",0,1950,false]
["O94776_Q16576","P85037_Q16576","Janes_et_al","O94776; Q16576","P85037; Q16576","Q16576","RBBP7","O94776","MTA2","P85037","FOXK1","huMAP3_15128.1","mutually_exclusive",0.22,11,252,189,71.22,50.38,9521.82,0.58,0.28,88.1903225806451,86.4071428571428,0.164,"KOG3554","KOG2294","no","Low tissue specificity","Low tissue specificity",-0.12542784185522,"Nucleoplasm","Nucleoplasm",1,1957,false]
["Q13595_Q9P0M9","Q8TCC3_Q9P0M9","Janes_et_al","Q13595; Q9P0M9","Q8TCC3; Q9P0M9","Q9P0M9","MRPL27","Q13595","TRA2A","Q8TCC3","MRPL30","huMAP3_06589.1","mutually_exclusive",4.54,11,35,21,78.14,39.28,824.88,0.32,0.35,85.226875,85.4557692307692,0.058,"KOG0118","KOG4799","no","Low tissue specificity","Low tissue specificity",-0.268509309244023,"Nucleoli",null,null,1967,false]
["Q15906_Q8N257","P0C0S5_Q8N257","Janes_et_al","Q15906; Q8N257","P0C0S5; Q8N257","Q8N257","H2BC26","Q15906","VPS72","P0C0S5","H2AZ1","huMAP3_14306.1; huMAP3_10481.1","mutually_exclusive",2.34,26,46,50,63.01,77.78,2898.46,0.33,0.71,83.475,96.2533913043478,null,"KOG2897","KOG1757","no","Low tissue specificity","Tissue enhanced",-0.232241424977681,"Nuclear speckles","Nucleoplasm",0,1968,false]
["P16520_P62873","P16520_Q9UBI6","Janes_et_al","P16520; P62873","P16520; Q9UBI6","P16520","GNB3","P62873","GNB1","Q9UBI6","GNG12","huMAP3_11173.1; huMAP3_12729.1; huMAP3_10824.1; huMAP3_09788.1","structurally_consistent",0.38,0,0,0,null,null,0,0.36,0.72,91.9553846153846,97.5252252252252,0.162,"KOG0286","KOG4119","no","Tissue enriched","Low tissue specificity",-0.193156612018327,"Plasma membrane","Mitochondria",0,1975,false]
["P17900_Q9NU19","Q6P4A8_Q9NU19","Janes_et_al","P17900; Q9NU19","Q6P4A8; Q9NU19","Q9NU19","TBC1D22B","P17900","GM2A","Q6P4A8","PLBD1","huMAP3_09929.1","structurally_consistent",1.94,0,0,0,null,null,0,0.31,0.45,79.402,89.2578571428571,0.03,"ENOG502S05S","KOG3774","no","Low tissue specificity","Tissue enhanced",0.0282513292424897,"Vesicles; Cytosol",null,null,1983,false]
["O43240_P01023","B9A064_O43240","Janes_et_al","O43240; P01023","B9A064; O43240","O43240","KLK10","P01023","A2M","B9A064","IGLL5","huMAP3_10678.1","mutually_exclusive",1.04,12,104,72,83.38,80.09,5766.48,0.55,0.52,86.9494871794871,86.9053488372093,null,"KOG1366","ENOG502SS4M","no","Tissue enhanced","Tissue enhanced",-0.0413144693739273,{"$nulls":3},1992,false]
["O00212_O60879","O00212_Q9Y4D1","Janes_et_al","O00212; O60879","O00212; Q9Y4D1","O00212","RHOD","O60879","DIAPH2","Q9Y4D1","DAAM1","huMAP3_11861.1; huMAP3_11952.1; huMAP3_08991.1; huMAP3_10200.1","mutually_exclusive",0.2,18,512,565,81.53,83.82,41743.36,0.57,0.54,86.83,84.6756923076923,0.078,"KOG1924","KOG1922","no","Low tissue specificity","Low tissue specificity",0.0353165057692326,"Endoplasmic reticulum; Vesicles","Cytosol",0,1999,false]
["Q9BUI4_Q9NW08","P53803_Q9NW08","Janes_et_al","Q9BUI4; Q9NW08","P53803; Q9NW08","Q9NW08","POLR3B","Q9BUI4","POLR3C","P53803","POLR2K","huMAP3_09057.1; huMAP3_14318.1; huMAP3_08487.1; huMAP3_11092.1; huMAP3_06426.1","structurally_consistent",0.87,0,0,0,null,null,0,0.29,0.66,86.5715384615384,89.3328787878787,0.5305,"KOG2587","KOG3507","no","Low tissue specificity","Low tissue specificity",-0.46158736161494,"Nucleoplasm","Nucleoli fibrillar center",0,2008,false]
["P01568_P05013","P01568_Q53G44","Janes_et_al","P01568; P05013","P01568; Q53G44","P01568","IFNA21","P05013","IFNA6","Q53G44","IFI44L","huMAP3_11921.1; huMAP3_10459.1","structurally_consistent",0.63,0,0,0,null,null,0,0.39,0.29,83.9705555555555,87.13,null,"ENOG502SQAC","ENOG502QQ57","no","Not detected","Tissue enhanced",-0.0469289672997446,null,"Nucleoplasm",null,2013,false]
["P62714_Q9Y2T4","P62714_Q8TF05","Janes_et_al","P62714; Q9Y2T4","P62714; Q8TF05","P62714","PPP2CB","Q9Y2T4","PPP2R2C","Q8TF05","PPP4R1","huMAP3_07998.1; huMAP3_13510.1; huMAP3_10333.1; huMAP3_09709.1; huMAP3_06695.1","structurally_consistent",0.19,0,17,15,39.82,18.67,280.05,0.38,0.5,83.7785714285714,93.754716981132,0.054,"KOG1354","KOG0211","no","Tissue enhanced","Low tissue specificity",-0.227091998758886,"Cytosol","Nucleoplasm",0,2024,false]
["O96015_P63167","P63167_Q8WW35","Janes_et_al","O96015; P63167","P63167; Q8WW35","P63167","DYNLL1","O96015","DNAL4","Q8WW35","DYNLT2B","huMAP3_15289.1; huMAP3_12566.1","mutually_exclusive",0.3,12,86,88,96.12,89.23,7852.24,0.65,0.42,97.245306122449,89.2988,null,"KOG3430","KOG4108","no","Low tissue specificity","Low tissue specificity",0.792870827150133,"Centrosome","Cytosol",0,2025,false]
["O60610_P08134","P08134_Q9Y4D1","Janes_et_al","O60610; P08134","P08134; Q9Y4D1","P08134","RHOC","O60610","DIAPH1","Q9Y4D1","DAAM1","huMAP3_11861.1","mutually_exclusive",0.11,20,487,470,81.36,80.92,38032.4,0.62,0.63,88.5477358490566,85.3074285714285,0.108,"KOG1924","KOG1922","no","Tissue enhanced","Low tissue specificity",0.0334203557795425,"Plasma membrane; Cytosol","Cytosol",0.5,2033,false]
["P07998_P13489","P13489_P34096","Janes_et_al","P07998; P13489","P13489; P34096","P13489","RNH1","P07998","RNASE1","P34096","RNASE4","huMAP3_13506.1; huMAP3_13360.1; huMAP3_12344.1","mutually_exclusive",0.47,25,126,124,94.28,92.4,11457.6,0.72,0.72,95.0317333333333,94.5183333333333,null,"ENOG502SQ4K","ENOG502S9Q1","no","Tissue enriched","Tissue enriched",-0.0196123263487057,"Vesicles",null,null,2042,false]
["Q5M9Q1_Q9UJV9","Q8N5F7_Q9UJV9","Janes_et_al","Q5M9Q1; Q9UJV9","Q8N5F7; Q9UJV9","Q9UJV9","DDX41","Q5M9Q1","NKAPL","Q8N5F7","NKAP","huMAP3_06342.1; huMAP3_10010.1; huMAP3_10250.1","mutually_exclusive",0.2,34,136,147,63.03,64.34,8572.08,0.6,0.6,93.1368518518518,92.4668333333333,0.076,"KOG2812","KOG2812","yes","Tissue enhanced","Low tissue specificity",-0.0845916085895102,"Golgi apparatus","Nucleoplasm",0,2051,false]
["O75832_Q05086","O75832_P55036","Janes_et_al","O75832; Q05086","O75832; P55036","O75832","PSMD10","Q05086","UBE3A","P55036","PSMD4","huMAP3_09656.1; huMAP3_05064.1; huMAP3_13725.1","mutually_exclusive",0.72,23,224,216,81.58,84.48,18273.92,0.64,0.64,81.5127027027027,89.4765789473684,0.216,"KOG0941","KOG2884","no","Low tissue specificity","Low tissue specificity",0.623659293046984,"Nucleoplasm","Nucleoplasm",1,2056,false]
["P30153_Q969Q6","P30153_Q9Y5P8","Janes_et_al","P30153; Q969Q6","P30153; Q9Y5P8","P30153","PPP2R1A","Q969Q6","PPP2R3C","Q9Y5P8","PPP2R3B","huMAP3_13510.1","mutually_exclusive",0.32,18,285,312,85.93,88.79,24490.05,0.59,0.65,80.9295555555555,84.0183333333333,0.216,"KOG2562","KOG2562","yes","Low tissue specificity","Group enriched",0.106735782170248,"Nucleoplasm","Nucleoplasm",1,2066,false]
["P09661_Q15393","Q15393_Q9BWJ5","Janes_et_al","P09661; Q15393","Q15393; Q9BWJ5","Q15393","SF3B3","P09661","SNRPA1","Q9BWJ5","SF3B5","huMAP3_08980.1; huMAP3_06511.1","structurally_consistent",1.49,0,0,0,null,null,0,0.41,0.73,93.2920833333333,96.6888990825688,0.85,"KOG1644","KOG3485","no","Low tissue specificity","Low tissue specificity",0.499121120081923,"Nucleoplasm","Nucleoplasm",1,2074,false]
["P60510_Q5MIZ7","P60510_Q6NUP7","Janes_et_al","P60510; Q5MIZ7","P60510; Q6NUP7","P60510","PPP4C","Q5MIZ7","PPP4R3B","Q6NUP7","PPP4R4","huMAP3_11192.1; huMAP3_13486.1","mutually_exclusive",0.35,10,431,407,81.59,83.41,35165.29,0.68,0.67,86.6797674418604,91.9904761904762,null,"KOG2175","KOG0211","no","Low tissue specificity","Tissue enhanced",-0.327955768565807,"Nucleoplasm; Nuclear speckles","Cytosol",0,2076,false]
["O95149_P09661","P09661_Q7RTV0","Janes_et_al","O95149; P09661","P09661; Q7RTV0","P09661","SNRPA1","O95149","SNUPN","Q7RTV0","PHF5A","huMAP3_08980.1; huMAP3_06511.1","mutually_exclusive",0.61,18,174,105,87.89,79.89,8388.45,0.44,0.42,77.6732,86.4996153846153,0.256,"KOG3132","KOG1705","no","Low tissue specificity","Low tissue specificity",0.0716342651226186,"Nucleoplasm; Plasma membrane; Cytosol","Nucleoplasm",0.333333333333333,2082,false]
["P62140_Q96QC0","P62140_Q02833","Janes_et_al","P62140; Q96QC0","P62140; Q02833","P62140","PPP1CB","Q96QC0","PPP1R10","Q02833","RASSF7","huMAP3_14504.1","mutually_exclusive",0.13,34,82,117,66.68,44.35,5188.95,0.65,0.56,88.4514285714285,89.4284,0.068,"ENOG502QQ2I","KOG1574","no","Low tissue specificity","Tissue enhanced",0.562809735335905,"Nucleoplasm","Centriolar satellite",0,2091,false]
["P63208_Q8N5M4","P63208_Q8NFZ0","Janes_et_al","P63208; Q8N5M4","P63208; Q8NFZ0","P63208","SKP1","Q8N5M4","TTC9C","Q8NFZ0","FBH1","huMAP3_00161.1; huMAP3_09623.1; huMAP3_14622.1","mutually_exclusive",0.74,12,12,17,70.08,80.65,840.96,0.63,0.7,90.9597777777777,88.4632631578947,0.11,"ENOG502RXZG","KOG2108","no","Low tissue specificity","Low tissue specificity",0.202016577059925,"Nucleoplasm",null,null,2098,false]
["O75832_P49720","O75832_Q06323","Janes_et_al","O75832; P49720","O75832; Q06323","O75832","PSMD10","P49720","PSMB3","Q06323","PSME1","huMAP3_09656.1; huMAP3_13725.1","mutually_exclusive",0.36,11,155,111,84.54,83.55,9274.05,0.43,0.49,75.9123999999999,75.1225,0.546,"KOG0180","KOG4470","no","Low tissue specificity","Low tissue specificity",0.459770792865867,null,"Cytosol",null,2108,true]
["O43315_P20340","P20340_P50395","Janes_et_al","O43315; P20340","P20340; P50395","P20340","RAB6A","O43315","AQP9","P50395","GDI2","huMAP3_11860.1","mutually_exclusive",0.44,12,124,128,91.44,88.55,11334.4,0.26,0.49,72.25,82.7623529411764,null,"KOG0224","KOG1439","no","Tissue enriched","Low tissue specificity",0.427748395399938,null,"Plasma membrane; Cytosol",null,2114,false]
["Q13618_Q9P2N7","Q13618_Q53G59","Janes_et_al","Q13618; Q9P2N7","Q13618; Q53G59","Q13618","CUL3","Q9P2N7","KLHL13","Q53G59","KLHL12","huMAP3_13639.1","mutually_exclusive",1.03,20,398,367,90.46,89.64,32897.88,0.62,0.67,91.753,92.1669696969697,0.174,"KOG4441","KOG4441","yes","Tissue enhanced","Low tissue specificity",-0.0754372498087383,"Cytosol","Vesicles; Centriolar satellite",0,2118,false]
["Q8IVS2_Q96I51","Q8IVS2_Q9Y2Z4","Janes_et_al","Q8IVS2; Q96I51","Q8IVS2; Q9Y2Z4","Q8IVS2","MCAT","Q96I51","RCC1L","Q9Y2Z4","YARS2","huMAP3_09113.1; huMAP3_07939.1; huMAP3_09483.1","structurally_consistent",0.35,0,7,4,75.86,30.5,122,0.62,0.29,89.0112121212121,90.178,0.244,"KOG1426","KOG2623","no","Low tissue specificity","Low tissue specificity",0.179316828709587,"Nucleoplasm; Cytosol","Mitochondria",0,2129,false]
["O43676_P03905","O43674_P03905","Janes_et_al","O43676; P03905","O43674; P03905","P03905","MT-ND4","O43676","NDUFB3","O43674","NDUFB5","huMAP3_09982.1; huMAP3_09567.1; huMAP3_08132.1; huMAP3_14878.1; huMAP3_06397.1; huMAP3_14018.1","structurally_consistent",0.25,0,0,0,null,null,0,0.37,0.62,85.9333333333333,89.7225,0.948,"KOG4631","KOG4632","no","Tissue enhanced","Low tissue specificity",0.807432756353663,null,"Mitochondria",null,2138,false]
["Q13618_Q9H0C5","Q13618_Q9P2K6","Janes_et_al","Q13618; Q9H0C5","Q13618; Q9P2K6","Q13618","CUL3","Q9H0C5","BTBD1","Q9P2K6","KLHL42","huMAP3_08550.1; huMAP3_14528.1; huMAP3_07590.1; huMAP3_09779.1","mutually_exclusive",1.25,22,165,158,88.97,84.49,13349.42,0.66,0.56,91.1184848484848,90.741,0.074,"KOG2075","KOG1072","no","Tissue enhanced","Low tissue specificity",-0.373395035686026,"Cytoplasmic bodies",null,null,2139,false]
["O95168_P49821","O75306_P49821","Janes_et_al","O95168; P49821","O75306; P49821","P49821","NDUFV1","O95168","NDUFB4","O75306","NDUFS2","huMAP3_09982.1; huMAP3_09567.1; huMAP3_14878.1; huMAP3_06397.1; huMAP3_14018.1","structurally_consistent",0.08,0,0,0,null,null,0,0.32,0.51,80.9622222222222,86.7525,0.738,"ENOG502S2HF","KOG2870","no","Tissue enhanced","Tissue enhanced",0.853931222999599,"Mitochondria","Mitochondria",1,2147,false]
["P51153_Q92696","Q92696_Q96I34","Janes_et_al","P51153; Q92696","Q92696; Q96I34","Q92696","RABGGTA","P51153","RAB13","Q96I34","PPP1R16A","huMAP3_11094.1","structurally_consistent",0.36,0,0,0,null,null,0,0.4,0.54,84.52375,84.356,0.082,"KOG0078","KOG0505","no","Low tissue specificity","Low tissue specificity",0.0063832311498754,"Plasma membrane; Cytosol","Plasma membrane",0.5,2156,false]
["P61962_Q8NCN4","P61962_Q53LP3","Janes_et_al","P61962; Q8NCN4","P61962; Q53LP3","P61962","DCAF7","Q8NCN4","RNF169","Q53LP3","SOWAHC","huMAP3_11826.1; huMAP3_12811.1; huMAP3_11527.1","mutually_exclusive",0.39,38,175,143,34.03,50.6,5955.25,0.36,0.58,90.5005263157894,82.0447368421052,0.116,"KOG4159","ENOG502QVDE","no","Low tissue specificity","Low tissue specificity",0.242599246592962,"Nucleoplasm; Nuclear bodies","Cytosol",0,2162,false]
["Q9UGJ0_Q9Y478","P54619_Q9Y478","Janes_et_al","Q9UGJ0; Q9Y478","P54619; Q9Y478","Q9Y478","PRKAB1","Q9UGJ0","PRKAG2","P54619","PRKAG1","huMAP3_01652.1; huMAP3_12203.1","mutually_exclusive",2.37,22,321,318,90.75,88.38,28104.84,0.67,0.66,96.8717307692307,93.9603508771929,0.12,"KOG1764","KOG1764","yes","Tissue enhanced","Low tissue specificity",0.220528133290565,"Nucleoplasm","Cytosol",0,2172,false]
["P50452_Q9NU19","P22735_Q9NU19","Janes_et_al","P50452; Q9NU19","P22735; Q9NU19","Q9NU19","TBC1D22B","P50452","SERPINB8","P22735","TGM1","huMAP3_09929.1","mutually_exclusive",2.36,11,267,321,83.32,88.4,22246.44,0.41,0.48,76.0807692307692,86.8523076923076,0.074,"KOG2392","ENOG502QQ46","no","Tissue enhanced","Tissue enriched",0.357834473606259,"Nucleoplasm","Vesicles; Plasma membrane",0,2181,false]
["P47755_P52907","P52907_Q6JBY9","Janes_et_al","P47755; P52907","P52907; Q6JBY9","P52907","CAPZA1","P47755","CAPZA2","Q6JBY9","RCSD1","huMAP3_10870.1; huMAP3_02458.1; huMAP3_06652.1; huMAP3_08077.1; huMAP3_12900.1","mutually_exclusive",0.24,32,83,44,92.01,42.25,1859,0.7,0.45,85.8383193277311,88.9665517241379,0.118,"KOG0836","ENOG502SRPU","no","Low tissue specificity","Tissue enhanced",0.517395055992239,"Cytosol","Plasma membrane",0,2187,false]
["P62140_Q96T49","P62140_Q15435","Janes_et_al","P62140; Q96T49","P62140; Q15435","P62140","PPP1CB","Q96T49","PPP1R16B","Q15435","PPP1R7","huMAP3_14504.1","mutually_exclusive",0.09,14,63,51,83.36,62.82,3203.82,0.69,0.71,91.007794117647,93.3153968253968,0.09,"KOG0505","KOG0531","no","Tissue enhanced","Low tissue specificity",0.476887028669384,"Plasma membrane","Nucleoli",0,2196,false]
["P62306_Q9BQA1","O95149_P62306","Janes_et_al","P62306; Q9BQA1","O95149; P62306","P62306","SNRPF","Q9BQA1","WDR77","O95149","SNUPN","huMAP3_08980.1; huMAP3_06511.1","mutually_exclusive",0.33,10,229,179,92.74,83.96,15028.8399999999,0.32,0.33,74.38,86.5003448275862,0.216,"KOG0284","KOG3132","no","Tissue enhanced","Low tissue specificity",0.267996112876059,"Nucleoplasm; Cytosol","Nucleoplasm; Plasma membrane; Cytosol",0.666666666666666,2203,false]
["P42025_P61163","P47755_P61163","Janes_et_al","P42025; P61163","P47755; P61163","P61163","ACTR1A","P42025","ACTR1B","P47755","CAPZA2","huMAP3_12900.1","structurally_consistent",0.41,0,0,0,null,null,0,0.61,0.41,87.1626923076923,89.450625,0.406,"KOG0676","KOG0836","no","Low tissue specificity","Low tissue specificity",0.314475892509336,"Microtubules","Cytosol",0,2204,false]
["Q16539_Q16829","P49137_Q16539","Janes_et_al","Q16539; Q16829","P49137; Q16539","Q16539","MAPK14","Q16829","DUSP7","P49137","MAPKAPK2","huMAP3_14776.1","mutually_exclusive",0.36,34,169,159,73.26,83.09,12380.94,0.56,0.7,83.7301428571428,91.0903883495145,null,"KOG1717","KOG0604","no","Tissue enhanced","Low tissue specificity",0.0657730818211641,null,"Nucleoplasm",null,2213,false]
["P61421_Q96LB4","P61421_Q9Y5K8","Janes_et_al","P61421; Q96LB4","P61421; Q9Y5K8","P61421","ATP6V0D1","Q96LB4","ATP6V1G3","Q9Y5K8","ATP6V1D","huMAP3_08381.1; huMAP3_12042.1; huMAP3_09477.1; huMAP3_10511.1","mutually_exclusive",0.81,21,50,70,60.24,91.7,3012,0.4,0.68,82.1119047619047,89.6034782608695,null,"KOG1772","KOG1647","no","Tissue enriched","Low tissue specificity",0.267216223033776,null,"Plasma membrane",null,2224,false]
["O96020_P61024","P0CI25_P61024","Janes_et_al","O96020; P61024","P0CI25; P61024","P61024","CKS1B","O96020","CCNE2","P0CI25","TRIM49","huMAP3_14722.1; huMAP3_10449.1","mutually_exclusive",0.27,10,60,74,67.97,88.67,4078.2,0.32,0.53,79.82,93.8959259259259,null,"KOG0655","KOG2177","no","Tissue enhanced","Not detected",0.236399930075318,{"$nulls":3},2229,false]
["P09001_Q9NRX2","P09001_Q9NPE2","Janes_et_al","P09001; Q9NRX2","P09001; Q9NPE2","P09001","MRPL3","Q9NRX2","MRPL17","Q9NPE2","NGRN","huMAP3_07939.1; huMAP3_08458.1; huMAP3_06439.1; huMAP3_06589.1; huMAP3_09113.1; huMAP3_09483.1","structurally_consistent",0.22,0,0,0,null,null,0,0.25,0.34,92.591304347826,80.7045454545454,0.387647058823529,"KOG3280","ENOG502S5A6","no","Low tissue specificity","Tissue enhanced",0.152093228023345,null,"Mitochondria",null,2238,false]
["P32322_Q96C36","P32322_Q9UKK9","Janes_et_al","P32322; Q96C36","P32322; Q9UKK9","P32322","PYCR1","Q96C36","PYCR2","Q9UKK9","NUDT5","huMAP3_10767.1","structurally_consistent",0.21,0,18,9,97.67,35.12,316.08,0.73,0.37,97.5723979591836,88.2780769230769,0.1,"KOG3124","KOG3041","no","Low tissue specificity","Low tissue specificity",-0.110281312946244,"Mitochondria","Vesicles",0,2244,false]
["P78334_Q7Z2K6","Q401N2_Q7Z2K6","Janes_et_al","P78334; Q7Z2K6","Q401N2; Q7Z2K6","Q7Z2K6","ERMP1","P78334","GABRE","Q401N2","ZACN","huMAP3_15126.1","mutually_exclusive",0.11,25,356,345,79.55,71.84,24784.8,0.66,0.69,89.8575,84.2711111111111,null,"KOG3642","KOG3645","no","Tissue enhanced","Not detected",-0.0965879941411638,{"$nulls":3},2255,false]
["P39023_P61313","P17020_P39023","Janes_et_al","P39023; P61313","P17020; P39023","P39023","RPL3","P61313","RPL15","P17020","ZNF16","huMAP3_08465.1","structurally_consistent",0.84,0,36,16,95.67,28.04,448.64,0.41,0.37,92.5378571428571,78.8704545454545,null,"KOG1678","KOG1721","no","Low tissue specificity","Low tissue specificity",0.372118635574441,null,"Nucleoli",null,2256,false]
["P13073_P22695","P22695_Q9H7Z7","Janes_et_al","P13073; P22695","P22695; Q9H7Z7","P22695","UQCRC2","P13073","COX4I1","Q9H7Z7","PTGES2","huMAP3_12621.1; huMAP3_10623.1; huMAP3_12457.1","mutually_exclusive",0.17,21,52,80,67.71,72.09,3520.92,0.55,0.62,79.7066666666666,81.235,0.154,"KOG4075","KOG3029","no","Low tissue specificity","Low tissue specificity",0.815169828335388,"Mitochondria",null,null,2266,false]
["P49321_Q9NVP2","P54198_Q9NVP2","Janes_et_al","P49321; Q9NVP2","P54198; Q9NVP2","Q9NVP2","ASF1B","P49321","NASP","P54198","HIRA","huMAP3_08143.1; huMAP3_10747.1; huMAP3_05517.1; huMAP3_09859.1; huMAP3_12711.1","mutually_exclusive",0.92,20,232,298,75.65,83.01,17550.8,0.29,0.52,88.719,89.018947368421,null,"KOG4563","KOG0973","no","Low tissue specificity","Tissue enhanced",0.146585732662283,"Nucleoplasm","Nucleoplasm",1,2272,false]
["Q9Y5G2_Q9Y5G7","Q9Y5G1_Q9Y5G2","Janes_et_al","Q9Y5G2; Q9Y5G7","Q9Y5G1; Q9Y5G2","Q9Y5G2","PCDHGB2","Q9Y5G7","PCDHGA6","Q9Y5G1","PCDHGB3","huMAP3_12508.1","mutually_exclusive",2.89,24,634,623,81.36,85.99,51582.24,0.65,0.69,80.0155737704918,83.0359595959596,null,"KOG3594","KOG3594","yes","Low tissue specificity","Low tissue specificity",0.770771875300973,"Nucleoplasm; Plasma membrane","Plasma membrane",0.5,2281,false]
["Q8N257_Q9BTT0","Q8N257_Q99880","Janes_et_al","Q8N257; Q9BTT0","Q8N257; Q99880","Q8N257","H2BC26","Q9BTT0","ANP32E","Q99880","H2BC13","huMAP3_10862.1; huMAP3_09466.1","mutually_exclusive",1.76,11,27,22,73.41,72.58,1596.76,0.54,0.69,89.8776470588235,90.6563636363636,null,"KOG2739","KOG1744","no","Low tissue specificity","Tissue enriched",0.399445836772629,"Nucleoplasm","Nucleoplasm",1,2289,false]
["O60330_Q9Y5G9","Q9Y5G6_Q9Y5G9","Janes_et_al","O60330; Q9Y5G9","Q9Y5G6; Q9Y5G9","Q9Y5G9","PCDHGA4","O60330","PCDHGA12","Q9Y5G6","PCDHGA7","huMAP3_15074.1; huMAP3_10950.1; huMAP3_13117.1; huMAP3_14780.1; huMAP3_12589.1; huMAP3_10439.1; huMAP3_14639.1; huMAP3_11217.1; huMAP3_13661.1","mutually_exclusive",1.13,28,674,670,81.03,80.78,54122.6,0.66,0.66,79.3975438596491,79.405,null,"KOG3594","KOG3594","yes","Tissue enhanced","Tissue enhanced",0.2934534813107,"Vesicles; Plasma membrane","Vesicles; Plasma membrane",1,2295,false]
["Q7Z434_Q9NZL4","P11142_Q9NZL4","Janes_et_al","Q7Z434; Q9NZL4","P11142; Q9NZL4","Q9NZL4","HSPBP1","Q7Z434","MAVS","P11142","HSPA8","huMAP3_14723.1","mutually_exclusive",1.57,21,102,125,84.97,92.15,8666.94,0.55,0.69,88.6389130434782,89.6096551724138,0.332,"ENOG502SAUA","KOG0101","no","Low tissue specificity","Low tissue specificity",0.614721251350965,"Mitochondria","Nucleoplasm",0,2304,false]
["O75348_P36543","P36543_Q96LB4","Janes_et_al","O75348; P36543","P36543; Q96LB4","P36543","ATP6V1E1","O75348","ATP6V1G1","Q96LB4","ATP6V1G3","huMAP3_07329.1; huMAP3_08381.1; huMAP3_07099.1; huMAP3_09873.1; huMAP3_08678.1; huMAP3_13872.1; huMAP3_09242.1; huMAP3_12042.1; huMAP3_09477.1; huMAP3_10511.1","mutually_exclusive",0.71,58,118,118,91.38,87.54,10329.72,0.72,0.72,93.9040151515151,93.0199180327868,null,"KOG1772","KOG1772","yes","Low tissue specificity","Tissue enriched",0.209614364938895,"Nucleoli",null,null,2308,false]
["O14775_P49802","O14775_P49758","Janes_et_al","O14775; P49802","O14775; P49758","O14775","GNB5","P49802","RGS7","P49758","RGS6","huMAP3_11522.1; huMAP3_03876.1; huMAP3_11254.1","mutually_exclusive",0.16,86,444,444,88.48,87.97,39058.68,0.73,0.73,94.3592670157068,94.7917934782608,null,"KOG3589","KOG3589","yes","Tissue enriched","Tissue enhanced",0.390086545097211,"Cytosol","Nucleoplasm",0,2311,false]
["Q14201_Q9UIV1","Q92600_Q9UIV1","Janes_et_al","Q14201; Q9UIV1","Q92600; Q9UIV1","Q9UIV1","CNOT7","Q14201","BTG3","Q92600","CNOT9","huMAP3_00551.1; huMAP3_11224.1","structurally_consistent",0.33,0,17,24,19.63,78.95,333.71,0.43,0.51,90.3033333333333,92.7366666666666,0.06,"KOG4006","KOG3036","no","Low tissue specificity","Low tissue specificity",0.0764497958663162,null,"Cytoplasmic bodies",null,2320,false]
["O95900_Q8TCC3","Q8TCC3_Q9NX20","Janes_et_al","O95900; Q8TCC3","Q8TCC3; Q9NX20","Q8TCC3","MRPL30","O95900","TRUB2","Q9NX20","MRPL16","huMAP3_07939.1; huMAP3_06550.1; huMAP3_08458.1; huMAP3_06439.1; huMAP3_06589.1; huMAP3_09113.1; huMAP3_09483.1","mutually_exclusive",0.92,12,77,62,76.64,92.85,5901.28,0.29,0.42,75.1525,90.9308,0.678,"KOG2559","KOG3422","no","Low tissue specificity","Low tissue specificity",0.529505867685248,{"$nulls":3},2329,false]
["P21912_Q5VUM1","P21912_P31040","Janes_et_al","P21912; Q5VUM1","P21912; P31040","P21912","SDHB","Q5VUM1","SDHAF4","P31040","SDHA","huMAP3_12069.1","mutually_exclusive",0.18,17,64,144,57.16,88.97,3658.24,0.34,0.73,72.7766666666666,97.7673809523809,0.07,"KOG3245","KOG2403","no","Low tissue specificity","Tissue enhanced",0.482860565048742,"Mitochondria","Mitochondria",1,2336,false]
["P51398_P84103","P51398_P82912","Janes_et_al","P51398; P84103","P51398; P82912","P51398","DAP3","P84103","SRSF3","P82912","MRPS11","huMAP3_05807.1","structurally_consistent",0.37,0,0,0,null,null,0,0.26,0.25,86.104,76.42,0.238,"KOG0107","KOG0408","no","Low tissue specificity","Low tissue specificity",-0.322652127229469,"Nucleoplasm","Mitochondria",0,2343,false]
["P61160_Q8WUH1","O15511_P61160","Janes_et_al","P61160; Q8WUH1","O15511; P61160","P61160","ACTR2","Q8WUH1","CHURC1","O15511","ARPC5","huMAP3_14624.1; huMAP3_13904.1; huMAP3_04814.1; huMAP3_09309.1","structurally_consistent",0.66,0,0,0,null,null,0,0.71,0.41,94.3143076923077,90.6485714285714,0.074,"ENOG502S4AE","KOG3380","no","Low tissue specificity","Low tissue specificity",0.109365972441663,"Cytosol","Vesicles; Plasma membrane; Cell Junctions; Cytosol",0.25,2353,false]
["O60656_Q9HAW7","O60656_Q9HAW8","Janes_et_al","O60656; Q9HAW7","O60656; Q9HAW8","O60656","UGT1A9","Q9HAW7","UGT1A7","Q9HAW8","UGT1A10","huMAP3_07795.1; huMAP3_15253.1; huMAP3_12361.1; huMAP3_00604.1; huMAP3_15114.1; huMAP3_12137.1","mutually_exclusive",0.13,40,519,518,90.1,90.01,46625.18,0.72,0.72,97.5038235294117,97.3977083333333,null,"KOG1192","KOG1192","yes","Tissue enriched","Tissue enhanced",0.0638002451943621,{"$nulls":3},2360,false]
["P30876_Q9NQG5","P30876_Q14241","Janes_et_al","P30876; Q9NQG5","P30876; Q14241","P30876","POLR2B","Q9NQG5","RPRD1B","Q14241","ELOA","huMAP3_11092.1; huMAP3_09843.1; huMAP3_07749.1; huMAP3_07454.1","structurally_consistent",0.55,0,33,14,82.61,20.07,280.98,0.56,0.45,79.7253571428571,82.6935897435897,0.03,"KOG2669","KOG2821","no","Tissue enhanced","Low tissue specificity",0.51711094552229,"Nucleoplasm","Nuclear speckles",0,2364,false]
["Q9HB90_Q9NQL2","Q6IAA8_Q9NQL2","Janes_et_al","Q9HB90; Q9NQL2","Q6IAA8; Q9NQL2","Q9NQL2","RRAGD","Q9HB90","RRAGC","Q6IAA8","LAMTOR1","huMAP3_05542.1; huMAP3_14108.1; huMAP3_08350.1; huMAP3_14708.1; huMAP3_02963.1","mutually_exclusive",0.79,10,44,15,84.02,49.19,737.849999999999,0.51,0.52,79.2914285714285,93.0987804878048,0.262,"KOG3887","ENOG502RYX2","no","Low tissue specificity","Low tissue specificity",-0.0341922870398602,"Nucleoplasm; Vesicles","Golgi apparatus",0,2368,false]
["Q9BZE1_Q9NP92","Q9BYD6_Q9BZE1","Janes_et_al","Q9BZE1; Q9NP92","Q9BYD6; Q9BZE1","Q9BZE1","MRPL37","Q9NP92","MRPS30","Q9BYD6","MRPL1","huMAP3_07939.1; huMAP3_06550.1; huMAP3_08458.1; huMAP3_06439.1; huMAP3_06589.1; huMAP3_09113.1; huMAP3_09483.1","structurally_consistent",0.42,0,80,28,94.6,17.82,498.96,0.71,0.25,94.3360563380281,84.258,0.938,"KOG4461","KOG1569","no","Low tissue specificity","Low tissue specificity",0.812040212562991,null,"Mitochondria",null,2376,false]
["P51398_Q9Y2R9","P51398_P84103","Janes_et_al","P51398; Q9Y2R9","P51398; P84103","P51398","DAP3","Q9Y2R9","MRPS7","P84103","SRSF3","huMAP3_05807.1","structurally_consistent",0.35,0,0,0,null,null,0,0.59,0.26,95.6295238095238,86.104,0.172,"KOG3291","KOG0107","no","Low tissue specificity","Low tissue specificity",-0.124176061321525,"Mitochondria","Nucleoplasm",0,2385,false]
["P12724_P13489","P09017_P13489","Janes_et_al","P12724; P13489","P09017; P13489","P13489","RNH1","P12724","RNASE3","P09017","HOXC4","huMAP3_13506.1; huMAP3_12344.1","mutually_exclusive",0.36,21,104,65,91.1,70.06,4553.9,0.72,0.57,93.7547826086956,82.5388461538461,null,"ENOG502TF52","KOG0489","no","Tissue enriched","Tissue enhanced",-0.0960508737261154,null,"Nucleoplasm",null,2393,false]
["Q13084_Q9NP92","Q13084_Q16540","Janes_et_al","Q13084; Q9NP92","Q13084; Q16540","Q13084","MRPL28","Q9NP92","MRPS30","Q16540","MRPL23","huMAP3_07939.1; huMAP3_03763.1; huMAP3_06550.1; huMAP3_08458.1; huMAP3_06439.1; huMAP3_06589.1; huMAP3_09113.1; huMAP3_09483.1","structurally_consistent",0.38,0,0,0,null,null,0,0.29,0.54,83.63,92.5911764705882,0.784,"KOG4461","KOG4089","no","Low tissue specificity","Low tissue specificity",0.554372239703592,null,"Nucleoli fibrillar center; Mitochondria",null,2402,false]
["P15884_Q6XD76","P15884_Q7RTU0","Janes_et_al","P15884; Q6XD76","P15884; Q7RTU0","P15884","TCF4","Q6XD76","ASCL4","Q7RTU0","TCF24","huMAP3_11621.1","mutually_exclusive",8.5,15,201,194,60.98,58.8,11407.2,0.49,0.48,95.2184444444444,94.72,null,"KOG4029","KOG4029","yes","Not detected","Tissue enhanced",0.0578790328837164,{"$nulls":3},2406,false]
["O95067_P24941","O95067_Q99640","Janes_et_al","O95067; P24941","O95067; Q99640","O95067","CCNB2","P24941","CDK2","Q99640","PKMYT1","huMAP3_06587.1; huMAP3_10449.1","mutually_exclusive",0.86,22,132,91,95.09,55.29,5031.39,0.71,0.33,92.4309195402298,84.861,0.184,"KOG0594","KOG0601","no","Low tissue specificity","Tissue enhanced",0.13543570699058,"Nucleoplasm","Golgi apparatus",0,2417,false]
["P21579_P60880","P60880_P61266","Janes_et_al","P21579; P60880","P60880; P61266","P60880","SNAP25","P21579","SYT1","P61266","STX1B","huMAP3_11626.1","mutually_exclusive",1.34,13,4,5,21.9,84.94,87.6,0.55,0.68,93.8345161290322,90.7126732673267,null,"KOG1028","KOG0810","no","Group enriched","Tissue enriched",0.814540252109448,null,"Vesicles",null,2426,false]
["P05230_P09038","P05230_P51654","Janes_et_al","P05230; P09038","P05230; P51654","P05230","FGF1","P09038","FGF2","P51654","GPC3","huMAP3_13917.1","mutually_exclusive",0.34,11,96,112,75.67,81.48,7264.32,0.25,0.42,81.9407692307692,87.8414285714285,null,"KOG3885","KOG3821","no","Low tissue specificity","Tissue enriched",0.0594592658270533,"Nucleoplasm; Nuclear bodies","Plasma membrane",0,2433,false]
["O94952_P63208","P63208_Q96CD0","Janes_et_al","O94952; P63208","P63208; Q96CD0","P63208","SKP1","O94952","FBXO21","Q96CD0","FBXL8","huMAP3_00161.1; huMAP3_05528.1; huMAP3_09623.1; huMAP3_14622.1","mutually_exclusive",0.27,36,153,169,89.95,86.53,14623.57,0.65,0.66,93.4120833333333,90.2795081967213,0.062,"ENOG502QS7Z","ENOG502QU59","no","Tissue enhanced","Low tissue specificity",0.0863107152890423,"Mitochondria","Golgi apparatus",0,2435,false]
["Q7RTV0_Q9GZS3","Q6PID6_Q9GZS3","Janes_et_al","Q7RTV0; Q9GZS3","Q6PID6; Q9GZS3","Q9GZS3","SKIC8","Q7RTV0","PHF5A","Q6PID6","TTC33","huMAP3_03766.1; huMAP3_10359.1; huMAP3_06456.1","mutually_exclusive",0.25,17,79,67,71.85,95.4,5676.15,0.39,0.67,77.5714285714285,95.2286842105263,0.262,"KOG1705","KOG0553","no","Low tissue specificity","Low tissue specificity",-0.101188245211897,"Nucleoplasm","Nucleoplasm",1,2443,false]
["P0C0S5_Q96A08","P0C0S5_Q9BTT0","Janes_et_al","P0C0S5; Q96A08","P0C0S5; Q9BTT0","P0C0S5","H2AZ1","Q96A08","H2BC1","Q9BTT0","ANP32E","huMAP3_14306.1; huMAP3_06556.1; huMAP3_10862.1; huMAP3_10481.1; huMAP3_09466.1","mutually_exclusive",1.79,31,17,34,75.56,89.11,1284.52,0.71,0.45,96.0203571428571,84.6039534883721,0.234,"KOG1744","KOG2739","no","Tissue enriched","Low tissue specificity",-0.163214064594325,null,"Nucleoplasm",null,2455,false]
["Q15029_Q53GS9","P62318_Q15029","Janes_et_al","Q15029; Q53GS9","P62318; Q15029","Q15029","EFTUD2","Q53GS9","USP39","P62318","SNRPD3","huMAP3_08980.1","structurally_consistent",0.25,0,0,0,null,null,0,0.7,0.37,85.8413541666666,86.2704347826087,0.832,"KOG2026","KOG3172","no","Low tissue specificity","Low tissue specificity",0.812740386396961,"Nucleoplasm","Nucleoplasm",1,2460,false]
["Q06136_Q96G23","Q06136_Q6ZMG9","Janes_et_al","Q06136; Q96G23","Q06136; Q6ZMG9","Q06136","KDSR","Q96G23","CERS2","Q6ZMG9","CERS6","huMAP3_08393.1; huMAP3_05994.1; huMAP3_11095.1; huMAP3_09307.1","mutually_exclusive",0.06,14,257,279,81.19,84.81,20865.83,0.34,0.34,77.62625,79.799,0.084,"KOG1607","KOG1607","yes","Tissue enhanced","Low tissue specificity",-0.0409460191884063,"Nuclear membrane; Endoplasmic reticulum",null,null,2468,false]
["Q16629_Q96J01","Q96J01_Q9NYF8","Janes_et_al","Q16629; Q96J01","Q96J01; Q9NYF8","Q96J01","THOC3","Q16629","SRSF7","Q9NYF8","BCLAF1","huMAP3_09943.1","mutually_exclusive",0.3,18,45,47,46.24,43.15,2028.05,0.37,0.44,72.4149999999999,90.2216129032258,0.836,"KOG0107","ENOG502QZG7","no","Low tissue specificity","Tissue enhanced",0.741235673864265,"Nucleoplasm","Nuclear speckles",0,2477,false]
["A6NEL2_P61962","P61962_Q13627","Janes_et_al","A6NEL2; P61962","P61962; Q13627","P61962","DCAF7","A6NEL2","SOWAHB","Q13627","DYRK1A","huMAP3_11826.1; huMAP3_10225.1; huMAP3_11527.1","mutually_exclusive",0.43,14,121,178,54.99,85.79,6653.79,0.53,0.65,85.8045,94.2857627118644,null,"ENOG502QRSJ","KOG0667","no","Tissue enhanced","Low tissue specificity",-0.213728381563386,"Nucleoli fibrillar center","Cytosol",0,2484,false]
["O75306_Q9BU61","O75306_Q9P0J0","Janes_et_al","O75306; Q9BU61","O75306; Q9P0J0","O75306","NDUFS2","Q9BU61","NDUFAF3","Q9P0J0","NDUFA13","huMAP3_09982.1; huMAP3_09567.1; huMAP3_14878.1; huMAP3_06397.1; huMAP3_14018.1; huMAP3_04643.1","structurally_consistent",0.25,0,0,0,null,null,0,0.29,0.57,80.7361538461538,94.2302127659574,0.07,"KOG3363","KOG3300","no","Tissue enhanced","Low tissue specificity",0.400269617928544,null,"Mitochondria",null,2485,false]
["Q13618_Q9H0C5","Q13618_Q9BX70","Janes_et_al","Q13618; Q9H0C5","Q13618; Q9BX70","Q13618","CUL3","Q9H0C5","BTBD1","Q9BX70","BTBD2","huMAP3_08550.1; huMAP3_14528.1; huMAP3_07590.1; huMAP3_09779.1","mutually_exclusive",0.4,27,436,436,85.92,86.62,37461.12,0.66,0.67,91.1184848484848,90.27921875,0.13,"KOG2075","KOG2075","yes","Tissue enhanced","Tissue enhanced",0.11143371958502,"Cytoplasmic bodies",null,null,2498,true]
["P47985_P49821","P49821_P56181","Janes_et_al","P47985; P49821","P49821; P56181","P49821","NDUFV1","P47985","UQCRFS1","P56181","NDUFV3","huMAP3_09982.1; huMAP3_14018.1","structurally_consistent",0.1,0,0,0,null,null,0,0.6,0.67,87.0428205128205,97.1054716981132,0.706,"KOG1671","ENOG502S46A","no","Tissue enhanced","Tissue enhanced",0.618035468292515,"Mitochondria","Mitochondria",1,2499,false]
["Q10567_Q8NC96","O14976_Q10567","Janes_et_al","Q10567; Q8NC96","O14976; Q10567","Q10567","AP1B1","Q8NC96","NECAP1","O14976","GAK","huMAP3_12918.1; huMAP3_10762.1; huMAP3_12394.1","structurally_consistent",5.3,0,10,6,47.7,17.25,103.5,0.63,0.4,85.5681355932203,86.656129032258,0.092,"KOG2500","KOG0431; KOG1989; KOG2283","no","Tissue enhanced","Low tissue specificity",0.056402900864618,"Vesicles","Golgi apparatus",0,2508,false]
["Q09028_Q9UBB5","O75530_Q09028","Janes_et_al","Q09028; Q9UBB5","O75530; Q09028","Q09028","RBBP4","Q9UBB5","MBD2","O75530","EED","huMAP3_15128.1","mutually_exclusive",0.17,16,87,114,68.26,92.12,5938.62,0.4,0.61,90.210303030303,82.8789743589743,0.064,"KOG4161","KOG1034","no","Low tissue specificity","Low tissue specificity",0.564089611531126,"Nucleoplasm","Nucleoplasm",1,2518,false]
["P21283_Q9Y5K8","P61421_Q9Y5K8","Janes_et_al","P21283; Q9Y5K8","P61421; Q9Y5K8","Q9Y5K8","ATP6V1D","P21283","ATP6V1C1","P61421","ATP6V0D1","huMAP3_08381.1; huMAP3_05805.1; huMAP3_10516.1; huMAP3_12042.1; huMAP3_09477.1; huMAP3_10511.1","structurally_consistent",1.6,0,0,0,null,null,0,0.25,0.68,80.2304347826087,89.6034782608695,0.21,"KOG2909","KOG2957","no","Low tissue specificity","Low tissue specificity",0.43095499469863,"Nucleoplasm",null,null,2523,false]
["O95970_Q9P0K1","O75077_O95970","Janes_et_al","O95970; Q9P0K1","O75077; O95970","O95970","LGI1","Q9P0K1","ADAM22","O75077","ADAM23","huMAP3_10589.1; huMAP3_11788.1","mutually_exclusive",1.45,35,672,664,83.71,81.08,53837.12,0.65,0.59,89.6367741935483,85.0959459459459,null,"KOG3607","KOG3607","yes","Tissue enriched","Tissue enhanced",0.268004798400429,"Cell Junctions",null,null,2531,false]
["P78346_Q969H6","P78346_Q9H633","Janes_et_al","P78346; Q969H6","P78346; Q9H633","P78346","RPP30","Q969H6","POP5","Q9H633","RPP21","huMAP3_12090.1; huMAP3_08469.1; huMAP3_08418.1; huMAP3_06709.1","structurally_consistent",0.32,0,0,0,null,null,0,0.67,0.4,95.918,84.8631034482758,0.222,"KOG4639","KOG4394","no","Low tissue specificity","Low tissue specificity",0.696161449548285,"Nucleoplasm",null,null,2540,false]
["O15131_Q8N9Q2","O15131_O60942","Janes_et_al","O15131; Q8N9Q2","O15131; O60942","O15131","KPNA5","Q8N9Q2","SREK1IP1","O60942","RNGTT","huMAP3_07855.1; huMAP3_09694.1","mutually_exclusive",0.33,28,55,76,43.57,72.18,2396.35,0.63,0.67,93.4302702702702,86.8017948717948,0.146,"KOG2985","KOG2386","no","Low tissue specificity","Low tissue specificity",0.222343087385094,"Nucleoplasm; Nucleoli","Nucleoplasm",0.5,2541,false]
["Q66LE6_Q9Y2T4","Q9NUC0_Q9Y2T4","Janes_et_al","Q66LE6; Q9Y2T4","Q9NUC0; Q9Y2T4","Q9Y2T4","PPP2R2C","Q66LE6","PPP2R2D","Q9NUC0","SERTAD4","huMAP3_10333.1; huMAP3_13510.1","mutually_exclusive",0.43,11,133,69,88.07,38.26,2639.94,0.55,0.58,88.2783783783783,89.8667307692307,null,"KOG1354","ENOG502S9V2","no","Tissue enhanced","Low tissue specificity",-0.0517923762120021,"Cytosol","Nucleoplasm",0,2553,false]
["P00156_P14927","P00156_P07919","Janes_et_al","P00156; P14927","P00156; P07919","P00156","MT-CYB","P14927","UQCRB","P07919","UQCRH","huMAP3_09600.1; huMAP3_10623.1","structurally_consistent",0.21,0,0,0,null,null,0,0.68,0.34,94.3377966101694,93.719,null,"KOG3440","KOG4763","no","Tissue enhanced","Low tissue specificity",0.881700878114432,{"$nulls":3},2556,false]
["P25786_Q5JS54","Q5JS54_Q9BT73","Janes_et_al","P25786; Q5JS54","Q5JS54; Q9BT73","Q5JS54","PSMG4","P25786","PSMA1","Q9BT73","PSMG3","huMAP3_00356.1; huMAP3_09656.1; huMAP3_13725.1","structurally_consistent",0.49,0,0,0,null,null,0,0.33,0.64,85.9218181818181,95.5224528301886,0.3656,"KOG0863","KOG4828","no","Low tissue specificity","Low tissue specificity",-0.179485447331341,"Nucleoplasm",null,null,2565,false]
["O75832_Q99436","O75832_Q8WV99","Janes_et_al","O75832; Q99436","O75832; Q8WV99","O75832","PSMD10","Q99436","PSMB7","Q8WV99","ZFAND2B","huMAP3_09656.1; huMAP3_13725.1","mutually_exclusive",0.3,15,128,98,82.2,68.03,6666.94,0.53,0.6,79.24625,85.6310526315789,0.202,"KOG0173","KOG3183","no","Low tissue specificity","Low tissue specificity",0.147309819763592,"Nucleoplasm","Nucleoli; Nucleoli rim",0,2574,false]
["P35606_P53618","P35606_P53621","Janes_et_al","P35606; P53618","P35606; P53621","P35606","COPB2","P53618","COPB1","P53621","COPA","huMAP3_09332.1; huMAP3_12869.1; huMAP3_04405.1; huMAP3_11357.1","structurally_consistent",3.2,0,0,0,null,null,0,0.27,0.65,88.03,83.4811904761904,0.986,"KOG1058","KOG0292","no","Low tissue specificity","Low tissue specificity",-0.0254910578264118,"Golgi apparatus; Vesicles; Cytosol","Nucleoplasm; Cytosol",0.25,2581,false]
["O60783_O95503","O60783_Q92665","Janes_et_al","O60783; O95503","O60783; Q92665","O60783","MRPS14","O95503","CBX6","Q92665","MRPS31","huMAP3_05807.1","mutually_exclusive",0.41,10,33,56,80.29,94.45,2649.57,0.31,0.5,83.4276,95.5439393939393,0.236,"KOG2748","ENOG502QSX9","no","Tissue enhanced","Low tissue specificity",-0.386496449633433,"Nucleoplasm","Mitochondria",0,2590,false]
["Q9H9Q2_Q9UBW8","P62877_Q9H9Q2","Janes_et_al","Q9H9Q2; Q9UBW8","P62877; Q9H9Q2","Q9H9Q2","COPS7B","Q9UBW8","COPS7A","P62877","RBX1","huMAP3_14528.1; huMAP3_09779.1","mutually_exclusive",0.52,13,57,46,94.26,78.7,3620.2,0.47,0.29,87.0970833333333,87.6439130434782,0.24,"KOG3250","KOG2930","no","Low tissue specificity","Low tissue specificity",0.655173996843233,"Nucleoplasm","Nucleoplasm",1,2597,false]
["Q9Y5G2_Q9Y5G7","Q9Y5E7_Q9Y5G2","Janes_et_al","Q9Y5G2; Q9Y5G7","Q9Y5E7; Q9Y5G2","Q9Y5G2","PCDHGB2","Q9Y5G7","PCDHGA6","Q9Y5E7","PCDHB2","huMAP3_13663.1; huMAP3_12904.1; huMAP3_12508.1","mutually_exclusive",1.29,22,642,629,81.83,85.19,52534.86,0.65,0.69,80.0155737704918,82.0939705882352,null,"KOG3594","KOG3594","yes","Low tissue specificity","Low tissue specificity",0.343479504405076,"Nucleoplasm; Plasma membrane","Nucleoplasm",0.5,2599,false]
["P03915_P17568","O95167_P03915","Janes_et_al","P03915; P17568","O95167; P03915","P03915","MT-ND5","P17568","NDUFB7","O95167","NDUFA3","huMAP3_09982.1; huMAP3_09567.1; huMAP3_14878.1; huMAP3_06397.1; huMAP3_14018.1; huMAP3_02819.1","structurally_consistent",0.11,0,0,0,null,null,0,0.64,0.24,88.7853488372093,90.1629411764705,0.886,"KOG3468","ENOG502S4RS","no","Low tissue specificity","Tissue enhanced",0.865983543576953,{"$nulls":3},2608,false]
["P63272_Q9GZS3","Q6PID6_Q9GZS3","Janes_et_al","P63272; Q9GZS3","Q6PID6; Q9GZS3","Q9GZS3","SKIC8","P63272","SUPT4H1","Q6PID6","TTC33","huMAP3_11018.1","mutually_exclusive",0.21,17,97,90,79.92,96.65,7752.24,0.35,0.67,81.58,95.2286842105263,0.09,"KOG3490","KOG0553","no","Low tissue specificity","Low tissue specificity",-0.0789427501304407,"Nucleoplasm","Nucleoplasm",1,2620,false]
["P63208_Q8NEA4","P63208_Q5XUX1","Janes_et_al","P63208; Q8NEA4","P63208; Q5XUX1","P63208","SKP1","Q8NEA4","FBXO36","Q5XUX1","FBXW9","huMAP3_00161.1; huMAP3_05528.1; huMAP3_09623.1; huMAP3_14622.1","mutually_exclusive",0.2,33,103,121,81.09,90.6,8352.27,0.67,0.65,94.6738461538461,92.620625,null,"KOG1777","KOG0274","no","Low tissue specificity","Low tissue specificity",0.48833862100833,"Nucleoplasm; Nucleoli","Cytosol",0,2625,false]
["Q5T653_Q9NRX2","Q5T653_Q8TCC3","Janes_et_al","Q5T653; Q9NRX2","Q5T653; Q8TCC3","Q5T653","MRPL2","Q9NRX2","MRPL17","Q8TCC3","MRPL30","huMAP3_07939.1; huMAP3_06550.1; huMAP3_08458.1; huMAP3_06439.1; huMAP3_06589.1; huMAP3_09113.1; huMAP3_09483.1","structurally_consistent",0.57,0,0,0,null,null,0,0.24,0.46,91.9088888888889,86.1928571428571,0.992,"KOG3280","KOG4799","no","Low tissue specificity","Low tissue specificity",0.367591773625143,{"$nulls":3},2634,false]
["Q6PJI9_Q96S15","Q96S15_Q9NXC5","Janes_et_al","Q6PJI9; Q96S15","Q96S15; Q9NXC5","Q96S15","WDR24","Q6PJI9","WDR59","Q9NXC5","MIOS","huMAP3_08030.1; huMAP3_04081.1; huMAP3_04144.1","structurally_consistent",4.44,0,0,0,null,null,0,0.47,0.69,90.8071111111111,87.8880985915493,0.298,"KOG0264; KOG0309","KOG1008","no","Low tissue specificity","Tissue enhanced",0.222797846446823,"Vesicles; Cytosol","Nucleoplasm",0,2640,false]
["O43447_Q9Y4Z0","Q9P0M2_Q9Y4Z0","Janes_et_al","O43447; Q9Y4Z0","Q9P0M2; Q9Y4Z0","Q9Y4Z0","LSM4","O43447","PPIH","Q9P0M2",null,"huMAP3_08980.1","structurally_consistent",2.27,0,9,8,96.77,44.57,356.56,0.33,0.25,79.4214285714285,92.587,null,"KOG0879","KOG2814","no","Low tissue specificity",{"$nulls":5},2650,false]
["Q16576_Q8TDI0","Q15022_Q16576","Janes_et_al","Q16576; Q8TDI0","Q15022; Q16576","Q16576","RBBP7","Q8TDI0","CHD5","Q15022","SUZ12","huMAP3_13482.1; huMAP3_15128.1","mutually_exclusive",0.27,18,319,311,48.99,69.87,15627.81,0.25,0.71,85.3857142857142,91.8552571428571,0.288,"KOG0383","KOG2350","no","Group enriched","Low tissue specificity",-0.272095576689576,"Nucleoplasm; Nuclear speckles","Nucleoplasm; Nucleoli; Nucleoli rim; Nuclear bodies",0.2,2659,false]
["O00189_Q9NRI5","O00189_Q9Y587","Janes_et_al","O00189; Q9NRI5","O00189; Q9Y587","O00189","AP4M1","Q9NRI5","DISC1","Q9Y587","AP4S1","huMAP3_11003.1; huMAP3_09871.1; huMAP3_12927.1; huMAP3_12731.1","structurally_consistent",1.22,0,0,0,null,null,0,0.29,0.4,83.2923076923076,84.3063157894736,0.066,"ENOG502S3S3","KOG0934","no","Tissue enhanced","Low tissue specificity",0.231601203481894,"Intermediate filaments; Cytosol","Vesicles",0,2662,false]
["O60825_P27348","P15056_P27348","Janes_et_al","O60825; P27348","P15056; P27348","P27348","YWHAQ","O60825","PFKFB2","P15056","BRAF","huMAP3_12897.1; huMAP3_07596.1; huMAP3_10808.1; huMAP3_09810.1; huMAP3_07838.1","mutually_exclusive",0.44,28,336,323,82.22,77.51,25035.73,0.48,0.38,80.0256249999999,84.4527272727272,0.084,"KOG0234","KOG0193","no","Tissue enhanced","Low tissue specificity",0.261070307799914,"Nucleoplasm","Vesicles",0,2668,false]
["Q15843_Q9BT78","Q96EF6_Q9BT78","Janes_et_al","Q15843; Q9BT78","Q96EF6; Q9BT78","Q9BT78","COPS4","Q15843","NEDD8","Q96EF6","FBXO17","huMAP3_05041.1; huMAP3_08550.1; huMAP3_14528.1; huMAP3_09779.1","structurally_consistent",0.46,0,0,0,null,null,0,0.45,0.45,80.0526086956521,81.686923076923,0.15,"KOG0005","ENOG502RZA6","no","Low tissue specificity","Tissue enhanced",0.149187986574634,"Nucleoplasm",null,null,2676,false]
["P46459_P54920","P54920_Q15836","Janes_et_al","P46459; P54920","P54920; Q15836","P54920","NAPA","P46459","NSF","Q15836","VAMP3","huMAP3_10587.1; huMAP3_06458.1; huMAP3_13160.1; huMAP3_08929.1","structurally_consistent",0.59,0,0,0,null,null,0,0.41,0.33,86.7986206896551,80.0544444444444,0.188,"KOG0741","KOG0860","no","Tissue enhanced","Low tissue specificity",-0.137763734750086,"Cytosol",null,null,2684,false]
["P52434_Q9BWH6","O95602_P52434","Janes_et_al","P52434; Q9BWH6","O95602; P52434","P52434","POLR2H","Q9BWH6","RPAP1","O95602","POLR1A","huMAP3_09057.1; huMAP3_14318.1; huMAP3_08487.1; huMAP3_11092.1; huMAP3_06426.1","mutually_exclusive",0.3,16,131,218,45.79,89.21,5998.49,0.34,0.68,83.6791304347826,89.6724468085106,0.057,"KOG1894; KOG4732","KOG0262","no","Low tissue specificity","Low tissue specificity",0.817842994721112,"Nucleoplasm","Nucleoli fibrillar center",0,2691,false]
["P61326_Q53F19","P61326_P62995","Janes_et_al","P61326; Q53F19","P61326; P62995","P61326","MAGOH","Q53F19","NCBP3","P62995","TRA2B","huMAP3_09943.1","mutually_exclusive",0.19,17,39,45,49.65,34.12,1535.4,0.36,0.33,86.2338461538461,82.6264705882352,0.314,"ENOG502QRX4","KOG0118","no","Low tissue specificity","Low tissue specificity",0.229379196942249,"Nuclear speckles","Nucleoplasm",0,2695,false]
["O75462_Q8NBK3","O00462_O75462","Janes_et_al","O75462; Q8NBK3","O00462; O75462","O75462","CRLF1","Q8NBK3","SUMF1","O00462","MANBA","huMAP3_06775.1; huMAP3_09327.1","mutually_exclusive",2.6,11,252,308,88.51,96.19,22304.52,0.31,0.56,78.94,86.0576,0.058,"ENOG502QVDG","KOG2230","no","Low tissue specificity","Low tissue specificity",0.17275004274006,null,"Vesicles",null,2707,false]
["O15400_Q15836","P53801_Q15836","Janes_et_al","O15400; Q15836","P53801; Q15836","Q15836","VAMP3","O15400","STX7","P53801","PTTG1IP","huMAP3_10587.1; huMAP3_06458.1; huMAP3_13160.1; huMAP3_08929.1","mutually_exclusive",1.63,17,14,7,88.92,86.07,602.49,0.43,0.52,77.0092592592592,84.1657777777777,0.084,"KOG0811","ENOG502RYM1","no","Low tissue specificity","Low tissue specificity",0.183138449182662,"Lysosomes","Nucleoplasm",0,2714,false]
["Q59EK9_Q9UBC2","P42566_Q59EK9","Janes_et_al","Q59EK9; Q9UBC2","P42566; Q59EK9","Q59EK9","RUNDC3A","Q9UBC2","EPS15L1","P42566","EPS15","huMAP3_06283.1; huMAP3_10876.1; huMAP3_12918.1; huMAP3_10762.1; huMAP3_12394.1","mutually_exclusive",2.66,36,202,198,79.14,75.41,14931.1799999999,0.52,0.49,85.285,84.06,0.182,"KOG0998","KOG0998","yes","Low tissue specificity","Low tissue specificity",0.294926915325174,"Vesicles","Vesicles; Cytosol",0.5,2716,false]
["Q5RKV6_Q9NQT4","Q5RKV6_Q9Y450","Janes_et_al","Q5RKV6; Q9NQT4","Q5RKV6; Q9Y450","Q5RKV6","EXOSC6","Q9NQT4","EXOSC5","Q9Y450","HBS1L","huMAP3_05382.1; huMAP3_14264.1","structurally_consistent",0.23,0,0,0,null,null,0,0.65,0.42,89.8235185185185,87.7765384615384,0.064,"KOG1069","KOG0458","no","Low tissue specificity","Low tissue specificity",0.635792648388757,"Nucleoli","Nuclear bodies; Cytosol",0,2721,false]
["P04908_P84243","P84243_Q9NVP2","Janes_et_al","P04908; P84243","P84243; Q9NVP2","P84243","H3-3B","P04908","H2AC8","Q9NVP2","ASF1B","huMAP3_12711.1","mutually_exclusive",3.43,12,6,6,94.05,94.5,564.3,0.65,0.62,90.651,96.2320454545454,null,"KOG1756","KOG3265","no","Tissue enhanced","Tissue enhanced",-0.0108780728267723,"Nucleoplasm","Nucleoplasm",1,2730,false]
["O95249_Q13277","P61764_Q13277","Janes_et_al","O95249; Q13277","P61764; Q13277","Q13277","STX3","O95249","GOSR1","P61764","STXBP1","huMAP3_13160.1","mutually_exclusive",2.55,18,103,117,80.97,90.7,8339.91,0.36,0.7,79.5963157894736,90.3177083333333,0.074,"KOG3208","KOG1300","no","Low tissue specificity","Tissue enhanced",-0.284136207298184,null,"Nucleoplasm; Cytosol",null,2737,false]
["Q9BYD3_Q9H0U6","Q13405_Q9BYD3","Janes_et_al","Q9BYD3; Q9H0U6","Q13405; Q9BYD3","Q9BYD3","MRPL4","Q9H0U6","MRPL18","Q13405","MRPL49","huMAP3_07939.1; huMAP3_06550.1; huMAP3_08458.1; huMAP3_06439.1; huMAP3_06589.1; huMAP3_09113.1; huMAP3_09483.1","structurally_consistent",0.45,0,0,0,null,null,0,0.29,0.6,83.3425,93.4855263157894,0.91,"KOG3333","KOG4034","no","Low tissue specificity","Low tissue specificity",0.181771911423064,{"$nulls":3},2747,false]
["O60512_P25705","P25705_P48047","Janes_et_al","O60512; P25705","P25705; P48047","P25705","ATP5F1A","O60512","B4GALT3","P48047","ATP5PO","huMAP3_11095.1; huMAP3_09307.1","structurally_consistent",0.79,0,0,0,null,null,0,0.24,0.34,89.22,86.6046875,0.116,"KOG3916","KOG1662","no","Low tissue specificity","Tissue enhanced",0.009646108293225,"Golgi apparatus","Mitochondria",0,2756,false]
["P61962_Q9Y463","P61962_Q9H7S9","Janes_et_al","P61962; Q9Y463","P61962; Q9H7S9","P61962","DCAF7","Q9Y463","DYRK1B","Q9H7S9","ZNF703","huMAP3_11826.1; huMAP3_11527.1; huMAP3_08922.1","mutually_exclusive",0.2,36,141,115,80.1,53.57,6160.55,0.63,0.6,92.9273015873016,91.6127142857142,null,"KOG0667","ENOG502QV57","no","Tissue enhanced","Tissue enhanced",0.608543005995633,"Nucleoplasm",null,null,2760,false]
["O95405_P62136","O75864_P62136","Janes_et_al","O95405; P62136","O75864; P62136","P62136","PPP1CA","O95405","ZFYVE9","O75864","PPP1R37","huMAP3_09633.1; huMAP3_09354.1; huMAP3_00020.1; huMAP3_14504.1; huMAP3_10148.1; huMAP3_08717.1; huMAP3_08482.1","mutually_exclusive",0.33,10,169,167,76.22,76.88,12881.18,0.39,0.71,87.655,93.416301369863,0.156,"KOG1841","KOG1908","no","Low tissue specificity","Low tissue specificity",0.277301568701325,"Vesicles; Cytosol","Cytosol",0.5,2772,false]
["Q15120_Q16654","P11177_Q15120","Janes_et_al","Q15120; Q16654","P11177; Q15120","Q15120","PDK3","Q16654","PDK4","P11177","PDHB","huMAP3_14864.1; huMAP3_12248.1; huMAP3_11877.1; huMAP3_14339.1","structurally_consistent",0.83,0,0,0,null,null,0,0.73,0.33,94.9982442748091,94.295,null,"KOG0787","KOG0524","no","Tissue enhanced","Tissue enhanced",0.825732309448035,null,"Mitochondria",null,2773,false]
["P33402_Q02153","P84157_Q02153","Janes_et_al","P33402; Q02153","P84157; Q02153","Q02153","GUCY1B1","P33402","GUCY1A2","P84157","MXRA7","huMAP3_09985.1; huMAP3_14355.1; huMAP3_11561.1; huMAP3_13737.1","mutually_exclusive",4.98,33,119,80,84.74,67.61,5408.8,0.72,0.6,84.9037104072398,88.2875,null,"KOG4171","ENOG502SAE0","no","Tissue enhanced","Low tissue specificity",0.135506165882998,null,"Endoplasmic reticulum",null,2782,false]
["Q9NR33_Q9NRG0","Q9NRF9_Q9NRG0","Janes_et_al","Q9NR33; Q9NRG0","Q9NRF9; Q9NRG0","Q9NRG0","CHRAC1","Q9NR33","POLE4","Q9NRF9","POLE3","huMAP3_04178.1; huMAP3_06746.1","mutually_exclusive",0.86,40,83,90,94.25,95.54,7822.75,0.7,0.71,96.0445263157894,97.0727358490566,0.326,"KOG1658","KOG0870","no","Low tissue specificity","Low tissue specificity",0.294318228897357,"Nucleoplasm","Nucleoplasm",1,2789,false]
["P62306_P83369","P08579_P62306","Janes_et_al","P62306; P83369","P08579; P62306","P62306","SNRPF","P83369","LSM11","P08579","SNRPB2","huMAP3_08980.1; huMAP3_04549.1; huMAP3_06511.1","mutually_exclusive",0.69,11,112,136,85.9,79.54,10817.44,0.57,0.24,90.04,77.27,0.184,"ENOG502QS1B","KOG4206","no","Low tissue specificity","Low tissue specificity",-0.331768678248692,"Nucleoplasm","Nuclear speckles",0,2798,false]
["P24386_Q9ULW5","P24386_P31150","Janes_et_al","P24386; Q9ULW5","P24386; P31150","P24386","CHM","Q9ULW5","RAB26","P31150","GDI1","huMAP3_11860.1","mutually_exclusive",0.34,15,182,244,79.52,92.53,14472.64,0.4,0.6,77.5514285714285,83.1261904761904,null,"KOG0083","KOG1439","no","Tissue enhanced","Tissue enhanced",0.759246522552343,"Plasma membrane; Centrosome","Plasma membrane; Cytosol",0.333333333333333,2803,false]
["P67775_Q9BXL8","P67775_Q06190","Janes_et_al","P67775; Q9BXL8","P67775; Q06190","P67775","PPP2CA","Q9BXL8","CDCA4","Q06190","PPP2R3A","huMAP3_13510.1","mutually_exclusive",0.22,18,182,244,45.81,75.75,8337.42,0.34,0.51,88.0430555555555,80.546,0.14,"ENOG502QWNU","KOG2562","no","Tissue enhanced","Group enriched",-0.112151532830504,"Nucleoplasm","Golgi apparatus",0,2814,false]
["P62136_Q8NI77","P62136_Q9H175","Janes_et_al","P62136; Q8NI77","P62136; Q9H175","P62136","PPP1CA","Q8NI77","KIF18A","Q9H175","CSRNP2","huMAP3_09633.1; huMAP3_09354.1; huMAP3_14504.1; huMAP3_10148.1; huMAP3_06341.1; huMAP3_08717.1; huMAP3_08482.1","mutually_exclusive",0.12,22,96,111,64.78,79.07,6218.88,0.51,0.73,88.976923076923,96.0601724137931,null,"KOG0242","KOG3813","no","Group enriched","Low tissue specificity",0.0679985798811402,"Microtubules; Cytokinetic bridge","Nuclear speckles",0,2823,false]
["P27449_Q8N511","P27449_Q13336","Janes_et_al","P27449; Q8N511","P27449; Q13336","P27449","ATP6V0C","Q8N511","TMEM199","Q13336","SLC14A1","huMAP3_09565.1; huMAP3_10511.1; huMAP3_10516.1; huMAP3_08182.1; huMAP3_12042.1; huMAP3_08166.1; huMAP3_09562.1; huMAP3_07510.1","structurally_consistent",0.41,0,0,0,null,null,0,0.33,0.43,82.6168,88.1434999999999,0.058,"ENOG502RXKD","ENOG502S2GD","no","Low tissue specificity","Tissue enhanced",-0.010152738088503,null,"Plasma membrane",null,2829,false]
["P61326_Q9UKM9","P61326_Q16629","Janes_et_al","P61326; Q9UKM9","P61326; Q16629","P61326","MAGOH","Q9UKM9","RALY","Q16629","SRSF7","huMAP3_11073.1","mutually_exclusive",0.18,34,59,65,56.1,67.83,3309.9,0.57,0.37,90.8815625,82.5866666666666,0.434,"KOG0118","KOG0107","no","Low tissue specificity","Low tissue specificity",0.572354149841917,"Nucleoplasm","Nucleoplasm",1,2831,false]
["P34931_Q9UL15","P34931_Q8WXB1","Janes_et_al","P34931; Q9UL15","P34931; Q8WXB1","P34931","HSPA1L","Q9UL15","BAG5","Q8WXB1","METTL21A","huMAP3_13774.1; huMAP3_07919.1; huMAP3_14723.1; huMAP3_11049.1; huMAP3_06506.1","structurally_consistent",0.98,0,0,0,null,null,0,0.36,0.42,81.9270833333333,80.0585,0.054,"KOG4361","KOG2793","no","Tissue enriched","Low tissue specificity",-0.146563251699052,"Vesicles","Nucleoplasm",0,2840,false]
["P17980_Q96LY2","P17980_P62333","Janes_et_al","P17980; Q96LY2","P17980; P62333","P17980","PSMC3","Q96LY2","CCDC74B","P62333","PSMC6","huMAP3_09656.1; huMAP3_05064.1; huMAP3_13725.1","mutually_exclusive",2.69,14,36,58,47.86,79.83,1722.96,0.29,0.67,80.364375,82.2694444444444,null,"ENOG502S5P9","KOG0651","no","Tissue enhanced","Low tissue specificity",-0.294262938246808,"Vesicles","Nucleoplasm; Cytosol",0,2852,false]
["P23258_Q9NRH3","Q96RT7_Q9NRH3","Janes_et_al","P23258; Q9NRH3","Q96RT7; Q9NRH3","Q9NRH3","TUBG2","P23258","TUBG1","Q96RT7","TUBGCP6","huMAP3_09443.1; huMAP3_14882.1","mutually_exclusive",0.42,20,260,245,85.22,89.99,22157.2,0.63,0.71,78.0827272727272,89.1770434782608,0.152,"KOG1374","KOG2000","no","Tissue enhanced","Low tissue specificity",0.0484863769249893,{"$nulls":3},2857,false]
["P67775_Q9UHV2","P67775_Q16537","Janes_et_al","P67775; Q9UHV2","P67775; Q16537","P67775","PPP2CA","Q9UHV2","SERTAD1","Q16537","PPP2R5E","huMAP3_10333.1; huMAP3_13510.1","mutually_exclusive",0.19,10,72,103,43.78,82.25,3152.16,0.29,0.54,88.1649999999999,92.4395999999999,null,"ENOG502S52T","KOG2085","no","Low tissue specificity","Low tissue specificity",-0.0927885071936017,"Golgi apparatus","Cytosol",0,2865,false]
["P15428_P32246","P32246_Q15126","Janes_et_al","P15428; P32246","P32246; Q15126","P32246","CCR1","P15428","HPGD","Q15126","PMVK","huMAP3_08238.1","structurally_consistent",1.39,0,0,0,null,null,0,0.55,0.28,72.4,83.2846666666666,null,"KOG4169","ENOG502QYPQ","no","Tissue enhanced","Low tissue specificity",-0.0409085837973694,"Cytosol",null,null,2873,false]
["P62306_P83369","P62306_Q6P2Q9","Janes_et_al","P62306; P83369","P62306; Q6P2Q9","P62306","SNRPF","P83369","LSM11","Q6P2Q9","PRPF8","huMAP3_08980.1","mutually_exclusive",0.91,18,86,96,69.29,72.42,5958.94,0.57,0.3,90.04,77.58,0.218,"ENOG502QS1B","KOG1795","no","Low tissue specificity","Low tissue specificity",0.194252273551347,"Nucleoplasm","Nucleoplasm",1,2881,false]
["P51825_Q8N3E9","P78356_Q8N3E9","Janes_et_al","P51825; Q8N3E9","P78356; Q8N3E9","Q8N3E9","PLCD3","P51825","AFF1","P78356","PIP4K2B","huMAP3_12350.1","mutually_exclusive",0.43,16,287,316,69.71,78.88,20006.77,0.41,0.51,83.2853846153846,80.45625,0.084,"ENOG502QVDA","KOG0229","no","Low tissue specificity","Low tissue specificity",-0.0733682081398833,"Nucleoplasm; Mitochondria","Nucleoplasm",0.5,2887,false]
["O94952_P63208","P63208_Q9Y2K7","Janes_et_al","O94952; P63208","P63208; Q9Y2K7","P63208","SKP1","O94952","FBXO21","Q9Y2K7","KDM2A","huMAP3_00161.1; huMAP3_05528.1; huMAP3_09623.1; huMAP3_14622.1","mutually_exclusive",0.69,36,274,226,85.5,80.38,18165.88,0.65,0.52,93.4120833333333,87.8160869565217,0.056,"ENOG502QS7Z","KOG1633; KOG1947","no","Tissue enhanced","Low tissue specificity",-0.118845238859071,"Mitochondria","Nucleoplasm",0,2890,false]
["P30876_P36954","P13984_P30876","Janes_et_al","P30876; P36954","P13984; P30876","P30876","POLR2B","P36954","POLR2I","P13984","GTF2F2","huMAP3_11092.1; huMAP3_09843.1; huMAP3_07749.1; huMAP3_07454.1","structurally_consistent",0.28,0,0,0,null,null,0,0.67,0.61,90.7305084745762,82.9864406779661,0.182,"KOG2691","KOG2905","no","Low tissue specificity","Low tissue specificity",0.385180975498959,"Nucleoplasm","Nucleoplasm",1,2899,false]
["P02489_P04792","O14558_P04792","Janes_et_al","P02489; P04792","O14558; P04792","P04792","HSPB1","P02489","CRYAA","O14558","HSPB6","huMAP3_09669.1","mutually_exclusive",2.57,42,113,124,77.61,71.66,8885.84,0.39,0.48,88.6817647058823,87.1864516129032,null,"KOG3591","KOG3591","yes","Group enriched","Tissue enhanced",-0.100333186977519,"Cytosol","Mitochondria; Cytosol",0.5,2910,false]
["P41223_P83876","P41223_Q9H5Z1","Janes_et_al","P41223; P83876","P41223; Q9H5Z1","P41223","BUD31","P83876","TXNL4A","Q9H5Z1","DHX35","huMAP3_08501.1; huMAP3_09504.1; huMAP3_09945.1","structurally_consistent",0.29,0,0,0,null,null,0,0.26,0.31,79.915,78.1122222222222,0.41,"KOG3414","KOG0922","no","Low tissue specificity","Low tissue specificity",-0.492568533030108,"Nucleoplasm","Nuclear bodies",0,2916,false]
["O43924_Q03252","O43924_P36405","Janes_et_al","O43924; Q03252","O43924; P36405","O43924","PDE6D","Q03252","LMNB2","P36405","ARL3","huMAP3_10614.1","mutually_exclusive",0.21,23,141,159,76.7,90.53,10814.7,0.4,0.55,84.195,93.815,0.122,"KOG0977","KOG0074","no","Low tissue specificity","Tissue enhanced",-0.275571193607503,"Nuclear membrane","Centrosome",0,2925,false]
["O60812_P0CB38","P0CB38_Q9H074","Janes_et_al","O60812; P0CB38","P0CB38; Q9H074","P0CB38","PABPC4L","O60812","HNRNPCL1","Q9H074","PAIP1","huMAP3_10625.1","mutually_exclusive",5.38,14,54,44,62.44,58.12,2557.28,0.3,0.3,71.875,80.575,null,"KOG0118","KOG0401","no","Not detected","Low tissue specificity",0.153709959149677,null,"Plasma membrane; Cytosol",null,2933,false]
["P62714_P67775","P62714_Q9P289","Janes_et_al","P62714; P67775","P62714; Q9P289","P62714","PPP2CB","P67775","PPP2CA","Q9P289","STK26","huMAP3_10333.1; huMAP3_13510.1; huMAP3_09709.1","mutually_exclusive",0.12,13,232,240,89.56,72.96,17510.3999999999,0.48,0.3,81.3833333333333,76.6385714285714,0.196,"KOG0371","KOG0201","no","Low tissue specificity","Tissue enhanced",0.497173977935736,null,"Nucleoplasm",null,2942,false]
["O00231_Q15008","Q15008_Q8WV99","Janes_et_al","O00231; Q15008","Q15008; Q8WV99","Q15008","PSMD6","O00231","PSMD11","Q8WV99","ZFAND2B","huMAP3_09656.1; huMAP3_05064.1; huMAP3_13725.1","mutually_exclusive",0.54,10,58,42,89.63,66.81,2806.02,0.66,0.27,88.3095522388059,81.2857142857142,0.18,"KOG1463","KOG3183","no","Low tissue specificity","Low tissue specificity",-0.0125609707027125,"Nucleoplasm; Golgi apparatus","Nucleoli; Nucleoli rim",0,2951,false]
["O75575_P62487","P62487_Q8N7H5","Janes_et_al","O75575; P62487","P62487; Q8N7H5","P62487","POLR2G","O75575","CRCP","Q8N7H5","PAF1","huMAP3_11092.1","mutually_exclusive",0.64,11,46,30,84.49,30.97,929.1,0.66,0.25,92.6309375,79.3164705882353,0.126,"KOG4168","KOG2478","no","Low tissue specificity","Low tissue specificity",-0.148104068187976,"Nucleoplasm","Nucleoplasm",1,2955,false]
["P24385_P42772","P24385_Q00535","Janes_et_al","P24385; P42772","P24385; Q00535","P24385","CCND1","P42772","CDKN2B","Q00535","CDK5","huMAP3_14722.1; huMAP3_10449.1","structurally_consistent",0.25,0,0,0,null,null,0,0.45,0.63,80.0556,86.2639024390243,null,"KOG0504","KOG0662","no","Tissue enhanced","Tissue enhanced",-0.297105075681378,"Nucleoplasm","Nucleoplasm; Plasma membrane",0.5,2959,false]
["P78362_P84103","P26373_P78362","Janes_et_al","P78362; P84103","P26373; P78362","P78362","SRPK2","P84103","SRSF3","P26373","RPL13","huMAP3_05807.1","mutually_exclusive",3.18,10,3,1,73.5,53.81,53.81,0.31,0.51,75.343,80.0366666666666,0.5,"KOG0107","KOG3295","no","Low tissue specificity","Low tissue specificity",0.235166985204528,"Nucleoplasm","Nucleoli; Endoplasmic reticulum; Cytosol",0,2967,false]
["P68400_Q9Y383","Q16629_Q9Y383","Janes_et_al","P68400; Q9Y383","Q16629; Q9Y383","Q9Y383","LUC7L2","P68400","CSNK2A1","Q16629","SRSF7","huMAP3_09943.1","structurally_consistent",4.97,0,9,7,54.79,19.21,134.47,0.31,0.3,82.4633333333333,85.851724137931,null,"KOG0668","KOG0107","no","Low tissue specificity","Low tissue specificity",0.132249166039257,"Nucleoplasm","Nucleoplasm",1,2977,false]
["Q9Y5E6_Q9Y5E7","Q9Y5E6_Q9Y5F0","Janes_et_al","Q9Y5E6; Q9Y5E7","Q9Y5E6; Q9Y5F0","Q9Y5E6","PCDHB3","Q9Y5E7","PCDHB2","Q9Y5F0","PCDHB13","huMAP3_12057.1; huMAP3_11413.1; huMAP3_13663.1; huMAP3_12508.1; huMAP3_15258.1","mutually_exclusive",0.93,43,673,666,83.58,83.74,56249.34,0.7,0.7,81.5638028169014,81.6045454545454,null,"KOG3594","KOG3594","yes","Low tissue specificity","Low tissue specificity",0.429900764916962,"Nucleoplasm",null,null,2984,false]
["Q16576_Q8TDI0","Q16576_Q96N64","Janes_et_al","Q16576; Q8TDI0","Q16576; Q96N64","Q16576","RBBP7","Q8TDI0","CHD5","Q96N64","PWWP2A","huMAP3_09499.1; huMAP3_15128.1; huMAP3_10472.1","mutually_exclusive",0.17,11,526,386,51.51,43.51,16794.86,0.25,0.33,85.3857142857142,88.6020833333333,0.262,"KOG0383","ENOG502QU6V","no","Group enriched","Low tissue specificity",0.0183985818391549,"Nucleoplasm; Nuclear speckles","Nucleoplasm",0.5,2993,false]
["O00422_Q96A72","O00422_P49761","Janes_et_al","O00422; Q96A72","O00422; P49761","O00422","SAP18","Q96A72","MAGOHB","P49761","CLK3","huMAP3_09621.1; huMAP3_11073.1","structurally_consistent",0.19,0,1,1,81.13,76,76,0.3,0.39,80.160625,72.315,0.328,"KOG3392","KOG0671","no","Low tissue specificity","Low tissue specificity",-0.117497804513918,null,"Nucleoplasm",null,3000,false]
["P27348_Q9Y4H4","P27348_Q2TAL5","Janes_et_al","P27348; Q9Y4H4","P27348; Q2TAL5","P27348","YWHAQ","Q9Y4H4","GPSM3","Q2TAL5","SMTNL2","huMAP3_10808.1; huMAP3_07596.1; huMAP3_12897.1","mutually_exclusive",0.14,35,101,130,36.78,47.63,3714.78,0.41,0.35,89.9375,79.2864705882352,null,"ENOG502STIS","KOG4678","no","Group enriched","Group enriched",-0.106770379218876,null,"Nucleoplasm; Nuclear speckles",null,3010,false]
["Q6T4R5_Q8WUW1","Q8IZP0_Q8WUW1","Janes_et_al","Q6T4R5; Q8WUW1","Q8IZP0; Q8WUW1","Q8WUW1","BRK1","Q6T4R5","NHS","Q8IZP0","ABI1","huMAP3_13345.1; huMAP3_09598.1","mutually_exclusive",1.45,27,120,126,56.44,60.23,6772.79999999999,0.4,0.44,85.9422222222222,81.75,null,"ENOG502QSCT","KOG2546","no","Low tissue specificity","Low tissue specificity",-0.238217476668975,"Cell Junctions","Plasma membrane; Cell Junctions",0.5,3011,false]
["P61962_Q2M3V2","P61962_Q8NCN4","Janes_et_al","P61962; Q2M3V2","P61962; Q8NCN4","P61962","DCAF7","Q2M3V2","SOWAHA","Q8NCN4","RNF169","huMAP3_11826.1; huMAP3_12811.1; huMAP3_11527.1","mutually_exclusive",0.24,10,113,105,48.92,26.41,2773.05,0.26,0.36,79.76,90.5005263157894,null,"ENOG502RXAT","KOG4159","no","Tissue enriched","Low tissue specificity",-0.427394148497017,null,"Nucleoplasm; Nuclear bodies",null,3019,false]
["Q96CW1_Q9H8K7","Q8NC96_Q96CW1","Janes_et_al","Q96CW1; Q9H8K7","Q8NC96; Q96CW1","Q96CW1","AP2M1","Q9H8K7","C10orf88","Q8NC96","NECAP1","huMAP3_12918.1; huMAP3_10762.1; huMAP3_12394.1","mutually_exclusive",1.49,14,55,29,72.55,34.2,991.8,0.42,0.44,87.7038235294117,81.785294117647,0.08,"ENOG502RUU4","KOG2500","no","Low tissue specificity","Tissue enhanced",-0.04077869916841,null,"Vesicles",null,3027,false]
["P27348_Q12778","P27348_P31947","Janes_et_al","P27348; Q12778","P27348; P31947","P27348","YWHAQ","Q12778","FOXO1","P31947","SFN","huMAP3_12897.1; huMAP3_06971.1; huMAP3_07596.1; huMAP3_10808.1; huMAP3_09810.1; huMAP3_07838.1","mutually_exclusive",0.21,11,43,55,22.63,83.83,973.09,0.35,0.67,86.0835714285714,95.856304347826,0.546,"KOG2294","KOG0841","no","Tissue enhanced","Group enriched",-0.0334250720261074,"Nucleoplasm; Cytosol","Cytosol",0.5,3036,false]
["Q5SY16_Q9Y4W2","Q5SY16_Q9H4L4","Janes_et_al","Q5SY16; Q9Y4W2","Q5SY16; Q9H4L4","Q5SY16","NOL9","Q9Y4W2","LAS1L","Q9H4L4","SENP3","huMAP3_03787.1; huMAP3_11063.1; huMAP3_05508.1; huMAP3_05927.1; huMAP3_07191.1; huMAP3_07162.1; huMAP3_09830.1","mutually_exclusive",0.95,22,145,168,61.48,64.68,8914.6,0.7,0.3,89.4336413043478,81.8344444444444,0.586,"KOG2425","KOG0778","no","Low tissue specificity","Low tissue specificity",0.375005452379404,"Nucleoplasm","Nucleoplasm; Nucleoli",0.5,3041,false]
["P02765_P02774","P02765_P06727","Janes_et_al","P02765; P02774","P02765; P06727","P02765","AHSG","P02774","GC","P06727","APOA4","huMAP3_10678.1; huMAP3_09434.1; huMAP3_15040.1","structurally_consistent",1.07,0,0,0,null,null,0,0.42,0.29,76.215,79.2449999999999,0.142,"ENOG502QTPW","ENOG502QSC5","no","Tissue enriched","Tissue enriched",0.0420172054473089,null,"Vesicles",null,3050,false]
["Q9NRI5_Q9NXR1","Q9C0I3_Q9NXR1","Janes_et_al","Q9NRI5; Q9NXR1","Q9C0I3; Q9NXR1","Q9NXR1","NDE1","Q9NRI5","DISC1","Q9C0I3","CCSER1","huMAP3_10973.1","mutually_exclusive",7.49,16,58,64,62.93,52.27,3345.28,0.52,0.44,86.1324096385542,81.6860344827586,null,"ENOG502S3S3","ENOG502QXW4","no","Tissue enhanced","Tissue enhanced",0.605009843625392,"Intermediate filaments; Cytosol",null,null,3056,false]
["P43487_P62826","P62826_Q99666","Janes_et_al","P43487; P62826","P62826; Q99666","P62826","RAN","P43487","RANBP1","Q99666","RGPD5","huMAP3_10000.1; huMAP3_07331.1; huMAP3_08641.1; huMAP3_12581.1","mutually_exclusive",0.64,13,47,36,88.89,56.19,2022.84,0.72,0.32,94.2802097902097,80.586,0.07,"KOG0864","KOG0864","yes","Low tissue specificity","Low tissue specificity",-0.0377122118992328,"Cytosol","Nuclear membrane; Vesicles",0,3066,false]
["O00148_Q9UJV9","Q8N5F7_Q9UJV9","Janes_et_al","O00148; Q9UJV9","Q8N5F7; Q9UJV9","Q9UJV9","DDX41","O00148","DDX39A","Q8N5F7","NKAP","huMAP3_09943.1","mutually_exclusive",1.64,12,74,54,77.72,47.83,2582.82,0.37,0.6,83.3944444444444,92.4668333333333,null,"KOG0329","KOG2812","no","Tissue enhanced","Low tissue specificity",0.17828992150806,"Nuclear speckles","Nucleoplasm",0,3067,false]
["Q9Y5E5_Q9Y5E6","Q9Y5E1_Q9Y5E6","Janes_et_al","Q9Y5E5; Q9Y5E6","Q9Y5E1; Q9Y5E6","Q9Y5E6","PCDHB3","Q9Y5E5","PCDHB4","Q9Y5E1","PCDHB9","huMAP3_10979.1; huMAP3_11044.1; huMAP3_06237.1; huMAP3_12057.1; huMAP3_11413.1; huMAP3_13663.1; huMAP3_12508.1; huMAP3_15258.1","mutually_exclusive",1.28,29,675,674,83.52,82.88,55861.12,0.68,0.65,81.0513333333333,80.1439215686274,null,"KOG3594","KOG3594","yes","Low tissue specificity","Tissue enhanced",0.452868942156121,"Plasma membrane",null,null,3075,false]
["P62140_Q96KQ4","P62140_Q02833","Janes_et_al","P62140; Q96KQ4","P62140; Q02833","P62140","PPP1CB","Q96KQ4","PPP1R13B","Q02833","RASSF7","huMAP3_09633.1; huMAP3_09354.1; huMAP3_00020.1; huMAP3_14504.1; huMAP3_10148.1; huMAP3_06341.1; huMAP3_08717.1; huMAP3_08482.1","mutually_exclusive",0.16,39,103,139,58.13,57.04,7928.55999999999,0.71,0.56,92.6360674157303,89.4284,0.09,"KOG0515","KOG1574","no","Low tissue specificity","Tissue enhanced",0.205660107796533,"Nucleoplasm","Centriolar satellite",0,3084,false]
["O60783_Q9Y3D5","Q9Y2R9_Q9Y3D5","Janes_et_al","O60783; Q9Y3D5","Q9Y2R9; Q9Y3D5","Q9Y3D5","MRPS18C","O60783","MRPS14","Q9Y2R9","MRPS7","huMAP3_05807.1","structurally_consistent",1.78,0,0,0,null,null,0,0.32,0.24,94.5476923076923,81.5728571428571,0.64,"KOG1741","KOG3291","no","Low tissue specificity","Low tissue specificity",-0.0552665332426356,"Mitochondria","Mitochondria",1,3092,false]
["P05062_P09972","P04075_P09972","Janes_et_al","P05062; P09972","P04075; P09972","P09972","ALDOC","P05062","ALDOB","P04075","ALDOA","huMAP3_12505.1; huMAP3_04317.1; huMAP3_01143.1","mutually_exclusive",0.07,22,364,364,94.7,96.8,34470.8,0.7,0.72,97.6141176470588,96.6524193548387,0.298,"KOG1557","KOG1557","yes","Group enriched","Group enriched",-0.0641760326905528,null,"Cytosol",null,3095,false]
["P62318_Q9BQA1","O43447_P62318","Janes_et_al","P62318; Q9BQA1","O43447; P62318","P62318","SNRPD3","Q9BQA1","WDR77","O43447","PPIH","huMAP3_08980.1; huMAP3_06511.1","structurally_consistent",3.49,0,0,0,null,null,0,0.35,0.33,83.7614285714285,78.574,0.288,"KOG0284","KOG0879","no","Tissue enhanced","Low tissue specificity",0.0812402872045376,"Nucleoplasm; Cytosol",null,null,3107,false]
["O00422_O75494","O00422_Q07955","Janes_et_al","O00422; O75494","O00422; Q07955","O00422","SAP18","O75494","SRSF10","Q07955","SRSF1","huMAP3_09621.1","mutually_exclusive",0.18,10,86,79,81.45,83.8,7004.7,0.32,0.63,84.98,91.6,null,"KOG0118","KOG0105","no","Low tissue specificity","Low tissue specificity",0.440183609544299,"Nucleoplasm","Nucleoplasm",1,3116,false]
["P01562_P05014","P01562_P32881","Janes_et_al","P01562; P05014","P01562; P32881","P01562","IFNA1","P05014","IFNA4","P32881","IFNA8","huMAP3_11921.1; huMAP3_13851.1","structurally_consistent",0.56,0,0,0,null,null,0,0.31,0.35,84.8823076923076,81.9478378378378,null,"ENOG502SQAC","ENOG502SQAC","yes","Not detected","Not detected",{"$nulls":4},3118,false]
["P22304_Q93063","P22304_P54802","Janes_et_al","P22304; Q93063","P22304; P54802","P22304","IDS","Q93063","EXT2","P54802","NAGLU","huMAP3_09327.1","structurally_consistent",1.1,0,0,0,null,null,0,0.45,0.34,85.7866666666666,87.0490909090909,0.09,"KOG1022","KOG2233","no","Low tissue specificity","Low tissue specificity",0.329125181498323,"Golgi apparatus",null,null,3124,false]
["P07478_P35030","P07478_Q9UBU2","Janes_et_al","P07478; P35030","P07478; Q9UBU2","P07478","PRSS2","P35030","PRSS3","Q9UBU2","DKK2","huMAP3_15339.1; huMAP3_11895.1","mutually_exclusive",0.07,26,163,112,81.96,71.22,7976.63999999999,0.42,0.49,78.283,78.42,null,"KOG3627","KOG1218","no","Tissue enriched","Tissue enhanced",-0.0743764048857358,"Vesicles","Golgi apparatus",0,3133,false]
["O15234_P38919","P38919_P62995","Janes_et_al","O15234; P38919","P38919; P62995","P38919","EIF4A3","O15234","CASC3","P62995","TRA2B","huMAP3_09943.1; huMAP3_09621.1; huMAP3_10564.1","mutually_exclusive",0.24,11,29,31,21.85,27.26,633.65,0.64,0.41,93.8774137931034,77.2642105263158,0.664,"KOG4264","KOG0118","no","Low tissue specificity","Low tissue specificity",0.0707804085081601,"Nuclear membrane","Nucleoplasm",0,3140,false]
["P10809_Q9BS92","P10809_Q9H4K7","Janes_et_al","P10809; Q9BS92","P10809; Q9H4K7","P10809","HSPD1","Q9BS92","NIPSNAP3B","Q9H4K7","MTG2","huMAP3_13468.1","mutually_exclusive",0.68,15,202,219,87.32,65.75,14399.25,0.64,0.4,88.5795238095238,79.6014285714285,null,"KOG2883","KOG1489","no","Tissue enhanced","Low tissue specificity",0.328554016673789,{"$nulls":3},3150,false]
["Q9BRX9_Q9H5Z1","O95926_Q9BRX9","Janes_et_al","Q9BRX9; Q9H5Z1","O95926; Q9BRX9","Q9BRX9","WDR83","Q9H5Z1","DHX35","O95926","SYF2","huMAP3_08703.1; huMAP3_06429.1; huMAP3_09945.1","structurally_consistent",0.43,0,0,0,null,null,0,0.39,0.5,86.9266666666666,87.6778947368421,0.314,"KOG0922","KOG2609","no","Low tissue specificity","Low tissue specificity",0.442681238621023,"Nuclear bodies","Nuclear speckles",0,3159,false]
["Q676U5_Q9H082","Q19AV6_Q9H082","Janes_et_al","Q676U5; Q9H082","Q19AV6; Q9H082","Q9H082","RAB33B","Q676U5","ATG16L1","Q19AV6","ZSWIM7","huMAP3_14274.1; huMAP3_12491.1","mutually_exclusive",0.56,11,29,49,87.05,85.29,4179.21,0.54,0.55,84.0548888888889,90.6127586206896,null,"KOG0288","ENOG502RZB5","no","Low tissue specificity","Low tissue specificity",0.479571314081193,"Cytosol","Cytosol",1,3163,false]
["P63208_Q9H4M3","P63208_Q8NHM5","Janes_et_al","P63208; Q9H4M3","P63208; Q8NHM5","P63208","SKP1","Q9H4M3","FBXO44","Q8NHM5","KDM2B","huMAP3_00161.1; huMAP3_05528.1; huMAP3_09623.1; huMAP3_14622.1","mutually_exclusive",0.3,38,200,202,91.62,88.06,17788.12,0.68,0.63,94.9882432432432,88.4222077922078,null,"ENOG502RZA6","KOG1633; KOG1947","no","Tissue enhanced","Low tissue specificity",0.160428113597679,"Nucleoplasm","Nucleoplasm",1,3176,false]
["P28070_P49721","P25788_P28070","Janes_et_al","P28070; P49721","P25788; P28070","P28070","PSMB4","P49721","PSMB2","P25788","PSMA3","huMAP3_00356.1; huMAP3_09656.1; huMAP3_13725.1","structurally_consistent",0.21,0,0,0,null,null,0,0.51,0.55,89.6517647058823,87.2441176470588,1,"KOG0177","KOG0184","no","Low tissue specificity","Low tissue specificity",0.258941702516696,"Nucleoplasm",null,null,3184,false]
["Q86UC2_Q96C74","Q96C74_Q9UHP6","Janes_et_al","Q86UC2; Q96C74","Q96C74; Q9UHP6","Q96C74","ROPN1L","Q86UC2",null,"Q9UHP6","RSPH14","huMAP3_11919.1; huMAP3_10558.1; huMAP3_02925.1","structurally_consistent",1.06,0,0,0,null,null,0,0.47,0.26,90.0040425531915,75.264,null,"ENOG502QQSZ","KOG0167","no",null,"Tissue enhanced",null,null,"Nucleoli",null,3185,false]
["P61962_Q9Y4B4","P61962_Q96F45","Janes_et_al","P61962; Q9Y4B4","P61962; Q96F45","P61962","DCAF7","Q9Y4B4","RAD54L2","Q96F45","ZNF503","huMAP3_11826.1; huMAP3_11527.1","mutually_exclusive",0.4,19,241,198,55.08,22.67,4488.66,0.36,0.59,80.136,91.4050649350649,0.05,"KOG1016","ENOG502QUYV","no","Low tissue specificity","Low tissue specificity",0.0252037601576191,"Nucleoplasm","Plasma membrane; Cytosol",0,3193,false]
["P49720_Q969U7","Q5JS54_Q969U7","Janes_et_al","P49720; Q969U7","Q5JS54; Q969U7","Q969U7","PSMG2","P49720","PSMB3","Q5JS54","PSMG4","huMAP3_00356.1; huMAP3_09656.1; huMAP3_13725.1","mutually_exclusive",0.32,17,163,104,84.95,85.51,13846.85,0.28,0.24,74.1922222222222,81.861,0.114,"KOG0180","ENOG502S31R","no","Low tissue specificity","Low tissue specificity",0.25391208929868,null,"Nucleoplasm; Mitochondria",null,3202,false]
["P63208_Q9UK97","P63208_Q9UKC9","Janes_et_al","P63208; Q9UK97","P63208; Q9UKC9","P63208","SKP1","Q9UK97","FBXO9","Q9UKC9","FBXL2","huMAP3_14622.1","mutually_exclusive",0.43,37,198,250,88.05,93.27,17433.8999999999,0.69,0.64,94.9205102040816,91.7105479452054,null,"KOG2997","KOG4341","no","Low tissue specificity","Tissue enhanced",-0.0464192032927792,"Centrosome","Plasma membrane",0,3208,false]
["O00232_O43242","O00232_O75832","Janes_et_al","O00232; O43242","O00232; O75832","O00232","PSMD12","O43242","PSMD3","O75832","PSMD10","huMAP3_09656.1; huMAP3_05064.1; huMAP3_13725.1","structurally_consistent",1.69,0,0,0,null,null,0,0.39,0.41,83.0867647058823,83.2976470588235,0.512,"KOG2581","KOG4412","no","Tissue enhanced","Low tissue specificity",-0.229289203899164,"Nucleoplasm","Cytosol",0,3219,false]
["O95208_P53680","P53680_Q9NVZ3","Janes_et_al","O95208; P53680","P53680; Q9NVZ3","P53680","AP2S1","O95208","EPN2","Q9NVZ3","NECAP2","huMAP3_12394.1","mutually_exclusive",0.2,15,152,133,76.88,80.1,11685.7599999999,0.47,0.29,82.9270588235294,90.1895238095238,null,"KOG2056","KOG2500","no","Low tissue specificity","Low tissue specificity",-0.308992131241686,"Vesicles","Endoplasmic reticulum",0,3228,false]
["O95994_Q9BXM7","O95716_Q9BXM7","Janes_et_al","O95994; Q9BXM7","O95716; Q9BXM7","Q9BXM7","PINK1","O95994","AGR2","O95716","RAB3D","huMAP3_08115.1","mutually_exclusive",0.88,18,144,165,73.51,81.54,10585.44,0.36,0.52,73.5166666666666,77.8025,0.086,"ENOG502RYQ8","KOG0093","no","Tissue enhanced","Tissue enhanced",0.0983489965379569,"Endoplasmic reticulum","Vesicles",0,3235,false]
["P62136_Q7Z3T8","A8MZ97_P62136","Janes_et_al","P62136; Q7Z3T8","A8MZ97; P62136","P62136","PPP1CA","Q7Z3T8","ZFYVE16","A8MZ97","C2orf74","huMAP3_09633.1; huMAP3_09354.1; huMAP3_14504.1; huMAP3_10148.1; huMAP3_08717.1; huMAP3_08482.1","mutually_exclusive",0.14,25,60,50,61.75,40.31,2015.5,0.37,0.53,87.8620512820512,94.5360714285714,null,"KOG1841","ENOG502TF2B","no","Low tissue specificity","Low tissue specificity",-0.114341375582606,"Vesicles; Cytosol","Centrosome",0,3245,false]
["Q9BVQ7_Q9NX04","Q8NB90_Q9BVQ7","Janes_et_al","Q9BVQ7; Q9NX04","Q8NB90; Q9BVQ7","Q9BVQ7","SPATA5L1","Q9NX04","C1orf109","Q8NB90","SPATA5","huMAP3_09452.1","structurally_consistent",2.62,0,0,0,null,null,0,0.55,0.45,85.2297777777777,74.0327777777777,0.176,"ENOG502S0VU","KOG0730","no","Low tissue specificity","Low tissue specificity",0.107343285367178,"Cytosol","Cytosol",1,3252,false]
["Q9NRX2_Q9NYK5","Q86TS9_Q9NRX2","Janes_et_al","Q9NRX2; Q9NYK5","Q86TS9; Q9NRX2","Q9NRX2","MRPL17","Q9NYK5","MRPL39","Q86TS9","MRPL52","huMAP3_07939.1; huMAP3_06550.1; huMAP3_08458.1; huMAP3_06439.1; huMAP3_06589.1; huMAP3_09113.1; huMAP3_09483.1","structurally_consistent",0.87,0,1,2,32,37.01,32,0.49,0.34,94.8757894736842,93.7931818181818,0.878,"KOG1637","ENOG502S4I0","no","Low tissue specificity","Low tissue specificity",0.224598207332577,"Mitochondria","Mitochondria",1,3254,false]
["Q14CW9_Q9UPT9","Q96GX2_Q9UPT9","Janes_et_al","Q14CW9; Q9UPT9","Q96GX2; Q9UPT9","Q9UPT9","USP22","Q14CW9","ATXN7L3","Q96GX2","ATXN7L3B","huMAP3_10397.1; huMAP3_12550.1; huMAP3_07996.1","mutually_exclusive",1.16,25,73,66,81.43,69.37,4578.42,0.67,0.34,89.2786363636363,86.6630434782608,0.142,"KOG2612","ENOG502TFV2","no","Low tissue specificity","Low tissue specificity",0.248386534778702,"Nuclear speckles","Nucleoplasm",0,3263,false]
["P27449_Q9HBG4","P27449_P61421","Janes_et_al","P27449; Q9HBG4","P27449; P61421","P27449","ATP6V0C","Q9HBG4","ATP6V0A4","P61421","ATP6V0D1","huMAP3_10516.1; huMAP3_12042.1; huMAP3_10511.1","structurally_consistent",0.38,0,0,0,null,null,0,0.5,0.4,80.1221739130434,82.9183333333333,0.112,"KOG2189","KOG2957","no","Group enriched","Low tissue specificity",-0.0323969843476497,"Cytosol",null,null,3274,false]
["A2A3K4_Q66LE6","P63151_Q66LE6","Janes_et_al","A2A3K4; Q66LE6","P63151; Q66LE6","Q66LE6","PPP2R2D","A2A3K4","PTPDC1","P63151","PPP2R2A","huMAP3_13510.1","mutually_exclusive",0.16,11,46,58,60.52,84.56,2783.92,0.29,0.37,78.3423529411764,77.29,null,"KOG1720","KOG1354","no","Low tissue specificity","Low tissue specificity",0.0014974682913088,"Nucleoplasm","Cytosol",0,3279,false]
["Q9Y5E4_Q9Y5E6","Q9Y5E6_Q9Y5G2","Janes_et_al","Q9Y5E4; Q9Y5E6","Q9Y5E6; Q9Y5G2","Q9Y5E6","PCDHB3","Q9Y5E4","PCDHB5","Q9Y5G2","PCDHGB2","huMAP3_13663.1; huMAP3_11044.1; huMAP3_12508.1","mutually_exclusive",1.08,26,645,654,84.47,85.21,54483.15,0.68,0.68,81.258,80.7717741935484,null,"KOG3594","KOG3594","yes","Low tissue specificity","Low tissue specificity",0.548245412221489,"Plasma membrane","Vesicles; Plasma membrane; Cytosol",0.333333333333333,3288,false]
["P47755_Q5VZK9","P47755_P52907","Janes_et_al","P47755; Q5VZK9","P47755; P52907","P47755","CAPZA2","Q5VZK9","CARMIL1","P52907","CAPZA1","huMAP3_10870.1; huMAP3_08077.1; huMAP3_12900.1","mutually_exclusive",0.49,17,201,189,83.97,86.74,16877.97,0.68,0.7,89.2677272727272,85.8383193277311,0.124,"KOG4242","KOG0836","no","Low tissue specificity","Low tissue specificity",0.138539188820843,"Cytosol",null,null,3294,false]
["P48553_Q9UL33","P48553_Q8IUR0","Janes_et_al","P48553; Q9UL33","P48553; Q8IUR0","P48553","TRAPPC10","Q9UL33","TRAPPC2L","Q8IUR0","TRAPPC5","huMAP3_04127.1; huMAP3_07907.1; huMAP3_12177.1","mutually_exclusive",4.42,13,106,115,84.42,82.79,9520.85,0.65,0.25,90.9603846153846,73.89,0.228,"KOG3444","KOG3315","no","Low tissue specificity","Low tissue specificity",0.718342934922352,"Vesicles; Cytosol","Vesicles",0.5,3304,false]
["O43924_P36405","O43924_Q9NRR6","Janes_et_al","O43924; P36405","O43924; Q9NRR6","O43924","PDE6D","P36405","ARL3","Q9NRR6","INPP5E","huMAP3_07547.1; huMAP3_11986.1; huMAP3_00901.1; huMAP3_10614.1; huMAP3_12633.1; huMAP3_13572.1","mutually_exclusive",0.44,19,84,80,82.14,66.03,5282.4,0.55,0.29,93.815,73.3075,null,"KOG0074","KOG0565","no","Tissue enhanced","Low tissue specificity",0.113312906953599,"Centrosome","Golgi apparatus; Focal adhesion sites",0,3305,false]
["Q9UN71_Q9Y5G2","Q9Y5G2_Q9Y5G4","Janes_et_al","Q9UN71; Q9Y5G2","Q9Y5G2; Q9Y5G4","Q9Y5G2","PCDHGB2","Q9UN71","PCDHGB4","Q9Y5G4","PCDHGA9","huMAP3_12589.1; huMAP3_15067.1","mutually_exclusive",1.08,29,664,678,84.89,81.8,55460.4,0.69,0.68,84.359875,80.94828125,null,"KOG3594","KOG3594","yes","Low tissue specificity","Low tissue specificity",0.179177263581582,"Nucleoplasm; Plasma membrane","Vesicles; Plasma membrane",0.333333333333333,3316,false]
["P40123_Q01518","P40123_P68032","Janes_et_al","P40123; Q01518","P40123; P68032","P40123","CAP2","Q01518","CAP1","P68032","ACTC1","huMAP3_11048.1; huMAP3_10100.1; huMAP3_01668.1","mutually_exclusive",8.8,10,123,148,94.02,92.72,13722.56,0.6,0.72,95.0545614035088,89.6302777777777,null,"KOG2675","KOG0676","no","Low tissue specificity","Tissue enriched",-0.12303690482221,"Cytosol",null,null,3322,false]
["P52434_Q9GZS3","O14802_P52434","Janes_et_al","P52434; Q9GZS3","O14802; P52434","P52434","POLR2H","Q9GZS3","SKIC8","O14802","POLR3A","huMAP3_11092.1","mutually_exclusive",0.57,12,274,265,90.92,91.76,24912.08,0.32,0.7,74.445,91.4330851063829,0.166,"KOG4155","KOG0261","no","Low tissue specificity","Low tissue specificity",-0.0575203087315224,"Nucleoplasm; Cytosol","Nucleoplasm",0.5,3331,false]
["Q13287_Q6ZMU5","P80217_Q13287","Janes_et_al","Q13287; Q6ZMU5","P80217; Q13287","Q13287","NMI","Q6ZMU5","TRIM72","P80217","IFI35","huMAP3_15059.1","mutually_exclusive",6.4,16,45,71,73.64,89.39,3313.8,0.43,0.72,79.922,89.4095505617977,0.034,"KOG2177","ENOG502QUNN","no","Group enriched","Low tissue specificity",-0.26313159072845,"Vesicles","Nucleoplasm; Cytosol",0,3339,false]
["P52292_Q14974","Q14974_Q69YH5","Janes_et_al","P52292; Q14974","Q14974; Q69YH5","Q14974","KPNB1","P52292","KPNA2","Q69YH5","CDCA2","huMAP3_08226.1; huMAP3_10000.1; huMAP3_12581.1; huMAP3_09825.1","mutually_exclusive",0.46,31,101,59,78.17,21.25,1253.75,0.72,0.63,89.1932978723404,89.7711627906976,null,"KOG0166","ENOG502S079","no","Tissue enhanced","Group enriched",0.964290139735077,"Nucleoplasm","Nucleoplasm",1,3346,false]
["O95602_Q9P1U0","O95602_Q9NYV6","Janes_et_al","O95602; Q9P1U0","O95602; Q9NYV6","O95602","POLR1A","Q9P1U0","POLR1H","Q9NYV6","RRN3","huMAP3_00807.1; huMAP3_09057.1; huMAP3_14318.1; huMAP3_08487.1; huMAP3_11092.1; huMAP3_06426.1","structurally_consistent",0.56,0,0,0,null,null,0,0.65,0.4,81.7792045454545,83.8674193548387,null,"KOG2907","KOG2434","no","Low tissue specificity","Low tissue specificity",0.0734336973964067,"Nucleoli fibrillar center","Nucleoli rim",0,3355,false]
["P13640_Q8N339","P02795_P13640","Janes_et_al","P13640; Q8N339","P02795; P13640","P13640","MT1G","Q8N339","MT1M","P02795","MT2A","huMAP3_11755.1","mutually_exclusive",0.29,16,61,61,74.31,77.66,4532.91,0.3,0.35,78.2948936170212,80.8177272727272,0.084,"KOG4738","KOG4738","yes","Tissue enhanced","Tissue enhanced",0.81608001712732,{"$nulls":3},3360,false]
["O95163_Q96EK9","O95163_Q6IA86","Janes_et_al","O95163; Q96EK9","O95163; Q6IA86","O95163","ELP1","Q96EK9","KTI12","Q6IA86","ELP2","huMAP3_12672.1","structurally_consistent",1.87,0,0,0,null,null,0,0.56,0.32,85.6025490196078,83.3472413793103,0.102,"KOG3062","KOG1063","no","Low tissue specificity","Low tissue specificity",0.123005174988582,"Nuclear speckles; Cytoplasmic bodies","Cytosol",0,3364,false]
["O75832_P25788","O75832_Q96LY2","Janes_et_al","O75832; P25788","O75832; Q96LY2","O75832","PSMD10","P25788","PSMA3","Q96LY2","CCDC74B","huMAP3_09656.1; huMAP3_13725.1","structurally_consistent",0.35,0,36,13,89.94,27.77,361.01,0.45,0.26,75.2925,93.055,null,"KOG0184","ENOG502S5P9","no","Low tissue specificity","Tissue enhanced",-0.371556324445302,null,"Vesicles",null,3373,false]
["P05166_Q9UFN0","P05166_Q96RQ3","Janes_et_al","P05166; Q9UFN0","P05166; Q96RQ3","P05166","PCCB","Q9UFN0","NIPSNAP3A","Q96RQ3","MCCC1","huMAP3_13468.1","structurally_consistent",0.19,0,0,0,null,null,0,0.31,0.36,89.7253846153846,90.878,0.096,"KOG2883","KOG0238","no","Low tissue specificity","Low tissue specificity",0.350974929034926,null,"Mitochondria",null,3383,false]
["P25788_Q16401","Q16401_Q8TAA3","Janes_et_al","P25788; Q16401","Q16401; Q8TAA3","Q16401","PSMD5","P25788","PSMA3","Q8TAA3","PSMA8","huMAP3_09656.1; huMAP3_13725.1","mutually_exclusive",0.48,23,183,199,80.6,81.85,14749.8,0.44,0.52,86.1785714285714,76.151,null,"KOG0184","KOG0183","no","Low tissue specificity","Tissue enriched",-0.128990398773776,null,"Centriolar satellite; Centrosome",null,3390,false]
["O95298_P03891","O95298_Q9GZY4","Janes_et_al","O95298; P03891","O95298; Q9GZY4","O95298","NDUFC2","P03891","MT-ND2","Q9GZY4","COA1","huMAP3_06397.1; huMAP3_09982.1; huMAP3_14878.1","mutually_exclusive",1.35,16,57,53,64.65,85.94,3685.05,0.4,0.31,87.2287179487179,81.6518749999999,0.27,"KOG4668","ENOG502S561","no","Tissue enhanced","Low tissue specificity",0.427971726925148,null,"Mitochondria",null,3399,false]
["P62714_P63151","P63151_Q5VY09","Janes_et_al","P62714; P63151","P63151; Q5VY09","P63151","PPP2R2A","P62714","PPP2CB","Q5VY09","IER5","huMAP3_10333.1; huMAP3_13510.1","structurally_consistent",0.23,0,0,0,null,null,0,0.45,0.57,81.5428571428571,91.5741509433962,null,"KOG0371","ENOG502S0NB","no","Low tissue specificity","Tissue enhanced",-0.312472642861466,"Nucleoplasm","Nucleoplasm",1,3406,false]
["Q6NVH7_Q9H082","A4D1S5_Q9H082","Janes_et_al","Q6NVH7; Q9H082","A4D1S5; Q9H082","Q9H082","RAB33B","Q6NVH7","SWSAP1","A4D1S5","RAB19","huMAP3_14274.1; huMAP3_12491.1","structurally_consistent",0.31,0,0,0,null,null,0,0.42,0.64,83.0423529411764,91.3881081081081,null,"ENOG502S62D","KOG0084","no","Low tissue specificity","Tissue enhanced",0.384438670082127,"Nucleoplasm",null,null,3416,false]
["P08311_P61626","P61626_Q8WWU7","Janes_et_al","P08311; P61626","P61626; Q8WWU7","P61626","LYZ","P08311","CTSG","Q8WWU7","ITLN2","huMAP3_11343.1","structurally_consistent",0.31,0,0,0,null,null,0,0.29,0.51,78.102,92.4933333333333,0.348,"KOG3627","ENOG502QU6C","no","Tissue enriched","Tissue enriched",-0.0279381990882899,{"$nulls":3},3420,false]
["Q9GZN7_Q9Y4E6","P21281_Q9GZN7","Janes_et_al","Q9GZN7; Q9Y4E6","P21281; Q9GZN7","Q9GZN7","ROGDI","Q9Y4E6","WDR7","P21281","ATP6V1B2","huMAP3_07329.1; huMAP3_08381.1; huMAP3_01899.1; huMAP3_07099.1; huMAP3_09873.1; huMAP3_01501.1; huMAP3_08678.1; huMAP3_13872.1; huMAP3_09242.1; huMAP3_12042.1; huMAP3_09477.1; huMAP3_10511.1","mutually_exclusive",0.53,17,170,197,79.16,75.96,14964.12,0.67,0.44,89.363125,80.2,null,"KOG4155","KOG1351","no","Low tissue specificity","Low tissue specificity",0.492014671577552,"Nucleoplasm","Vesicles",0,3425,false]
["Q8N4F0_Q8WWU7","P31025_Q8WWU7","Janes_et_al","Q8N4F0; Q8WWU7","P31025; Q8WWU7","Q8WWU7","ITLN2","Q8N4F0","BPIFB2","P31025","LCN1","huMAP3_11343.1","structurally_consistent",0.38,0,0,0,null,null,0,0.46,0.32,85.1806249999999,80.379375,null,"KOG4160","ENOG502S22P","no","Tissue enriched","Group enriched",0.0104023565817267,"Vesicles",null,null,3434,false]
["P13640_Q8N339","P04732_P13640","Janes_et_al","P13640; Q8N339","P04732; P13640","P13640","MT1G","Q8N339","MT1M","P04732","MT1E","huMAP3_11755.1; huMAP3_10518.1","mutually_exclusive",0.29,16,61,61,74.31,76.79,4532.91,0.3,0.32,78.2948936170212,79.7454347826087,null,"KOG4738","KOG4738","yes","Tissue enhanced","Tissue enhanced",0.92794179891056,null,"Nucleoplasm",null,3442,false]
["P43487_P62826","P62826_P63165","Janes_et_al","P43487; P62826","P62826; P63165","P62826","RAN","P43487","RANBP1","P63165","SUMO1","huMAP3_10000.1; huMAP3_12581.1; huMAP3_08641.1; huMAP3_07331.1","mutually_exclusive",0.8,11,10,17,66.83,81.24,668.3,0.72,0.39,94.2802097902097,81.85,null,"KOG0864","KOG1769","no","Low tissue specificity","Low tissue specificity",0.292408734332005,"Cytosol","Nucleoplasm; Nuclear membrane",0,3450,false]
["A8MZ97_P62136","O75864_P62136","Janes_et_al","A8MZ97; P62136","O75864; P62136","P62136","PPP1CA","A8MZ97","C2orf74","O75864","PPP1R37","huMAP3_09633.1; huMAP3_09354.1; huMAP3_00020.1; huMAP3_14504.1; huMAP3_10148.1; huMAP3_04660.1; huMAP3_05534.1; huMAP3_08717.1; huMAP3_08482.1","mutually_exclusive",0.09,24,41,51,31.73,83.3,1300.93,0.53,0.71,94.5360714285714,93.416301369863,null,"ENOG502TF2B","KOG1908","no","Low tissue specificity","Low tissue specificity",0.316441767552897,"Centrosome","Cytosol",0,3459,false]
["Q99436_Q9BT73","P49720_Q99436","Janes_et_al","Q99436; Q9BT73","P49720; Q99436","Q99436","PSMB7","Q9BT73","PSMG3","P49720","PSMB3","huMAP3_00356.1; huMAP3_09656.1; huMAP3_13725.1","structurally_consistent",0.26,0,4,1,91.25,94.55,365,0.38,0.71,89.8895,90.3644444444444,0.262,"KOG4828","KOG0180","no","Low tissue specificity","Low tissue specificity",0.227976569987574,{"$nulls":3},3465,false]
["P19429_P63316","P48788_P63316","Janes_et_al","P19429; P63316","P48788; P63316","P63316","TNNC1","P19429","TNNI3","P48788","TNNI2","huMAP3_13496.1; huMAP3_09718.1","mutually_exclusive",3.88,51,108,103,83.25,82.09,8455.27,0.68,0.66,92.6997701149425,89.602911392405,null,"KOG3977","KOG3977","yes","Tissue enriched","Group enriched",-0.026421030693053,"Cytosol","Plasma membrane",0,3476,false]
["P61244_Q14582","P50539_P61244","Janes_et_al","P61244; Q14582","P50539; P61244","P61244","MAX","Q14582","MXD4","P50539","MXI1","huMAP3_00748.1; huMAP3_12522.1; huMAP3_14834.1","mutually_exclusive",2.2,32,105,107,84.44,84.69,8866.19999999999,0.69,0.69,97.4819718309859,97.5402739726027,null,"KOG2483","KOG2483","yes","Low tissue specificity","Low tissue specificity",0.128591169396519,"Cytosol","Nucleoplasm",0,3485,false]
["O60244_Q96RN5","O60244_O75586","Janes_et_al","O60244; Q96RN5","O60244; O75586","O60244","MED14","Q96RN5","MED15","O75586","MED6","huMAP3_02730.1","structurally_consistent",4.17,0,0,0,null,null,0,0.43,0.39,83.8806666666666,85.3981818181818,0.234,"KOG4274","KOG3169","no","Low tissue specificity","Low tissue specificity",0.136537845497051,"Nucleoplasm","Nucleoplasm",1,3492,false]
["O43447_Q12874","O43447_Q8WVK2","Janes_et_al","O43447; Q12874","O43447; Q8WVK2","O43447","PPIH","Q12874","SF3A3","Q8WVK2","SNRNP27","huMAP3_08980.1; huMAP3_04549.1; huMAP3_06511.1","mutually_exclusive",0.15,12,82,53,78.09,30.38,1610.14,0.29,0.41,77.2906666666666,92.2494117647058,0.552,"KOG2636","KOG3263","no","Low tissue specificity","Low tissue specificity",0.368882424885913,"Nuclear speckles","Nucleoplasm",0,3494,false]
["O00562_Q9P0L0","Q9BZ72_Q9P0L0","Janes_et_al","O00562; Q9P0L0","Q9BZ72; Q9P0L0","Q9P0L0","VAPA","O00562","PITPNM1","Q9BZ72","PITPNM2","huMAP3_11485.1; huMAP3_11506.1; huMAP3_01422.1; huMAP3_08743.1; huMAP3_00802.1; huMAP3_14473.1","mutually_exclusive",7.77,18,549,533,61.4,57.25,30514.25,0.36,0.26,83.1885,84.0444,0.086,"KOG3668","KOG3668","yes","Low tissue specificity","Tissue enriched",0.1169564388267,"Cytosol","Vesicles",0,3503,false]
["P54259_P61964","P61964_Q8IYH5","Janes_et_al","P54259; P61964","P61964; Q8IYH5","P61964","WDR5","P54259","ATN1","Q8IYH5","ZZZ3","huMAP3_09422.1; huMAP3_08776.1; huMAP3_10027.1","mutually_exclusive",0.22,30,129,159,40.41,54.24,5212.88999999999,0.3,0.52,74.8992307692307,82.291304347826,0.202,"KOG2133","ENOG502QS4F","no","Low tissue specificity","Low tissue specificity",0.0294090638851202,"Nucleoplasm","Nucleoplasm; Nucleoli; Nucleoli rim",0.333333333333333,3515,false]
["P07738_P15259","P07738_Q8N0Y7","Janes_et_al","P07738; P15259","P07738; Q8N0Y7","P07738","BPGM","P15259","PGAM2","Q8N0Y7","PGAM4","huMAP3_04142.1; huMAP3_11712.1; huMAP3_11905.1","mutually_exclusive",0.06,20,253,254,94.88,93.35,23710.9,0.68,0.68,98.0593478260869,97.8931818181818,null,"KOG0235","KOG0235","yes","Group enriched","Not detected",-0.165689015492828,"Nucleoplasm","Nucleoplasm",1,3519,false]
["Q8IUZ0_Q8N5T2","Q8N5T2_Q9BSH3","Janes_et_al","Q8IUZ0; Q8N5T2","Q8N5T2; Q9BSH3","Q8N5T2","TBC1D19","Q8IUZ0","LRRC49","Q9BSH3","NICN1","huMAP3_04690.1; huMAP3_12791.1","mutually_exclusive",0.23,30,60,59,76.92,59.39,3504.01,0.68,0.64,86.9385897435897,89.81775,null,"KOG0531","ENOG502QQWA","no","Tissue enhanced","Low tissue specificity",0.290224124119052,null,"Nucleoplasm",null,3528,false]
["O00506_P62714","P62714_Q86XL3","Janes_et_al","O00506; P62714","P62714; Q86XL3","P62714","PPP2CB","O00506","STK25","Q86XL3","ANKLE2","huMAP3_13510.1","mutually_exclusive",0.15,16,212,227,69.16,79.07,14661.92,0.35,0.58,85.7754545454545,83.296875,0.1,"KOG0201","ENOG502QQ4Z","no","Tissue enhanced","Low tissue specificity",0.0066657265304647,null,"Endoplasmic reticulum; Plasma membrane",null,3537,false]
["Q13618_Q9H0C5","Q13618_Q9P2N7","Janes_et_al","Q13618; Q9H0C5","Q13618; Q9P2N7","Q13618","CUL3","Q9H0C5","BTBD1","Q9P2N7","KLHL13","huMAP3_08550.1; huMAP3_14528.1; huMAP3_07590.1; huMAP3_09779.1","mutually_exclusive",1,23,320,342,87.99,91.95,28156.8,0.66,0.62,91.1184848484848,91.753,0.112,"KOG2075","KOG4441","no","Tissue enhanced","Tissue enhanced",-0.0742063736028902,"Cytoplasmic bodies","Cytosol",0,3545,false]
["P05166_Q9UFN0","P05166_Q15031","Janes_et_al","P05166; Q9UFN0","P05166; Q15031","P05166","PCCB","Q9UFN0","NIPSNAP3A","Q15031","LARS2","huMAP3_13468.1","structurally_consistent",0.34,0,11,24,29.73,87.96,327.03,0.31,0.31,89.7253846153846,80.32,null,"KOG2883","KOG0435","no","Low tissue specificity","Low tissue specificity",0.0346748840985341,null,"Mitochondria",null,3546,false]
["Q9NYB9_Q9UPY6","Q8WUW1_Q9UPY6","Janes_et_al","Q9NYB9; Q9UPY6","Q8WUW1; Q9UPY6","Q9UPY6","WASF3","Q9NYB9","ABI2","Q8WUW1","BRK1","huMAP3_13345.1; huMAP3_09598.1","mutually_exclusive",9.03,25,2,2,95.48,87.33,174.66,0.71,0.62,95.3513,91.457794117647,0.506,"KOG2546","ENOG502S3PY","no","Low tissue specificity","Low tissue specificity",-0.0357976080706946,"Nucleoplasm","Nuclear speckles",0,3560,false]
["P27348_Q9Y4H4","P27348_Q8IX15","Janes_et_al","P27348; Q9Y4H4","P27348; Q8IX15","P27348","YWHAQ","Q9Y4H4","GPSM3","Q8IX15","HOMEZ","huMAP3_10808.1; huMAP3_12897.1","mutually_exclusive",0.13,36,114,146,36.61,40.98,4173.54,0.41,0.28,89.9375,81.4433333333333,null,"ENOG502STIS","KOG3986","no","Group enriched","Low tissue specificity",-0.297400002442633,null,"Nucleoli",null,3563,false]
["Q8TDG2_Q9H2J4","Q8TDG2_Q92526","Janes_et_al","Q8TDG2; Q9H2J4","Q8TDG2; Q92526","Q8TDG2","ACTRT1","Q9H2J4","PDCL3","Q92526","CCT6B","huMAP3_10656.1","structurally_consistent",0.35,0,0,0,null,null,0,0.55,0.47,90.1175,84.0366666666666,0.052,"KOG3170","KOG0359","no","Low tissue specificity","Tissue enriched",0.0018700693555468,"Cytosol","Cytosol",1,3572,false]
["Q92519_Q96RU8","Q7L5Y6_Q92519","Janes_et_al","Q92519; Q96RU8","Q7L5Y6; Q92519","Q92519","TRIB2","Q96RU8","TRIB1","Q7L5Y6","DET1","huMAP3_10936.1; huMAP3_14027.1; huMAP3_15260.1; huMAP3_02750.1; huMAP3_10133.1; huMAP3_09690.1; huMAP3_04302.1; huMAP3_09617.1","structurally_consistent",0.6,0,2,2,27,54.5,54,0.37,0.65,82.45,88.0213333333333,null,"KOG0583","KOG2558","no","Tissue enhanced","Low tissue specificity",-0.168644405214397,"Plasma membrane; Cytosol","Microtubules",0,3582,false]
["Q15907_Q7L8J4","P57735_Q7L8J4","Janes_et_al","Q15907; Q7L8J4","P57735; Q7L8J4","Q7L8J4","SH3BP5L","Q15907","RAB11B","P57735","RAB25","huMAP3_10796.1","mutually_exclusive",9.65,20,170,154,88.86,85.19,13119.26,0.42,0.47,83.8278947368421,90.08,0.8,"KOG0087","KOG0087","yes","Low tissue specificity","Tissue enhanced",-0.0355269825722819,"Vesicles; Centriolar satellite","Plasma membrane",0,3587,false]
["P61962_Q8NCN4","P61962_Q9H7S9","Janes_et_al","P61962; Q8NCN4","P61962; Q9H7S9","P61962","DCAF7","Q8NCN4","RNF169","Q9H7S9","ZNF703","huMAP3_11826.1; huMAP3_12811.1; huMAP3_11527.1","mutually_exclusive",0.28,53,129,106,36.84,60.13,4752.36,0.36,0.6,90.5005263157894,91.6127142857142,null,"KOG4159","ENOG502QV57","no","Low tissue specificity","Tissue enhanced",0.0655010268256565,"Nucleoplasm; Nuclear bodies",null,null,3594,false]
["Q16531_Q8TEB1","Q7L5N1_Q8TEB1","Janes_et_al","Q16531; Q8TEB1","Q7L5N1; Q8TEB1","Q8TEB1","DCAF11","Q16531","DDB1","Q7L5N1","COPS6","huMAP3_14528.1; huMAP3_09779.1","structurally_consistent",0.51,0,0,0,null,null,0,0.72,0.38,89.9444859813084,77.619,0.582,"KOG1897","KOG3050","no","Low tissue specificity","Low tissue specificity",0.248735723640763,"Nucleoplasm","Nucleoplasm",1,3603,false]
["P11802_P24385","P11802_Q5TC84","Janes_et_al","P11802; P24385","P11802; Q5TC84","P11802","CDK4","P24385","CCND1","Q5TC84","OGFRL1","huMAP3_14722.1","mutually_exclusive",1.03,20,193,165,93.89,80.44,13272.6,0.7,0.38,92.543488372093,78.8207692307692,0.154,"KOG0656","ENOG502RA9J","no","Low tissue specificity","Low tissue specificity",-0.0607458583633815,"Nucleoplasm","Golgi apparatus",0,3604,false]
["P35998_Q16401","P28070_Q16401","Janes_et_al","P35998; Q16401","P28070; Q16401","Q16401","PSMD5","P35998","PSMC2","P28070","PSMB4","huMAP3_09656.1; huMAP3_13725.1","mutually_exclusive",1.18,23,153,160,84.24,80.13,12820.8,0.62,0.54,86.2970833333333,79.97,0.49,"KOG0729","KOG0185","no","Low tissue specificity","Low tissue specificity",0.627195879293546,"Cytosol; Cytoplasmic bodies","Nucleoplasm",0,3617,false]
["Q00526_Q14094","P33552_Q00526","Janes_et_al","Q00526; Q14094","P33552; Q00526","Q00526","CDK3","Q14094","CCNI","P33552","CKS2","huMAP3_14722.1; huMAP3_10449.1","structurally_consistent",0.36,0,0,0,null,null,0,0.68,0.5,89.1067123287671,95.430606060606,null,"KOG0653","KOG3484","no","Low tissue specificity","Tissue enhanced",-0.0147650820793839,"Golgi apparatus","Mitochondria; Cytosol",0,3621,false]
["Q15287_Q96J01","O75152_Q96J01","Janes_et_al","Q15287; Q96J01","O75152; Q96J01","Q96J01","THOC3","Q15287","RNPS1","O75152","ZC3H11A","huMAP3_09943.1","mutually_exclusive",0.16,11,92,73,76.23,59.95,4376.35,0.51,0.47,85.4747368421052,79.7461538461538,0.488,"KOG4209","KOG4791","no","Low tissue specificity","Low tissue specificity",0.0166057088801133,"Nucleoplasm","Nuclear speckles",0,3629,false]
["Q9Y230_Q9Y265","Q9HAF1_Q9Y265","Janes_et_al","Q9Y230; Q9Y265","Q9HAF1; Q9Y265","Q9Y265","RUVBL1","Q9Y230","RUVBL2","Q9HAF1","MEAF6","huMAP3_14306.1; huMAP3_10481.1; huMAP3_09291.1; huMAP3_07843.1","mutually_exclusive",3.92,12,23,30,67.71,75.09,1557.33,0.69,0.25,83.4660194174757,85.197,0.2,"KOG2680","KOG3856","no","Low tissue specificity","Low tissue specificity",-0.151217570200665,"Nucleoplasm; Cytosol","Nuclear bodies",0,3639,false]
["Q8IY63_Q8N3R9","Q8N3R9_Q9NUP9","Janes_et_al","Q8IY63; Q8N3R9","Q8N3R9; Q9NUP9","Q8N3R9","PALS1","Q8IY63","AMOTL1","Q9NUP9","LIN7C","huMAP3_09519.1; huMAP3_08481.1; huMAP3_14575.1","structurally_consistent",2.7,0,0,0,null,null,0,0.32,0.61,89.1785714285714,88.6227272727272,0.092,"ENOG502QVI5","KOG3550","no","Tissue enhanced","Low tissue specificity",-0.221038538205066,"Cytosol",null,null,3646,false]
["A0AV96_Q9NYY8","Q9NWU5_Q9NYY8","Janes_et_al","A0AV96; Q9NYY8","Q9NWU5; Q9NYY8","Q9NYY8","FASTKD2","A0AV96","RBM47","Q9NWU5","MRPL22","huMAP3_09113.1; huMAP3_07939.1","mutually_exclusive",1.13,23,181,126,77.81,77.71,9791.46,0.5,0.36,81.0281818181818,84.9961538461538,0.166,"KOG0117","KOG1711","no","Low tissue specificity","Low tissue specificity",0.223086071202141,"Nucleoplasm; Cytosol","Mitochondria",0,3655,false]
["P61218_Q9GZS3","Q96ST2_Q9GZS3","Janes_et_al","P61218; Q9GZS3","Q96ST2; Q9GZS3","Q9GZS3","SKIC8","P61218","POLR2F","Q96ST2","IWS1","huMAP3_11092.1","mutually_exclusive",0.21,12,100,108,65.93,78.2,6593,0.34,0.29,78.735,77.8957142857142,0.768,"KOG3405","KOG1793","no","Low tissue specificity","Low tissue specificity",0.612140694142573,"Nucleoplasm; Nucleoli fibrillar center","Nucleoplasm",0.5,3662,false]
["O15239_O95298","O95298_P51970","Janes_et_al","O15239; O95298","O95298; P51970","O95298","NDUFC2","O15239","NDUFA1","P51970","NDUFA8","huMAP3_09982.1; huMAP3_09567.1; huMAP3_14878.1; huMAP3_06397.1; huMAP3_14018.1","structurally_consistent",0.33,0,0,0,null,null,0,0.26,0.39,86.8838461538461,89.3175,0.906,"ENOG502S3S5","KOG3458","no","Low tissue specificity","Tissue enhanced",0.784934933959962,"Cytosol","Mitochondria",0,3663,false]
["P21709_Q13144","P49770_Q13144","Janes_et_al","P21709; Q13144","P49770; Q13144","Q13144","EIF2B5","P21709","EPHA1","P49770","EIF2B2","huMAP3_11232.1","structurally_consistent",4.09,0,0,0,null,null,0,0.43,0.68,83.3231578947368,92.0583582089552,null,"KOG0196","KOG1465","no","Group enriched","Low tissue specificity",0.373282892349085,null,"Plasma membrane; Focal adhesion sites",null,3672,false]
["P08311_P41218","P08311_P24158","Janes_et_al","P08311; P41218","P08311; P24158","P08311","CTSG","P41218","MNDA","P24158","PRTN3","huMAP3_10260.1","structurally_consistent",0.14,0,11,16,33.55,92.62,369.05,0.49,0.56,91.3484615384615,87.2619512195122,0.214,"ENOG502QTQS","KOG3627","no","Group enriched","Tissue enriched",0.90871501584822,"Nucleoplasm","Cytosol",0,3679,false]
["Q8N3E9_Q96JC9","Q8N3E9_Q96HR8","Janes_et_al","Q8N3E9; Q96JC9","Q8N3E9; Q96HR8","Q8N3E9","PLCD3","Q96JC9","EAF1","Q96HR8","NAF1","huMAP3_12350.1","mutually_exclusive",0.27,21,113,109,64.24,57.86,6306.74,0.33,0.46,82.2516666666666,82.996875,0.098,"KOG4795","KOG2236","no","Tissue enhanced","Low tissue specificity",-0.0562829832100334,"Nucleoplasm; Nuclear bodies","Nucleoplasm",0.5,3687,false]
["P24278_Q8N4J0","Q8N4J0_Q8N680","Janes_et_al","P24278; Q8N4J0","Q8N4J0; Q8N680","Q8N4J0","CARNMT1","P24278","ZBTB25","Q8N680","ZBTB2","huMAP3_12513.1","mutually_exclusive",0.12,18,228,226,63.48,61.92,13993.92,0.53,0.44,84.1963636363636,75.765,0.068,"KOG1721","KOG1721","yes","Low tissue specificity","Low tissue specificity",0.426424044218136,"Nucleoplasm","Nucleoplasm; Cytosol",0.5,3696,false]
["P35658_P78406","P52948_P78406","Janes_et_al","P35658; P78406","P52948; P78406","P78406","RAE1","P35658","NUP214","P52948","NUP98","huMAP3_10000.1; huMAP3_12581.1; huMAP3_06369.1","mutually_exclusive",0.2,29,94,104,50.54,73.82,4750.76,0.63,0.63,81.2075,90.3602985074626,0.7,"KOG3630","KOG0845","no","Tissue enhanced","Low tissue specificity",0.61002009977864,{"$nulls":3},3702,false]
["Q7RTV0_Q9Y3F4","Q15393_Q7RTV0","Janes_et_al","Q7RTV0; Q9Y3F4","Q15393; Q7RTV0","Q7RTV0","PHF5A","Q9Y3F4","STRAP","Q15393","SF3B3","huMAP3_08980.1; huMAP3_04549.1; huMAP3_06511.1","structurally_consistent",0.98,0,0,0,null,null,0,0.4,0.53,92.3383333333333,92.8578787878788,0.23,"KOG0278","KOG1898","no","Low tissue specificity","Low tissue specificity",0.176000914382567,"Cytosol","Nucleoplasm; Nucleoli; Nucleoli rim",0,3713,false]
["P35232_Q9UJZ1","O94905_P35232","Janes_et_al","P35232; Q9UJZ1","O94905; P35232","P35232","PHB1","Q9UJZ1","STOML2","O94905","ERLIN2","huMAP3_10725.1","mutually_exclusive",3.01,24,184,195,76.43,88.11,14063.12,0.45,0.7,80.8597560975609,89.7803157894736,0.136,"KOG2620","KOG2962","no","Low tissue specificity","Low tissue specificity",0.189849899114784,"Plasma membrane; Cytosol","Endoplasmic reticulum",0,3721,false]
["P28070_P48556","O75832_P48556","Janes_et_al","P28070; P48556","O75832; P48556","P48556","PSMD8","P28070","PSMB4","O75832","PSMD10","huMAP3_09656.1; huMAP3_13725.1","mutually_exclusive",1.29,17,126,118,79.59,83.21,10028.34,0.3,0.41,75.9864705882352,76.8777777777777,0.464,"KOG0185","KOG4412","no","Low tissue specificity","Low tissue specificity",0.0247687131261484,"Nucleoplasm","Cytosol",0,3724,false]
["Q9P2J3_Q9P2N7","Q9P2J3_Q9Y2M5","Janes_et_al","Q9P2J3; Q9P2N7","Q9P2J3; Q9Y2M5","Q9P2J3","KLHL9","Q9P2N7","KLHL13","Q9Y2M5","KLHL20","huMAP3_10939.1","structurally_consistent",1.04,0,0,0,null,null,0,0.55,0.67,90.8376923076923,92.1478888888889,null,"KOG4441","KOG4441","yes","Tissue enhanced","Low tissue specificity",0.27643824213633,"Cytosol","Golgi apparatus; Cytosol",0.5,3730,false]
["Q5VY09_Q66LE6","P60510_Q66LE6","Janes_et_al","Q5VY09; Q66LE6","P60510; Q66LE6","Q66LE6","PPP2R2D","Q5VY09","IER5","P60510","PPP4C","huMAP3_10333.1; huMAP3_13510.1","mutually_exclusive",1.2,24,86,129,58.68,87.97,5046.48,0.59,0.3,92.9134,73.6371428571428,null,"ENOG502S0NB","KOG0372","no","Tissue enhanced","Low tissue specificity",0.46305327021264,"Nucleoplasm","Nucleoplasm",1,3739,false]
["Q13618_Q9P2K6","O94844_Q13618","Janes_et_al","Q13618; Q9P2K6","O94844; Q13618","Q13618","CUL3","Q9P2K6","KLHL42","O94844","RHOBTB1","huMAP3_14528.1","mutually_exclusive",1.17,20,353,394,83.43,87.68,29450.79,0.56,0.58,90.741,91.332,null,"KOG1072","KOG0393","no","Low tissue specificity","Tissue enhanced",-0.204444731856954,null,"Nucleoplasm",null,3747,false]
["O14530_Q8IYD2","O14530_P57775","Janes_et_al","O14530; Q8IYD2","O14530; P57775","O14530","TXNDC9","Q8IYD2","KLHDC8A","P57775","FBXW4","huMAP3_14584.1","mutually_exclusive",1.36,10,266,245,91.97,81.54,19977.3,0.48,0.35,85.0396774193548,84.4795238095238,null,"KOG1072","ENOG502QV15","no","Tissue enriched","Low tissue specificity",-0.033987981260116,null,"Golgi apparatus",null,3756,false]
["P31947_Q96GL9","P27348_P31947","Janes_et_al","P31947; Q96GL9","P27348; P31947","P31947","SFN","Q96GL9","FAM163A","P27348","YWHAQ","huMAP3_12897.1","mutually_exclusive",0.6,10,4,2,29,97.88,116,0.45,0.67,94.9925806451612,95.856304347826,null,"ENOG502S10V","KOG0841","no","Tissue enhanced","Low tissue specificity",-0.113851343452665,null,"Cytosol",null,3765,false]
["P15884_P50553","P15884_Q7RTU0","Janes_et_al","P15884; P50553","P15884; Q7RTU0","P15884","TCF4","P50553","ASCL1","Q7RTU0","TCF24","huMAP3_11621.1","mutually_exclusive",0.7,17,100,107,76.09,78.57,7609,0.4,0.48,96.3352,94.72,null,"KOG4029","KOG4029","yes","Tissue enhanced","Tissue enhanced",-0.0819989175052131,"Nucleoplasm",null,null,3770,false]
["P63208_Q9UKA2","P63208_Q9UJA9","Janes_et_al","P63208; Q9UKA2","P63208; Q9UJA9","P63208","SKP1","Q9UKA2","FBXL4","Q9UJA9","ENPP5","huMAP3_14622.1","mutually_exclusive",0.71,12,25,28,91.88,80.75,2261,0.7,0.58,94.9793243243243,87.0562499999999,null,"KOG1947","KOG2645","no","Low tissue specificity","Tissue enriched",0.337543045466749,"Nuclear speckles","Cytosol",0,3782,false]
["Q96F63_Q9Y3B4","O75554_Q9Y3B4","Janes_et_al","Q96F63; Q9Y3B4","O75554; Q9Y3B4","Q9Y3B4","SF3B6","Q96F63","CCDC97","O75554","WBP4","huMAP3_08980.1; huMAP3_06511.1","mutually_exclusive",1.56,16,71,67,83.9,63.11,4228.37,0.59,0.25,91.496976744186,77.3130769230769,0.206,"KOG3044","KOG0150","no","Low tissue specificity","Low tissue specificity",0.304426767463169,"Nucleoplasm","Nucleoplasm",1,3784,false]
["Q8N1I0_Q92556","Q14185_Q92556","Janes_et_al","Q8N1I0; Q92556","Q14185; Q92556","Q92556","ELMO1","Q8N1I0","DOCK4","Q14185","DOCK1","huMAP3_10769.1; huMAP3_10878.1; huMAP3_13135.1; huMAP3_00089.1; huMAP3_08722.1","mutually_exclusive",0.76,14,1088,1048,73.9,83.5,80403.2,0.26,0.65,85.3745454545454,86.6374757281553,null,"KOG1998; KOG3166","KOG1998","yes","Tissue enhanced","Low tissue specificity",0.382899054266983,"Nucleoli; Plasma membrane","Nucleoplasm",0,3791,false]
["Q92552_Q9Y399","P82933_Q9Y399","Janes_et_al","Q92552; Q9Y399","P82933; Q9Y399","Q9Y399","MRPS2","Q92552","MRPS27","P82933","MRPS9","huMAP3_05807.1","structurally_consistent",0.57,0,5,7,89.78,65.13,455.91,0.25,0.61,82.2525,93.2002083333333,0.988,"KOG4570","KOG1697","no","Low tissue specificity","Low tissue specificity",0.866415458883361,"Mitochondria","Mitochondria",1,3800,false]
["P46781_Q9BYN8","Q9BYN8_Q9Y676","Janes_et_al","P46781; Q9BYN8","Q9BYN8; Q9Y676","Q9BYN8","MRPS26","P46781","RPS9","Q9Y676","MRPS18B","huMAP3_05807.1","structurally_consistent",2.38,0,0,0,null,null,0,0.36,0.31,88.8326666666666,89.6171428571428,0.24,"KOG3301","KOG4021","no","Low tissue specificity","Low tissue specificity",0.0278987951378014,null,"Mitochondria",null,3807,false]
["P61962_Q8NCN4","A6NEL2_P61962","Janes_et_al","P61962; Q8NCN4","A6NEL2; P61962","P61962","DCAF7","Q8NCN4","RNF169","A6NEL2","SOWAHB","huMAP3_11826.1; huMAP3_12811.1; huMAP3_11527.1","mutually_exclusive",0.41,33,173,153,31.71,52.39,5485.83,0.36,0.53,90.5005263157894,85.8045,null,"KOG4159","ENOG502QRSJ","no","Low tissue specificity","Tissue enhanced",0.0266188065648337,"Nucleoplasm; Nuclear bodies","Nucleoli fibrillar center",0,3817,false]
["Q9H1Y0_Q9Y4P8","Q676U5_Q9H1Y0","Janes_et_al","Q9H1Y0; Q9Y4P8","Q676U5; Q9H1Y0","Q9H1Y0","ATG5","Q9Y4P8","WIPI2","Q676U5","ATG16L1","huMAP3_14274.1","mutually_exclusive",0.3,10,292,297,85.23,89.31,24887.16,0.43,0.7,88.25,89.6522916666666,0.044,"KOG2110","KOG0288","no","Low tissue specificity","Low tissue specificity",0.64983775420974,"Cytosol","Cytosol",1,3826,false]
["Q9BSM1_Q9BYE7","P61244_Q9BYE7","Janes_et_al","Q9BSM1; Q9BYE7","P61244; Q9BYE7","Q9BYE7","PCGF6","Q9BSM1","PCGF1","P61244","MAX","huMAP3_14051.1","mutually_exclusive",6.68,13,60,43,87.94,81.01,3483.43,0.53,0.42,91.1192857142857,84.3646666666666,0.138,"KOG2660","KOG2483","no","Low tissue specificity","Low tissue specificity",-0.0221302569603689,"Nucleoplasm","Nucleoplasm",1,3830,false]
["P00338_P07864","P00338_Q6ZMR3","Janes_et_al","P00338; P07864","P00338; Q6ZMR3","P00338","LDHA","P07864","LDHC","Q6ZMR3","LDHAL6A","huMAP3_09010.1; huMAP3_12061.1; huMAP3_14812.1","mutually_exclusive",0.52,54,332,332,94.15,93.83,31151.56,0.73,0.73,95.328,93.1874418604651,null,"KOG1495","KOG1495","yes","Tissue enriched","Tissue enriched",0.972879768808749,{"$nulls":3},3843,false]
["P00338_P07864","P07864_Q6ZMR3","Janes_et_al","P00338; P07864","P07864; Q6ZMR3","P07864","LDHC","P00338","LDHA","Q6ZMR3","LDHAL6A","huMAP3_09010.1; huMAP3_12061.1; huMAP3_14812.1","mutually_exclusive",0.2,57,332,332,95.59,92.88,30836.16,0.73,0.72,95.328,91.4451851851851,null,"KOG1495","KOG1495","yes","Low tissue specificity","Tissue enriched",-0.111050913619367,"Cytosol",null,null,3843,false]
["Q96MW5_Q9Y2V7","Q96MW5_Q9H9E3","Janes_et_al","Q96MW5; Q9Y2V7","Q96MW5; Q9H9E3","Q96MW5","COG8","Q9Y2V7","COG6","Q9H9E3",null,"huMAP3_09176.1; huMAP3_14423.1; huMAP3_04294.1","mutually_exclusive",4.18,15,69,77,91.99,77.18,5942.86,0.71,0.34,85.1079487179487,71.7092857142857,0.33,"KOG3758","KOG0412","no","Low tissue specificity",null,null,"Nuclear speckles; Golgi apparatus",null,null,3852,false]
["O95147_P51178","O95147_Q8NCS4","Janes_et_al","O95147; P51178","O95147; Q8NCS4","O95147","DUSP14","P51178","PLCD1","Q8NCS4","TMEM35B","huMAP3_12974.1","mutually_exclusive",0.28,10,154,118,84.52,92.36,13016.08,0.46,0.52,83.8320833333333,88.91275,0.07,"KOG0169","ENOG502RXPR","no","Low tissue specificity","Low tissue specificity",0.0452269402678517,"Microtubules","Nucleoplasm; Nucleoli",0,3860,false]
["O14929_Q09028","O14929_Q9NVP2","Janes_et_al","O14929; Q09028","O14929; Q9NVP2","O14929","HAT1","Q09028","RBBP4","Q9NVP2","ASF1B","huMAP3_12711.1","mutually_exclusive",0.51,14,157,117,87.83,90.26,13789.31,0.56,0.52,94.9618918918919,83.005,0.136,"KOG0264","KOG3265","no","Low tissue specificity","Tissue enhanced",0.672267719931846,"Nucleoplasm","Nucleoplasm",1,3869,false]
["P62714_P67775","P67775_Q15173","Janes_et_al","P62714; P67775","P67775; Q15173","P67775","PPP2CA","P62714","PPP2CB","Q15173","PPP2R5B","huMAP3_10333.1; huMAP3_13510.1; huMAP3_09709.1","mutually_exclusive",0.07,10,159,187,87.3,91.2,13880.7,0.48,0.42,81.3833333333333,84.8439285714285,0.29,"KOG0371","KOG2085","no","Low tissue specificity","Tissue enriched",0.509821437901576,"Nucleoplasm",null,null,3875,false]
["Q14974_Q9BXS6","O00629_Q14974","Janes_et_al","Q14974; Q9BXS6","O00629; Q14974","Q14974","KPNB1","Q9BXS6","NUSAP1","O00629","KPNA4","huMAP3_10000.1; huMAP3_08641.1; huMAP3_12581.1","mutually_exclusive",0.67,50,80,77,63.26,67.83,5060.8,0.71,0.72,89.673725490196,88.6528735632183,0.152,"ENOG502QVI7","KOG0166","no","Group enriched","Tissue enhanced",-0.0278685128028396,"Nucleoplasm; Nucleoli; Nucleoli fibrillar center","Nucleoplasm",0.333333333333333,3885,false]
["O14508_Q15369","Q15369_Q99619","Janes_et_al","O14508; Q15369","Q15369; Q99619","Q15369","ELOC","O14508","SOCS2","Q99619","SPSB2","huMAP3_08919.1; huMAP3_13601.1; huMAP3_09980.1","mutually_exclusive",0.11,16,147,163,91.61,87.15,14205.45,0.65,0.52,96.71125,90.2429545454545,null,"KOG4566","KOG3953","no","Low tissue specificity","Low tissue specificity",0.166092443291464,"Endoplasmic reticulum",null,null,3894,false]
["O75438_P03905","O95168_P03905","Janes_et_al","O75438; P03905","O95168; P03905","P03905","MT-ND4","O75438","NDUFB1","O95168","NDUFB4","huMAP3_09982.1; huMAP3_09567.1; huMAP3_14878.1; huMAP3_06397.1; huMAP3_14018.1","structurally_consistent",0.08,0,0,0,null,null,0,0.41,0.62,92.25,92.6318181818181,0.608,"ENOG502S6X0","ENOG502S2HF","no","Low tissue specificity","Tissue enhanced",0.829908292620957,"Mitochondria","Mitochondria",1,3901,false]
["P12724_P13489","P13489_P34096","Janes_et_al","P12724; P13489","P13489; P34096","P13489","RNH1","P12724","RNASE3","P34096","RNASE4","huMAP3_13506.1; huMAP3_13360.1; huMAP3_12344.1; huMAP3_05486.1","mutually_exclusive",0.17,38,130,124,94.21,92.4,11457.6,0.72,0.72,93.7547826086956,94.5183333333333,null,"ENOG502TF52","ENOG502S9Q1","no","Tissue enriched","Tissue enriched",-0.089413301347202,{"$nulls":3},3903,false]
["O95900_Q8TCC3","Q86TS9_Q8TCC3","Janes_et_al","O95900; Q8TCC3","Q86TS9; Q8TCC3","Q8TCC3","MRPL30","O95900","TRUB2","Q86TS9","MRPL52","huMAP3_07939.1; huMAP3_06550.1; huMAP3_08458.1; huMAP3_06439.1; huMAP3_06589.1; huMAP3_09113.1; huMAP3_09483.1","structurally_consistent",0.95,0,0,0,null,null,0,0.29,0.34,75.1525,93.5697058823529,0.12,"KOG2559","ENOG502S4I0","no","Low tissue specificity","Low tissue specificity",0.689463320203797,null,"Mitochondria",null,3912,false]
["P04080_P07711","P07711_P07858","Janes_et_al","P04080; P07711","P07711; P07858","P07711","CTSL","P04080","CSTB","P07858","CTSB","huMAP3_10735.1; huMAP3_10846.1","mutually_exclusive",1.45,12,62,69,95.15,91.37,6304.53,0.64,0.58,91.4938709677419,84.2527272727272,0.088,"ENOG502SF2X","KOG1543","no","Tissue enriched","Low tissue specificity",0.140268975010076,"Cytosol","Vesicles",0,3924,false]
["P62136_P62140","P62140_Q8WUF5","Janes_et_al","P62136; P62140","P62140; Q8WUF5","P62140","PPP1CB","P62136","PPP1CA","Q8WUF5","PPP1R13L","huMAP3_10148.1; huMAP3_14504.1; huMAP3_06341.1","mutually_exclusive",0.26,17,206,195,87.81,83.34,16251.3,0.58,0.68,86.4825,93.3621428571428,0.172,"KOG0374","KOG0515","no","Low tissue specificity","Tissue enhanced",0.359312146566789,"Nucleoplasm; Plasma membrane; Cytosol","Cytosol",0.333333333333333,3927,false]
["P10253_Q86XF0","O00462_P10253","Janes_et_al","P10253; Q86XF0","O00462; P10253","P10253","GAA","Q86XF0","DHFR2","O00462","MANBA","huMAP3_06775.1","structurally_consistent",0.46,0,0,0,null,null,0,0.59,0.48,87.9461111111111,83.6216666666666,null,"KOG1324","KOG2230","no","Low tissue specificity","Low tissue specificity",0.112086407118947,"Mitochondria","Vesicles",0,3936,false]
["O95619_Q05BQ5","O95619_Q9NXR8","Janes_et_al","O95619; Q05BQ5","O95619; Q9NXR8","O95619","YEATS4","Q05BQ5","MBTD1","Q9NXR8","ING3","huMAP3_14306.1; huMAP3_04039.1; huMAP3_06087.1; huMAP3_10481.1; huMAP3_09291.1; huMAP3_07843.1","mutually_exclusive",0.48,13,144,108,73.63,44.09,4761.72,0.46,0.42,83.3859259259259,77.9271428571428,0.184,"KOG3766","KOG1973","no","Low tissue specificity","Tissue enriched",0.210464423819177,"Nucleoplasm","Nucleoplasm",1,3945,false]
["O00422_Q15287","O00422_Q9BRL6","Janes_et_al","O00422; Q15287","O00422; Q9BRL6","O00422","SAP18","Q15287","RNPS1","Q9BRL6","SRSF8","huMAP3_11073.1; huMAP3_09637.1; huMAP3_09943.1; huMAP3_10564.1; huMAP3_09621.1","mutually_exclusive",0.16,22,56,65,84.99,75,4875,0.59,0.43,92.9370588235294,91.1552173913043,0.689666666666667,"KOG4209","KOG4207","no","Low tissue specificity","Low tissue specificity",0.13988667467091,"Nucleoplasm","Nucleoplasm",1,3953,false]
["P06493_Q00526","Q00526_Q9H211","Janes_et_al","P06493; Q00526","Q00526; Q9H211","Q00526","CDK3","P06493","CDK1","Q9H211","CDT1","huMAP3_14722.1; huMAP3_10449.1; huMAP3_06587.1","mutually_exclusive",0.79,13,200,155,82.45,85.59,16490,0.26,0.47,76.1021428571428,91.573,0.386741935483871,"KOG0594","KOG4762","no","Tissue enhanced","Tissue enriched",0.628559986836674,"Nucleoplasm; Cytosol","Nucleoplasm",0.5,3958,false]
["P10809_Q9UFN0","P10809_Q8N465","Janes_et_al","P10809; Q9UFN0","P10809; Q8N465","P10809","HSPD1","Q9UFN0","NIPSNAP3A","Q8N465","D2HGDH","huMAP3_13468.1","mutually_exclusive",0.76,11,212,242,86.57,85.75,20751.5,0.58,0.4,88.1874285714285,89.83875,0.062,"KOG2883","KOG1232","no","Low tissue specificity","Low tissue specificity",0.0344703106992602,null,"Mitochondria",null,3961,false]
["P62714_Q16204","P62714_Q15173","Janes_et_al","P62714; Q16204","P62714; Q15173","P62714","PPP2CB","Q16204","CCDC6","Q15173","PPP2R5B","huMAP3_10333.1; huMAP3_13510.1; huMAP3_09709.1","mutually_exclusive",0.08,12,36,25,93.21,59.34,1483.5,0.62,0.44,93.7663636363636,92.5896,0.146,"KOG2129","KOG2085","no","Low tissue specificity","Tissue enriched",-0.163059786248335,"Cytosol",null,null,3970,false]
["P01009_P02765","O43924_P01009","Janes_et_al","P01009; P02765","O43924; P01009","P01009","SERPINA1","P02765","AHSG","O43924","PDE6D","huMAP3_15040.1","mutually_exclusive",0.16,17,155,133,77.94,90.29,12080.7,0.27,0.37,80.5916666666666,79.46875,0.06,"ENOG502RYRI","KOG4038","no","Tissue enriched","Low tissue specificity",-0.0963856234026635,"Golgi apparatus",null,null,3981,false]
["O43315_P20340","P20340_Q8WUD1","Janes_et_al","O43315; P20340","P20340; Q8WUD1","P20340","RAB6A","O43315","AQP9","Q8WUD1","RAB2B","huMAP3_11860.1","mutually_exclusive",0.56,12,104,105,82.71,88.18,8601.84,0.26,0.26,72.25,79.9716666666666,null,"KOG0224","KOG0098","no","Tissue enriched","Low tissue specificity",0.0933350376297535,{"$nulls":3},3986,false]
["O43300_P51654","O43300_Q8N129","Janes_et_al","O43300; P51654","O43300; Q8N129","O43300","LRRTM2","P51654","GPC3","Q8N129","CNPY4","huMAP3_14386.1","structurally_consistent",3.76,0,0,0,null,null,0,0.59,0.36,90.9971428571428,82.525909090909,null,"KOG3821","KOG4052","no","Tissue enriched","Low tissue specificity",0.256026203909883,"Plasma membrane","Vesicles",0,3995,false]
["Q16531_Q9Y4B6","Q16531_Q96SW2","Janes_et_al","Q16531; Q9Y4B6","Q16531; Q96SW2","Q16531","DDB1","Q9Y4B6","DCAF1","Q96SW2","CRBN","huMAP3_06808.1; huMAP3_09779.1","mutually_exclusive",0.67,51,300,316,83.46,89.86,25038,0.72,0.72,89.3091304347826,90.8366666666666,0.114,"KOG1832","KOG1400","no","Tissue enhanced","Low tissue specificity",0.533918111438088,"Nucleoplasm",null,null,4003,false]
["P09017_P13489","P13489_P17483","Janes_et_al","P09017; P13489","P13489; P17483","P13489","RNH1","P09017","HOXC4","P17483","HOXB4","huMAP3_13506.1; huMAP3_12344.1","mutually_exclusive",0.36,11,92,90,63.29,64.76,5822.68,0.57,0.51,82.5388461538461,90.1774074074074,null,"KOG0489","KOG0489","yes","Tissue enhanced","Tissue enhanced",0.544369832849768,"Nucleoplasm","Nucleoplasm",1,4012,false]
["P04798_Q8WYA6","P04798_Q99986","Janes_et_al","P04798; Q8WYA6","P04798; Q99986","P04798","CYP1A1","Q8WYA6","CTNNBL1","Q99986","VRK1","huMAP3_14982.1","structurally_consistent",0.52,0,0,0,null,null,0,0.51,0.37,83.80625,80.514,0.08,"KOG2734","KOG1164","no","Low tissue specificity","Tissue enhanced",0.603784990303487,"Nucleoplasm","Nucleoplasm",1,4021,false]
["P27348_Q6UUV9","P27348_Q9Y2U5","Janes_et_al","P27348; Q6UUV9","P27348; Q9Y2U5","P27348","YWHAQ","Q6UUV9","CRTC1","Q9Y2U5","MAP3K2","huMAP3_10808.1; huMAP3_12897.1","mutually_exclusive",0.36,20,112,169,37.92,72.1,4247.04,0.41,0.41,83.25375,84.765,0.09,"ENOG502QU41","KOG0198","no","Tissue enhanced","Low tissue specificity",-0.344769710189663,"Nucleoplasm; Nuclear bodies","Nucleoplasm; Cytosol",0.333333333333333,4026,false]
["Q12905_Q1KMD3","Q12905_Q5BKZ1","Janes_et_al","Q12905; Q1KMD3","Q12905; Q5BKZ1","Q12905","ILF2","Q1KMD3","HNRNPUL2","Q5BKZ1","ZNF326","huMAP3_07581.1; huMAP3_10625.1","mutually_exclusive",0.16,15,390,310,68.71,54.99,17046.9,0.52,0.46,85.3628571428571,79.4742857142857,0.078,"KOG2242","ENOG502QUAZ","no","Low tissue specificity","Tissue enhanced",0.175501103597893,"Nucleoplasm","Nucleoplasm",1,4030,false]
["O14508_Q15369","Q15369_Q9Y6I7","Janes_et_al","O14508; Q15369","Q15369; Q9Y6I7","Q15369","ELOC","O14508","SOCS2","Q9Y6I7","WSB1","huMAP3_08919.1; huMAP3_13601.1; huMAP3_09980.1","mutually_exclusive",0.15,16,170,267,89.27,89.98,15175.9,0.65,0.58,96.71125,91.4197674418604,null,"KOG4566","KOG0266","no","Low tissue specificity","Low tissue specificity",0.253912459902443,"Endoplasmic reticulum","Mitochondria",0,4039,false]
["P01568_P01570","P01568_P09914","Janes_et_al","P01568; P01570","P01568; P09914","P01568","IFNA21","P01570","IFNA14","P09914","IFIT1","huMAP3_11921.1","structurally_consistent",0.86,0,3,1,50.33,42,42,0.37,0.36,82.9288888888888,83.647,null,"ENOG502SQAC","KOG1124","no","Not detected","Low tissue specificity",null,null,"Cytosol",null,4049,false]
["P01833_Q6B0K9","Q6B0K9_Q96DA0","Janes_et_al","P01833; Q6B0K9","Q6B0K9; Q96DA0","Q6B0K9","HBM","P01833","PIGR","Q96DA0","ZG16B","huMAP3_11343.1; huMAP3_13577.1","structurally_consistent",0.58,0,0,0,null,null,0,0.39,0.52,86.46,95.426923076923,null,"ENOG502QPKT","ENOG502SWMW","no","Tissue enhanced","Tissue enriched",0.39789105561514,null,"Vesicles",null,4056,false]
["P38919_Q9Y3X0","O00422_P38919","Janes_et_al","P38919; Q9Y3X0","O00422; P38919","P38919","EIF4A3","Q9Y3X0","CCDC9","O00422","SAP18","huMAP3_10789.1; huMAP3_05740.1; huMAP3_08302.1; huMAP3_09943.1; huMAP3_10564.1; huMAP3_07561.1; huMAP3_09226.1","structurally_consistent",0.24,0,10,13,28.77,86.69,287.7,0.4,0.35,87.2411999999999,78.0986666666666,null,"ENOG502QUM9","KOG3391","no","Low tissue specificity","Low tissue specificity",0.145002481115985,"Cytosol","Nucleoplasm; Nuclear bodies",0,4064,false]
["O14744_Q9BQA1","O14744_Q96A00","Janes_et_al","O14744; Q9BQA1","O14744; Q96A00","O14744","PRMT5","Q9BQA1","WDR77","Q96A00","PPP1R14A","huMAP3_15239.1","structurally_consistent",1,0,0,0,null,null,0,0.72,0.32,95.5484403669724,84.7733333333333,0.082,"KOG0284","ENOG502S2I4","no","Tissue enhanced","Tissue enhanced",-0.0545323702890297,"Nucleoplasm; Cytosol","Nucleoplasm",0.5,4070,true]
["Q14974_Q9UKX7","Q14974_Q9BXS6","Janes_et_al","Q14974; Q9UKX7","Q14974; Q9BXS6","Q14974","KPNB1","Q9UKX7","NUP50","Q9BXS6","NUSAP1","huMAP3_10000.1; huMAP3_12581.1","mutually_exclusive",0.87,17,38,37,43.37,68.92,1648.06,0.7,0.71,83.3637878787878,89.673725490196,0.17,"KOG2724","ENOG502QVI7","no","Low tissue specificity","Group enriched",0.854527325719267,"Nucleoplasm; Nuclear membrane","Nucleoplasm; Nucleoli; Nucleoli fibrillar center",0.25,4080,false]
["P01903_P79483","O94923_P01903","Janes_et_al","P01903; P79483","O94923; P01903","P01903","HLA-DRA","P79483",null,"O94923","GLCE","huMAP3_09938.1; huMAP3_07774.1","mutually_exclusive",4.09,26,88,100,92.46,87.13,8713,0.73,0.58,95.7554658385093,86.5316666666666,0.078,null,"KOG3760","not_mapped",null,"Tissue enhanced",null,null,"Mitochondria",null,4081,false]
["Q15434_Q96E29","Q7Z7H8_Q96E29","Janes_et_al","Q15434; Q96E29","Q7Z7H8; Q96E29","Q96E29","MTERF3","Q15434","RBMS2","Q7Z7H8","MRPL10","huMAP3_09113.1; huMAP3_07939.1; huMAP3_08458.1; huMAP3_09483.1","mutually_exclusive",6.2,13,22,20,64.13,69.97,1410.86,0.31,0.44,87.734,82.0860714285714,0.132,"KOG4733","KOG4241","no","Low tissue specificity","Low tissue specificity",0.0667000595366204,"Nucleoli fibrillar center","Mitochondria",0,4089,false]
["O14929_Q09028","Q09028_Q13111","Janes_et_al","O14929; Q09028","Q09028; Q13111","Q09028","RBBP4","O14929","HAT1","Q13111","CHAF1A","huMAP3_12711.1","mutually_exclusive",0.12,17,36,31,70.54,84.55,2539.44,0.56,0.7,94.9618918918919,88.910074074074,0.138,"KOG2696","KOG4364","no","Low tissue specificity","Tissue enhanced",0.566702124045562,"Nucleoplasm","Nucleoplasm",1,4097,false]
["P41208_Q9BQ69","P09874_Q9BQ69","Janes_et_al","P41208; Q9BQ69","P09874; Q9BQ69","Q9BQ69","MACROD1","P41208","CETN2","P09874","PARP1","huMAP3_14846.1","mutually_exclusive",1.91,12,113,154,78.41,84.61,8860.33,0.34,0.45,79.41,83.8534782608695,null,"KOG0028","KOG1037","no","Tissue enhanced","Low tissue specificity",-0.250037405736595,"Centrosome","Nucleoplasm",0,4106,false]
["Q00535_Q6ZMN8","Q00535_Q15078","Janes_et_al","Q00535; Q6ZMN8","Q00535; Q15078","Q00535","CDK5","Q6ZMN8","CCNI2","Q15078","CDK5R1","huMAP3_15344.1","mutually_exclusive",0.13,27,202,166,92.13,92.33,18610.26,0.7,0.7,91.8204,94.6437333333333,null,"KOG0653","KOG3932","no","Tissue enhanced","Tissue enriched",0.432274076253334,"Golgi apparatus","Nucleoplasm; Vesicles",0,4112,false]
["Q9BQ87_Q9BZK7","Q13227_Q9BZK7","Janes_et_al","Q9BQ87; Q9BZK7","Q13227; Q9BZK7","Q9BZK7","TBL1XR1","Q9BQ87","TBL1Y","Q13227","GPS2","huMAP3_07695.1; huMAP3_05713.1; huMAP3_06185.1; huMAP3_06884.1; huMAP3_04325.1; huMAP3_13269.1; huMAP3_06120.1","mutually_exclusive",1.73,13,82,54,86.84,60.61,3272.94,0.72,0.57,91.2019259259259,84.9284375,null,null,"ENOG502RFJB","not_mapped","Tissue enhanced","Low tissue specificity",0.0936786904898528,"Nucleoplasm","Nucleoplasm",1,4123,false]
["Q14166_Q9BVG4","Q05639_Q14166","Janes_et_al","Q14166; Q9BVG4","Q05639; Q14166","Q14166","TTLL12","Q9BVG4","PBDC1","Q05639","EEF1A2","huMAP3_08052.1; huMAP3_05568.1; huMAP3_12041.1; huMAP3_01911.1; huMAP3_00469.1","mutually_exclusive",0.35,11,130,202,84.15,80.64,16289.28,0.43,0.5,85.58,84.5927586206896,0.112,"KOG4093","KOG0052","no","Low tissue specificity","Tissue enriched",-0.117668205285885,"Nucleoplasm","Cytosol",0,4131,false]
["P04350_Q13885","P04350_P25445","Janes_et_al","P04350; Q13885","P04350; P25445","P04350","TUBB4A","Q13885","TUBB2A","P25445","FAS","huMAP3_10475.1; huMAP3_10665.1; huMAP3_09233.1; huMAP3_07762.1; huMAP3_09670.1; huMAP3_07544.1; huMAP3_09603.1; huMAP3_08179.1","structurally_consistent",0.29,0,13,9,94.29,15.78,142.019999999999,0.61,0.38,86.9179245283018,78.9825,0.204,"KOG1375","ENOG502S0SV","no","Group enriched","Low tissue specificity",-0.313204549784423,"Microtubules","Plasma membrane",0,4134,false]
["Q9BZE1_Q9HD33","Q96A35_Q9BZE1","Janes_et_al","Q9BZE1; Q9HD33","Q96A35; Q9BZE1","Q9BZE1","MRPL37","Q9HD33","MRPL47","Q96A35","MRPL24","huMAP3_07939.1; huMAP3_06550.1; huMAP3_08458.1; huMAP3_06439.1; huMAP3_06589.1; huMAP3_09113.1; huMAP3_09483.1","structurally_consistent",0.49,0,0,0,null,null,0,0.38,0.24,94.1172,86.0386666666666,1,"KOG3331","KOG1708","no","Low tissue specificity","Low tissue specificity",0.43066559621056,"Mitochondria",null,null,4140,false]
["Q05513_Q15334","Q05513_Q9NPB6","Janes_et_al","Q05513; Q15334","Q05513; Q9NPB6","Q05513","PRKCZ","Q15334","LLGL1","Q9NPB6","PARD6A","huMAP3_05806.1; huMAP3_07433.1; huMAP3_12987.1; huMAP3_09726.1; huMAP3_10212.1","mutually_exclusive",5.02,10,192,184,78.51,64.38,11845.9199999999,0.67,0.32,85.2795454545454,90.0363888888889,null,"KOG1983","KOG3606","no","Tissue enriched","Tissue enhanced",0.421398177291667,null,"Cell Junctions; Actin filaments",null,4147,false]
["P00403_P14854","P14854_P47985","Janes_et_al","P00403; P14854","P14854; P47985","P14854","COX6B1","P00403","MT-CO2","P47985","UQCRFS1","huMAP3_10623.1","mutually_exclusive",0.3,19,126,114,87.1,94.09,10974.6,0.54,0.24,91.3119565217391,82.25375,0.7,"KOG4767","KOG1671","no","Tissue enhanced","Tissue enhanced",0.474672527061569,null,"Mitochondria",null,4155,false]
["Q9H5Z1_Q9UBB9","O95926_Q9H5Z1","Janes_et_al","Q9H5Z1; Q9UBB9","O95926; Q9H5Z1","Q9H5Z1","DHX35","Q9UBB9","TFIP11","O95926","SYF2","huMAP3_08501.1; huMAP3_06726.1; huMAP3_09504.1; huMAP3_09945.1","structurally_consistent",0.93,0,0,0,null,null,0,0.4,0.37,82.6265714285714,79.95375,0.496,"KOG2184","KOG2609","no","Low tissue specificity","Low tissue specificity",0.663497081976686,"Nucleoplasm","Nuclear speckles",0,4162,false]
["P55199_Q8N3E9","P78356_Q8N3E9","Janes_et_al","P55199; Q8N3E9","P78356; Q8N3E9","Q8N3E9","PLCD3","P55199","ELL","P78356","PIP4K2B","huMAP3_12350.1","mutually_exclusive",0.28,26,239,231,77.45,79.33,18510.55,0.63,0.51,82.1088095238095,80.45625,0.038,"KOG4796","KOG0229","no","Low tissue specificity","Low tissue specificity",-0.133937515549827,"Nucleoplasm","Nucleoplasm",1,4167,false]
["Q96A72_Q96J01","O75152_Q96J01","Janes_et_al","Q96A72; Q96J01","O75152; Q96J01","Q96J01","THOC3","Q96A72","MAGOHB","O75152","ZC3H11A","huMAP3_10789.1","mutually_exclusive",0.18,17,93,96,80.79,72.32,6942.71999999999,0.48,0.47,78.0811111111111,79.7461538461538,0.38,"KOG3392","KOG4791","no","Low tissue specificity","Low tissue specificity",-7.1887155755651E-3,null,"Nuclear speckles",null,4179,false]
["Q13547_Q92769","O75362_Q13547","Janes_et_al","Q13547; Q92769","O75362; Q13547","Q13547","HDAC1","Q92769","HDAC2","O75362","ZNF217","huMAP3_15128.1; huMAP3_08800.1; huMAP3_09031.1; huMAP3_10311.1","mutually_exclusive",0.4,11,272,185,83.19,53.07,9817.95,0.57,0.39,88.5196774193548,87.93,null,"KOG1342","KOG1721","no","Low tissue specificity","Low tissue specificity",0.526827003977369,"Nucleoplasm","Nuclear speckles",0,4188,false]
["O96020_P24941","P24941_Q15078","Janes_et_al","O96020; P24941","P24941; Q15078","P24941","CDK2","O96020","CCNE2","Q15078","CDK5R1","huMAP3_06587.1; huMAP3_08377.1; huMAP3_10449.1; huMAP3_09319.1","mutually_exclusive",0.13,30,223,175,91.5,87.06,15235.5,0.71,0.66,93.9318181818182,92.3253225806451,null,"KOG0655","KOG3932","no","Tissue enhanced","Tissue enriched",0.080131992374743,null,"Nucleoplasm; Vesicles",null,4190,false]
["P09661_Q9Y3F4","O95149_P09661","Janes_et_al","P09661; Q9Y3F4","O95149; P09661","P09661","SNRPA1","Q9Y3F4","STRAP","O95149","SNUPN","huMAP3_08980.1; huMAP3_06511.1","mutually_exclusive",5.45,14,271,266,91.48,80.91,21522.06,0.37,0.44,77.2892307692307,77.6732,0.22,"KOG0278","KOG3132","no","Low tissue specificity","Low tissue specificity",0.305708355551409,"Cytosol","Nucleoplasm; Plasma membrane; Cytosol",0.333333333333333,4197,false]
["P15428_P32246","P21128_P32246","Janes_et_al","P15428; P32246","P21128; P32246","P32246","CCR1","P15428","HPGD","P21128","ENDOU","huMAP3_08238.1","mutually_exclusive",0.18,14,218,198,94.54,85.39,16907.22,0.55,0.29,72.4,74.48,null,"KOG4169","KOG2849","no","Tissue enhanced","Tissue enhanced",0.0477344798409384,"Cytosol",null,null,4206,false]
["O00148_P82979","O00148_Q9UJV9","Janes_et_al","O00148; P82979","O00148; Q9UJV9","O00148","DDX39A","P82979","SARNP","Q9UJV9","DDX41","huMAP3_09943.1","structurally_consistent",0.4,0,0,0,null,null,0,0.43,0.37,91.3584210526315,83.3944444444444,0.164428571428571,"KOG0720; KOG4259","KOG0341","no","Low tissue specificity","Low tissue specificity",0.173618116980097,"Nuclear speckles","Nucleoplasm",0,4213,false]
["O94844_Q13618","Q13618_Q96GG9","Janes_et_al","O94844; Q13618","Q13618; Q96GG9","Q13618","CUL3","O94844","RHOBTB1","Q96GG9","DCUN1D1","huMAP3_12888.1","structurally_consistent",1.8,0,0,0,null,null,0,0.58,0.49,91.332,92.3184848484848,null,"KOG0393","KOG3077","no","Tissue enhanced","Tissue enriched",0.111428025175547,"Nucleoplasm","Nucleoplasm",1,4222,false]
["P63208_Q6PIJ6","P63208_Q9Y2K7","Janes_et_al","P63208; Q6PIJ6","P63208; Q9Y2K7","P63208","SKP1","Q6PIJ6","FBXO38","Q9Y2K7","KDM2A","huMAP3_09623.1; huMAP3_14622.1","mutually_exclusive",0.57,51,308,237,87.48,72.76,17244.12,0.66,0.52,90.518028169014,87.8160869565217,0.096,"ENOG502QSUC","KOG1633; KOG1947","no","Low tissue specificity","Low tissue specificity",0.442881901771135,"Nucleoplasm; Plasma membrane","Nucleoplasm",0.5,4231,false]
["P61962_Q9Y4B4","P61962_Q9NYF3","Janes_et_al","P61962; Q9Y4B4","P61962; Q9NYF3","P61962","DCAF7","Q9Y4B4","RAD54L2","Q9NYF3","FAM53C","huMAP3_11826.1; huMAP3_11527.1","mutually_exclusive",0.39,15,154,109,62.32,30.68,3344.12,0.36,0.63,80.136,90.8707407407407,0.088,"KOG1016","ENOG502RW5C","no","Low tissue specificity","Tissue enhanced",0.371117547644759,"Nucleoplasm",null,null,4235,false]
["P63208_Q96IG2","P63208_Q9UKT5","Janes_et_al","P63208; Q96IG2","P63208; Q9UKT5","P63208","SKP1","Q96IG2","FBXL20","Q9UKT5","FBXO4","huMAP3_14622.1","mutually_exclusive",0.19,38,236,241,92.61,83.35,20087.35,0.66,0.55,93.0701298701298,90.9643283582089,0.07,"KOG4341","ENOG502QUXD","no","Low tissue specificity","Low tissue specificity",-0.0197764133832527,"Microtubules","Nucleoplasm",0,4247,false]
["P0C7V8_Q16531","Q16531_Q58WW2","Janes_et_al","P0C7V8; Q16531","Q16531; Q58WW2","Q16531","DDB1","P0C7V8","DCAF8L2","Q58WW2","DCAF6","huMAP3_10612.1; huMAP3_14528.1; huMAP3_09283.1; huMAP3_09779.1","mutually_exclusive",0.24,41,415,434,86.94,81.87,35531.58,0.72,0.72,90.535,86.2125,null,"KOG1334","KOG1310; KOG1334","yes","Tissue enriched","Group enriched",0.0438109381602478,null,"Nucleoplasm; Focal adhesion sites",null,4254,false]
["Q14332_Q99679","Q8N697_Q99679","Janes_et_al","Q14332; Q99679","Q8N697; Q99679","Q99679","GPR21","Q14332","FZD2","Q8N697","SLC15A4","huMAP3_15126.1","structurally_consistent",0.46,0,3,4,33.51,79.02,100.53,0.46,0.43,84.0746666666666,81.0023076923077,0.06,"KOG3577","KOG1237","no","Tissue enhanced","Low tissue specificity",0.295006715214095,"Nucleoplasm; Nuclear bodies",null,null,4255,false]
["O75843_P61966","O75843_Q6PD74","Janes_et_al","O75843; P61966","O75843; Q6PD74","O75843","AP1G2","P61966","AP1S1","Q6PD74","AAGAB","huMAP3_10876.1; huMAP3_12918.1; huMAP3_10762.1; huMAP3_12394.1; huMAP3_13055.1; huMAP3_12376.1","mutually_exclusive",2.63,25,69,66,93.39,62.7,4138.2,0.73,0.27,93.5751063829787,78.1621621621621,0.038,"KOG0934","KOG4273","no","Tissue enhanced","Low tissue specificity",-0.237882092528653,"Golgi apparatus; Vesicles","Nuclear speckles; Cytosol",0,4263,false]
["P62714_Q9Y570","P62714_Q15173","Janes_et_al","P62714; Q9Y570","P62714; Q15173","P62714","PPP2CB","Q9Y570","PPME1","Q15173","PPP2R5B","huMAP3_10333.1; huMAP3_13510.1; huMAP3_09709.1","mutually_exclusive",0.06,15,144,126,89.23,83.27,10492.02,0.71,0.44,95.4804761904762,92.5896,null,"KOG2564","KOG2085","no","Low tissue specificity","Tissue enriched",0.196872465900939,"Nucleoplasm",null,null,4272,false]
["A5D8V6_Q9UK41","Q96EY5_Q9UK41","Janes_et_al","A5D8V6; Q9UK41","Q96EY5; Q9UK41","Q9UK41","VPS28","A5D8V6","VPS37C","Q96EY5","MVB12A","huMAP3_13805.1; huMAP3_09572.1; huMAP3_12917.1","structurally_consistent",6.97,0,0,0,null,null,0,0.42,0.33,88.9393333333333,81.3053846153846,0.106,"KOG3270","KOG4000","no","Low tissue specificity","Low tissue specificity",0.181435541822552,"Vesicles","Vesicles",1,4278,false]
["P27348_Q9UBS9","P27348_Q2TAL5","Janes_et_al","P27348; Q9UBS9","P27348; Q2TAL5","P27348","YWHAQ","Q9UBS9","SUCO","Q2TAL5","SMTNL2","huMAP3_12897.1","mutually_exclusive",0.29,10,200,218,65.86,52.11,11359.98,0.24,0.35,88.0333333333333,79.2864705882352,null,"KOG1396","KOG4678","no","Tissue enhanced","Group enriched",-0.154185698744394,"Nucleoli fibrillar center; Cytosol","Nucleoplasm; Nuclear speckles",0,4288,false]
["Q96ST2_Q9GZS3","P52434_Q9GZS3","Janes_et_al","Q96ST2; Q9GZS3","P52434; Q9GZS3","Q9GZS3","SKIC8","Q96ST2","IWS1","P52434","POLR2H","huMAP3_11092.1","mutually_exclusive",0.2,16,124,133,81.85,77.51,10308.83,0.29,0.32,77.8957142857142,74.445,0.428,"KOG1793","KOG3400","no","Low tissue specificity","Low tissue specificity",-0.0268906387589605,"Nucleoplasm","Nucleoplasm",1,4297,false]
["P62140_Q13625","O75901_P62140","Janes_et_al","P62140; Q13625","O75901; P62140","P62140","PPP1CB","Q13625","TP53BP2","O75901","RASSF9","huMAP3_14504.1","mutually_exclusive",0.15,41,196,162,67.68,44.15,7152.3,0.66,0.6,93.4522058823529,84.653125,null,"KOG0515","KOG1574","no","Low tissue specificity","Low tissue specificity",-0.242324531434637,"Cell Junctions; Cytosol",null,null,4304,false]
["P61326_Q13427","P38919_P61326","Janes_et_al","P61326; Q13427","P38919; P61326","P61326","MAGOH","Q13427","PPIG","P38919","EIF4A3","huMAP3_10789.1; huMAP3_09943.1; huMAP3_09621.1; huMAP3_10564.1","mutually_exclusive",0.17,10,187,248,89.52,95.6,16740.2399999999,0.6,0.71,92.6045762711864,95.60725,0.466,"KOG0546","KOG0328","no","Low tissue specificity","Low tissue specificity",0.659692972966178,"Nuclear speckles","Nucleoplasm",0,4314,false]
["P67775_Q93052","P67775_Q9Y3A3","Janes_et_al","P67775; Q93052","P67775; Q9Y3A3","P67775","PPP2CA","Q93052","LPP","Q9Y3A3","MOB4","huMAP3_13510.1","structurally_consistent",0.09,0,0,0,null,null,0,0.26,0.45,77.175,81.834375,0.038,"KOG1701","KOG1852","no","Low tissue specificity","Low tissue specificity",0.15367717865503,"Focal adhesion sites; Cytosol",null,null,4321,false]
["O60939_P42345","O60939_Q96QU8","Janes_et_al","O60939; P42345","O60939; Q96QU8","O60939","SCN2B","P42345","MTOR","Q96QU8","XPO6","huMAP3_11232.1","mutually_exclusive",7.34,19,737,764,73.22,84.73,53963.14,0.39,0.66,76.73,84.3081249999999,0.088,"KOG0891","KOG2020","no","Low tissue specificity","Low tissue specificity",-0.146001346860895,"Golgi apparatus; Cytosol","Nucleoplasm; Nucleoli",0,4323,false]
["Q8TBX8_Q96GG9","O43865_Q8TBX8","Janes_et_al","Q8TBX8; Q96GG9","O43865; Q8TBX8","Q8TBX8","PIP4K2C","Q96GG9","DCUN1D1","O43865","AHCYL1","huMAP3_10957.1","structurally_consistent",0.23,0,0,0,null,null,0,0.42,0.6,85.09375,86.8292682926829,0.112,"KOG3077","KOG1370","no","Tissue enriched","Low tissue specificity",-0.173369652282984,"Nucleoplasm","Cytosol",0,4332,false]
["P47755_Q5VZK9","P47755_Q6JBY9","Janes_et_al","P47755; Q5VZK9","P47755; Q6JBY9","P47755","CAPZA2","Q5VZK9","CARMIL1","Q6JBY9","RCSD1","huMAP3_10870.1; huMAP3_08077.1; huMAP3_12900.1","mutually_exclusive",0.39,21,133,86,80.71,34.16,2937.76,0.68,0.4,89.2677272727272,89.451724137931,0.044,"KOG4242","ENOG502SRPU","no","Low tissue specificity","Tissue enhanced",-0.128392600238456,"Cytosol","Plasma membrane",0,4344,false]
["O15212_Q9NQP4","Q9BVA0_Q9NQP4","Janes_et_al","O15212; Q9NQP4","Q9BVA0; Q9NQP4","Q9NQP4","PFDN4","O15212","PFDN6","Q9BVA0","KATNB1","huMAP3_10942.1; huMAP3_09234.1; huMAP3_14626.1","structurally_consistent",0.4,0,2,1,97.8,26.57,26.57,0.52,0.29,92.6870833333333,82.7611111111111,0.174,"KOG3478","KOG0267","no","Low tissue specificity","Low tissue specificity",0.55879077641665,"Nucleoplasm; Golgi apparatus","Plasma membrane; Cytosol",0,4349,false]
["Q16531_Q8TEB1","Q16531_Q92466","Janes_et_al","Q16531; Q8TEB1","Q16531; Q92466","Q16531","DDB1","Q8TEB1","DCAF11","Q92466","DDB2","huMAP3_14528.1; huMAP3_09779.1","mutually_exclusive",0.31,45,386,356,90.01,87.38,31107.28,0.72,0.72,89.9444859813084,89.1468468468468,0.176,"KOG0266","KOG4328","no","Low tissue specificity","Low tissue specificity",0.118203668355958,"Nucleoplasm","Nucleoplasm; Cell Junctions",0.5,4358,false]
["Q15437_Q9HD15","Q15437_Q6ZRV2","Janes_et_al","Q15437; Q9HD15","Q15437; Q6ZRV2","Q15437","SEC23B","Q9HD15","SRA1","Q6ZRV2","FAM83H","huMAP3_12394.1","mutually_exclusive",0.56,26,115,115,65.54,57.9,6658.5,0.72,0.55,90.9082,79.5766666666666,0.022,"ENOG502RZ38","ENOG502QW7K","no","Low tissue specificity","Tissue enhanced",-0.114781877453593,"Nucleoplasm","Cytosol",0,4364,false]
["P53611_Q8N414","P53611_P61018","Janes_et_al","P53611; Q8N414","P53611; P61018","P53611","RABGGTB","Q8N414","PGBD5","P61018","RAB4B","huMAP3_11860.1","mutually_exclusive",0.19,20,281,201,77.32,79.58,21726.92,0.41,0.27,82.6542857142857,77.23,null,"ENOG502QT9F","KOG0086","no","Tissue enhanced","Tissue enhanced",0.531091973984314,"Nucleoplasm",null,null,4375,false]
["P60673_P68032","P40123_P68032","Janes_et_al","P60673; P68032","P40123; P68032","P68032","ACTC1","P60673","PFN3","P40123","CAP2","huMAP3_12148.1; huMAP3_15014.1","mutually_exclusive",1,13,39,16,94.66,51.1,817.6,0.68,0.72,96.7409615384615,89.6302777777777,0.084,"ENOG502S2A3","KOG2675","no","Tissue enriched","Tissue enhanced",-0.0490581773286743,"Vesicles; Cytosol","Nucleoplasm; Cytosol",0.333333333333333,4376,false]
["O43924_O95164","O43924_Q9NRR6","Janes_et_al","O43924; O95164","O43924; Q9NRR6","O43924","PDE6D","O95164","UBL3","Q9NRR6","INPP5E","huMAP3_09259.1; huMAP3_13233.1; huMAP3_10492.1; huMAP3_03636.1; huMAP3_00901.1; huMAP3_10614.1; huMAP3_12633.1; huMAP3_13572.1","mutually_exclusive",0.55,14,18,50,38,69.86,684,0.54,0.29,86.7986363636363,73.3075,null,"ENOG502RYGN","KOG0565","no","Low tissue specificity","Low tissue specificity",0.0781156636522741,"Centrosome","Golgi apparatus; Focal adhesion sites",0,4386,false]
["O95167_P03886","P03886_P03891","Janes_et_al","O95167; P03886","P03886; P03891","P03886","MT-ND1","O95167","NDUFA3","P03891","MT-ND2","huMAP3_09982.1; huMAP3_09567.1; huMAP3_14878.1; huMAP3_08132.1; huMAP3_06397.1; huMAP3_02928.1; huMAP3_14018.1; huMAP3_02819.1","structurally_consistent",0.27,0,0,0,null,null,0,0.35,0.3,87.3093939393939,81.59,0.928,"ENOG502S4RS","KOG4668","no","Tissue enhanced","Tissue enhanced",0.881255151788784,{"$nulls":3},4392,false]
["Q5JS54_Q99436","Q99436_Q9GZU8","Janes_et_al","Q5JS54; Q99436","Q99436; Q9GZU8","Q99436","PSMB7","Q5JS54","PSMG4","Q9GZU8","PSME3IP1","huMAP3_00356.1; huMAP3_09656.1; huMAP3_13725.1","structurally_consistent",0.69,0,1,1,68.88,63.41,63.41,0.27,0.24,87.2876923076923,80.74,0.028,"ENOG502S31R","KOG4036","no","Low tissue specificity","Low tissue specificity",-0.170429363165367,"Nucleoplasm; Mitochondria","Nucleoplasm",0.5,4401,false]
["O00629_P18754","P18754_P63279","Janes_et_al","O00629; P18754","P18754; P63279","P18754","RCC1","O00629","KPNA4","P63279","UBE2I","huMAP3_10000.1; huMAP3_12581.1; huMAP3_08641.1","mutually_exclusive",0.19,10,211,150,86.11,86.62,18169.21,0.61,0.4,78.707619047619,79.7494117647058,0.124,"KOG0166","KOG0424","no","Tissue enhanced","Low tissue specificity",1.3697315997512E-3,"Nucleoplasm","Nucleoplasm",1,4409,false]
["P63208_Q7Z6M2","O94952_P63208","Janes_et_al","P63208; Q7Z6M2","O94952; P63208","P63208","SKP1","Q7Z6M2","FBXO33","O94952","FBXO21","huMAP3_14622.1","mutually_exclusive",0.27,30,360,385,88.12,85.96,33094.6,0.62,0.65,91.4127868852459,93.4120833333333,null,"ENOG502QPU4","ENOG502QS7Z","no","Tissue enhanced","Tissue enhanced",-0.0422136397394538,"Nucleoplasm","Mitochondria",0,4418,false]
["P82912_Q92552","P0C0S8_Q92552","Janes_et_al","P82912; Q92552","P0C0S8; Q92552","Q92552","MRPS27","P82912","MRPS11","P0C0S8","H2AC13","huMAP3_05807.1","mutually_exclusive",0.12,17,102,82,68.92,75.9,7029.84,0.24,0.3,76.4245454545454,77.8881818181818,null,"KOG0408","KOG1756","no","Low tissue specificity","Tissue enhanced",-0.296447352096693,"Mitochondria","Nucleoplasm",0,4427,false]
["P01562_P01571","P01562_P32881","Janes_et_al","P01562; P01571","P01562; P32881","P01562","IFNA1","P01571","IFNA17","P32881","IFNA8","huMAP3_11921.1; huMAP3_13851.1","mutually_exclusive",0.47,20,105,101,86.66,83.59,8442.59,0.46,0.35,84.2,81.9478378378378,null,"ENOG502SQAC","ENOG502SQAC","yes","Not detected","Not detected",{"$nulls":4},4432,false]
["P62826_Q96EE3","P62826_P63165","Janes_et_al","P62826; Q96EE3","P62826; P63165","P62826","RAN","Q96EE3","SEH1L","P63165","SUMO1","huMAP3_12581.1","structurally_consistent",0.1,0,0,0,null,null,0,0.48,0.39,83.4533333333333,81.85,null,"KOG2445","KOG1769","no","Low tissue specificity","Low tissue specificity",0.411928491260285,null,"Nucleoplasm; Nuclear membrane",null,4436,false]
["P16298_P63098","O60248_P63098","Janes_et_al","P16298; P63098","O60248; P63098","P63098","PPP3R1","P16298","PPP3CB","O60248","SOX15","huMAP3_15008.1","mutually_exclusive",0.62,12,64,50,95.47,84.68,4234,0.69,0.38,94.0994690265486,87.8517391304347,null,"KOG0375","KOG0527","no","Tissue enhanced","Tissue enhanced",-0.045089757026445,"Cytosol","Nucleoplasm",0,4445,false]
["P63208_Q9H469","P41002_P63208","Janes_et_al","P63208; Q9H469","P41002; P63208","P63208","SKP1","Q9H469","FBXL15","P41002","CCNF","huMAP3_00161.1; huMAP3_05528.1; huMAP3_09623.1; huMAP3_14622.1","mutually_exclusive",0.32,35,261,254,92.29,87.66,22265.64,0.66,0.67,93.106282051282,91.032794117647,null,"KOG1947","KOG0654","no","Low tissue specificity","Tissue enhanced",-0.190220948916258,null,"Centrosome",null,4455,false]
["P03886_Q96LL9","P03886_P03891","Janes_et_al","P03886; Q96LL9","P03886; P03891","P03886","MT-ND1","Q96LL9","DNAJC30","P03891","MT-ND2","huMAP3_09982.1; huMAP3_09567.1; huMAP3_14878.1; huMAP3_06397.1; huMAP3_02928.1; huMAP3_14018.1; huMAP3_02819.1","structurally_consistent",0.85,0,4,6,35.25,90,141,0.38,0.3,83.2570731707317,81.59,0.168,"KOG0691","KOG4668","no","Low tissue specificity","Tissue enhanced",0.643128220510883,{"$nulls":3},4462,false]
["P62136_Q99622","O75864_P62136","Janes_et_al","P62136; Q99622","O75864; P62136","P62136","PPP1CA","Q99622","C12orf57","O75864","PPP1R37","huMAP3_09633.1; huMAP3_09354.1; huMAP3_00020.1; huMAP3_14504.1; huMAP3_10148.1; huMAP3_08717.1; huMAP3_08482.1","structurally_consistent",7.86,0,0,0,null,null,0,0.32,0.71,85.0159999999999,93.416301369863,0.084,"ENOG502S2W0","KOG1908","no","Low tissue specificity","Low tissue specificity",0.39522737695307,"Nuclear speckles","Cytosol",0,4471,false]
["P52434_Q9GZS3","Q6PD62_Q9GZS3","Janes_et_al","P52434; Q9GZS3","Q6PD62; Q9GZS3","Q9GZS3","SKIC8","P52434","POLR2H","Q6PD62","CTR9","huMAP3_11092.1","mutually_exclusive",0.37,17,134,130,76.43,92.11,10241.62,0.32,0.71,74.445,91.5657894736842,0.696,"KOG3400","KOG2002","no","Low tissue specificity","Low tissue specificity",0.113163542166052,"Nucleoplasm","Nucleoplasm",1,4478,false]
["Q15369_Q96S21","O75159_Q15369","Janes_et_al","Q15369; Q96S21","O75159; Q15369","Q15369","ELOC","Q96S21","RAB40C","O75159","SOCS5","huMAP3_08919.1; huMAP3_05894.1; huMAP3_09980.1; huMAP3_13601.1","mutually_exclusive",0.23,19,173,174,82.55,88.19,14281.15,0.46,0.59,92.5994285714285,96.0912244897959,null,"KOG0078","KOG4566","no","Low tissue specificity","Low tissue specificity",-0.0200145192308529,"Vesicles","Cytosol",0,4488,false]
["Q9NPG3_Q9NVP2","Q09028_Q9NVP2","Janes_et_al","Q9NPG3; Q9NVP2","Q09028; Q9NVP2","Q9NVP2","ASF1B","Q9NPG3","UBN1","Q09028","RBBP4","huMAP3_12711.1","mutually_exclusive",0.33,12,100,155,46.59,89.94,4659,0.28,0.26,84.44,78.198947368421,0.191,"KOG4786","KOG0264","no","Low tissue specificity","Low tissue specificity",0.362079459689382,"Nucleoplasm","Nucleoplasm",1,4497,false]
["P04908_P62805","P49321_P62805","Janes_et_al","P04908; P62805","P49321; P62805","P62805","H4C8","P04908","H2AC8","P49321","NASP","huMAP3_12711.1","mutually_exclusive",0.91,18,67,62,85.44,56.36,3494.32,0.68,0.3,93.0107608695652,83.3821875,null,"KOG1756","KOG4563","no","Tissue enhanced","Low tissue specificity",0.222566272275234,"Nucleoplasm","Nucleoplasm",1,4498,false]
["P63208_Q8NHM5","P41002_P63208","Janes_et_al","P63208; Q8NHM5","P41002; P63208","P63208","SKP1","Q8NHM5","KDM2B","P41002","CCNF","huMAP3_00161.1; huMAP3_05528.1; huMAP3_09623.1; huMAP3_14622.1","mutually_exclusive",0.23,34,288,307,83.03,84.05,23912.64,0.63,0.67,88.4222077922078,91.032794117647,null,"KOG1633; KOG1947","KOG0654","no","Low tissue specificity","Tissue enhanced",0.637841913899776,"Nucleoplasm","Centrosome",0,4506,false]
["P27361_P28482","P27361_Q8WZ73","Janes_et_al","P27361; P28482","P27361; Q8WZ73","P27361","MAPK3","P28482","MAPK1","Q8WZ73","RFFL","huMAP3_13479.1; huMAP3_13355.1; huMAP3_14916.1","mutually_exclusive",0.68,23,162,129,82.14,52.72,6800.88,0.53,0.4,81.5408,85.2152631578947,null,"KOG0660","KOG4275","no","Low tissue specificity","Low tissue specificity",0.115285212362551,"Cytosol","Vesicles",0,4515,false]
["O14579_Q9P299","O14579_Q9Y282","Janes_et_al","O14579; Q9P299","O14579; Q9Y282","O14579","COPE","Q9P299","COPZ2","Q9Y282","ERGIC3","huMAP3_12869.1","structurally_consistent",0.37,0,4,6,25,57.67,100,0.68,0.33,85.9393103448275,81.918,0.078,"KOG3343","KOG2667","no","Low tissue specificity","Low tissue specificity",0.171151486273076,{"$nulls":3},4523,false]
["P61964_Q15291","P61964_Q8IYH5","Janes_et_al","P61964; Q15291","P61964; Q8IYH5","P61964","WDR5","Q15291","RBBP5","Q8IYH5","ZZZ3","huMAP3_09422.1; huMAP3_08776.1; huMAP3_10027.1","mutually_exclusive",0.28,29,48,55,47.37,49,2273.76,0.71,0.52,89.7146969696969,82.291304347826,0.142,"KOG1273","ENOG502QS4F","no","Low tissue specificity","Low tissue specificity",0.668604836976905,"Nucleoplasm; Nucleoli","Nucleoplasm; Nucleoli; Nucleoli rim",0.666666666666666,4531,false]
["P47985_Q9UI43","P05166_Q9UI43","Janes_et_al","P47985; Q9UI43","P05166; Q9UI43","Q9UI43","MRM2","P47985","UQCRFS1","P05166","PCCB","huMAP3_10458.1","mutually_exclusive",0.41,13,147,222,88.58,93.64,13021.26,0.5,0.42,87.7334285714285,77.5418181818181,0.258,"KOG1671","KOG0540","no","Tissue enhanced","Tissue enhanced",0.533362538845112,"Mitochondria",null,null,4537,false]
["Q86UE8_Q9UKI8","Q9NVP2_Q9UKI8","Janes_et_al","Q86UE8; Q9UKI8","Q9NVP2; Q9UKI8","Q9UKI8","TLK1","Q86UE8","TLK2","Q9NVP2","ASF1B","huMAP3_09289.1; huMAP3_12711.1; huMAP3_12963.1","mutually_exclusive",2.69,16,28,28,30.87,46.34,864.36,0.71,0.48,93.4455813953488,88.3377419354838,0.038,"KOG1151","KOG3265","no","Low tissue specificity","Tissue enhanced",0.6481358907633,null,"Nucleoplasm",null,4548,false]
["O95602_P19388","P19388_Q9H1D9","Janes_et_al","O95602; P19388","P19388; Q9H1D9","P19388","POLR2E","O95602","POLR1A","Q9H1D9","POLR3F","huMAP3_00807.1; huMAP3_09057.1; huMAP3_14318.1; huMAP3_08487.1; huMAP3_11092.1; huMAP3_06426.1","mutually_exclusive",0.35,12,255,197,89.23,84.9,16725.3,0.72,0.35,90.2883428571428,89.3918181818181,0.042,"KOG0262","KOG3233","no","Low tissue specificity","Low tissue specificity",0.311109675092675,"Nucleoli fibrillar center","Nucleoplasm",0,4557,false]
["Q12874_Q7L014","Q12874_Q15459","Janes_et_al","Q12874; Q7L014","Q12874; Q15459","Q12874","SF3A3","Q7L014","DDX46","Q15459","SF3A1","huMAP3_08980.1; huMAP3_04549.1; huMAP3_06511.1","structurally_consistent",2.09,0,27,16,72.04,23.88,382.08,0.41,0.71,89.3567647058823,93.5267924528302,0.704,"KOG0334","KOG0007","no","Low tissue specificity","Low tissue specificity",0.760492274966811,"Nuclear speckles","Nucleoplasm; Nuclear speckles",0.5,4564,false]
["P27348_P30305","P27348_Q86X27","Janes_et_al","P27348; P30305","P27348; Q86X27","P27348","YWHAQ","P30305","CDC25B","Q86X27","RALGPS2","huMAP3_12897.1","mutually_exclusive",0.27,17,200,240,61.28,73.1,12256,0.42,0.43,82.835,81.8242105263157,0.106,"KOG3772","KOG3417","no","Low tissue specificity","Tissue enhanced",-0.0320382371326623,"Vesicles","Nucleoplasm; Cytosol",0,4566,false]
["Q9UN75_Q9Y5H6","Q9Y5H6_Q9Y5I0","Janes_et_al","Q9UN75; Q9Y5H6","Q9Y5H6; Q9Y5I0","Q9Y5H6","PCDHA8","Q9UN75","PCDHA12","Q9Y5I0","PCDHA13","huMAP3_06872.1; huMAP3_10321.1; huMAP3_14604.1","mutually_exclusive",0.87,42,688,683,81.58,81.81,56127.04,0.7,0.7,86.6978217821782,86.0923157894736,null,"KOG3594","KOG3594","yes","Tissue enhanced","Tissue enhanced",0.336223602120225,"Plasma membrane; Cytosol",null,null,4575,false]
["O43172_P09661","P09661_Q9UHI6","Janes_et_al","O43172; P09661","P09661; Q9UHI6","P09661","SNRPA1","O43172","PRPF4","Q9UHI6","DDX20","huMAP3_08980.1; huMAP3_06511.1","mutually_exclusive",0.98,17,333,320,92.31,83.22,26630.4,0.52,0.29,83.6158064516129,76.7566666666666,0.274,"KOG0272","KOG4284","no","Low tissue specificity","Tissue enriched",0.0045683076202025,"Nuclear speckles","Nuclear bodies",0,4586,false]
["O43447_P14678","O43447_Q8WVK2","Janes_et_al","O43447; P14678","O43447; Q8WVK2","O43447","PPIH","P14678","SNRPB","Q8WVK2","SNRNP27","huMAP3_08980.1; huMAP3_04549.1; huMAP3_06511.1","mutually_exclusive",0.07,14,46,28,74.15,35.21,985.88,0.34,0.41,80.9957142857142,92.2494117647058,0.622,"KOG3168","KOG3263","no","Low tissue specificity","Low tissue specificity",0.126158026888874,"Nucleoplasm","Nucleoplasm",1,4591,false]
["P28347_Q14135","P28347_Q15562","Janes_et_al","P28347; Q14135","P28347; Q15562","P28347","TEAD1","Q14135","VGLL4","Q15562","TEAD2","huMAP3_14671.1; huMAP3_13677.1; huMAP3_09040.1; huMAP3_10235.1","mutually_exclusive",7.91,10,49,75,57.71,74.63,2827.79,0.58,0.59,93.8327659574468,86.7213513513513,null,"ENOG502QTV3","KOG3841","no","Low tissue specificity","Low tissue specificity",0.533126055404034,"Nucleoli fibrillar center","Nucleoplasm",0,4600,false]
["Q495M9_Q9Y6N9","Q8N8V4_Q9Y6N9","Janes_et_al","Q495M9; Q9Y6N9","Q8N8V4; Q9Y6N9","Q9Y6N9","USH1C","Q495M9","USH1G","Q8N8V4","ANKS4B","huMAP3_00593.1","mutually_exclusive",8.07,26,181,202,82.41,78.55,15867.1,0.6,0.54,90.8515625,89.7808928571428,null,"KOG0504","KOG0504","yes","Tissue enhanced","Group enriched",-0.109647231223142,null,"Nucleoplasm; Cytosol",null,4609,false]
["P67775_Q9BTL4","P67775_Q06190","Janes_et_al","P67775; Q9BTL4","P67775; Q06190","P67775","PPP2CA","Q9BTL4","IER2","Q06190","PPP2R3A","huMAP3_13510.1","mutually_exclusive",0.22,21,149,164,47.17,73.99,7028.33,0.42,0.51,90.1705555555555,80.546,null,"ENOG502S19F","KOG2562","no","Low tissue specificity","Group enriched",-0.0930533676755394,"Nucleoplasm","Golgi apparatus",0,4617,false]
["Q9Y5F8_Q9Y5G2","Q9P2E7_Q9Y5G2","Janes_et_al","Q9Y5F8; Q9Y5G2","Q9P2E7; Q9Y5G2","Q9Y5G2","PCDHGB2","Q9Y5F8","PCDHGB7","Q9P2E7","PCDH10","huMAP3_12210.1","mutually_exclusive",1,28,525,547,85.9,86.44,45097.5,0.68,0.68,82.7610465116279,81.6476388888888,null,"KOG3594","KOG3594","yes","Low tissue specificity","Group enriched",0.380401206294486,"Vesicles; Plasma membrane","Golgi apparatus",0,4618,false]
["Q66LE6_Q9NUC0","P60510_Q66LE6","Janes_et_al","Q66LE6; Q9NUC0","P60510; Q66LE6","Q66LE6","PPP2R2D","Q9NUC0","SERTAD4","P60510","PPP4C","huMAP3_10333.1; huMAP3_13510.1","mutually_exclusive",1.19,20,62,96,61.34,88.17,3803.08,0.52,0.3,90.2061224489796,73.6371428571428,null,"ENOG502S9V2","KOG0372","no","Low tissue specificity","Low tissue specificity",-0.111238393226238,"Nucleoplasm","Nucleoplasm",1,4632,false]
["O43447_O95777","O43447_Q8WVK2","Janes_et_al","O43447; O95777","O43447; Q8WVK2","O43447","PPIH","O95777","LSM8","Q8WVK2","SNRNP27","huMAP3_08980.1; huMAP3_06511.1","mutually_exclusive",0.12,13,46,31,70.56,34.06,1055.86,0.24,0.41,79.5375,92.2494117647058,0.576,"KOG1784","KOG3263","no","Low tissue specificity","Low tissue specificity",0.0024246974470153,"Nucleoplasm; Vesicles","Nucleoplasm",0.5,4635,false]
["O75367_Q9P0M6","O75367_Q7Z2G1","Janes_et_al","O75367; Q9P0M6","O75367; Q7Z2G1","O75367","MACROH2A1","Q9P0M6","MACROH2A2","Q7Z2G1","H2BW1","huMAP3_10592.1","mutually_exclusive",8.07,40,82,75,61.4,89.4,5034.8,0.47,0.7,78.6113513513513,93.3318548387096,null,"KOG1756; KOG2633","KOG1744","no","Low tissue specificity","Not detected",0.067245300107447,"Nucleoplasm",null,null,4644,false]
["Q3ZCM7_Q71U36","O60884_Q71U36","Janes_et_al","Q3ZCM7; Q71U36","O60884; Q71U36","Q71U36","TUBA1A","Q3ZCM7","TUBB8","O60884","DNAJA2","huMAP3_10475.1; huMAP3_10665.1","structurally_consistent",0.18,0,0,0,null,null,0,0.69,0.35,90.9786206896551,79.6325,0.578,"KOG1375","KOG0712","no","Tissue enhanced","Low tissue specificity",0.0932856000054986,"Microtubules","Nucleoli; Cytosol",0,4655,false]
["Q7L5Y6_Q96LR5","Q7L5Y6_Q8NHY2","Janes_et_al","Q7L5Y6; Q96LR5","Q7L5Y6; Q8NHY2","Q7L5Y6","DET1","Q96LR5","UBE2E2","Q8NHY2","COP1","huMAP3_15260.1; huMAP3_14027.1","mutually_exclusive",0.25,10,11,12,40.75,79.42,448.25,0.69,0.51,94.1566666666666,81.5269565217391,0.122,"KOG0417","ENOG502QQ8V","no","Low tissue specificity","Low tissue specificity",-0.249629916427803,"Nucleoplasm",null,null,4661,false]
["P27348_Q96GL9","P27348_Q9Y4H4","Janes_et_al","P27348; Q96GL9","P27348; Q9Y4H4","P27348","YWHAQ","Q96GL9","FAM163A","Q9Y4H4","GPSM3","huMAP3_12897.1","mutually_exclusive",0.48,24,53,86,33.32,37.6,1765.96,0.43,0.41,91.6928571428571,89.9375,null,"ENOG502S10V","ENOG502STIS","no","Tissue enhanced","Group enriched",-0.0133725113687008,{"$nulls":3},4670,false]
["P30153_Q15172","P30153_Q969Q6","Janes_et_al","P30153; Q15172","P30153; Q969Q6","P30153","PPP2R1A","Q15172","PPP2R5A","Q969Q6","PPP2R3C","huMAP3_13510.1","mutually_exclusive",0.47,27,265,273,87.88,88.83,23288.2,0.7,0.59,88.5338805970149,80.9295555555555,0.058,"KOG2085","KOG2562","no","Low tissue specificity","Low tissue specificity",0.159715811457236,"Cytosol","Nucleoplasm",0,4678,false]
["Q16576_Q5T6S3","O60341_Q16576","Janes_et_al","Q16576; Q5T6S3","O60341; Q16576","Q16576","RBBP7","Q5T6S3","PHF19","O60341","KDM1A","huMAP3_15128.1","mutually_exclusive",0.08,24,134,131,58.38,71.09,7822.92,0.53,0.48,94.4215384615384,87.082,0.3,"KOG4323","KOG0029; KOG0685","no","Low tissue specificity","Low tissue specificity",-0.0869821478321208,null,"Nucleoplasm",null,4679,false]
["Q9Y5F9_Q9Y5G2","Q9Y5G2_Q9Y5G4","Janes_et_al","Q9Y5F9; Q9Y5G2","Q9Y5G2; Q9Y5G4","Q9Y5G2","PCDHGB2","Q9Y5F9","PCDHGB6","Q9Y5G4","PCDHGA9","huMAP3_12589.1; huMAP3_10439.1; huMAP3_15067.1","mutually_exclusive",2.62,28,656,662,86.18,83.31,55151.22,0.69,0.68,82.3850561797752,80.94828125,null,"KOG3594","KOG3594","yes","Tissue enhanced","Low tissue specificity",0.723037028570044,"Vesicles; Plasma membrane","Vesicles; Plasma membrane",1,4692,false]
["Q00535_Q9BV87","Q00535_Q15078","Janes_et_al","Q00535; Q9BV87","Q00535; Q15078","Q00535","CDK5","Q9BV87","CNPPD1","Q15078","CDK5R1","huMAP3_09793.1; huMAP3_04468.1; huMAP3_10253.1","mutually_exclusive",0.16,31,175,162,83.5,92.75,14612.5,0.62,0.7,89.3267164179104,94.6437333333333,null,"KOG1674","KOG3932","no","Low tissue specificity","Tissue enriched",-0.28821976060964,null,"Nucleoplasm; Vesicles",null,4695,false]
["P52948_P57740","P55735_P57740","Janes_et_al","P52948; P57740","P55735; P57740","P57740","NUP107","P52948","NUP98","P55735","SEC13","huMAP3_12581.1; huMAP3_09710.1; huMAP3_07705.1","structurally_consistent",3.75,0,0,0,null,null,0,0.63,0.35,88.1335789473684,80.4371428571428,0.168,"KOG0845","KOG1332","no","Low tissue specificity","Low tissue specificity",0.128779206850158,null,"Nucleoplasm; Vesicles",null,4704,false]
["O15239_P03886","P03886_Q96LL9","Janes_et_al","O15239; P03886","P03886; Q96LL9","P03886","MT-ND1","O15239","NDUFA1","Q96LL9","DNAJC30","huMAP3_09982.1; huMAP3_09567.1; huMAP3_14878.1; huMAP3_06397.1; huMAP3_02928.1; huMAP3_14018.1; huMAP3_02819.1","mutually_exclusive",0.6,21,24,26,86.92,75.04,1951.04,0.58,0.38,86.3131034482758,83.2570731707317,0.09,"ENOG502S3S5","KOG0691","no","Low tissue specificity","Low tissue specificity",0.133016800131511,"Cytosol",null,null,4714,false]
["P27348_Q2TAL5","P27348_P62258","Janes_et_al","P27348; Q2TAL5","P27348; P62258","P27348","YWHAQ","Q2TAL5","SMTNL2","P62258","YWHAE","huMAP3_10808.1; huMAP3_12897.1; huMAP3_07596.1","mutually_exclusive",0.21,11,16,33,21,88.85,336,0.35,0.68,79.2864705882352,96.4291111111111,null,"KOG4678","KOG0841","no","Group enriched","Low tissue specificity",0.44857575131054,"Nucleoplasm; Nuclear speckles","Cytosol",0,4720,false]
["P07998_P13489","P13489_P17482","Janes_et_al","P07998; P13489","P13489; P17482","P13489","RNH1","P07998","RNASE1","P17482","HOXB9","huMAP3_13506.1; huMAP3_13360.1; huMAP3_12344.1","mutually_exclusive",0.45,15,101,75,93.97,72.04,5403,0.72,0.6,95.0317333333333,90.647,null,"ENOG502SQ4K","KOG0487","no","Tissue enriched","Tissue enhanced",-0.0645111977809477,"Vesicles","Nucleoplasm",0,4729,false]
["P45880_Q9H2H9","P08574_P45880","Janes_et_al","P45880; Q9H2H9","P08574; P45880","P45880","VDAC2","Q9H2H9","SLC38A1","P08574","CYC1","huMAP3_09592.1","structurally_consistent",0.34,0,5,4,15.2,16.6,76,0.26,0.3,79.7672727272727,85.7252631578947,0.046,"KOG1305","KOG3052","no","Low tissue specificity","Tissue enhanced",0.464318267441599,null,"Mitochondria",null,4736,false]
["Q6ZNE5_Q96F24","Q14457_Q6ZNE5","Janes_et_al","Q6ZNE5; Q96F24","Q14457; Q6ZNE5","Q6ZNE5","ATG14","Q96F24","NRBF2","Q14457","BECN1","huMAP3_00300.1; huMAP3_14783.1; huMAP3_01249.1","mutually_exclusive",2.28,29,73,74,81.38,94.39,5940.74,0.48,0.72,95.3905769230769,92.4767676767676,0.24225,"ENOG502QRE0","KOG2751","no","Low tissue specificity","Low tissue specificity",0.434088180587,"Nucleoplasm; Cytosol","Cytosol",0.5,4737,false]
["Q8NEZ5_Q9H469","P63208_Q8NEZ5","Janes_et_al","Q8NEZ5; Q9H469","P63208; Q8NEZ5","Q8NEZ5","FBXO22","Q9H469","FBXL15","P63208","SKP1","huMAP3_00161.1; huMAP3_09623.1; huMAP3_14622.1","structurally_consistent",0.44,0,0,0,null,null,0,0.34,0.66,74.0005,92.91,0.372,"KOG1947","KOG1724","no","Low tissue specificity","Low tissue specificity",0.409852282131421,null,"Nucleoplasm",null,4745,true]
["O00217_Q8N183","O00217_Q9Y375","Janes_et_al","O00217; Q8N183","O00217; Q9Y375","O00217","NDUFS8","Q8N183","NDUFAF2","Q9Y375","NDUFAF1","huMAP3_09567.1; huMAP3_14878.1","structurally_consistent",4.05,0,8,10,34.24,48.87,273.92,0.45,0.29,89.0974285714285,79.4366666666666,0.206,"ENOG502S21I","KOG2435","no","Low tissue specificity","Low tissue specificity",0.678879988170653,"Mitochondria","Mitochondria; Cytosol",0.5,4754,false]
["Q15572_Q15573","P20226_Q15573","Janes_et_al","Q15572; Q15573","P20226; Q15573","Q15573","TAF1A","Q15572","TAF1C","P20226","TBP","huMAP3_10806.1; huMAP3_00597.1","mutually_exclusive",2.18,43,361,235,81.45,68.8,16168,0.66,0.46,88.7763414634146,74.87,null,"ENOG502QTCT","KOG3302","no","Low tissue specificity","Low tissue specificity",0.200933314380657,"Nucleoplasm; Nucleoli fibrillar center","Nucleoplasm",0.5,4762,false]
["P0C0S8_Q8IUE6","Q8IUE6_Q9BRU9","Janes_et_al","P0C0S8; Q8IUE6","Q8IUE6; Q9BRU9","Q8IUE6","H2AC21","P0C0S8","H2AC13","Q9BRU9","UTP23","huMAP3_05807.1","mutually_exclusive",1.41,22,30,37,60.58,77.24,1817.4,0.68,0.25,92.5629591836734,80.0653333333333,null,"KOG1756","KOG3164","no","Tissue enhanced","Low tissue specificity",0.321545932348145,"Nucleoplasm","Nucleoli",0,4771,false]
["O75575_Q9HCN4","Q9HCN4_Q9NWS0","Janes_et_al","O75575; Q9HCN4","Q9HCN4; Q9NWS0","Q9HCN4","GPN1","O75575","CRCP","Q9NWS0","PIH1D1","huMAP3_09057.1; huMAP3_14318.1; huMAP3_08487.1; huMAP3_11092.1; huMAP3_06426.1","mutually_exclusive",1.81,16,32,28,82.43,57.91,1621.48,0.27,0.47,78.1455172413793,88.4399999999999,0.262,"KOG4168","KOG4356","no","Low tissue specificity","Low tissue specificity",0.05791890814022,"Nucleoplasm","Cytosol",0,4777,false]
["P62306_Q6P2Q9","Q56P03_Q6P2Q9","Janes_et_al","P62306; Q6P2Q9","Q56P03; Q6P2Q9","Q6P2Q9","PRPF8","P62306","SNRPF","Q56P03","EAPP","huMAP3_08980.1","mutually_exclusive",2.65,14,54,32,82.39,37.32,1194.24,0.3,0.3,77.58,78.9078260869565,0.206,"KOG3482","KOG3395","no","Low tissue specificity","Low tissue specificity",0.698915943178863,null,"Nucleoplasm; Nuclear speckles",null,4788,false]
["O14802_P61218","O14802_P30876","Janes_et_al","O14802; P61218","O14802; P30876","O14802","POLR3A","P61218","POLR2F","P30876","POLR2B","huMAP3_11092.1; huMAP3_14318.1","mutually_exclusive",1.27,10,4,10,62.25,89.2,249,0.69,0.73,90.5266666666666,91.96925,0.804,"KOG3405","KOG0214","no","Low tissue specificity","Low tissue specificity",-0.188773682136786,"Nucleoplasm; Nucleoli fibrillar center","Nucleoplasm",0.5,4797,false]
["Q9NW64_Q9Y3C6","O95400_Q9Y3C6","Janes_et_al","Q9NW64; Q9Y3C6","O95400; Q9Y3C6","Q9Y3C6","PPIL1","Q9NW64","RBM22","O95400","CD2BP2","huMAP3_09504.1; huMAP3_09945.1","mutually_exclusive",0.14,26,152,139,73.21,58.99,8199.61,0.29,0.29,75.8254545454545,78.9285714285714,0.302,"KOG0153","KOG2950","no","Low tissue specificity","Low tissue specificity",-0.0737227797425867,"Nucleoplasm","Nuclear speckles",0,4800,false]
["O60299_P61962","P61962_Q9HAH7","Janes_et_al","O60299; P61962","P61962; Q9HAH7","P61962","DCAF7","O60299","LZTS3","Q9HAH7","FBRS","huMAP3_11826.1; huMAP3_11527.1","mutually_exclusive",0.25,18,63,70,40.28,36.96,2587.2,0.24,0.6,88.1704545454545,94.3169565217391,null,"ENOG502QWFS","ENOG502QT69","no","Tissue enhanced","Low tissue specificity",-0.0732646555719623,"Vesicles","Nucleoplasm",0,4806,false]
["Q15543_Q9Y6J9","Q15544_Q9Y6J9","Janes_et_al","Q15543; Q9Y6J9","Q15544; Q9Y6J9","Q9Y6J9","TAF6L","Q15543","TAF13","Q15544","TAF11","huMAP3_10385.1","mutually_exclusive",8.64,19,47,51,72.93,57.31,2922.81,0.52,0.37,80.3661538461538,81.7972727272727,0.1,"KOG3901","KOG3219","no","Low tissue specificity","Low tissue specificity",0.183995004339455,"Nucleoplasm","Nucleoplasm",1,4815,false]
["Q5JTD7_Q96EP5","Q5JTD7_Q5W111","Janes_et_al","Q5JTD7; Q96EP5","Q5JTD7; Q5W111","Q5JTD7","LRRC73","Q96EP5","DAZAP1","Q5W111","SPRYD7","huMAP3_10926.1","structurally_consistent",0.73,0,0,0,null,null,0,0.3,0.43,76.199,85.5253125,0.104,"KOG4205","KOG4030","no","Low tissue specificity","Low tissue specificity",-0.0685583265685445,"Nucleoplasm","Vesicles",0,4823,false]
["P63208_Q8NEA4","P63208_Q96CD0","Janes_et_al","P63208; Q8NEA4","P63208; Q96CD0","P63208","SKP1","Q8NEA4","FBXO36","Q96CD0","FBXL8","huMAP3_00161.1; huMAP3_05528.1; huMAP3_09623.1; huMAP3_14622.1","mutually_exclusive",0.24,33,107,153,80.18,86.83,8579.26,0.67,0.66,94.6738461538461,90.2795081967213,null,"KOG1777","ENOG502QU59","no","Low tissue specificity","Low tissue specificity",-0.0078535628633507,"Nucleoplasm; Nucleoli","Golgi apparatus",0,4832,false]
["P62136_Q9H175","A8MZ97_P62136","Janes_et_al","P62136; Q9H175","A8MZ97; P62136","P62136","PPP1CA","Q9H175","CSRNP2","A8MZ97","C2orf74","huMAP3_09633.1; huMAP3_09354.1; huMAP3_14504.1; huMAP3_10148.1; huMAP3_04660.1; huMAP3_05534.1; huMAP3_08717.1; huMAP3_08482.1","mutually_exclusive",0.11,43,78,57,86.73,43.02,2452.14,0.73,0.53,96.0601724137931,94.5360714285714,null,"KOG3813","ENOG502TF2B","no","Low tissue specificity","Low tissue specificity",0.579558460806783,"Nuclear speckles","Centrosome",0,4841,false]
["P54098_Q9UFN0","P43155_Q9UFN0","Janes_et_al","P54098; Q9UFN0","P43155; Q9UFN0","Q9UFN0","NIPSNAP3A","P54098","POLG","P43155","CRAT","huMAP3_13468.1","mutually_exclusive",0.58,10,157,219,73.61,96.21,11556.77,0.52,0.45,83.3911627906976,82.74,0.036,"KOG3657","KOG3717","no","Low tissue specificity","Tissue enhanced",0.481239240837407,"Mitochondria","Golgi apparatus; Cytosol",0,4846,false]
["Q00535_Q9BV87","Q00535_Q6ZMN8","Janes_et_al","Q00535; Q9BV87","Q00535; Q6ZMN8","Q00535","CDK5","Q9BV87","CNPPD1","Q6ZMN8","CCNI2","huMAP3_11987.1","mutually_exclusive",0.16,30,206,233,81.26,90.32,16739.56,0.62,0.7,89.3267164179104,91.8204,null,"KOG1674","KOG0653","no","Low tissue specificity","Tissue enhanced",-0.0548181024338311,null,"Golgi apparatus",null,4857,false]
["Q92643_Q96S52","O43292_Q92643","Janes_et_al","Q92643; Q96S52","O43292; Q92643","Q92643","PIGK","Q96S52","PIGS","O43292","GPAA1","huMAP3_01184.1; huMAP3_10360.1","structurally_consistent",1.22,0,0,0,null,null,0,0.69,0.46,88.0123469387755,85.475,0.486,"KOG2459","KOG3566","no","Low tissue specificity","Low tissue specificity",0.135190915716257,null,"Endoplasmic reticulum; Cytosol",null,4858,false]
["Q13371_Q9H2J4","Q9BYD9_Q9H2J4","Janes_et_al","Q13371; Q9H2J4","Q9BYD9; Q9H2J4","Q9H2J4","PDCL3","Q13371","PDCL","Q9BYD9","ACTRT3","huMAP3_07725.1; huMAP3_10656.1; huMAP3_04396.1","structurally_consistent",2.73,0,0,0,null,null,0,0.41,0.51,84.0336842105263,88.4825,null,"KOG3171","KOG0676","no","Low tissue specificity","Tissue enriched",-0.202084007714129,"Cytosol","Nucleoplasm",0,4868,false]
["O75306_Q16718","O43920_O75306","Janes_et_al","O75306; Q16718","O43920; O75306","O75306","NDUFS2","Q16718","NDUFA5","O43920","NDUFS5","huMAP3_09982.1; huMAP3_09567.1; huMAP3_14878.1; huMAP3_06397.1; huMAP3_14018.1","structurally_consistent",0.28,0,0,0,null,null,0,0.43,0.32,95.1147826086956,89.6335714285714,0.986,"KOG3365","KOG4110","no","Tissue enhanced","Low tissue specificity",0.817135643246383,{"$nulls":3},4875,false]
["O00422_Q8WXA9","O00422_P84103","Janes_et_al","O00422; Q8WXA9","O00422; P84103","O00422","SAP18","Q8WXA9","SREK1","P84103","SRSF3","huMAP3_09621.1","mutually_exclusive",0.16,10,124,89,79.98,85.52,9917.52,0.42,0.5,89.8406451612903,92.8368,0.36,"KOG4676","KOG0107","no","Low tissue specificity","Low tissue specificity",0.28817101857288,"Nucleoplasm; Nuclear speckles","Nucleoplasm",0.5,4882,false]
["Q9Y5E5_Q9Y5E6","Q9Y5E4_Q9Y5E6","Janes_et_al","Q9Y5E5; Q9Y5E6","Q9Y5E4; Q9Y5E6","Q9Y5E6","PCDHB3","Q9Y5E5","PCDHB4","Q9Y5E4","PCDHB5","huMAP3_10979.1; huMAP3_11044.1; huMAP3_12057.1; huMAP3_11413.1; huMAP3_13663.1; huMAP3_12508.1; huMAP3_15258.1","mutually_exclusive",0.95,29,673,669,83.72,83.05,55560.45,0.68,0.68,81.0513333333333,81.258,null,"KOG3594","KOG3594","yes","Low tissue specificity","Low tissue specificity",0.667479332658548,"Plasma membrane","Plasma membrane",1,4892,false]
["O95047_Q01581","O95047_Q96NR8","Janes_et_al","O95047; Q01581","O95047; Q96NR8","O95047","OR2A4","Q01581","HMGCS1","Q96NR8","RDH12","huMAP3_08238.1","structurally_consistent",0.67,0,0,0,null,null,0,0.32,0.29,86.52,79.5099999999999,null,"KOG1393","KOG1208","no","Tissue enhanced","Group enriched",0.0412515027182846,"Nucleoplasm; Cytosol",null,null,4901,false]
["Q969Q0_Q96EY7","P82664_Q96EY7","Janes_et_al","Q969Q0; Q96EY7","P82664; Q96EY7","Q96EY7","PTCD3","Q969Q0","RPL36AL","P82664","MRPS10","huMAP3_05807.1","structurally_consistent",0.77,0,0,0,null,null,0,0.34,0.53,84.9333333333333,85.0227868852458,0.322,"KOG3464","KOG3321","no","Low tissue specificity","Low tissue specificity",0.0651547490613527,"Endoplasmic reticulum; Cytosol","Mitochondria",0,4905,false]
["Q13084_Q9BYC9","Q9BQ48_Q9BYC9","Janes_et_al","Q13084; Q9BYC9","Q9BQ48; Q9BYC9","Q9BYC9","MRPL20","Q13084","MRPL28","Q9BQ48","MRPL34","huMAP3_01856.1; huMAP3_07939.1; huMAP3_06550.1; huMAP3_08458.1; huMAP3_06439.1; huMAP3_06589.1; huMAP3_09113.1; huMAP3_09483.1","structurally_consistent",0.76,0,0,0,null,null,0,0.53,0.31,91.738,89.7408695652174,0.796,"KOG3279","KOG4612","no","Low tissue specificity","Low tissue specificity",0.748682807247465,"Mitochondria",null,null,4917,false]
["O43716_Q9H0R6","O43716_O75879","Janes_et_al","O43716; Q9H0R6","O43716; O75879","O43716","GATC","Q9H0R6","QRSL1","O75879","GATB","huMAP3_13468.1; huMAP3_07315.1; huMAP3_10410.1; huMAP3_04642.1; huMAP3_09333.1; huMAP3_07867.1","mutually_exclusive",2.57,28,32,28,94.83,90.17,2524.76,0.71,0.66,92.3073504273504,90.0705555555555,0.296,"KOG1211","KOG2438","no","Low tissue specificity","Low tissue specificity",0.523779399035397,"Vesicles","Mitochondria",0,4918,false]
["P03886_Q9P0J0","O75306_Q9P0J0","Janes_et_al","P03886; Q9P0J0","O75306; Q9P0J0","Q9P0J0","NDUFA13","P03886","MT-ND1","O75306","NDUFS2","huMAP3_09982.1; huMAP3_09567.1; huMAP3_08132.1; huMAP3_14878.1; huMAP3_06397.1; huMAP3_14018.1","structurally_consistent",0.82,0,6,8,74.37,85.86,446.22,0.43,0.57,87.7381578947368,94.2302127659574,0.66,"KOG4770","KOG2870","no","Tissue enhanced","Tissue enhanced",0.483104749634261,null,"Mitochondria",null,4925,false]
["Q16401_Q8TAA3","P28070_Q16401","Janes_et_al","Q16401; Q8TAA3","P28070; Q16401","Q16401","PSMD5","Q8TAA3","PSMA8","P28070","PSMB4","huMAP3_09656.1; huMAP3_13725.1","mutually_exclusive",0.32,24,83,87,74.75,70.12,6100.44,0.52,0.54,76.151,79.97,null,"KOG0183","KOG0185","no","Tissue enriched","Low tissue specificity",-0.373510119803235,"Centriolar satellite; Centrosome","Nucleoplasm",0,4932,false]
["P34931_Q92598","P34931_Q99933","Janes_et_al","P34931; Q92598","P34931; Q99933","P34931","HSPA1L","Q92598","HSPH1","Q99933","BAG1","huMAP3_14723.1","mutually_exclusive",2.68,12,106,87,93.39,92.61,8057.07,0.72,0.65,87.2613761467889,93.59,0.447888888888889,"KOG0103","ENOG502RN5W","no","Low tissue specificity","Low tissue specificity",0.209746838509169,"Cytosol","Nucleoplasm",0,4941,false]
["P23786_P43155","P43155_Q9UFN0","Janes_et_al","P23786; P43155","P43155; Q9UFN0","P43155","CRAT","P23786","CPT2","Q9UFN0","NIPSNAP3A","huMAP3_13468.1","mutually_exclusive",0.14,12,252,214,90.5,81.94,17535.16,0.59,0.45,78.3999999999999,82.74,0.198,"KOG3719","KOG2883","no","Tissue enhanced","Low tissue specificity",0.456440329108243,"Nucleoplasm; Mitochondria",null,null,4947,false]
["O60299_P61962","P61962_Q9Y463","Janes_et_al","O60299; P61962","P61962; Q9Y463","P61962","DCAF7","O60299","LZTS3","Q9Y463","DYRK1B","huMAP3_11826.1; huMAP3_11527.1","mutually_exclusive",0.26,13,74,137,46.07,79.18,3409.18,0.24,0.63,88.1704545454545,92.9273015873016,null,"ENOG502QWFS","KOG0667","no","Tissue enhanced","Tissue enhanced",0.0615124213979491,"Vesicles","Nucleoplasm",0,4958,false]
["Q9NVP2_Q9Y2V0","Q8IWY9_Q9NVP2","Janes_et_al","Q9NVP2; Q9Y2V0","Q8IWY9; Q9NVP2","Q9NVP2","ASF1B","Q9Y2V0","CDIN1","Q8IWY9","CDAN1","huMAP3_08143.1; huMAP3_09289.1; huMAP3_06020.1; huMAP3_10747.1; huMAP3_09859.1; huMAP3_06779.1; huMAP3_11834.1; huMAP3_00115.1; huMAP3_12711.1; huMAP3_00724.1; huMAP3_12963.1","mutually_exclusive",0.48,10,264,369,91.39,81.83,30195.27,0.52,0.45,88.1020833333333,82.2657142857142,0.098,"ENOG502R9SY","ENOG502QPWR","no","Group enriched","Low tissue specificity",-0.111145162427696,"Nucleoplasm","Cytosol",0,4967,false]
["P67775_Q9Y3A3","P67775_Q15173","Janes_et_al","P67775; Q9Y3A3","P67775; Q15173","P67775","PPP2CA","Q9Y3A3","MOB4","Q15173","PPP2R5B","huMAP3_10333.1; huMAP3_13510.1; huMAP3_09709.1","structurally_consistent",0.1,0,12,11,73.63,22.85,251.35,0.45,0.42,81.834375,84.8439285714285,0.202,"KOG1852","KOG2085","no","Low tissue specificity","Tissue enriched",-0.2395922622315,{"$nulls":3},4974,false]
["P09651_Q12905","Q12905_Q1KMD3","Janes_et_al","P09651; Q12905","Q12905; Q1KMD3","Q12905","ILF2","P09651","HNRNPA1","Q1KMD3","HNRNPUL2","huMAP3_06192.1; huMAP3_07115.1; huMAP3_07581.1; huMAP3_10625.1","structurally_consistent",0.69,0,0,0,null,null,0,0.31,0.52,86.4947619047619,85.3628571428571,0.478,"KOG0118","KOG2242","no","Low tissue specificity","Low tissue specificity",0.101400582925148,"Nucleoplasm","Nucleoplasm",1,4976,false]
["O75530_Q1XH10","O75530_Q92800","Janes_et_al","O75530; Q1XH10","O75530; Q92800","O75530","EED","Q1XH10","SKIDA1","Q92800","EZH1","huMAP3_13482.1; huMAP3_15128.1; huMAP3_06942.1; huMAP3_15095.1; huMAP3_04977.1","mutually_exclusive",0.29,34,162,230,54.35,85.26,8804.7,0.36,0.73,85.95375,93.0052972972972,null,"KOG3915","KOG1079","no","Low tissue specificity","Tissue enhanced",0.324424451937862,"Nuclear bodies","Nucleoplasm",0,4985,false]
["Q9BRR8_Q9H5Z1","Q9BW85_Q9H5Z1","Janes_et_al","Q9BRR8; Q9H5Z1","Q9BW85; Q9H5Z1","Q9H5Z1","DHX35","Q9BRR8","GPATCH1","Q9BW85","YJU2","huMAP3_08501.1; huMAP3_03019.1; huMAP3_09945.1; huMAP3_06726.1; huMAP3_09504.1","mutually_exclusive",1.5,38,121,113,61.61,58.24,6581.12,0.73,0.62,89.7542424242424,88.55,0.116,"KOG2138","KOG2989","no","Low tissue specificity","Low tissue specificity",0.0262541900071416,"Plasma membrane","Nucleoplasm",0,4997,false]
["P06732_P12532","P12532_P17540","Janes_et_al","P06732; P12532","P12532; P17540","P12532","CKMT1A","P06732","CKM","P17540","CKMT2","huMAP3_12854.1; huMAP3_09546.1","mutually_exclusive",0.17,26,381,377,92.74,92.68,34940.36,0.69,0.69,93.6316666666666,94.6335593220339,null,"KOG3581","KOG3581","yes","Group enriched","Group enriched",0.720014267921904,{"$nulls":3},5001,false]
["P47755_Q5VZK9","P47755_Q9BY89","Janes_et_al","P47755; Q5VZK9","P47755; Q9BY89","P47755","CAPZA2","Q5VZK9","CARMIL1","Q9BY89","KIAA1671","huMAP3_10870.1; huMAP3_08077.1; huMAP3_12900.1","mutually_exclusive",0.27,12,481,346,64.24,29.45,10189.7,0.68,0.26,89.2677272727272,81.215,0.024,"KOG4242","ENOG502QWAQ","no","Low tissue specificity","Low tissue specificity",0.0946973013840252,"Cytosol","Microtubules",0,5009,false]
["Q92696_Q96I34","P53611_Q92696","Janes_et_al","Q92696; Q96I34","P53611; Q92696","Q92696","RABGGTA","Q96I34","PPP1R16A","P53611","RABGGTB","huMAP3_04276.1; huMAP3_00754.1; huMAP3_11094.1; huMAP3_11860.1","mutually_exclusive",0.56,26,247,311,70.25,96.76,17351.75,0.54,0.73,84.356,94.3968103448275,0.06,"KOG0505","KOG0366","no","Low tissue specificity","Low tissue specificity",0.0227573360209666,"Plasma membrane","Vesicles",0,5018,false]
["O43447_P55769","O43447_O75554","Janes_et_al","O43447; P55769","O43447; O75554","O43447","PPIH","P55769","SNU13","O75554","WBP4","huMAP3_08980.1; huMAP3_06511.1","structurally_consistent",0.08,0,35,15,91.76,29.87,448.05,0.47,0.42,88.4004,93.9023076923076,0.102,"KOG3387","KOG0150","no","Low tissue specificity","Low tissue specificity",0.608379693659519,null,"Nucleoplasm",null,5026,false]
["O75832_P49720","O75832_Q9BRP4","Janes_et_al","O75832; P49720","O75832; Q9BRP4","O75832","PSMD10","P49720","PSMB3","Q9BRP4","PAAF1","huMAP3_09656.1; huMAP3_13725.1","structurally_consistent",0.37,0,0,0,null,null,0,0.43,0.44,75.9123999999999,89.1416666666666,0.28,"KOG0180","KOG0266","no","Low tissue specificity","Tissue enhanced",-0.196327963423127,null,"Nucleoplasm",null,5035,false]
["P09001_Q9NPE2","P09001_Q9Y6G3","Janes_et_al","P09001; Q9NPE2","P09001; Q9Y6G3","P09001","MRPL3","Q9NPE2","NGRN","Q9Y6G3","MRPL42","huMAP3_07939.1; huMAP3_08458.1; huMAP3_06439.1; huMAP3_06589.1; huMAP3_09113.1; huMAP3_09483.1","structurally_consistent",0.44,0,0,0,null,null,0,0.34,0.33,80.7045454545454,90.9666666666666,0.14,"ENOG502S5A6","KOG4106","no","Tissue enhanced","Low tissue specificity",-0.0514807845557682,"Mitochondria","Plasma membrane; Mitochondria",0.5,5041,false]
["P27105_P35232","O94905_P35232","Janes_et_al","P27105; P35232","O94905; P35232","P35232","PHB1","P27105","STOM","O94905","ERLIN2","huMAP3_10725.1","mutually_exclusive",2.37,24,177,191,82.67,87.78,14632.59,0.55,0.7,82.5292307692307,89.7803157894736,null,"KOG2621","KOG2962","no","Low tissue specificity","Low tissue specificity",0.118505972496492,"Plasma membrane","Endoplasmic reticulum",0,5044,false]
["A6NKD9_P62136","P62136_Q6UXN9","Janes_et_al","A6NKD9; P62136","P62136; Q6UXN9","P62136","PPP1CA","A6NKD9","CCDC85C","Q6UXN9","WDR82","huMAP3_14504.1","mutually_exclusive",0.11,12,98,152,42.57,91.53,4171.86,0.24,0.28,81.72,81.252,0.118,"KOG3819","KOG1446","no","Tissue enhanced","Low tissue specificity",0.0047791385822161,"Nucleoli rim; Mitotic chromosome","Nucleoli rim",0.5,5054,false]
["O14874_O75648","O14874_Q8N4T8","Janes_et_al","O14874; O75648","O14874; Q8N4T8","O14874","BCKDK","O75648","TRMU","Q8N4T8","CBR4","huMAP3_13468.1","mutually_exclusive",0.79,10,65,51,84.92,86.75,5519.8,0.37,0.4,82.1053846153846,90.053125,0.106,"KOG2805","KOG1200","no","Low tissue specificity","Low tissue specificity",0.465711811680909,"Mitochondria",null,null,5060,false]
["P18754_P63165","O00629_P18754","Janes_et_al","P18754; P63165","O00629; P18754","P18754","RCC1","P63165","SUMO1","O00629","KPNA4","huMAP3_10000.1; huMAP3_08641.1; huMAP3_12581.1","mutually_exclusive",0.21,19,92,147,72.07,80.42,6630.44,0.47,0.61,82.9175,78.707619047619,null,"KOG1769","KOG0166","no","Low tissue specificity","Tissue enhanced",0.202230060902158,"Nucleoplasm; Nuclear membrane","Nucleoplasm",0.5,5069,false]
["Q6P1L8_Q96EH3","Q13405_Q6P1L8","Janes_et_al","Q6P1L8; Q96EH3","Q13405; Q6P1L8","Q6P1L8","MRPL14","Q96EH3","MALSU1","Q13405","MRPL49","huMAP3_07939.1; huMAP3_06550.1; huMAP3_08458.1; huMAP3_06439.1; huMAP3_06589.1; huMAP3_09113.1; huMAP3_09483.1","structurally_consistent",1.31,0,0,0,null,null,0,0.64,0.27,93.83578125,86.9811999999999,0.886,"KOG3212","KOG4034","no","Low tissue specificity","Low tissue specificity",0.301010211307645,"Mitochondria",null,null,5077,false]
["P26439_P42898","P14060_P26439","Janes_et_al","P26439; P42898","P14060; P26439","P26439","HSD3B2","P42898","MTHFR","P14060","HSD3B1","huMAP3_01457.1; huMAP3_06693.1","structurally_consistent",0.26,0,4,5,88.75,79.66,398.3,0.35,0.33,79.5425,83.7396428571428,null,"KOG0564","KOG1430","no","Low tissue specificity","Tissue enriched",-0.105074263758086,"Cell Junctions","Nucleoli; Endoplasmic reticulum",0,5086,false]
["O14524_P62826","P18754_P62826","Janes_et_al","O14524; P62826","P18754; P62826","P62826","RAN","O14524","NEMP1","P18754","RCC1","huMAP3_10000.1; huMAP3_07331.1; huMAP3_08641.1; huMAP3_12581.1","mutually_exclusive",0.34,14,22,31,80.07,92.37,1761.54,0.63,0.7,92.6027142857142,91.8788888888889,0.138,"KOG3817","KOG1426","no","Low tissue specificity","Low tissue specificity",0.627322671629442,"Nucleoplasm","Nucleoplasm",1,5094,false]
["O14508_Q15369","Q15369_Q8WXH6","Janes_et_al","O14508; Q15369","Q15369; Q8WXH6","Q15369","ELOC","O14508","SOCS2","Q8WXH6","RAB40A","huMAP3_08919.1; huMAP3_13601.1; huMAP3_09980.1","mutually_exclusive",0.3,16,126,140,87.96,73.59,10302.6,0.65,0.41,96.71125,91.0761111111111,null,"KOG4566","KOG0078","no","Low tissue specificity","Tissue enhanced",0.280989738835812,"Endoplasmic reticulum","Vesicles",0,5099,false]
["O00478_P78410","O00481_P78410","Janes_et_al","O00478; P78410","O00481; P78410","P78410","BTN3A2","O00478","BTN3A3","O00481","BTN3A1","huMAP3_13647.1; huMAP3_05387.1; huMAP3_14458.1","mutually_exclusive",0.68,33,416,431,84.24,86.36,35043.84,0.63,0.61,86.2357971014492,86.8693548387096,null,"ENOG502QSRZ","ENOG502QSRZ","yes","Low tissue specificity","Low tissue specificity",0.873779625073709,null,"Vesicles",null,5103,false]
["P19784_Q86SE9","P19784_Q6ZNA4","Janes_et_al","P19784; Q86SE9","P19784; Q6ZNA4","P19784","CSNK2A2","Q86SE9","PCGF5","Q6ZNA4","RNF111","huMAP3_06386.1; huMAP3_01759.1; huMAP3_10162.1; huMAP3_14051.1","mutually_exclusive",0.15,29,128,107,55.91,61.88,7156.48,0.41,0.25,73.735,70.87,null,"KOG2660","KOG0800","no","Low tissue specificity","Low tissue specificity",0.128605800911594,"Nucleoplasm","Nucleoplasm",1,5112,false]
["P31150_Q9H0N0","P31150_P51148","Janes_et_al","P31150; Q9H0N0","P31150; P51148","P31150","GDI1","Q9H0N0","RAB6C","P51148","RAB5C","huMAP3_09217.1; huMAP3_11094.1; huMAP3_11860.1","mutually_exclusive",0.15,29,179,179,70.33,81.44,12589.07,0.36,0.48,80.4958333333333,78.4788888888888,0.154,"KOG0094","KOG0092","no","Tissue enhanced","Low tissue specificity",0.0146816155450013,"Golgi apparatus","Endosomes",0,5122,false]
["Q14197_Q96DV4","Q96DV4_Q9NX20","Janes_et_al","Q14197; Q96DV4","Q96DV4; Q9NX20","Q96DV4","MRPL38","Q14197","MRPL58","Q9NX20","MRPL16","huMAP3_06550.1; huMAP3_08458.1; huMAP3_06439.1; huMAP3_06589.1; huMAP3_09483.1","structurally_consistent",1.34,0,1,2,59.08,90,59.08,0.27,0.3,86.886875,81.8593548387096,0.99,"KOG3429","KOG3422","no","Low tissue specificity","Low tissue specificity",0.801938095429367,"Mitochondria",null,null,5129,false]
["P61201_Q13098","P61201_Q13619","Janes_et_al","P61201; Q13098","P61201; Q13619","P61201","COPS2","Q13098","GPS1","Q13619","CUL4A","huMAP3_14528.1; huMAP3_09779.1","structurally_consistent",1.54,0,0,0,null,null,0,0.68,0.6,90.6859677419355,83.3878260869565,0.58,"KOG0686","KOG2167","no","Low tissue specificity","Tissue enhanced",0.499742295962896,"Nucleoplasm","Nucleoplasm",1,5138,false]
["P62314_Q9UK45","P62314_Q9BQA1","Janes_et_al","P62314; Q9UK45","P62314; Q9BQA1","P62314","SNRPD1","Q9UK45","LSM7","Q9BQA1","WDR77","huMAP3_08980.1","mutually_exclusive",3.43,13,51,71,89.88,88.62,6292.02,0.6,0.28,93.7078571428571,80.2766666666666,0.2,"KOG1781","KOG0284","no","Low tissue specificity","Tissue enhanced",-0.0529112030621333,"Nucleoli fibrillar center","Nucleoplasm; Cytosol",0,5145,false]
["P63208_Q9H469","P63208_Q9UJA9","Janes_et_al","P63208; Q9H469","P63208; Q9UJA9","P63208","SKP1","Q9H469","FBXL15","Q9UJA9","ENPP5","huMAP3_14622.1","mutually_exclusive",0.69,11,43,43,95.61,77.86,3347.98,0.66,0.58,93.106282051282,87.0562499999999,null,"KOG1947","KOG2645","no","Low tissue specificity","Tissue enriched",-0.194012778224721,null,"Cytosol",null,5155,false]
["O60244_Q9BWU1","O60244_Q9Y3C7","Janes_et_al","O60244; Q9BWU1","O60244; Q9Y3C7","O60244","MED14","Q9BWU1","CDK19","Q9Y3C7","MED31","huMAP3_02730.1","structurally_consistent",7.49,0,0,0,null,null,0,0.32,0.35,83.9816666666666,86.4594594594594,0.194,"KOG0666","KOG4086","no","Low tissue specificity","Low tissue specificity",0.19444488047533,"Cytosol","Nucleoplasm",0,5156,false]
["O75947_P00846","O75947_P25705","Janes_et_al","O75947; P00846","O75947; P25705","O75947","ATP5PD","P00846","MT-ATP6","P25705","ATP5F1A","huMAP3_11095.1; huMAP3_09307.1","structurally_consistent",1.97,0,0,0,null,null,0,0.39,0.28,90.766129032258,88.6323529411764,0.778,"KOG4665","KOG1353","no","Tissue enhanced","Tissue enhanced",0.536292744282105,null,"Mitochondria",null,5165,false]
["Q9NVU0_Q9NW08","P19387_Q9NW08","Janes_et_al","Q9NVU0; Q9NW08","P19387; Q9NW08","Q9NW08","POLR3B","Q9NVU0","POLR3E","P19387","POLR2C","huMAP3_11092.1; huMAP3_14318.1","structurally_consistent",0.22,0,1,1,86.97,94.8,86.97,0.64,0.71,82.1327999999999,92.6582716049382,0.122,"KOG2354","KOG1522","no","Tissue enhanced","Low tissue specificity",0.417854796345377,"Nucleoplasm","Nucleoplasm",1,5173,false]
["Q8WW35_Q96FJ2","O14576_Q96FJ2","Janes_et_al","Q8WW35; Q96FJ2","O14576; Q96FJ2","Q96FJ2","DYNLL2","Q8WW35","DYNLT2B","O14576","DYNC1I1","huMAP3_15289.1; huMAP3_12566.1","mutually_exclusive",0.14,11,112,196,83.2,89,9318.4,0.42,0.45,89.1835483870967,82.9165,null,"KOG4108","KOG1587","no","Low tissue specificity","Tissue enhanced",0.503057650757701,"Cytosol",null,null,5182,false]
["O14832_O75381","O14832_Q8WY41","Janes_et_al","O14832; O75381","O14832; Q8WY41","O14832","PHYH","O75381","PEX14","Q8WY41","NANOS1","huMAP3_11777.1; huMAP3_00933.1; huMAP3_06662.1; huMAP3_13970.1; huMAP3_10924.1","mutually_exclusive",0.45,26,98,73,51.85,31.7,2314.1,0.35,0.46,82.8451724137931,85.373125,null,"KOG2629","KOG4602","no","Low tissue specificity","Tissue enhanced",0.189102748267596,"Peroxisomes","Nucleoplasm; Cytosol",0,5188,false]
["Q13547_Q8N344","Q13547_Q96BD5","Janes_et_al","Q13547; Q8N344","Q13547; Q96BD5","Q13547","HDAC1","Q8N344","MIER2","Q96BD5","PHF21A","huMAP3_01287.1; huMAP3_10311.1","mutually_exclusive",0.55,14,108,90,53.78,44.2,3978,0.72,0.38,94.546,87.0883333333333,0.064,"KOG4329","KOG0383","no","Low tissue specificity","Low tissue specificity",0.280510814780279,"Nucleoplasm; Cytosol","Nucleoplasm",0.5,5199,false]
["O15116_P62306","P62306_Q96DI7","Janes_et_al","O15116; P62306","P62306; Q96DI7","P62306","SNRPF","O15116","LSM1","Q96DI7","SNRNP40","huMAP3_08980.1","mutually_exclusive",0.41,10,66,91,76.98,92.05,5080.68,0.38,0.3,83.3745,80.82,0.054,"KOG1782","KOG0265","no","Low tissue specificity","Low tissue specificity",0.15571396879483,"Cytoplasmic bodies","Nuclear speckles",0,5208,false]
["P27449_Q8N8Y2","P27449_Q8IYS2","Janes_et_al","P27449; Q8N8Y2","P27449; Q8IYS2","P27449","ATP6V0C","Q8N8Y2","ATP6V0D2","Q8IYS2","KIAA2013","huMAP3_05318.1; huMAP3_10516.1; huMAP3_08182.1; huMAP3_08166.1; huMAP3_09562.1; huMAP3_10511.1","structurally_consistent",0.2,0,8,10,68.62,38.34,383.4,0.25,0.47,78.7447058823529,85.7847058823529,null,"KOG2957","KOG3778","no","Tissue enriched","Low tissue specificity",-0.0293768292111735,"Vesicles","Golgi apparatus",0,5211,false]
["P49674_Q9Y343","P49674_Q49AN0","Janes_et_al","P49674; Q9Y343","P49674; Q49AN0","P49674","CSNK1E","Q9Y343","SNX24","Q49AN0","CRY2","huMAP3_14077.1; huMAP3_10653.1; huMAP3_14497.1","structurally_consistent",0.98,0,30,14,88.27,28.14,393.96,0.37,0.46,91.2275,85.324375,0.068,"KOG2101","KOG0133","no","Low tissue specificity","Low tissue specificity",-0.138422096458249,"Vesicles","Nuclear speckles",0,5217,false]
["O75832_Q16186","O75832_P43686","Janes_et_al","O75832; Q16186","O75832; P43686","O75832","PSMD10","Q16186","ADRM1","P43686","PSMC4","huMAP3_09656.1; huMAP3_05064.1; huMAP3_13725.1","structurally_consistent",0.28,0,16,47,30,81.27,480,0.4,0.68,88.8694444444444,92.4773770491803,0.964,"KOG3037","KOG0727","no","Tissue enhanced","Low tissue specificity",0.854620300391921,"Nucleoplasm; Plasma membrane; Cytosol","Nucleoplasm; Cytosol",0.666666666666666,5226,false]
["Q14197_Q96DV4","P82932_Q96DV4","Janes_et_al","Q14197; Q96DV4","P82932; Q96DV4","Q96DV4","MRPL38","Q14197","MRPL58","P82932","MRPS6","huMAP3_04652.1; huMAP3_06550.1; huMAP3_08458.1; huMAP3_09483.1","structurally_consistent",1.1,0,6,3,58.89,36.36,109.08,0.27,0.25,86.886875,78.1135714285714,0.77,"KOG3429","KOG4708","no","Low tissue specificity","Tissue enhanced",0.350513935404663,"Mitochondria","Mitochondria",1,5234,false]
["O00422_Q8WXA9","O00422_Q13595","Janes_et_al","O00422; Q8WXA9","O00422; Q13595","O00422","SAP18","Q8WXA9","SREK1","Q13595","TRA2A","huMAP3_09621.1; huMAP3_11073.1","mutually_exclusive",0.16,11,126,108,77.71,80.44,9791.46,0.42,0.45,89.8406451612903,85.2404545454545,0.272,"KOG4676","KOG0118","no","Low tissue specificity","Low tissue specificity",0.761928078140482,"Nucleoplasm; Nuclear speckles","Nucleoli",0,5243,false]
["Q86UE8_Q9UKI8","P63167_Q9UKI8","Janes_et_al","Q86UE8; Q9UKI8","P63167; Q9UKI8","Q9UKI8","TLK1","Q86UE8","TLK2","P63167","DYNLL1","huMAP3_12566.1","structurally_consistent",2.53,0,7,8,63.35,90.36,443.45,0.71,0.39,93.4455813953488,88.7729411764705,0.088,"KOG1151","KOG3430","no","Low tissue specificity","Low tissue specificity",-0.298318081891992,null,"Nucleoplasm; Cytosol",null,5248,false]
["Q86SG5_Q9NU19","Q6P4A8_Q9NU19","Janes_et_al","Q86SG5; Q9NU19","Q6P4A8; Q9NU19","Q9NU19","TBC1D22B","Q86SG5","S100A7A","Q6P4A8","PLBD1","huMAP3_09929.1","structurally_consistent",1.31,0,1,1,36.68,92.78,36.68,0.3,0.45,80.4373333333333,89.2578571428571,null,"ENOG502SZJ5","KOG3774","no","Group enriched","Tissue enhanced",0.0729862867859695,"Cytosol",null,null,5260,false]
["O43172_O43447","O43172_Q9NWZ8","Janes_et_al","O43172; O43447","O43172; Q9NWZ8","O43172","PRPF4","O43447","PPIH","Q9NWZ8","GEMIN8","huMAP3_08980.1; huMAP3_06511.1","structurally_consistent",6.68,0,8,7,91.12,54.57,381.99,0.3,0.49,91.3807407407407,84.6215384615384,0.37,"KOG0879","ENOG502S7KA","no","Low tissue specificity","Low tissue specificity",-0.156036579513223,null,"Nucleoplasm; Cytosol",null,5269,false]
["Q96CM3_Q9BYC9","Q9BYC9_Q9Y6G3","Janes_et_al","Q96CM3; Q9BYC9","Q9BYC9; Q9Y6G3","Q9BYC9","MRPL20","Q96CM3","RPUSD4","Q9Y6G3","MRPL42","huMAP3_07939.1; huMAP3_06550.1; huMAP3_08458.1; huMAP3_06589.1; huMAP3_09113.1; huMAP3_09483.1","structurally_consistent",1.17,0,0,0,null,null,0,0.38,0.51,82.6042857142857,91.2315384615384,0.236,"KOG1919","KOG4106","no","Tissue enhanced","Low tissue specificity",0.0154235965505604,"Mitochondria","Plasma membrane; Mitochondria",0.5,5271,false]
["O75937_Q7RTV0","Q6PID6_Q7RTV0","Janes_et_al","O75937; Q7RTV0","Q6PID6; Q7RTV0","Q7RTV0","PHF5A","O75937","DNAJC8","Q6PID6","TTC33","huMAP3_10359.1","structurally_consistent",0.25,0,9,9,97.13,37.43,336.87,0.5,0.66,92.6503333333333,94.7591666666666,0.1124,"KOG1150","KOG0553","no","Low tissue specificity","Low tissue specificity",0.254328419918945,"Nucleoplasm","Nucleoplasm",1,5277,false]
["Q12905_Q1KMD3","Q12905_Q96KR1","Janes_et_al","Q12905; Q1KMD3","Q12905; Q96KR1","Q12905","ILF2","Q1KMD3","HNRNPUL2","Q96KR1","ZFR","huMAP3_06192.1; huMAP3_07115.1; huMAP3_07581.1; huMAP3_10625.1","mutually_exclusive",0.59,14,143,146,59.39,73.05,8492.77,0.52,0.65,85.3628571428571,96.4021428571428,0.072,"KOG2242","KOG3792","no","Low tissue specificity","Low tissue specificity",0.412660629237157,"Nucleoplasm","Nucleoplasm",1,5286,false]
["O14874_P10809","P10809_Q9UFN0","Janes_et_al","O14874; P10809","P10809; Q9UFN0","P10809","HSPD1","O14874","BCKDK","Q9UFN0","NIPSNAP3A","huMAP3_13468.1","mutually_exclusive",0.51,11,227,208,85.49,85.78,19406.23,0.63,0.58,89.4230303030303,88.1874285714285,0.038,"KOG0787","KOG2883","no","Low tissue specificity","Low tissue specificity",0.137199879322163,"Mitochondria",null,null,5292,false]
["O95757_Q9NZL4","O75896_O95757","Janes_et_al","O95757; Q9NZL4","O75896; O95757","O95757","HSPA4L","Q9NZL4","HSPBP1","O75896","TUSC2","huMAP3_13774.1; huMAP3_07919.1; huMAP3_14723.1; huMAP3_11049.1; huMAP3_06506.1","structurally_consistent",0.47,0,0,0,null,null,0,0.24,0.69,77.63,91.1839506172839,0.058,"KOG2160","ENOG502S21H","no","Low tissue specificity","Low tissue specificity",0.695804144634979,"Cytosol","Cytosol",1,5302,false]
["P63208_Q96IG2","P63208_Q5XUX0","Janes_et_al","P63208; Q96IG2","P63208; Q5XUX0","P63208","SKP1","Q96IG2","FBXL20","Q5XUX0","FBXO31","huMAP3_14622.1","mutually_exclusive",0.22,39,210,203,93.76,92.02,18680.06,0.66,0.67,93.0701298701298,95.1173684210526,null,"KOG4341","ENOG502QR2A","no","Low tissue specificity","Tissue enhanced",0.0713237122468513,"Microtubules","Nucleoplasm",0,5311,false]
["P67775_Q9BXL8","P24593_P67775","Janes_et_al","P67775; Q9BXL8","P24593; P67775","P67775","PPP2CA","Q9BXL8","CDCA4","P24593","IGFBP5","huMAP3_10333.1","mutually_exclusive",0.27,17,98,103,46.23,75.86,4530.54,0.34,0.6,88.0430555555555,82.8224999999999,0.072,"ENOG502QWNU","ENOG502QUPK","no","Tissue enhanced","Tissue enhanced",-0.0522843437651823,"Nucleoplasm","Vesicles",0,5315,false]
["O95147_P51178","O95147_Q17RD7","Janes_et_al","O95147; P51178","O95147; Q17RD7","O95147","DUSP14","P51178","PLCD1","Q17RD7","SYT16","huMAP3_10061.1; huMAP3_09842.1","mutually_exclusive",0.18,11,407,288,85.48,65.8,18950.4,0.46,0.44,83.8320833333333,89.4651282051282,null,"KOG0169","KOG1028","no","Low tissue specificity","Tissue enhanced",0.194666818086318,"Microtubules","Cytosol",0,5328,false]
["P82932_Q5T653","O75394_P82932","Janes_et_al","P82932; Q5T653","O75394; P82932","P82932","MRPS6","Q5T653","MRPL2","O75394","MRPL33","huMAP3_06550.1; huMAP3_08458.1; huMAP3_09483.1","structurally_consistent",0.71,0,0,0,null,null,0,0.39,0.36,88.015,85.57125,0.844,"KOG0438","KOG3505","no","Low tissue specificity","Low tissue specificity",0.758454333248514,"Mitochondria",null,null,5337,false]
["P05155_P19652","P02766_P19652","Janes_et_al","P05155; P19652","P02766; P19652","P19652","ORM2","P05155","SERPING1","P02766","TTR","huMAP3_10678.1; huMAP3_09531.1; huMAP3_15040.1; huMAP3_10101.1; huMAP3_09273.1","mutually_exclusive",0.13,34,162,143,85.64,81.15,11604.45,0.48,0.55,78.7558823529411,82.8525925925925,0.48,"KOG2392","KOG3006","no","Tissue enhanced","Tissue enriched",-0.0136414152757719,null,"Golgi apparatus",null,5338,false]
["A5PLN9_Q8WVT3","A5PLN9_Q9P2M4","Janes_et_al","A5PLN9; Q8WVT3","A5PLN9; Q9P2M4","A5PLN9","TRAPPC13","Q8WVT3","TRAPPC12","Q9P2M4","TBC1D14","huMAP3_12177.1; huMAP3_04127.1; huMAP3_07907.1","mutually_exclusive",1.82,12,241,215,82.74,74.5,16017.5,0.73,0.34,93.934213836478,87.152,0.076,"KOG2796","KOG2223","no","Tissue enhanced","Low tissue specificity",0.293037721474604,"Nucleoplasm; Golgi apparatus","Golgi apparatus; Vesicles",0.333333333333333,5346,false]
["P31947_Q9UJM3","P31947_P98177","Janes_et_al","P31947; Q9UJM3","P31947; P98177","P31947","SFN","Q9UJM3","ERRFI1","P98177","FOXO4","huMAP3_12897.1; huMAP3_09810.1","mutually_exclusive",0.45,17,99,113,53.54,45.04,5089.52,0.37,0.35,82.5166666666666,80.4582758620689,null,"ENOG502QPQW","KOG2294","no","Tissue enhanced","Tissue enhanced",-0.12713335587482,"Cytosol","Nuclear speckles",0,5354,false]
["Q8NI27_Q96J01","P61326_Q96J01","Janes_et_al","Q8NI27; Q96J01","P61326; Q96J01","Q96J01","THOC3","Q8NI27","THOC2","P61326","MAGOH","huMAP3_10789.1; huMAP3_09943.1","mutually_exclusive",0.32,18,144,115,89.01,81.26,9344.9,0.7,0.46,94.4732786885246,76.3992857142857,null,"KOG1874","KOG3392","no","Low tissue specificity","Low tissue specificity",0.350700957601294,"Nucleoplasm","Nucleoplasm",1,5360,false]
["Q13228_Q9UKA2","Q86SG7_Q9UKA2","Janes_et_al","Q13228; Q9UKA2","Q86SG7; Q9UKA2","Q9UKA2","FBXL4","Q13228","SELENBP1","Q86SG7","LYG2","huMAP3_12974.1","structurally_consistent",0.41,0,0,0,null,null,0,0.64,0.46,91.6729411764706,89.2006666666666,null,"KOG0918","ENOG502RZXI","no","Tissue enhanced","Group enriched",-0.129348587478837,"Nucleoli",null,null,5371,false]
["P61244_Q05195","P61244_Q14582","Janes_et_al","P61244; Q05195","P61244; Q14582","P61244","MAX","Q05195","MXD1","Q14582","MXD4","huMAP3_00748.1; huMAP3_14834.1","mutually_exclusive",0.77,33,113,110,83.05,83.43,9384.65,0.69,0.69,97.5798611111111,97.4819718309859,null,"KOG2483","KOG2483","yes","Tissue enhanced","Low tissue specificity",-0.0457823643599469,"Nucleoplasm; Mitochondria","Cytosol",0,5378,false]
["P36873_P62136","P62136_Q99622","Janes_et_al","P36873; P62136","P62136; Q99622","P62136","PPP1CA","P36873","PPP1CC","Q99622","C12orf57","huMAP3_06304.1; huMAP3_09633.1; huMAP3_09354.1; huMAP3_14504.1; huMAP3_10148.1; huMAP3_08717.1; huMAP3_08482.1","structurally_consistent",8.24,0,0,0,null,null,0,0.41,0.32,85.664,85.0159999999999,0.088,"KOG0374","ENOG502S2W0","no","Low tissue specificity","Low tissue specificity",-0.332734323808501,"Cytosol","Nuclear speckles",0,5385,false]
["Q13769_Q8NI27","Q13838_Q8NI27","Janes_et_al","Q13769; Q8NI27","Q13838; Q8NI27","Q8NI27","THOC2","Q13769","THOC5","Q13838","DDX39B","huMAP3_10789.1; huMAP3_04932.1; huMAP3_12548.1; huMAP3_09101.1; huMAP3_09943.1; huMAP3_10299.1; huMAP3_09226.1","structurally_consistent",2.3,0,0,0,null,null,0,0.39,0.7,85.75025,88.5408045977011,0.356,"KOG2216","KOG0329","no","Low tissue specificity","Low tissue specificity",0.271876329403627,"Nucleoplasm","Nuclear speckles",0,5395,false]
["Q9UN74_Q9UN75","Q9UN74_Q9Y5H6","Janes_et_al","Q9UN74; Q9UN75","Q9UN74; Q9Y5H6","Q9UN74","PCDHA4","Q9UN75","PCDHA12","Q9Y5H6","PCDHA8","huMAP3_06872.1; huMAP3_10321.1; huMAP3_14604.1","mutually_exclusive",0.51,30,731,722,77.13,78.47,56382.03,0.68,0.69,81.5779411764705,82.1262790697674,null,"KOG3594","KOG3594","yes","Tissue enhanced","Tissue enhanced",0.699117465015737,"Plasma membrane; Cytosol",null,null,5396,false]
["O75832_P48556","O75832_P28072","Janes_et_al","O75832; P48556","O75832; P28072","O75832","PSMD10","P48556","PSMD8","P28072","PSMB6","huMAP3_09656.1; huMAP3_13725.1","mutually_exclusive",0.18,30,172,191,75.1,79.75,12917.2,0.41,0.28,76.8777777777777,71.8549999999999,0.724,"KOG3151","KOG0174","no","Tissue enhanced","Low tissue specificity",0.832862796846752,"Cytosol","Nucleoplasm; Cytosol",0.5,5408,false]
["Q96J01_Q9NYF8","Q86V81_Q96J01","Janes_et_al","Q96J01; Q9NYF8","Q86V81; Q96J01","Q96J01","THOC3","Q9NYF8","BCLAF1","Q86V81",null,"huMAP3_09943.1","mutually_exclusive",0.22,18,50,66,43.2,52.62,2160,0.44,0.42,90.2216129032258,84.5540909090909,0.568,"ENOG502QZG7","KOG0533","no","Tissue enhanced",null,null,"Nuclear speckles",null,null,5413,false]
["O43684_O60566","O43684_Q9UM11","Janes_et_al","O43684; O60566","O43684; Q9UM11","O43684","BUB3","O60566","BUB1B","Q9UM11","FZR1","huMAP3_12747.1","mutually_exclusive",0.15,21,53,29,89.04,26.42,766.18,0.65,0.48,92.4917142857142,81.81875,0.146,"KOG1166","KOG0305","no","Tissue enhanced","Low tissue specificity",0.141203197366252,"Cytosol","Nucleoplasm; Nuclear membrane",0,5425,false]
["Q13242_Q86W42","Q6I9Y2_Q86W42","Janes_et_al","Q13242; Q86W42","Q6I9Y2; Q86W42","Q86W42","THOC6","Q13242","SRSF9","Q6I9Y2","THOC7","huMAP3_09943.1","structurally_consistent",0.23,0,0,0,null,null,0,0.35,0.4,75.255,91.7634782608695,0.348,"KOG0105","KOG3215","no","Low tissue specificity","Low tissue specificity",-0.141599390248044,"Nucleoplasm","Nuclear speckles; Cytosol",0,5430,false]
["P20226_P62380","P52655_P62380","Janes_et_al","P20226; P62380","P52655; P62380","P62380","TBPL1","P20226","TBP","P52655","GTF2A1","huMAP3_13329.1; huMAP3_04722.1; huMAP3_04057.1; huMAP3_10303.1; huMAP3_14501.1","structurally_consistent",0.32,0,16,13,95.44,30.01,390.13,0.5,0.3,91.7675,78.83,null,"KOG3302","KOG2652","no","Low tissue specificity","Low tissue specificity",0.412438055262132,"Nucleoplasm","Nucleoplasm",1,5438,false]
["Q96LI5_Q9ULM6","Q96LI5_Q9UKZ1","Janes_et_al","Q96LI5; Q9ULM6","Q96LI5; Q9UKZ1","Q96LI5","CNOT6L","Q9ULM6","CNOT6","Q9UKZ1","CNOT11","huMAP3_00551.1; huMAP3_11224.1","structurally_consistent",0.25,0,1,2,56,87.5,56,0.56,0.24,83.4766666666666,88.1933333333333,0.074,"KOG0620","KOG4508","no","Low tissue specificity","Low tissue specificity",0.367103809842657,"Cytosol","Nucleoplasm",0,5444,false]
["P62136_Q6PJW8","P62136_Q5TID7","Janes_et_al","P62136; Q6PJW8","P62136; Q5TID7","P62136","PPP1CA","Q6PJW8","CNST","Q5TID7","CCDC181","huMAP3_09633.1; huMAP3_09354.1; huMAP3_14504.1","mutually_exclusive",0.12,19,57,57,39.65,62.37,2260.05,0.59,0.4,93.5866666666666,89.332,null,"ENOG502QSMS","ENOG502QV5R","no","Low tissue specificity","Tissue enhanced",-0.0599209515871733,"Vesicles","Nuclear speckles",0,5455,false]
["Q13618_Q9P2K6","Q13618_Q7Z5Y7","Janes_et_al","Q13618; Q9P2K6","Q13618; Q7Z5Y7","Q13618","CUL3","Q9P2K6","KLHL42","Q7Z5Y7","KCTD20","huMAP3_14528.1; huMAP3_09779.1; huMAP3_02073.1; huMAP3_07590.1; huMAP3_08550.1","mutually_exclusive",0.41,21,249,206,81.64,83.82,20328.36,0.56,0.66,90.741,88.8474,0.11,"KOG1072","KOG3840","no","Low tissue specificity","Low tissue specificity",0.0408849335372548,null,"Endoplasmic reticulum",null,5456,false]
["P81877_Q8TAP4","Q8TAP4_Q96A47","Janes_et_al","P81877; Q8TAP4","Q8TAP4; Q96A47","Q8TAP4","LMO3","P81877","SSBP2","Q96A47","ISL2","huMAP3_09723.1; huMAP3_13541.1","mutually_exclusive",2.1,35,102,109,63.3,69.05,6456.59999999999,0.27,0.38,86.5967857142857,79.9571153846153,null,"KOG4594","KOG0490","no","Low tissue specificity","Tissue enhanced",0.0053486915904773,"Nucleoplasm","Rods & Rings",0,5467,false]
["P21579_P60880","P60880_Q92777","Janes_et_al","P21579; P60880","P60880; Q92777","P60880","SNAP25","P21579","SYT1","Q92777","SYN2","huMAP3_11626.1","mutually_exclusive",0.7,10,83,57,89.11,64.11,3654.27,0.55,0.37,93.8345161290322,80.0725,null,"KOG1028","KOG3895","no","Group enriched","Tissue enriched",0.805080355376785,null,"Nucleoplasm",null,5473,false]
["Q03405_Q09328","Q03405_Q495W5","Janes_et_al","Q03405; Q09328","Q03405; Q495W5","Q03405","PLAUR","Q09328","MGAT5","Q495W5","FUT11","huMAP3_06775.1","mutually_exclusive",0.78,10,389,351,86.26,80.63,28301.13,0.29,0.46,76.5109090909091,84.595,0.07,"ENOG502QTNG","KOG2619","no","Low tissue specificity","Low tissue specificity",0.0983113115656764,null,"Nuclear membrane",null,5482,false]
["Q9BYC9_Q9BYD1","Q9BYD1_Q9NPE2","Janes_et_al","Q9BYC9; Q9BYD1","Q9BYD1; Q9NPE2","Q9BYD1","MRPL13","Q9BYC9","MRPL20","Q9NPE2","NGRN","huMAP3_07939.1; huMAP3_08458.1; huMAP3_06439.1; huMAP3_06589.1; huMAP3_09113.1; huMAP3_09483.1","structurally_consistent",0.5,0,0,0,null,null,0,0.35,0.24,95.194,81.61,0.156,"KOG4707","ENOG502S5A6","no","Low tissue specificity","Tissue enhanced",0.600648695406,"Mitochondria","Mitochondria",1,5490,false]
["O95232_Q9Y383","Q07955_Q9Y383","Janes_et_al","O95232; Q9Y383","Q07955; Q9Y383","Q9Y383","LUC7L2","O95232","LUC7L3","Q07955","SRSF1","huMAP3_09621.1","mutually_exclusive",4.11,10,105,110,79.32,78.49,8633.9,0.46,0.38,86.98,79.2732142857142,0.7,"KOG0796","KOG0105","no","Low tissue specificity","Low tissue specificity",0.104182851430262,"Nuclear speckles","Nucleoplasm",0,5498,false]
["P53680_Q6PD74","P53680_Q8NC96","Janes_et_al","P53680; Q6PD74","P53680; Q8NC96","P53680","AP2S1","Q6PD74","AAGAB","Q8NC96","NECAP1","huMAP3_06283.1; huMAP3_10876.1; huMAP3_12918.1; huMAP3_10762.1; huMAP3_09107.1; huMAP3_09403.1; huMAP3_12394.1; huMAP3_05849.1; huMAP3_08540.1; huMAP3_08320.1; huMAP3_12376.1","mutually_exclusive",0.28,16,109,100,76.73,81.93,8363.57,0.62,0.5,91.1766666666666,93.3357142857142,0.118,"KOG4273","KOG2500","no","Low tissue specificity","Tissue enhanced",-0.158309595268524,"Nuclear speckles; Cytosol","Vesicles",0,5507,false]
["P67775_Q9BXL8","P67775_Q16537","Janes_et_al","P67775; Q9BXL8","P67775; Q16537","P67775","PPP2CA","Q9BXL8","CDCA4","Q16537","PPP2R5E","huMAP3_10333.1; huMAP3_13510.1; huMAP3_09709.1","mutually_exclusive",0.08,18,115,161,56.12,86.61,6453.79999999999,0.34,0.54,88.0430555555555,92.4395999999999,0.044,"ENOG502QWNU","KOG2085","no","Tissue enhanced","Low tissue specificity",0.157714181600499,"Nucleoplasm","Cytosol",0,5512,false]
["Q9P299_Q9Y678","P78508_Q9Y678","Janes_et_al","Q9P299; Q9Y678","P78508; Q9Y678","Q9Y678","COPG1","Q9P299","COPZ2","P78508","KCNJ10","huMAP3_12869.1; huMAP3_11357.1","mutually_exclusive",2.52,13,44,50,66.12,75.59,2909.28,0.7,0.4,93.1697959183673,81.6662499999999,null,"KOG3343","KOG3827","no","Low tissue specificity","Tissue enhanced",-0.301798163319575,{"$nulls":3},5516,false]
["P08263_Q16772","P08263_P09210","Janes_et_al","P08263; Q16772","P08263; P09210","P08263","GSTA1","Q16772","GSTA3","P09210","GSTA2","huMAP3_13591.1; huMAP3_10880.1; huMAP3_00096.1","mutually_exclusive",0.03,28,222,222,97.45,97.98,21633.9,0.72,0.72,98.7884057971014,98.8853846153846,null,"KOG1695","KOG1695","yes","Group enriched","Group enriched",-0.0670662018481253,"Cytosol","Cytosol",1,5524,false]
["P62136_Q9UPR0","P41236_P62136","Janes_et_al","P62136; Q9UPR0","P41236; P62136","P62136","PPP1CA","Q9UPR0","PLCL2","P41236","PPP1R2","huMAP3_09633.1; huMAP3_00020.1; huMAP3_14504.1; huMAP3_10148.1; huMAP3_06341.1; huMAP3_08482.1","mutually_exclusive",0.18,21,49,43,65.59,70.14,3213.91,0.5,0.72,85.0833333333333,96.0803809523809,null,"KOG0169","KOG4041","no","Tissue enhanced","Low tissue specificity",0.52228842490917,null,"Nucleoplasm",null,5533,false]
["Q00005_Q5T953","P67775_Q00005","Janes_et_al","Q00005; Q5T953","P67775; Q00005","Q00005","PPP2R2B","Q5T953","IER5L","P67775","PPP2CA","huMAP3_10333.1; huMAP3_13510.1; huMAP3_09709.1","mutually_exclusive",0.22,18,82,129,46.28,86.73,3794.96,0.52,0.27,90.7074074074074,72.37,null,"ENOG502QUU4","KOG0371","no","Low tissue specificity","Low tissue specificity",-0.162123286822493,"Nucleoplasm",null,null,5540,false]
["O95147_Q6MZM0","O95147_Q9UKA2","Janes_et_al","O95147; Q6MZM0","O95147; Q9UKA2","O95147","DUSP14","Q6MZM0","HEPHL1","Q9UKA2","FBXL4","huMAP3_12974.1","mutually_exclusive",0.19,16,631,532,91.35,87.82,46720.24,0.67,0.6,88.7606122448979,90.7181481481481,null,"KOG1263","KOG1947","no","Group enriched","Low tissue specificity",-0.0920074652608257,null,"Nuclear speckles",null,5548,true]
["P30153_Q06190","P30153_Q9Y5P8","Janes_et_al","P30153; Q06190","P30153; Q9Y5P8","P30153","PPP2R1A","Q06190","PPP2R3A","Q9Y5P8","PPP2R3B","huMAP3_13510.1","mutually_exclusive",0.32,24,443,440,82.37,82.76,36489.91,0.61,0.65,82.5464912280701,84.0183333333333,0.102,"KOG2562","KOG2562","yes","Group enriched","Group enriched",0.757470251157061,"Golgi apparatus","Nucleoplasm",0,5554,false]
["P63208_Q9UKT8","P63208_Q9UKT5","Janes_et_al","P63208; Q9UKT8","P63208; Q9UKT5","P63208","SKP1","Q9UKT8","FBXW2","Q9UKT5","FBXO4","huMAP3_14622.1","mutually_exclusive",0.27,37,353,317,93.08,84.8,26881.6,0.68,0.55,94.4693243243243,90.9643283582089,0.074,"KOG0274","ENOG502QUXD","no","Low tissue specificity","Low tissue specificity",0.462230565128027,"Nucleoplasm","Nucleoplasm",1,5564,false]
["Q15369_Q99619","Q15369_Q9Y6I7","Janes_et_al","Q15369; Q99619","Q15369; Q9Y6I7","Q15369","ELOC","Q99619","SPSB2","Q9Y6I7","WSB1","huMAP3_08919.1; huMAP3_05894.1; huMAP3_09980.1; huMAP3_13601.1","mutually_exclusive",0.18,22,214,235,89.78,83.02,19509.7,0.52,0.58,90.2429545454545,91.4197674418604,null,"KOG3953","KOG0266","no","Low tissue specificity","Low tissue specificity",0.0892736298525029,null,"Mitochondria",null,5573,false]
["P67775_Q9UL03","P67775_Q8N461","Janes_et_al","P67775; Q9UL03","P67775; Q8N461","P67775","PPP2CA","Q9UL03","INTS6","Q8N461","FBXL16","huMAP3_13510.1","mutually_exclusive",0.14,12,171,182,78.77,84.92,13469.67,0.36,0.54,76.32,80.996,null,"KOG3768","KOG1947","no","Low tissue specificity","Tissue enriched",-0.258792436652929,"Nucleoplasm",null,null,5574,false]
["Q9Y5E4_Q9Y5F2","Q9Y5F1_Q9Y5F2","Janes_et_al","Q9Y5E4; Q9Y5F2","Q9Y5F1; Q9Y5F2","Q9Y5F2","PCDHB11","Q9Y5E4","PCDHB5","Q9Y5F1","PCDHB12","huMAP3_12508.1; huMAP3_10979.1; huMAP3_11413.1; huMAP3_10554.1","mutually_exclusive",4.74,36,655,662,83.57,83.94,54738.35,0.68,0.7,82.3677631578947,82.9292045454545,null,"KOG3594","KOG3594","yes","Low tissue specificity","Low tissue specificity",0.684476022259084,"Plasma membrane","Plasma membrane",1,5582,false]
["P57086_Q9H4T2","P17040_P57086","Janes_et_al","P57086; Q9H4T2","P17040; P57086","P57086","SCAND1","Q9H4T2","ZSCAN16","P17040","ZSCAN20","huMAP3_09676.1; huMAP3_14807.1; huMAP3_10438.1","mutually_exclusive",9.68,29,166,162,75.81,69.58,11271.96,0.57,0.51,91.3145333333333,88.5833802816901,null,"KOG1721","KOG1721","yes","Low tissue specificity","Low tissue specificity",0.167744422491125,"Nucleoplasm","Nucleoplasm",1,5591,false]
["P09661_Q9BWU0","P09661_Q8WWY3","Janes_et_al","P09661; Q9BWU0","P09661; Q8WWY3","P09661","SNRPA1","Q9BWU0","SLC4A1AP","Q8WWY3","PRPF31","huMAP3_08980.1; huMAP3_06511.1","mutually_exclusive",4.44,11,137,171,85.12,86.92,11661.44,0.5,0.39,91.4072727272727,82.035,0.12,"KOG1881","KOG2574","no","Low tissue specificity","Low tissue specificity",0.191784756642975,"Nucleoplasm","Nucleoplasm",1,5597,false]
["O60518_Q9UH62","O60518_Q5SY16","Janes_et_al","O60518; Q9UH62","O60518; Q5SY16","O60518","RANBP6","Q9UH62","ARMCX3","Q5SY16","NOL9","huMAP3_10911.1","mutually_exclusive",2.13,82,95,60,38.39,41.5,3647.05,0.61,0.65,80.6125,75.09,0.024,"ENOG502TCDI","KOG2750","no","Low tissue specificity","Low tissue specificity",-0.152475105197904,"Nucleoplasm","Nucleoli",0,5608,false]
["P17787_Q9UKY4","P17787_P43681","Janes_et_al","P17787; Q9UKY4","P17787; P43681","P17787","CHRNB2","Q9UKY4","POMT2","P43681","CHRNA4","huMAP3_15126.1","mutually_exclusive",1.9,11,192,180,85.85,90.98,16483.1999999999,0.46,0.72,86.3196296296296,88.1700625,null,"KOG3359","KOG3645","no","Tissue enhanced","Tissue enhanced",0.116062819052146,"Nucleoplasm",null,null,5614,false]
["P30260_Q9UJX6","Q9H1A4_Q9UJX6","Janes_et_al","P30260; Q9UJX6","Q9H1A4; Q9UJX6","Q9UJX6","ANAPC2","P30260","CDC27","Q9H1A4","ANAPC1","huMAP3_12747.1; huMAP3_03388.1","structurally_consistent",6,0,0,0,null,null,0,0.56,0.26,82.8328125,76.8916666666666,0.354,"KOG1126","KOG1858","no","Low tissue specificity","Low tissue specificity",0.485255710022839,"Nucleoplasm","Vesicles",0,5625,false]
["O75832_P48556","O75832_Q9Y5K5","Janes_et_al","O75832; P48556","O75832; Q9Y5K5","O75832","PSMD10","P48556","PSMD8","Q9Y5K5","UCHL5","huMAP3_09656.1; huMAP3_05064.1; huMAP3_13725.1","mutually_exclusive",0.26,22,204,226,73.67,81.51,15028.68,0.41,0.31,76.8777777777777,75.83125,0.5305,"KOG3151","KOG2778","no","Tissue enhanced","Low tissue specificity",0.463421611520437,"Cytosol","Nucleoplasm; Cytosol",0.5,5634,false]
["O95861_P54098","O95861_Q9H4K7","Janes_et_al","O95861; P54098","O95861; Q9H4K7","O95861","BPNT1","P54098","POLG","Q9H4K7","MTG2","huMAP3_13468.1","mutually_exclusive",0.15,10,399,322,80.09,70.99,22858.78,0.5,0.24,84.1375,80.5392307692307,0.052,"KOG3657","KOG1489","no","Low tissue specificity","Low tissue specificity",0.718710485058671,"Mitochondria",null,null,5641,false]
["Q9BQ69_Q9UGN5","P09874_Q9BQ69","Janes_et_al","Q9BQ69; Q9UGN5","P09874; Q9BQ69","Q9BQ69","MACROD1","Q9UGN5","PARP2","P09874","PARP1","huMAP3_14846.1; huMAP3_10578.1; huMAP3_10730.1; huMAP3_13854.1","mutually_exclusive",8.85,12,358,361,81.27,75.61,27295.21,0.28,0.45,77.54875,83.8534782608695,0.307277777777778,"KOG1037","KOG1037","yes","Low tissue specificity","Low tissue specificity",0.0308341096943379,"Nucleoplasm","Nucleoplasm",1,5643,false]
["Q4U2R6_Q96DV4","Q14197_Q96DV4","Janes_et_al","Q4U2R6; Q96DV4","Q14197; Q96DV4","Q96DV4","MRPL38","Q4U2R6","MRPL51","Q14197","MRPL58","huMAP3_06550.1; huMAP3_08458.1; huMAP3_06439.1; huMAP3_06589.1; huMAP3_09483.1","structurally_consistent",0.76,0,2,2,91.45,82.75,165.5,0.51,0.27,90.0188461538461,86.886875,0.872,"KOG4045","KOG3429","no","Low tissue specificity","Low tissue specificity",0.688438174744976,"Mitochondria","Mitochondria",1,5652,false]
["P83876_Q96BP3","O94906_P83876","Janes_et_al","P83876; Q96BP3","O94906; P83876","P83876","TXNL4A","Q96BP3","PPWD1","O94906","PRPF6","huMAP3_08501.1; huMAP3_09504.1; huMAP3_09945.1","mutually_exclusive",0.16,13,30,26,73.53,51.65,1342.9,0.62,0.24,86.9982926829268,81.924375,0.378,"KOG0882","KOG0495","no","Low tissue specificity","Low tissue specificity",0.0966931907233644,"Nuclear bodies","Nuclear speckles",0,5664,false]
["Q3KNV8_Q9HCM7","Q3KNV8_Q9HC52","Janes_et_al","Q3KNV8; Q9HCM7","Q3KNV8; Q9HC52","Q3KNV8","PCGF3","Q9HCM7","FBRSL1","Q9HC52","CBX8","huMAP3_10162.1","mutually_exclusive",8.03,16,62,74,43.02,55.18,2667.24,0.4,0.44,91.4208,89.6090384615384,0.138,"ENOG502QSH4","KOG2748","no","Low tissue specificity","Low tissue specificity",0.197666544621986,"Nucleoplasm; Cytosol","Nucleoplasm",0.5,5669,false]
["P52907_Q6ZU35","P47755_P52907","Janes_et_al","P52907; Q6ZU35","P47755; P52907","P52907","CAPZA1","Q6ZU35","CRACD","P47755","CAPZA2","huMAP3_10870.1; huMAP3_02458.1; huMAP3_06652.1; huMAP3_08077.1; huMAP3_12900.1","mutually_exclusive",0.47,15,123,175,60.07,85.85,7388.61,0.4,0.7,87.7255555555555,85.8383193277311,0.252,"ENOG502QQWT","KOG0836","no","Tissue enhanced","Low tissue specificity",-0.188520334941798,"Nucleoplasm","Cytosol",0,5678,false]
["Q12926_Q9ULR5","Q12926_Q15717","Janes_et_al","Q12926; Q9ULR5","Q12926; Q15717","Q12926","ELAVL2","Q9ULR5","PAIP2B","Q15717","ELAVL1","huMAP3_07115.1; huMAP3_10625.1","structurally_consistent",7,0,1,1,25,86.01,25,0.46,0.27,87.0696610169491,75.4499999999999,null,"ENOG502S63Z","KOG0145","no","Tissue enhanced","Low tissue specificity",-0.581391556746918,"Cytosol","Nucleoplasm",0,5687,false]
["Q92769_Q96ST3","O14519_Q92769","Janes_et_al","Q92769; Q96ST3","O14519; Q92769","Q92769","HDAC2","Q96ST3","SIN3A","O14519","CDK2AP1","huMAP3_15128.1","mutually_exclusive",0.43,10,71,41,85.73,64.27,2635.07,0.72,0.29,91.5263461538461,90.2366666666666,0.152,"KOG4204","KOG4713","no","Low tissue specificity","Tissue enhanced",-0.456711616995712,"Nucleoplasm","Nucleoplasm",1,5695,false]
["O75832_P20618","O75832_P55036","Janes_et_al","O75832; P20618","O75832; P55036","O75832","PSMD10","P20618","PSMB1","P55036","PSMD4","huMAP3_09656.1; huMAP3_13725.1","mutually_exclusive",0.38,17,164,159,79.84,84.67,13093.76,0.41,0.64,75.8322222222222,89.4765789473684,0.838,"KOG0179","KOG2884","no","Low tissue specificity","Low tissue specificity",0.531150182415118,"Nucleoplasm","Nucleoplasm",1,5696,false]
["P85037_Q16576","Q149N8_Q16576","Janes_et_al","P85037; Q16576","Q149N8; Q16576","Q16576","RBBP7","P85037","FOXK1","Q149N8","SHPRH","huMAP3_13482.1; huMAP3_15128.1","structurally_consistent",0.41,0,13,11,25.2,18.23,200.53,0.28,0.37,86.4071428571428,83.340294117647,0.07,"KOG2294","KOG0298","no","Low tissue specificity","Low tissue specificity",-0.146815238404249,"Nucleoplasm","Nucleoplasm; Nuclear membrane",0.5,5709,false]
["Q15006_Q5J8M3","Q15006_Q8N766","Janes_et_al","Q15006; Q5J8M3","Q15006; Q8N766","Q15006","EMC2","Q5J8M3","EMC4","Q8N766","EMC1","huMAP3_03281.1","structurally_consistent",1.56,0,0,0,null,null,0,0.41,0.25,82.1666666666666,90.3841176470588,0.716,"KOG3318","KOG2103","no","Low tissue specificity","Low tissue specificity",0.207555740162794,{"$nulls":3},5712,false]
["P62714_Q86XL3","P62714_Q9BTL4","Janes_et_al","P62714; Q86XL3","P62714; Q9BTL4","P62714","PPP2CB","Q86XL3","ANKLE2","Q9BTL4","IER2","huMAP3_07998.1; huMAP3_13510.1; huMAP3_10333.1; huMAP3_09709.1; huMAP3_06695.1","mutually_exclusive",0.11,15,124,82,80.63,38.3,3140.6,0.58,0.36,83.296875,84.282,null,"ENOG502QQ4Z","ENOG502S19F","no","Low tissue specificity","Low tissue specificity",0.375183263981432,"Endoplasmic reticulum; Plasma membrane","Nucleoplasm",0,5720,false]
["O43242_P51665","P28072_P51665","Janes_et_al","O43242; P51665","P28072; P51665","P51665","PSMD7","O43242","PSMD3","P28072","PSMB6","huMAP3_09656.1; huMAP3_13725.1","structurally_consistent",1.75,0,0,0,null,null,0,0.3,0.57,89.1864864864864,87.86,0.826,"KOG2581","KOG0174","no","Tissue enhanced","Low tissue specificity",0.751913163453879,"Nucleoplasm","Nucleoplasm; Cytosol",0.5,5731,false]
["P27449_P61421","P27449_Q3ZAQ7","Janes_et_al","P27449; P61421","P27449; Q3ZAQ7","P27449","ATP6V0C","P61421","ATP6V0D1","Q3ZAQ7","VMA21","huMAP3_05805.1; huMAP3_10516.1; huMAP3_12042.1; huMAP3_10511.1","structurally_consistent",0.31,0,0,0,null,null,0,0.4,0.43,82.9183333333333,83.0029411764705,0.05,"KOG2957","KOG4783","no","Low tissue specificity","Low tissue specificity",0.298500216767425,{"$nulls":3},5737,false]
["Q13084_Q9BZE1","O75394_Q9BZE1","Janes_et_al","Q13084; Q9BZE1","O75394; Q9BZE1","Q9BZE1","MRPL37","Q13084","MRPL28","O75394","MRPL33","huMAP3_01856.1; huMAP3_07939.1; huMAP3_03763.1; huMAP3_06550.1; huMAP3_08458.1; huMAP3_06439.1; huMAP3_06589.1; huMAP3_09113.1; huMAP3_09483.1","structurally_consistent",0.16,0,0,0,null,null,0,0.63,0.42,95.8708333333333,88.2603703703703,0.982,"KOG3279","KOG3505","no","Low tissue specificity","Low tissue specificity",0.419364635804978,"Mitochondria",null,null,5746,false]
["P09017_P13489","P13489_P34096","Janes_et_al","P09017; P13489","P13489; P34096","P13489","RNH1","P09017","HOXC4","P34096","RNASE4","huMAP3_13506.1; huMAP3_12344.1","mutually_exclusive",0.39,13,68,100,74.74,89.59,5082.32,0.57,0.72,82.5388461538461,94.5183333333333,null,"KOG0489","ENOG502S9Q1","no","Tissue enhanced","Tissue enriched",0.0682144938855183,"Nucleoplasm",null,null,5754,false]
["O75438_P03905","P03905_Q9P0J0","Janes_et_al","O75438; P03905","P03905; Q9P0J0","P03905","MT-ND4","O75438","NDUFB1","Q9P0J0","NDUFA13","huMAP3_09982.1; huMAP3_09567.1; huMAP3_14878.1; huMAP3_08132.1; huMAP3_06397.1; huMAP3_14018.1; huMAP3_04643.1","structurally_consistent",0.23,0,0,0,null,null,0,0.41,0.49,92.25,84.6841666666666,0.974,"ENOG502S6X0","KOG3300","no","Low tissue specificity","Low tissue specificity",0.791299839131005,"Mitochondria","Mitochondria",1,5755,false]
["P61201_Q13617","P61201_Q53RE8","Janes_et_al","P61201; Q13617","P61201; Q53RE8","P61201","COPS2","Q13617","CUL2","Q53RE8","ANKRD39","huMAP3_08550.1; huMAP3_14528.1; huMAP3_09779.1","mutually_exclusive",4.97,16,171,157,88.01,76.78,12054.46,0.65,0.24,85.365294117647,75.436,0.108,"KOG2284","KOG0504","no","Low tissue specificity","Low tissue specificity",-0.0369853181555925,"Nucleoplasm","Nucleoplasm",1,5763,false]
["Q53F39_Q8WVV5","Q3SY77_Q53F39","Janes_et_al","Q53F39; Q8WVV5","Q3SY77; Q53F39","Q53F39","MPPE1","Q8WVV5","BTN2A2","Q3SY77","UGT3A2","huMAP3_11420.1; huMAP3_15126.1","structurally_consistent",0.23,0,23,10,74.43,43.35,433.5,0.52,0.24,80.046875,77.7966666666666,null,"ENOG502QSRZ","KOG1192","no","Low tissue specificity","Tissue enhanced",0.045579924405429,"Mitochondria","Nucleoplasm",0,5774,false]
["P24864_P24941","P24941_P28749","Janes_et_al","P24864; P24941","P24941; P28749","P24941","CDK2","P24864","CCNE1","P28749","RBL1","huMAP3_14722.1; huMAP3_10449.1; huMAP3_06587.1","mutually_exclusive",0.77,11,135,132,97.14,83.83,11065.56,0.72,0.43,96.0230681818182,87.3872222222222,0.15,"KOG0655","KOG1010","no","Tissue enhanced","Tissue enhanced",0.612619407539192,"Nucleoplasm","Nucleoplasm",1,5778,false]
["P62714_Q9NVR7","P62714_Q9Y6E0","Janes_et_al","P62714; Q9NVR7","P62714; Q9Y6E0","P62714","PPP2CB","Q9NVR7","TBCCD1","Q9Y6E0","STK24","huMAP3_10333.1; huMAP3_13510.1; huMAP3_09709.1","mutually_exclusive",0.11,11,377,297,89.15,81.75,24279.75,0.46,0.39,73.2233333333333,74.3683333333333,null,"KOG4416","KOG0201","no","Low tissue specificity","Low tissue specificity",0.0656641462781507,null,"Nucleoli; Cytosol",null,5788,false]
["P63208_Q9UKA2","P63208_Q9Y2K7","Janes_et_al","P63208; Q9UKA2","P63208; Q9Y2K7","P63208","SKP1","Q9UKA2","FBXL4","Q9Y2K7","KDM2A","huMAP3_00161.1; huMAP3_09623.1; huMAP3_14622.1","mutually_exclusive",0.7,36,367,298,94.95,79.45,23676.1,0.7,0.52,94.9793243243243,87.8160869565217,0.08,"KOG1947","KOG1633; KOG1947","yes","Low tissue specificity","Low tissue specificity",4.3400979805E-3,"Nuclear speckles","Nucleoplasm",0,5795,false]
["P27449_Q8N511","O75787_P27449","Janes_et_al","P27449; Q8N511","O75787; P27449","P27449","ATP6V0C","Q8N511","TMEM199","O75787","ATP6AP2","huMAP3_05805.1; huMAP3_10516.1; huMAP3_08182.1; huMAP3_12042.1; huMAP3_10511.1","structurally_consistent",0.2,0,0,0,null,null,0,0.33,0.42,82.6168,90.0064516129032,0.24,"ENOG502RXKD","KOG4737","no","Low tissue specificity","Tissue enriched",0.420084681403576,{"$nulls":3},5804,false]
["P08134_P61586","O15085_P61586","Janes_et_al","P08134; P61586","O15085; P61586","P61586","RHOA","P08134","RHOC","O15085","ARHGEF11","huMAP3_00059.1","mutually_exclusive",0.3,10,167,163,89.72,82.87,13507.81,0.29,0.7,78.6617391304347,92.206,null,"KOG0393","KOG3520","no","Low tissue specificity","Low tissue specificity",0.302151788195512,null,"Plasma membrane",null,5811,false]
["Q96FZ2_Q9NZL4","Q8WXB1_Q9NZL4","Janes_et_al","Q96FZ2; Q9NZL4","Q8WXB1; Q9NZL4","Q9NZL4","HSPBP1","Q96FZ2","HMCES","Q8WXB1","METTL21A","huMAP3_14723.1","structurally_consistent",0.45,0,0,0,null,null,0,0.43,0.3,80.388125,76.639,0.02,"KOG2618","KOG2793","no","Low tissue specificity","Low tissue specificity",0.304769916932049,"Nucleoplasm","Nucleoplasm",1,5812,false]
["P82673_Q13595","P82673_Q96EL2","Janes_et_al","P82673; Q13595","P82673; Q96EL2","P82673","MRPS35","Q13595","TRA2A","Q96EL2","MRPS24","huMAP3_05807.1","mutually_exclusive",1.67,12,85,98,70.82,93.69,6019.7,0.36,0.67,80.8263636363636,92.7368253968254,0.006,"KOG0118","ENOG502RXU1","no","Low tissue specificity","Tissue enhanced",-0.22945211188623,"Nucleoli",null,null,5819,false]
["P27348_Q9Y4H4","P27348_Q7Z309","Janes_et_al","P27348; Q9Y4H4","P27348; Q7Z309","P27348","YWHAQ","Q9Y4H4","GPSM3","Q7Z309","PABIR2","huMAP3_09810.1","mutually_exclusive",0.09,35,70,47,39.53,33.94,1595.17999999999,0.41,0.47,89.9375,91.8406666666666,null,"ENOG502STIS","ENOG502QTCH","no","Group enriched","Low tissue specificity",0.425036362552292,null,"Nucleoplasm",null,5828,false]
["Q7Z7H8_Q96E29","P52815_Q7Z7H8","Janes_et_al","Q7Z7H8; Q96E29","P52815; Q7Z7H8","Q7Z7H8","MRPL10","Q96E29","MTERF3","P52815","MRPL12","huMAP3_09113.1; huMAP3_07939.1; huMAP3_08458.1; huMAP3_09483.1","structurally_consistent",4.52,0,0,0,null,null,0,0.44,0.39,82.0860714285714,93.1258620689655,0.254,"KOG1267","KOG1715","no","Low tissue specificity","Low tissue specificity",0.627658536577985,"Mitochondria","Mitochondria",1,5836,false]
["Q8N8D1_Q9BV90","Q8N8D1_Q96LT9","Janes_et_al","Q8N8D1; Q9BV90","Q8N8D1; Q96LT9","Q8N8D1","PDCD7","Q9BV90","SNRNP25","Q96LT9","RNPC3","huMAP3_08980.1; huMAP3_04549.1; huMAP3_06511.1","structurally_consistent",9.56,0,0,0,null,null,0,0.57,0.49,94.1377777777778,83.005376344086,null,"ENOG502RXSI","KOG4206","no","Tissue enhanced","Low tissue specificity",-0.200612959237479,"Nucleoplasm","Nucleoplasm",1,5845,false]
["P56211_P67775","P62714_P67775","Janes_et_al","P56211; P67775","P62714; P67775","P67775","PPP2CA","P56211","ARPP19","P62714","PPP2CB","huMAP3_13510.1","mutually_exclusive",0.08,18,36,45,49,78.95,1764,0.48,0.48,90.9958064516128,81.3833333333333,0.24,"KOG4076","KOG0371","no","Tissue enhanced","Low tissue specificity",0.562680286784448,null,"Nucleoplasm",null,5851,false]
["O75832_Q99436","O75832_Q06323","Janes_et_al","O75832; Q99436","O75832; Q06323","O75832","PSMD10","Q99436","PSMB7","Q06323","PSME1","huMAP3_09656.1; huMAP3_13725.1","mutually_exclusive",0.36,10,162,113,82.17,84.85,13311.54,0.53,0.49,79.24625,75.1225,0.214,"KOG0173","KOG4470","no","Low tissue specificity","Low tissue specificity",0.0422029697962031,"Nucleoplasm","Cytosol",0,5862,false]
["O75817_Q8N5L8","Q8N5L8_Q9H633","Janes_et_al","O75817; Q8N5L8","Q8N5L8; Q9H633","Q8N5L8","RPP25L","O75817","POP7","Q9H633","RPP21","huMAP3_08469.1; huMAP3_00441.1; huMAP3_08418.1","mutually_exclusive",0.66,18,88,88,85.65,91.42,7537.2,0.59,0.35,94.6923913043478,90.8795238095238,0.194,"KOG3631","KOG4394","no","Low tissue specificity","Low tissue specificity",0.57858739337408,"Nucleoli; Vesicles",null,null,5871,false]
["P11177_P12694","P12694_Q8N3J5","Janes_et_al","P11177; P12694","P12694; Q8N3J5","P12694","BCKDHA","P11177","PDHB","Q8N3J5","PPM1K","huMAP3_12248.1","structurally_consistent",0.17,0,0,0,null,null,0,0.72,0.54,97.3830487804878,94.616875,null,"KOG0524","KOG0698","no","Tissue enhanced","Tissue enhanced",0.243033291368542,"Mitochondria","Mitochondria",1,5874,false]
["P04908_P49916","P49916_Q13156","Janes_et_al","P04908; P49916","P49916; Q13156","P49916","LIG3","P04908","H2AC8","Q13156","RPA4","huMAP3_13854.1","mutually_exclusive",1.72,10,66,83,89.93,76.43,6343.69,0.6,0.43,85.9345652173913,87.8754166666666,null,"KOG1756","KOG3108","no","Tissue enhanced","Tissue enhanced",0.119025377928376,"Nucleoplasm","Nucleoplasm",1,5879,false]
["P82912_Q9BYN8","Q9BYN8_Q9Y3D5","Janes_et_al","P82912; Q9BYN8","Q9BYN8; Q9Y3D5","Q9BYN8","MRPS26","P82912","MRPS11","Q9Y3D5","MRPS18C","huMAP3_05807.1; huMAP3_05954.1","structurally_consistent",6.4,0,0,0,null,null,0,0.26,0.26,85.5663636363636,89.1406896551724,0.696,"KOG0408","KOG3162","no","Low tissue specificity","Low tissue specificity",0.741175873945201,"Mitochondria",null,null,5887,false]
["P56377_Q9BXS5","P21964_Q9BXS5","Janes_et_al","P56377; Q9BXS5","P21964; Q9BXS5","Q9BXS5","AP1M1","P56377","AP1S2","P21964","COMT","huMAP3_13055.1; huMAP3_12918.1; huMAP3_12376.1; huMAP3_12394.1","structurally_consistent",1,0,0,0,null,null,0,0.35,0.5,89.1730769230769,79.485,0.092,"KOG0934","KOG1663","no","Tissue enriched","Low tissue specificity",-0.156074178110672,"Golgi apparatus; Vesicles","Vesicles",0.5,5895,false]
["Q9Y5E6_Q9Y5E7","Q9Y5E5_Q9Y5E6","Janes_et_al","Q9Y5E6; Q9Y5E7","Q9Y5E5; Q9Y5E6","Q9Y5E6","PCDHB3","Q9Y5E7","PCDHB2","Q9Y5E5","PCDHB4","huMAP3_11044.1; huMAP3_12057.1; huMAP3_11413.1; huMAP3_13663.1; huMAP3_12508.1; huMAP3_15258.1","mutually_exclusive",0.94,36,670,672,83.92,83.82,56327.0399999999,0.7,0.68,81.5638028169014,81.0513333333333,null,"KOG3594","KOG3594","yes","Low tissue specificity","Low tissue specificity",0.250558355231481,"Nucleoplasm","Plasma membrane",0,5904,false]
["O15479_Q9HAN9","Q96MX3_Q9HAN9","Janes_et_al","O15479; Q9HAN9","Q96MX3; Q9HAN9","Q9HAN9","NMNAT1","O15479","MAGEB2","Q96MX3","ZNF48","huMAP3_10823.1; huMAP3_06145.1","mutually_exclusive",0.53,16,209,181,72.18,67.05,12136.05,0.53,0.51,84.1757142857142,83.42,0.096,"KOG4562","KOG1721","no","Tissue enriched","Low tissue specificity",-0.171828433596908,"Cytosol","Mitochondria",0,5913,false]
["O95149_P09661","P09661_Q9BWU0","Janes_et_al","O95149; P09661","P09661; Q9BWU0","P09661","SNRPA1","O95149","SNUPN","Q9BWU0","SLC4A1AP","huMAP3_08980.1; huMAP3_06511.1","mutually_exclusive",2.13,18,184,134,83.07,89.51,15284.88,0.44,0.5,77.6732,91.4072727272727,0.15,"KOG3132","KOG1881","no","Low tissue specificity","Low tissue specificity",0.427816272349484,"Nucleoplasm; Plasma membrane; Cytosol","Nucleoplasm",0.333333333333333,5918,false]
["P27348_P30305","O75044_P27348","Janes_et_al","P27348; P30305","O75044; P27348","P27348","YWHAQ","P30305","CDC25B","O75044","SRGAP2","huMAP3_10808.1; huMAP3_07838.1; huMAP3_12897.1; huMAP3_09810.1","mutually_exclusive",0.28,17,221,244,71.07,79.33,15706.47,0.42,0.25,82.835,77.3849999999999,0.0884395604395605,"KOG3772","KOG3565","no","Low tissue specificity","Tissue enhanced",0.521354346613131,"Vesicles","Cytosol",0,5930,false]
["Q13084_Q8IXM3","P09001_Q13084","Janes_et_al","Q13084; Q8IXM3","P09001; Q13084","Q13084","MRPL28","Q8IXM3","MRPL41","P09001","MRPL3","huMAP3_07939.1; huMAP3_06550.1; huMAP3_08458.1; huMAP3_06439.1; huMAP3_06589.1; huMAP3_09113.1; huMAP3_09483.1","structurally_consistent",0.3,0,0,0,null,null,0,0.37,0.29,94.0739130434782,84.4658064516129,0.826,"KOG4756","KOG3141","no","Tissue enhanced","Low tissue specificity",0.0259955943057243,"Mitochondria",null,null,5931,false]
["P82932_Q9BZE1","Q96A35_Q9BZE1","Janes_et_al","P82932; Q9BZE1","Q96A35; Q9BZE1","Q9BZE1","MRPL37","P82932","MRPS6","Q96A35","MRPL24","huMAP3_06550.1; huMAP3_08458.1; huMAP3_09483.1","structurally_consistent",0.47,0,0,0,null,null,0,0.53,0.24,86.4493181818181,86.0386666666666,0.768,"KOG4708","KOG1708","no","Tissue enhanced","Low tissue specificity",0.239280228589035,"Mitochondria",null,null,5941,false]
["P61964_Q15291","Q15291_Q9UBL3","Janes_et_al","P61964; Q15291","Q15291; Q9UBL3","Q15291","RBBP5","P61964","WDR5","Q9UBL3","ASH2L","huMAP3_09422.1; huMAP3_10027.1; huMAP3_09051.1; huMAP3_10650.1; huMAP3_11602.1; huMAP3_08776.1","structurally_consistent",1.18,0,0,0,null,null,0,0.71,0.41,89.7146969696969,92.1217647058823,0.236,"KOG0266","KOG2626","no","Low tissue specificity","Low tissue specificity",0.441579200315703,"Nucleoplasm","Nucleoplasm",1,5948,false]
["O95816_Q9H6K1","O95816_Q14249","Janes_et_al","O95816; Q9H6K1","O95816; Q14249","O95816","BAG2","Q9H6K1","ILRUN","Q14249","ENDOG","huMAP3_14723.1","structurally_consistent",1.5,0,3,2,18,30.5,54,0.27,0.45,77.5092,85.8133333333333,0.048,"KOG4351","KOG3721","no","Tissue enhanced","Tissue enhanced",0.864868132517238,"Nuclear speckles",null,null,5955,false]
["Q9BQ65_Q9UMS4","O60306_Q9BQ65","Janes_et_al","Q9BQ65; Q9UMS4","O60306; Q9BQ65","Q9BQ65","USB1","Q9UMS4","PRPF19","O60306","AQR","huMAP3_09945.1","structurally_consistent",1.37,0,3,2,87.67,90.97,263.01,0.39,0.33,82.6633333333333,86.1836,0.85,"KOG0289","KOG1806","no","Low tissue specificity","Low tissue specificity",0.0486296649757208,"Nuclear speckles","Nucleoplasm",0,5965,false]
["Q96J01_Q9Y5S9","Q96A72_Q96J01","Janes_et_al","Q96J01; Q9Y5S9","Q96A72; Q96J01","Q96J01","THOC3","Q9Y5S9","RBM8A","Q96A72","MAGOHB","huMAP3_10789.1","mutually_exclusive",0.17,19,78,88,70.56,80.36,5503.68,0.56,0.48,76.641875,78.0811111111111,0.946,"KOG0130","KOG3392","no","Low tissue specificity","Low tissue specificity",0.0861261128140912,"Nuclear speckles",null,null,5974,false]
["O94776_Q9NSC2","O94776_Q92769","Janes_et_al","O94776; Q9NSC2","O94776; Q92769","O94776","MTA2","Q9NSC2","SALL1","Q92769","HDAC2","huMAP3_15128.1","mutually_exclusive",8.75,17,117,242,34.21,87.7,4002.57,0.38,0.73,81.4336842105263,94.4994805194805,0.148142857142857,"KOG1074","KOG1342","no","Tissue enhanced","Low tissue specificity",-0.189533765696888,"Nucleoplasm","Nucleoplasm",1,5978,false]
["P52306_P60763","P52306_P61224","Janes_et_al","P52306; P60763","P52306; P61224","P52306","RAP1GDS1","P60763","RAC3","P61224","RAP1B","huMAP3_06217.1","mutually_exclusive",1.14,21,170,181,81.9,73.74,13346.94,0.66,0.53,87.9602857142857,92.4041176470588,0.0863339882121808,"KOG0393","KOG0395","no","Tissue enhanced","Low tissue specificity",-0.427956347089081,{"$nulls":3},5991,false]
["Q8TCC3_Q9P0M9","Q9NP92_Q9P0M9","Janes_et_al","Q8TCC3; Q9P0M9","Q9NP92; Q9P0M9","Q9P0M9","MRPL27","Q8TCC3","MRPL30","Q9NP92","MRPS30","huMAP3_07939.1; huMAP3_03763.1; huMAP3_06550.1; huMAP3_08458.1; huMAP3_06439.1; huMAP3_06589.1; huMAP3_09113.1; huMAP3_09483.1","structurally_consistent",3.68,0,13,26,32.01,94.35,416.13,0.35,0.27,85.4557692307692,88.1445454545454,0.972,"KOG4799","KOG4461","no","Low tissue specificity","Low tissue specificity",0.674114673967009,{"$nulls":3},5992,false]
["Q9Y5G9_Q9Y5H3","Q9Y5G5_Q9Y5G9","Janes_et_al","Q9Y5G9; Q9Y5H3","Q9Y5G5; Q9Y5G9","Q9Y5G9","PCDHGA4","Q9Y5H3","PCDHGA10","Q9Y5G5","PCDHGA8","huMAP3_14684.1; huMAP3_15174.1; huMAP3_15074.1; huMAP3_15067.1; huMAP3_13117.1; huMAP3_14780.1; huMAP3_12589.1; huMAP3_10439.1; huMAP3_14186.1; huMAP3_14639.1; huMAP3_13661.1; huMAP3_11217.1; huMAP3_07326.1","mutually_exclusive",1.2,27,676,682,82.12,81.14,55337.48,0.66,0.63,79.4002127659574,78.7461538461538,null,"KOG3594","KOG3594","yes","Tissue enriched","Not detected",0.0287923328666779,"Nucleoplasm; Plasma membrane","Vesicles; Plasma membrane",0.333333333333333,6000,false]
["P62318_Q9BQA1","P09234_Q9BQA1","Janes_et_al","P62318; Q9BQA1","P09234; Q9BQA1","Q9BQA1","WDR77","P62318","SNRPD3","P09234","SNRPC","huMAP3_08980.1; huMAP3_06511.1","mutually_exclusive",0.36,13,47,44,51.06,86.28,2399.82,0.35,0.51,83.7614285714285,90.4016,0.962,"KOG3172","KOG3454","no","Low tissue specificity","Low tissue specificity",0.443647396064286,"Nucleoplasm","Nucleoplasm",1,6007,true]
["P11309_P26196","P26196_Q8WWM7","Janes_et_al","P11309; P26196","P26196; Q8WWM7","P26196","DDX6","P11309","PIM1","Q8WWM7","ATXN2L","huMAP3_08733.1","structurally_consistent",0.62,0,0,0,null,null,0,0.54,0.7,89.3911764705882,90.1836805555555,null,"KOG0583","KOG2375","no","Tissue enhanced","Low tissue specificity",0.154419171375781,"Cytosol","Cytosol",1,6016,false]
["A5YKK6_Q9UIV1","Q14201_Q9UIV1","Janes_et_al","A5YKK6; Q9UIV1","Q14201; Q9UIV1","Q9UIV1","CNOT7","A5YKK6","CNOT1","Q14201","BTG3","huMAP3_00551.1; huMAP3_11224.1","structurally_consistent",0.21,0,1,2,8.28,19.01,8.28,0.53,0.43,91.7986842105263,90.3033333333333,0.078,"KOG1831","KOG4006","no","Low tissue specificity","Low tissue specificity",0.0423173982700191,"Cytosol",null,null,6022,false]
["Q7Z5U6_Q9HA92","O15069_Q7Z5U6","Janes_et_al","Q7Z5U6; Q9HA92","O15069; Q7Z5U6","Q7Z5U6","WDR53","Q9HA92","RSAD1","O15069","NACAD","huMAP3_09942.1","structurally_consistent",0.54,0,0,0,null,null,0,0.5,0.27,87.1130434782608,86.8704761904761,0.054,"ENOG502QRH0","KOG2239","no","Low tissue specificity","Group enriched",0.0382544072911789,"Mitochondria","Cytosol",0,6033,false]
["P57086_Q9NWS9","P57086_Q53GI3","Janes_et_al","P57086; Q9NWS9","P57086; Q53GI3","P57086","SCAND1","Q9NWS9","ZNF446","Q53GI3","ZNF394","huMAP3_14807.1","mutually_exclusive",0.66,25,121,151,68.81,76.91,8326.01,0.6,0.57,92.0172307692307,91.3897101449275,null,"KOG1721","KOG1721","yes","Low tissue specificity","Tissue enriched",-0.168541746792527,"Nuclear speckles","Nucleoplasm",0,6042,false]
["P50750_P51826","P50750_Q96MH2","Janes_et_al","P50750; P51826","P50750; Q96MH2","P50750","CDK9","P51826","AFF3","Q96MH2","HEXIM2","huMAP3_12350.1","mutually_exclusive",0.37,17,51,63,59.61,59.82,3040.11,0.33,0.4,89.9348275862069,85.7559375,null,"ENOG502QU9C","ENOG502QQP8","no","Low tissue specificity","Tissue enhanced",-0.179263272241496,"Nucleoplasm","Nucleoplasm; Nuclear speckles",0.5,6049,false]
["Q7L7X3_Q9P289","O00506_Q9P289","Janes_et_al","Q7L7X3; Q9P289","O00506; Q9P289","Q9P289","STK26","Q7L7X3","TAOK1","O00506","STK25","huMAP3_11938.1; huMAP3_13510.1; huMAP3_01936.1; huMAP3_10138.1; huMAP3_02705.1","mutually_exclusive",0.63,14,317,298,87.8,81.04,24149.92,0.47,0.35,84.7372,83.8930357142857,0.124,"KOG0577","KOG0201","no","Low tissue specificity","Tissue enhanced",0.0830524296298778,"Vesicles",null,null,6051,false]
["O75448_Q9Y2X0","Q71SY5_Q9Y2X0","Janes_et_al","O75448; Q9Y2X0","Q71SY5; Q9Y2X0","Q9Y2X0","MED16","O75448","MED24","Q71SY5","MED25","huMAP3_02730.1","structurally_consistent",0.82,0,0,0,null,null,0,0.68,0.69,87.2875247524752,89.1391489361702,0.478,"ENOG502QPJD","ENOG502QRN5","no","Low tissue specificity","Low tissue specificity",0.65588347201589,null,"Nucleoplasm",null,6060,false]
["O95619_P01106","O95619_P0C0S5","Janes_et_al","O95619; P01106","O95619; P0C0S5","O95619","YEATS4","P01106","MYC","P0C0S5","H2AZ1","huMAP3_14306.1; huMAP3_10481.1","mutually_exclusive",0.86,15,91,76,41.14,86.03,3743.74,0.4,0.4,77.4648275862069,89.9258333333333,null,"KOG2483","KOG1757","no","Tissue enhanced","Tissue enhanced",0.001386627473168,"Nucleoplasm","Nucleoplasm",1,6072,false]
["P26196_Q86TB9","P11309_P26196","Janes_et_al","P26196; Q86TB9","P11309; P26196","P26196","DDX6","Q86TB9","PATL1","P11309","PIM1","huMAP3_13161.1","structurally_consistent",0.52,0,0,0,null,null,0,0.42,0.54,85.5157575757575,89.3911764705882,null,"KOG4592","KOG0583","no","Low tissue specificity","Tissue enhanced",0.525143824696677,"Cytoplasmic bodies","Cytosol",0,6077,false]
["P67775_Q9BXL8","P67775_Q9P289","Janes_et_al","P67775; Q9BXL8","P67775; Q9P289","P67775","PPP2CA","Q9BXL8","CDCA4","Q9P289","STK26","huMAP3_10333.1; huMAP3_13510.1; huMAP3_09709.1","mutually_exclusive",0.11,18,111,160,51.68,83.35,5736.48,0.34,0.29,88.0430555555555,80.848,0.112,"ENOG502QWNU","KOG0201","no","Tissue enhanced","Tissue enhanced",0.556319309126812,"Nucleoplasm","Nucleoplasm",1,6086,false]
["P0C0S5_P62807","P0C0S5_P23527","Janes_et_al","P0C0S5; P62807","P0C0S5; P23527","P0C0S5","H2AZ1","P62807","H2BC4","P23527","H2BC17","huMAP3_10862.1","mutually_exclusive",0.11,54,110,111,85.3,84.89,9422.79,0.71,0.71,95.6027826086956,95.6983898305084,null,"KOG1744","KOG1744","yes","Low tissue specificity","Tissue enhanced",0.673304357206706,"Nucleoplasm","Nucleoplasm",1,6095,false]
["Q9Y5F9_Q9Y5G2","Q9Y5F8_Q9Y5G2","Janes_et_al","Q9Y5F9; Q9Y5G2","Q9Y5F8; Q9Y5G2","Q9Y5G2","PCDHGB2","Q9Y5F9","PCDHGB6","Q9Y5F8","PCDHGB7","huMAP3_15067.1; huMAP3_08070.1; huMAP3_13974.1; huMAP3_09456.1; huMAP3_05794.1; huMAP3_12210.1; huMAP3_12589.1; huMAP3_09591.1; huMAP3_10439.1; huMAP3_11894.1; huMAP3_09183.1; huMAP3_11892.1; huMAP3_12330.1; huMAP3_11936.1; huMAP3_01547.1; huMAP3_03735.1","mutually_exclusive",1.32,32,669,678,84.63,83.52,56626.56,0.69,0.68,82.3850561797752,82.7610465116279,null,"KOG3594","KOG3594","yes","Tissue enhanced","Low tissue specificity",0.611021507360011,"Vesicles; Plasma membrane","Vesicles; Plasma membrane",1,6102,false]
["P52434_Q9BWH6","P24928_P52434","Janes_et_al","P52434; Q9BWH6","P24928; P52434","P52434","POLR2H","Q9BWH6","RPAP1","P24928",null,"huMAP3_11092.1; huMAP3_14318.1; huMAP3_08487.1; huMAP3_06426.1","mutually_exclusive",0.31,18,202,266,54.41,81.2,10990.82,0.34,0.71,83.6791304347826,91.5725,0.136,"KOG1894; KOG4732","KOG0260","no","Low tissue specificity",null,null,"Nucleoplasm",null,null,6110,false]
["P01569_P01571","P01569_P05013","Janes_et_al","P01569; P01571","P01569; P05013","P01569","IFNA5","P01571","IFNA17","P05013","IFNA6","huMAP3_11921.1; huMAP3_10459.1; huMAP3_13851.1","mutually_exclusive",0.18,16,102,106,88.53,88.6,9030.06,0.51,0.48,84.6147058823529,84.9304347826087,null,"ENOG502SQAC","ENOG502SQAC","yes","Not detected","Not detected",{"$nulls":4},6116,false]
["P02675_Q99944","P02671_P02675","Janes_et_al","P02675; Q99944","P02671; P02675","P02675","FGB","Q99944","EGFL8","P02671","FGA","huMAP3_15040.1","mutually_exclusive",3.42,15,42,56,45.9,91.46,1927.8,0.27,0.7,75.0525,85.485243902439,null,"KOG1217","KOG2579","no","Low tissue specificity","Tissue enriched",-0.0331828445978716,"Vesicles","Endoplasmic reticulum",0,6119,false]
["P28070_Q16401","O00487_Q16401","Janes_et_al","P28070; Q16401","O00487; Q16401","Q16401","PSMD5","P28070","PSMB4","O00487","PSMD14","huMAP3_09656.1; huMAP3_13725.1","mutually_exclusive",0.27,25,188,185,73.14,64.42,11917.7,0.54,0.43,79.97,72.7166666666666,0.586,"KOG0185","KOG1555","no","Low tissue specificity","Low tissue specificity",0.540264338238391,"Nucleoplasm","Nucleoplasm",1,6127,false]
["P27348_P30305","P27348_Q12778","Janes_et_al","P27348; P30305","P27348; Q12778","P27348","YWHAQ","P30305","CDC25B","Q12778","FOXO1","huMAP3_12897.1; huMAP3_06971.1; huMAP3_07596.1; huMAP3_10808.1; huMAP3_09810.1; huMAP3_07838.1","mutually_exclusive",0.58,17,152,170,57.65,33.05,5618.49999999999,0.42,0.35,82.835,86.0835714285714,0.162,"KOG3772","KOG2294","no","Low tissue specificity","Tissue enhanced",-0.0408909806830077,"Vesicles","Nucleoplasm; Cytosol",0,6138,false]
["O43172_O43447","O43447_O75554","Janes_et_al","O43172; O43447","O43447; O75554","O43447","PPIH","O43172","PRPF4","O75554","WBP4","huMAP3_08980.1; huMAP3_06511.1","structurally_consistent",0.1,0,2,4,34.19,36.87,68.38,0.3,0.42,91.3807407407407,93.9023076923076,0.378,"KOG0272","KOG0150","no","Low tissue specificity","Low tissue specificity",0.204745705709508,"Nuclear speckles","Nucleoplasm",0,6144,false]
["P67775_Q9UL03","O43638_P67775","Janes_et_al","P67775; Q9UL03","O43638; P67775","P67775","PPP2CA","Q9UL03","INTS6","O43638","FOXS1","huMAP3_13510.1","mutually_exclusive",0.07,16,59,41,73.1,49.55,2031.55,0.36,0.62,76.32,94.2289655172414,null,"KOG3768","KOG2294","no","Low tissue specificity","Low tissue specificity",0.0689521346516823,"Nucleoplasm","Nucleoplasm; Cytosol",0.5,6152,false]
["Q9Y5F8_Q9Y5G2","Q9Y5G1_Q9Y5G2","Janes_et_al","Q9Y5F8; Q9Y5G2","Q9Y5G1; Q9Y5G2","Q9Y5G2","PCDHGB2","Q9Y5F8","PCDHGB7","Q9Y5G1","PCDHGB3","huMAP3_15067.1; huMAP3_13974.1; huMAP3_09456.1; huMAP3_12210.1; huMAP3_12589.1; huMAP3_09591.1; huMAP3_11894.1; huMAP3_11892.1; huMAP3_12330.1; huMAP3_11936.1; huMAP3_01547.1","mutually_exclusive",2.21,31,673,669,83.61,84.11,56269.53,0.68,0.69,82.7610465116279,83.0359595959596,null,"KOG3594","KOG3594","yes","Low tissue specificity","Low tissue specificity",0.634159681834937,"Vesicles; Plasma membrane","Plasma membrane",0.5,6161,false]
["P63208_Q96ME1","P63208_Q9UKA2","Janes_et_al","P63208; Q96ME1","P63208; Q9UKA2","P63208","SKP1","Q96ME1","FBXL18","Q9UKA2","FBXL4","huMAP3_00161.1; huMAP3_09623.1; huMAP3_14622.1","mutually_exclusive",0.37,34,419,482,78.31,95.23,32811.89,0.66,0.7,92.2022058823529,94.9793243243243,0.09,"ENOG502QVW9","KOG1947","no","Low tissue specificity","Low tissue specificity",-0.335935356710153,"Nucleoplasm","Nuclear speckles",0,6170,false]
["Q16531_Q8TEB1","Q13216_Q16531","Janes_et_al","Q16531; Q8TEB1","Q13216; Q16531","Q16531","DDB1","Q8TEB1","DCAF11","Q13216","ERCC8","huMAP3_14528.1; huMAP3_09779.1","mutually_exclusive",0.31,50,390,359,90.47,90.2,32381.8,0.72,0.72,89.9444859813084,91.4984615384615,0.108,"KOG0266","KOG4283","no","Low tissue specificity","Low tissue specificity",0.104237851002872,"Nucleoplasm","Nuclear speckles",0,6175,false]
["P60510_P78318","P60510_P62714","Janes_et_al","P60510; P78318","P60510; P62714","P60510","PPP4C","P78318","IGBP1","P62714","PPP2CB","huMAP3_07998.1; huMAP3_13510.1; huMAP3_05182.1; huMAP3_10333.1; huMAP3_09709.1; huMAP3_06695.1","mutually_exclusive",0.11,14,31,28,40.65,59.42,1260.15,0.63,0.59,88.8183823529411,81.8771428571428,0.27,"KOG2830","KOG0371","no","Low tissue specificity","Low tissue specificity",-0.0245137921951071,"Cytosol","Nucleoplasm",0,6179,false]
["P62136_Q9ULJ8","P62136_Q9H175","Janes_et_al","P62136; Q9ULJ8","P62136; Q9H175","P62136","PPP1CA","Q9ULJ8","PPP1R9A","Q9H175","CSRNP2","huMAP3_14504.1","mutually_exclusive",0.13,40,180,205,72.84,77.05,13111.2,0.71,0.73,94.1191011235955,96.0601724137931,null,"KOG1945","KOG3813","no","Low tissue specificity","Low tissue specificity",0.590255344237769,"Plasma membrane","Nuclear speckles",0,6188,false]
["P62318_Q15029","Q15029_Q9Y5B6","Janes_et_al","P62318; Q15029","Q15029; Q9Y5B6","Q15029","EFTUD2","P62318","SNRPD3","Q9Y5B6","PAXBP1","huMAP3_08980.1","structurally_consistent",0.42,0,16,8,89.6,33.75,270,0.37,0.38,86.2704347826087,80.0736,0.456,"KOG3172","KOG2136","no","Low tissue specificity","Low tissue specificity",0.183153726975512,"Nucleoplasm","Nucleoplasm",1,6198,false]
["Q9Y5E5_Q9Y5E6","Q9Y5E6_Q9Y5G8","Janes_et_al","Q9Y5E5; Q9Y5E6","Q9Y5E6; Q9Y5G8","Q9Y5E6","PCDHB3","Q9Y5E5","PCDHB4","Q9Y5G8","PCDHGA5","huMAP3_12508.1","mutually_exclusive",0.78,21,645,644,85.51,83.94,54057.36,0.68,0.67,81.0513333333333,79.6971153846153,null,"KOG3594","KOG3594","yes","Low tissue specificity","Low tissue specificity",0.504194500616031,"Plasma membrane","Vesicles; Plasma membrane",0.5,6205,false]
["Q9Y5G2_Q9Y5G4","Q9Y5G1_Q9Y5G2","Janes_et_al","Q9Y5G2; Q9Y5G4","Q9Y5G1; Q9Y5G2","Q9Y5G2","PCDHGB2","Q9Y5G4","PCDHGA9","Q9Y5G1","PCDHGB3","huMAP3_12589.1; huMAP3_15067.1","mutually_exclusive",2.36,28,679,669,81.48,84.83,55324.92,0.68,0.69,80.94828125,83.0359595959596,null,"KOG3594","KOG3594","yes","Low tissue specificity","Low tissue specificity",0.394994802408452,"Vesicles; Plasma membrane","Plasma membrane",0.5,6214,false]
["Q9BPZ2_Q9Y657","Q86U90_Q9Y657","Janes_et_al","Q9BPZ2; Q9Y657","Q86U90; Q9Y657","Q9Y657","SPIN1","Q9BPZ2","SPIN2B","Q86U90","YRDC","huMAP3_10869.1; huMAP3_11058.1; huMAP3_09765.1; huMAP3_07230.1; huMAP3_06943.1; huMAP3_14242.1; huMAP3_08760.1; huMAP3_13086.1; huMAP3_08714.1; huMAP3_06000.1; huMAP3_09393.1; huMAP3_00305.1; huMAP3_09544.1; huMAP3_14120.1","mutually_exclusive",0.45,12,148,163,80.6,90.32,11928.8,0.55,0.55,84.1499999999999,84.1906451612903,null,"ENOG502QRYD","KOG3051","no","Low tissue specificity","Tissue enhanced",-0.353632905846117,"Nucleoplasm","Mitochondria",0,6220,false]
["O00422_Q9BRL6","O00422_P49761","Janes_et_al","O00422; Q9BRL6","O00422; P49761","O00422","SAP18","Q9BRL6","SRSF8","P49761","CLK3","huMAP3_09943.1; huMAP3_09621.1; huMAP3_11073.1; huMAP3_10564.1","structurally_consistent",0.22,0,11,17,16.82,48.59,185.02,0.43,0.39,91.1552173913043,72.315,0.072,"KOG4207","KOG0671","no","Low tissue specificity","Low tissue specificity",-0.154694556150446,"Nucleoplasm","Nucleoplasm",1,6230,false]
["Q13232_Q13885","Q13885_Q9BUF5","Janes_et_al","Q13232; Q13885","Q13885; Q9BUF5","Q13885","TUBB2A","Q13232","NME3","Q9BUF5","TUBB6","huMAP3_10665.1","structurally_consistent",0.19,0,3,4,66,94.53,198,0.41,0.63,80.5735714285714,88.3703846153846,0.116,"KOG0888","KOG1375","no","Low tissue specificity","Low tissue specificity",0.0384851893237215,"Nucleoplasm","Microtubules",0,6231,false]
["Q9Y5E6_Q9Y5F0","Q9NRJ7_Q9Y5E6","Janes_et_al","Q9Y5E6; Q9Y5F0","Q9NRJ7; Q9Y5E6","Q9Y5E6","PCDHB3","Q9Y5F0","PCDHB13","Q9NRJ7","PCDHB16","huMAP3_10979.1; huMAP3_12057.1; huMAP3_11413.1; huMAP3_12508.1; huMAP3_15258.1","mutually_exclusive",1.39,42,669,670,83.29,83.86,55721.01,0.7,0.7,81.6045454545454,82.6371875,null,"KOG3594","KOG3594","yes","Low tissue specificity","Low tissue specificity",0.576184209407669,null,"Vesicles; Plasma membrane",null,6240,false]
["P62805_Q5TEC6","P84243_Q5TEC6","Janes_et_al","P62805; Q5TEC6","P84243; Q5TEC6","Q5TEC6","H3-7","P62805","H4C8","P84243","H3-3B","huMAP3_08143.1; huMAP3_10747.1; huMAP3_01440.1; huMAP3_05966.1; huMAP3_09859.1","mutually_exclusive",7.75,36,68,81,89.74,78.8,6382.8,0.69,0.54,92.8366315789473,88.5516666666666,0.946,"KOG3467","KOG1745","no","Tissue enhanced","Tissue enhanced",0.136267027737834,null,"Nucleoplasm",null,6247,false]
["O43447_Q15428","O43447_Q9BTD8","Janes_et_al","O43447; Q15428","O43447; Q9BTD8","O43447","PPIH","Q15428","SF3A2","Q9BTD8","RBM42","huMAP3_08980.1; huMAP3_06511.1","mutually_exclusive",0.07,24,125,135,54.71,53.7,7249.5,0.54,0.4,83.1333333333333,76.1157142857142,0.508,"KOG0227","KOG0226","no","Low tissue specificity","Low tissue specificity",0.676715054588909,"Nucleoplasm","Nucleoplasm",1,6255,false]
["P62714_Q9NVR7","P62714_Q86XL3","Janes_et_al","P62714; Q9NVR7","P62714; Q86XL3","P62714","PPP2CB","Q9NVR7","TBCCD1","Q86XL3","ANKLE2","huMAP3_07998.1; huMAP3_13510.1; huMAP3_10333.1; huMAP3_09709.1; huMAP3_06695.1","mutually_exclusive",0.1,11,254,245,83.67,77.36,18953.2,0.46,0.58,73.2233333333333,83.296875,null,"KOG4416","ENOG502QQ4Z","no","Low tissue specificity","Low tissue specificity",0.512441301114767,null,"Endoplasmic reticulum; Plasma membrane",null,6261,false]
["Q13144_Q8N4L2","P49770_Q13144","Janes_et_al","Q13144; Q8N4L2","P49770; Q13144","Q13144","EIF2B5","Q8N4L2","PIP4P2","P49770","EIF2B2","huMAP3_11700.1","structurally_consistent",7.54,0,0,0,null,null,0,0.28,0.68,79.9622727272727,92.0583582089552,0.074,"KOG4684","KOG1465","no","Low tissue specificity","Low tissue specificity",-0.0772818942348767,null,"Plasma membrane; Focal adhesion sites",null,6272,false]
["Q15369_Q8WXH6","Q15369_Q15370","Janes_et_al","Q15369; Q8WXH6","Q15369; Q15370","Q15369","ELOC","Q8WXH6","RAB40A","Q15370","ELOB","huMAP3_08919.1; huMAP3_05894.1; huMAP3_09980.1; huMAP3_13601.1","mutually_exclusive",0.4,14,3,2,86.33,81.5,163,0.41,0.67,91.0761111111111,94.9450746268656,null,"KOG0078","KOG4495","no","Tissue enhanced","Low tissue specificity",-0.0492291365246373,"Vesicles",null,null,6281,false]
["Q8N3E9_Q96JC9","P78356_Q8N3E9","Janes_et_al","Q8N3E9; Q96JC9","P78356; Q8N3E9","Q8N3E9","PLCD3","Q96JC9","EAF1","P78356","PIP4K2B","huMAP3_12350.1","mutually_exclusive",0.27,10,147,248,65.25,79.4,9591.75,0.33,0.51,82.2516666666666,80.45625,0.074,"KOG4795","KOG0229","no","Tissue enhanced","Low tissue specificity",-0.230480304958237,"Nucleoplasm; Nuclear bodies","Nucleoplasm",0.5,6284,false]
["P82673_Q8IVS2","Q8IVS2_Q9Y2R5","Janes_et_al","P82673; Q8IVS2","Q8IVS2; Q9Y2R5","Q8IVS2","MCAT","P82673","MRPS35","Q9Y2R5","MRPS17","huMAP3_05807.1","structurally_consistent",0.4,0,0,0,null,null,0,0.46,0.37,84.218775510204,90.2021428571428,0.986,"KOG3933","KOG3447","no","Low tissue specificity","Low tissue specificity",0.709779574414598,"Mitochondria",null,null,6290,false]
["O00399_P42025","O00399_Q9H3G5","Janes_et_al","O00399; P42025","O00399; Q9H3G5","O00399","DCTN6","P42025","ACTR1B","Q9H3G5","CPVL","huMAP3_04946.1; huMAP3_09952.1; huMAP3_12900.1","structurally_consistent",8.58,0,0,0,null,null,0,0.59,0.56,86.6663636363636,89.51875,0.05,"KOG0676","KOG1282","no","Low tissue specificity","Tissue enhanced",-0.0074554000153125,"Microtubules","Endoplasmic reticulum",0,6298,false]
["P11464_Q00888","Q00888_Q16557","Janes_et_al","P11464; Q00888","Q00888; Q16557","Q00888","PSG4","P11464","PSG1","Q16557","PSG3","huMAP3_11277.1; huMAP3_11782.1","structurally_consistent",1.67,0,0,0,null,null,0,0.27,0.43,85.9157142857142,86.9488888888888,null,"ENOG502RXPD","ENOG502RXPD","yes","Tissue enriched","Tissue enriched",0.999985279474454,{"$nulls":3},6306,false]
["P0CI25_P61024","P06493_P61024","Janes_et_al","P0CI25; P61024","P06493; P61024","P61024","CKS1B","P0CI25","TRIM49","P06493","CDK1","huMAP3_14722.1; huMAP3_10449.1","mutually_exclusive",0.17,12,162,174,80.59,94.87,13055.58,0.53,0.49,93.8959259259259,95.3229411764706,null,"KOG2177","KOG0594","no","Not detected","Tissue enhanced",0.143353659534181,null,"Nucleoplasm; Cytosol",null,6315,false]
["P60510_P62714","P60510_Q16204","Janes_et_al","P60510; P62714","P60510; Q16204","P60510","PPP4C","P62714","PPP2CB","Q16204","CCDC6","huMAP3_07998.1; huMAP3_13510.1; huMAP3_05182.1; huMAP3_10333.1; huMAP3_09709.1; huMAP3_06695.1","mutually_exclusive",0.12,16,11,15,23.07,94.93,253.77,0.59,0.64,81.8771428571428,94.6241304347826,0.122,"KOG0371","KOG2129","no","Low tissue specificity","Low tissue specificity",-0.11667517011958,"Nucleoplasm","Cytosol",0,6320,false]
["P55072_P68543","P55072_Q9BZE9","Janes_et_al","P55072; P68543","P55072; Q9BZE9","P55072","VCP","P68543","UBXN2A","Q9BZE9","ASPSCR1","huMAP3_14974.1; huMAP3_13035.1; huMAP3_05058.1","mutually_exclusive",0.87,18,104,126,68.34,89.03,7107.36,0.39,0.7,82.7921875,88.4614150943396,0.0766666666666667,"KOG2086","KOG2699","no","Low tissue specificity","Low tissue specificity",0.065854982210675,"Centrosome","Nucleoplasm",0,6332,false]
["P60842_P78344","P60842_Q04637","Janes_et_al","P60842; P78344","P60842; Q04637","P60842","EIF4A1","P78344","EIF4G2","Q04637","EIF4G1","huMAP3_11246.1; huMAP3_13175.1","mutually_exclusive",1.18,38,417,393,74.49,70.91,27867.63,0.64,0.57,86.5575308641975,82.04,null,"KOG0401","KOG0401","yes","Low tissue specificity","Tissue enhanced",0.484868784642386,"Cytosol","Cytosol",1,6341,false]
["P41208_Q01831","Q01831_Q08945","Janes_et_al","P41208; Q01831","Q01831; Q08945","Q01831","XPC","P41208","CETN2","Q08945","SSRP1","huMAP3_14846.1","structurally_consistent",8.43,0,0,0,null,null,0,0.38,0.27,86.9408888888888,81.0566666666666,null,"KOG0028","KOG0526","no","Tissue enhanced","Low tissue specificity",-0.19464477990019,"Centrosome","Cytosol",0,6343,false]
["Q7L2H7_Q9UBQ5","B5ME19_Q7L2H7","Janes_et_al","Q7L2H7; Q9UBQ5","B5ME19; Q7L2H7","Q7L2H7","EIF3M","Q9UBQ5","EIF3K","B5ME19","EIF3CL","huMAP3_11246.1; huMAP3_01276.1; huMAP3_13175.1","structurally_consistent",0.72,0,0,0,null,null,0,0.42,0.4,81.6925,90.9732,null,"KOG3252","KOG1076","no","Low tissue specificity","Low tissue specificity",0.615839819404757,"Cytosol","Cytosol",1,6350,false]
["P52434_Q9BWH6","O14802_P52434","Janes_et_al","P52434; Q9BWH6","O14802; P52434","P52434","POLR2H","Q9BWH6","RPAP1","O14802","POLR3A","huMAP3_09057.1; huMAP3_14318.1; huMAP3_08487.1; huMAP3_11092.1; huMAP3_06426.1","mutually_exclusive",0.25,17,114,182,45.17,88.88,5149.38,0.34,0.7,83.6791304347826,91.4330851063829,0.098,"KOG1894; KOG4732","KOG0261","no","Low tissue specificity","Low tissue specificity",0.419012076125701,"Nucleoplasm","Nucleoplasm",1,6359,false]
["P27348_Q6UUV9","P27348_Q5SQI0","Janes_et_al","P27348; Q6UUV9","P27348; Q5SQI0","P27348","YWHAQ","Q6UUV9","CRTC1","Q5SQI0","ATAT1","huMAP3_12897.1","mutually_exclusive",0.21,29,95,137,39.92,60.93,3792.4,0.41,0.42,83.25375,75.5815384615384,0.16,"ENOG502QU41","KOG4601","no","Tissue enhanced","Tissue enhanced",0.699692303788802,"Nucleoplasm; Nuclear bodies","Cytosol",0,6366,false]
["O00505_P62826","O14715_P62826","Janes_et_al","O00505; P62826","O14715; P62826","P62826","RAN","O00505","KPNA3","O14715","RGPD8","huMAP3_08641.1; huMAP3_10000.1; huMAP3_12581.1","mutually_exclusive",0.96,15,368,295,82.09,74.57,21998.15,0.39,0.51,77.475,84.6437837837837,null,"KOG0166","KOG0864","no","Tissue enhanced","Tissue enhanced",0.0431665307025475,"Nucleoplasm; Cytosol","Nuclear membrane; Vesicles",0,6376,false]
["P62879_Q14344","P62879_P63096","Janes_et_al","P62879; Q14344","P62879; P63096","P62879","GNB2","Q14344","GNA13","P63096","GNAI1","huMAP3_11173.1; huMAP3_12729.1; huMAP3_10824.1","mutually_exclusive",0.28,27,316,300,84.88,89.92,26822.08,0.68,0.57,89.6553448275862,85.5833333333333,0.724,"KOG0082","KOG0082","yes","Tissue enhanced","Tissue enhanced",-0.211970900782358,"Cytosol","Centrosome",0,6385,false]
["O75394_Q8TAE8","Q8TAE8_Q9NYK5","Janes_et_al","O75394; Q8TAE8","Q8TAE8; Q9NYK5","Q8TAE8","GADD45GIP1","O75394","MRPL33","Q9NYK5","MRPL39","huMAP3_07939.1; huMAP3_06550.1; huMAP3_08458.1; huMAP3_06439.1; huMAP3_06589.1; huMAP3_09113.1; huMAP3_09483.1","structurally_consistent",4.09,0,0,0,null,null,0,0.35,0.31,94.2833333333333,87.5133333333333,0.99,"KOG3505","KOG1637","no","Low tissue specificity","Low tissue specificity",0.540475838560319,null,"Mitochondria",null,6389,false]
["Q8NFY9_Q96CT2","Q8NFY9_Q9H2C0","Janes_et_al","Q8NFY9; Q96CT2","Q8NFY9; Q9H2C0","Q8NFY9","KBTBD8","Q96CT2","KLHL29","Q9H2C0","GAN","huMAP3_11253.1","mutually_exclusive",0.71,38,425,447,85.24,85.21,38088.87,0.61,0.67,89.4876,90.7145977011494,0.072,"KOG1721; KOG4441","KOG4441","yes","Low tissue specificity","Tissue enriched",0.158487626010723,"Mitochondria","Microtubules",0,6401,false]
["P16520_P62873","P16520_P63218","Janes_et_al","P16520; P62873","P16520; P63218","P16520","GNB3","P62873","GNB1","P63218","GNG5","huMAP3_11173.1; huMAP3_10824.1; huMAP3_13105.1; huMAP3_12729.1; huMAP3_13380.1","structurally_consistent",0.4,0,0,0,null,null,0,0.36,0.72,91.9553846153846,96.8743119266055,null,"KOG0286","KOG4119","no","Tissue enriched","Low tissue specificity",-0.298053368301383,"Plasma membrane",null,null,6409,false]
["P07478_P35030","P07478_P12319","Janes_et_al","P07478; P35030","P07478; P12319","P07478","PRSS2","P35030","PRSS3","P12319","FCER1A","huMAP3_03360.1; huMAP3_15339.1; huMAP3_11895.1","mutually_exclusive",0.12,21,185,152,85,85.93,15725,0.42,0.41,78.283,77.246,null,"KOG3627","ENOG502RTXR","no","Tissue enriched","Tissue enhanced",-0.0994539617482505,"Vesicles",null,null,6410,false]
["P28749_P30281","O94921_P30281","Janes_et_al","P28749; P30281","O94921; P30281","P30281","CCND3","P28749","RBL1","O94921","CDK14","huMAP3_14722.1","mutually_exclusive",0.47,21,89,83,57.86,46.57,3865.31,0.57,0.63,85.9891489361702,86.5007936507936,0.092,"KOG1010","KOG0594","no","Tissue enhanced","Low tissue specificity",-0.177323207901916,"Nucleoplasm","Nucleoplasm; Cytosol",0.5,6418,false]
["O60825_P27348","P27348_Q7Z309","Janes_et_al","O60825; P27348","P27348; Q7Z309","P27348","YWHAQ","O60825","PFKFB2","Q7Z309","PABIR2","huMAP3_09810.1","mutually_exclusive",0.17,32,96,74,67.89,28.54,2111.96,0.48,0.47,80.0256249999999,91.8406666666666,0.076,"KOG0234","ENOG502QTCH","no","Tissue enhanced","Low tissue specificity",-0.346545702872411,"Nucleoplasm","Nucleoplasm",1,6427,false]
["P35232_Q99623","Q99623_Q9UJZ1","Janes_et_al","P35232; Q99623","Q99623; Q9UJZ1","Q99623","PHB2","P35232","PHB1","Q9UJZ1","STOML2","huMAP3_10725.1","mutually_exclusive",4.22,20,139,143,90.06,78.58,11236.94,0.72,0.41,87.6730769230769,80.2175757575757,null,"KOG3083","KOG2620","no","Low tissue specificity","Low tissue specificity",0.70512643823463,"Mitochondria","Plasma membrane; Cytosol",0,6433,false]
["O00622_Q9UHI8","Q9H871_Q9UHI8","Janes_et_al","O00622; Q9UHI8","Q9H871; Q9UHI8","Q9UHI8","ADAMTS1","O00622","CCN1","Q9H871","RMND5A","huMAP3_10711.1","mutually_exclusive",7.27,23,64,70,77.04,85.4,4930.56,0.57,0.5,84.1732394366197,83.9805128205128,0.052,"ENOG502QQQQ","KOG2817","no","Low tissue specificity","Low tissue specificity",-0.0469983312972803,null,"Nucleoplasm",null,6444,false]
["P63208_Q9H4M3","P63208_Q6PIJ6","Janes_et_al","P63208; Q9H4M3","P63208; Q6PIJ6","P63208","SKP1","Q9H4M3","FBXO44","Q6PIJ6","FBXO38","huMAP3_09623.1; huMAP3_14622.1","mutually_exclusive",0.43,37,237,263,93.12,94.66,22069.44,0.68,0.66,94.9882432432432,90.518028169014,null,"ENOG502RZA6","ENOG502QSUC","no","Tissue enhanced","Low tissue specificity",-0.441818836170859,"Nucleoplasm","Nucleoplasm; Plasma membrane",0.5,6453,false]
["P27449_Q8N511","P27449_Q9Y487","Janes_et_al","P27449; Q8N511","P27449; Q9Y487","P27449","ATP6V0C","Q8N511","TMEM199","Q9Y487","ATP6V0A2","huMAP3_05805.1; huMAP3_09565.1; huMAP3_10516.1; huMAP3_08182.1; huMAP3_12042.1; huMAP3_10511.1","mutually_exclusive",0.29,10,103,153,77.59,84.97,7991.77,0.33,0.5,82.6168,80.0643181818181,0.102,"ENOG502RXKD","KOG2189","no","Low tissue specificity","Low tissue specificity",0.203271762100048,null,"Plasma membrane",null,6460,false]
["P52434_P63272","O14802_P52434","Janes_et_al","P52434; P63272","O14802; P52434","P52434","POLR2H","P63272","SUPT4H1","O14802","POLR3A","huMAP3_11092.1; huMAP3_14318.1","mutually_exclusive",0.32,21,60,55,85.83,94.82,5149.8,0.44,0.7,88.7883870967742,91.4330851063829,0.172,"KOG3490","KOG0261","no","Low tissue specificity","Low tissue specificity",-0.160462482417593,"Nucleoplasm","Nucleoplasm",1,6470,false]
["Q16531_Q8TEB1","Q16531_Q8WV16","Janes_et_al","Q16531; Q8TEB1","Q16531; Q8WV16","Q16531","DDB1","Q8TEB1","DCAF11","Q8WV16","DCAF4","huMAP3_14528.1; huMAP3_09779.1","mutually_exclusive",0.26,47,414,374,88.93,83.65,31285.1,0.72,0.71,89.9444859813084,87.8364150943396,null,"KOG0266","KOG2695","no","Low tissue specificity","Low tissue specificity",0.29502245620179,"Nucleoplasm","Nucleoplasm",1,6471,false]
["P62136_Q9UPR0","P62136_Q9H788","Janes_et_al","P62136; Q9UPR0","P62136; Q9H788","P62136","PPP1CA","Q9UPR0","PLCL2","Q9H788","SH2D4A","huMAP3_09633.1; huMAP3_00020.1; huMAP3_14504.1; huMAP3_10148.1; huMAP3_06341.1; huMAP3_08482.1","mutually_exclusive",0.16,19,64,59,64.19,54.77,3231.43,0.5,0.66,85.0833333333333,87.8466666666666,0.104,"KOG0169","ENOG502QVV5","no","Tissue enhanced","Low tissue specificity",-0.258656282189796,null,"Cytosol",null,6483,false]
["Q9H9Y4_Q9HCN4","Q9HCN4_Q9UHW5","Janes_et_al","Q9H9Y4; Q9HCN4","Q9HCN4; Q9UHW5","Q9HCN4","GPN1","Q9H9Y4","GPN2","Q9UHW5","GPN3","huMAP3_09057.1; huMAP3_14318.1; huMAP3_08487.1; huMAP3_11092.1; huMAP3_06426.1","mutually_exclusive",0.83,37,277,259,80.8,86.26,22381.6,0.63,0.69,80.6796341463414,86.8630526315789,0.118,"KOG1533","KOG1534","no","Low tissue specificity","Low tissue specificity",0.272414038227263,null,"Nuclear speckles",null,6488,false]
["O00422_P84103","O00422_Q9UBC1","Janes_et_al","O00422; P84103","O00422; Q9UBC1","O00422","SAP18","P84103","SRSF3","Q9UBC1","NFKBIL1","huMAP3_09621.1","mutually_exclusive",0.18,17,102,139,77.86,78.87,7941.72,0.5,0.33,92.8368,81.5985714285714,0.12,"KOG0107","ENOG502QTMZ","no","Low tissue specificity","Low tissue specificity",-0.238871497297988,"Nucleoplasm","Nucleoplasm",1,6497,false]
["P15313_P36543","P36543_Q96LB4","Janes_et_al","P15313; P36543","P36543; Q96LB4","P36543","ATP6V1E1","P15313","ATP6V1B1","Q96LB4","ATP6V1G3","huMAP3_07329.1; huMAP3_08381.1; huMAP3_07099.1; huMAP3_09873.1; huMAP3_08678.1; huMAP3_13872.1; huMAP3_09242.1; huMAP3_12042.1; huMAP3_09477.1; huMAP3_10511.1","mutually_exclusive",1.89,25,2,3,63.77,64.03,127.54,0.69,0.72,89.9526136363636,93.0199180327868,null,"KOG1351","KOG1772","no","Group enriched","Tissue enriched",0.651168158550754,"Nucleoplasm; Nuclear membrane",null,null,6506,false]
["P51825_Q8N3E9","Q8N3E9_Q8TBX8","Janes_et_al","P51825; Q8N3E9","Q8N3E9; Q8TBX8","Q8N3E9","PLCD3","P51825","AFF1","Q8TBX8","PIP4K2C","huMAP3_12350.1","mutually_exclusive",0.36,13,295,299,68.02,76.42,20065.9,0.41,0.48,83.2853846153846,83.346923076923,0.066,"ENOG502QVDA","KOG0229","no","Low tissue specificity","Low tissue specificity",-0.054661823473217,"Nucleoplasm; Mitochondria","Cytosol",0,6514,false]
["P01903_P04440","O94923_P01903","Janes_et_al","P01903; P04440","O94923; P01903","P01903","HLA-DRA","P04440","HLA-DPB1","O94923","GLCE","huMAP3_09938.1","mutually_exclusive",1.95,29,91,104,93.34,88.43,9196.72,0.72,0.58,94.0112883435582,86.5316666666666,0.162,"ENOG502RYNI","KOG3760","no","Tissue enhanced","Tissue enhanced",-0.0555886316743027,"Cell Junctions","Mitochondria",0,6520,false]
["Q9UBQ5_Q9Y262","Q14240_Q9UBQ5","Janes_et_al","Q9UBQ5; Q9Y262","Q14240; Q9UBQ5","Q9UBQ5","EIF3K","Q9Y262","EIF3L","Q14240","EIF4A2","huMAP3_11246.1; huMAP3_13175.1","mutually_exclusive",0.36,24,373,360,91.68,79.17,28501.2,0.72,0.38,94.1781,74.9146153846153,0.098,"KOG3677","KOG0327","no","Low tissue specificity","Low tissue specificity",0.244594149425585,"Nucleoli","Cytosol",0,6531,false]
["P54578_Q13200","O14818_P54578","Janes_et_al","P54578; Q13200","O14818; P54578","P54578","USP14","Q13200","PSMD2","O14818","PSMA7","huMAP3_13725.1","structurally_consistent",0.35,0,0,0,null,null,0,0.65,0.36,89.4353731343283,78.9110526315789,0.862,"KOG2005","KOG0183","no","Tissue enhanced","Tissue enhanced",0.909905212569531,{"$nulls":3},6532,false]
["P05198_P41091","O75794_P41091","Janes_et_al","P05198; P41091","O75794; P41091","P41091","EIF2S3","P05198","EIF2S1","O75794","CDC123","huMAP3_08129.1","mutually_exclusive",2.12,19,51,75,72.73,91.3,3709.23,0.53,0.7,92.2398113207547,87.6113888888888,0.128,"KOG2916","KOG2983","no","Low tissue specificity","Low tissue specificity",0.585577494454121,"Cytosol","Nucleoplasm; Golgi apparatus",0,6542,false]
["O15514_P62487","P62487_Q96P16","Janes_et_al","O15514; P62487","P62487; Q96P16","P62487","POLR2G","O15514","POLR2D","Q96P16","RPRD1A","huMAP3_04499.1; huMAP3_07749.1; huMAP3_14318.1; huMAP3_07454.1; huMAP3_11092.1; huMAP3_09843.1","mutually_exclusive",0.47,14,18,13,95.53,37.77,491.01,0.71,0.27,97.5741975308642,77.66,null,"KOG2351","KOG2669","no","Tissue enhanced","Low tissue specificity",-0.117902557490819,"Nucleoplasm; Nuclear speckles","Nucleoplasm; Golgi apparatus",0.333333333333333,6548,false]
["Q9UN73_Q9Y5H6","Q9Y5H6_Q9Y5I0","Janes_et_al","Q9UN73; Q9Y5H6","Q9Y5H6; Q9Y5I0","Q9Y5H6","PCDHA8","Q9UN73","PCDHA6","Q9Y5I0","PCDHA13","huMAP3_06872.1; huMAP3_10321.1; huMAP3_14604.1","mutually_exclusive",0.6,45,709,722,80.57,78.68,56806.96,0.7,0.7,85.8430097087378,86.0923157894736,null,"KOG3594","KOG3594","yes","Tissue enhanced","Tissue enhanced",0.762312686008172,"Vesicles",null,null,6557,false]
["P67775_Q9UL03","P67775_Q14140","Janes_et_al","P67775; Q9UL03","P67775; Q14140","P67775","PPP2CA","Q9UL03","INTS6","Q14140","SERTAD2","huMAP3_13510.1","mutually_exclusive",0.2,15,188,126,78.28,46.22,5823.72,0.36,0.41,76.32,85.6688888888888,null,"KOG3768","ENOG502QUG8","no","Low tissue specificity","Tissue enhanced",0.134022600084039,"Nucleoplasm","Nucleoplasm",1,6565,false]
["P48506_Q6IPR3","Q6IPR3_Q8N3F0","Janes_et_al","P48506; Q6IPR3","Q6IPR3; Q8N3F0","Q6IPR3","TYW3","P48506","GCLC","Q8N3F0","MTURN","huMAP3_11687.1","structurally_consistent",0.84,0,0,0,null,null,0,0.47,0.27,82.3945454545454,78.938,0.042,"KOG3754","ENOG502RXQA","no","Tissue enhanced","Tissue enriched",-0.170044800045061,"Nucleoplasm","Cytosol",0,6574,false]
["P17568_Q8N183","O15239_P17568","Janes_et_al","P17568; Q8N183","O15239; P17568","P17568","NDUFB7","Q8N183","NDUFAF2","O15239","NDUFA1","huMAP3_09567.1; huMAP3_14878.1","structurally_consistent",1.61,0,0,0,null,null,0,0.35,0.39,88.6404761904761,81.716,0.112,"ENOG502S21I","ENOG502S3S5","no","Low tissue specificity","Low tissue specificity",0.482074494881448,"Mitochondria","Cytosol",0,6583,false]
["O15550_P61964","P61964_Q8IYH5","Janes_et_al","O15550; P61964","P61964; Q8IYH5","P61964","WDR5","O15550","KDM6A","Q8IYH5","ZZZ3","huMAP3_09422.1; huMAP3_08776.1; huMAP3_10027.1","mutually_exclusive",0.31,10,421,341,75.97,55.46,18911.86,0.52,0.52,88.4648,82.291304347826,0.236,"KOG1124; KOG1246","ENOG502QS4F","no","Low tissue specificity","Low tissue specificity",0.297146478265815,"Nucleoli; Nucleoli rim","Nucleoplasm; Nucleoli; Nucleoli rim",0.666666666666666,6588,false]
["Q8TAV3_Q9UNE7","Q8TAV3_Q99933","Janes_et_al","Q8TAV3; Q9UNE7","Q8TAV3; Q99933","Q8TAV3","CYP2W1","Q9UNE7","STUB1","Q99933","BAG1","huMAP3_14723.1","structurally_consistent",0.67,0,0,0,null,null,0,0.28,0.36,89.0099999999999,73.705,0.162,"KOG4642","ENOG502RN5W","no","Low tissue specificity","Low tissue specificity",0.702911166361495,"Nucleoplasm; Cytosol","Nucleoplasm",0.5,6592,false]
["P09661_P62310","P09661_Q9UHI6","Janes_et_al","P09661; P62310","P09661; Q9UHI6","P09661","SNRPA1","P62310","LSM3","Q9UHI6","DDX20","huMAP3_08980.1; huMAP3_06511.1","mutually_exclusive",0.86,12,100,170,71.07,82.53,7106.99999999999,0.34,0.29,81.5384615384615,76.7566666666666,0.102,"KOG3460","KOG4284","no","Low tissue specificity","Tissue enriched",0.0640033631469816,"Nucleoli","Nuclear bodies",0,6600,false]
["Q8NBB4_Q96JS3","Q96JS3_Q9BRR0","Janes_et_al","Q8NBB4; Q96JS3","Q96JS3; Q9BRR0","Q96JS3","PGBD1","Q8NBB4","ZSCAN1","Q9BRR0","ZKSCAN3","huMAP3_14807.1; huMAP3_10438.1","mutually_exclusive",5.17,19,128,111,63.15,66.13,8083.2,0.46,0.66,87.2428,86.2407843137255,null,"KOG1721","KOG1721","yes","Tissue enhanced","Low tissue specificity",-0.293758671599298,"Nucleoli","Nucleoplasm",0,6609,false]
["P38919_P62995","P38919_Q9BY77","Janes_et_al","P38919; P62995","P38919; Q9BY77","P38919","EIF4A3","P62995","TRA2B","Q9BY77","POLDIP3","huMAP3_09943.1","mutually_exclusive",0.25,11,47,26,74.13,22.82,593.32,0.41,0.35,77.2642105263158,84.5758823529411,0.426,"KOG0118","KOG0533","no","Low tissue specificity","Low tissue specificity",0.142668303679916,"Nucleoplasm","Nuclear speckles",0,6616,false]
["O95169_P03891","O95169_P17568","Janes_et_al","O95169; P03891","O95169; P17568","O95169","NDUFB8","P03891","MT-ND2","P17568","NDUFB7","huMAP3_09982.1; huMAP3_09567.1; huMAP3_14878.1; huMAP3_06397.1; huMAP3_14018.1; huMAP3_02819.1","structurally_consistent",1.93,0,0,0,null,null,0,0.32,0.61,79.2113636363636,92.0786440677966,0.932,"KOG4668","KOG3468","no","Tissue enhanced","Low tissue specificity",0.763165215959348,{"$nulls":3},6625,false]
["P63208_Q9UK97","P63208_Q96IG2","Janes_et_al","P63208; Q9UK97","P63208; Q96IG2","P63208","SKP1","Q9UK97","FBXO9","Q96IG2","FBXL20","huMAP3_14622.1","mutually_exclusive",0.47,38,211,213,87.42,91.48,18445.62,0.69,0.66,94.9205102040816,93.0701298701298,0.058,"KOG2997","KOG4341","no","Low tissue specificity","Low tissue specificity",0.22879957962218,"Centrosome","Microtubules",0,6632,false]
["O75096_P30533","O75096_P55107","Janes_et_al","O75096; P30533","O75096; P55107","O75096","LRP4","P30533","LRPAP1","P55107","GDF10","huMAP3_10712.1","mutually_exclusive",1.8,16,230,232,59.97,55.46,12866.72,0.55,0.34,79.234,79.9021739130434,null,"KOG3956","KOG3900","no","Low tissue specificity","Tissue enhanced",0.156550121903844,"Endoplasmic reticulum","Vesicles",0,6642,false]
["Q96EF0_Q96QG7","Q96QG7_Q9Y216","Janes_et_al","Q96EF0; Q96QG7","Q96QG7; Q9Y216","Q96QG7","MTMR9","Q96EF0","MTMR8","Q9Y216","MTMR7","huMAP3_10161.1; huMAP3_11523.1","mutually_exclusive",0.1,45,548,552,93.98,93.49,51606.48,0.72,0.72,93.2439814814814,93.0322881355932,null,"KOG1089","KOG1089","yes","Low tissue specificity","Tissue enhanced",-0.232414792829499,null,"Nucleoplasm; Cytosol",null,6650,false]
["Q13547_Q96PN7","Q13547_Q92769","Janes_et_al","Q13547; Q96PN7","Q13547; Q92769","Q13547","HDAC1","Q96PN7","TRERF1","Q92769","HDAC2","huMAP3_01287.1; huMAP3_09031.1; huMAP3_15128.1; huMAP3_08800.1; huMAP3_10311.1","mutually_exclusive",1.26,16,185,264,59.19,83.53,10950.15,0.66,0.57,91.4705633802816,88.5196774193548,null,"KOG4167","KOG1342","no","Low tissue specificity","Low tissue specificity",0.521512920542348,"Nucleoplasm","Nucleoplasm",1,6651,false]
["O94885_P27348","P27348_Q12778","Janes_et_al","O94885; P27348","P27348; Q12778","P27348","YWHAQ","O94885","SASH1","Q12778","FOXO1","huMAP3_10808.1; huMAP3_12897.1; huMAP3_09810.1; huMAP3_07838.1","mutually_exclusive",0.51,18,221,208,68.12,27.76,5774.08,0.39,0.35,88.7185714285714,86.0835714285714,0.202,"KOG4384","KOG2294","no","Low tissue specificity","Tissue enhanced",0.126523383087056,"Nucleoplasm; Cytosol","Nucleoplasm; Cytosol",1,6659,false]
["P00338_P07864","P00338_P07195","Janes_et_al","P00338; P07864","P00338; P07195","P00338","LDHA","P07864","LDHC","P07195","LDHB","huMAP3_09010.1; huMAP3_12061.1; huMAP3_14812.1","mutually_exclusive",0.25,54,332,334,94.15,92.72,30968.48,0.73,0.73,95.328,93.6904545454545,null,"KOG1495","KOG1495","yes","Tissue enriched","Tissue enhanced",-0.124980056370193,null,"Cytosol",null,6667,false]
["Q969G2_Q96A47","P61968_Q96A47","Janes_et_al","Q969G2; Q96A47","P61968; Q96A47","Q96A47","ISL2","Q969G2","LHX4","P61968","LMO4","huMAP3_09723.1; huMAP3_02691.1; huMAP3_13541.1","structurally_consistent",9.06,0,0,0,null,null,0,0.57,0.27,86.624776119403,76.5707692307692,null,"KOG4577","KOG0490","no","Tissue enriched","Tissue enhanced",-0.0856528321807316,"Nuclear speckles","Nucleoplasm",0,6673,false]
["O60825_P27348","P27348_Q7Z401","Janes_et_al","O60825; P27348","P27348; Q7Z401","P27348","YWHAQ","O60825","PFKFB2","Q7Z401","DENND4A","huMAP3_12897.1; huMAP3_06971.1; huMAP3_07596.1; huMAP3_10808.1; huMAP3_09810.1; huMAP3_07838.1","mutually_exclusive",0.36,11,383,404,83.41,77.29,31225.16,0.48,0.37,80.0256249999999,84.6616666666666,0.028,"KOG0234","KOG2127","no","Tissue enhanced","Tissue enhanced",0.515246309448586,"Nucleoplasm","Nucleoli rim",0,6684,false]
["P27348_Q8IX15","P27348_Q12778","Janes_et_al","P27348; Q8IX15","P27348; Q12778","P27348","YWHAQ","Q8IX15","HOMEZ","Q12778","FOXO1","huMAP3_10808.1; huMAP3_12897.1","mutually_exclusive",0.13,66,195,166,41.95,35.56,5902.96,0.28,0.35,81.4433333333333,86.0835714285714,0.114,"KOG3986","KOG2294","no","Low tissue specificity","Tissue enhanced",-0.0739290765898897,"Nucleoli","Nucleoplasm; Cytosol",0,6690,false]
["Q12829_Q15369","O14543_Q15369","Janes_et_al","Q12829; Q15369","O14543; Q15369","Q15369","ELOC","Q12829","RAB40B","O14543","SOCS3","huMAP3_08919.1; huMAP3_05894.1; huMAP3_09980.1","mutually_exclusive",0.28,19,160,162,84.28,90.15,13484.8,0.44,0.62,92.0680555555555,95.1844186046511,null,"KOG0078","KOG4566","no","Tissue enhanced","Tissue enhanced",-0.249556409014856,"Vesicles","Cytosol",0,6701,false]
["P18074_Q13888","P18074_P51946","Janes_et_al","P18074; Q13888","P18074; P51946","P18074","ERCC2","Q13888","GTF2H2","P51946","CCNH","huMAP3_05174.1; huMAP3_12429.1; huMAP3_09908.1","structurally_consistent",0.9,0,2,1,91.5,27,27,0.63,0.26,92.27,82.6999999999999,0.304,"KOG2807","KOG2496","no","Low tissue specificity","Low tissue specificity",0.147127856899752,"Nuclear speckles","Nucleoplasm",0,6710,false]
["O43684_O60566","O43684_Q8NHZ8","Janes_et_al","O43684; O60566","O43684; Q8NHZ8","O43684","BUB3","O60566","BUB1B","Q8NHZ8","CDC26","huMAP3_12747.1","mutually_exclusive",0.18,33,30,29,70.33,56.34,1633.86,0.65,0.51,92.4917142857142,85.5724999999999,0.158,"KOG1166","ENOG502S5GK","no","Tissue enhanced","Low tissue specificity",0.105845320302902,"Cytosol","Nucleoplasm",0,6717,false]
["P30533_Q14114","P30533_P98155","Janes_et_al","P30533; Q14114","P30533; P98155","P30533","LRPAP1","Q14114","LRP8","P98155","VLDLR","huMAP3_02751.1; huMAP3_10228.1; huMAP3_10712.1; huMAP3_05672.1","mutually_exclusive",2.55,16,152,158,71.85,73.7,10921.2,0.47,0.44,81.0385106382978,80.2464814814814,0.082,"KOG1215","KOG1215","yes","Tissue enhanced","Tissue enhanced",-0.0993697746514473,null,"Vesicles",null,6719,false]
["Q66LE6_Q9UHV2","Q00005_Q66LE6","Janes_et_al","Q66LE6; Q9UHV2","Q00005; Q66LE6","Q66LE6","PPP2R2D","Q9UHV2","SERTAD1","Q00005","PPP2R2B","huMAP3_02984.1; huMAP3_06552.1; huMAP3_13510.1; huMAP3_10333.1","mutually_exclusive",0.11,13,40,59,52.31,94.31,2092.4,0.6,0.52,92.9615384615384,89.2566666666666,null,"ENOG502S52T","KOG1354","no","Low tissue specificity","Tissue enhanced",-0.274431053371926,"Golgi apparatus","Cytosol",0,6728,false]
["P01591_Q6B0K9","Q6B0K9_Q96DA0","Janes_et_al","P01591; Q6B0K9","Q6B0K9; Q96DA0","Q6B0K9","HBM","P01591","JCHAIN","Q96DA0","ZG16B","huMAP3_11343.1; huMAP3_13577.1","structurally_consistent",0.38,0,0,0,null,null,0,0.29,0.52,82.6290909090909,95.426923076923,null,"ENOG502RZF4","ENOG502SWMW","no","Tissue enhanced","Tissue enriched",0.114821784082374,null,"Vesicles",null,6740,false]
["Q86W42_Q96J01","Q05519_Q96J01","Janes_et_al","Q86W42; Q96J01","Q05519; Q96J01","Q96J01","THOC3","Q86W42","THOC6","Q05519","SRSF11","huMAP3_09943.1","mutually_exclusive",0.11,17,110,97,88.43,78.21,7586.36999999999,0.64,0.49,83.14,84.561304347826,null,"KOG0649","KOG4676","no","Low tissue specificity","Low tissue specificity",0.396969184461198,"Nucleoplasm; Nuclear speckles","Nuclear speckles",0.5,6745,false]
["P63208_Q9UKC9","P63208_Q5XUX1","Janes_et_al","P63208; Q9UKC9","P63208; Q5XUX1","P63208","SKP1","Q9UKC9","FBXL2","Q5XUX1","FBXW9","huMAP3_14622.1","mutually_exclusive",0.22,40,227,233,94.29,91.38,21291.54,0.64,0.65,91.7105479452054,92.620625,null,"KOG4341","KOG0274","no","Tissue enhanced","Low tissue specificity",0.380358479968174,"Plasma membrane","Cytosol",0,6754,false]
["P41227_Q6N069","Q6N069_Q9GZZ1","Janes_et_al","P41227; Q6N069","Q6N069; Q9GZZ1","Q6N069","NAA16","P41227","NAA10","Q9GZZ1","NAA50","huMAP3_10987.1; huMAP3_13394.1","mutually_exclusive",0.68,22,136,125,95.62,92.8,11600,0.73,0.69,95.9823728813559,93.2426530612244,0.954,"KOG3235","KOG3138","no","Low tissue specificity","Tissue enhanced",0.596619700535976,"Cytosol","Nucleoli",0,6763,false]
["P09661_Q96DI7","P09661_Q9BWU0","Janes_et_al","P09661; Q96DI7","P09661; Q9BWU0","P09661","SNRPA1","Q96DI7","SNRNP40","Q9BWU0","SLC4A1AP","huMAP3_08980.1","mutually_exclusive",9.49,13,75,65,82.76,87.97,6207,0.47,0.5,83.47,91.4072727272727,0.144,"KOG0265","KOG1881","no","Low tissue specificity","Low tissue specificity",-0.0898531668574486,"Nuclear speckles","Nucleoplasm",0,6771,false]
["P27449_Q9Y2Q5","P27449_Q15904","Janes_et_al","P27449; Q9Y2Q5","P27449; Q15904","P27449","ATP6V0C","Q9Y2Q5","LAMTOR2","Q15904","ATP6AP1","huMAP3_12042.1","structurally_consistent",0.23,0,0,0,null,null,0,0.33,0.48,80.7494117647058,91.8029729729729,0.138,"KOG4107","KOG3868","no","Low tissue specificity","Low tissue specificity",0.304925943957745,"Nucleoplasm; Vesicles",null,null,6772,false]
["O15239_P03905","P03905_Q9NX14","Janes_et_al","O15239; P03905","P03905; Q9NX14","P03905","MT-ND4","O15239","NDUFA1","Q9NX14","NDUFB11","huMAP3_09982.1; huMAP3_09567.1; huMAP3_14878.1; huMAP3_06397.1; huMAP3_14018.1","structurally_consistent",0.26,0,0,0,null,null,0,0.56,0.66,85.0069047619047,92.6148275862069,0.66,"ENOG502S3S5","KOG4808","no","Low tissue specificity","Tissue enhanced",0.831227615773785,"Cytosol","Mitochondria",0,6786,false]
["P63208_Q9UKC9","P63208_Q8NEZ5","Janes_et_al","P63208; Q9UKC9","P63208; Q8NEZ5","P63208","SKP1","Q9UKC9","FBXL2","Q8NEZ5","FBXO22","huMAP3_14622.1","mutually_exclusive",0.63,39,282,302,94.4,88.82,26823.64,0.64,0.66,91.7105479452054,92.91,null,"KOG4341","ENOG502QSZ2","no","Tissue enhanced","Low tissue specificity",0.0988856082309572,"Plasma membrane",null,null,6789,false]
["P67775_Q9BTL4","P67775_Q16537","Janes_et_al","P67775; Q9BTL4","P67775; Q16537","P67775","PPP2CA","Q9BTL4","IER2","Q16537","PPP2R5E","huMAP3_10333.1; huMAP3_13510.1; huMAP3_09709.1","mutually_exclusive",0.11,17,110,147,52.25,87.64,5747.5,0.42,0.54,90.1705555555555,92.4395999999999,null,"ENOG502S19F","KOG2085","no","Low tissue specificity","Low tissue specificity",-0.0096505514398696,"Nucleoplasm","Cytosol",0,6798,false]
["P30153_Q16537","P30153_Q969Q6","Janes_et_al","P30153; Q16537","P30153; Q969Q6","P30153","PPP2R1A","Q16537","PPP2R5E","Q969Q6","PPP2R3C","huMAP3_13510.1","mutually_exclusive",0.51,19,257,272,88.08,88.1,22636.56,0.66,0.59,86.3386666666666,80.9295555555555,0.104,"KOG2085","KOG2562","no","Low tissue specificity","Low tissue specificity",0.167354636504929,"Cytosol","Nucleoplasm",0,6809,false]
["P63208_Q8NHM5","O94952_P63208","Janes_et_al","P63208; Q8NHM5","O94952; P63208","P63208","SKP1","Q8NHM5","KDM2B","O94952","FBXO21","huMAP3_00161.1; huMAP3_05528.1; huMAP3_09623.1; huMAP3_14622.1","mutually_exclusive",0.28,34,246,264,85.26,90.73,20973.96,0.63,0.65,88.4222077922078,93.4120833333333,0.132,"KOG1633; KOG1947","ENOG502QS7Z","no","Low tissue specificity","Tissue enhanced",-0.223597854462698,"Nucleoplasm","Mitochondria",0,6815,false]
["P55199_Q8N3E9","Q6UX04_Q8N3E9","Janes_et_al","P55199; Q8N3E9","Q6UX04; Q8N3E9","Q8N3E9","PLCD3","P55199","ELL","Q6UX04","CWC27","huMAP3_12350.1","mutually_exclusive",0.34,14,289,290,73,67.93,19699.7,0.63,0.52,82.1088095238095,85.4644444444444,0.33,"KOG4796","KOG0415; KOG0885","no","Low tissue specificity","Low tissue specificity",0.204130549907426,"Nucleoplasm","Nucleoplasm",1,6824,false]
["Q14974_Q69YH5","Q14974_Q9BXS6","Janes_et_al","Q14974; Q69YH5","Q14974; Q9BXS6","Q14974","KPNB1","Q69YH5","CDCA2","Q9BXS6","NUSAP1","huMAP3_10000.1; huMAP3_12581.1; huMAP3_08641.1","mutually_exclusive",0.89,26,90,96,21.24,41.11,1911.6,0.63,0.71,89.7711627906976,89.673725490196,0.244,"ENOG502S079","ENOG502QVI7","no","Group enriched","Group enriched",0.59456815420549,"Nucleoplasm","Nucleoplasm; Nucleoli; Nucleoli fibrillar center",0.333333333333333,6832,false]
["Q9UGI9_Q9Y478","P54646_Q9Y478","Janes_et_al","Q9UGI9; Q9Y478","P54646; Q9Y478","Q9Y478","PRKAB1","Q9UGI9","PRKAG3","P54646","PRKAA2","huMAP3_01652.1; huMAP3_12203.1","mutually_exclusive",3.73,21,32,33,83.25,73.72,2432.76,0.64,0.72,94.0501851851852,91.1960326086956,null,"KOG1764","KOG0583","no","Tissue enriched","Tissue enhanced",0.633979825464623,null,"Nuclear speckles",null,6833,false]
["O43292_Q92643","O43292_P04216","Janes_et_al","O43292; Q92643","O43292; P04216","O43292","GPAA1","Q92643","PIGK","P04216","THY1","huMAP3_01184.1; huMAP3_10360.1","structurally_consistent",0.14,0,0,0,null,null,0,0.46,0.54,85.475,88.1276923076923,0.082,"KOG1349","ENOG502S18P","no","Low tissue specificity","Tissue enhanced",0.0134002536442815,null,"Nucleoplasm",null,6842,false]
["P04350_Q13885","Q13232_Q13885","Janes_et_al","P04350; Q13885","Q13232; Q13885","Q13885","TUBB2A","P04350","TUBB4A","Q13232","NME3","huMAP3_10665.1; huMAP3_05787.1","structurally_consistent",0.19,0,3,3,94,66,198,0.61,0.41,86.9179245283018,80.5735714285714,0.0986666666666667,"KOG1375","KOG0888","no","Tissue enriched","Low tissue specificity",0.517163114541967,"Microtubules","Nucleoplasm",0,6855,false]
["Q15029_Q9H5Z1","Q96AT1_Q9H5Z1","Janes_et_al","Q15029; Q9H5Z1","Q96AT1; Q9H5Z1","Q9H5Z1","DHX35","Q15029","EFTUD2","Q96AT1","KIAA1143","huMAP3_08501.1; huMAP3_09504.1; huMAP3_09945.1","structurally_consistent",0.56,0,0,0,null,null,0,0.34,0.48,83.0806666666666,85.35875,0.27,"KOG0468","ENOG502S2KJ","no","Low tissue specificity","Low tissue specificity",0.19580996219905,"Nucleoplasm","Nucleoplasm",1,6859,false]
["P57086_Q9NWS9","P49910_P57086","Janes_et_al","P57086; Q9NWS9","P49910; P57086","P57086","SCAND1","Q9NWS9","ZNF446","P49910","ZNF165","huMAP3_14807.1; huMAP3_10438.1","mutually_exclusive",0.6,24,88,97,78.38,85.59,6897.44,0.6,0.6,92.0172307692307,91.5959154929577,null,"KOG1721","KOG1721","yes","Low tissue specificity","Tissue enhanced",0.281538000269399,"Nuclear speckles","Nuclear speckles; Microtubules",0.5,6868,false]
["P49406_Q9NVS2","P49406_Q13595","Janes_et_al","P49406; Q9NVS2","P49406; Q13595","P49406","MRPL19","Q9NVS2","MRPS18A","Q13595","TRA2A","huMAP3_06589.1","mutually_exclusive",0.18,10,95,102,86.84,71.07,7249.13999999999,0.37,0.36,84.7446153846153,80.8646666666666,0.03,"KOG3162","KOG0118","no","Low tissue specificity","Low tissue specificity",-0.29117317933064,null,"Nucleoli",null,6875,false]
["P78406_Q8NFH5","O15504_P78406","Janes_et_al","P78406; Q8NFH5","O15504; P78406","P78406","RAE1","Q8NFH5","NUP35","O15504","NUP42","huMAP3_10000.1","mutually_exclusive",0.21,20,116,109,45.59,72.17,5288.44,0.32,0.71,75.72,96.4383333333333,0.252,"KOG4285","ENOG502R2TD","no","Low tissue specificity","Low tissue specificity",0.445431983808352,"Nucleoplasm; Nuclear membrane","Nucleoplasm",0.5,6885,false]
["P63208_Q96ME1","P63208_Q5XUX0","Janes_et_al","P63208; Q96ME1","P63208; Q5XUX0","P63208","SKP1","Q96ME1","FBXL18","Q5XUX0","FBXO31","huMAP3_00161.1; huMAP3_05528.1; huMAP3_09623.1; huMAP3_14622.1","mutually_exclusive",0.23,33,294,311,75.45,93.62,22182.3,0.66,0.67,92.2022058823529,95.1173684210526,null,"ENOG502QVW9","ENOG502QR2A","no","Low tissue specificity","Tissue enhanced",0.370631386149711,"Nucleoplasm","Nucleoplasm",1,6892,false]
["P28074_Q16401","P28066_Q16401","Janes_et_al","P28074; Q16401","P28066; Q16401","Q16401","PSMD5","P28074","PSMB5","P28066","PSMA5","huMAP3_09656.1; huMAP3_13725.1","mutually_exclusive",0.32,23,202,196,78.12,81.22,15780.24,0.56,0.53,87.2829629629629,91.47,0.672,"KOG0175","KOG0176","no","Low tissue specificity","Low tissue specificity",0.0259540640172159,"Nucleoplasm; Centrosome","Cytosol",0,6894,false]
["P63208_Q7Z6M2","P63208_Q96IG2","Janes_et_al","P63208; Q7Z6M2","P63208; Q96IG2","P63208","SKP1","Q7Z6M2","FBXO33","Q96IG2","FBXL20","huMAP3_14622.1","mutually_exclusive",0.33,29,249,228,89.71,93.36,22337.79,0.62,0.66,91.4127868852459,93.0701298701298,null,"ENOG502QPU4","KOG4341","no","Tissue enhanced","Low tissue specificity",0.397270417474353,"Nucleoplasm","Microtubules",0,6903,false]
["Q92696_Q96I34","Q6IQ22_Q92696","Janes_et_al","Q92696; Q96I34","Q6IQ22; Q92696","Q92696","RABGGTA","Q96I34","PPP1R16A","Q6IQ22",null,"huMAP3_11094.1; huMAP3_11860.1","structurally_consistent",0.46,0,0,0,null,null,0,0.54,0.27,84.356,77.1944444444444,0.096,"KOG0505","KOG0078; KOG0395","no","Low tissue specificity",null,null,"Plasma membrane",null,null,6912,false]
["P31151_Q86YZ3","P31151_Q9BQ50","Janes_et_al","P31151; Q86YZ3","P31151; Q9BQ50","P31151","S100A7","Q86YZ3","HRNR","Q9BQ50","TREX2","huMAP3_09929.1; huMAP3_09125.1","mutually_exclusive",0.59,16,11,20,66.64,79.4,733.04,0.26,0.24,78.4816216216216,77.28,null,"ENOG502QQH0","KOG4793","no","Not detected","Tissue enhanced",0.527720785276925,"Mitochondria",null,null,6920,false]
["Q16186_Q99460","P61289_Q99460","Janes_et_al","Q16186; Q99460","P61289; Q99460","Q99460","PSMD1","Q16186","ADRM1","P61289","PSME3","huMAP3_09656.1; huMAP3_13725.1","mutually_exclusive",0.53,11,83,103,42.4,83.15,3519.2,0.5,0.3,84.3902857142857,74.5725,0.308,"KOG3037","KOG4470","no","Tissue enhanced","Low tissue specificity",0.590569084452271,"Nucleoplasm; Plasma membrane; Cytosol","Nucleoplasm",0.333333333333333,6929,false]
["P60510_Q6IN85","Q6IN85_Q9NY27","Janes_et_al","P60510; Q6IN85","Q6IN85; Q9NY27","Q6IN85","PPP4R3A","P60510","PPP4C","Q9NY27","PPP4R2","huMAP3_11192.1; huMAP3_13486.1","mutually_exclusive",3.24,10,234,145,91.03,71.48,10364.6,0.7,0.34,88.994716981132,85.78375,0.268,"KOG0372","KOG3175","no","Low tissue specificity","Low tissue specificity",0.452530677540241,"Nucleoplasm","Nucleoplasm",1,6935,false]
["Q12829_Q15369","Q15369_Q15370","Janes_et_al","Q12829; Q15369","Q15369; Q15370","Q15369","ELOC","Q12829","RAB40B","Q15370","ELOB","huMAP3_08919.1; huMAP3_05894.1; huMAP3_09980.1; huMAP3_13601.1","mutually_exclusive",0.43,16,9,6,46.33,62.33,416.97,0.44,0.67,92.0680555555555,94.9450746268656,null,"KOG0078","KOG4495","no","Tissue enhanced","Low tissue specificity",0.597538320852385,"Vesicles",null,null,6946,false]
["Q09028_Q15022","Q09028_Q9H7L9","Janes_et_al","Q09028; Q15022","Q09028; Q9H7L9","Q09028","RBBP4","Q15022","SUZ12","Q9H7L9","SUDS3","huMAP3_13482.1; huMAP3_15128.1","mutually_exclusive",0.17,50,194,170,74.78,53.46,9088.2,0.71,0.4,91.4704069767442,78.1753333333333,0.128512820512821,"KOG2350","KOG4466","no","Low tissue specificity","Low tissue specificity",0.449936133676904,"Nucleoplasm; Nucleoli; Nucleoli rim; Nuclear bodies","Nuclear bodies; Cytosol",0.2,6955,false]
["P01562_P05015","P01562_P01568","Janes_et_al","P01562; P05015","P01562; P01568","P01562","IFNA1","P05015","IFNA16","P01568","IFNA21","huMAP3_11921.1; huMAP3_10459.1","mutually_exclusive",0.58,14,161,161,77.96,79.97,12551.56,0.29,0.32,80.8084210526315,84.0309999999999,null,"ENOG502SQAC","ENOG502SQAC","yes","Not detected","Not detected",{"$nulls":4},6958,false]
["P52434_P63272","P52434_Q9BWH6","Janes_et_al","P52434; P63272","P52434; Q9BWH6","P52434","POLR2H","P63272","SUPT4H1","Q9BWH6","RPAP1","huMAP3_11092.1; huMAP3_14318.1","mutually_exclusive",0.32,12,94,112,87.44,73.75,8260,0.44,0.34,88.7883870967742,83.6791304347826,0.036,"KOG3490","KOG1894; KOG4732","no","Low tissue specificity","Low tissue specificity",0.150994100639842,"Nucleoplasm","Nucleoplasm",1,6964,false]
["O60330_Q9Y5H5","O60330_Q9Y5G2","Janes_et_al","O60330; Q9Y5H5","O60330; Q9Y5G2","O60330","PCDHGA12","Q9Y5H5","PCDHA9","Q9Y5G2","PCDHGB2","huMAP3_12589.1; huMAP3_09591.1; huMAP3_10439.1; huMAP3_15067.1","mutually_exclusive",1.36,21,566,570,82.84,84.58,46887.44,0.65,0.69,78.5526923076923,80.1903846153846,null,"KOG3594","KOG3594","yes","Tissue enhanced","Low tissue specificity",0.240732831759188,null,"Vesicles; Plasma membrane; Cytosol",null,6973,false]
["P61326_P84103","P61326_Q9UKV3","Janes_et_al","P61326; P84103","P61326; Q9UKV3","P61326","MAGOH","P84103","SRSF3","Q9UKV3","ACIN1","huMAP3_09621.1","mutually_exclusive",0.21,11,47,43,55.13,36.56,1572.08,0.35,0.37,87.3666666666666,86.6647058823529,0.572,"KOG0107","KOG2416","no","Low tissue specificity","Low tissue specificity",0.476368003918385,"Nucleoplasm","Nucleoplasm",1,6981,false]
["O60783_Q9Y399","O60783_O95503","Janes_et_al","O60783; Q9Y399","O60783; O95503","O60783","MRPS14","Q9Y399","MRPS2","O95503","CBX6","huMAP3_05807.1","mutually_exclusive",1.19,11,73,44,92.21,75.39,3317.16,0.54,0.31,91.9664516129032,83.4276,0.244,"KOG0832","KOG2748","no","Low tissue specificity","Tissue enhanced",-0.0437551491148922,"Mitochondria","Nucleoplasm",0,6990,false]
["Q8IUR7_Q8IVV7","Q8IUR7_Q9HCB6","Janes_et_al","Q8IUR7; Q8IVV7","Q8IUR7; Q9HCB6","Q8IUR7","ARMC8","Q8IVV7","GID4","Q9HCB6","SPON1","huMAP3_08787.1; huMAP3_09818.1; huMAP3_12700.1; huMAP3_10711.1","mutually_exclusive",2.48,17,160,134,90.34,72.39,9700.26,0.72,0.5,94.0318279569892,76.845,0.06,"KOG4635","KOG3539","no","Tissue enhanced","Low tissue specificity",-0.19879049667213,"Cytosol",null,null,6999,false]
["O95298_Q8IUX1","O95298_Q9GZY4","Janes_et_al","O95298; Q8IUX1","O95298; Q9GZY4","O95298","NDUFC2","Q8IUX1","TMEM126B","Q9GZY4","COA1","huMAP3_14878.1; huMAP3_06397.1; huMAP3_09982.1; huMAP3_04643.1","mutually_exclusive",0.88,10,63,44,88.04,80,3520,0.26,0.31,85.4745454545454,81.6518749999999,0.254,"ENOG502SQEZ","ENOG502S561","no","Low tissue specificity","Low tissue specificity",0.04947312282346,"Mitochondria","Mitochondria",1,7004,false]
["Q6ZVX7_Q9NU19","P05109_Q9NU19","Janes_et_al","Q6ZVX7; Q9NU19","P05109; Q9NU19","Q9NU19","TBC1D22B","Q6ZVX7","NCCRP1","P05109","S100A8","huMAP3_09929.1","mutually_exclusive",2.91,14,115,81,85.11,81.73,6620.13,0.44,0.46,75.378,81.6461538461538,null,"KOG3248","ENOG502SA01","no","Tissue enhanced","Tissue enhanced",0.513831732875561,"Cytosol","Intermediate filaments",0,7016,false]
["O75832_P55036","O75832_Q9Y5K5","Janes_et_al","O75832; P55036","O75832; Q9Y5K5","O75832","PSMD10","P55036","PSMD4","Q9Y5K5","UCHL5","huMAP3_09656.1; huMAP3_05064.1; huMAP3_13725.1","mutually_exclusive",0.4,12,207,215,86.02,81.1,17436.5,0.64,0.31,89.4765789473684,75.83125,0.704,"KOG2884","KOG2778","no","Low tissue specificity","Low tissue specificity",0.26305473297229,"Nucleoplasm","Nucleoplasm; Cytosol",0.5,7017,false]
["Q86X83_Q9H0A8","Q567U6_Q9H0A8","Janes_et_al","Q86X83; Q9H0A8","Q567U6; Q9H0A8","Q9H0A8","COMMD4","Q86X83","COMMD2","Q567U6","CCDC93","huMAP3_07032.1; huMAP3_01290.1; huMAP3_14444.1","structurally_consistent",6.11,0,0,0,null,null,0,0.42,0.46,81.6901612903225,84.7591304347826,0.348,"ENOG502QU0W","KOG2701","no","Low tissue specificity","Low tissue specificity",-0.0509449651628303,"Vesicles","Vesicles",1,7027,false]
["Q9Y230_Q9Y265","Q8N257_Q9Y265","Janes_et_al","Q9Y230; Q9Y265","Q8N257; Q9Y265","Q9Y265","RUVBL1","Q9Y230","RUVBL2","Q8N257","H2BC26","huMAP3_14306.1; huMAP3_10481.1","structurally_consistent",2.92,0,10,6,59.57,42.4,254.4,0.69,0.25,83.4660194174757,87.6555555555555,0.45,"KOG2680","KOG1744","no","Low tissue specificity","Tissue enhanced",-0.0900409394180022,"Nucleoplasm; Cytosol","Nucleoplasm",0.5,7034,false]
["Q4U2R6_Q96CM3","Q96CM3_Q96EH3","Janes_et_al","Q4U2R6; Q96CM3","Q96CM3; Q96EH3","Q96CM3","RPUSD4","Q4U2R6","MRPL51","Q96EH3","MALSU1","huMAP3_07939.1; huMAP3_06550.1; huMAP3_08458.1; huMAP3_06589.1; huMAP3_09113.1; huMAP3_09483.1","structurally_consistent",1.06,0,10,7,54.53,29,203,0.32,0.38,74.2766666666666,83.3242105263157,0.744,"KOG4045","KOG3212","no","Low tissue specificity","Low tissue specificity",0.788726359926735,"Mitochondria","Mitochondria",1,7043,false]
["P63208_Q6P3S6","P63208_Q9H469","Janes_et_al","P63208; Q6P3S6","P63208; Q9H469","P63208","SKP1","Q6P3S6","FBXO42","Q9H469","FBXL15","huMAP3_14622.1","mutually_exclusive",0.94,33,257,274,75.3,92.42,19352.1,0.58,0.66,89.7552631578947,93.106282051282,0.106,"KOG0379","KOG1947","no","Low tissue specificity","Low tissue specificity",-0.177954402643964,"Nucleoplasm",null,null,7050,false]
["O75494_P61326","P61326_Q13427","Janes_et_al","O75494; P61326","P61326; Q13427","P61326","MAGOH","O75494","SRSF10","Q13427","PPIG","huMAP3_09943.1; huMAP3_09621.1; huMAP3_11073.1; huMAP3_10564.1","mutually_exclusive",0.25,19,69,51,72.52,62.14,3169.14,0.3,0.6,86.9813333333333,92.6045762711864,null,"KOG0118","KOG0546","no","Low tissue specificity","Low tissue specificity",0.692215795886266,"Nucleoplasm","Nuclear speckles",0,7060,false]
["Q8TB52_Q96FJ2","O14576_Q96FJ2","Janes_et_al","Q8TB52; Q96FJ2","O14576; Q96FJ2","Q96FJ2","DYNLL2","Q8TB52","FBXO30","O14576","DYNC1I1","huMAP3_12566.1","mutually_exclusive",0.16,20,188,258,52.09,82.41,9792.92,0.24,0.45,80.3858064516129,82.9165,0.1,"ENOG502QTD9","KOG1587","no","Low tissue specificity","Tissue enhanced",-0.267624021029226,"Microtubules",null,null,7064,false]
["O00161_Q9Y2K9","O00161_O14662","Janes_et_al","O00161; Q9Y2K9","O00161; O14662","O00161","SNAP23","Q9Y2K9","STXBP5L","O14662","STX16","huMAP3_13160.1","mutually_exclusive",0.93,34,45,56,54.47,87.4,2451.15,0.26,0.66,78.0104,88.9039130434782,null,"KOG1983","KOG0809","no","Tissue enhanced","Low tissue specificity",0.312886946836598,null,"Vesicles",null,7077,false]
["O75306_Q9P0J0","O95298_Q9P0J0","Janes_et_al","O75306; Q9P0J0","O95298; Q9P0J0","Q9P0J0","NDUFA13","O75306","NDUFS2","O95298","NDUFC2","huMAP3_09982.1; huMAP3_09567.1; huMAP3_14878.1; huMAP3_06397.1; huMAP3_14018.1; huMAP3_04643.1","structurally_consistent",2.1,0,3,5,92.55,87.29,436.45,0.57,0.42,94.2302127659574,86.044,null,"KOG2870","KOG4516","no","Tissue enhanced","Low tissue specificity",0.643113578642195,"Mitochondria","Mitochondria",1,7078,false]
["O75901_P62140","O95405_P62140","Janes_et_al","O75901; P62140","O95405; P62140","P62140","PPP1CB","O75901","RASSF9","O95405","ZFYVE9","huMAP3_14504.1","mutually_exclusive",0.19,21,104,118,39.18,57.38,4074.72,0.6,0.65,84.653125,86.5211363636363,null,"KOG1574","KOG1841","no","Low tissue specificity","Low tissue specificity",-0.0846892900395503,null,"Vesicles; Cytosol",null,7087,false]
["P41223_Q9Y3C6","P41223_Q6P2Q9","Janes_et_al","P41223; Q9Y3C6","P41223; Q6P2Q9","P41223","BUD31","Q9Y3C6","PPIL1","Q6P2Q9","PRPF8","huMAP3_08501.1; huMAP3_06726.1; huMAP3_09504.1; huMAP3_09945.1","structurally_consistent",0.68,0,0,0,null,null,0,0.28,0.53,79.807619047619,82.2626530612244,0.528,"KOG0881","KOG1795","no","Low tissue specificity","Low tissue specificity",0.0822880481576388,"Nucleoli","Nucleoplasm",0,7095,false]
["P43681_Q9GZY4","P43681_P81408","Janes_et_al","P43681; Q9GZY4","P43681; P81408","P43681","CHRNA4","Q9GZY4","COA1","P81408","ENTREP3","huMAP3_15126.1","structurally_consistent",1.73,0,0,0,null,null,0,0.37,0.25,84.426,82.096923076923,null,"ENOG502S561","ENOG502RB7D","no","Low tissue specificity","Low tissue specificity",0.0003905886978683,"Mitochondria","Nucleoplasm",0,7104,false]
["O60825_P27348","P27348_Q92934","Janes_et_al","O60825; P27348","P27348; Q92934","P27348","YWHAQ","O60825","PFKFB2","Q92934","BAD","huMAP3_12897.1; huMAP3_07596.1; huMAP3_10808.1; huMAP3_09810.1; huMAP3_07838.1","mutually_exclusive",0.19,29,146,85,76.6,36.12,3070.2,0.48,0.4,80.0256249999999,92.4226086956522,0.068,"KOG0234","ENOG502S71H","no","Tissue enhanced","Low tissue specificity",-0.0978028347106138,"Nucleoplasm","Mitochondria",0,7110,false]
["Q06323_Q969U7","O00233_Q06323","Janes_et_al","Q06323; Q969U7","O00233; Q06323","Q06323","PSME1","Q969U7","PSMG2","O00233","PSMD9","huMAP3_13725.1","structurally_consistent",0.45,0,0,0,null,null,0,0.46,0.26,90.1155555555555,77.2,0.094,"KOG3112","KOG3129","no","Low tissue specificity","Low tissue specificity",0.237823837191663,"Nuclear bodies","Cytosol",0,7121,false]
["O60749_Q9UNH7","O60749_Q8WX77","Janes_et_al","O60749; Q9UNH7","O60749; Q8WX77","O60749","SNX2","Q9UNH7","SNX6","Q8WX77","IGFBPL1","huMAP3_12956.1; huMAP3_13548.1; huMAP3_13408.1; huMAP3_13808.1; huMAP3_14326.1","mutually_exclusive",0.82,12,50,26,93.2,41.65,1082.9,0.72,0.37,95.9468965517241,85.795,null,"KOG1660","ENOG502QSKF","no","Low tissue specificity","Tissue enriched",-0.107881072421514,"Endosomes; Lysosomes","Nucleoplasm; Vesicles",0,7130,false]
["O43674_P19404","O43674_O75438","Janes_et_al","O43674; P19404","O43674; O75438","O43674","NDUFB5","P19404","NDUFV2","O75438","NDUFB1","huMAP3_09982.1; huMAP3_09567.1; huMAP3_14878.1; huMAP3_06397.1; huMAP3_14018.1","structurally_consistent",2.51,0,7,9,43.71,79.78,305.97,0.28,0.32,81.715,88.2627586206896,0.804,"KOG3196","ENOG502S6X0","no","Tissue enhanced","Low tissue specificity",0.817280352906876,"Mitochondria","Mitochondria",1,7137,false]
["P24386_Q9H082","Q19AV6_Q9H082","Janes_et_al","P24386; Q9H082","Q19AV6; Q9H082","Q9H082","RAB33B","P24386","CHM","Q19AV6","ZSWIM7","huMAP3_11860.1","mutually_exclusive",1.17,11,167,127,89.39,89.99,14928.13,0.51,0.55,83.4794736842105,90.6127586206896,null,"KOG4405","ENOG502RZB5","no","Low tissue specificity","Low tissue specificity",-0.137552249343437,"Nucleoplasm","Cytosol",0,7139,false]
["P27348_Q08495","P27348_Q9UJM3","Janes_et_al","P27348; Q08495","P27348; Q9UJM3","P27348","YWHAQ","Q08495","DMTN","Q9UJM3","ERRFI1","huMAP3_07838.1; huMAP3_12897.1; huMAP3_09810.1","mutually_exclusive",0.26,22,140,151,55.01,31.41,4742.91,0.42,0.37,80.0428571428571,87.9492857142857,0.098,"KOG1044","ENOG502QPQW","no","Tissue enhanced","Tissue enhanced",-0.152782784577212,null,"Cytosol",null,7148,false]
["P07477_P07478","P07478_Q9UBU2","Janes_et_al","P07477; P07478","P07478; Q9UBU2","P07478","PRSS2","P07477","PRSS1","Q9UBU2","DKK2","huMAP3_15339.1; huMAP3_11895.1","mutually_exclusive",0.07,16,163,100,89.13,73.22,7322,0.4,0.49,75.062,78.42,null,"KOG3627","KOG1218","no","Tissue enriched","Tissue enhanced",-0.0745030972623406,"Vesicles","Golgi apparatus",0,7160,false]
["O95376_Q96DX5","O95376_Q9UBF6","Janes_et_al","O95376; Q96DX5","O95376; Q9UBF6","O95376","ARIH2","Q96DX5","ASB9","Q9UBF6","RNF7","huMAP3_08919.1; huMAP3_05894.1; huMAP3_09980.1; huMAP3_04750.1","structurally_consistent",1.57,0,0,0,null,null,0,0.25,0.43,86.7583333333333,86.1327027027027,0.066,"KOG0504","KOG2930","no","Tissue enhanced","Low tissue specificity",0.0866944073527058,null,"Nucleoplasm",null,7165,false]
["O95299_Q16718","O95299_P03891","Janes_et_al","O95299; Q16718","O95299; P03891","O95299","NDUFA10","Q16718","NDUFA5","P03891","MT-ND2","huMAP3_09982.1; huMAP3_09567.1; huMAP3_14878.1; huMAP3_06397.1; huMAP3_14018.1; huMAP3_02819.1","structurally_consistent",0.3,0,0,0,null,null,0,0.3,0.64,85.2329999999999,86.5242666666666,0.978,"KOG3365","KOG4668","no","Tissue enhanced","Tissue enhanced",0.575042801779655,{"$nulls":3},7174,false]
["O43924_P01009","O43924_P01023","Janes_et_al","O43924; P01009","O43924; P01023","O43924","PDE6D","P01009","SERPINA1","P01023","A2M","huMAP3_15040.1","mutually_exclusive",0.39,17,344,398,81.55,79.23,31533.54,0.37,0.51,79.46875,85.3853846153846,null,"KOG2392","KOG1366","no","Tissue enriched","Tissue enhanced",0.502423867949654,"Vesicles",null,null,7183,false]
["O15392_O43504","O43504_Q6IAA8","Janes_et_al","O15392; O43504","O43504; Q6IAA8","O43504","LAMTOR5","O15392","BIRC5","Q6IAA8","LAMTOR1","huMAP3_14108.1; huMAP3_14708.1","mutually_exclusive",0.41,14,38,35,85.46,90.06,3247.48,0.3,0.57,83.755294117647,93.4564102564102,0.228,"KOG1101","ENOG502RYX2","no","Tissue enhanced","Low tissue specificity",-0.201850584029716,"Cytokinetic bridge","Golgi apparatus",0,7191,false]
["O95232_Q9Y383","Q8WXF0_Q9Y383","Janes_et_al","O95232; Q9Y383","Q8WXF0; Q9Y383","Q9Y383","LUC7L2","O95232","LUC7L3","Q8WXF0","SRSF12","huMAP3_09621.1; huMAP3_11073.1","structurally_consistent",1.22,0,0,0,null,null,0,0.46,0.29,86.98,82.8385714285714,0.786,"KOG0796","KOG0118","no","Low tissue specificity","Tissue enhanced",0.13439516929735,"Nuclear speckles",null,null,7200,false]
["P05423_P62487","O00267_P62487","Janes_et_al","P05423; P62487","O00267; P62487","P62487","POLR2G","P05423","POLR3D","O00267","SUPT5H","huMAP3_11092.1","mutually_exclusive",0.3,11,16,30,60.02,80.62,960.32,0.42,0.26,80.7385714285714,85.7766666666666,0.1,"KOG3122","KOG1999","no","Low tissue specificity","Low tissue specificity",0.445360977535862,"Nucleoplasm","Nucleoplasm",1,7206,false]
["P62136_Q9ULJ8","P62136_Q96KQ4","Janes_et_al","P62136; Q9ULJ8","P62136; Q96KQ4","P62136","PPP1CA","Q9ULJ8","PPP1R9A","Q96KQ4","PPP1R13B","huMAP3_14504.1","mutually_exclusive",0.07,32,194,238,61.82,65.16,11993.08,0.71,0.68,94.1191011235955,94.3583076923076,0.15,"KOG1945","KOG0515","no","Low tissue specificity","Low tissue specificity",0.170771817881324,"Plasma membrane","Nucleoplasm",0,7209,false]
["O14508_Q15369","O14543_Q15369","Janes_et_al","O14508; Q15369","O14543; Q15369","Q15369","ELOC","O14508","SOCS2","O14543","SOCS3","huMAP3_08919.1; huMAP3_09980.1","mutually_exclusive",0.11,16,171,181,89.21,89.2,16145.2,0.65,0.62,96.71125,95.1844186046511,null,"KOG4566","KOG4566","yes","Low tissue specificity","Tissue enhanced",0.362760202814738,"Endoplasmic reticulum","Cytosol",0,7218,false]
["P53611_Q8N414","P20340_P53611","Janes_et_al","P53611; Q8N414","P20340; P53611","P53611","RABGGTB","Q8N414","PGBD5","P20340","RAB6A","huMAP3_11860.1","mutually_exclusive",0.18,18,231,177,71.75,77.42,16574.25,0.41,0.27,82.6542857142857,77.835,null,"ENOG502QT9F","KOG0094","no","Tissue enhanced","Low tissue specificity",0.555928572115745,"Nucleoplasm","Golgi apparatus",0,7229,false]
["O94844_Q13618","Q13618_Q9BSF8","Janes_et_al","O94844; Q13618","Q13618; Q9BSF8","Q13618","CUL3","O94844","RHOBTB1","Q9BSF8","BTBD10","huMAP3_14528.1","mutually_exclusive",0.89,16,329,246,86.81,77.83,19146.18,0.58,0.53,91.332,87.8737142857142,null,"KOG0393","KOG3840","no","Tissue enhanced","Low tissue specificity",-0.0568378530823514,"Nucleoplasm","Nucleoplasm; Nucleoli fibrillar center",0.5,7235,false]
["P62140_Q96KQ4","O75901_P62140","Janes_et_al","P62140; Q96KQ4","O75901; P62140","P62140","PPP1CB","Q96KQ4","PPP1R13B","O75901","RASSF9","huMAP3_14504.1","mutually_exclusive",0.15,43,176,143,68.09,44.61,6379.23,0.71,0.6,92.6360674157303,84.653125,null,"KOG0515","KOG1574","no","Low tissue specificity","Low tissue specificity",0.410888979120397,"Nucleoplasm",null,null,7244,false]
["O15488_P13807","P13807_Q9UQK1","Janes_et_al","O15488; P13807","P13807; Q9UQK1","P13807","GYS1","O15488","GYG2","Q9UQK1","PPP1R3C","huMAP3_10227.1; huMAP3_09760.1; huMAP3_13075.1; huMAP3_12186.1; huMAP3_11993.1","mutually_exclusive",0.66,20,25,25,85.32,46.52,1163,0.57,0.58,91.0021818181818,85.5471428571428,null,"KOG1950","KOG3986","no","Tissue enriched","Tissue enhanced",-0.070508185571544,"Nucleoli; Cytosol",null,null,7252,false]
["Q16540_Q9P015","Q9BYD3_Q9P015","Janes_et_al","Q16540; Q9P015","Q9BYD3; Q9P015","Q9P015","MRPL15","Q16540","MRPL23","Q9BYD3","MRPL4","huMAP3_07939.1; huMAP3_06550.1; huMAP3_08458.1; huMAP3_06439.1; huMAP3_06589.1; huMAP3_09113.1; huMAP3_09483.1","structurally_consistent",0.67,0,0,0,null,null,0,0.3,0.69,89.762,95.6690909090909,0.98,"KOG4089","KOG1624","no","Low tissue specificity","Low tissue specificity",0.838755973735009,"Nucleoli fibrillar center; Mitochondria",null,null,7261,false]
["P83876_Q9Y3B4","P62310_P83876","Janes_et_al","P83876; Q9Y3B4","P62310; P83876","P83876","TXNL4A","Q9Y3B4","SF3B6","P62310","LSM3","huMAP3_08980.1; huMAP3_06511.1","structurally_consistent",0.08,0,0,0,null,null,0,0.27,0.3,80.6054545454545,80.4313636363636,0.69,"KOG0114","KOG3460","no","Low tissue specificity","Low tissue specificity",0.36047102462547,"Nucleoplasm","Nucleoli",0,7266,false]
["Q8IUR7_Q9Y2Y8","P12755_Q8IUR7","Janes_et_al","Q8IUR7; Q9Y2Y8","P12755; Q8IUR7","Q8IUR7","ARMC8","Q9Y2Y8","PRG3","P12755","SKI","huMAP3_08787.1; huMAP3_09818.1; huMAP3_05775.1; huMAP3_10711.1; huMAP3_12700.1","mutually_exclusive",1.14,19,204,213,64.92,71.4,13243.68,0.56,0.54,90.25625,83.445,null,"KOG4297","ENOG502QTF6","no","Tissue enriched","Tissue enhanced",-0.109137370590939,null,"Nucleoplasm",null,7270,false]
["Q8TAD8_Q9Y383","Q01130_Q9Y383","Janes_et_al","Q8TAD8; Q9Y383","Q01130; Q9Y383","Q9Y383","LUC7L2","Q8TAD8","SNIP1","Q01130","SRSF2","huMAP3_09621.1; huMAP3_11073.1","mutually_exclusive",1.59,11,106,94,79.58,72.56,6820.64,0.33,0.32,81.596923076923,83.6907407407407,0.608,"KOG1882","KOG4207","no","Low tissue specificity","Low tissue specificity",0.561391357101802,"Nucleoplasm","Nucleoplasm",1,7279,false]
["O60518_Q86VU5","Q86VU5_Q96P70","Janes_et_al","O60518; Q86VU5","Q86VU5; Q96P70","Q86VU5","COMTD1","O60518","RANBP6","Q96P70","IPO9","huMAP3_10287.1; huMAP3_10202.1","mutually_exclusive",0.21,13,691,644,88.75,84.38,54340.72,0.69,0.61,83.2416,88.560606060606,0.064,"KOG2171","KOG2274","no","Low tissue specificity","Low tissue specificity",-0.0018611610282878,"Vesicles","Cytosol",0,7289,false]
["O75342_Q9NU19","Q9NU19_Q9NZT1","Janes_et_al","O75342; Q9NU19","Q9NU19; Q9NZT1","Q9NU19","TBC1D22B","O75342","ALOX12B","Q9NZT1","CALML5","huMAP3_09929.1","structurally_consistent",0.74,0,2,3,74.6,68,204,0.35,0.29,85.286875,82.88125,0.114,"ENOG502SJSP","KOG0027","no","Tissue enriched","Tissue enriched",0.961068673384438,"Cytosol","Plasma membrane; Cytosol",0.5,7295,false]
["O43676_O95167","O43676_Q8IUX1","Janes_et_al","O43676; O95167","O43676; Q8IUX1","O43676","NDUFB3","O95167","NDUFA3","Q8IUX1","TMEM126B","huMAP3_09982.1; huMAP3_09567.1; huMAP3_14878.1; huMAP3_06397.1; huMAP3_14018.1","mutually_exclusive",7.46,11,21,21,55.52,68.09,1165.92,0.25,0.32,87.9030769230769,85.5396296296296,0.092,"ENOG502S4RS","ENOG502SQEZ","no","Tissue enhanced","Low tissue specificity",0.548875781023229,null,"Mitochondria",null,7304,false]
["O00422_Q8WXA9","O00422_Q16629","Janes_et_al","O00422; Q8WXA9","O00422; Q16629","O00422","SAP18","Q8WXA9","SREK1","Q16629","SRSF7","huMAP3_09943.1; huMAP3_09621.1; huMAP3_11073.1","mutually_exclusive",0.12,11,139,121,72.73,73.53,10109.47,0.42,0.45,89.8406451612903,93.3085714285714,0.414,"KOG4676","KOG0107","no","Low tissue specificity","Low tissue specificity",0.390702533845749,"Nucleoplasm; Nuclear speckles","Nucleoplasm",0.5,7311,false]
["O15234_P38919","P38919_Q01130","Janes_et_al","O15234; P38919","P38919; Q01130","P38919","EIF4A3","O15234","CASC3","Q01130","SRSF2","huMAP3_09621.1","mutually_exclusive",0.17,18,28,54,82.65,62.94,3398.76,0.64,0.42,93.8774137931034,84.8302564102564,0.82,"KOG4264","KOG4207","no","Low tissue specificity","Low tissue specificity",-0.351486127334474,"Nuclear membrane","Nucleoplasm",0,7321,false]
["P28749_P30281","P30281_P55273","Janes_et_al","P28749; P30281","P30281; P55273","P30281","CCND3","P28749","RBL1","P55273","CDKN2D","huMAP3_14722.1; huMAP3_10449.1","structurally_consistent",0.55,0,0,0,null,null,0,0.57,0.5,85.9891489361702,84.5416666666666,null,"KOG1010","KOG0504","no","Tissue enhanced","Group enriched",0.498266501524205,"Nucleoplasm","Nucleoplasm",1,7322,false]
["A4D1S5_Q969Q5","A4D1S5_P47224","Janes_et_al","A4D1S5; Q969Q5","A4D1S5; P47224","A4D1S5","RAB19","Q969Q5","RAB24","P47224","RABIF","huMAP3_11860.1","structurally_consistent",0.54,0,0,0,null,null,0,0.51,0.53,88.0817857142857,91.9594736842105,0.09,"KOG0092","KOG4113","no","Low tissue specificity","Low tissue specificity",-0.0836652428321558,"Cytosol",null,null,7331,false]
["P62136_Q9ULJ8","P62136_Q6NYC8","Janes_et_al","P62136; Q9ULJ8","P62136; Q6NYC8","P62136","PPP1CA","Q9ULJ8","PPP1R9A","Q6NYC8","PPP1R18","huMAP3_14504.1","mutually_exclusive",0.13,39,173,123,77.59,52.63,6473.49,0.71,0.63,94.1191011235955,89.2821428571428,0.048,"KOG1945","ENOG502RY8Q","no","Low tissue specificity","Low tissue specificity",-0.523563915840427,"Plasma membrane","Plasma membrane",1,7339,false]
["Q9UBB9_Q9Y5B6","P16383_Q9UBB9","Janes_et_al","Q9UBB9; Q9Y5B6","P16383; Q9UBB9","Q9UBB9","TFIP11","Q9Y5B6","PAXBP1","P16383","GCFC2","huMAP3_08501.1; huMAP3_06726.1; huMAP3_09504.1; huMAP3_09945.1","mutually_exclusive",4.09,61,535,524,83.53,84.73,44688.55,0.64,0.67,87.1541025641025,87.0099145299145,0.328,"KOG2136","KOG2136","yes","Low tissue specificity","Low tissue specificity",-0.018547113536552,"Nucleoplasm","Nucleoplasm",1,7348,false]
["O60244_Q9BWU1","O43513_O60244","Janes_et_al","O60244; Q9BWU1","O43513; O60244","O60244","MED14","Q9BWU1","CDK19","O43513","MED7","huMAP3_02730.1","structurally_consistent",5.95,0,0,0,null,null,0,0.32,0.34,83.9816666666666,85.9592307692307,0.194,"KOG0666","KOG0570","no","Low tissue specificity","Low tissue specificity",0.0306410438870497,"Cytosol","Nuclear bodies",0,7354,false]
["P52434_Q9BUI4","Q9BUI4_Q9NVU0","Janes_et_al","P52434; Q9BUI4","Q9BUI4; Q9NVU0","Q9BUI4","POLR3C","P52434","POLR2H","Q9NVU0","POLR3E","huMAP3_00807.1; huMAP3_09057.1; huMAP3_14318.1; huMAP3_08487.1; huMAP3_11092.1; huMAP3_06426.1","structurally_consistent",1.94,0,8,13,54.51,84.08,436.08,0.3,0.28,78.9071428571428,82.14,0.204,"KOG3400","KOG2354","no","Low tissue specificity","Tissue enhanced",0.139794523379473,"Nucleoplasm","Nucleoplasm",1,7365,false]
["P63208_Q9H4M3","Q9H4M3_Q9UKA2","Janes_et_al","P63208; Q9H4M3","Q9H4M3; Q9UKA2","Q9H4M3","FBXO44","P63208","SKP1","Q9UKA2","FBXL4","huMAP3_00161.1; huMAP3_09623.1; huMAP3_14622.1","structurally_consistent",0.35,0,0,0,null,null,0,0.68,0.28,94.9882432432432,79.0830769230769,0.18,"KOG1724","KOG1947","no","Low tissue specificity","Low tissue specificity",-0.104059643203693,"Nucleoplasm","Nuclear speckles",0,7374,true]
["Q16576_Q9H165","O75530_Q16576","Janes_et_al","Q16576; Q9H165","O75530; Q16576","Q16576","RBBP7","Q9H165","BCL11A","O75530","EED","huMAP3_15128.1","mutually_exclusive",0.2,24,81,132,27.38,85.82,2217.78,0.3,0.64,86.3351282051282,82.0161904761904,0.14,"KOG1721","KOG1034","no","Tissue enhanced","Low tissue specificity",0.356755030202137,"Nucleoplasm","Nucleoplasm",1,7376,false]
["P17568_Q8N183","O43676_P17568","Janes_et_al","P17568; Q8N183","O43676; P17568","P17568","NDUFB7","Q8N183","NDUFAF2","O43676","NDUFB3","huMAP3_09567.1; huMAP3_14878.1","structurally_consistent",1.66,0,0,0,null,null,0,0.35,0.25,88.6404761904761,83.4214285714285,0.16,"ENOG502S21I","KOG4631","no","Low tissue specificity","Tissue enhanced",0.551959866057484,"Mitochondria",null,null,7382,false]
["P61326_Q53F19","P61326_Q9UKV3","Janes_et_al","P61326; Q53F19","P61326; Q9UKV3","P61326","MAGOH","Q53F19","NCBP3","Q9UKV3","ACIN1","huMAP3_09943.1","mutually_exclusive",0.15,18,226,196,65.19,60.35,11828.6,0.36,0.37,86.2338461538461,86.6647058823529,0.698,"ENOG502QRX4","KOG2416","no","Low tissue specificity","Low tissue specificity",0.552509346110412,"Nuclear speckles","Nucleoplasm",0,7391,false]
["O15143_Q92747","P59998_Q92747","Janes_et_al","O15143; Q92747","P59998; Q92747","Q92747","ARPC1A","O15143","ARPC1B","P59998","ARPC4","huMAP3_13904.1; huMAP3_04814.1; huMAP3_14624.1; huMAP3_09309.1","mutually_exclusive",0.2,18,203,150,95.97,92.54,13881,0.68,0.66,92.3776363636363,95.5317543859649,0.854,"KOG1523","KOG1876","no","Tissue enhanced","Low tissue specificity",0.574488696472045,"Vesicles; Cytosol",null,null,7399,false]
["Q16740_Q96I59","O75251_Q96I59","Janes_et_al","Q16740; Q96I59","O75251; Q96I59","Q96I59","NARS2","Q16740","CLPP","O75251","NDUFS7","huMAP3_13468.1","structurally_consistent",0.13,0,0,0,null,null,0,0.28,0.31,79.765,84.1799999999999,0.266,"KOG0840","KOG1687","no","Low tissue specificity","Tissue enhanced",0.781425653647008,"Mitochondria",null,null,7408,false]
["O00148_P82979","O00148_Q16629","Janes_et_al","O00148; P82979","O00148; Q16629","O00148","DDX39A","P82979","SARNP","Q16629","SRSF7","huMAP3_09943.1","structurally_consistent",0.57,0,0,0,null,null,0,0.43,0.34,91.3584210526315,81.8116666666666,0.702,"KOG0720; KOG4259","KOG0107","no","Low tissue specificity","Low tissue specificity",0.438408822533224,"Nuclear speckles","Nucleoplasm",0,7417,false]
["O94889_Q13618","P61201_Q13618","Janes_et_al","O94889; Q13618","P61201; Q13618","Q13618","CUL3","O94889","KLHL18","P61201","COPS2","huMAP3_08550.1; huMAP3_14528.1; huMAP3_09779.1","structurally_consistent",0.96,0,0,0,null,null,0,0.66,0.68,92.2551020408163,84.0456578947368,0.28,"KOG4441","KOG1464","no","Low tissue specificity","Low tissue specificity",0.154321084072874,"Nucleoplasm","Vesicles",0,7422,false]
["Q9BQA1_Q9NWZ8","O14744_Q9BQA1","Janes_et_al","Q9BQA1; Q9NWZ8","O14744; Q9BQA1","Q9BQA1","WDR77","Q9NWZ8","GEMIN8","O14744","PRMT5","huMAP3_08980.1; huMAP3_06511.1","mutually_exclusive",0.33,22,111,166,36.86,94.48,4091.46,0.35,0.72,88.0593333333333,95.5484403669724,0.2,"ENOG502S7KA","KOG0822","no","Low tissue specificity","Low tissue specificity",-0.0280398199081967,"Nucleoplasm; Cytosol","Nucleoplasm; Cytosol",1,7434,false]
["Q8NFH5_Q9UKK6","Q99567_Q9UKK6","Janes_et_al","Q8NFH5; Q9UKK6","Q99567; Q9UKK6","Q9UKK6","NXT1","Q8NFH5","NUP35","Q99567","NUP88","huMAP3_10000.1; huMAP3_12581.1","mutually_exclusive",0.19,13,22,33,42.95,61.58,944.9,0.36,0.27,81.645,82.57625,0.534,"KOG4285","KOG4460","no","Low tissue specificity","Low tissue specificity",0.760082989393984,"Nucleoplasm; Nuclear membrane","Nucleoplasm",0.5,7436,false]
["P35222_Q8N141","P22223_P35222","Janes_et_al","P35222; Q8N141","P22223; P35222","P35222","CTNNB1","Q8N141","ZFP82","P22223","CDH3","huMAP3_08033.1; huMAP3_10927.1","mutually_exclusive",0.95,12,63,61,54.4,57.22,3427.2,0.55,0.58,83.7975675675675,83.8411428571428,null,"KOG1721","KOG3594","no","Low tissue specificity","Tissue enhanced",-0.0745424566738484,"Nucleoplasm; Cytosol","Plasma membrane",0,7443,false]
["P62314_Q9BQA1","P62308_P62314","Janes_et_al","P62314; Q9BQA1","P62308; P62314","P62314","SNRPD1","Q9BQA1","WDR77","P62308","SNRPG","huMAP3_08980.1; huMAP3_06511.1","mutually_exclusive",4.3,10,39,35,80.3,90.27,3131.7,0.28,0.59,80.2766666666666,94.7340476190476,0.256,"KOG0284","KOG1780","no","Tissue enhanced","Low tissue specificity",0.0957110208707661,"Nucleoplasm; Cytosol","Nucleoplasm",0.5,7452,false]
["P59768_Q9HAV0","A8MTJ3_Q9HAV0","Janes_et_al","P59768; Q9HAV0","A8MTJ3; Q9HAV0","Q9HAV0","GNB4","P59768","GNG2","A8MTJ3","GNAT3","huMAP3_11173.1; huMAP3_13105.1","structurally_consistent",0.19,0,1,1,65.87,36.16,36.16,0.72,0.65,97.4858333333333,88.1341818181818,null,"KOG4119","KOG0082","no","Tissue enhanced","Tissue enriched",0.0145551438152757,"Plasma membrane",null,null,7459,false]
["P55735_P58004","P55735_Q96JE7","Janes_et_al","P55735; P58004","P55735; Q96JE7","P55735","SEC13","P58004","SESN2","Q96JE7","SEC16B","huMAP3_06536.1; huMAP3_14455.1","mutually_exclusive",0.34,23,166,189,73.91,90.89,12269.06,0.47,0.72,86.4083333333333,93.9720138888889,null,"KOG3746","KOG1913","no","Low tissue specificity","Tissue enhanced",0.358416941856275,"Cytosol","Endoplasmic reticulum; Plasma membrane",0,7469,false]
["O15116_Q9Y4Y9","O15116_P62312","Janes_et_al","O15116; Q9Y4Y9","O15116; P62312","O15116","LSM1","Q9Y4Y9","LSM5","P62312","LSM6","huMAP3_02465.1; huMAP3_08980.1; huMAP3_05636.1","mutually_exclusive",0.8,15,81,74,89.53,89.84,7251.93,0.45,0.49,88.715,91.7436111111111,0.868,"KOG1775","KOG1783","no","Low tissue specificity","Low tissue specificity",0.579505819550989,null,"Actin filaments",null,7478,false]
["Q9BTE1_Q9H3G5","Q9BTE1_Q9NZ32","Janes_et_al","Q9BTE1; Q9H3G5","Q9BTE1; Q9NZ32","Q9BTE1","DCTN5","Q9H3G5","CPVL","Q9NZ32","ACTR10","huMAP3_04946.1; huMAP3_09952.1; huMAP3_12900.1","structurally_consistent",0.19,0,0,0,null,null,0,0.36,0.3,90.5466666666666,90.17,0.06,"KOG1282","KOG0676","no","Tissue enhanced","Low tissue specificity",-0.131001808561365,"Endoplasmic reticulum","Vesicles; Plasma membrane; Focal adhesion sites",0,7482,false]
["P30153_Q66LE6","P30153_Q9Y5P8","Janes_et_al","P30153; Q66LE6","P30153; Q9Y5P8","P30153","PPP2R1A","Q66LE6","PPP2R2D","Q9Y5P8","PPP2R3B","huMAP3_10333.1; huMAP3_13510.1","mutually_exclusive",0.5,28,282,268,90.94,85.51,22916.68,0.68,0.65,86.810625,84.0183333333333,0.146,"KOG1354","KOG2562","no","Tissue enhanced","Group enriched",0.0501890360654461,"Cytosol","Nucleoplasm",0,7495,false]
["Q8N3R9_Q9BUF7","Q8N3R9_Q9HAP6","Janes_et_al","Q8N3R9; Q9BUF7","Q8N3R9; Q9HAP6","Q8N3R9","PALS1","Q9BUF7","CRB3","Q9HAP6","LIN7B","huMAP3_09519.1; huMAP3_11195.1; huMAP3_08481.1; huMAP3_14575.1","structurally_consistent",2.16,0,0,0,null,null,0,0.53,0.65,91.5419444444444,88.3094186046511,null,"ENOG502S74B","KOG3550","no","Tissue enhanced","Tissue enhanced",-0.24930757850905,"Cell Junctions",null,null,7504,false]
["Q9Y5E6_Q9Y5G8","Q9Y5E2_Q9Y5E6","Janes_et_al","Q9Y5E6; Q9Y5G8","Q9Y5E2; Q9Y5E6","Q9Y5E6","PCDHB3","Q9Y5G8","PCDHGA5","Q9Y5E2","PCDHB7","huMAP3_12508.1","mutually_exclusive",1.01,25,550,540,83.29,86.61,45809.5,0.67,0.7,79.6971153846153,80.5154838709677,null,"KOG3594","KOG3594","yes","Low tissue specificity","Low tissue specificity",0.60337133970389,"Vesicles; Plasma membrane",null,null,7505,false]
["P12724_P13489","P13489_P31267","Janes_et_al","P12724; P13489","P13489; P31267","P13489","RNH1","P12724","RNASE3","P31267","HOXA6","huMAP3_13506.1; huMAP3_13360.1; huMAP3_05588.1; huMAP3_05486.1; huMAP3_12344.1","mutually_exclusive",0.28,18,110,74,91.71,73.24,5419.75999999999,0.72,0.54,93.7547826086956,91.2027272727272,null,"ENOG502TF52","KOG0489","no","Tissue enriched","Tissue enhanced",-0.0874170913120516,null,"Nucleoplasm",null,7513,false]
["Q14512_Q9HAN9","Q96MX3_Q9HAN9","Janes_et_al","Q14512; Q9HAN9","Q96MX3; Q9HAN9","Q9HAN9","NMNAT1","Q14512","FGFBP1","Q96MX3","ZNF48","huMAP3_10823.1","mutually_exclusive",0.12,10,178,193,65.52,66.86,11662.56,0.34,0.51,86.9066666666666,83.42,null,"ENOG502RZQ6","KOG1721","no","Tissue enhanced","Low tissue specificity",-0.185267382684443,null,"Mitochondria",null,7522,false]
["O00148_P82979","O00148_Q86V81","Janes_et_al","O00148; P82979","O00148; Q86V81","O00148","DDX39A","P82979","SARNP","Q86V81",null,"huMAP3_10789.1; huMAP3_04932.1; huMAP3_12548.1; huMAP3_09101.1; huMAP3_09225.1; huMAP3_09943.1; huMAP3_10299.1","mutually_exclusive",0.34,17,35,45,60.18,69.86,2106.3,0.43,0.6,91.3584210526315,91.1233333333333,0.62,"KOG0720; KOG4259","KOG0533","no","Low tissue specificity",null,null,"Nuclear speckles",null,null,7528,false]
["Q9H871_Q9UL63","Q96G75_Q9H871","Janes_et_al","Q9H871; Q9UL63","Q96G75; Q9H871","Q9H871","RMND5A","Q9UL63","MKLN1","Q96G75","RMND5B","huMAP3_10711.1; huMAP3_09818.1; huMAP3_12700.1","mutually_exclusive",1.5,15,331,271,89.2,88.03,23856.13,0.4,0.59,89.1182352941176,93.7679487179487,0.116,"KOG2437","KOG2817","no","Low tissue specificity","Low tissue specificity",-0.0313826015948272,"Plasma membrane; Cytosol",null,null,7539,false]
["Q15843_Q9BT78","Q53RE8_Q9BT78","Janes_et_al","Q15843; Q9BT78","Q53RE8; Q9BT78","Q9BT78","COPS4","Q15843","NEDD8","Q53RE8","ANKRD39","huMAP3_08550.1; huMAP3_14528.1; huMAP3_09779.1","mutually_exclusive",0.56,13,71,86,75.85,76.1,5385.34999999999,0.45,0.44,80.0526086956521,88.8366666666666,0.138,"KOG0005","KOG0504","no","Low tissue specificity","Low tissue specificity",0.610969646641586,"Nucleoplasm","Nucleoplasm",1,7548,false]
["P68431_Q09028","Q09028_Q149N8","Janes_et_al","P68431; Q09028","Q09028; Q149N8","Q09028","RBBP4","P68431","H3C12","Q149N8","SHPRH","huMAP3_12711.1","mutually_exclusive",0.15,38,42,42,54.76,52.31,2197.02,0.53,0.44,90.9141666666666,82.5549999999999,null,"KOG1745","KOG0298","no","Tissue enhanced","Low tissue specificity",0.10401218834572,"Nucleoplasm","Nucleoplasm; Nuclear membrane",0.5,7555,false]
["P62487_Q9GZS3","Q8N7H5_Q9GZS3","Janes_et_al","P62487; Q9GZS3","Q8N7H5; Q9GZS3","Q9GZS3","SKIC8","P62487","POLR2G","Q8N7H5","PAF1","huMAP3_12111.1; huMAP3_07749.1; huMAP3_11018.1; huMAP3_07454.1; huMAP3_11092.1; huMAP3_09843.1","mutually_exclusive",0.09,15,138,117,80.22,73.96,8653.32,0.39,0.46,77.9261538461538,75.6030769230769,0.242,"KOG3298","KOG2478","no","Low tissue specificity","Low tissue specificity",-0.0574897220048078,"Nucleoplasm","Nucleoplasm",1,7565,false]
["P07384_P17655","P17655_P20810","Janes_et_al","P07384; P17655","P17655; P20810","P17655","CAPN2","P07384","CAPN1","P20810","CAST","huMAP3_11557.1; huMAP3_12926.1; huMAP3_13615.1; huMAP3_12716.1; huMAP3_14229.1; huMAP3_10242.1","mutually_exclusive",0.52,10,31,16,89.79,18,288,0.7,0.67,86.3620408163265,84.9310909090909,0.144,"KOG0045","ENOG502RHIZ","no","Tissue enhanced","Low tissue specificity",0.678152421662856,"Cytosol","Endoplasmic reticulum; Cytosol",0.5,7566,false]
["P27449_Q8N511","P27449_Q9HBG4","Janes_et_al","P27449; Q8N511","P27449; Q9HBG4","P27449","ATP6V0C","Q8N511","TMEM199","Q9HBG4","ATP6V0A4","huMAP3_09565.1; huMAP3_10511.1; huMAP3_10516.1; huMAP3_08182.1; huMAP3_12042.1; huMAP3_08166.1; huMAP3_09562.1; huMAP3_07510.1","mutually_exclusive",0.3,10,101,155,77.48,88.2,7825.48,0.33,0.5,82.6168,80.1221739130434,0.116,"ENOG502RXKD","KOG2189","no","Low tissue specificity","Group enriched",0.123906051421212,null,"Cytosol",null,7578,false]
["P54619_P54646","P54619_Q8TAC1","Janes_et_al","P54619; P54646","P54619; Q8TAC1","P54619","PRKAG1","P54646","PRKAA2","Q8TAC1","RFESD","huMAP3_12203.1","mutually_exclusive",0.29,16,49,90,70.57,80.9,3457.93,0.69,0.33,90.992,75.4066666666666,null,"KOG0583","ENOG502S06W","no","Tissue enhanced","Tissue enhanced",0.0571600668229985,"Nuclear speckles","Nucleoplasm",0,7583,false]
["O15155_Q12981","Q12981_Q9UFG5","Janes_et_al","O15155; Q12981","Q12981; Q9UFG5","Q12981","BNIP1","O15155","BET1","Q9UFG5","C19orf25","huMAP3_10587.1; huMAP3_03203.1; huMAP3_13160.1; huMAP3_06458.1; huMAP3_08929.1","mutually_exclusive",3.87,15,26,28,76.69,81.29,1993.94,0.48,0.25,78.6038095238095,79.9515151515151,0.054,"KOG3385","ENOG502SDTN","no","Low tissue specificity","Low tissue specificity",-0.262677320013745,null,"Intermediate filaments",null,7592,false]
["O00231_P43686","O00231_Q9UNM6","Janes_et_al","O00231; P43686","O00231; Q9UNM6","O00231","PSMD11","P43686","PSMC4","Q9UNM6","PSMD13","huMAP3_09656.1; huMAP3_05064.1; huMAP3_13725.1","structurally_consistent",1.04,0,0,0,null,null,0,0.35,0.34,82.795,92.7719047619047,0.986,"KOG0727","KOG2908","no","Low tissue specificity","Low tissue specificity",0.109622476812013,"Nucleoplasm; Cytosol","Nuclear speckles",0,7601,false]
["O43172_P09661","P09661_Q96F63","Janes_et_al","O43172; P09661","P09661; Q96F63","P09661","SNRPA1","O43172","PRPF4","Q96F63","CCDC97","huMAP3_08980.1; huMAP3_06511.1","mutually_exclusive",1.02,10,92,67,92.84,79.95,5356.65,0.52,0.32,83.6158064516129,82.3007692307692,0.106,"KOG0272","KOG3044","no","Low tissue specificity","Low tissue specificity",0.438559658052399,"Nuclear speckles","Nucleoplasm",0,7608,false]
["O96008_P11712","P11712_P33260","Janes_et_al","O96008; P11712","P11712; P33260","P11712","CYP2C9","O96008","TOMM40","P33260","CYP2C18","huMAP3_09742.1; huMAP3_09969.1","structurally_consistent",0.64,0,0,0,null,null,0,0.36,0.61,75.6775,88.0947368421052,null,"KOG3296","KOG0156","no","Low tissue specificity","Tissue enhanced",0.239019506752108,"Mitochondria","Vesicles",0,7617,false]
["O43255_P36957","O43255_Q8IUQ4","Janes_et_al","O43255; P36957","O43255; Q8IUQ4","O43255","SIAH2","P36957","DLST","Q8IUQ4","SIAH1","huMAP3_13605.1; huMAP3_11548.1; huMAP3_11871.1","structurally_consistent",0.86,0,0,0,null,null,0,0.53,0.68,81.480294117647,96.251475409836,0.068,"KOG0559","KOG3002","no","Low tissue specificity","Low tissue specificity",0.0921589118089401,"Nucleoplasm","Mitochondria",0,7623,false]
["Q9UIV1_Q9ULM6","P09237_Q9UIV1","Janes_et_al","Q9UIV1; Q9ULM6","P09237; Q9UIV1","Q9UIV1","CNOT7","Q9ULM6","CNOT6","P09237","MMP7","huMAP3_00551.1; huMAP3_11224.1","mutually_exclusive",0.37,11,7,14,92.98,90.63,1268.82,0.66,0.5,96.0781967213114,83.1734782608695,null,"KOG0620","KOG1565","no","Low tissue specificity","Tissue enhanced",-0.0881636205872757,"Cytosol","Nucleoplasm; Vesicles",0,7626,false]
["P82675_Q9Y676","P82675_Q96EL2","Janes_et_al","P82675; Q9Y676","P82675; Q96EL2","P82675","MRPS5","Q9Y676","MRPS18B","Q96EL2","MRPS24","huMAP3_05807.1","structurally_consistent",4,0,0,0,null,null,0,0.57,0.49,93.424,92.9775999999999,0.64,"KOG4021","ENOG502RXU1","no","Low tissue specificity","Tissue enhanced",0.777030537582999,"Mitochondria",null,null,7637,false]
["Q15029_Q96DI7","P62318_Q15029","Janes_et_al","Q15029; Q96DI7","P62318; Q15029","Q15029","EFTUD2","Q96DI7","SNRNP40","P62318","SNRPD3","huMAP3_08980.1","structurally_consistent",0.1,0,0,0,null,null,0,0.45,0.37,78.32,86.2704347826087,0.89,"KOG0265","KOG3172","no","Low tissue specificity","Low tissue specificity",0.460945479104586,"Nuclear speckles","Nucleoplasm",0,7643,false]
["Q13620_Q16531","Q16531_Q96SW2","Janes_et_al","Q13620; Q16531","Q16531; Q96SW2","Q16531","DDB1","Q13620","CUL4B","Q96SW2","CRBN","huMAP3_06808.1; huMAP3_14528.1; huMAP3_02229.1; huMAP3_09779.1; huMAP3_10612.1; huMAP3_09283.1; huMAP3_08251.1","structurally_consistent",0.51,0,0,0,null,null,0,0.67,0.72,87.5264383561643,90.8366666666666,0.136,"KOG2167","KOG1400","no","Low tissue specificity","Low tissue specificity",-0.0965866166913375,"Nucleoplasm",null,null,7652,false]
["P51398_Q9Y3D9","Q9Y2Q9_Q9Y3D9","Janes_et_al","P51398; Q9Y3D9","Q9Y2Q9; Q9Y3D9","Q9Y3D9","MRPS23","P51398","DAP3","Q9Y2Q9","MRPS28","huMAP3_05807.1; huMAP3_05954.1","structurally_consistent",1.89,0,0,0,null,null,0,0.26,0.6,85.2629166666666,92.333,0.98,"KOG3928","KOG4078","no","Low tissue specificity","Low tissue specificity",0.625592989144544,"Nucleoplasm; Mitochondria","Mitochondria",0.5,7660,false]
["O15371_Q99613","O15371_Q2TAM9","Janes_et_al","O15371; Q99613","O15371; Q2TAM9","O15371","EIF3D","Q99613","EIF3C","Q2TAM9","TUSC1","huMAP3_11246.1","structurally_consistent",0.92,0,0,0,null,null,0,0.61,0.6,88.4225641025641,86.2069841269841,0.172,"KOG1076","ENOG502SVWC","no","Low tissue specificity","Low tissue specificity",0.128115769213272,"Cytosol","Vesicles",0,7669,false]
["P63208_Q13616","P41002_P63208","Janes_et_al","P63208; Q13616","P41002; P63208","P63208","SKP1","Q13616","CUL1","P41002","CCNF","huMAP3_00161.1; huMAP3_05528.1; huMAP3_09623.1","mutually_exclusive",0.52,15,92,39,87.3,34.11,1330.29,0.45,0.67,90.39725,91.032794117647,null,"KOG2166","KOG0654","no","Low tissue specificity","Tissue enhanced",-0.0109137009076253,"Nucleoplasm","Centrosome",0,7678,false]
["Q13620_Q16531","Q16531_Q9BW61","Janes_et_al","Q13620; Q16531","Q16531; Q9BW61","Q16531","DDB1","Q13620","CUL4B","Q9BW61","DDA1","huMAP3_06808.1; huMAP3_14528.1; huMAP3_09779.1; huMAP3_10612.1; huMAP3_09283.1; huMAP3_08251.1","structurally_consistent",0.22,0,0,0,null,null,0,0.67,0.72,87.5264383561643,91.1172307692307,0.092,"KOG2167","KOG4816","no","Low tissue specificity","Low tissue specificity",-0.0881076745795334,"Nucleoplasm","Nucleoplasm; Nucleoli",0.5,7683,false]
["O00217_P28331","O00217_O75251","Janes_et_al","O00217; P28331","O00217; O75251","O00217","NDUFS8","P28331","NDUFS1","O75251","NDUFS7","huMAP3_09982.1; huMAP3_09567.1; huMAP3_14878.1; huMAP3_06397.1; huMAP3_14018.1","structurally_consistent",1.46,0,0,0,null,null,0,0.3,0.62,86.4147826086956,91.5296666666666,0.722,"KOG2282","KOG1687","no","Tissue enhanced","Tissue enhanced",0.765843028280749,"Mitochondria",null,null,7687,false]
["P10809_Q9BS92","P10809_Q9NTG7","Janes_et_al","P10809; Q9BS92","P10809; Q9NTG7","P10809","HSPD1","Q9BS92","NIPSNAP3B","Q9NTG7","SIRT3","huMAP3_13468.1","mutually_exclusive",0.79,16,188,208,85.79,90.59,16128.52,0.64,0.55,88.5795238095238,86.6902857142857,null,"KOG2883","KOG2682","no","Tissue enhanced","Low tissue specificity",0.292530740571306,{"$nulls":3},7695,false]
["P13984_P52434","P52434_Q9BUI4","Janes_et_al","P13984; P52434","P52434; Q9BUI4","P52434","POLR2H","P13984","GTF2F2","Q9BUI4","POLR3C","huMAP3_11092.1","mutually_exclusive",0.48,14,24,31,60.63,80.39,1455.12,0.24,0.3,86.7426666666666,78.9071428571428,0.18,"KOG2905","KOG2587","no","Low tissue specificity","Low tissue specificity",0.146243379227695,"Nucleoplasm","Nucleoplasm",1,7705,false]
["P38919_Q96MU7","P38919_P62995","Janes_et_al","P38919; Q96MU7","P38919; P62995","P38919","EIF4A3","Q96MU7","YTHDC1","P62995","TRA2B","huMAP3_09621.1; huMAP3_10564.1","mutually_exclusive",0.22,11,21,51,23.43,73.41,492.03,0.32,0.41,83.305,77.2642105263158,0.544,"KOG1902","KOG0118","no","Low tissue specificity","Low tissue specificity",0.315432142643278,"Nucleoplasm","Nucleoplasm",1,7712,false]
["A6NCE7_Q9Y4P1","Q9NT62_Q9Y4P1","Janes_et_al","A6NCE7; Q9Y4P1","Q9NT62; Q9Y4P1","Q9Y4P1","ATG4B","A6NCE7","MAP1LC3B2","Q9NT62","ATG3","huMAP3_14012.1; huMAP3_12465.1","mutually_exclusive",0.17,28,122,146,85.42,78.48,11458.08,0.63,0.24,87.9724590163934,74.6244444444444,null,"KOG1654","KOG2981","no","Tissue enhanced","Low tissue specificity",0.0972271158492662,"Vesicles","Plasma membrane; Cytosol",0,7721,false]
["P62318_Q9H840","P57678_Q9H840","Janes_et_al","P62318; Q9H840","P57678; Q9H840","Q9H840","GEMIN7","P62318","SNRPD3","P57678","GEMIN4","huMAP3_08980.1; huMAP3_04549.1; huMAP3_06511.1","structurally_consistent",2.15,0,0,0,null,null,0,0.27,0.3,82.0627272727272,78.2033333333333,0.19,"KOG3172","ENOG502QRX9","no","Low tissue specificity","Low tissue specificity",0.0465533263088634,"Nucleoplasm","Nuclear bodies; Cytosol",0,7728,false]
["P62136_Q8WUF5","P62136_Q5TID7","Janes_et_al","P62136; Q8WUF5","P62136; Q5TID7","P62136","PPP1CA","Q8WUF5","PPP1R13L","Q5TID7","CCDC181","huMAP3_14504.1","mutually_exclusive",0.12,21,90,81,54.86,55.4,4937.4,0.72,0.4,90.8270909090909,89.332,null,"KOG0515","ENOG502QV5R","no","Tissue enhanced","Tissue enhanced",-0.181966983425716,"Cytosol","Nuclear speckles",0,7738,false]
["P61077_Q96BH1","P61077_Q969T4","Janes_et_al","P61077; Q96BH1","P61077; Q969T4","P61077","UBE2D3","Q96BH1","RNF25","Q969T4","UBE2E3","huMAP3_14144.1; huMAP3_09037.1; huMAP3_12347.1; huMAP3_14486.1","mutually_exclusive",0.39,11,23,53,94.57,78.13,4140.88999999999,0.71,0.27,96.5532,79.1428571428571,0.06,"KOG4445","KOG0417","no","Low tissue specificity","Low tissue specificity",0.167250058627143,"Cytosol",null,null,7747,false]
["P47224_P61026","P51151_P61026","Janes_et_al","P47224; P61026","P51151; P61026","P61026","RAB10","P47224","RABIF","P51151","RAB9A","huMAP3_09217.1; huMAP3_11094.1; huMAP3_08941.1; huMAP3_11860.1; huMAP3_06994.1","mutually_exclusive",0.47,14,86,102,86.49,93.11,7438.13999999999,0.53,0.28,91.4158139534883,80.9803448275862,0.206,"KOG4113","KOG0394","no","Low tissue specificity","Low tissue specificity",-0.0929475850188635,null,"Nucleoplasm",null,7748,false]
["O75832_Q16186","O75832_Q99436","Janes_et_al","O75832; Q16186","O75832; Q99436","O75832","PSMD10","Q16186","ADRM1","Q99436","PSMB7","huMAP3_09656.1; huMAP3_13725.1","structurally_consistent",0.27,0,12,13,30,66.92,360,0.4,0.53,88.8694444444444,79.24625,0.332,"KOG3037","KOG0173","no","Tissue enhanced","Low tissue specificity",0.654704349297237,"Nucleoplasm; Plasma membrane; Cytosol","Nucleoplasm",0.333333333333333,7756,false]
["O75044_P27348","P27348_Q6UUV9","Janes_et_al","O75044; P27348","P27348; Q6UUV9","P27348","YWHAQ","O75044","SRGAP2","Q6UUV9","CRTC1","huMAP3_10808.1; huMAP3_09810.1; huMAP3_12897.1; huMAP3_07838.1","mutually_exclusive",0.34,20,156,115,78.54,33.26,3824.9,0.25,0.41,77.3849999999999,83.25375,0.13,"KOG3565","ENOG502QU41","no","Tissue enhanced","Tissue enhanced",0.70957655087823,"Cytosol","Nucleoplasm; Nuclear bodies",0,7765,false]
["P01591_P01833","P01833_Q8WWU7","Janes_et_al","P01591; P01833","P01833; Q8WWU7","P01833","PIGR","P01591","JCHAIN","Q8WWU7","ITLN2","huMAP3_11343.1","structurally_consistent",2.2,0,0,0,null,null,0,0.24,0.53,80.1641666666666,89.53,0.504,"ENOG502RZF4","ENOG502QU6C","no","Tissue enhanced","Tissue enriched",0.42507158822035,{"$nulls":3},7771,false]
["P51398_P82933","P82650_P82933","Janes_et_al","P51398; P82933","P82650; P82933","P82933","MRPS9","P51398","DAP3","P82650","MRPS22","huMAP3_05954.1","structurally_consistent",0.92,0,0,0,null,null,0,0.51,0.45,91.201724137931,86.5022222222222,0.936,"KOG3928","KOG3890","no","Low tissue specificity","Low tissue specificity",0.760583608028997,"Nucleoplasm; Mitochondria","Mitochondria",0.5,7782,false]
["P63208_Q9H469","P63208_Q9Y2K7","Janes_et_al","P63208; Q9H469","P63208; Q9Y2K7","P63208","SKP1","Q9H469","FBXL15","Q9Y2K7","KDM2A","huMAP3_00161.1; huMAP3_05528.1; huMAP3_09623.1; huMAP3_14622.1","mutually_exclusive",0.75,33,274,261,93.66,85.72,22372.92,0.66,0.52,93.106282051282,87.8160869565217,0.094,"KOG1947","KOG1633; KOG1947","yes","Low tissue specificity","Low tissue specificity",-0.267508726217774,null,"Nucleoplasm",null,7791,false]
["Q13547_Q96JN0","Q13547_Q9HAJ7","Janes_et_al","Q13547; Q96JN0","Q13547; Q9HAJ7","Q13547","HDAC1","Q96JN0","LCOR","Q9HAJ7","SAP30L","huMAP3_15128.1","structurally_consistent",0.85,0,13,20,26.92,85.1,349.96,0.42,0.41,83.6214285714285,89.58,null,"KOG4565","ENOG502QWFH","no","Tissue enhanced","Low tissue specificity",-0.378486644954862,"Nucleoplasm","Nucleoplasm; Nucleoli fibrillar center",0.5,7794,false]
["O15318_Q9NW08","P53803_Q9NW08","Janes_et_al","O15318; Q9NW08","P53803; Q9NW08","Q9NW08","POLR3B","O15318","POLR3G","P53803","POLR2K","huMAP3_09057.1; huMAP3_14318.1; huMAP3_08487.1; huMAP3_11092.1; huMAP3_06426.1","structurally_consistent",0.96,0,0,0,null,null,0,0.53,0.66,84.2327272727272,89.3328787878787,0.188,"ENOG502RY1A","KOG3507","no","Low tissue specificity","Low tissue specificity",0.177640392235939,"Nucleoplasm","Nucleoli fibrillar center",0,7808,false]
["O15514_P62487","P05423_P62487","Janes_et_al","O15514; P62487","P05423; P62487","P62487","POLR2G","O15514","POLR2D","P05423","POLR3D","huMAP3_11092.1; huMAP3_14318.1","mutually_exclusive",0.44,26,95,74,95.47,64.82,4796.67999999999,0.71,0.42,97.5741975308642,80.7385714285714,0.08,"KOG2351","KOG3122","no","Tissue enhanced","Low tissue specificity",0.296070945381854,"Nucleoplasm; Nuclear speckles","Nucleoplasm",0.5,7815,false]
["Q9ULQ0_Q9Y3A3","Q9BUL8_Q9Y3A3","Janes_et_al","Q9ULQ0; Q9Y3A3","Q9BUL8; Q9Y3A3","Q9Y3A3","MOB4","Q9ULQ0","STRIP2","Q9BUL8","PDCD10","huMAP3_10333.1; huMAP3_07644.1; huMAP3_13510.1; huMAP3_09709.1","mutually_exclusive",0.43,17,199,154,91.96,75.65,11650.1,0.55,0.28,83.9514634146341,77.788,0.04,"KOG3680","KOG4025","no","Tissue enhanced","Low tissue specificity",-0.354109047452633,"Cytosol",null,null,7817,false]
["P06576_P48047","P24539_P48047","Janes_et_al","P06576; P48047","P24539; P48047","P48047","ATP5PO","P06576","ATP5F1B","P24539","ATP5PB","huMAP3_07476.1; huMAP3_11095.1; huMAP3_09775.1; huMAP3_09307.1","structurally_consistent",1.41,0,0,0,null,null,0,0.53,0.5,85.6193749999999,87.3409756097561,0.938,"KOG1350","KOG3976","no","Tissue enhanced","Tissue enhanced",0.952771394359549,"Mitochondria","Mitochondria",1,7825,false]
["O00232_O75832","O75832_Q8WV99","Janes_et_al","O00232; O75832","O75832; Q8WV99","O75832","PSMD10","O00232","PSMD12","Q8WV99","ZFAND2B","huMAP3_09656.1; huMAP3_05064.1; huMAP3_13725.1","mutually_exclusive",0.28,14,17,21,75.61,64.33,1350.93,0.41,0.6,83.2976470588235,85.6310526315789,0.180805970149254,"KOG1498","KOG3183","no","Low tissue specificity","Low tissue specificity",0.14107608402818,"Microtubules","Nucleoli; Nucleoli rim",0,7837,false]
["Q15369_Q9Y6I7","O14543_Q15369","Janes_et_al","Q15369; Q9Y6I7","O14543; Q15369","Q15369","ELOC","Q9Y6I7","WSB1","O14543","SOCS3","huMAP3_08919.1; huMAP3_05894.1; huMAP3_09980.1","mutually_exclusive",0.12,17,316,202,86.79,84.36,17040.72,0.58,0.62,91.4197674418604,95.1844186046511,null,"KOG0266","KOG4566","no","Low tissue specificity","Tissue enhanced",0.322884450092486,"Mitochondria","Cytosol",0,7842,false]
["Q3B7T1_Q9NZL4","P11142_Q9NZL4","Janes_et_al","Q3B7T1; Q9NZL4","P11142; Q9NZL4","Q9NZL4","HSPBP1","Q3B7T1","EDRF1","P11142","HSPA8","huMAP3_05866.1; huMAP3_14723.1","mutually_exclusive",0.69,11,310,380,68.2,84.34,21142,0.25,0.69,79.6204545454545,89.6096551724138,0.459078947368421,"ENOG502QTNC","KOG0101","no","Low tissue specificity","Low tissue specificity",-0.0717225532760998,"Nucleoplasm","Nucleoplasm",1,7851,false]
["O00422_Q15287","O00422_P49756","Janes_et_al","O00422; Q15287","O00422; P49756","O00422","SAP18","Q15287","RNPS1","P49756","RBM25","huMAP3_09943.1; huMAP3_11073.1","mutually_exclusive",0.19,16,92,97,85.09,83.5,8099.5,0.59,0.35,92.9370588235294,88.2966666666666,0.864,"KOG4209","KOG2217; KOG2253","no","Low tissue specificity","Low tissue specificity",0.288815506234014,"Nucleoplasm","Nuclear speckles",0,7860,false]
["P02792_Q8N4T4","P02792_P02794","Janes_et_al","P02792; Q8N4T4","P02792; P02794","P02792","FTL","Q8N4T4","ARHGEF39","P02794","FTH1","huMAP3_08131.1","structurally_consistent",0.34,0,14,8,91.14,60.75,486,0.28,0.7,82.6366666666666,97.1714285714285,null,"ENOG502QTR5","KOG2332","no","Low tissue specificity","Low tissue specificity",-2.0067940468846E-3,{"$nulls":3},7868,false]
["O00422_O75494","O00422_P49761","Janes_et_al","O00422; O75494","O00422; P49761","O00422","SAP18","O75494","SRSF10","P49761","CLK3","huMAP3_09943.1; huMAP3_09621.1; huMAP3_11073.1; huMAP3_10564.1","structurally_consistent",0.25,0,21,39,17.52,86.74,367.92,0.32,0.39,84.98,72.315,null,"KOG0118","KOG0671","no","Low tissue specificity","Low tissue specificity",0.709932796564798,"Nucleoplasm","Nucleoplasm",1,7869,false]
["Q8TB52_Q96FJ2","O96015_Q96FJ2","Janes_et_al","Q8TB52; Q96FJ2","O96015; Q96FJ2","Q96FJ2","DYNLL2","Q8TB52","FBXO30","O96015","DNAL4","huMAP3_12566.1","mutually_exclusive",0.16,14,83,79,59.27,87.1,4919.41,0.24,0.66,80.3858064516129,97.3906382978723,0.04,"ENOG502QTD9","KOG3430","no","Low tissue specificity","Low tissue specificity",-0.217901485556864,"Microtubules","Centrosome",0,7883,false]
["P05230_P09038","O75487_P05230","Janes_et_al","P05230; P09038","O75487; P05230","P05230","FGF1","P09038","FGF2","O75487","GPC4","huMAP3_13917.1","mutually_exclusive",0.13,15,144,177,82.72,89.26,11911.68,0.25,0.55,81.9407692307692,89.4265714285714,null,"KOG3885","KOG3821","no","Low tissue specificity","Low tissue specificity",0.109754504361372,"Nucleoplasm; Nuclear bodies","Plasma membrane",0,7886,false]
["Q99627_Q9UNS2","Q96SW2_Q99627","Janes_et_al","Q99627; Q9UNS2","Q96SW2; Q99627","Q99627","COPS8","Q9UNS2","COPS3","Q96SW2","CRBN","huMAP3_14528.1; huMAP3_09779.1","mutually_exclusive",1.01,10,263,261,90.22,85.78,22388.58,0.69,0.24,94.359649122807,82.0268749999999,0.16,"KOG2582","KOG1400","no","Low tissue specificity","Low tissue specificity",0.622458937116635,"Nucleoplasm",null,null,7895,false]
["P46060_P63165","P46060_Q9UKK6","Janes_et_al","P46060; P63165","P46060; Q9UKK6","P46060","RANGAP1","P63165","SUMO1","Q9UKK6","NXT1","huMAP3_10000.1; huMAP3_12581.1","mutually_exclusive",4.06,10,52,47,67.04,68.51,3486.08,0.37,0.44,75.6325,75.7915384615384,null,"KOG1769","KOG4353","no","Low tissue specificity","Low tissue specificity",0.117458276259404,"Nucleoplasm; Nuclear membrane","Nucleoplasm",0.5,7906,false]
["Q6ZSC3_Q8IXQ6","Q8IXQ6_Q8TDB6","Janes_et_al","Q6ZSC3; Q8IXQ6","Q8IXQ6; Q8TDB6","Q8IXQ6","PARP9","Q6ZSC3","RBM43","Q8TDB6","DTX3L","huMAP3_02080.1","mutually_exclusive",7.31,15,186,182,76.63,63.48,11553.36,0.4,0.67,81.4394594594594,82.6736363636363,null,"KOG4012","ENOG502RGAW","no","Low tissue specificity","Low tissue specificity",0.30940212388109,"Nucleoli","Nucleoplasm; Cytosol",0,7912,false]
["P09017_P13489","P09630_P13489","Janes_et_al","P09017; P13489","P09630; P13489","P13489","RNH1","P09017","HOXC4","P09630","HOXC6","huMAP3_13506.1; huMAP3_12344.1","mutually_exclusive",0.07,10,81,87,66.98,62.29,5419.23,0.57,0.56,82.5388461538461,86.0463999999999,null,"KOG0489","KOG0489","yes","Tissue enhanced","Tissue enhanced",0.860917879581288,"Nucleoplasm","Nucleoplasm",1,7921,false]
["P09661_P62310","P09661_Q9BWU0","Janes_et_al","P09661; P62310","P09661; Q9BWU0","P09661","SNRPA1","P62310","LSM3","Q9BWU0","SLC4A1AP","huMAP3_08980.1; huMAP3_06511.1","mutually_exclusive",1.82,15,79,90,74.23,91.9,5864.17,0.34,0.5,81.5384615384615,91.4072727272727,0.298,"KOG3460","KOG1881","no","Low tissue specificity","Low tissue specificity",0.489512064122976,"Nucleoli","Nucleoplasm",0,7929,false]
["O15550_P61964","O75478_P61964","Janes_et_al","O15550; P61964","O75478; P61964","P61964","WDR5","O15550","KDM6A","O75478",null,"huMAP3_09422.1; huMAP3_08776.1; huMAP3_10027.1","mutually_exclusive",0.37,10,338,308,78.04,68.74,21171.92,0.52,0.37,88.4648,79.5552173913043,null,"KOG1124; KOG1246","KOG0457","no","Low tissue specificity",null,null,"Nucleoli; Nucleoli rim",null,null,7930,false]
["P63208_Q96ME1","P63208_Q9UKT5","Janes_et_al","P63208; Q96ME1","P63208; Q9UKT5","P63208","SKP1","Q96ME1","FBXL18","Q9UKT5","FBXO4","huMAP3_00161.1; huMAP3_05528.1; huMAP3_09623.1; huMAP3_14622.1","mutually_exclusive",0.22,32,258,266,86.66,83.81,22293.46,0.66,0.55,92.2022058823529,90.9643283582089,0.072,"ENOG502QVW9","ENOG502QUXD","no","Low tissue specificity","Low tissue specificity",-0.389133734073946,"Nucleoplasm","Nucleoplasm",1,7939,false]
["P63208_Q9UKA2","P63208_Q8NEZ5","Janes_et_al","P63208; Q9UKA2","P63208; Q8NEZ5","P63208","SKP1","Q9UKA2","FBXL4","Q8NEZ5","FBXO22","huMAP3_00161.1; huMAP3_09623.1; huMAP3_14622.1","mutually_exclusive",0.54,37,410,360,95.27,87.14,31370.4,0.7,0.66,94.9793243243243,92.91,0.056,"KOG1947","ENOG502QSZ2","no","Low tissue specificity","Low tissue specificity",0.163231969361686,"Nuclear speckles",null,null,7952,false]
["P63208_Q6PIJ6","P63208_Q9UJA9","Janes_et_al","P63208; Q6PIJ6","P63208; Q9UJA9","P63208","SKP1","Q6PIJ6","FBXO38","Q9UJA9","ENPP5","huMAP3_14622.1","mutually_exclusive",0.73,14,28,24,86.04,86.04,2409.12,0.66,0.58,90.518028169014,87.0562499999999,null,"ENOG502QSUC","KOG2645","no","Low tissue specificity","Tissue enriched",-0.0299955868860086,"Nucleoplasm; Plasma membrane","Cytosol",0,7956,false]
["P41223_Q9BRX9","P41223_Q6P2Q9","Janes_et_al","P41223; Q9BRX9","P41223; Q6P2Q9","P41223","BUD31","Q9BRX9","WDR83","Q6P2Q9","PRPF8","huMAP3_09945.1","structurally_consistent",0.57,0,0,0,null,null,0,0.53,0.53,87.1215789473684,82.2626530612244,0.154,"KOG0316","KOG1795","no","Low tissue specificity","Low tissue specificity",0.525041988338465,"Vesicles","Nucleoplasm",0,7965,false]
["O75832_P43686","O75832_P28072","Janes_et_al","O75832; P43686","O75832; P28072","O75832","PSMD10","P43686","PSMC4","P28072","PSMB6","huMAP3_09656.1; huMAP3_13725.1","mutually_exclusive",0.38,19,102,141,86.68,77.6,10941.6,0.68,0.28,92.4773770491803,71.8549999999999,0.882,"KOG0727","KOG0174","no","Low tissue specificity","Low tissue specificity",0.458385879217819,"Nucleoplasm; Cytosol","Nucleoplasm; Cytosol",1,7972,false]
["P13861_P22612","P13861_Q15691","Janes_et_al","P13861; P22612","P13861; Q15691","P13861","PRKAR2A","P22612","PRKACG","Q15691","MAPRE1","huMAP3_14681.1; huMAP3_13352.1","mutually_exclusive",3.16,26,154,138,96.23,83.37,11505.06,0.71,0.48,92.2263953488372,84.8824,null,"KOG0616","KOG3000","no","Tissue enriched","Low tissue specificity",0.000976465480159,"Cytosol","Centriolar satellite; Cytosol",0.5,7981,false]
["Q16531_Q58WW2","Q13620_Q16531","Janes_et_al","Q16531; Q58WW2","Q13620; Q16531","Q16531","DDB1","Q58WW2","DCAF6","Q13620","CUL4B","huMAP3_10612.1; huMAP3_14528.1; huMAP3_09283.1; huMAP3_09779.1","structurally_consistent",0.19,0,0,0,null,null,0,0.72,0.67,86.2125,87.5264383561643,0.096,"KOG1310; KOG1334","KOG2167","no","Group enriched","Low tissue specificity",-0.301281829590885,"Nucleoplasm; Focal adhesion sites","Nucleoplasm",0.5,7990,false]
["Q6TDP4_Q9UH77","P07585_Q6TDP4","Janes_et_al","Q6TDP4; Q9UH77","P07585; Q6TDP4","Q6TDP4","KLHL17","Q9UH77","KLHL3","P07585","DCN","huMAP3_11818.1","structurally_consistent",0.82,0,3,3,91,62.06,186.18,0.69,0.34,91.5809195402298,85.2783333333333,null,"KOG4441","KOG0619","no","Tissue enhanced","Tissue enhanced",-0.124485458693152,{"$nulls":3},7994,false]
["O60825_P27348","P27348_P56524","Janes_et_al","O60825; P27348","P27348; P56524","P27348","YWHAQ","O60825","PFKFB2","P56524","HDAC4","huMAP3_12897.1; huMAP3_07596.1; huMAP3_10808.1; huMAP3_09810.1; huMAP3_07838.1","mutually_exclusive",0.46,21,345,415,85.25,86.96,29411.25,0.48,0.43,80.0256249999999,90.2672727272727,0.046,"KOG0234","KOG1343","no","Tissue enhanced","Tissue enhanced",0.292506632936729,"Nucleoplasm","Nuclear speckles",0,7999,false]
["P52948_Q96EE3","P46060_Q96EE3","Janes_et_al","P52948; Q96EE3","P46060; Q96EE3","Q96EE3","SEH1L","P52948","NUP98","P46060","RANGAP1","huMAP3_12581.1","mutually_exclusive",0.57,11,118,122,87,89.15,10266,0.63,0.48,81.4773913043478,84.6521739130434,0.356,"KOG0845","KOG1909","no","Low tissue specificity","Low tissue specificity",0.119547912112688,null,"Nuclear membrane",null,8008,false]
["O43447_P83876","O43447_Q8WVK2","Janes_et_al","O43447; P83876","O43447; Q8WVK2","O43447","PPIH","P83876","TXNL4A","Q8WVK2","SNRNP27","huMAP3_08980.1; huMAP3_06511.1","mutually_exclusive",0.13,11,41,27,86.07,35.81,966.87,0.3,0.41,81.7973684210526,92.2494117647058,0.322,"KOG3414","KOG3263","no","Low tissue specificity","Low tissue specificity",0.143396379497503,"Nucleoplasm","Nucleoplasm",1,8016,false]
["Q9BQA1_Q9NWZ8","Q15459_Q9BQA1","Janes_et_al","Q9BQA1; Q9NWZ8","Q15459; Q9BQA1","Q9BQA1","WDR77","Q9NWZ8","GEMIN8","Q15459","SF3A1","huMAP3_08980.1; huMAP3_06511.1","mutually_exclusive",0.28,12,56,60,37.39,77.64,2093.84,0.35,0.33,88.0593333333333,77.93,0.348,"ENOG502S7KA","KOG0007","no","Low tissue specificity","Low tissue specificity",-0.225041396530548,"Nucleoplasm; Cytosol","Nucleoplasm; Nuclear speckles",0.333333333333333,8025,false]
["Q15118_Q15120","P29803_Q15120","Janes_et_al","Q15118; Q15120","P29803; Q15120","Q15120","PDK3","Q15118","PDK1","P29803","PDHA2","huMAP3_14864.1; huMAP3_12248.1; huMAP3_11877.1; huMAP3_14339.1","structurally_consistent",0.16,0,0,0,null,null,0,0.73,0.4,95.1340559440559,80.8153846153846,null,"KOG0787","KOG0225","no","Low tissue specificity","Tissue enriched",0.0784170416320399,null,"Mitochondria",null,8031,false]
["P62136_Q5TID7","P62136_Q9UPR0","Janes_et_al","P62136; Q5TID7","P62136; Q9UPR0","P62136","PPP1CA","Q5TID7","CCDC181","Q9UPR0","PLCL2","huMAP3_09633.1; huMAP3_14504.1","mutually_exclusive",0.18,14,28,30,53.39,66.1,1494.92,0.4,0.5,89.332,85.0833333333333,null,"ENOG502QV5R","KOG0169","no","Tissue enhanced","Tissue enhanced",-0.211059797698862,"Nuclear speckles",null,null,8042,false]
["Q16531_Q8WV16","Q16531_Q92466","Janes_et_al","Q16531; Q8WV16","Q16531; Q92466","Q16531","DDB1","Q8WV16","DCAF4","Q92466","DDB2","huMAP3_14528.1; huMAP3_09779.1","mutually_exclusive",0.18,46,377,348,82.25,85.66,31008.25,0.71,0.72,87.8364150943396,89.1468468468468,null,"KOG2695","KOG4328","no","Low tissue specificity","Low tissue specificity",0.36126017868705,"Nucleoplasm","Nucleoplasm; Cell Junctions",0.5,8051,false]
["P52294_Q14974","O00505_Q14974","Janes_et_al","P52294; Q14974","O00505; Q14974","Q14974","KPNB1","P52294","KPNA1","O00505","KPNA3","huMAP3_10000.1","mutually_exclusive",0.23,51,397,409,84.92,85.86,33713.24,0.71,0.72,88.0825301204819,88.7045263157894,0.386,"KOG0166","KOG0166","yes","Low tissue specificity","Tissue enhanced",0.921793541046816,"Nucleoplasm","Nucleoplasm; Cytosol",0.5,8054,false]
["P04217_P19652","P02766_P19652","Janes_et_al","P04217; P19652","P02766; P19652","P19652","ORM2","P04217","A1BG","P02766","TTR","huMAP3_10678.1; huMAP3_09531.1; huMAP3_10101.1; huMAP3_15040.1","mutually_exclusive",0.5,43,140,131,74.18,80.17,10385.2,0.32,0.55,74.93,82.8525925925925,0.514,"ENOG502RYEX","KOG3006","no","Tissue enriched","Tissue enriched",0.0091798475396383,null,"Golgi apparatus",null,8060,false]
["P54284_Q8N350","O00305_P54284","Janes_et_al","P54284; Q8N350","O00305; P54284","P54284","CACNB3","Q8N350","CBARP","O00305","CACNB4","huMAP3_00355.1; huMAP3_10522.1; huMAP3_14403.1","structurally_consistent",2.2,0,7,5,33.71,27.59,137.95,0.29,0.38,89.5224324324324,84.947,null,"ENOG502QQ2E","KOG3812","no","Tissue enhanced","Group enriched",0.506027893826686,"Nucleoplasm",null,null,8069,false]
["P09661_Q96LT9","P09661_P62304","Janes_et_al","P09661; Q96LT9","P09661; P62304","P09661","SNRPA1","Q96LT9","RNPC3","P62304","SNRPE","huMAP3_08980.1; huMAP3_06511.1","structurally_consistent",0.83,0,0,0,null,null,0,0.27,0.39,83.9179999999999,90.545,0.572,"KOG4206","KOG1774","no","Low tissue specificity","Low tissue specificity",0.116530758288287,"Nucleoplasm",null,null,8077,false]
["Q9NPD3_Q9Y2L1","Q9NPD3_Q9Y580","Janes_et_al","Q9NPD3; Q9Y2L1","Q9NPD3; Q9Y580","Q9NPD3","EXOSC4","Q9Y2L1","DIS3","Q9Y580","RBM7","huMAP3_05382.1","structurally_consistent",0.27,0,47,24,82.3,17.83,427.92,0.48,0.26,88.6027027027027,76.61,0.112,"KOG2102","KOG4454","no","Low tissue specificity","Low tissue specificity",0.57837516297891,"Nucleoplasm","Nucleoplasm",1,8086,false]
["Q96H22_Q9NSP4","Q96H22_Q9BU64","Janes_et_al","Q96H22; Q9NSP4","Q96H22; Q9BU64","Q96H22","CENPN","Q9NSP4","CENPM","Q9BU64","CENPO","huMAP3_09807.1; huMAP3_11899.1; huMAP3_14808.1","structurally_consistent",0.2,0,0,0,null,null,0,0.35,0.61,88.3054545454545,90.8565853658536,0.184,"ENOG502S17M","ENOG502RY72","no","Tissue enhanced","Low tissue specificity",0.703411489479782,null,"Nucleoplasm",null,8095,false]
["O15116_P62306","P62306_Q8TEQ6","Janes_et_al","O15116; P62306","P62306; Q8TEQ6","P62306","SNRPF","O15116","LSM1","Q8TEQ6","GEMIN5","huMAP3_08980.1","mutually_exclusive",0.48,16,114,178,77.78,88.11,8866.92,0.38,0.6,83.3745,88.6919444444444,0.082,"KOG1782","ENOG502QPYZ","no","Low tissue specificity","Low tissue specificity",0.256479971646981,"Cytoplasmic bodies","Cytosol",0,8100,false]
["O75832_Q99436","O75832_P28070","Janes_et_al","O75832; Q99436","O75832; P28070","O75832","PSMD10","Q99436","PSMB7","P28070","PSMB4","huMAP3_09656.1; huMAP3_13725.1","mutually_exclusive",0.15,13,199,199,81.73,77.74,15470.2599999999,0.53,0.35,79.24625,75.3693333333333,0.842,"KOG0173","KOG0185","no","Low tissue specificity","Low tissue specificity",0.597891940553413,"Nucleoplasm","Nucleoplasm",1,8112,false]
["O43633_Q9Y3E7","O43633_Q9UQN3","Janes_et_al","O43633; Q9Y3E7","O43633; Q9UQN3","O43633","CHMP2A","Q9Y3E7","CHMP3","Q9UQN3","CHMP2B","huMAP3_06564.1; huMAP3_13805.1; huMAP3_08679.1; huMAP3_10053.1","mutually_exclusive",2.08,31,134,135,71.54,87.61,9586.36,0.41,0.68,78.9011111111111,86.2625,0.108,"KOG0800; KOG3229","KOG3231","no","Low tissue specificity","Low tissue specificity",0.291726695875137,null,"Cytosol",null,8113,false]
["O75970_Q8N3R9","Q8N3R9_Q9HAP6","Janes_et_al","O75970; Q8N3R9","Q8N3R9; Q9HAP6","Q8N3R9","PALS1","O75970","MPDZ","Q9HAP6","LIN7B","huMAP3_09519.1; huMAP3_11195.1; huMAP3_08481.1; huMAP3_14575.1","structurally_consistent",7.24,0,0,0,null,null,0,0.29,0.65,79.5857142857142,88.3094186046511,null,"KOG3528","KOG3550","no","Tissue enhanced","Tissue enhanced",0.0361477688359716,{"$nulls":3},8123,false]
["O43924_Q03252","O43924_P20700","Janes_et_al","O43924; Q03252","O43924; P20700","O43924","PDE6D","Q03252","LMNB2","P20700","LMNB1","huMAP3_09259.1; huMAP3_10492.1; huMAP3_10433.1; huMAP3_10614.1","mutually_exclusive",0.15,24,167,160,75.59,79.11,12623.53,0.4,0.31,84.195,88.6669565217391,0.636,"KOG0977","KOG0977","yes","Low tissue specificity","Tissue enhanced",0.541213376745964,"Nuclear membrane","Nuclear membrane",1,8130,false]
["O43920_Q9P0J0","O00217_Q9P0J0","Janes_et_al","O43920; Q9P0J0","O00217; Q9P0J0","Q9P0J0","NDUFA13","O43920","NDUFS5","O00217","NDUFS8","huMAP3_09982.1; huMAP3_09567.1; huMAP3_14878.1; huMAP3_06397.1; huMAP3_14018.1","structurally_consistent",1.78,0,0,0,null,null,0,0.57,0.33,92.0365909090909,85.1743478260869,0.976,"KOG4110","KOG3256","no","Low tissue specificity","Low tissue specificity",0.814798548386764,null,"Mitochondria",null,8139,false]
["P10253_Q86XF0","Q5T4B2_Q86XF0","Janes_et_al","P10253; Q86XF0","Q5T4B2; Q86XF0","Q86XF0","DHFR2","P10253","GAA","Q5T4B2","CERCAM","huMAP3_06775.1","structurally_consistent",0.8,0,0,0,null,null,0,0.59,0.33,87.9461111111111,79.45625,0.08,"KOG1065","KOG4179","no","Low tissue specificity","Group enriched",-0.173871896288278,"Vesicles","Nucleoplasm; Nucleoli",0,8146,false]
["O75438_P03905","P03905_P03915","Janes_et_al","O75438; P03905","P03905; P03915","P03905","MT-ND4","O75438","NDUFB1","P03915","MT-ND5","huMAP3_09982.1; huMAP3_09567.1; huMAP3_08132.1; huMAP3_14878.1; huMAP3_06397.1; huMAP3_14018.1","structurally_consistent",0.17,0,0,0,null,null,0,0.41,0.73,92.25,95.4196774193548,0.416,"ENOG502S6X0","KOG4668","no","Low tissue specificity","Tissue enhanced",0.848316741083502,"Mitochondria",null,null,8156,false]
["Q86VQ1_Q96FJ2","Q8WW35_Q96FJ2","Janes_et_al","Q86VQ1; Q96FJ2","Q8WW35; Q96FJ2","Q96FJ2","DYNLL2","Q86VQ1","GLCCI1","Q8WW35","DYNLT2B","huMAP3_12566.1","mutually_exclusive",0.17,15,45,55,51.13,75.93,2300.85,0.43,0.42,89.7262162162162,89.1835483870967,null,"ENOG502QRQF","KOG4108","no","Tissue enhanced","Low tissue specificity",0.0164882207702836,"Nucleoli","Cytosol",0,8165,false]
["P80217_Q13287","Q13287_Q9NQ88","Janes_et_al","P80217; Q13287","Q13287; Q9NQ88","Q13287","NMI","P80217","IFI35","Q9NQ88","TIGAR","huMAP3_07342.1; huMAP3_00697.1; huMAP3_13059.1","mutually_exclusive",3.56,11,10,11,84.8,94.91,848,0.72,0.41,89.4095505617977,87.5966666666666,0.082,"ENOG502QUNN","KOG0235","no","Low tissue specificity","Low tissue specificity",0.0917468917071267,"Nucleoplasm; Cytosol","Cytosol",0.5,8173,false]
["Q3ZCM7_Q9BVA1","Q9BVA1_Q9HC35","Janes_et_al","Q3ZCM7; Q9BVA1","Q9BVA1; Q9HC35","Q9BVA1","TUBB2B","Q3ZCM7","TUBB8","Q9HC35","EML4","huMAP3_10475.1; huMAP3_09233.1","mutually_exclusive",0.16,12,295,351,93.12,94.47,27470.4,0.65,0.52,87.9207547169811,80.9092857142857,0.226,"KOG1375","KOG2106","no","Tissue enhanced","Low tissue specificity",-0.0229817020925181,"Microtubules","Microtubules",1,8174,false]
["O43924_P20700","O43924_Q9BXI6","Janes_et_al","O43924; P20700","O43924; Q9BXI6","O43924","PDE6D","P20700","LMNB1","Q9BXI6","TBC1D10A","huMAP3_09259.1; huMAP3_10492.1; huMAP3_10614.1","mutually_exclusive",0.2,15,148,186,79.49,79.37,14762.82,0.31,0.48,88.6669565217391,86.3894444444444,0.190413043478261,"KOG0977","KOG2221","no","Tissue enhanced","Low tissue specificity",-0.0051067519673755,"Nuclear membrane","Plasma membrane",0,8183,false]
["Q13084_Q8IXM3","Q13084_Q96EL3","Janes_et_al","Q13084; Q8IXM3","Q13084; Q96EL3","Q13084","MRPL28","Q8IXM3","MRPL41","Q96EL3","MRPL53","huMAP3_07939.1; huMAP3_03763.1; huMAP3_06550.1; huMAP3_08458.1; huMAP3_06439.1; huMAP3_06589.1; huMAP3_09113.1; huMAP3_09483.1","structurally_consistent",0.19,0,0,0,null,null,0,0.37,0.31,94.0739130434782,91.1864285714285,0.928,"KOG4756","ENOG502S5X4","no","Tissue enhanced","Low tissue specificity",0.482493629801898,"Mitochondria","Mitochondria",1,8191,false]
["Q1RMZ1_Q969R8","Q969R8_Q9Y664","Janes_et_al","Q1RMZ1; Q969R8","Q969R8; Q9Y664","Q969R8","ITFG2","Q1RMZ1","BMT2","Q9Y664","KPTN","huMAP3_10405.1; huMAP3_15270.1; huMAP3_13864.1","structurally_consistent",0.51,0,0,0,null,null,0,0.29,0.68,82.8214285714285,91.7291764705882,null,"ENOG502QRK4","ENOG502QTF2","no","Low tissue specificity","Low tissue specificity",-0.0960638223399363,"Cytosol","Plasma membrane",0,8200,false]
["Q00005_Q5T953","Q00005_Q9NUC0","Janes_et_al","Q00005; Q5T953","Q00005; Q9NUC0","Q00005","PPP2R2B","Q5T953","IER5L","Q9NUC0","SERTAD4","huMAP3_10333.1; huMAP3_13681.1; huMAP3_13510.1; huMAP3_09709.1","mutually_exclusive",0.2,34,74,67,68.59,67.22,4503.74,0.52,0.57,90.7074074074074,90.71375,null,"ENOG502QUU4","ENOG502S9V2","no","Low tissue specificity","Low tissue specificity",0.29891020331659,"Nucleoplasm","Nucleoplasm",1,8206,false]
["P24928_Q9NW08","P61218_Q9NW08","Janes_et_al","P24928; Q9NW08","P61218; Q9NW08","Q9NW08","POLR3B","P24928",null,"P61218","POLR2F","huMAP3_11092.1; huMAP3_14318.1; huMAP3_08487.1; huMAP3_06426.1","mutually_exclusive",1.2,19,137,96,83.43,75.58,7255.68,0.73,0.49,90.8669371727748,90.6045,0.8061,"KOG0260","KOG3405","no",null,"Low tissue specificity",null,null,"Nucleoplasm; Nucleoli fibrillar center",null,8217,false]
["Q00005_Q8N461","Q00005_Q9NUC0","Janes_et_al","Q00005; Q8N461","Q00005; Q9NUC0","Q00005","PPP2R2B","Q8N461","FBXL16","Q9NUC0","SERTAD4","huMAP3_10333.1; huMAP3_13510.1","mutually_exclusive",0.14,14,105,77,82.47,56.87,4378.99,0.68,0.57,91.335,90.71375,null,"KOG1947","ENOG502S9V2","no","Tissue enriched","Low tissue specificity",0.191402390325516,null,"Nucleoplasm",null,8226,false]
["P11802_P30281","P11802_Q5TC84","Janes_et_al","P11802; P30281","P11802; Q5TC84","P11802","CDK4","P30281","CCND3","Q5TC84","OGFRL1","huMAP3_14722.1","mutually_exclusive",1.24,23,195,172,94.08,78.96,13581.12,0.7,0.38,92.8648936170212,78.8207692307692,0.098,"KOG0656","ENOG502RA9J","no","Tissue enhanced","Low tissue specificity",0.1242062096737,"Nucleoplasm","Golgi apparatus",0,8233,false]
["P61326_Q9Y3X0","P61326_Q6UN15","Janes_et_al","P61326; Q9Y3X0","P61326; Q6UN15","P61326","MAGOH","Q9Y3X0","CCDC9","Q6UN15","FIP1L1","huMAP3_11073.1","mutually_exclusive",0.19,21,119,130,50.49,43.77,5690.1,0.28,0.24,84.828,87.1690909090909,0.184,"ENOG502QUM9","KOG1049","no","Low tissue specificity","Low tissue specificity",0.28322852329213,"Cytosol","Nucleoplasm",0,8235,false]
["O75159_Q15369","Q15369_Q15370","Janes_et_al","O75159; Q15369","Q15369; Q15370","Q15369","ELOC","O75159","SOCS5","Q15370","ELOB","huMAP3_08919.1; huMAP3_05894.1; huMAP3_09980.1; huMAP3_13601.1","mutually_exclusive",0.36,18,2,3,61.85,83.33,123.7,0.59,0.67,96.0912244897959,94.9450746268656,null,"KOG4566","KOG4495","no","Low tissue specificity","Low tissue specificity",-0.222058263852104,"Cytosol",null,null,8244,false]
["Q9H840_Q9NWZ8","Q9H840_Q9Y3F4","Janes_et_al","Q9H840; Q9NWZ8","Q9H840; Q9Y3F4","Q9H840","GEMIN7","Q9NWZ8","GEMIN8","Q9Y3F4","STRAP","huMAP3_08980.1; huMAP3_04549.1; huMAP3_06511.1","structurally_consistent",7.76,0,0,0,null,null,0,0.62,0.58,93.2836923076923,88.0726315789473,0.338,"ENOG502S7KA","KOG0278","no","Low tissue specificity","Low tissue specificity",-0.26322061616406,"Nucleoplasm; Cytosol","Cytosol",0.5,8256,false]
["P00738_P02763","P02763_P04196","Janes_et_al","P00738; P02763","P02763; P04196","P02763","ORM1","P00738","HP","P04196","HRG","huMAP3_10678.1; huMAP3_09531.1; huMAP3_10101.1; huMAP3_15040.1","mutually_exclusive",0.22,19,231,221,84.3,77.71,17173.91,0.26,0.24,78.32,72.445,0.398,"KOG3627","ENOG502S50D","no","Tissue enriched","Tissue enriched",0.999903632298264,"Vesicles",null,null,8261,false]
["P67775_Q9Y3A3","P67775_Q9P289","Janes_et_al","P67775; Q9Y3A3","P67775; Q9P289","P67775","PPP2CA","Q9Y3A3","MOB4","Q9P289","STK26","huMAP3_10333.1; huMAP3_13510.1; huMAP3_09709.1","structurally_consistent",0.1,0,0,0,null,null,0,0.45,0.29,81.834375,80.848,0.148,"KOG1852","KOG0201","no","Low tissue specificity","Tissue enhanced",0.32654760088621,null,"Nucleoplasm",null,8270,false]
["P67775_Q9NVR7","P67775_Q8N461","Janes_et_al","P67775; Q9NVR7","P67775; Q8N461","P67775","PPP2CA","Q9NVR7","TBCCD1","Q8N461","FBXL16","huMAP3_10333.1; huMAP3_13510.1","mutually_exclusive",0.12,13,315,270,85.48,91.56,26926.2,0.3,0.54,72.86,80.996,null,"KOG4416","KOG1947","no","Low tissue specificity","Tissue enriched",-0.327545213002044,{"$nulls":3},8279,false]
["P62136_Q96QC0","P62136_Q7Z3T8","Janes_et_al","P62136; Q96QC0","P62136; Q7Z3T8","P62136","PPP1CA","Q96QC0","PPP1R10","Q7Z3T8","ZFYVE16","huMAP3_14504.1","mutually_exclusive",0.1,33,162,193,60.07,67.44,9731.34,0.64,0.37,88.4559375,87.8620512820512,0.044,"ENOG502QQ2I","KOG1841","no","Low tissue specificity","Low tissue specificity",0.220799796154027,"Nucleoplasm","Vesicles; Cytosol",0,8287,false]
["P27348_Q8IX15","P27348_Q2TAL5","Janes_et_al","P27348; Q8IX15","P27348; Q2TAL5","P27348","YWHAQ","Q8IX15","HOMEZ","Q2TAL5","SMTNL2","huMAP3_10808.1; huMAP3_12897.1","mutually_exclusive",0.11,65,227,225,49.15,53.76,11157.05,0.28,0.35,81.4433333333333,79.2864705882352,null,"KOG3986","KOG4678","no","Low tissue specificity","Group enriched",0.0673528045184584,"Nucleoli","Nucleoplasm; Nuclear speckles",0,8296,false]
["P61956_P63279","P61769_P63279","Janes_et_al","P61956; P63279","P61769; P63279","P63279","UBE2I","P61956","SUMO2","P61769","B2M","huMAP3_10000.1; huMAP3_06494.1; huMAP3_12581.1; huMAP3_08641.1; huMAP3_07331.1","structurally_consistent",0.41,0,0,0,null,null,0,0.58,0.3,95.5291176470588,91.7894736842105,0.128,"KOG1769","ENOG502S8GM","no","Low tissue specificity","Low tissue specificity",-0.071458859141407,"Nucleoplasm; Nuclear bodies","Golgi apparatus; Plasma membrane",0,8302,false]
["P09105_P28325","P01036_P09105","Janes_et_al","P09105; P28325","P01036; P09105","P09105","HBQ1","P28325","CST5","P01036","CST4","huMAP3_12116.1; huMAP3_13577.1","structurally_consistent",0.29,0,2,2,49.5,36.7,73.4,0.37,0.44,87.657,90.2151515151515,null,"ENOG502SC50","ENOG502SC50","yes","Tissue enriched","Tissue enriched",0.999997642175614,{"$nulls":3},8305,false]
["O43920_P28331","O43181_P28331","Janes_et_al","O43920; P28331","O43181; P28331","P28331","NDUFS1","O43920","NDUFS5","O43181","NDUFS4","huMAP3_09982.1; huMAP3_09567.1; huMAP3_14878.1; huMAP3_06397.1; huMAP3_14018.1; huMAP3_02819.1","structurally_consistent",0.26,0,1,1,88.1,91.9,88.1,0.52,0.73,93.575,95.7071287128712,0.954,"KOG4110","KOG3389","no","Low tissue specificity","Low tissue specificity",0.75990154422184,null,"Mitochondria",null,8314,false]
["O60783_P82933","P82933_Q96CS4","Janes_et_al","O60783; P82933","P82933; Q96CS4","P82933","MRPS9","O60783","MRPS14","Q96CS4","ZNF689","huMAP3_05807.1","structurally_consistent",0.46,0,0,0,null,null,0,0.42,0.24,89.1034782608695,87.325,null,"KOG1741","KOG1721","no","Low tissue specificity","Tissue enhanced",-0.179846150177426,"Mitochondria","Nucleoplasm; Nucleoli fibrillar center",0,8325,false]
["P61326_P78362","P52298_P61326","Janes_et_al","P61326; P78362","P52298; P61326","P61326","MAGOH","P78362","SRPK2","P52298","NCBP2","huMAP3_09621.1","mutually_exclusive",0.49,12,111,104,82.02,82.27,9104.22,0.35,0.24,75.47,76.5354545454545,null,"KOG1290","KOG0121","no","Tissue enhanced","Low tissue specificity",0.239959697347809,"Nucleoplasm; Cytosol","Nucleoplasm",0.5,8331,false]
["P20061_Q8WWU7","P31025_Q8WWU7","Janes_et_al","P20061; Q8WWU7","P31025; Q8WWU7","Q8WWU7","ITLN2","P20061","TCN1","P31025","LCN1","huMAP3_11343.1","structurally_consistent",0.36,0,0,0,null,null,0,0.4,0.32,88.7353846153846,80.379375,null,"ENOG502QT7B","ENOG502S22P","no","Tissue enhanced","Group enriched",-0.0317780715421198,{"$nulls":3},8340,false]
["P43034_P68402","P43034_Q9GZM8","Janes_et_al","P43034; P68402","P43034; Q9GZM8","P43034","PAFAH1B1","P68402","PAFAH1B2","Q9GZM8","NDEL1","huMAP3_14428.1; huMAP3_14453.1; huMAP3_13860.1; huMAP3_15025.1; huMAP3_11571.1; huMAP3_10973.1","mutually_exclusive",1.12,14,43,31,95.79,85.81,2660.11,0.57,0.5,95.7641935483871,91.29125,0.312,"KOG1388","KOG1853","no","Low tissue specificity","Low tissue specificity",0.175755732650205,"Cytosol",null,null,8348,false]
["O43815_Q9Y3A3","Q5VSL9_Q9Y3A3","Janes_et_al","O43815; Q9Y3A3","Q5VSL9; Q9Y3A3","Q9Y3A3","MOB4","O43815","STRN","Q5VSL9","STRIP1","huMAP3_13510.1; huMAP3_00935.1; huMAP3_10333.1; huMAP3_07620.1; huMAP3_09709.1; huMAP3_07644.1","mutually_exclusive",0.35,10,35,79,42.96,85.61,1503.6,0.72,0.52,95.7776470588235,81.0295121951219,0.388,"KOG0642","KOG3680","no","Low tissue specificity","Low tissue specificity",-0.135858948924549,"Cytosol","Cytosol",1,8357,false]
["O00217_Q96LL9","O00217_Q9P032","Janes_et_al","O00217; Q96LL9","O00217; Q9P032","O00217","NDUFS8","Q96LL9","DNAJC30","Q9P032","NDUFAF4","huMAP3_09982.1; huMAP3_09567.1; huMAP3_14878.1; huMAP3_06397.1; huMAP3_14018.1","mutually_exclusive",4.26,14,37,28,78.65,71.32,1996.96,0.49,0.4,90.4766666666666,85.1695833333333,0.214,"KOG0691","KOG4481","no","Low tissue specificity","Low tissue specificity",0.399460029979328,null,"Mitochondria",null,8358,false]
["O75044_P60953","P60953_Q96PE2","Janes_et_al","O75044; P60953","P60953; Q96PE2","P60953","CDC42","O75044","SRGAP2","Q96PE2","ARHGEF17","huMAP3_09542.1","mutually_exclusive",0.23,10,370,360,75.12,65.79,23684.4,0.64,0.42,90.6982978723404,84.2107142857142,0.14,"KOG3565","KOG3522","no","Tissue enhanced","Low tissue specificity",0.18322462858554,"Cytosol","Cytosol",1,8366,false]
["O75934_P16383","P16383_Q9UBB9","Janes_et_al","O75934; P16383","P16383; Q9UBB9","P16383","GCFC2","O75934","BCAS2","Q9UBB9","TFIP11","huMAP3_08501.1; huMAP3_06726.1; huMAP3_09504.1; huMAP3_09945.1","mutually_exclusive",9.33,11,44,47,81.81,86.89,3599.64,0.25,0.67,79.5213888888889,87.0099145299145,0.57,"KOG3096","KOG2184","no","Low tissue specificity","Low tissue specificity",0.578533690498162,"Nuclear speckles; Centrosome","Nucleoplasm",0,8367,false]
["Q9Y5E6_Q9Y5F0","Q9UN67_Q9Y5E6","Janes_et_al","Q9Y5E6; Q9Y5F0","Q9UN67; Q9Y5E6","Q9Y5E6","PCDHB3","Q9Y5F0","PCDHB13","Q9UN67","PCDHB10","huMAP3_10979.1; huMAP3_12057.1; huMAP3_11413.1; huMAP3_13663.1; huMAP3_12508.1; huMAP3_15258.1","mutually_exclusive",0.88,43,676,676,82.88,83.14,56026.88,0.7,0.68,81.6045454545454,80.4598181818181,null,"KOG3594","KOG3594","yes","Low tissue specificity","Low tissue specificity",0.362825830426993,{"$nulls":3},8368,false]
["Q9Y587_Q9Y6B7","Q9UPM8_Q9Y587","Janes_et_al","Q9Y587; Q9Y6B7","Q9UPM8; Q9Y587","Q9Y587","AP4S1","Q9Y6B7","AP4B1","Q9UPM8","AP4E1","huMAP3_12927.1; huMAP3_11003.1; huMAP3_09871.1; huMAP3_01388.1; huMAP3_12768.1; huMAP3_05011.1; huMAP3_12731.1; huMAP3_08618.1","mutually_exclusive",0.37,33,503,480,80.89,90.34,40687.67,0.65,0.72,82.6240217391304,91.7353543307086,0.284,"KOG1061","KOG1062","no","Low tissue specificity","Low tissue specificity",0.101584160392273,"Vesicles",null,null,8369,false]
["Q16539_Q9BUB5","Q16539_Q9HBH9","Janes_et_al","Q16539; Q9BUB5","Q16539; Q9HBH9","Q16539","MAPK14","Q9BUB5","MKNK1","Q9HBH9","MKNK2","huMAP3_05402.1; huMAP3_14776.1; huMAP3_07936.1; huMAP3_08665.1; huMAP3_07439.1; huMAP3_10997.1; huMAP3_01628.1; huMAP3_03995.1; huMAP3_06585.1","mutually_exclusive",1.05,34,326,354,72.33,70.66,25013.64,0.33,0.39,85.5319047619047,89.2694871794871,null,"KOG0607","KOG0607","yes","Tissue enhanced","Tissue enhanced",0.27101374302556,"Nucleoplasm","Nuclear bodies",0,8370,false]
["Q9BQA1_Q9NWZ8","P09234_Q9BQA1","Janes_et_al","Q9BQA1; Q9NWZ8","P09234; Q9BQA1","Q9BQA1","WDR77","Q9NWZ8","GEMIN8","P09234","SNRPC","huMAP3_08980.1; huMAP3_06511.1","mutually_exclusive",0.2,11,54,48,34.56,79.73,1866.24,0.35,0.51,88.0593333333333,90.4016,0.244,"ENOG502S7KA","KOG3454","no","Low tissue specificity","Low tissue specificity",-0.298803292069638,"Nucleoplasm; Cytosol","Nucleoplasm",0.5,8371,false]
["P14635_P61024","P61024_Q99640","Janes_et_al","P14635; P61024","P61024; Q99640","P61024","CKS1B","P14635","CCNB1","Q99640","PKMYT1","huMAP3_06587.1; huMAP3_10449.1","mutually_exclusive",0.32,12,230,243,90.32,84.1,20436.3,0.24,0.31,76.4114285714285,82.2590697674418,0.276,"KOG0653","KOG0601","no","Tissue enhanced","Tissue enhanced",0.444682605850823,"Cytosol","Golgi apparatus",0,8372,false]
["P63208_Q8NEZ5","P63208_Q5XUX0","Janes_et_al","P63208; Q8NEZ5","P63208; Q5XUX0","P63208","SKP1","Q8NEZ5","FBXO22","Q5XUX0","FBXO31","huMAP3_00161.1; huMAP3_09623.1; huMAP3_14622.1","mutually_exclusive",0.32,33,301,280,88.94,94.14,26770.94,0.66,0.67,92.91,95.1173684210526,null,"ENOG502QSZ2","ENOG502QR2A","no","Low tissue specificity","Tissue enhanced",0.294111604012938,null,"Nucleoplasm",null,8373,false]
["O00214_P50443","O00214_P08962","Janes_et_al","O00214; P50443","O00214; P08962","O00214","LGALS8","P50443","SLC26A2","P08962","CD63","huMAP3_08689.1; huMAP3_11349.1; huMAP3_10980.1; huMAP3_09336.1; huMAP3_05584.1; huMAP3_10848.1","structurally_consistent",5.78,0,8,21,33.12,86.07,264.96,0.47,0.26,84.1690909090909,78.92,0.092,"KOG0236","KOG3882","no","Tissue enriched","Low tissue specificity",0.117525771945471,"Vesicles","Vesicles",1,8374,false]
["P41208_Q01831","Q01831_Q9NTX7","Janes_et_al","P41208; Q01831","Q01831; Q9NTX7","Q01831","XPC","P41208","CETN2","Q9NTX7","RNF146","huMAP3_14846.1","structurally_consistent",5.28,0,0,0,null,null,0,0.38,0.45,86.9408888888888,84.9994117647058,null,"KOG0028","KOG0824","no","Tissue enhanced","Low tissue specificity",-0.08304266877327,"Centrosome","Plasma membrane; Cytosol",0,8375,false]
["O00422_Q13523","O00422_Q9UBC1","Janes_et_al","O00422; Q13523","O00422; Q9UBC1","O00422","SAP18","Q13523","PRPF4B","Q9UBC1","NFKBIL1","huMAP3_11073.1; huMAP3_07248.1; huMAP3_09637.1; huMAP3_09943.1; huMAP3_09621.1","mutually_exclusive",0.25,12,201,157,86.49,70.49,11066.9299999999,0.32,0.33,80.6504545454545,81.5985714285714,0.058,"KOG0670","ENOG502QTMZ","no","Low tissue specificity","Low tissue specificity",-0.251051925118558,"Nuclear speckles","Nucleoplasm",0,8376,false]
["Q9BZE1_Q9HD33","Q5T653_Q9BZE1","Janes_et_al","Q9BZE1; Q9HD33","Q5T653; Q9BZE1","Q9BZE1","MRPL37","Q9HD33","MRPL47","Q5T653","MRPL2","huMAP3_07939.1; huMAP3_03763.1; huMAP3_06550.1; huMAP3_08458.1; huMAP3_06439.1; huMAP3_06589.1; huMAP3_09113.1; huMAP3_09483.1","structurally_consistent",0.18,0,0,0,null,null,0,0.38,0.63,94.1172,93.5670731707317,0.976,"KOG3331","KOG0438","no","Low tissue specificity","Low tissue specificity",0.614685911993657,"Mitochondria","Mitochondria",1,8377,false]
["P08949_Q9H871","Q9GZT5_Q9H871","Janes_et_al","P08949; Q9H871","Q9GZT5; Q9H871","Q9H871","RMND5A","P08949","NMB","Q9GZT5","WNT10A","huMAP3_12700.1","mutually_exclusive",2.67,11,36,41,38.29,53.77,1378.44,0.37,0.31,85.1933333333333,74.8925,null,"ENOG502S66V","KOG3913","no","Tissue enhanced","Tissue enhanced",-0.17606490015012,"Nucleoplasm; Vesicles",null,null,8378,false]
["P63208_Q7Z6M2","P63208_Q9H469","Janes_et_al","P63208; Q7Z6M2","P63208; Q9H469","P63208","SKP1","Q7Z6M2","FBXO33","Q9H469","FBXL15","huMAP3_14622.1","mutually_exclusive",0.23,29,327,269,90.81,94.47,29694.87,0.62,0.66,91.4127868852459,93.106282051282,null,"ENOG502QPU4","KOG1947","no","Tissue enhanced","Low tissue specificity",0.0748042251887606,"Nucleoplasm",null,null,8379,false]
["Q9BZE1_Q9H2W6","Q9BZE1_Q9NRX2","Janes_et_al","Q9BZE1; Q9H2W6","Q9BZE1; Q9NRX2","Q9BZE1","MRPL37","Q9H2W6","MRPL46","Q9NRX2","MRPL17","huMAP3_06439.1; huMAP3_06589.1","structurally_consistent",0.37,0,0,0,null,null,0,0.26,0.28,72.035,87.2755555555555,0.714,"KOG4548","KOG3280","no","Low tissue specificity","Low tissue specificity",0.363660163460402,"Mitochondria",null,null,8380,false]
["P20226_Q15572","Q15572_Q9H5J8","Janes_et_al","P20226; Q15572","Q15572; Q9H5J8","Q15572","TAF1C","P20226","TBP","Q9H5J8","TAF1D","huMAP3_10806.1; huMAP3_00597.1","mutually_exclusive",5.87,30,72,51,88.82,46.41,2366.91,0.67,0.47,88.6019811320754,87.9066265060241,null,"KOG3302","ENOG502SQMW","no","Low tissue specificity","Low tissue specificity",0.113534160142182,"Nucleoplasm","Nucleoplasm",1,8381,false]
["P67775_Q66LE6","Q66LE6_Q9BXF6","Janes_et_al","P67775; Q66LE6","Q66LE6; Q9BXF6","Q66LE6","PPP2R2D","P67775","PPP2CA","Q9BXF6","RAB11FIP5","huMAP3_10333.1; huMAP3_13510.1","mutually_exclusive",1.16,10,207,128,92.82,65.1,8332.8,0.36,0.34,77.8542857142857,86.3285714285714,0.134,"KOG0371","ENOG502QQKU","no","Low tissue specificity","Tissue enhanced",-0.197970316281921,null,"Vesicles; Centriolar satellite",null,8382,false]
["Q9UBW8_Q9UNS2","Q8WXC6_Q9UNS2","Janes_et_al","Q9UBW8; Q9UNS2","Q8WXC6; Q9UNS2","Q9UNS2","COPS3","Q9UBW8","COPS7A","Q8WXC6","COPS9","huMAP3_08550.1; huMAP3_14528.1; huMAP3_09779.1","structurally_consistent",0.44,0,0,0,null,null,0,0.48,0.6,95.4129629629629,95.1538636363636,0.106,"KOG3250","ENOG502S7KZ","no","Low tissue specificity","Low tissue specificity",0.561605525663775,"Nucleoplasm","Nucleoplasm; Cytosol",0.5,8383,false]
["P61326_Q9UKM9","P61326_Q05519","Janes_et_al","P61326; Q9UKM9","P61326; Q05519","P61326","MAGOH","Q9UKM9","RALY","Q05519","SRSF11","huMAP3_11073.1","mutually_exclusive",0.16,18,68,57,51.88,50.05,2852.85,0.57,0.29,90.8815625,78.1022222222222,null,"KOG0118","KOG4676","no","Low tissue specificity","Low tissue specificity",0.188902293393298,"Nucleoplasm","Nuclear speckles",0,8384,false]
["P33991_P33993","P33991_Q9BTE3","Janes_et_al","P33991; P33993","P33991; Q9BTE3","P33991","MCM4","P33993","MCM7","Q9BTE3","MCMBP","huMAP3_06061.1; huMAP3_05529.1; huMAP3_11832.1; huMAP3_11119.1; huMAP3_07113.1; huMAP3_14758.1; huMAP3_12180.1; huMAP3_08554.1","mutually_exclusive",6.71,37,547,537,79.59,75.07,40312.59,0.67,0.54,80.6539805825242,77.2360714285714,0.396,"KOG0482","KOG2545","no","Tissue enhanced","Low tissue specificity",0.0202300907589103,"Nucleoplasm","Nucleoplasm",1,8385,false]
["P52292_Q14974","Q14974_Q9UKX7","Janes_et_al","P52292; Q14974","Q14974; Q9UKX7","Q14974","KPNB1","P52292","KPNA2","Q9UKX7","NUP50","huMAP3_10000.1; huMAP3_07479.1; huMAP3_12581.1","mutually_exclusive",1.62,24,103,74,79.58,43.76,3238.24,0.72,0.7,89.1932978723404,83.3637878787878,null,"KOG0166","KOG2724","no","Tissue enhanced","Low tissue specificity",0.692072026308236,"Nucleoplasm","Nucleoplasm; Nuclear membrane",0.5,8386,false]
["Q5VZM2_Q9Y2Q5","Q5VZM2_Q9UHA4","Janes_et_al","Q5VZM2; Q9Y2Q5","Q5VZM2; Q9UHA4","Q5VZM2","RRAGB","Q9Y2Q5","LAMTOR2","Q9UHA4","LAMTOR3","huMAP3_05542.1; huMAP3_14108.1; huMAP3_14708.1","mutually_exclusive",0.34,25,125,120,75.34,90.06,9417.5,0.25,0.48,77.1499999999999,83.2137142857142,0.944,"KOG4107","ENOG502RYGZ","no","Low tissue specificity","Low tissue specificity",0.0821053812272455,"Nucleoplasm; Vesicles",null,null,8387,false]
["O95861_Q5ST30","O95861_Q9H4K7","Janes_et_al","O95861; Q5ST30","O95861; Q9H4K7","O95861","BPNT1","Q5ST30","VARS2","Q9H4K7","MTG2","huMAP3_13468.1","mutually_exclusive",0.13,11,332,292,84.06,74.62,21789.04,0.62,0.24,82.625,80.5392307692307,0.098,"KOG0432","KOG1489","no","Low tissue specificity","Low tissue specificity",0.663029428744801,"Mitochondria",null,null,8388,false]
["P52815_Q7Z7H8","Q7Z7H8_Q9BYC9","Janes_et_al","P52815; Q7Z7H8","Q7Z7H8; Q9BYC9","Q7Z7H8","MRPL10","P52815","MRPL12","Q9BYC9","MRPL20","huMAP3_01856.1; huMAP3_07939.1; huMAP3_06550.1; huMAP3_08458.1; huMAP3_06589.1; huMAP3_09113.1; huMAP3_09483.1","structurally_consistent",2.05,0,0,0,null,null,0,0.39,0.4,93.1258620689655,90.6759090909091,0.558,"KOG1715","KOG4707","no","Low tissue specificity","Low tissue specificity",0.789212428226428,"Mitochondria","Mitochondria",1,8389,false]
["P38919_Q96A72","P38919_P62995","Janes_et_al","P38919; Q96A72","P38919; P62995","P38919","EIF4A3","Q96A72","MAGOHB","P62995","TRA2B","huMAP3_09621.1","mutually_exclusive",0.15,25,122,103,94.75,72.45,7462.35,0.7,0.41,91.9449333333333,77.2642105263158,0.766,"KOG3392","KOG0118","no","Low tissue specificity","Low tissue specificity",0.485618963369885,null,"Nucleoplasm",null,8390,false]
["P49721_Q99436","Q5JS54_Q99436","Janes_et_al","P49721; Q99436","Q5JS54; Q99436","Q99436","PSMB7","P49721","PSMB2","Q5JS54","PSMG4","huMAP3_00356.1; huMAP3_09656.1; huMAP3_13725.1","mutually_exclusive",0.56,10,142,110,86.09,83.38,9171.8,0.41,0.27,82.4774074074074,87.2876923076923,0.11,"KOG0177","ENOG502S31R","no","Low tissue specificity","Low tissue specificity",0.698689782204964,"Nucleoplasm","Nucleoplasm; Mitochondria",0.5,8391,false]
["Q9H871_Q9UL63","Q9H871_Q9UGM6","Janes_et_al","Q9H871; Q9UL63","Q9H871; Q9UGM6","Q9H871","RMND5A","Q9UL63","MKLN1","Q9UGM6","WARS2","huMAP3_12700.1","structurally_consistent",1.94,0,0,0,null,null,0,0.4,0.26,89.1182352941176,78.285,0.01,"KOG2437","KOG2713","no","Low tissue specificity","Low tissue specificity",0.41611590609034,"Plasma membrane; Cytosol","Mitochondria",0,8392,false]
["Q8N8Y2_Q96NT0","P38606_Q8N8Y2","Janes_et_al","Q8N8Y2; Q96NT0","P38606; Q8N8Y2","Q8N8Y2","ATP6V0D2","Q96NT0","CCDC115","P38606","ATP6V1A","huMAP3_05805.1; huMAP3_10516.1; huMAP3_12042.1; huMAP3_10511.1","structurally_consistent",0.62,0,0,0,null,null,0,0.67,0.29,88.7674576271186,75.63,0.096,"ENOG502S392","KOG1352","no","Low tissue specificity","Low tissue specificity",0.358796460872036,"Plasma membrane","Vesicles; Cytosol",0,8393,false]
["Q14738_Q5FBB7","P30153_Q14738","Janes_et_al","Q14738; Q5FBB7","P30153; Q14738","Q14738","PPP2R5D","Q5FBB7","SGO1","P30153","PPP2R1A","huMAP3_07998.1; huMAP3_13510.1; huMAP3_10333.1; huMAP3_09709.1; huMAP3_06695.1","structurally_consistent",1.06,0,0,0,null,null,0,0.36,0.7,88.5981818181818,89.1543055555555,0.194533333333333,"KOG3575","KOG0211","no","Tissue enhanced","Low tissue specificity",-0.383933413995297,"Nucleoplasm","Cytosol",0,8394,false]
["Q8IYK4_Q8NBJ5","Q8NBJ5_Q9BXJ1","Janes_et_al","Q8IYK4; Q8NBJ5","Q8NBJ5; Q9BXJ1","Q8NBJ5","COLGALT1","Q8IYK4","COLGALT2","Q9BXJ1","C1QTNF1","huMAP3_13038.1; huMAP3_10699.1","mutually_exclusive",0.7,12,56,38,88.59,49.79,1892.02,0.7,0.42,95.9184,84.9092307692307,null,"KOG4179","ENOG502QT5D","no","Tissue enhanced","Tissue enhanced",-0.0391362778821074,"Nucleoplasm","Nucleoplasm; Cytosol",0.5,8395,false]
["P13984_P52434","P52434_Q9GZS3","Janes_et_al","P13984; P52434","P52434; Q9GZS3","P52434","POLR2H","P13984","GTF2F2","Q9GZS3","SKIC8","huMAP3_11092.1","mutually_exclusive",0.41,11,28,46,57.83,84,1619.24,0.24,0.32,86.7426666666666,74.445,0.366,"KOG2905","KOG4155","no","Low tissue specificity","Low tissue specificity",0.034249242048058,"Nucleoplasm","Nucleoplasm; Cytosol",0.5,8396,false]
["O60262_P09471","P09471_P19087","Janes_et_al","O60262; P09471","P09471; P19087","P09471","GNAO1","O60262","GNG7","P19087","GNAT2","huMAP3_11173.1; huMAP3_08591.1; huMAP3_10824.1; huMAP3_13105.1; huMAP3_12729.1; huMAP3_13380.1; huMAP3_09788.1","mutually_exclusive",0.49,18,39,56,58.99,69.62,2300.61,0.25,0.45,77.3478571428571,80.1378571428571,null,"KOG4119","KOG0082","no","Tissue enriched","Tissue enriched",-0.0328110221725751,{"$nulls":3},8397,false]
["P20248_Q13309","P14635_P20248","Janes_et_al","P20248; Q13309","P14635; P20248","P20248","CCNA2","Q13309","SKP2","P14635","CCNB1","huMAP3_14722.1; huMAP3_10449.1; huMAP3_06587.1","mutually_exclusive",4.69,29,59,90,51.91,72.03,3062.69,0.45,0.64,88.0505769230769,93.752,0.354,"KOG2120","KOG0653","no","Tissue enhanced","Tissue enhanced",0.380417729665731,"Nucleoplasm; Cytosol","Cytosol",0.5,8398,false]
["Q16576_Q5T6S3","Q16576_Q9H7L9","Janes_et_al","Q16576; Q5T6S3","Q16576; Q9H7L9","Q16576","RBBP7","Q5T6S3","PHF19","Q9H7L9","SUDS3","huMAP3_13482.1; huMAP3_15128.1","structurally_consistent",0.25,0,9,14,22.33,81.79,200.97,0.53,0.43,94.4215384615384,91.71375,0.164,"KOG4323","KOG4466","no","Low tissue specificity","Low tissue specificity",0.0681196586317261,null,"Nuclear bodies; Cytosol",null,8399,false]
["Q8N257_Q9P0M6","O15355_Q8N257","Janes_et_al","Q8N257; Q9P0M6","O15355; Q8N257","Q8N257","H2BC26","Q9P0M6","MACROH2A2","O15355","PPM1G","huMAP3_10862.1; huMAP3_09466.1","mutually_exclusive",2.28,32,14,19,89.93,32.15,610.85,0.71,0.42,96.1292173913043,86.713,0.058,"KOG1756; KOG2633","KOG0699","no","Low tissue specificity","Tissue enhanced",-0.0161254544724774,"Nucleoplasm","Nucleoplasm",1,8400,false]
["Q13618_Q9P2K6","Q13618_Q9BX70","Janes_et_al","Q13618; Q9P2K6","Q13618; Q9BX70","Q13618","CUL3","Q9P2K6","KLHL42","Q9BX70","BTBD2","huMAP3_08550.1; huMAP3_14528.1; huMAP3_07590.1; huMAP3_09779.1","mutually_exclusive",1.37,23,157,159,84.46,89.93,13260.22,0.56,0.67,90.741,90.27921875,0.174,"KOG1072","KOG2075","no","Low tissue specificity","Tissue enhanced",0.126743998987285,{"$nulls":3},8401,false]
["P27348_Q96GL9","P27348_Q9Y2U5","Janes_et_al","P27348; Q96GL9","P27348; Q9Y2U5","P27348","YWHAQ","Q96GL9","FAM163A","Q9Y2U5","MAP3K2","huMAP3_12897.1","mutually_exclusive",0.15,18,94,154,47.41,73.45,4456.54,0.43,0.41,91.6928571428571,84.765,null,"ENOG502S10V","KOG0198","no","Tissue enhanced","Low tissue specificity",-0.0676256131311731,null,"Nucleoplasm; Cytosol",null,8402,false]
["P63208_Q9UKT8","P63208_Q96ME1","Janes_et_al","P63208; Q9UKT8","P63208; Q96ME1","P63208","SKP1","Q9UKT8","FBXW2","Q96ME1","FBXL18","huMAP3_14622.1","mutually_exclusive",0.41,36,273,269,91.87,87.16,23446.04,0.68,0.66,94.4693243243243,92.2022058823529,0.108,"KOG0274","ENOG502QVW9","no","Low tissue specificity","Low tissue specificity",-0.0293265672022908,"Nucleoplasm","Nucleoplasm",1,8403,false]
["Q6IEG0_Q96DI7","P09012_Q96DI7","Janes_et_al","Q6IEG0; Q96DI7","P09012; Q96DI7","Q96DI7","SNRNP40","Q6IEG0","SNRNP48","P09012","SNRPA","huMAP3_08980.1","mutually_exclusive",0.13,16,41,53,76.7,84.71,3144.7,0.66,0.5,87.0724561403508,86.8656,0.346303630363036,"ENOG502QW2V","KOG4206","no","Low tissue specificity","Low tissue specificity",0.251351803153664,"Nucleoplasm","Nucleoplasm",1,8404,false]
["P05089_P31151","P01040_P05089","Janes_et_al","P05089; P31151","P01040; P05089","P05089","ARG1","P31151","S100A7","P01040","CSTA","huMAP3_09929.1; huMAP3_09125.1","structurally_consistent",0.08,0,0,0,null,null,0,0.36,0.28,87.4735294117647,77.6833333333333,0.364,"ENOG502SZJ5","ENOG502SF2X","no","Group enriched","Tissue enhanced",0.749108378435961,"Cytosol","Nucleoplasm; Cytosol",0.5,8405,false]
["O00161_Q9Y2K9","O00161_Q12981","Janes_et_al","O00161; Q9Y2K9","O00161; Q12981","O00161","SNAP23","Q9Y2K9","STXBP5L","Q12981","BNIP1","huMAP3_13160.1","mutually_exclusive",1.29,33,73,86,56.77,62.95,4144.21,0.26,0.34,78.0104,75.94,null,"KOG1983","ENOG502QUTT","no","Tissue enhanced","Low tissue specificity",-0.126884780941111,null,"Endoplasmic reticulum",null,8406,false]
["P13807_Q04446","O15488_P13807","Janes_et_al","P13807; Q04446","O15488; P13807","P13807","GYS1","Q04446","GBE1","O15488","GYG2","huMAP3_10227.1; huMAP3_09760.1; huMAP3_13075.1; huMAP3_12186.1; huMAP3_11993.1","structurally_consistent",0.54,0,23,9,94.17,19.4,174.6,0.46,0.57,84.9694117647058,91.0021818181818,null,"KOG0470","KOG1950","no","Tissue enhanced","Tissue enriched",0.288950484413608,"Cytosol","Nucleoli; Cytosol",0.5,8407,false]
["Q5JS54_Q99436","O75832_Q99436","Janes_et_al","Q5JS54; Q99436","O75832; Q99436","Q99436","PSMB7","Q5JS54","PSMG4","O75832","PSMD10","huMAP3_09656.1; huMAP3_13725.1","structurally_consistent",0.49,0,0,0,null,null,0,0.27,0.53,87.2876923076923,79.24625,0.09,"ENOG502S31R","KOG4412","no","Low tissue specificity","Low tissue specificity",-0.0721392120660362,"Nucleoplasm; Mitochondria","Cytosol",0,8408,false]
["P47985_P49821","O95168_P49821","Janes_et_al","P47985; P49821","O95168; P49821","P49821","NDUFV1","P47985","UQCRFS1","O95168","NDUFB4","huMAP3_09982.1; huMAP3_14018.1","structurally_consistent",0.1,0,7,3,26.8,73.46,187.6,0.6,0.32,87.0428205128205,80.9622222222222,0.92,"KOG1671","ENOG502S2HF","no","Tissue enhanced","Tissue enhanced",0.885048492924001,"Mitochondria","Mitochondria",1,8409,false]
["Q7Z2W9_Q9BYC9","P49406_Q9BYC9","Janes_et_al","Q7Z2W9; Q9BYC9","P49406; Q9BYC9","Q9BYC9","MRPL20","Q7Z2W9","MRPL21","P49406","MRPL19","huMAP3_04652.1; huMAP3_07939.1; huMAP3_06550.1; huMAP3_08458.1; huMAP3_06439.1; huMAP3_09113.1; huMAP3_09483.1","structurally_consistent",1.19,0,6,5,97.19,20.31,101.55,0.69,0.43,92.504,88.0716666666666,0.994,"KOG1686","KOG1698","no","Low tissue specificity","Low tissue specificity",0.48062894711613,"Nucleoplasm; Mitochondria","Mitochondria",0.5,8410,false]
["Q8N3C0_Q96Q83","Q8N3C0_Q9H1I8","Janes_et_al","Q8N3C0; Q96Q83","Q8N3C0; Q9H1I8","Q8N3C0","ASCC3","Q96Q83","ALKBH3","Q9H1I8","ASCC2","huMAP3_13900.1; huMAP3_00443.1","structurally_consistent",0.79,0,4,5,33.5,28.6,143,0.34,0.63,85.0473684210526,85.8941836734694,0.1,"ENOG502QW9E","KOG4501","no","Low tissue specificity","Low tissue specificity",0.204374049149102,"Nucleoplasm","Focal adhesion sites; Cytosol",0,8411,false]
["Q96HY6_Q96JB5","P61960_Q96JB5","Janes_et_al","Q96HY6; Q96JB5","P61960; Q96JB5","Q96JB5","CDK5RAP3","Q96HY6","DDRGK1","P61960","UFM1","huMAP3_03937.1; huMAP3_12534.1; huMAP3_14075.1","structurally_consistent",1.66,0,7,12,34.21,67.84,239.47,0.42,0.26,84.9524242424242,84.1021739130434,0.128,"KOG3054","KOG3483","no","Low tissue specificity","Low tissue specificity",-0.0668730501470398,"Endoplasmic reticulum",null,null,8412,false]
["P30876_P36954","P30876_Q9NWS0","Janes_et_al","P30876; P36954","P30876; Q9NWS0","P30876","POLR2B","P36954","POLR2I","Q9NWS0","PIH1D1","huMAP3_11092.1; huMAP3_14318.1","structurally_consistent",0.47,0,0,0,null,null,0,0.67,0.52,90.7305084745762,86.009,0.072,"KOG2691","KOG4356","no","Low tissue specificity","Low tissue specificity",0.573315321627452,"Nucleoplasm","Cytosol",0,8413,false]
["O60783_Q9Y399","P84103_Q9Y399","Janes_et_al","O60783; Q9Y399","P84103; Q9Y399","Q9Y399","MRPS2","O60783","MRPS14","P84103","SRSF3","huMAP3_05807.1","structurally_consistent",1.01,0,0,0,null,null,0,0.54,0.27,91.9664516129032,87.6759090909091,0.188,"KOG1741","KOG0107","no","Low tissue specificity","Low tissue specificity",-0.398639706106202,"Mitochondria","Nucleoplasm",0,8414,false]
["Q15024_Q9Y580","Q15024_Q9NQT5","Janes_et_al","Q15024; Q9Y580","Q15024; Q9NQT5","Q15024","EXOSC7","Q9Y580","RBM7","Q9NQT5","EXOSC3","huMAP3_05382.1","structurally_consistent",0.36,0,7,5,66.71,31.4,157,0.43,0.37,81.1133333333333,78.6319999999999,0.222,"KOG4454","KOG1004","no","Low tissue specificity","Low tissue specificity",0.112155445169912,"Nucleoplasm","Nucleoplasm",1,8415,false]
["Q9Y5F8_Q9Y5G9","Q9Y5G6_Q9Y5G9","Janes_et_al","Q9Y5F8; Q9Y5G9","Q9Y5G6; Q9Y5G9","Q9Y5G9","PCDHGA4","Q9Y5F8","PCDHGB7","Q9Y5G6","PCDHGA7","huMAP3_12589.1; huMAP3_10439.1; huMAP3_14780.1; huMAP3_14639.1","mutually_exclusive",2.06,24,553,571,84.72,84.59,48300.89,0.65,0.66,79.2181818181818,79.405,null,"KOG3594","KOG3594","yes","Low tissue specificity","Tissue enhanced",0.570296085833074,"Vesicles; Plasma membrane","Vesicles; Plasma membrane",1,8416,false]
["Q13330_Q13547","O75362_Q13547","Janes_et_al","Q13330; Q13547","O75362; Q13547","Q13547","HDAC1","Q13330","MTA1","O75362","ZNF217","huMAP3_15128.1","mutually_exclusive",0.37,25,200,166,80.79,44.19,7335.54,0.73,0.39,93.7790666666666,87.93,null,"KOG3554","KOG1721","no","Low tissue specificity","Low tissue specificity",-0.237849072611594,"Nucleoplasm","Nuclear speckles",0,8417,false]
["O95602_P61218","O95602_P0DPB6","Janes_et_al","O95602; P61218","O95602; P0DPB6","O95602","POLR1A","P61218","POLR2F","P0DPB6",null,"huMAP3_00807.1; huMAP3_09057.1; huMAP3_14318.1; huMAP3_08487.1; huMAP3_11092.1; huMAP3_06426.1","structurally_consistent",1.54,0,0,0,null,null,0,0.68,0.6,86.6817283950617,88.8952,0.478,"KOG3405","KOG3438","no","Low tissue specificity",null,null,"Nucleoplasm; Nucleoli fibrillar center",null,null,8418,false]
["Q15031_Q9H4K7","Q96CM8_Q9H4K7","Janes_et_al","Q15031; Q9H4K7","Q96CM8; Q9H4K7","Q9H4K7","MTG2","Q15031","LARS2","Q96CM8","ACSF2","huMAP3_13468.1","structurally_consistent",1.24,0,12,9,90.51,32.7,294.3,0.38,0.32,81.893,77.0225,null,"KOG0435","KOG1177","no","Low tissue specificity","Tissue enhanced",0.194688643914579,"Mitochondria","Nucleoplasm; Microtubules; Cytosol",0,8419,false]
["Q96CM3_Q9BYC9","Q7Z2W9_Q9BYC9","Janes_et_al","Q96CM3; Q9BYC9","Q7Z2W9; Q9BYC9","Q9BYC9","MRPL20","Q96CM3","RPUSD4","Q7Z2W9","MRPL21","huMAP3_07939.1; huMAP3_06550.1; huMAP3_08458.1; huMAP3_09113.1; huMAP3_09483.1","structurally_consistent",1.07,0,0,0,null,null,0,0.38,0.69,82.6042857142857,92.504,0.512,"KOG1919","KOG1686","no","Tissue enhanced","Low tissue specificity",0.668557039042096,"Mitochondria","Nucleoplasm; Mitochondria",0.5,8420,false]
["P13073_P20674","P13073_P47985","Janes_et_al","P13073; P20674","P13073; P47985","P13073","COX4I1","P20674","COX5A","P47985","UQCRFS1","huMAP3_12457.1; huMAP3_12621.1; huMAP3_10623.1; huMAP3_14580.1; huMAP3_12170.1","mutually_exclusive",1.25,23,95,105,97.26,91.56,9613.8,0.68,0.45,96.88765625,86.0830769230769,0.884,"KOG4077","KOG1671","no","Tissue enhanced","Tissue enhanced",0.93566656300821,null,"Mitochondria",null,8421,false]
["O14792_P09238","O14792_O43286","Janes_et_al","O14792; P09238","O14792; O43286","O14792","HS3ST1","P09238","MMP10","O43286","B4GALT5","huMAP3_12892.1","structurally_consistent",0.96,0,0,0,null,null,0,0.41,0.37,87.0942857142857,79.0557142857142,null,"KOG1565","KOG3916","no","Tissue enriched","Low tissue specificity",0.0107167053552229,"Cytosol","Vesicles",0,8422,false]
["P27348_Q9GZV5","P15056_P27348","Janes_et_al","P27348; Q9GZV5","P15056; P27348","P27348","YWHAQ","Q9GZV5","WWTR1","P15056","BRAF","huMAP3_12897.1","mutually_exclusive",0.24,10,159,236,51.95,69.04,8260.05,0.47,0.38,85.46,84.4527272727272,0.09,"KOG0940","KOG0193","no","Low tissue specificity","Low tissue specificity",-0.199005443602973,"Nucleoplasm; Nuclear bodies","Vesicles",0,8423,false]
["P27348_Q9GZV5","P27348_Q08495","Janes_et_al","P27348; Q9GZV5","P27348; Q08495","P27348","YWHAQ","Q9GZV5","WWTR1","Q08495","DMTN","huMAP3_12897.1","mutually_exclusive",0.07,10,186,192,51.78,52.17,9631.08,0.47,0.42,85.46,80.0428571428571,0.126,"KOG0940","KOG1044","no","Low tissue specificity","Tissue enhanced",-0.297130039275208,"Nucleoplasm; Nuclear bodies",null,null,8424,false]
["O75832_Q99933","O75832_P28072","Janes_et_al","O75832; Q99933","O75832; P28072","O75832","PSMD10","Q99933","BAG1","P28072","PSMB6","huMAP3_09656.1","mutually_exclusive",0.32,28,149,171,65.85,77.47,9811.65,0.43,0.28,77.705,71.8549999999999,0.242,"ENOG502RN5W","KOG0174","no","Low tissue specificity","Low tissue specificity",0.755892249525783,"Nucleoplasm","Nucleoplasm; Cytosol",0.5,8425,false]
["P62136_P62140","P62136_Q96T49","Janes_et_al","P62136; P62140","P62136; Q96T49","P62136","PPP1CA","P62140","PPP1CB","Q96T49","PPP1R16B","huMAP3_14504.1","mutually_exclusive",0.29,10,158,141,87.45,88.8,13817.1,0.58,0.68,86.4825,94.15275,0.124,"KOG0374","KOG0505","no","Low tissue specificity","Tissue enhanced",-0.285074749516061,"Nucleoplasm","Plasma membrane",0,8426,false]
["P02675_P02763","O75594_P02763","Janes_et_al","P02675; P02763","O75594; P02763","P02763","ORM1","P02675","FGB","O75594","PGLYRP1","huMAP3_09434.1","mutually_exclusive",0.22,22,220,172,78.95,88.36,17369,0.31,0.43,77.4528571428571,78.9007692307692,null,"KOG2579","ENOG502S2KY","no","Tissue enriched","Tissue enriched",-0.0189362042639878,"Endoplasmic reticulum","Vesicles",0,8427,false]
["O43447_P55769","P55769_Q16637","Janes_et_al","O43447; P55769","P55769; Q16637","P55769","SNU13","O43447","PPIH","Q16637","SMN1","huMAP3_08980.1; huMAP3_06511.1","structurally_consistent",0.1,0,0,0,null,null,0,0.47,0.34,88.4004,83.9566666666666,0.15,"KOG0879","KOG4327","no","Low tissue specificity","Low tissue specificity",-0.224232060761197,null,"Nuclear bodies; Cytosol",null,8428,false]
["O75575_P62487","P62487_Q6P1J9","Janes_et_al","O75575; P62487","P62487; Q6P1J9","P62487","POLR2G","O75575","CRCP","Q6P1J9","CDC73","huMAP3_11092.1","mutually_exclusive",0.95,26,50,49,83.78,50.98,2498.02,0.66,0.45,92.6309375,81.6204166666666,0.156,"KOG4168","KOG3786","no","Low tissue specificity","Low tissue specificity",0.319083861015587,"Nucleoplasm","Nucleoplasm",1,8429,false]
["P78362_Q13242","P78362_Q8TAD8","Janes_et_al","P78362; Q13242","P78362; Q8TAD8","P78362","SRPK2","Q13242","SRSF9","Q8TAD8","SNIP1","huMAP3_09621.1","mutually_exclusive",3.33,14,121,92,64.16,56.32,5181.44,0.26,0.44,78.11,86.5457142857142,0.66,"KOG0105","KOG1882","no","Low tissue specificity","Low tissue specificity",0.315995214101891,"Nucleoplasm","Nucleoplasm",1,8430,false]
["P19404_P49821","P49821_Q9P032","Janes_et_al","P19404; P49821","P49821; Q9P032","P49821","NDUFV1","P19404","NDUFV2","Q9P032","NDUFAF4","huMAP3_09982.1; huMAP3_09567.1; huMAP3_14878.1; huMAP3_06397.1; huMAP3_14018.1","mutually_exclusive",0.08,10,77,50,96.77,69.09,3454.5,0.73,0.42,98.0463924050633,79.5091666666666,0.14,"KOG3196","KOG4481","no","Tissue enhanced","Low tissue specificity",0.742140569412916,"Mitochondria","Mitochondria",1,8431,false]
["O60508_Q9BZJ0","O60508_Q9NW64","Janes_et_al","O60508; Q9BZJ0","O60508; Q9NW64","O60508","CDC40","Q9BZJ0","CRNKL1","Q9NW64","RBM22","huMAP3_08501.1; huMAP3_09945.1; huMAP3_06429.1; huMAP3_06726.1; huMAP3_09504.1; huMAP3_08703.1","structurally_consistent",4.8,0,0,0,null,null,0,0.44,0.7,84.670625,91.0469512195122,0.242,"KOG1915","KOG0153","no","Low tissue specificity","Low tissue specificity",0.708768914042681,null,"Nucleoplasm",null,8432,false]
["Q7KZN9_Q9Y277","P56134_Q7KZN9","Janes_et_al","Q7KZN9; Q9Y277","P56134; Q7KZN9","Q7KZN9","COX15","Q9Y277","VDAC3","P56134","ATP5MF","huMAP3_09592.1","mutually_exclusive",0.32,16,58,49,82.48,58.8,2881.2,0.55,0.33,84.1065217391304,84.71,0.254,"KOG3126","KOG4092","no","Group enriched","Low tissue specificity",0.848584746183587,"Mitochondria","Mitochondria",1,8433,false]
["P13804_P38117","P11310_P38117","Janes_et_al","P13804; P38117","P11310; P38117","P38117","ETFB","P13804","ETFA","P11310","ACADM","huMAP3_12388.1","structurally_consistent",0.15,0,5,6,97.15,97.83,485.75,0.73,0.62,97.4121341463414,93.9625,0.492,"KOG3954","KOG0140","no","Tissue enhanced","Tissue enhanced",0.952317377516795,"Mitochondria","Mitochondria",1,8434,false]
["P61962_Q9HCM7","P61962_Q8WXX7","Janes_et_al","P61962; Q9HCM7","P61962; Q8WXX7","P61962","DCAF7","Q9HCM7","FBRSL1","Q8WXX7","AUTS2","huMAP3_11826.1; huMAP3_11527.1","mutually_exclusive",0.1,34,141,141,41.37,35.6,5019.6,0.65,0.61,92.5657627118644,92.8614893617021,0.084,"ENOG502QSH4","ENOG502QSH4","yes","Low tissue specificity","Tissue enhanced",0.0827319753013188,"Nucleoplasm; Cytosol","Nucleoplasm",0.5,8435,false]
["P62333_Q99933","P55036_Q99933","Janes_et_al","P62333; Q99933","P55036; Q99933","Q99933","BAG1","P62333","PSMC6","P55036","PSMD4","huMAP3_09656.1; huMAP3_05064.1","structurally_consistent",4.73,0,0,0,null,null,0,0.3,0.46,80.9675,84.7274074074074,0.952,"KOG0651","KOG2884","no","Low tissue specificity","Low tissue specificity",0.281601723841717,"Nucleoplasm; Cytosol","Nucleoplasm",0.5,8436,false]
["Q15773_Q9UNE7","P25685_Q9UNE7","Janes_et_al","Q15773; Q9UNE7","P25685; Q9UNE7","Q9UNE7","STUB1","Q15773","MLF2","P25685","DNAJB1","huMAP3_13774.1; huMAP3_07919.1; huMAP3_14723.1; huMAP3_11049.1; huMAP3_06506.1","mutually_exclusive",0.61,22,79,76,58.6,59.75,4629.4,0.26,0.34,86.5864705882353,80.1209523809523,0.05,"KOG4049","KOG0714","no","Low tissue specificity","Low tissue specificity",0.423017734713249,"Nucleoplasm","Nucleoplasm",1,8437,false]
["O75306_O95299","O95299_Q9BQ95","Janes_et_al","O75306; O95299","O95299; Q9BQ95","O95299","NDUFA10","O75306","NDUFS2","Q9BQ95","ECSIT","huMAP3_09982.1; huMAP3_09567.1; huMAP3_14878.1; huMAP3_06397.1; huMAP3_14018.1","mutually_exclusive",0.16,10,196,152,92.91,71.18,10819.36,0.5,0.32,85.6845945945945,79.2856666666666,0.218,"KOG2870","KOG3941","no","Tissue enhanced","Low tissue specificity",0.850762728628076,"Mitochondria","Nucleoplasm",0,8438,false]
["P57678_Q7RTV0","Q7RTV0_Q96LT9","Janes_et_al","P57678; Q7RTV0","Q7RTV0; Q96LT9","Q7RTV0","PHF5A","P57678","GEMIN4","Q96LT9","RNPC3","huMAP3_08980.1; huMAP3_04549.1; huMAP3_06511.1","mutually_exclusive",0.58,11,173,123,88.09,93.56,15239.57,0.27,0.64,84.9733333333333,88.85,0.032,"ENOG502QRX9","KOG4206","no","Low tissue specificity","Low tissue specificity",0.0709149357806104,"Nuclear bodies; Cytosol","Nucleoplasm",0,8439,false]
["P08579_Q9H875","P08579_Q8WXD5","Janes_et_al","P08579; Q9H875","P08579; Q8WXD5","P08579","SNRPB2","Q9H875","PRKRIP1","Q8WXD5","GEMIN6","huMAP3_08980.1; huMAP3_04549.1; huMAP3_06511.1","structurally_consistent",7.11,0,0,0,null,null,0,0.27,0.52,88.1566666666666,91.0560975609756,0.1,"KOG4055","ENOG502RZTW","no","Low tissue specificity","Low tissue specificity",-0.0602344195043475,"Actin filaments","Nucleoplasm; Nuclear bodies",0,8440,false]
["Q7L2H7_Q9UBQ5","Q7L2H7_Q99613","Janes_et_al","Q7L2H7; Q9UBQ5","Q7L2H7; Q99613","Q7L2H7","EIF3M","Q9UBQ5","EIF3K","Q99613","EIF3C","huMAP3_11246.1; huMAP3_01276.1; huMAP3_13175.1","structurally_consistent",1,0,0,0,null,null,0,0.42,0.36,81.6925,89.50875,0.904,"KOG3252","KOG1076","no","Low tissue specificity","Low tissue specificity",0.649086411194788,"Cytosol","Cytosol",1,8441,false]
["P51398_P84103","P51398_P67809","Janes_et_al","P51398; P84103","P51398; P67809","P51398","DAP3","P84103","SRSF3","P67809","YBX1","huMAP3_05807.1","structurally_consistent",0.4,0,4,3,36,19.46,58.38,0.26,0.39,86.104,93.4031578947368,0.486,"KOG0107","KOG3070","no","Low tissue specificity","Tissue enhanced",0.227760895761962,"Nucleoplasm","Cytosol",0,8442,false]
["Q9NS25_Q9NS26","Q9BXN6_Q9NS25","Janes_et_al","Q9NS25; Q9NS26","Q9BXN6; Q9NS25","Q9NS25","SPANXB1","Q9NS26","SPANXA1","Q9BXN6","SPANXD","huMAP3_14657.1; huMAP3_05255.1","mutually_exclusive",2.05,28,70,70,73.44,73.17,5121.9,0.46,0.47,89.1636734693877,89.8674509803921,null,"ENOG502TEHU","ENOG502TEHU","yes","Tissue enriched","Tissue enriched",1,"Nucleoplasm","Nucleoplasm",1,8443,false]
["O00231_P28066","O00231_O43242","Janes_et_al","O00231; P28066","O00231; O43242","O00231","PSMD11","P28066","PSMA5","O43242","PSMD3","huMAP3_09656.1; huMAP3_13725.1","structurally_consistent",1.19,0,1,1,87,26,26,0.38,0.38,75.2266666666666,84.9916666666666,0.924,"KOG0176","KOG2581","no","Low tissue specificity","Tissue enhanced",0.103345620125586,"Cytosol","Nucleoplasm",0,8444,false]
["Q8N4J0_Q9NYJ8","P24278_Q8N4J0","Janes_et_al","Q8N4J0; Q9NYJ8","P24278; Q8N4J0","Q8N4J0","CARNMT1","Q9NYJ8","TAB2","P24278","ZBTB25","huMAP3_13193.1; huMAP3_12513.1; huMAP3_11701.1","mutually_exclusive",0.26,17,171,198,60.47,57.13,11311.74,0.54,0.53,87.6014285714285,84.1963636363636,0.096,"ENOG502QRAY","KOG1721","no","Low tissue specificity","Low tissue specificity",0.32739034497367,null,"Nucleoplasm",null,8445,false]
["Q08257_Q9H4K7","Q96CM8_Q9H4K7","Janes_et_al","Q08257; Q9H4K7","Q96CM8; Q9H4K7","Q9H4K7","MTG2","Q08257","CRYZ","Q96CM8","ACSF2","huMAP3_13468.1","structurally_consistent",1.79,0,0,0,null,null,0,0.43,0.32,91.1464705882352,77.0225,0.164,"KOG1198","KOG1177","no","Tissue enhanced","Tissue enhanced",0.695290747653943,"Cytosol","Nucleoplasm; Microtubules; Cytosol",0.333333333333333,8446,false]
["Q16531_Q9Y4B6","Q16531_Q92466","Janes_et_al","Q16531; Q9Y4B6","Q16531; Q92466","Q16531","DDB1","Q9Y4B6","DCAF1","Q92466","DDB2","huMAP3_09779.1","mutually_exclusive",0.46,51,387,367,87.4,86.01,31565.67,0.72,0.72,89.3091304347826,89.1468468468468,0.076,"KOG1832","KOG4328","no","Tissue enhanced","Low tissue specificity",0.0066611481547089,"Nucleoplasm","Nucleoplasm; Cell Junctions",0.5,8447,false]
["O95861_Q9NRG7","O95861_Q8NE62","Janes_et_al","O95861; Q9NRG7","O95861; Q8NE62","O95861","BPNT1","Q9NRG7","SDR39U1","Q8NE62","CHDH","huMAP3_13468.1","mutually_exclusive",0.3,10,131,116,93.85,84.12,9757.92,0.46,0.42,81.4283333333333,82.9458823529411,0.052,"KOG3019","KOG1238","no","Low tissue specificity","Tissue enhanced",0.27056244754294,"Nucleoplasm; Cytosol",null,null,8448,false]
["P20248_P28749","P20248_P33552","Janes_et_al","P20248; P28749","P20248; P33552","P20248","CCNA2","P28749","RBL1","P33552","CKS2","huMAP3_14722.1; huMAP3_08026.1; huMAP3_06587.1; huMAP3_10449.1","structurally_consistent",7.12,0,3,4,55,70.23,165,0.4,0.24,82.2905882352941,83.7475,0.142,"KOG1010","KOG3484","no","Tissue enhanced","Tissue enhanced",0.644775413165741,"Nucleoplasm","Mitochondria; Cytosol",0,8449,false]
["P38919_Q9BRP8","P38919_Q6PJT7","Janes_et_al","P38919; Q9BRP8","P38919; Q6PJT7","P38919","EIF4A3","Q9BRP8","PYM1","Q6PJT7","ZC3H14","huMAP3_10789.1","mutually_exclusive",0.14,10,26,24,65.07,36.29,870.96,0.47,0.27,85.2877272727272,80.3183333333333,0.12,"KOG4325","KOG3702","no","Low tissue specificity","Tissue enhanced",0.0227072947702928,"Nucleoplasm; Nucleoli; Cytosol","Nuclear speckles",0,8450,false]
["P63208_Q8NHM5","P63208_Q9UKT5","Janes_et_al","P63208; Q8NHM5","P63208; Q9UKT5","P63208","SKP1","Q8NHM5","KDM2B","Q9UKT5","FBXO4","huMAP3_00161.1; huMAP3_05528.1; huMAP3_09623.1; huMAP3_14622.1","mutually_exclusive",0.49,35,270,277,84.52,84.12,23301.24,0.63,0.55,88.4222077922078,90.9643283582089,0.086,"KOG1633; KOG1947","ENOG502QUXD","no","Low tissue specificity","Low tissue specificity",0.13983795473655,"Nucleoplasm","Nucleoplasm",1,8451,false]
["O75380_O95298","O75380_P51970","Janes_et_al","O75380; O95298","O75380; P51970","O75380","NDUFS6","O95298","NDUFC2","P51970","NDUFA8","huMAP3_09982.1; huMAP3_09567.1; huMAP3_14878.1; huMAP3_06397.1; huMAP3_14018.1","structurally_consistent",0.64,0,0,0,null,null,0,0.28,0.3,87.5191666666666,90.8211111111111,null,"KOG4516","KOG3458","no","Low tissue specificity","Tissue enhanced",0.54370066429582,"Mitochondria","Mitochondria",1,8452,false]
["O75380_P51970","O95298_P51970","Janes_et_al","O75380; P51970","O95298; P51970","P51970","NDUFA8","O75380","NDUFS6","O95298","NDUFC2","huMAP3_09982.1; huMAP3_09567.1; huMAP3_14878.1; huMAP3_06397.1; huMAP3_14018.1","structurally_consistent",0.34,0,0,0,null,null,0,0.3,0.39,90.8211111111111,89.3175,null,"KOG3456","KOG4516","no","Tissue enhanced","Low tissue specificity",0.764345654497696,null,"Mitochondria",null,8452,false]
["Q6UX04_Q8N3E9","P51825_Q8N3E9","Janes_et_al","Q6UX04; Q8N3E9","P51825; Q8N3E9","Q8N3E9","PLCD3","Q6UX04","CWC27","P51825","AFF1","huMAP3_12350.1","mutually_exclusive",0.42,16,320,314,67.81,64.22,20165.08,0.52,0.41,85.4644444444444,83.2853846153846,0.1,"KOG0415; KOG0885","ENOG502QVDA","no","Low tissue specificity","Low tissue specificity",0.284812200316724,"Nucleoplasm","Nucleoplasm; Mitochondria",0.5,8453,false]
["O94885_P27348","P27348_Q2TAL5","Janes_et_al","O94885; P27348","P27348; Q2TAL5","P27348","YWHAQ","O94885","SASH1","Q2TAL5","SMTNL2","huMAP3_10808.1; huMAP3_12897.1","mutually_exclusive",0.52,18,209,202,69.25,42.2,8524.4,0.39,0.35,88.7185714285714,79.2864705882352,null,"KOG4384","KOG4678","no","Low tissue specificity","Group enriched",0.0097243046357379,"Nucleoplasm; Cytosol","Nucleoplasm; Nuclear speckles",0.333333333333333,8454,false]
["Q8IVS2_Q96EY7","Q8IVS2_Q9Y2R5","Janes_et_al","Q8IVS2; Q96EY7","Q8IVS2; Q9Y2R5","Q8IVS2","MCAT","Q96EY7","PTCD3","Q9Y2R5","MRPS17","huMAP3_05807.1","structurally_consistent",0.21,0,8,11,27.38,65.64,219.04,0.42,0.37,90.3821428571428,90.2021428571428,0.928,"KOG4422","KOG3447","no","Low tissue specificity","Low tissue specificity",0.823357088776796,"Mitochondria",null,null,8455,false]
["O43505_Q9GZP9","O43505_Q92544","Janes_et_al","O43505; Q9GZP9","O43505; Q92544","O43505","B4GAT1","Q9GZP9","DERL2","Q92544","TM9SF4","huMAP3_09592.1","structurally_consistent",0.47,0,0,0,null,null,0,0.32,0.41,87.4462499999999,82.96,0.106,"KOG0858","KOG1278","no","Low tissue specificity","Low tissue specificity",0.252372689902261,"Endoplasmic reticulum",null,null,8456,false]
["Q5T653_Q9NRX2","Q86TS9_Q9NRX2","Janes_et_al","Q5T653; Q9NRX2","Q86TS9; Q9NRX2","Q9NRX2","MRPL17","Q5T653","MRPL2","Q86TS9","MRPL52","huMAP3_07939.1; huMAP3_06550.1; huMAP3_08458.1; huMAP3_06439.1; huMAP3_06589.1; huMAP3_09113.1; huMAP3_09483.1","structurally_consistent",0.94,0,0,0,null,null,0,0.24,0.34,91.9088888888889,93.7931818181818,0.326,"KOG0438","ENOG502S4I0","no","Low tissue specificity","Low tissue specificity",0.71668486661498,"Mitochondria","Mitochondria",1,8457,false]
["P27348_Q8IX15","P27348_P30305","Janes_et_al","P27348; Q8IX15","P27348; P30305","P27348","YWHAQ","Q8IX15","HOMEZ","P30305","CDC25B","huMAP3_10808.1; huMAP3_12897.1","mutually_exclusive",0.49,42,233,198,52.57,70.97,12248.81,0.28,0.42,81.4433333333333,82.835,0.08,"KOG3986","KOG3772","no","Low tissue specificity","Low tissue specificity",-0.260137206379234,"Nucleoli","Vesicles",0,8458,false]
["P19387_Q9NW08","Q9NW08_Q9Y535","Janes_et_al","P19387; Q9NW08","Q9NW08; Q9Y535","Q9NW08","POLR3B","P19387","POLR2C","Q9Y535","POLR3H","huMAP3_11092.1; huMAP3_14318.1","structurally_consistent",0.96,0,0,0,null,null,0,0.71,0.65,92.6582716049382,91.5723809523809,0.45,"KOG1522","KOG3297","no","Low tissue specificity","Low tissue specificity",-0.164709222403764,"Nucleoplasm","Nucleoplasm",1,8459,false]
["O43447_Q12874","O43447_P63162","Janes_et_al","O43447; Q12874","O43447; P63162","O43447","PPIH","Q12874","SF3A3","P63162","SNRPN","huMAP3_08980.1; huMAP3_04549.1; huMAP3_06511.1","mutually_exclusive",0.19,11,89,72,71.27,81.41,6343.03,0.29,0.31,77.2906666666666,79.3188,null,"KOG2636","KOG3168","no","Low tissue specificity","Low tissue specificity",-0.452742415304964,"Nuclear speckles","Nucleoplasm",0,8460,false]
["P49821_P56181","O96000_P49821","Janes_et_al","P49821; P56181","O96000; P49821","P49821","NDUFV1","P56181","NDUFV3","O96000","NDUFB10","huMAP3_09982.1; huMAP3_09567.1; huMAP3_14878.1; huMAP3_06397.1; huMAP3_14018.1; huMAP3_02819.1","structurally_consistent",0.12,0,0,0,null,null,0,0.67,0.24,97.1054716981132,74.9085714285714,0.62,"ENOG502S46A","KOG4009","no","Tissue enhanced","Group enriched",0.801413080431614,"Mitochondria",null,null,8461,false]
["P62306_P83369","P62306_Q96GM8","Janes_et_al","P62306; P83369","P62306; Q96GM8","P62306","SNRPF","P83369","LSM11","Q96GM8","TOE1","huMAP3_08980.1; huMAP3_04549.1; huMAP3_06511.1","mutually_exclusive",0.34,10,140,167,76.76,81.04,10746.4,0.57,0.29,90.04,89.138125,0.218,"ENOG502QS1B","KOG1990","no","Low tissue specificity","Low tissue specificity",-0.0309920872533994,"Nucleoplasm","Nuclear bodies",0,8462,false]
["P54198_Q9Y294","Q9Y294_Q9Y2V0","Janes_et_al","P54198; Q9Y294","Q9Y294; Q9Y2V0","Q9Y294","ASF1A","P54198","HIRA","Q9Y2V0","CDIN1","huMAP3_08143.1; huMAP3_09289.1; huMAP3_10747.1; huMAP3_09859.1; huMAP3_11834.1; huMAP3_00115.1; huMAP3_12711.1; huMAP3_00724.1; huMAP3_12963.1","mutually_exclusive",0.59,13,164,126,79.6,91.1,13054.4,0.39,0.58,82.782037037037,88.7638888888888,0.084,"KOG0973","ENOG502R9SY","no","Tissue enhanced","Group enriched",-0.0821187852623945,"Nucleoplasm","Nucleoplasm",1,8463,false]
["P05556_P17301","P05556_P13612","Janes_et_al","P05556; P17301","P05556; P13612","P05556","ITGB1","P17301","ITGA2","P13612","ITGA4","huMAP3_09336.1","mutually_exclusive",8.12,28,560,543,85.59,85.68,47930.4,0.72,0.71,86.6290322580645,90.2810752688172,0.372,"KOG3637","KOG3637","yes","Low tissue specificity","Group enriched",-0.0307403611879037,"Nucleoplasm","Plasma membrane",0,8464,false]
["Q03405_Q09328","Q03405_Q8N3Y3","Janes_et_al","Q03405; Q09328","Q03405; Q8N3Y3","Q03405","PLAUR","Q09328","MGAT5","Q8N3Y3","LARGE2","huMAP3_06775.1","mutually_exclusive",0.45,13,468,511,83.37,91.37,39017.16,0.29,0.55,76.5109090909091,85.3240909090909,null,"ENOG502QTNG","KOG3765","no","Low tissue specificity","Tissue enhanced",-0.126481329988252,{"$nulls":3},8465,false]
["Q86SG6_Q8TDX7","Q8TDX7_Q9HC98","Janes_et_al","Q86SG6; Q8TDX7","Q8TDX7; Q9HC98","Q8TDX7","NEK7","Q86SG6","NEK8","Q9HC98","NEK6","huMAP3_12958.1; huMAP3_12947.1","mutually_exclusive",0.86,14,265,274,81.8,84.13,21677,0.25,0.24,80.4820833333333,78.742,null,"KOG0589","KOG0591","no","Low tissue specificity","Tissue enhanced",0.158385120048168,"Microtubules","Nucleoplasm; Cytosol",0,8466,false]
["P63208_Q8N461","P63208_Q8NEZ5","Janes_et_al","P63208; Q8N461","P63208; Q8NEZ5","P63208","SKP1","Q8N461","FBXL16","Q8NEZ5","FBXO22","huMAP3_00161.1; huMAP3_09623.1; huMAP3_14622.1","mutually_exclusive",0.2,31,305,310,94.97,88.86,27546.6,0.65,0.66,90.787875,92.91,null,"KOG1947","ENOG502QSZ2","no","Tissue enriched","Low tissue specificity",-0.100772803563091,{"$nulls":3},8467,false]
["P53803_Q9BUI4","Q9BUI4_Q9Y2Y1","Janes_et_al","P53803; Q9BUI4","Q9BUI4; Q9Y2Y1","Q9BUI4","POLR3C","P53803","POLR2K","Q9Y2Y1","POLR3K","huMAP3_00807.1; huMAP3_09057.1; huMAP3_14318.1; huMAP3_08487.1; huMAP3_11092.1; huMAP3_06426.1","structurally_consistent",1.69,0,1,1,63.41,76,63.41,0.46,0.34,81.1046666666666,84.59,0.3058,"KOG3507","KOG2906","no","Low tissue specificity","Low tissue specificity",0.367297671598323,"Nucleoli fibrillar center","Nucleoplasm",0,8468,false]
["P25105_Q13144","Q13144_Q9NR50","Janes_et_al","P25105; Q13144","Q13144; Q9NR50","Q13144","EIF2B5","P25105","PTAFR","Q9NR50","EIF2B3","huMAP3_10530.1; huMAP3_10287.1; huMAP3_09088.1","mutually_exclusive",4.99,12,22,37,38.01,84.05,836.219999999999,0.29,0.42,80.5961538461538,90.0362790697674,null,"ENOG502QTQI","KOG1462","no","Tissue enhanced","Low tissue specificity",-0.239754257166448,"Nucleoplasm; Vesicles","Vesicles; Cytosol",0.333333333333333,8469,false]
["O00161_Q9Y2K9","O00161_O43752","Janes_et_al","O00161; Q9Y2K9","O00161; O43752","O00161","SNAP23","Q9Y2K9","STXBP5L","O43752","STX6","huMAP3_13160.1","mutually_exclusive",1.66,37,63,63,56.62,82.49,3567.06,0.26,0.61,78.0104,85.1636046511627,null,"KOG1983","KOG3202","no","Tissue enhanced","Low tissue specificity",0.368849953913159,null,"Golgi apparatus",null,8470,false]
["Q13618_Q9P2K6","Q13618_Q6TFL4","Janes_et_al","Q13618; Q9P2K6","Q13618; Q6TFL4","Q13618","CUL3","Q9P2K6","KLHL42","Q6TFL4","KLHL24","huMAP3_14528.1; huMAP3_09779.1; huMAP3_02073.1; huMAP3_07590.1; huMAP3_08550.1","mutually_exclusive",0.9,21,275,280,84.34,87.96,23193.5,0.56,0.67,90.741,90.4096,null,"KOG1072","KOG1721; KOG4441","no","Low tissue specificity","Low tissue specificity",-0.409727507120454,{"$nulls":3},8471,false]
["O00422_Q9H307","O00422_P84103","Janes_et_al","O00422; Q9H307","O00422; P84103","O00422","SAP18","Q9H307","PNN","P84103","SRSF3","huMAP3_09621.1","mutually_exclusive",0.19,12,30,26,53.5,47.08,1224.08,0.28,0.5,89.6752380952381,92.8368,0.678,"KOG3756","KOG0107","no","Low tissue specificity","Low tissue specificity",0.288910273985009,"Nuclear speckles","Nucleoplasm",0,8472,false]
["O95168_P03905","O43674_P03905","Janes_et_al","O95168; P03905","O43674; P03905","P03905","MT-ND4","O95168","NDUFB4","O43674","NDUFB5","huMAP3_09982.1; huMAP3_09567.1; huMAP3_14878.1; huMAP3_06397.1; huMAP3_14018.1","structurally_consistent",0.11,0,0,0,null,null,0,0.62,0.62,92.6318181818181,89.7225,0.586,"ENOG502S2HF","KOG4632","no","Tissue enhanced","Low tissue specificity",0.924535787173825,"Mitochondria","Mitochondria",1,8473,false]
["Q5VST6_Q8WW35","Q5JR98_Q8WW35","Janes_et_al","Q5VST6; Q8WW35","Q5JR98; Q8WW35","Q8WW35","DYNLT2B","Q5VST6","ABHD17B","Q5JR98","DYNLT4","huMAP3_09098.1","structurally_consistent",0.91,0,3,4,91.81,35.78,143.12,0.27,0.67,88.13,94.675465116279,null,"KOG1552","KOG4108","no","Low tissue specificity","Group enriched",-0.196501560441227,null,"Vesicles",null,8474,false]
["Q8IWB7_Q8WY64","P36639_Q8IWB7","Janes_et_al","Q8IWB7; Q8WY64","P36639; Q8IWB7","Q8IWB7","WDFY1","Q8WY64","MYLIP","P36639","NUDT1","huMAP3_11904.1","structurally_consistent",0.62,0,0,0,null,null,0,0.28,0.27,85.6858333333333,81.3225,null,"ENOG502QV76","ENOG502S254","no","Low tissue specificity","Tissue enhanced",0.313231759321249,null,"Cytosol",null,8475,false]
["O15160_Q9NW08","Q9BT43_Q9NW08","Janes_et_al","O15160; Q9NW08","Q9BT43; Q9NW08","Q9NW08","POLR3B","O15160","POLR1C","Q9BT43","POLR3GL","huMAP3_09057.1; huMAP3_14318.1; huMAP3_08487.1; huMAP3_11092.1; huMAP3_06426.1","structurally_consistent",0.79,0,0,0,null,null,0,0.72,0.5,93.4049462365591,80.9316666666666,0.048,"KOG1521","ENOG502QUPX","no","Low tissue specificity","Low tissue specificity",0.0691219314567935,"Nucleoplasm; Nucleoli fibrillar center",null,null,8476,false]
["P54198_Q9Y294","Q8NI37_Q9Y294","Janes_et_al","P54198; Q9Y294","Q8NI37; Q9Y294","Q9Y294","ASF1A","P54198","HIRA","Q8NI37","PPTC7","huMAP3_12711.1","mutually_exclusive",0.56,21,288,260,79.64,89.66,22936.32,0.39,0.46,82.782037037037,88.2832,0.076,"KOG0973","KOG1379","no","Tissue enhanced","Tissue enhanced",0.0889938010609331,"Nucleoplasm","Plasma membrane; Cytosol",0,8477,false]
["P27348_Q86X27","P27348_Q5SQI0","Janes_et_al","P27348; Q86X27","P27348; Q5SQI0","P27348","YWHAQ","Q86X27","RALGPS2","Q5SQI0","ATAT1","huMAP3_12897.1","mutually_exclusive",0.33,21,166,139,67.91,58.51,8132.88999999999,0.43,0.42,81.8242105263157,75.5815384615384,0.068,"KOG3417","KOG4601","no","Tissue enhanced","Tissue enhanced",-0.288887094714426,"Nucleoplasm; Cytosol","Cytosol",0.5,8478,false]
["P30876_P62875","P30876_Q9NQG5","Janes_et_al","P30876; P62875","P30876; Q9NQG5","P30876","POLR2B","P62875","POLR2L","Q9NQG5","RPRD1B","huMAP3_11092.1; huMAP3_14318.1","structurally_consistent",0.5,0,0,0,null,null,0,0.71,0.56,95.3133333333333,79.7253571428571,0.272,"KOG3497","KOG2669","no","Low tissue specificity","Tissue enhanced",0.109595284660108,"Nucleoplasm","Nucleoplasm",1,8479,false]
["Q15773_Q9UNE7","O75165_Q9UNE7","Janes_et_al","Q15773; Q9UNE7","O75165; Q9UNE7","Q9UNE7","STUB1","Q15773","MLF2","O75165","DNAJC13","huMAP3_14723.1","mutually_exclusive",5.84,10,113,152,47.64,79.12,5383.32,0.26,0.33,86.5864705882353,83.8653846153846,0.034,"KOG4049","KOG1789","no","Low tissue specificity","Low tissue specificity",-0.547714281463328,"Nucleoplasm","Vesicles",0,8480,false]
["P27348_P31947","P31947_P98177","Janes_et_al","P27348; P31947","P31947; P98177","P31947","SFN","P27348","YWHAQ","P98177","FOXO4","huMAP3_10808.1; huMAP3_09810.1; huMAP3_12897.1","mutually_exclusive",0.34,11,62,28,97.33,18.46,516.88,0.67,0.35,95.856304347826,80.4582758620689,null,"KOG0841","KOG2294","no","Low tissue specificity","Tissue enhanced",0.250580190792865,"Cytosol","Nuclear speckles",0,8481,false]
["Q9H840_Q9NWZ8","O43172_Q9NWZ8","Janes_et_al","Q9H840; Q9NWZ8","O43172; Q9NWZ8","Q9NWZ8","GEMIN8","Q9H840","GEMIN7","O43172","PRPF4","huMAP3_08980.1; huMAP3_06511.1","mutually_exclusive",8.04,19,45,82,83.71,94.4,3766.95,0.62,0.49,93.2836923076923,84.6215384615384,0.372,"ENOG502S59N","KOG0272","no","Low tissue specificity","Low tissue specificity",0.150539977261578,"Nucleoplasm; Cytosol","Nuclear speckles",0,8482,false]
["Q15773_Q9UNE7","P11142_Q9UNE7","Janes_et_al","Q15773; Q9UNE7","P11142; Q9UNE7","Q9UNE7","STUB1","Q15773","MLF2","P11142","HSPA8","huMAP3_07919.1; huMAP3_14723.1; huMAP3_06506.1; huMAP3_11049.1","mutually_exclusive",1.57,12,67,99,35.13,78.57,2353.71,0.26,0.47,86.5864705882353,93.525,0.252625,"KOG4049","KOG0101","no","Low tissue specificity","Low tissue specificity",0.166123853664978,"Nucleoplasm","Nucleoplasm",1,8483,false]
["Q05513_Q9NPB6","Q05513_Q9BYG4","Janes_et_al","Q05513; Q9NPB6","Q05513; Q9BYG4","Q05513","PRKCZ","Q9NPB6","PARD6A","Q9BYG4","PARD6G","huMAP3_05806.1; huMAP3_07433.1; huMAP3_12987.1; huMAP3_09726.1; huMAP3_10212.1","mutually_exclusive",7.69,17,114,133,69.19,73.42,7887.66,0.32,0.54,90.0363888888889,89.708947368421,null,"KOG3606","KOG3606","yes","Tissue enhanced","Tissue enhanced",-0.214957436764084,"Cell Junctions; Actin filaments","Plasma membrane",0,8484,false]
["A2A3K4_Q00005","Q00005_Q8N461","Janes_et_al","A2A3K4; Q00005","Q00005; Q8N461","Q00005","PPP2R2B","A2A3K4","PTPDC1","Q8N461","FBXL16","huMAP3_13510.1","mutually_exclusive",0.27,22,277,240,83.88,88.12,23234.76,0.39,0.68,78.4161538461538,91.335,null,"KOG1720","KOG1947","no","Low tissue specificity","Tissue enriched",0.468376031574172,"Nucleoplasm",null,null,8485,false]
["O75832_P28074","O75832_Q05086","Janes_et_al","O75832; P28074","O75832; Q05086","O75832","PSMD10","P28074","PSMB5","Q05086","UBE3A","huMAP3_09656.1; huMAP3_13725.1","mutually_exclusive",0.45,12,219,247,73.92,86.5,16188.48,0.35,0.64,77.286,81.5127027027027,0.096,"KOG0175","KOG0941","no","Low tissue specificity","Low tissue specificity",0.748995342494172,"Nucleoplasm; Centrosome","Nucleoplasm",0.5,8486,false]
["O60741_Q9P1Z3","Q9P1Z3_Q9Y3Q4","Janes_et_al","O60741; Q9P1Z3","Q9P1Z3; Q9Y3Q4","Q9P1Z3","HCN3","O60741","HCN1","Q9Y3Q4","HCN4","huMAP3_15275.1; huMAP3_03023.1","mutually_exclusive",0.52,43,580,589,79.75,78.41,46183.49,0.7,0.67,85.5381679389313,85.6419841269841,null,"KOG0498","KOG0498","yes","Tissue enriched","Group enriched",0.0456236429154433,{"$nulls":3},8487,false]
["Q08188_Q9NU19","O60911_Q9NU19","Janes_et_al","Q08188; Q9NU19","O60911; Q9NU19","Q9NU19","TBC1D22B","Q08188","TGM3","O60911","CTSV","huMAP3_09929.1","mutually_exclusive",2.01,10,261,246,92.7,90.26,22203.96,0.46,0.51,88.9623076923076,76.312,0.102,"ENOG502QUPB","KOG1543","no","Tissue enriched","Tissue enriched",0.0003159110963213,null,"Nucleoli fibrillar center; Cytosol",null,8488,false]
["P31150_Q9NP90","P31150_Q9H0N0","Janes_et_al","P31150; Q9NP90","P31150; Q9H0N0","P31150","GDI1","Q9NP90","RAB9B","Q9H0N0","RAB6C","huMAP3_11094.1; huMAP3_11860.1","mutually_exclusive",0.16,24,182,188,81.81,68.73,12921.24,0.41,0.36,80.1883333333333,80.4958333333333,null,"KOG0394","KOG0094","no","Tissue enhanced","Tissue enhanced",0.0913406073140325,null,"Golgi apparatus",null,8489,false]
["P61326_Q9UKV3","P61326_Q9Y5S9","Janes_et_al","P61326; Q9UKV3","P61326; Q9Y5S9","P61326","MAGOH","Q9UKV3","ACIN1","Q9Y5S9","RBM8A","huMAP3_09943.1; huMAP3_09621.1; huMAP3_11073.1; huMAP3_10564.1","mutually_exclusive",0.19,21,58,90,41.1,86.73,2383.8,0.37,0.72,86.6647058823529,95.8079310344827,0.732,"KOG2416","KOG0130","no","Low tissue specificity","Low tissue specificity",0.545821242804305,"Nucleoplasm","Nuclear speckles",0,8490,false]
["O14744_P54105","P14678_P54105","Janes_et_al","O14744; P54105","P14678; P54105","P54105","CLNS1A","O14744","PRMT5","P14678","SNRPB","huMAP3_08980.1; huMAP3_06511.1","mutually_exclusive",5.68,20,72,70,74.92,89.28,5394.24,0.52,0.61,88.7648,93.2694505494505,0.23,"KOG0822","KOG3168","no","Low tissue specificity","Low tissue specificity",0.181877036969528,"Nucleoplasm; Cytosol","Nucleoplasm",0.5,8491,false]
["Q3KNV8_Q8IY57","Q3KNV8_Q9HCM7","Janes_et_al","Q3KNV8; Q8IY57","Q3KNV8; Q9HCM7","Q3KNV8","PCGF3","Q8IY57","YAF2","Q9HCM7","FBRSL1","huMAP3_10162.1","mutually_exclusive",9.7,16,42,42,71.89,75.88,3019.38,0.49,0.4,91.2022448979591,91.4208,0.08,"KOG4477","ENOG502QSH4","no","Low tissue specificity","Low tissue specificity",0.255107467857822,"Nucleoplasm","Nucleoplasm; Cytosol",0.5,8492,false]
["O60341_Q9Y483","O60341_Q9P0W2","Janes_et_al","O60341; Q9Y483","O60341; Q9P0W2","O60341","KDM1A","Q9Y483","MTF2","Q9P0W2","HMG20B","huMAP3_15128.1","mutually_exclusive",0.36,27,102,91,61.25,46.62,4242.42,0.37,0.67,81.4924999999999,82.6411864406779,0.11,"KOG4323","KOG0381","no","Low tissue specificity","Low tissue specificity",-0.0860639241783659,"Nucleoplasm","Nucleoplasm",1,8493,false]
["Q15029_Q96DI7","Q15029_Q99459","Janes_et_al","Q15029; Q96DI7","Q15029; Q99459","Q15029","EFTUD2","Q96DI7","SNRNP40","Q99459","CDC5L","huMAP3_09504.1; huMAP3_09945.1","structurally_consistent",0.71,0,0,0,null,null,0,0.45,0.24,78.32,74.0706666666666,0.844,"KOG0265","KOG0050","no","Low tissue specificity","Low tissue specificity",0.470440116943199,"Nuclear speckles","Nucleoplasm",0,8494,false]
["P62714_Q9Y5P8","P62714_Q9BTL4","Janes_et_al","P62714; Q9Y5P8","P62714; Q9BTL4","P62714","PPP2CB","Q9Y5P8","PPP2R3B","Q9BTL4","IER2","huMAP3_10333.1; huMAP3_13510.1; huMAP3_09709.1","mutually_exclusive",0.18,14,166,131,74.64,33.77,4423.87,0.48,0.36,81.7590476190476,84.282,null,"KOG2562","ENOG502S19F","no","Group enriched","Low tissue specificity",0.0005963805326124,"Nucleoplasm","Nucleoplasm",1,8495,false]
["O43505_Q9GZP9","O43505_Q8WUY1","Janes_et_al","O43505; Q9GZP9","O43505; Q8WUY1","O43505","B4GAT1","Q9GZP9","DERL2","Q8WUY1","THEM6","huMAP3_09592.1","structurally_consistent",0.55,0,0,0,null,null,0,0.32,0.31,87.4462499999999,78.6104347826086,0.14,"KOG0858","KOG4366","no","Low tissue specificity","Low tissue specificity",0.163206661691435,"Endoplasmic reticulum","Nuclear speckles; Cytosol",0,8496,false]
["P19387_P30876","O15514_P30876","Janes_et_al","P19387; P30876","O15514; P30876","P30876","POLR2B","P19387","POLR2C","O15514","POLR2D","huMAP3_07749.1; huMAP3_14318.1; huMAP3_07454.1; huMAP3_11092.1; huMAP3_09843.1","structurally_consistent",0.74,0,0,0,null,null,0,0.72,0.61,97.5433333333333,89.2785714285714,0.9,"KOG1522","KOG2351","no","Low tissue specificity","Tissue enhanced",0.0216660203219072,"Nucleoplasm","Nucleoplasm; Nuclear speckles",0.5,8497,false]
["P62714_Q9NVR7","P60510_P62714","Janes_et_al","P62714; Q9NVR7","P60510; P62714","P62714","PPP2CB","Q9NVR7","TBCCD1","P60510","PPP4C","huMAP3_07998.1; huMAP3_13510.1; huMAP3_10333.1; huMAP3_09709.1; huMAP3_06695.1","mutually_exclusive",0.06,10,263,257,86.88,90.09,22849.44,0.46,0.59,73.2233333333333,81.8771428571428,null,"KOG4416","KOG0372","no","Low tissue specificity","Low tissue specificity",0.406192849204225,null,"Nucleoplasm",null,8498,false]
["O43747_P53680","P42566_P53680","Janes_et_al","O43747; P53680","P42566; P53680","P53680","AP2S1","O43747","AP1G1","P42566","EPS15","huMAP3_12918.1; huMAP3_10876.1; huMAP3_10762.1; huMAP3_12394.1","mutually_exclusive",0.46,11,202,137,91.62,65.94,9033.78,0.73,0.38,94.5878991596638,87.7366666666666,0.072,"KOG1062","KOG0998","no","Low tissue specificity","Low tissue specificity",-0.141418556690488,"Golgi apparatus; Vesicles","Vesicles; Cytosol",0.333333333333333,8499,false]
["P09661_Q96DI7","P09661_Q96RS0","Janes_et_al","P09661; Q96DI7","P09661; Q96RS0","P09661","SNRPA1","Q96DI7","SNRNP40","Q96RS0","TGS1","huMAP3_08980.1","mutually_exclusive",1.98,12,271,188,86.04,57.82,10870.16,0.47,0.39,83.47,86.4422727272727,0.466,"KOG0265","KOG2730","no","Low tissue specificity","Low tissue specificity",0.794537445137854,"Nuclear speckles","Cytosol",0,8500,false]
["P68366_Q8N0Z6","P68366_Q8N4U5","Janes_et_al","P68366; Q8N0Z6","P68366; Q8N4U5","P68366","TUBA4A","Q8N0Z6","TTC5","Q8N4U5","TCP11L2","huMAP3_10475.1; huMAP3_09233.1; huMAP3_10665.1","structurally_consistent",0.26,0,0,0,null,null,0,0.36,0.34,85.9630434782608,84.96,null,"ENOG502QQ6C","KOG1981","no","Low tissue specificity","Low tissue specificity",0.0767495347820068,"Nucleoplasm","Nuclear speckles",0,8501,false]
["P09001_P49406","P49406_Q96E29","Janes_et_al","P09001; P49406","P49406; Q96E29","P49406","MRPL19","P09001","MRPL3","Q96E29","MTERF3","huMAP3_07939.1; huMAP3_08458.1; huMAP3_06439.1; huMAP3_09113.1; huMAP3_09483.1","mutually_exclusive",0.81,14,90,120,95.94,90,10800,0.67,0.25,96.3835714285714,83.5468181818181,0.632,"KOG3141","KOG1267","no","Low tissue specificity","Low tissue specificity",0.571752953054052,null,"Mitochondria",null,8502,false]
["Q13084_Q9NX20","Q13084_Q16540","Janes_et_al","Q13084; Q9NX20","Q13084; Q16540","Q13084","MRPL28","Q9NX20","MRPL16","Q16540","MRPL23","huMAP3_07939.1; huMAP3_03763.1; huMAP3_06550.1; huMAP3_08458.1; huMAP3_06439.1; huMAP3_06589.1; huMAP3_09113.1; huMAP3_09483.1","structurally_consistent",0.34,0,0,0,null,null,0,0.28,0.54,86.4266666666666,92.5911764705882,0.704,"KOG3422","KOG4089","no","Low tissue specificity","Low tissue specificity",0.33204307049528,null,"Nucleoli fibrillar center; Mitochondria",null,8503,false]
["Q15369_Q96S21","Q15369_Q15370","Janes_et_al","Q15369; Q96S21","Q15369; Q15370","Q15369","ELOC","Q96S21","RAB40C","Q15370","ELOB","huMAP3_08919.1; huMAP3_05894.1; huMAP3_09980.1; huMAP3_13601.1","mutually_exclusive",0.41,15,9,13,32.89,60.23,296.01,0.46,0.67,92.5994285714285,94.9450746268656,null,"KOG0078","KOG4495","no","Low tissue specificity","Low tissue specificity",0.269661766294585,"Vesicles",null,null,8504,false]
["P00156_P47985","P00156_Q9UDW1","Janes_et_al","P00156; P47985","P00156; Q9UDW1","P00156","MT-CYB","P47985","UQCRFS1","Q9UDW1","UQCR10","huMAP3_10623.1; huMAP3_12457.1","structurally_consistent",0.24,0,0,0,null,null,0,0.65,0.44,87.3179629629629,90.0178571428571,0.846,"KOG1671","KOG3494","no","Tissue enhanced","Low tissue specificity",0.905600618167246,"Mitochondria",null,null,8505,false]
["Q9BUI4_Q9Y535","P0DPB6_Q9BUI4","Janes_et_al","Q9BUI4; Q9Y535","P0DPB6; Q9BUI4","Q9BUI4","POLR3C","Q9Y535","POLR3H","P0DPB6",null,"huMAP3_00807.1; huMAP3_09057.1; huMAP3_14318.1; huMAP3_08487.1; huMAP3_11092.1; huMAP3_06426.1","structurally_consistent",1.92,0,2,5,84.5,90.21,169,0.44,0.27,87.3526086956521,85.3728571428571,0.102,"KOG3297","KOG3438","no","Low tissue specificity",null,null,"Nucleoplasm",null,null,8506,false]
["O95292_Q9Y3E0","O14880_Q9Y3E0","Janes_et_al","O95292; Q9Y3E0","O14880; Q9Y3E0","Q9Y3E0","GOLT1B","O95292","VAPB","O14880","MGST3","huMAP3_10725.1","mutually_exclusive",7.08,11,27,61,42.72,81.31,1153.44,0.31,0.33,78.19,75.9906666666666,0.094,"KOG0439","ENOG502S4E5","no","Low tissue specificity","Low tissue specificity",0.527546644667536,"Endoplasmic reticulum","Nucleoplasm",0,8507,false]
["Q8IYU8_Q9BPX6","Q86XE3_Q9BPX6","Janes_et_al","Q8IYU8; Q9BPX6","Q86XE3; Q9BPX6","Q9BPX6","MICU1","Q8IYU8","MICU2","Q86XE3","MICU3","huMAP3_10020.1","mutually_exclusive",0.9,19,328,335,83.14,81.57,27325.95,0.39,0.37,85.2420454545454,80.7381081081081,null,"KOG2643","KOG2643","yes","Low tissue specificity","Tissue enhanced",-0.0119315993783264,"Nucleoplasm",null,null,8508,false]
["P29374_Q13547","Q13547_Q6PJG2","Janes_et_al","P29374; Q13547","Q13547; Q6PJG2","Q13547","HDAC1","P29374","ARID4A","Q6PJG2","MIDEAS","huMAP3_08800.1; huMAP3_09031.1","mutually_exclusive",0.16,14,224,175,70.99,43.43,7600.25,0.32,0.73,84.3223076923077,95.2709944751381,0.118,"KOG2744; KOG3001","KOG4167","no","Low tissue specificity","Low tissue specificity",0.486899849927436,"Nucleoplasm","Nucleoplasm",1,8509,false]
["Q6NZ67_Q96CW5","Q96CW5_Q9BSJ2","Janes_et_al","Q6NZ67; Q96CW5","Q96CW5; Q9BSJ2","Q96CW5","TUBGCP3","Q6NZ67","MZT2B","Q9BSJ2","TUBGCP2","huMAP3_09443.1; huMAP3_00522.1; huMAP3_14882.1","structurally_consistent",2.16,0,0,0,null,null,0,0.42,0.68,80.286129032258,86.6467391304347,0.604,"ENOG502S50R","KOG2001","no","Low tissue specificity","Low tissue specificity",0.152787202429407,"Centrosome","Nucleoplasm; Centrosome",0.5,8510,false]
["P63208_Q9UKT8","P63208_Q9UJA9","Janes_et_al","P63208; Q9UKT8","P63208; Q9UJA9","P63208","SKP1","Q9UKT8","FBXW2","Q9UJA9","ENPP5","huMAP3_14622.1","mutually_exclusive",0.91,11,74,42,95.38,69.52,2919.84,0.68,0.58,94.4693243243243,87.0562499999999,null,"KOG0274","KOG2645","no","Low tissue specificity","Tissue enriched",-0.0895370190191055,"Nucleoplasm","Cytosol",0,8511,false]
["P20248_P30281","O94921_P30281","Janes_et_al","P20248; P30281","O94921; P30281","P30281","CCND3","P20248","CCNA2","O94921","CDK14","huMAP3_14722.1","mutually_exclusive",0.25,11,136,140,85.52,83.02,11622.8,0.43,0.63,82.591,86.5007936507936,0.046,"KOG0654","KOG0594","no","Tissue enhanced","Low tissue specificity",-0.0976999895986805,"Nucleoplasm; Cytosol","Nucleoplasm; Cytosol",1,8512,false]
["O95295_Q86VE0","O95295_Q96B45","Janes_et_al","O95295; Q86VE0","O95295; Q96B45","O95295","SNAPIN","Q86VE0","MYPOP","Q96B45","BORCS7","huMAP3_11659.1","mutually_exclusive",2.33,23,39,60,86.84,59.58,3574.8,0.54,0.31,90.1318518518518,77.5553846153846,0.084,"ENOG502RV5V","ENOG502S2QS","no","Low tissue specificity","Low tissue specificity",0.181153407497135,"Nucleoplasm","Vesicles; Cytosol",0,8513,false]
["Q13216_Q16531","Q13620_Q16531","Janes_et_al","Q13216; Q16531","Q13620; Q16531","Q16531","DDB1","Q13216","ERCC8","Q13620","CUL4B","huMAP3_14528.1; huMAP3_09779.1","structurally_consistent",0.3,0,0,0,null,null,0,0.72,0.67,91.4984615384615,87.5264383561643,0.094,"KOG4283","KOG2167","no","Low tissue specificity","Low tissue specificity",0.192314107989439,"Nuclear speckles","Nucleoplasm",0,8514,false]
["P07738_Q9BXK1","P07738_P18669","Janes_et_al","P07738; Q9BXK1","P07738; P18669","P07738","BPGM","Q9BXK1","KLF16","P18669","PGAM1","huMAP3_11712.1; huMAP3_11905.1","structurally_consistent",0.29,0,13,34,33.15,94.21,430.95,0.34,0.68,88.4169565217391,97.9823404255319,0.106,"KOG1721","KOG0235","no","Tissue enhanced","Low tissue specificity",0.460549521854124,"Nucleoplasm","Nucleoplasm",1,8515,false]
["Q13547_Q96PN7","Q13547_Q9P2Y4","Janes_et_al","Q13547; Q96PN7","Q13547; Q9P2Y4","Q13547","HDAC1","Q96PN7","TRERF1","Q9P2Y4","ZNF219","huMAP3_15128.1","mutually_exclusive",0.26,21,239,224,44.97,60.92,10747.83,0.66,0.63,91.4705633802816,88.4742857142857,null,"KOG4167","KOG1721","no","Low tissue specificity","Low tissue specificity",0.0423146389633952,"Nucleoplasm","Nucleoplasm",1,8516,false]
["O43920_O95168","O43920_P56556","Janes_et_al","O43920; O95168","O43920; P56556","O43920","NDUFS5","O95168","NDUFB4","P56556","NDUFA6","huMAP3_09982.1; huMAP3_09567.1; huMAP3_14878.1; huMAP3_06397.1; huMAP3_14018.1; huMAP3_02819.1","structurally_consistent",1.09,0,9,8,94.11,62,496,0.51,0.24,91.3088571428571,85.3173333333333,0.812,"ENOG502S2HF","KOG3426","no","Tissue enhanced","Low tissue specificity",0.777043242362392,"Mitochondria",null,null,8517,false]
["P27449_Q8N511","P27449_Q15904","Janes_et_al","P27449; Q8N511","P27449; Q15904","P27449","ATP6V0C","Q8N511","TMEM199","Q15904","ATP6AP1","huMAP3_10516.1; huMAP3_09562.1; huMAP3_12042.1","structurally_consistent",0.26,0,0,0,null,null,0,0.33,0.48,82.6168,91.8029729729729,0.32,"ENOG502RXKD","KOG3868","no","Low tissue specificity","Low tissue specificity",0.216158932093612,{"$nulls":3},8518,false]
["P63208_Q96IG2","O94952_P63208","Janes_et_al","P63208; Q96IG2","O94952; P63208","P63208","SKP1","Q96IG2","FBXL20","O94952","FBXO21","huMAP3_14622.1","mutually_exclusive",0.46,39,223,208,94.37,91.44,19019.52,0.66,0.65,93.0701298701298,93.4120833333333,0.098,"KOG4341","ENOG502QS7Z","no","Low tissue specificity","Tissue enhanced",0.0053826677589839,"Microtubules","Mitochondria",0,8519,false]
["P63208_Q7Z6M2","P63208_Q8NEA4","Janes_et_al","P63208; Q7Z6M2","P63208; Q8NEA4","P63208","SKP1","Q7Z6M2","FBXO33","Q8NEA4","FBXO36","huMAP3_14622.1","mutually_exclusive",0.28,29,107,95,87.99,83.74,7955.29999999999,0.62,0.67,91.4127868852459,94.6738461538461,null,"ENOG502QPU4","KOG1777","no","Tissue enhanced","Low tissue specificity",-0.0335148818802507,"Nucleoplasm","Nucleoplasm; Nucleoli",0.5,8520,false]
["Q9NPD3_Q9Y2L1","Q8TF46_Q9NPD3","Janes_et_al","Q9NPD3; Q9Y2L1","Q8TF46; Q9NPD3","Q9NPD3","EXOSC4","Q9Y2L1","DIS3","Q8TF46","DIS3L","huMAP3_05382.1","mutually_exclusive",0.06,19,783,755,86.21,85.84,64809.2,0.48,0.49,88.6027027027027,87.6439024390243,0.084,"KOG2102","KOG2102","yes","Low tissue specificity","Low tissue specificity",-0.273047938885846,"Nucleoplasm","Plasma membrane; Cytosol",0,8521,false]
["P27348_Q96GL9","P27348_P54253","Janes_et_al","P27348; Q96GL9","P27348; P54253","P27348","YWHAQ","Q96GL9","FAM163A","P54253","ATXN1","huMAP3_12897.1","mutually_exclusive",0.39,20,75,84,51.32,57,3849,0.43,0.34,91.6928571428571,83.4225,null,"ENOG502S10V","KOG4053","no","Tissue enhanced","Low tissue specificity",-0.135614824133035,null,"Nucleoplasm",null,8522,false]
["Q13330_Q92769","Q92769_Q9H0E3","Janes_et_al","Q13330; Q92769","Q92769; Q9H0E3","Q92769","HDAC2","Q13330","MTA1","Q9H0E3","SAP130","huMAP3_15128.1","mutually_exclusive",0.35,12,110,83,77.97,50.66,4204.78,0.73,0.25,94.4036666666666,88.5414285714285,null,"KOG3554","ENOG502QQ6P","no","Low tissue specificity","Tissue enhanced",0.192390475279208,"Nucleoplasm","Nuclear speckles",0,8523,false]
["P61081_Q15181","Q15181_Q16222","Janes_et_al","P61081; Q15181","Q15181; Q16222","Q15181","PPA1","P61081","UBE2M","Q16222","UAP1","huMAP3_14442.1","mutually_exclusive",0.11,11,164,252,93.78,86.32,21752.64,0.63,0.34,94.0346875,75.9366666666666,null,"KOG0420","KOG2388","no","Low tissue specificity","Tissue enhanced",-0.198114769963295,"Nucleoplasm","Nucleoplasm; Plasma membrane; Cytosol",0.333333333333333,8524,false]
["P62714_Q96E09","O43815_P62714","Janes_et_al","P62714; Q96E09","O43815; P62714","P62714","PPP2CB","Q96E09","PABIR1","O43815","STRN","huMAP3_10333.1; huMAP3_13510.1; huMAP3_09709.1","mutually_exclusive",0.12,11,19,17,76.12,54.84,932.28,0.56,0.24,94.1338095238095,78.3933333333333,0.07,"ENOG502QTCH","KOG0642","no","Low tissue specificity","Low tissue specificity",-0.0611404267311649,"Nucleoplasm; Nuclear bodies","Cytosol",0,8525,false]
["O14617_Q92572","O14617_P59780","Janes_et_al","O14617; Q92572","O14617; P59780","O14617","AP3D1","Q92572","AP3S1","P59780","AP3S2","huMAP3_12157.1; huMAP3_03149.1; huMAP3_04238.1; huMAP3_15082.1; huMAP3_12813.1; huMAP3_12325.1","mutually_exclusive",7.68,51,171,169,82.47,83.45,14102.37,0.71,0.72,91.2407086614173,92.9183333333333,0.064,"KOG0936","KOG0936","yes","Low tissue specificity","Low tissue specificity",-0.147747532897385,"Vesicles","Vesicles",1,8526,false]
["Q86TS9_Q8TCC3","Q8TCC3_Q969S9","Janes_et_al","Q86TS9; Q8TCC3","Q8TCC3; Q969S9","Q8TCC3","MRPL30","Q86TS9","MRPL52","Q969S9","GFM2","huMAP3_06589.1","structurally_consistent",3.55,0,0,0,null,null,0,0.34,0.38,93.5697058823529,70.64,null,"ENOG502S4I0","KOG0464","no","Low tissue specificity","Low tissue specificity",0.287506038329252,"Mitochondria","Mitochondria",1,8527,false]
["O75616_Q8IVS2","O75616_Q9Y2Q9","Janes_et_al","O75616; Q8IVS2","O75616; Q9Y2Q9","O75616","ERAL1","Q8IVS2","MCAT","Q9Y2Q9","MRPS28","huMAP3_05807.1","structurally_consistent",1.03,0,0,0,null,null,0,0.41,0.39,85.6663636363636,84.5817948717948,0.332,"KOG2926","KOG4078","no","Low tissue specificity","Low tissue specificity",0.545694120133687,"Mitochondria","Mitochondria",1,8528,false]
["A6NIH7_Q13432","Q13432_Q96QS6","Janes_et_al","A6NIH7; Q13432","Q13432; Q96QS6","Q13432","UNC119","A6NIH7","UNC119B","Q96QS6","PSKH2","huMAP3_07174.1; huMAP3_08840.1; huMAP3_10165.1; huMAP3_04280.1; huMAP3_07463.1; huMAP3_10930.1; huMAP3_11623.1; huMAP3_08140.1; huMAP3_09609.1; huMAP3_09214.1; huMAP3_10266.1; huMAP3_00345.1","structurally_consistent",0.66,0,10,15,25.08,75.08,250.8,0.32,0.27,81.7225,83.376,null,"KOG4037","KOG0032","no","Low tissue specificity","Tissue enriched",0.0523942985875494,null,"Nucleoplasm",null,8529,false]
["Q7RTV0_Q9BV90","Q15393_Q7RTV0","Janes_et_al","Q7RTV0; Q9BV90","Q15393; Q7RTV0","Q7RTV0","PHF5A","Q9BV90","SNRNP25","Q15393","SF3B3","huMAP3_08980.1; huMAP3_04549.1; huMAP3_06511.1","structurally_consistent",0.39,0,0,0,null,null,0,0.27,0.53,88.8208695652174,92.8578787878788,null,"ENOG502RXSI","KOG1898","no","Tissue enhanced","Low tissue specificity",-0.252102107992871,"Nucleoplasm","Nucleoplasm; Nucleoli; Nucleoli rim",0.333333333333333,8530,false]
["P27348_Q08495","P27348_Q9Y4H4","Janes_et_al","P27348; Q08495","P27348; Q9Y4H4","P27348","YWHAQ","Q08495","DMTN","Q9Y4H4","GPSM3","huMAP3_10808.1; huMAP3_09810.1; huMAP3_07596.1; huMAP3_12897.1","mutually_exclusive",0.32,20,97,107,58.64,35.5,3798.5,0.42,0.41,80.0428571428571,89.9375,null,"KOG1044","ENOG502STIS","no","Tissue enhanced","Group enriched",-0.130277750796709,{"$nulls":3},8531,false]
["O00422_Q9H307","O00422_Q13523","Janes_et_al","O00422; Q9H307","O00422; Q13523","O00422","SAP18","Q9H307","PNN","Q13523","PRPF4B","huMAP3_09943.1; huMAP3_09621.1; huMAP3_11073.1","mutually_exclusive",0.14,10,74,70,53.01,41.97,2937.9,0.28,0.32,89.6752380952381,80.6504545454545,0.6,"KOG3756","KOG0670","no","Low tissue specificity","Low tissue specificity",0.365022684066911,"Nuclear speckles","Nuclear speckles",1,8532,false]
["O95602_P61218","O95602_Q9GZS1","Janes_et_al","O95602; P61218","O95602; Q9GZS1","O95602","POLR1A","P61218","POLR2F","Q9GZS1","POLR1E","huMAP3_00807.1; huMAP3_09057.1; huMAP3_14318.1; huMAP3_08487.1; huMAP3_11092.1; huMAP3_06426.1","structurally_consistent",1.67,0,0,0,null,null,0,0.68,0.54,86.6817283950617,81.6223333333333,0.346,"KOG3405","KOG4183","no","Low tissue specificity","Low tissue specificity",0.0833770583552849,"Nucleoplasm; Nucleoli fibrillar center","Nucleoplasm; Nucleoli fibrillar center",1,8533,false]
["O15160_P30876","P30876_Q8WVC0","Janes_et_al","O15160; P30876","P30876; Q8WVC0","P30876","POLR2B","O15160","POLR1C","Q8WVC0","LEO1","huMAP3_11092.1","structurally_consistent",0.11,0,0,0,null,null,0,0.71,0.64,89.588,82.5682258064516,0.114,"KOG1521","KOG1181; KOG2428","no","Low tissue specificity","Low tissue specificity",0.284021024612571,"Nucleoplasm; Nucleoli fibrillar center","Nucleoplasm; Nucleoli fibrillar center",1,8534,false]
["P35222_Q9NSA3","P12830_P35222","Janes_et_al","P35222; Q9NSA3","P12830; P35222","P35222","CTNNB1","Q9NSA3","CTNNBIP1","P12830","CDH1","huMAP3_06940.1; huMAP3_08033.1; huMAP3_10927.1; huMAP3_13361.1; huMAP3_12107.1","mutually_exclusive",1.38,51,63,53,81.78,39.68,2103.04,0.72,0.59,92.0143243243243,83.7307692307692,0.086,"ENOG502S3XR","KOG3594","no","Tissue enhanced","Tissue enhanced",0.158932078312294,"Nucleoplasm; Cytosol","Plasma membrane; Cell Junctions",0,8535,false]
["Q9HD33_Q9NWU5","Q16540_Q9HD33","Janes_et_al","Q9HD33; Q9NWU5","Q16540; Q9HD33","Q9HD33","MRPL47","Q9NWU5","MRPL22","Q16540","MRPL23","huMAP3_07939.1; huMAP3_06550.1; huMAP3_08458.1; huMAP3_06439.1; huMAP3_06589.1; huMAP3_09113.1; huMAP3_09483.1","structurally_consistent",1.35,0,0,0,null,null,0,0.33,0.69,92.885,94.0584057971014,0.696,"KOG1711","KOG4089","no","Low tissue specificity","Low tissue specificity",0.471248681951378,"Mitochondria","Nucleoli fibrillar center; Mitochondria",0.5,8536,false]
["P15884_Q6XD76","P15884_P50553","Janes_et_al","P15884; Q6XD76","P15884; P50553","P15884","TCF4","Q6XD76","ASCL4","P50553","ASCL1","huMAP3_11621.1","mutually_exclusive",4.06,18,106,104,82.89,74.92,7791.68,0.49,0.4,95.2184444444444,96.3352,null,"KOG4029","KOG4029","yes","Not detected","Tissue enhanced",-0.1200944421162,null,"Nucleoplasm",null,8537,false]
["P61964_Q9NS73","O75528_P61964","Janes_et_al","P61964; Q9NS73","O75528; P61964","P61964","WDR5","Q9NS73","MBIP","O75528","TADA3","huMAP3_09422.1; huMAP3_08776.1; huMAP3_10027.1","mutually_exclusive",0.23,28,94,92,67.12,55.25,5083,0.66,0.43,95.0516981132075,77.2966666666666,0.204,"ENOG502R8QG","KOG4191","no","Low tissue specificity","Low tissue specificity",-0.111101687006917,"Cytosol","Nucleoplasm",0,8538,false]
["P62714_Q9Y5P8","P62714_Q9Y570","Janes_et_al","P62714; Q9Y5P8","P62714; Q9Y570","P62714","PPP2CB","Q9Y5P8","PPP2R3B","Q9Y570","PPME1","huMAP3_10333.1; huMAP3_13510.1; huMAP3_09709.1","mutually_exclusive",0.18,12,276,297,84.96,91.95,23448.96,0.48,0.71,81.7590476190476,95.4804761904762,null,"KOG2562","KOG2564","no","Group enriched","Low tissue specificity",0.165697810215612,"Nucleoplasm","Nucleoplasm",1,8539,false]
["P16152_Q9Y2M2","Q9UKQ9_Q9Y2M2","Janes_et_al","P16152; Q9Y2M2","Q9UKQ9; Q9Y2M2","Q9Y2M2","SSUH2","P16152","CBR1","Q9UKQ9","KLK9","huMAP3_07692.1","structurally_consistent",0.95,0,0,0,null,null,0,0.38,0.33,87.4175,85.6723809523809,null,"KOG1208","KOG3627","no","Tissue enhanced","Tissue enriched",0.0250107993438986,"Nucleoplasm",null,null,8540,false]
["Q6NT76_Q9H672","O00253_Q9H672","Janes_et_al","Q6NT76; Q9H672","O00253; Q9H672","Q9H672","ASB7","Q6NT76","HMBOX1","O00253","AGRP","huMAP3_06713.1","mutually_exclusive",0.41,19,47,40,49.43,65.36,2323.21,0.3,0.57,74.37,89.9975,null,"ENOG502QQSR","ENOG502S7K0","no","Low tissue specificity","Group enriched",-0.121745108285317,"Nucleoplasm",null,null,8541,false]
["Q6UX04_Q8N3E9","Q8N3E9_Q96JC9","Janes_et_al","Q6UX04; Q8N3E9","Q8N3E9; Q96JC9","Q8N3E9","PLCD3","Q6UX04","CWC27","Q96JC9","EAF1","huMAP3_12350.1","mutually_exclusive",0.36,16,194,141,74.82,67.48,9514.68,0.52,0.33,85.4644444444444,82.2516666666666,0.308,"KOG0415; KOG0885","KOG4795","no","Low tissue specificity","Tissue enhanced",0.237247275496213,"Nucleoplasm","Nucleoplasm; Nuclear bodies",0.5,8542,false]
["Q9BZE1_Q9H9J2","Q5T653_Q9BZE1","Janes_et_al","Q9BZE1; Q9H9J2","Q5T653; Q9BZE1","Q9BZE1","MRPL37","Q9H9J2","MRPL44","Q5T653","MRPL2","huMAP3_07939.1; huMAP3_06550.1; huMAP3_08458.1; huMAP3_06439.1; huMAP3_06589.1; huMAP3_09113.1; huMAP3_09483.1","structurally_consistent",0.3,0,0,0,null,null,0,0.24,0.63,75.065,93.5670731707317,0.954,"KOG3769","KOG0438","no","Low tissue specificity","Low tissue specificity",0.580960184869445,"Mitochondria","Mitochondria",1,8543,false]
["Q7L5Y6_Q96LR5","P51965_Q7L5Y6","Janes_et_al","Q7L5Y6; Q96LR5","P51965; Q7L5Y6","Q7L5Y6","DET1","Q96LR5","UBE2E2","P51965","UBE2E1","huMAP3_15260.1; huMAP3_14027.1","structurally_consistent",0.42,0,0,0,null,null,0,0.69,0.49,94.1566666666666,86.0157142857142,0.102,"KOG0417","KOG0417","yes","Low tissue specificity","Low tissue specificity",0.0774540279434698,"Nucleoplasm","Nucleoplasm",1,8544,false]
["Q8TDG2_Q9H2J4","P40227_Q8TDG2","Janes_et_al","Q8TDG2; Q9H2J4","P40227; Q8TDG2","Q8TDG2","ACTRT1","Q9H2J4","PDCL3","P40227","CCT6A","huMAP3_10656.1","structurally_consistent",0.36,0,1,1,86,55.88,55.88,0.55,0.32,90.1175,84.1366666666666,0.486,"KOG3170","KOG0359","no","Low tissue specificity","Low tissue specificity",0.703291245437762,"Cytosol","Cytosol",1,8545,false]
["Q15029_Q96DI7","O43660_Q15029","Janes_et_al","Q15029; Q96DI7","O43660; Q15029","Q15029","EFTUD2","Q96DI7","SNRNP40","O43660","PLRG1","huMAP3_08501.1; huMAP3_09504.1; huMAP3_09945.1","structurally_consistent",0.08,0,0,0,null,null,0,0.45,0.63,78.32,90.9308928571428,0.918,"KOG0265","KOG0285","no","Low tissue specificity","Low tissue specificity",0.646593492335732,"Nuclear speckles","Nucleoplasm; Nuclear speckles",0.5,8546,false]
["O75832_Q99436","O75832_P48556","Janes_et_al","O75832; Q99436","O75832; P48556","O75832","PSMD10","Q99436","PSMB7","P48556","PSMD8","huMAP3_09656.1; huMAP3_13725.1","mutually_exclusive",0.18,14,205,178,80.49,75.77,13487.06,0.53,0.41,79.24625,76.8777777777777,0.63,"KOG0173","KOG3151","no","Low tissue specificity","Tissue enhanced",0.720261892457398,"Nucleoplasm","Cytosol",0,8547,false]
["P80188_Q9NU19","P05109_Q9NU19","Janes_et_al","P80188; Q9NU19","P05109; Q9NU19","Q9NU19","TBC1D22B","P80188","LCN2","P05109","S100A8","huMAP3_09929.1","mutually_exclusive",0.73,14,137,89,87.2,81.25,7231.25,0.45,0.46,78.6679310344827,81.6461538461538,0.262,"ENOG502T7VZ","ENOG502SA01","no","Tissue enhanced","Tissue enhanced",0.683044051380333,"Endoplasmic reticulum","Intermediate filaments",0,8548,false]
["Q8TF30_Q96DA2","Q2KHT3_Q96DA2","Janes_et_al","Q8TF30; Q96DA2","Q2KHT3; Q96DA2","Q96DA2","RAB39B","Q8TF30","WHAMM","Q2KHT3","CLEC16A","huMAP3_11406.1; huMAP3_01550.1; huMAP3_09679.1","mutually_exclusive",0.25,17,212,278,74.67,84.17,15830.04,0.66,0.62,90.7571153846154,82.9392,null,"ENOG502QPSI","KOG2219","no","Tissue enhanced","Low tissue specificity",0.0871935436137668,"Cytosol","Nucleoplasm; Vesicles",0,8549,false]
["P61964_Q15291","P61964_Q92830","Janes_et_al","P61964; Q15291","P61964; Q92830","P61964","WDR5","Q15291","RBBP5","Q92830","KAT2A","huMAP3_09422.1; huMAP3_08776.1; huMAP3_10027.1","mutually_exclusive",0.28,17,265,219,80.95,69.53,15227.07,0.71,0.56,89.7146969696969,89.9209523809523,0.236,"KOG1273","KOG1472","no","Low tissue specificity","Low tissue specificity",-0.0261206377116607,"Nucleoplasm; Nucleoli",null,null,8550,false]
["Q9H871_Q9Y2Y8","Q96G75_Q9H871","Janes_et_al","Q9H871; Q9Y2Y8","Q96G75; Q9H871","Q9H871","RMND5A","Q9Y2Y8","PRG3","Q96G75","RMND5B","huMAP3_09818.1; huMAP3_12700.1; huMAP3_10711.1","structurally_consistent",1.96,0,0,0,null,null,0,0.51,0.59,88.29125,93.7679487179487,null,"KOG4297","KOG2817","no","Tissue enriched","Low tissue specificity",-0.107181800512824,{"$nulls":3},8551,false]
["O95456_P49720","P40306_P49720","Janes_et_al","O95456; P49720","P40306; P49720","P49720","PSMB3","O95456","PSMG1","P40306","PSMB10","huMAP3_00356.1; huMAP3_09656.1; huMAP3_13725.1","mutually_exclusive",0.44,14,90,86,69.01,87.07,6210.9,0.3,0.69,77.7807692307692,87.345,0.176,"ENOG502QTPH","KOG0173","no","Tissue enhanced","Tissue enhanced",0.0176652527226838,"Nucleoplasm; Golgi apparatus; Cytosol","Vesicles; Cytosol",0.25,8552,false]
["O75832_Q16186","O75832_Q99933","Janes_et_al","O75832; Q16186","O75832; Q99933","O75832","PSMD10","Q16186","ADRM1","Q99933","BAG1","huMAP3_09656.1; huMAP3_05064.1","structurally_consistent",0.29,0,10,14,30.1,71.79,301,0.4,0.43,88.8694444444444,77.705,0.238,"KOG3037","ENOG502RN5W","no","Tissue enhanced","Low tissue specificity",0.641213383858118,"Nucleoplasm; Plasma membrane; Cytosol","Nucleoplasm",0.333333333333333,8553,false]
["P24928_P30876","P30876_Q9H9Y4","Janes_et_al","P24928; P30876","P30876; Q9H9Y4","P30876","POLR2B","P24928",null,"Q9H9Y4","GPN2","huMAP3_11092.1; huMAP3_14318.1","mutually_exclusive",0.93,27,187,207,89.12,78.66,16282.62,0.73,0.48,93.6206372549019,84.8142857142857,0.232,"KOG0260","KOG1533","no",null,"Low tissue specificity",{"$nulls":4},8554,false]
["O43315_P20340","P20340_Q13636","Janes_et_al","O43315; P20340","P20340; Q13636","P20340","RAB6A","O43315","AQP9","Q13636","RAB31","huMAP3_11860.1","mutually_exclusive",0.44,21,104,106,83.71,84.39,8705.84,0.26,0.28,72.25,81.6533333333333,null,"KOG0224","KOG0092","no","Tissue enriched","Low tissue specificity",-0.145410878382901,{"$nulls":3},8555,false]
["Q15120_Q16654","Q15119_Q15120","Janes_et_al","Q15120; Q16654","Q15119; Q15120","Q15120","PDK3","Q16654","PDK4","Q15119","PDK2","huMAP3_14864.1; huMAP3_12248.1; huMAP3_11877.1; huMAP3_14339.1","mutually_exclusive",0.09,47,392,396,92.77,92.42,36598.32,0.73,0.73,94.9982442748091,95.0815328467153,null,"KOG0787","KOG0787","yes","Tissue enhanced","Tissue enhanced",0.722395519656634,null,"Nucleoplasm; Mitochondria",null,8556,false]
["P24158_Q96KF7","P24158_P41218","Janes_et_al","P24158; Q96KF7","P24158; P41218","P24158","PRTN3","Q96KF7","SMIM8","P41218","MNDA","huMAP3_10260.1","mutually_exclusive",0.17,20,52,99,63.3,70.96,3291.6,0.43,0.46,85.5781481481481,76.6384615384615,null,"ENOG502S4X3","ENOG502QTQS","no","Low tissue specificity","Group enriched",-0.143861018440409,"Vesicles","Nucleoplasm",0,8557,false]
["O75251_Q96I59","O75251_P36776","Janes_et_al","O75251; Q96I59","O75251; P36776","O75251","NDUFS7","Q96I59","NARS2","P36776","LONP1","huMAP3_13468.1","structurally_consistent",1.89,0,1,1,82,89,82,0.31,0.32,84.1799999999999,87.6714285714285,0.212,"KOG0554","KOG2004","no","Low tissue specificity","Tissue enhanced",0.420865011139108,"Nucleoplasm; Mitochondria","Mitochondria",0.5,8558,false]
["Q5VY09_Q66LE6","P56211_Q66LE6","Janes_et_al","Q5VY09; Q66LE6","P56211; Q66LE6","Q66LE6","PPP2R2D","Q5VY09","IER5","P56211","ARPP19","huMAP3_13510.1","mutually_exclusive",0.12,26,61,46,73.47,64.56,2969.76,0.59,0.58,92.9134,89.2627692307692,null,"ENOG502S0NB","KOG4076","no","Tissue enhanced","Tissue enhanced",0.0407247561034158,"Nucleoplasm",null,null,8559,false]
["O60516_P06730","O43432_P06730","Janes_et_al","O60516; P06730","O43432; P06730","P06730","EIF4E","O60516","EIF4EBP3","O43432","EIF4G3","huMAP3_12323.1; huMAP3_13436.1; huMAP3_12383.1; huMAP3_13122.1","mutually_exclusive",0.54,27,65,90,67.91,69.89,4414.15,0.64,0.66,93.1196363636363,86.5620833333333,null,"ENOG502S03G","KOG0401","no","Low tissue specificity","Low tissue specificity",0.0785362949638051,null,"Cytosol",null,8560,false]
["Q15906_Q8N257","Q05BQ5_Q8N257","Janes_et_al","Q15906; Q8N257","Q05BQ5; Q8N257","Q8N257","H2BC26","Q15906","VPS72","Q05BQ5","MBTD1","huMAP3_14306.1; huMAP3_10481.1","mutually_exclusive",2.5,14,66,88,68.09,77.71,4493.94,0.33,0.4,83.475,81.25,0.158,"KOG2897","KOG3766","no","Low tissue specificity","Low tissue specificity",-0.144828092641182,"Nuclear speckles","Nucleoplasm",0,8561,false]
["O95816_Q8WXB1","O95816_Q14249","Janes_et_al","O95816; Q8WXB1","O95816; Q14249","O95816","BAG2","Q8WXB1","METTL21A","Q14249","ENDOG","huMAP3_14723.1","structurally_consistent",0.55,0,0,0,null,null,0,0.4,0.45,85.1692105263157,85.8133333333333,0.086,"KOG2793","KOG3721","no","Low tissue specificity","Tissue enhanced",0.246083820134766,"Nucleoplasm",null,null,8562,false]
["P28074_P49720","P40306_P49720","Janes_et_al","P28074; P49720","P40306; P49720","P49720","PSMB3","P28074","PSMB5","P40306","PSMB10","huMAP3_00356.1; huMAP3_09656.1; huMAP3_13725.1","mutually_exclusive",0.31,11,204,197,93.15,92.36,18194.92,0.55,0.69,90.4751351351351,87.345,0.33,"KOG0175","KOG0173","no","Low tissue specificity","Tissue enhanced",-0.410268635921287,"Nucleoplasm; Centrosome","Vesicles; Cytosol",0,8563,false]
["Q14183_Q14184","Q14183_Q7Z4L5","Janes_et_al","Q14183; Q14184","Q14183; Q7Z4L5","Q14183","DOC2A","Q14184","DOC2B","Q7Z4L5","TTC21B","huMAP3_14980.1; huMAP3_10816.1; huMAP3_09727.1; huMAP3_11939.1","structurally_consistent",1.05,0,0,0,null,null,0,0.44,0.31,84.8188888888888,83.919,null,"KOG1013","ENOG502QQAB","no","Tissue enhanced","Low tissue specificity",0.274140323862251,null,"Centriolar satellite",null,8564,false]
["P63151_Q9BXF6","P63151_Q9BTL4","Janes_et_al","P63151; Q9BXF6","P63151; Q9BTL4","P63151","PPP2R2A","Q9BXF6","RAB11FIP5","Q9BTL4","IER2","huMAP3_10333.1; huMAP3_13510.1","mutually_exclusive",0.19,27,133,106,65.4,61.34,6502.04,0.26,0.64,80.7073684210526,93.7781481481481,null,"ENOG502QQKU","ENOG502S19F","no","Tissue enhanced","Low tissue specificity",-0.0083263744637135,"Vesicles; Centriolar satellite","Nucleoplasm",0,8565,false]
["Q9ULQ0_Q9Y3A3","Q5VSL9_Q9Y3A3","Janes_et_al","Q9ULQ0; Q9Y3A3","Q5VSL9; Q9Y3A3","Q9Y3A3","MOB4","Q9ULQ0","STRIP2","Q5VSL9","STRIP1","huMAP3_10333.1; huMAP3_07644.1; huMAP3_13510.1; huMAP3_09709.1","mutually_exclusive",0.14,22,691,686,87.16,85.32,58529.52,0.55,0.52,83.9514634146341,81.0295121951219,0.102,"KOG3680","KOG3680","yes","Tissue enhanced","Low tissue specificity",-0.150565874156994,"Cytosol","Cytosol",1,8566,false]
["O95249_Q13277","Q13277_Q15833","Janes_et_al","O95249; Q13277","Q13277; Q15833","Q13277","STX3","O95249","GOSR1","Q15833","STXBP2","huMAP3_13160.1","mutually_exclusive",2.41,15,115,129,79.78,88.14,9174.7,0.36,0.7,79.5963157894736,89.2411764705882,0.076,"KOG3208","KOG1300","no","Low tissue specificity","Tissue enhanced",0.171706900032766,null,"Cytosol",null,8567,false]
["P19388_P62487","O14802_P19388","Janes_et_al","P19388; P62487","O14802; P19388","P19388","POLR2E","P62487","POLR2G","O14802","POLR3A","huMAP3_11092.1; huMAP3_14318.1","structurally_consistent",0.66,0,0,0,null,null,0,0.48,0.71,88.5221875,92.4576041666666,0.106,"KOG3298","KOG0261","no","Low tissue specificity","Low tissue specificity",-0.23617191310779,"Nucleoplasm","Nucleoplasm",1,8568,false]
["O14802_Q9BUI4","O14802_P19388","Janes_et_al","O14802; Q9BUI4","O14802; P19388","O14802","POLR3A","Q9BUI4","POLR3C","P19388","POLR2E","huMAP3_00807.1; huMAP3_09057.1; huMAP3_14318.1; huMAP3_08487.1; huMAP3_11092.1; huMAP3_06426.1","structurally_consistent",0.35,0,0,0,null,null,0,0.68,0.71,84.1296875,92.4576041666666,0.152,"KOG2587","KOG3218","no","Low tissue specificity","Low tissue specificity",-0.164490860889136,"Nucleoplasm","Nucleoplasm",1,8569,false]
["P62714_Q8TF05","P62714_Q86XL3","Janes_et_al","P62714; Q8TF05","P62714; Q86XL3","P62714","PPP2CB","Q8TF05","PPP4R1","Q86XL3","ANKLE2","huMAP3_07998.1; huMAP3_13510.1; huMAP3_05182.1; huMAP3_10333.1; huMAP3_09709.1; huMAP3_06695.1","mutually_exclusive",0.09,10,257,239,82.67,65.55,15666.45,0.5,0.58,93.754716981132,83.296875,0.04,"KOG0211","ENOG502QQ4Z","no","Low tissue specificity","Low tissue specificity",0.453055746892872,"Nucleoplasm","Endoplasmic reticulum; Plasma membrane",0,8570,false]
["P47755_P47756","P47755_Q5VZK9","Janes_et_al","P47755; P47756","P47755; Q5VZK9","P47755","CAPZA2","P47756","CAPZB","Q5VZK9","CARMIL1","huMAP3_10870.1; huMAP3_08077.1; huMAP3_12900.1","mutually_exclusive",0.55,36,121,83,94.23,67.4,5594.2,0.73,0.68,96.3332558139534,89.2677272727272,0.296,"KOG3174","KOG4242","no","Low tissue specificity","Low tissue specificity",0.1353552627457,"Nucleoplasm; Cytosol","Cytosol",0.5,8571,false]
["O00506_P62714","P56211_P62714","Janes_et_al","O00506; P62714","P56211; P62714","P62714","PPP2CB","O00506","STK25","P56211","ARPP19","huMAP3_13510.1","mutually_exclusive",0.13,25,159,82,74.92,48.65,3989.3,0.35,0.47,85.7754545454545,89.3141935483871,0.086,"KOG0201","KOG4076","no","Tissue enhanced","Tissue enhanced",0.423993740006007,{"$nulls":3},8572,false]
["P54652_Q9NZL4","Q96FZ2_Q9NZL4","Janes_et_al","P54652; Q9NZL4","Q96FZ2; Q9NZL4","Q9NZL4","HSPBP1","P54652","HSPA2","Q96FZ2","HMCES","huMAP3_13227.1; huMAP3_14723.1","mutually_exclusive",0.7,28,292,228,86.81,79.67,18164.76,0.7,0.43,87.9695744680851,80.388125,0.1076,"KOG0101","KOG2618","no","Tissue enhanced","Low tissue specificity",-0.0882275982845867,"Vesicles","Nucleoplasm",0,8573,false]
["P24158_Q8IYL3","P24158_Q9H6Z9","Janes_et_al","P24158; Q8IYL3","P24158; Q9H6Z9","P24158","PRTN3","Q8IYL3","C1orf174","Q9H6Z9","EGLN3","huMAP3_12535.1; huMAP3_13103.1","mutually_exclusive",0.07,15,38,66,48.83,86.31,1855.54,0.38,0.35,90.3675,91.4155555555555,null,"ENOG502SBCG","KOG3710","no","Low tissue specificity","Tissue enhanced",-0.0876630942671682,"Nucleoplasm","Cytosol",0,8574,false]
["P61326_Q96J01","Q53F19_Q96J01","Janes_et_al","P61326; Q96J01","Q53F19; Q96J01","Q96J01","THOC3","P61326","MAGOH","Q53F19","NCBP3","huMAP3_10789.1; huMAP3_09943.1","mutually_exclusive",0.16,19,101,71,79.41,53.93,3829.03,0.46,0.56,76.3992857142857,76.4788888888888,null,"KOG3392","ENOG502QRX4","no","Low tissue specificity","Low tissue specificity",0.293991683695325,"Nucleoplasm","Nuclear speckles",0,8575,false]
["P52434_Q9Y5B0","P52434_Q9BWH6","Janes_et_al","P52434; Q9Y5B0","P52434; Q9BWH6","P52434","POLR2H","Q9Y5B0","CTDP1","Q9BWH6","RPAP1","huMAP3_11092.1; huMAP3_14318.1","mutually_exclusive",0.2,12,372,394,77.34,77.19,30412.86,0.34,0.34,79.3869565217391,83.6791304347826,0.096,"KOG0323","KOG1894; KOG4732","no","Low tissue specificity","Low tissue specificity",0.24943092402774,"Nucleoplasm","Nucleoplasm",1,8576,false]
["P01008_P01009","O43924_P01009","Janes_et_al","P01008; P01009","O43924; P01009","P01009","SERPINA1","P01008","SERPINC1","O43924","PDE6D","huMAP3_15040.1","mutually_exclusive",0.78,11,133,98,86.08,89.4,11448.64,0.5,0.37,79.9799999999999,79.46875,0.108,"KOG2392","KOG4038","no","Tissue enriched","Low tissue specificity",-0.0963318987048197,{"$nulls":3},8577,false]
["Q9H871_Q9Y2Y8","Q9H871_Q9NWU2","Janes_et_al","Q9H871; Q9Y2Y8","Q9H871; Q9NWU2","Q9H871","RMND5A","Q9Y2Y8","PRG3","Q9NWU2","GID8","huMAP3_08787.1; huMAP3_09818.1; huMAP3_05775.1; huMAP3_10711.1; huMAP3_03100.1; huMAP3_12700.1","structurally_consistent",1.05,0,1,1,95,93.47,93.47,0.51,0.63,88.29125,95.9206,null,"KOG4297","KOG2659","no","Tissue enriched","Low tissue specificity",0.531655446809077,null,"Nucleoplasm",null,8578,false]
["P50750_P51826","P50750_Q9UHB7","Janes_et_al","P50750; P51826","P50750; Q9UHB7","P50750","CDK9","P51826","AFF3","Q9UHB7","AFF4","huMAP3_14693.1; huMAP3_12350.1; huMAP3_13608.1","mutually_exclusive",0.1,32,250,244,61.62,65.5,15405,0.33,0.42,89.9348275862069,91.3752,null,"ENOG502QU9C","ENOG502QR32","no","Low tissue specificity","Low tissue specificity",-0.0020992438047152,"Nucleoplasm","Nucleoplasm",1,8579,false]
["Q12962_Q96BN2","Q12962_Q5VWG9","Janes_et_al","Q12962; Q96BN2","Q12962; Q5VWG9","Q12962","TAF10","Q96BN2","TADA1","Q5VWG9","TAF3","huMAP3_10385.1; huMAP3_08438.1; huMAP3_09451.1","mutually_exclusive",9.92,37,211,174,70.96,73.83,14972.56,0.38,0.67,75.5472727272727,89.31875,0.162,"ENOG502QRMT","KOG1973; KOG2389","no","Low tissue specificity","Low tissue specificity",0.179098995661549,"Nucleoplasm","Nucleoplasm; Nuclear membrane",0.5,8580,false]
["Q15554_Q9H816","Q9BSI4_Q9H816","Janes_et_al","Q15554; Q9H816","Q9BSI4; Q9H816","Q9H816","DCLRE1B","Q15554","TERF2","Q9BSI4","TINF2","huMAP3_03416.1; huMAP3_13182.1","mutually_exclusive",3.08,15,198,190,77.58,70.63,13419.7,0.51,0.46,86.3078723404255,82.3022222222222,0.174,"ENOG502RYHN","ENOG502S5UZ","no","Low tissue specificity","Tissue enriched",-0.0297145855355862,"Nucleoplasm; Nuclear bodies","Nuclear bodies",0.5,8581,false]
["O00233_Q9UL46","P61289_Q9UL46","Janes_et_al","O00233; Q9UL46","P61289; Q9UL46","Q9UL46","PSME2","O00233","PSMD9","P61289","PSME3","huMAP3_13725.1","structurally_consistent",0.37,0,0,0,null,null,0,0.28,0.68,77.4695652173913,89.3639285714285,0.15,"KOG3129","KOG4470","no","Low tissue specificity","Low tissue specificity",0.375589977971022,"Cytosol","Nucleoplasm",0,8582,false]
["Q19AV6_Q9H082","P20336_Q9H082","Janes_et_al","Q19AV6; Q9H082","P20336; Q9H082","Q9H082","RAB33B","Q19AV6","ZSWIM7","P20336","RAB3A","huMAP3_11860.1","structurally_consistent",0.39,0,0,0,null,null,0,0.55,0.52,90.6127586206896,80.9495238095238,null,"ENOG502RZB5","KOG0093","no","Low tissue specificity","Tissue enriched",0.322594875128636,"Cytosol","Nucleoplasm",0,8583,false]
["Q9Y5E9_Q9Y5H5","Q9Y5H3_Q9Y5H5","Janes_et_al","Q9Y5E9; Q9Y5H5","Q9Y5H3; Q9Y5H5","Q9Y5H5","PCDHA9","Q9Y5E9","PCDHB14","Q9Y5H3","PCDHGA10","huMAP3_14684.1; huMAP3_08227.1; huMAP3_15174.1; huMAP3_15074.1; huMAP3_15067.1; huMAP3_13117.1; huMAP3_07882.1; huMAP3_09456.1; huMAP3_14780.1; huMAP3_12589.1; huMAP3_09591.1; huMAP3_10439.1; huMAP3_14186.1; huMAP3_09183.1; huMAP3_14639.1; huMAP3_11217.1; huMAP3_13661.1; huMAP3_08070.1","mutually_exclusive",0.77,13,673,673,82.97,82.44,55482.12,0.63,0.59,79.2797435897435,78.0221875,null,"KOG3594","KOG3594","yes","Low tissue specificity","Tissue enriched",0.277197900426415,"Vesicles","Nucleoplasm; Plasma membrane",0,8584,false]
["P61962_Q2M3V2","P61962_Q86SE9","Janes_et_al","P61962; Q2M3V2","P61962; Q86SE9","P61962","DCAF7","Q2M3V2","SOWAHA","Q86SE9","PCGF5","huMAP3_11826.1; huMAP3_11527.1","structurally_consistent",0.25,0,12,10,71.98,47.7,477,0.26,0.39,79.76,84.4133333333333,null,"ENOG502RXAT","KOG2660","no","Tissue enriched","Low tissue specificity",0.032545253464293,null,"Nucleoplasm",null,8585,false]
["O00469_Q02809","Q02809_Q9BTP6","Janes_et_al","O00469; Q02809","Q02809; Q9BTP6","Q02809","PLOD1","O00469","PLOD2","Q9BTP6","ZBED2","huMAP3_13038.1","structurally_consistent",1.26,0,15,4,94.35,38.25,153,0.59,0.31,94.6525714285714,84.4533333333333,null,"KOG1971","ENOG502SQ4N","no","Low tissue specificity","Tissue enhanced",0.312989905676478,"Nucleoli; Cytosol","Mitochondria; Cytosol",0.333333333333333,8586,false]
["Q16576_Q5T6S3","P29374_Q16576","Janes_et_al","Q16576; Q5T6S3","P29374; Q16576","Q16576","RBBP7","Q5T6S3","PHF19","P29374","ARID4A","huMAP3_13482.1; huMAP3_15128.1","mutually_exclusive",0.37,11,127,100,67,43.57,4357,0.53,0.38,94.4215384615384,90.0031578947368,0.136,"KOG4323","KOG2744; KOG3001","no","Low tissue specificity","Low tissue specificity",0.547288107807023,null,"Nucleoplasm",null,8587,false]
["P52298_Q9BXP5","P52298_Q13242","Janes_et_al","P52298; Q9BXP5","P52298; Q13242","P52298","NCBP2","Q9BXP5","SRRT","Q13242","SRSF9","huMAP3_09621.1; huMAP3_11073.1","mutually_exclusive",0.41,10,12,19,29.25,36.74,351,0.31,0.27,81.2478125,90.8063636363636,0.588,"KOG2295","KOG0105","no","Low tissue specificity","Low tissue specificity",0.572034076592863,"Nucleoplasm","Nucleoplasm",1,8588,false]
["A6NFY4_P62826","P61970_P62826","Janes_et_al","A6NFY4; P62826","P61970; P62826","P62826","RAN","A6NFY4","NEMP2","P61970","NUTF2","huMAP3_12581.1; huMAP3_15098.1","mutually_exclusive",0.5,19,36,38,88.5,95.93,3186,0.65,0.63,93.1457142857142,95.3110526315789,null,"KOG3817","KOG2104","no","Low tissue specificity","Low tissue specificity",-0.0989625194683148,"Nucleoplasm",null,null,8589,false]
["P62140_Q02833","O95405_P62140","Janes_et_al","P62140; Q02833","O95405; P62140","P62140","PPP1CB","Q02833","RASSF7","O95405","ZFYVE9","huMAP3_09633.1; huMAP3_09354.1; huMAP3_00020.1; huMAP3_14504.1; huMAP3_10148.1; huMAP3_08717.1; huMAP3_08482.1","mutually_exclusive",0.16,33,95,73,60.07,48.72,3556.56,0.56,0.65,89.4284,86.5211363636363,0.086,"KOG1574","KOG1841","no","Tissue enhanced","Low tissue specificity",-0.0131377779569004,"Centriolar satellite","Vesicles; Cytosol",0,8590,false]
["P30153_Q00005","P30153_Q969Q6","Janes_et_al","P30153; Q00005","P30153; Q969Q6","P30153","PPP2R1A","Q00005","PPP2R2B","Q969Q6","PPP2R3C","huMAP3_13510.1","mutually_exclusive",0.48,27,278,258,89.8,87.31,22525.98,0.69,0.59,88.701,80.9295555555555,0.119333333333333,"KOG1354","KOG2562","no","Tissue enhanced","Low tissue specificity",-0.109290799797499,"Cytosol","Nucleoplasm",0,8591,false]
["P11802_P24864","P11802_Q5TC84","Janes_et_al","P11802; P24864","P11802; Q5TC84","P11802","CDK4","P24864","CCNE1","Q5TC84","OGFRL1","huMAP3_14722.1","mutually_exclusive",0.54,12,225,221,88.87,82.81,18301.01,0.54,0.38,83.43,78.8207692307692,0.156,"KOG0655","ENOG502RA9J","no","Tissue enhanced","Low tissue specificity",0.0696204273011232,"Nucleoplasm","Golgi apparatus",0,8592,false]
["Q9H9Y4_Q9HCN4","Q9HCN4_Q9NWS0","Janes_et_al","Q9H9Y4; Q9HCN4","Q9HCN4; Q9NWS0","Q9HCN4","GPN1","Q9H9Y4","GPN2","Q9NWS0","PIH1D1","huMAP3_09057.1; huMAP3_14318.1; huMAP3_08487.1; huMAP3_11092.1; huMAP3_06426.1","mutually_exclusive",0.83,25,180,126,82.26,68.88,8678.88,0.63,0.47,80.6796341463414,88.4399999999999,0.106,"KOG1533","KOG4356","no","Low tissue specificity","Low tissue specificity",0.232403757980747,null,"Cytosol",null,8593,false]
["P49720_Q92530","P40306_P49720","Janes_et_al","P49720; Q92530","P40306; P49720","P49720","PSMB3","Q92530","PSMF1","P40306","PSMB10","huMAP3_00356.1; huMAP3_09656.1; huMAP3_13725.1","mutually_exclusive",0.34,15,37,28,78.76,76.47,2141.16,0.34,0.69,78.7945714285714,87.345,0.17,"KOG4761","KOG0173","no","Low tissue specificity","Tissue enhanced",-0.130209575599272,"Cytosol","Vesicles; Cytosol",0.5,8594,false]
["O95718_P62508","O95718_P11474","Janes_et_al","O95718; P62508","O95718; P11474","O95718","ESRRB","P62508","ESRRG","P11474","ESRRA","huMAP3_11313.1; huMAP3_02597.1","mutually_exclusive",7.35,18,248,265,93.05,87.85,23280.25,0.7,0.68,95.0846296296296,92.1082758620689,0.144,"KOG3575","KOG3575","yes","Tissue enhanced","Tissue enhanced",0.14302876053929,"Nucleoplasm","Nucleoplasm; Nucleoli fibrillar center; Microtubules",0.333333333333333,8595,false]
["Q9BYC9_Q9BYD1","Q9BYC9_Q9Y6G3","Janes_et_al","Q9BYC9; Q9BYD1","Q9BYC9; Q9Y6G3","Q9BYC9","MRPL20","Q9BYD1","MRPL13","Q9Y6G3","MRPL42","huMAP3_01856.1; huMAP3_07939.1; huMAP3_06550.1; huMAP3_08458.1; huMAP3_06439.1; huMAP3_06589.1; huMAP3_09113.1; huMAP3_09483.1","structurally_consistent",0.72,0,6,5,96.33,94.6,473,0.35,0.51,95.194,91.2315384615384,0.87,"KOG3203","KOG4106","no","Low tissue specificity","Low tissue specificity",0.548466170438616,null,"Plasma membrane; Mitochondria",null,8596,false]
["O95178_P17568","O43676_P17568","Janes_et_al","O95178; P17568","O43676; P17568","P17568","NDUFB7","O95178","NDUFB2","O43676","NDUFB3","huMAP3_09982.1; huMAP3_09567.1; huMAP3_14878.1; huMAP3_06397.1; huMAP3_02819.1","structurally_consistent",0.24,0,0,0,null,null,0,0.4,0.25,87.1706976744186,83.4214285714285,0.906,"ENOG502S524","KOG4631","no","Low tissue specificity","Tissue enhanced",0.875559959524006,"Nucleoplasm",null,null,8597,false]
["O00161_Q9Y2K9","O00161_Q9UEU0","Janes_et_al","O00161; Q9Y2K9","O00161; Q9UEU0","O00161","SNAP23","Q9Y2K9","STXBP5L","Q9UEU0","VTI1B","huMAP3_13160.1","mutually_exclusive",0.58,32,71,78,57.24,81.41,4064.04,0.26,0.59,78.0104,83.3927777777777,null,"KOG1983","KOG1666","no","Tissue enhanced","Low tissue specificity",0.0224529239903697,null,"Golgi apparatus; Vesicles",null,8598,false]
["P62079_Q9H6R6","P56750_Q9H6R6","Janes_et_al","P62079; Q9H6R6","P56750; Q9H6R6","Q9H6R6","ZDHHC6","P62079","TSPAN5","P56750","CLDN17","huMAP3_11385.1","mutually_exclusive",0.28,20,172,167,74.68,71.8,11990.6,0.42,0.39,74.9741176470588,79.4394736842105,null,"KOG3882","ENOG502RTNJ","no","Tissue enhanced","Group enriched",-0.0441331205683058,"Plasma membrane; Actin filaments",null,null,8599,false]
["P63208_Q96IG2","P63208_Q8NHM5","Janes_et_al","P63208; Q96IG2","P63208; Q8NHM5","P63208","SKP1","Q96IG2","FBXL20","Q8NHM5","KDM2B","huMAP3_14622.1","mutually_exclusive",0.44,38,268,270,93.07,87.8,23706,0.66,0.63,93.0701298701298,88.4222077922078,0.078,"KOG4341","KOG1633; KOG1947","no","Low tissue specificity","Low tissue specificity",0.270685729030445,"Microtubules","Nucleoplasm",0,8600,false]
["P63208_Q9UKT8","P41002_P63208","Janes_et_al","P63208; Q9UKT8","P41002; P63208","P63208","SKP1","Q9UKT8","FBXW2","P41002","CCNF","huMAP3_14622.1","mutually_exclusive",0.36,37,291,272,92.62,88.19,23987.68,0.68,0.67,94.4693243243243,91.032794117647,null,"KOG0274","KOG0654","no","Low tissue specificity","Tissue enhanced",0.385803565659907,"Nucleoplasm","Centrosome",0,8601,false]
["Q96EL2_Q9Y2R9","P82675_Q96EL2","Janes_et_al","Q96EL2; Q9Y2R9","P82675; Q96EL2","Q96EL2","MRPS24","Q9Y2R9","MRPS7","P82675","MRPS5","huMAP3_05807.1; huMAP3_05954.1","structurally_consistent",1.19,0,10,28,31.4,95.69,314,0.27,0.49,85.2830769230769,92.9775999999999,0.944,"KOG3291","KOG2646","no","Low tissue specificity","Low tissue specificity",0.565679812870271,"Mitochondria","Mitochondria",1,8602,false]
["P27348_P54253","P27348_Q92934","Janes_et_al","P27348; P54253","P27348; Q92934","P27348","YWHAQ","P54253","ATXN1","Q92934","BAD","huMAP3_12897.1","mutually_exclusive",0.26,26,103,74,62.1,35.59,2633.66,0.34,0.4,83.4225,92.4226086956522,0.1444,"KOG4053","ENOG502S71H","no","Low tissue specificity","Low tissue specificity",0.17339792834207,"Nucleoplasm","Mitochondria",0,8603,false]
["Q9H7Z6_Q9HCI7","Q7Z3B3_Q9H7Z6","Janes_et_al","Q9H7Z6; Q9HCI7","Q7Z3B3; Q9H7Z6","Q9H7Z6","KAT8","Q9HCI7","MSL2","Q7Z3B3","KANSL1","huMAP3_11576.1; huMAP3_12676.1","mutually_exclusive",0.91,22,94,54,50.96,52.35,4790.24,0.35,0.45,79.2252380952381,91.2347272727272,null,"ENOG502QPJR","ENOG502QYK7","no","Tissue enhanced","Low tissue specificity",0.318059882549883,"Nucleoplasm; Cytosol","Nucleoplasm",0.5,8604,false]
["P67775_Q8N461","P67775_Q9Y570","Janes_et_al","P67775; Q8N461","P67775; Q9Y570","P67775","PPP2CA","Q8N461","FBXL16","Q9Y570","PPME1","huMAP3_10333.1; huMAP3_13510.1","mutually_exclusive",0.14,10,156,175,91.4,94.98,14258.4,0.54,0.71,80.996,92.3172,null,"KOG1947","KOG2564","no","Tissue enriched","Low tissue specificity",0.160885942663965,null,"Nucleoplasm",null,8605,false]
["P60510_Q8TF05","P60510_Q9NY27","Janes_et_al","P60510; Q8TF05","P60510; Q9NY27","P60510","PPP4C","Q8TF05","PPP4R1","Q9NY27","PPP4R2","huMAP3_13486.1","mutually_exclusive",0.29,10,142,107,80.17,69.93,7482.51,0.63,0.59,94.483220338983,89.6983333333333,0.038,"KOG0211","KOG3175","no","Low tissue specificity","Low tissue specificity",0.198356428735866,"Nucleoplasm","Nucleoplasm",1,8606,false]
["O75971_Q15438","Q15438_Q9Y2L6","Janes_et_al","O75971; Q15438","Q15438; Q9Y2L6","Q15438","CYTH1","O75971","SNAPC5","Q9Y2L6","FRMD4B","huMAP3_14717.1; huMAP3_13456.1","mutually_exclusive",0.5,18,79,84,87.65,76.42,6419.28,0.35,0.37,88.6252380952381,88.0876086956521,null,"ENOG502S8MI","KOG3529","no","Low tissue specificity","Low tissue specificity",-0.403834596916581,"Nucleoplasm","Centriolar satellite",0,8607,false]
["Q9Y587_Q9Y6B7","O00189_Q9Y6B7","Janes_et_al","Q9Y587; Q9Y6B7","O00189; Q9Y6B7","Q9Y6B7","AP4B1","Q9Y587","AP4S1","O00189","AP4M1","huMAP3_12927.1; huMAP3_11003.1; huMAP3_09871.1; huMAP3_01388.1; huMAP3_12768.1; huMAP3_05011.1; huMAP3_12731.1","mutually_exclusive",2.32,29,137,152,84.66,86.69,11598.42,0.65,0.73,82.6240217391304,89.7505696202531,0.112,"KOG0934","KOG0937","no","Low tissue specificity","Low tissue specificity",0.217195934591465,"Vesicles",null,null,8608,false]
["O00231_O43242","O00231_P25788","Janes_et_al","O00231; O43242","O00231; P25788","O00231","PSMD11","O43242","PSMD3","P25788","PSMA3","huMAP3_09656.1; huMAP3_13725.1","structurally_consistent",1.28,0,2,3,29,78.67,58,0.38,0.3,84.9916666666666,79.3916666666666,0.916,"KOG2581","KOG0184","no","Tissue enhanced","Low tissue specificity",0.557050443219201,"Nucleoplasm",null,null,8609,false]
["Q7Z2W9_Q7Z7F7","Q7Z2W9_Q9BYD6","Janes_et_al","Q7Z2W9; Q7Z7F7","Q7Z2W9; Q9BYD6","Q7Z2W9","MRPL21","Q7Z7F7","MRPL55","Q9BYD6","MRPL1","huMAP3_04652.1; huMAP3_07939.1; huMAP3_06550.1; huMAP3_08458.1; huMAP3_06439.1; huMAP3_09113.1; huMAP3_09483.1","structurally_consistent",1.33,0,0,0,null,null,0,0.28,0.4,83.8892857142857,87.9414285714285,0.996,"KOG4616","KOG1569","no","Low tissue specificity","Low tissue specificity",0.0784207905132415,null,"Mitochondria",null,8610,false]
["O43447_Q9BTD8","O43447_Q9UK45","Janes_et_al","O43447; Q9BTD8","O43447; Q9UK45","O43447","PPIH","Q9BTD8","RBM42","Q9UK45","LSM7","huMAP3_08980.1","mutually_exclusive",0.14,33,61,55,55.54,59.65,3387.94,0.4,0.31,76.1157142857142,81.4319999999999,0.29,"KOG0226","KOG1781","no","Low tissue specificity","Low tissue specificity",0.655563587960698,"Nucleoplasm","Nucleoli fibrillar center",0,8611,false]
["O43464_Q8IUR7","Q8IUR7_Q9HCB6","Janes_et_al","O43464; Q8IUR7","Q8IUR7; Q9HCB6","Q8IUR7","ARMC8","O43464","HTRA2","Q9HCB6","SPON1","huMAP3_08787.1; huMAP3_09818.1; huMAP3_05775.1; huMAP3_10711.1; huMAP3_12700.1","mutually_exclusive",1.16,10,336,337,71.56,71.49,24092.13,0.56,0.5,85.1027272727272,76.845,0.034,"KOG1320","KOG3539","no","Low tissue specificity","Low tissue specificity",-0.0640871436977592,"Mitochondria",null,null,8612,false]
["P47756_P52907","P52907_Q8TD55","Janes_et_al","P47756; P52907","P52907; Q8TD55","P52907","CAPZA1","P47756","CAPZB","Q8TD55","PLEKHO2","huMAP3_06652.1; huMAP3_10870.1; huMAP3_08077.1; huMAP3_12900.1","mutually_exclusive",0.42,41,77,46,95.18,42.35,1948.1,0.73,0.55,95.4222413793103,81.7057142857142,0.166,"KOG3174","ENOG502QVFF","no","Low tissue specificity","Tissue enhanced",0.167937254848863,"Nucleoplasm; Cytosol","Plasma membrane; Cytosol",0.333333333333333,8613,false]
["P63208_Q8N461","P63208_Q9UKT5","Janes_et_al","P63208; Q8N461","P63208; Q9UKT5","P63208","SKP1","Q8N461","FBXL16","Q9UKT5","FBXO4","huMAP3_00161.1; huMAP3_05528.1; huMAP3_09623.1; huMAP3_14622.1","mutually_exclusive",0.48,31,262,287,94.72,85.72,24601.64,0.65,0.55,90.787875,90.9643283582089,null,"KOG1947","ENOG502QUXD","no","Tissue enriched","Low tissue specificity",-0.444643993638241,null,"Nucleoplasm",null,8614,false]